{"text_format":"1","workbook":"xlsx","n_sheets":13,"sheets":["BOTONES","AAFF_Araba","AAFF_Bizkaia","AAFF_Gipuzkoa","Resumen_old","TH","Familia","CPs","Nivel","TipoActuacion","ENTIDADES_AAFF","ANEXO1","ANEXO2"],"not_rendered":{"charts":36,"images":0,"macros":1,"external_links":0,"defined_names":11,"comments":0,"pivot_tables":0},"unopened":[],"bounds":{"document_bytes":16777216,"sheet_cells":100000,"rows_first":2000,"rows_last":500,"rows_between":2000,"halvings":0,"cell_chars":16384,"cell_head_chars":4096},"cells_cut":0,"cells_raw":0,"read":"whole","date_system":"1900"}

{"sheet":"BOTONES","index":0,"n_rows":4,"n_cols":2,"rows_kept":4,"cut":false,"hidden":false,"merged":[[0,1,0,2],[3,1,3,13]]}
[133,"27/10/2017 08:39"]
[]
[null,"1. Si desea recalcular los porcentajes de Familia, debe generar de nuevo el Excel V4."]
[null,"2.- Al aprobar / denegar por ajuste Comarcal hay que modificar el estado y la subvención tanto en la pestaña de TODAS como en las pestañas correspondientes de cada Provincia"]

{"sheet":"AAFF_Araba","index":1,"n_rows":29,"n_cols":88,"rows_kept":29,"cut":false,"hidden":false,"merged":[[4,69,4,75],[4,76,4,81],[0,39,0,53],[1,0,1,31],[1,39,1,53],[2,62,3,87],[2,0,2,36]]}
[null,null,null,null,null,null,null,null,null,null,null,null,null,null,null,null,null,null,null,null,null,null,null,null,null,null,null,null,null,null,null,null,null,null,null,null,null,null,null,"Ind. Referente a datos AF",null,null,null,null,null,null,null,null,null,null,null,null,null,null,"Pto. (% comisión-CC):",{"$f":"BD5","v":521614.87443000003}]
[null,null,null,null,null,null,null,null,null,null,null,null,null,null,null,null,null,null,null,null,null,null,null,null,null,null,null,null,null,null,null,null,null,null,null,null,null,null,null,"Ind. Referente a datos de trayectoria del  Centro / Capacidad de Entidad",null,null,null,null,null,null,null,null,null,null,null,null,null,null,"Incluido en Planes:",{"$f":"SUM(W7:W29)","v":517871.75}]
[null,null,null,null,null,null,null,null,null,null,null,null,null,null,null,null,null,null,null,null,null,null,null,null,null,null,null,null,null,null,null,null,null,null,null,null,null,null,null,null,null,null,null,null,null,null,null,null,null,null,null,null,null,null,"Corte Puntos:",30,null,null,null,null,null,null,"INDICADORES"]
[null,null,null,null,null,null,null,null,null,null,null,null,null,null,null,null,null,null,null,null,null,null,null,null,null,null,null,null,null,null,null,null,null,null,null,null,null,null,null,null,null,null,null,null,null,null,null,null,null,null,null,null,null,null,"Subvención",{"$f":"SUM(BD7:BD29)","v":517871.75}]
[null,null,null,null,null,null,null,null,null,null,null,null,null,null,null,null,null,null,null,null,null,null,null,null,null,null,null,null,null,null,null,null,null,null,null,null,null,null,null,null,null,null,null,null,null,null,null,null,null,null,null,null,null,null,"Pto. GLOBAL AÑO:",521614.87443000003,null,null,null,null,null,null,"A1","A2","A3","A4","A5","A6","(3)\nB1","B2",null,null,null,null,null,null,"B3",null,null,null,null,null,"B4","B5.1","B5.2","(2)\nB5.3.1","(2)\nB5.3.2","(1)\nB5.4"]
["COD. AF","COD. ESP.","ESPECIALIDAD","CIF","CAPACIDAD\nFINANCIERA\n 2013","CAPACIDAD\nFINANCIERA\n 2014","CAPACIDAD\nFINANCIERA\n 2015","CENSO LANBIDE","CENSO SILCOI","CENTRO","TERRITORIO","COMARCA","ESTADO","TIPO AF","TIPO SOL. AF","AÑO","FECHA INI. PREV.","TIPO IMPARTICIÓN","MODALIDAD","HORAS PRES.","HORAS TELEF.","NÚM. ALUMNOS","IMPORTE AF","IMPORTE\nOTRO\nSUBV.","PORCENTAJE\nSUBVENCIÓN","IMPORTE 2015\nSOLICITADO","IMPORTE 2015\nLIQUIDADO","IMPORTE\nPLAN 2016","MÓDULOS FORMATIVOS","UNIDADES FORMATIVAS","ESPECIALIDADES AMPLIACIÓN","FAMILIA","CP / NO CP","NIVEL","TIPO\nACTUACIÓN","TIPO DE ESP. INSCRITA","PROGRAMA","A1","A2","A3","A4","A5","A6","(3)\nB1","B2","B3","B4","B5.1","B5.2","(2)\nB5.3.1","(2)\nB5.3.2","(1)\nB5.4",null,null,"TOTAL PUNTOS","Subvención Final","ESTADO","MOTIVO ",null,null,null,null,null,null,null,null,null,null,null,"EFQM","ISO","Otros","Ambiental","Seg. Laboral","Igualdad Género","Euskera","Dep. Educación / Des. Económico","Act. Laboral / Hobetuz / Empleo y Pol. Sociales","Adm. Públicas","Adm. Públicas Vascas","Ent. Privadas","Formación Ocupados",null,"media","media"]
["17010071","SSCS0208","ATENCIÓN SOCIOSANITARIA A PERSONAS DEPENDIENTES EN INSTITUCIONES SOCIALES","B01030766",null,null,null,"000068","01-19203","CEAM S.L.","ARABA/ÁLAVA","VITORIA-GASTEIZ","APROBADA_COM","Especialidad completa","Especialidad registrada","2017","03/07/2017","Grupal","Presencial",370,0,15,28021.95,0,100,0,"",529780.35,"MF1016_2#MF1017_2#MF1018_2#MF1019_2","UF0127#UF0128#UF0129#UF0130#UF0131",null,"SSC","CP",2,"Cualificantes","CP","01 - Oferta Prioritariamente dirigida a desempleados ",7,4,4,10,1,2,8,5,4,3,8,1,0,0,5,null,null,62,28021.95,"APROBADA_COM",null,null,"APROBADA_COM",null,null,11.8,2,"CP",82,"Castellano","Presencial",95.849998474121094,"SI","SI","NO","NO","SI","NO","NO","NO","SI","SI","SI","SI","NO",100,279.75,71,0,0," "]
["17010072","SSCS0208","ATENCIÓN SOCIOSANITARIA A PERSONAS DEPENDIENTES EN INSTITUCIONES SOCIALES","B01030766",null,null,null,"000068","01-19203","CEAM S.L.","ARABA/ÁLAVA","VITORIA-GASTEIZ","APROBADA_COM","Especialidad completa","Especialidad registrada","2017","26/12/2017","Grupal","Presencial",370,0,15,28021.95,0,100,0,"",529780.35,"MF1016_2#MF1017_2#MF1018_2#MF1019_2","UF0127#UF0128#UF0129#UF0130#UF0131",null,"SSC","CP",2,"Cualificantes","CP","01 - Oferta Prioritariamente dirigida a desempleados ",7,4,4,10,1,2,8,5,4,3,8,1,0,0,5,null,null,62,28021.95,"APROBADA_COM",null,null,"APROBADA_COM",null,null,11.8,2,"CP",82,"Castellano","Presencial",95.849998474121094,"SI","SI","NO","NO","SI","NO","NO","NO","SI","SI","SI","SI","NO",100,279.75,71,0,0," "]
["17010016","SSCS0208","ATENCIÓN SOCIOSANITARIA A PERSONAS DEPENDIENTES EN INSTITUCIONES SOCIALES","Q2866001G",null,null,null,"000158","01-26607","CRUZ ROJA DE ALAVA","ARABA/ÁLAVA","VITORIA-GASTEIZ","APROBADA_COM","Especialidad completa","Especialidad registrada","2017","23/10/2017","Grupal","Presencial",370,0,16,26780.6,0,100,0,"",50903.6,"MF1016_2#MF1017_2#MF1018_2#MF1019_2","UF0127#UF0128#UF0129#UF0130#UF0131",null,"SSC","CP",2,"Cualificantes","CP","01 - Oferta Prioritariamente dirigida a desempleados ",7,4,4,10,1,2,7,6,2,3,6,1,0,0,8,null,null,61,26780.6,"APROBADA_COM",null,null,"APROBADA_COM",null,null,11.8,2,"CP",82,"Castellano","Presencial",94.959999084472656,"NO","SI","NO","NO","SI","SI","NO","NO","SI","SI","NO","NO","NO",94.44,143.75,126,0,0,83.470001220703125]
["17010523","ADGD0308","ACTIVIDADES DE GESTIÓN ADMINISTRATIVA","B01504117",null,null,null,"000001","01-938","CENTRO DE ESTUDIOS ALAVA","ARABA/ÁLAVA","VITORIA-GASTEIZ","APROBADA_COM","Parcial","Especialidad registrada","2017","06/11/2017","Grupal","Presencial",370,0,15,28021.95,0,100,0,"",483327.9,"MF0976_2#MF0979_2#MF0981_2",null,null,"ADG","CP",2,"Cualificantes","CP","01 - Oferta Prioritariamente dirigida a desempleados ",6,4,4,9,1,2,8,6,3,3,6,0,0,0,8,null,null,60,28021.95,"APROBADA_COM",null,null,"APROBADA_COM",null,null,10.5,2,"CP",63,"Castellano","Presencial",97.459999084472656,"SI","SI","SI","SI","SI","SI","NO","NO","SI","SI","NO","SI","NO",100,101.5,0,0,0,82.400001525878906]
["17010120","SSCM0108","LIMPIEZA DE SUPERFICIES Y MOBILIARIO EN EDIFICIOS Y LOCALES","B01032598",null,null,null,"000170","01-26610","AUTOESCUELA CLAXON","ARABA/ÁLAVA","VITORIA-GASTEIZ","APROBADA_COM","Especialidad completa","Especialidad registrada","2017","02/11/2017","Grupal","Presencial",150,0,15,10642.5,0,100,0,"",689403,"MF0972_1#MF0996_1#MF1087_1#MF1088_1",null,null,"SSC","CP",1,"Cualificantes","CP","01 - Oferta Prioritariamente dirigida a desempleados ",7,3,4,10,1,2,7,3,5,3,6,1,0,0,8,null,null,60,10642.5,"APROBADA_COM",null,null,"APROBADA_COM",null,null,11.8,1,"CP",82,"Castellano","Presencial",93.760002136230469,"NO","SI","NO","NO","NO","NO","NO","NO","SI","SI","SI","SI","SI",100,175.25,17,0,0,82.139999389648437]
["17010096","SSCM0108","LIMPIEZA DE SUPERFICIES Y MOBILIARIO EN EDIFICIOS Y LOCALES","B01032598",null,null,null,"000170","01-26610","AUTOESCUELA CLAXON","ARABA/ÁLAVA","VITORIA-GASTEIZ","APROBADA_COM","Especialidad completa","Especialidad registrada","2017","27/12/2017","Grupal","Presencial",150,0,15,10642.5,0,100,0,"",689403,"MF0972_1#MF0996_1#MF1087_1#MF1088_1",null,null,"SSC","CP",1,"Cualificantes","CP","01 - Oferta Prioritariamente dirigida a desempleados ",7,3,4,10,1,2,7,3,5,3,6,1,0,0,8,null,null,60,10642.5,"APROBADA_COM",null,null,"APROBADA_COM",null,null,11.8,1,"CP",82,"Castellano","Presencial",93.760002136230469,"NO","SI","NO","NO","NO","NO","NO","NO","SI","SI","SI","SI","SI",100,175.25,17,0,0,82.139999389648437]
["17010205","SSCS0208","ATENCIÓN SOCIOSANITARIA A PERSONAS DEPENDIENTES EN INSTITUCIONES SOCIALES","B01334291",null,null,null,"000097","01-22817","HEGALA NORTE","ARABA/ÁLAVA","VITORIA-GASTEIZ","APROBADA_COM","Especialidad completa","Especialidad registrada","2017","21/07/2017","Grupal","Presencial",370,0,15,26739.9,0,100,0,"",817974.3,"MF1016_2#MF1017_2#MF1018_2#MF1019_2","UF0127#UF0128#UF0129#UF0130#UF0131",null,"SSC","CP",2,"Cualificantes","CP","01 - Oferta Prioritariamente dirigida a desempleados ",7,4,4,10,1,2,7,3,3,3,6,3,0,0,6,null,null,59,26739.9,"APROBADA_COM",null,null,"APROBADA_COM",null,null,11.8,2,"CP",82,"Castellano","Presencial",90.099998474121094,"NO","SI","NO","NO","NO","NO","NO","NO","SI","SI","SI","NO","NO",100,179.75,511,0,0,72.330001831054687]
["17010200","SSCS0208","ATENCIÓN SOCIOSANITARIA A PERSONAS DEPENDIENTES EN INSTITUCIONES SOCIALES","B01334291",null,null,null,"000097","01-22817","HEGALA NORTE","ARABA/ÁLAVA","VITORIA-GASTEIZ","APROBADA_COM","Especialidad completa","Especialidad registrada","2017","24/07/2017","Grupal","Presencial",370,0,15,26739.9,0,100,0,"",817974.3,"MF1016_2#MF1017_2#MF1018_2#MF1019_2","UF0127#UF0128#UF0129#UF0130#UF0131",null,"SSC","CP",2,"Cualificantes","CP","01 - Oferta Prioritariamente dirigida a desempleados ",7,4,4,10,1,2,7,3,3,3,6,3,0,0,6,null,null,59,26739.9,"APROBADA_COM",null,null,"APROBADA_COM",null,null,11.8,2,"CP",82,"Castellano","Presencial",90.099998474121094,"NO","SI","NO","NO","NO","NO","NO","NO","SI","SI","SI","NO","NO",100,179.75,511,0,0,72.330001831054687]
["17010204","SSCS0208","ATENCIÓN SOCIOSANITARIA A PERSONAS DEPENDIENTES EN INSTITUCIONES SOCIALES","B01334291",null,null,null,"000097","01-22817","HEGALA NORTE","ARABA/ÁLAVA","VITORIA-GASTEIZ","APROBADA_COM","Especialidad completa","Especialidad registrada","2017","13/12/2017","Grupal","Presencial",370,0,15,26739.9,0,100,0,"",817974.3,"MF1016_2#MF1017_2#MF1018_2#MF1019_2","UF0127#UF0128#UF0129#UF0130#UF0131",null,"SSC","CP",2,"Cualificantes","CP","01 - Oferta Prioritariamente dirigida a desempleados ",7,4,4,10,1,2,7,3,3,3,6,3,0,0,6,null,null,59,26739.9,"APROBADA_COM",null,null,"APROBADA_COM",null,null,11.8,2,"CP",82,"Castellano","Presencial",90.099998474121094,"NO","SI","NO","NO","NO","NO","NO","NO","SI","SI","SI","NO","NO",100,179.75,511,0,0,72.330001831054687]
["17010207","SSCS0208","ATENCIÓN SOCIOSANITARIA A PERSONAS DEPENDIENTES EN INSTITUCIONES SOCIALES","B01334291",null,null,null,"000097","01-22817","HEGALA NORTE","ARABA/ÁLAVA","VITORIA-GASTEIZ","APROBADA_COM","Especialidad completa","Especialidad registrada","2017","13/12/2017","Grupal","Presencial",370,0,15,26739.9,0,100,0,"",817974.3,"MF1016_2#MF1017_2#MF1018_2#MF1019_2","UF0127#UF0128#UF0129#UF0130#UF0131",null,"SSC","CP",2,"Cualificantes","CP","01 - Oferta Prioritariamente dirigida a desempleados ",7,4,4,10,1,2,7,3,3,3,6,3,0,0,6,null,null,59,26739.9,"APROBADA_COM",null,null,"APROBADA_COM",null,null,11.8,2,"CP",82,"Castellano","Presencial",90.099998474121094,"NO","SI","NO","NO","NO","NO","NO","NO","SI","SI","SI","NO","NO",100,179.75,511,0,0,72.330001831054687]
["17010077","COML0110","ACTIVIDADES AUXILIARES DE ALMACÉN","B01032598",null,null,null,"000170","01-26610","AUTOESCUELA CLAXON","ARABA/ÁLAVA","VITORIA-GASTEIZ","APROBADA_COM","Especialidad completa","Especialidad registrada","2017","02/11/2017","Grupal","Presencial",170,0,15,17391,0,100,0,"",689403,"MF0432_1#MF1325_1#MF1326_1",null,null,"COM","CP",1,"Cualificantes","CP","01 - Oferta Prioritariamente dirigida a desempleados ",4,3,4,10,1,2,7,3,5,3,6,1,0,0,9,null,null,58,17391,"APROBADA_COM",null,null,"APROBADA_COM",null,null,6,1,"CP",91,"Castellano","Presencial",90.410003662109375,"NO","SI","NO","NO","NO","NO","NO","NO","SI","SI","SI","SI","SI",100,175.25,17,0,0,87.139999389648437]
["17010091","COML0110","ACTIVIDADES AUXILIARES DE ALMACÉN","B01032598",null,null,null,"000170","01-26610","AUTOESCUELA CLAXON","ARABA/ÁLAVA","VITORIA-GASTEIZ","APROBADA_COM","Especialidad completa","Especialidad registrada","2017","13/11/2017","Grupal","Presencial",170,0,15,17391,0,100,0,"",689403,"MF0432_1#MF1325_1#MF1326_1",null,null,"COM","CP",1,"Cualificantes","CP","01 - Oferta Prioritariamente dirigida a desempleados ",4,3,4,10,1,2,7,3,5,3,6,1,0,0,9,null,null,58,17391,"APROBADA_COM",null,null,"APROBADA_COM",null,null,6,1,"CP",91,"Castellano","Presencial",90.410003662109375,"NO","SI","NO","NO","NO","NO","NO","NO","SI","SI","SI","SI","SI",100,175.25,17,0,0,87.139999389648437]
["17010086","COML0110","ACTIVIDADES AUXILIARES DE ALMACÉN","B01032598",null,null,null,"000170","01-26610","AUTOESCUELA CLAXON","ARABA/ÁLAVA","VITORIA-GASTEIZ","APROBADA_COM","Parcial","Especialidad registrada","2017","27/11/2017","Grupal","Presencial",50,0,15,5115,0,100,0,"",689403,"MF0432_1",null,null,"COM","CP",1,"Cualificantes","CP","01 - Oferta Prioritariamente dirigida a desempleados ",4,3,4,10,1,2,7,3,5,3,6,1,0,0,9,null,null,58,5115,"APROBADA_COM",null,null,"APROBADA_COM",null,null,6,1,"CP",91,"Castellano","Presencial",90.410003662109375,"NO","SI","NO","NO","NO","NO","NO","NO","SI","SI","SI","SI","SI",100,175.25,17,0,0,87.139999389648437]
["17010082","COML0110","ACTIVIDADES AUXILIARES DE ALMACÉN","B01032598",null,null,null,"000170","01-26610","AUTOESCUELA CLAXON","ARABA/ÁLAVA","VITORIA-GASTEIZ","APROBADA_COM","Especialidad completa","Especialidad registrada","2017","29/12/2017","Grupal","Presencial",170,0,15,17391,0,100,0,"",689403,"MF0432_1#MF1325_1#MF1326_1",null,null,"COM","CP",1,"Cualificantes","CP","01 - Oferta Prioritariamente dirigida a desempleados ",4,3,4,10,1,2,7,3,5,3,6,1,0,0,9,null,null,58,17391,"APROBADA_COM",null,null,"APROBADA_COM",null,null,6,1,"CP",91,"Castellano","Presencial",90.410003662109375,"NO","SI","NO","NO","NO","NO","NO","NO","SI","SI","SI","SI","SI",100,175.25,17,0,0,87.139999389648437]
["17010543","HOTI0108","PROMOCIÓN TURÍSTICA LOCAL E INFORMACIÓN AL VISITANTE","B01334291",null,null,null,"002627","01-26696","HEGALA NORTE II","ARABA/ÁLAVA","VITORIA-GASTEIZ","APROBADA_COM","Especialidad completa","Especialidad registrada","2017","18/12/2017","Grupal","Presencial",570,0,15,43074.9,0,100,0,"",756307.2,"MF0268_3#MF1057_2#MF1074_3#MF1075_3","UF0049#UF0077#UF0080#UF0081#UF0082#UF0083#UF0084",null,"HOT","CP",3,"Cualificantes","CP","01 - Oferta Prioritariamente dirigida a desempleados ",6,2,4,10,1,2,5,3,3,3,6,3,0,0,8,null,null,56,43074.9,"APROBADA_COM",null,null,"APROBADA_COM",null,null,10,3,"CP",72,"Castellano","Presencial",80.860000610351563,"NO","SI","NO","NO","NO","NO","NO","NO","SI","SI","SI","NO","NO",100,179.75,511,0,0,81.430000305175781]
["17010176","FMEC0209","DISEÑO DE TUBERÍA INDUSTRIAL","B01321819",null,null,null,"000174","01-26611","ESCUELA ALAVESA DE SOLDADORES, S.L.L.","ARABA/ÁLAVA","VITORIA-GASTEIZ","APROBADA_COM","Especialidad completa","Especialidad registrada","2017","19/07/2017","Grupal","Presencial",440,0,15,49513.2,0,100,0,"",355681.8,"MF1148_3#MF1149_3#MF1150_3","UF0454#UF0455#UF0609#UF0871#UF0872#UF0873#UF0874#UF0875",null,"FME","CP",3,"Cualificantes","CP","01 - Oferta Prioritariamente dirigida a desempleados ",7,2,4,10,1,2,7,5,3,3,5,1,0,0,5,null,null,55,49513.2,"APROBADA_COM",null,null,"APROBADA_COM",null,null,16.5,3,"CP",76,"Castellano","Presencial",93.230003356933594,"NO","SI","NO","NO","SI","NO","NO","NO","SI","NO","NO","SI","SI",100,78.75,8,0,0," "]
["17010517","FCOV05","COMUNICACIÓN EN LENGUAS EXTRANJERAS (INGLÉS) N2","B95237053",null,null,null,"000191","01-26621","FONDO FORMACION EUSKADI, S.L.L.","ARABA/ÁLAVA","VITORIA-GASTEIZ","APROBADA_COM","Especialidad completa","Especialidad registrada","2017","02/10/2017","Grupal","Presencial",180,0,15,12771,0,100,0,"",241766.25,null,null,null,"FCO","NO CP",2,"M. Empleabilidad","Competencias Clave","01 - Oferta Prioritariamente dirigida a desempleados ",7,4,2,2,1,2,6,5,5,3,10,1,1,0,5,null,null,54,12771,"APROBADA_COM",null,null,"APROBADA_COM",null,null,30,2,"Competencias Clave",30,"Castellano","Presencial",87.480003356933594,"NO","SI","SI","SI","NO","NO","NO","SI","SI","SI","SI","SI","SI",94.55,667.75,111,21,0," "]
["17010554","FCOO01","INSERCION LABORAL Y TECNICAS DE BUSQUEDA DE EMPLEO","B95237053",null,null,null,"000191","01-26621","FONDO FORMACION EUSKADI, S.L.L.","ARABA/ÁLAVA","VITORIA-GASTEIZ","APROBADA_COM","Especialidad completa","Especialidad registrada","2017","13/12/2017","Grupal","Presencial",15,0,15,1064.25,0,100,0,"",241766.25,null,null,null,"FCO","NO CP",2,"M. Empleabilidad","Transversales","01 - Oferta Prioritariamente dirigida a desempleados ",7,4,1,2,1,2,6,5,5,3,10,1,1,0,5,null,null,53,1064.25,"APROBADA_COM",null,null,"APROBADA_COM",null,null,30,2,"Transversales",30,"Castellano","Presencial",87.480003356933594,"NO","SI","SI","SI","NO","NO","NO","SI","SI","SI","SI","SI","SI",94.55,667.75,111,21,0," "]
["17010542","HOTG0208","VENTA DE PRODUCTOS Y SERVICIOS TURÍSTICOS","B01334291",null,null,null,"002627","01-26696","HEGALA NORTE II","ARABA/ÁLAVA","VITORIA-GASTEIZ","APROBADA_COM","Especialidad completa","Especialidad registrada","2017","18/12/2017","Grupal","Presencial",550,0,15,41563.5,0,100,0,"",756307.2,"MF0266_3#MF0267_2#MF0268_3#MF1057_2","UF0042#UF0049#UF0073#UF0077#UF0078#UF0079",null,"HOT","CP",3,"Cualificantes","CP","01 - Oferta Prioritariamente dirigida a desempleados ",6,2,4,10,1,2,5,3,3,3,6,3,0,0,5,null,null,53,41563.5,"APROBADA_COM",null,null,"APROBADA_COM",null,null,10,3,"CP",66,"Castellano","Presencial",80.860000610351563,"NO","SI","NO","NO","NO","NO","NO","NO","SI","SI","SI","NO","NO",100,179.75,511,0,0," "]
["17010065","IMPQ0108","SERVICIOS AUXILIARES DE PELUQUERÍA","16543946T",null,null,null,"000226","01-26648","ACADEMIA NUEVA IMAGEN","ARABA/ÁLAVA","VITORIA-GASTEIZ","APROBADA_COM","Especialidad completa","Especialidad registrada","2017","04/09/2017","Grupal","Presencial",210,0,15,15904.35,0,100,0,"",82658.399999999994,"MF0058_1#MF0059_1#MF0060_1",null,null,"IMP","CP",1,"Cualificantes","CP","01 - Oferta Prioritariamente dirigida a desempleados ",3,3,4,7,1,2,8,0,0,3,4,0,0,0,5,null,null,40,15904.35,"APROBADA_COM",null,null,"APROBADA_COM",null,null,4,1,"CP",51,"Castellano","Presencial",99.300003051757813,"NO","NO","NO","NO","NO","NO","NO","NO","NO","NO","NO","NO","NO",100,23.75,0,0,0," "]
["17010049","AFDA0110","ACONDICIONAMIENTO FÍSICO EN GRUPO CON SOPORTE MUSICAL","B01339647",null,null,null,"001442","01-26687","FITNESS GASTEIZ","ARABA/ÁLAVA","VITORIA-GASTEIZ","APROBADA_COM","Especialidad completa","Especialidad registrada","2017","18/09/2017","Grupal","Presencial",470,0,15,34897.5,0,100,0,"",69795,"MF0272_2#MF0273_3#MF0515_3#MF0516_3","UF1703#UF1704#UF1705#UF1706#UF1707#UF1708#UF1709",null,"AFD","CP",3,"Cualificantes","CP","01 - Oferta Prioritariamente dirigida a desempleados ",2,2,4,8,1,2,7,2,1,0,0,0,0,0,7,null,null,36,34897.5,"APROBADA_COM",null,null,"APROBADA_COM",null,null,3,3,"CP",54,"Castellano","Presencial",93.319999694824219,"NO","NO","NO","SI","SI","NO","NO","NO","NO","NO","NO","NO","SI",0,7.5,0,0,0,78.360000610351562]
["17010388","IFCT21","USUARIO FINAL SAP ERP- ÁREA ECONÓMICO FINANCIERO","B09359811",null,null,null,"000420","01-26682","P&S GLOBAL MIRANDA","ARABA/ÁLAVA","VALLES ALAVESES","APROBADA_COM","Especialidad completa","Especialidad registrada","2017","21/05/2018","Grupal","Presencial",160,0,15,11352,0,100,0,"",181734.3,null,null,null,"IFC","NO CP",2,"Cualificantes","Innovacion","01 - Oferta Prioritariamente dirigida a desempleados ",4,4,3,5,1,2,5,5,1,0,0,0,0,0,5,null,null,35,11352,"APROBADA_COM",null,null,"APROBADA_COM",null,null,6.5,2,"Innovacion",40,"Castellano","Presencial"," ","NO","SI","NO","NO","SI","NO","NO","NO","NO","SI","NO","NO","NO",0,0,0,0,0," "]
["17010390","IFCT22","USUARIO FINAL SAP ERP ÁREA LOGÍSTICA","B09359811",null,null,null,"000420","01-26682","P&S GLOBAL MIRANDA","ARABA/ÁLAVA","VALLES ALAVESES","APROBADA_COM","Especialidad completa","Especialidad registrada","2017","02/07/2018","Grupal","Presencial",160,0,15,11352,0,100,0,"",181734.3,null,null,null,"IFC","NO CP",2,"Cualificantes","Innovacion","01 - Oferta Prioritariamente dirigida a desempleados ",4,4,3,5,1,2,5,5,1,0,0,0,0,0,5,null,null,35,11352,"APROBADA_COM",null,null,"APROBADA_COM",null,null,6.5,2,"Innovacion",40,"Castellano","Presencial"," ","NO","SI","NO","NO","SI","NO","NO","NO","NO","SI","NO","NO","NO",0,0,0,0,0," "]

{"sheet":"AAFF_Bizkaia","index":2,"n_rows":89,"n_cols":88,"rows_kept":89,"cut":false,"hidden":false,"merged":[[4,69,4,75],[4,76,4,81],[0,39,0,53],[1,0,1,31],[1,39,1,53],[2,62,3,87],[2,0,2,36]]}
[null,null,null,null,null,null,null,null,null,null,null,null,null,null,null,null,null,null,null,null,null,null,null,null,null,null,null,null,null,null,null,null,null,null,null,null,null,null,null,"Ind. Referente a datos AF",null,null,null,null,null,null,null,null,null,null,null,null,null,null,"Pto. (% comisión-CC):",{"$f":"BD5","v":1793894.4356579999}]
[null,null,null,null,null,null,null,null,null,null,null,null,null,null,null,null,null,null,null,null,null,null,null,null,null,null,null,null,null,null,null,null,null,null,null,null,null,null,null,"Ind. Referente a datos de trayectoria del  Centro / Capacidad de Entidad",null,null,null,null,null,null,null,null,null,null,null,null,null,null,"Incluido en Planes:",{"$f":"SUM(W7:W89)","v":1790231.7799999998}]
[null,null,null,null,null,null,null,null,null,null,null,null,null,null,null,null,null,null,null,null,null,null,null,null,null,null,null,null,null,null,null,null,null,null,null,null,null,null,null,null,null,null,null,null,null,null,null,null,null,null,null,null,null,null,"Corte Puntos:",30,null,null,null,null,null,null,"INDICADORES"]
[null,null,null,null,null,null,null,null,null,null,null,null,null,null,null,null,null,null,null,null,null,null,null,null,null,null,null,null,null,null,null,null,null,null,null,null,null,null,null,null,null,null,null,null,null,null,null,null,null,null,null,null,null,null,"Subvención",{"$f":"SUM(BD7:BD89)","v":1790231.7799999998}]
[null,null,null,null,null,null,null,null,null,null,null,null,null,null,null,null,null,null,null,null,null,null,null,null,null,null,null,null,null,null,null,null,null,null,null,null,null,null,null,null,null,null,null,null,null,null,null,null,null,null,null,null,null,null,"Pto. GLOBAL AÑO:",1793894.4356579999,null,null,null,null,null,null,"A1","A2","A3","A4","A5","A6","(3)\nB1","B2",null,null,null,null,null,null,"B3",null,null,null,null,null,"B4","B5.1","B5.2","(2)\nB5.3.1","(2)\nB5.3.2","(1)\nB5.4"]
["COD. AF","COD. ESP.","ESPECIALIDAD","CIF","CAPACIDAD\nFINANCIERA\n 2013","CAPACIDAD\nFINANCIERA\n 2014","CAPACIDAD\nFINANCIERA\n 2015","CENSO LANBIDE","CENSO SILCOI","CENTRO","TERRITORIO","COMARCA","ESTADO","TIPO AF","TIPO SOL. AF","AÑO","FECHA INI. PREV.","TIPO IMPARTICIÓN","MODALIDAD","HORAS PRES.","HORAS TELEF.","NÚM. ALUMNOS","IMPORTE AF","IMPORTE\nOTRO\nSUBV.","PORCENTAJE\nSUBVENCIÓN","IMPORTE 2015\nSOLICITADO","IMPORTE 2015\nLIQUIDADO","IMPORTE\nPLAN 2016","MÓDULOS FORMATIVOS","UNIDADES FORMATIVAS","ESPECIALIDADES AMPLIACIÓN","FAMILIA","CP / NO CP","NIVEL","TIPO\nACTUACIÓN","TIPO DE ESP. INSCRITA","PROGRAMA","A1","A2","A3","A4","A5","A6","(3)\nB1","B2","B3","B4","B5.1","B5.2","(2)\nB5.3.1","(2)\nB5.3.2","(1)\nB5.4",null,null,"TOTAL PUNTOS","Subvención Final","ESTADO","MOTIVO ",null,null,null,null,null,null,null,null,null,null,null,"EFQM","ISO","Otros","Ambiental","Seg. Laboral","Igualdad Género","Euskera","Dep. Educación / Des. Económico","Act. Laboral / Hobetuz / Empleo y Pol. Sociales","Adm. Públicas","Adm. Públicas Vascas","Ent. Privadas","Formación Ocupados",null,"media","media"]
["17482784","HOTR0108","OPERACIONES BÁSICAS DE COCINA","F48537518",null,null,null,"000077","48-19543","PEÑASCAL, S. COOP","BIZKAIA","BILBAO","APROBADA_COM","Parcial","Especialidad registrada","2017","20/12/2017","Grupal","Presencial",120,0,15,14038.2,0,100,0,"",1076311.31,"MF0255_1",null,null,"HOT","CP",1,"Cualificantes","CP","01 - Oferta Prioritariamente dirigida a desempleados ",6,3,4,10,1,2,6,6,5,3,10,2,5,5,7,null,null,75,14038.2,"APROBADA_COM",null,null,"APROBADA_COM",null,null,10,1,"CP",82,"Castellano","Presencial",87.819999694824219,"NO","SI","NO","NO","SI","NO","SI","SI","SI","SI","SI","SI","SI",96.88,774.5,429,168,32,78.80999755859375]
["17482787","COML0110","ACTIVIDADES AUXILIARES DE ALMACÉN","F48537518",null,null,null,"000077","48-19543","PEÑASCAL, S. COOP","BIZKAIA","BILBAO","APROBADA_COM","Especialidad completa","Especialidad registrada","2017","22/12/2017","Grupal","Presencial",170,0,15,20400,0,100,0,"",1076311.31,"MF0432_1#MF1325_1#MF1326_1",null,null,"COM","CP",1,"Cualificantes","CP","01 - Oferta Prioritariamente dirigida a desempleados ",4,3,4,10,1,2,8,6,5,3,10,2,5,5,5,null,null,73,20400,"APROBADA_COM",null,null,"APROBADA_COM",null,null,6,1,"CP",91,"Castellano","Presencial",96.970001220703125,"NO","SI","NO","NO","SI","NO","SI","SI","SI","SI","SI","SI","SI",96.88,774.5,429,168,32," "]
["17482785","HOTR0109","OPERACIONES BÁSICAS DE PASTELERÍA","F48537518",null,null,null,"000077","48-19543","PEÑASCAL, S. COOP","BIZKAIA","BILBAO","APROBADA_COM","Parcial","Especialidad registrada","2017","20/12/2017","Grupal","Presencial",120,0,15,12058.2,0,100,0,"",1076311.31,"MF1333_1",null,null,"HOT","CP",1,"Cualificantes","CP","01 - Oferta Prioritariamente dirigida a desempleados ",6,3,4,10,1,2,6,6,5,3,10,2,5,5,5,null,null,73,12058.2,"APROBADA_COM",null,null,"APROBADA_COM",null,null,10,1,"CP",77,"Castellano","Presencial",87.819999694824219,"NO","SI","NO","NO","SI","NO","SI","SI","SI","SI","SI","SI","SI",96.88,774.5,429,168,32," "]
["17482944","SSCM0108","LIMPIEZA DE SUPERFICIES Y MOBILIARIO EN EDIFICIOS Y LOCALES","B95237053",null,null,null,"000043","48-17190","FONDO FORMACION EUSKADI,S.L.L.","BIZKAIA","MARGEN IZQUIERDA","APROBADA_COM","Especialidad completa","Especialidad registrada","2017","20/11/2017","Grupal","Presencial",150,0,15,10642.5,0,100,0,"",1141272,"MF0972_1#MF0996_1#MF1087_1#MF1088_1",null,null,"SSC","CP",1,"Cualificantes","CP","01 - Oferta Prioritariamente dirigida a desempleados ",7,3,4,10,1,2,6,5,5,3,10,1,1,0,9,null,null,67,10642.5,"APROBADA_COM",null,null,"APROBADA_COM",null,null,11.8,1,"CP",82,"Castellano","Presencial",89.419998168945313,"NO","SI","SI","SI","NO","NO","NO","SI","SI","SI","SI","SI","SI",94.55,667.75,111,21,0,87.269996643066406]
["17482943","SSCS0208","ATENCIÓN SOCIOSANITARIA A PERSONAS DEPENDIENTES EN INSTITUCIONES SOCIALES","B95237053",null,null,null,"000043","48-17190","FONDO FORMACION EUSKADI,S.L.L.","BIZKAIA","MARGEN IZQUIERDA","APROBADA_COM","Parcial","Especialidad registrada","2017","13/11/2017","Grupal","Presencial",100,0,15,7095,0,100,0,"",1141272,"MF1016_2",null,null,"SSC","CP",2,"Cualificantes","CP","01 - Oferta Prioritariamente dirigida a desempleados ",7,4,4,10,1,2,6,5,5,3,10,1,1,0,8,null,null,67,7095,"APROBADA_COM",null,null,"APROBADA_COM",null,null,11.8,2,"CP",82,"Castellano","Presencial",89.419998168945313,"NO","SI","SI","SI","NO","NO","NO","SI","SI","SI","SI","SI","SI",94.55,667.75,111,21,0,80.120002746582031]
["17482927","COMT0211","ACTIVIDADES AUXILIARES DE COMERCIO","B95453874",null,null,null,"000219","48-26692","KONECTIA SERVICIOS INTEGRALES","BIZKAIA","GOBELA","APROBADA_COM","Especialidad completa","Especialidad registrada","2017","06/11/2017","Grupal","Presencial",230,0,15,17419.05,0,100,0,"",1392746.19,"MF1326_1#MF1327_1#MF1328_1#MF1329_1",null,null,"COM","CP",1,"Cualificantes","CP","01 - Oferta Prioritariamente dirigida a desempleados ",4,3,4,10,1,2,8,6,5,3,6,1,0,0,10,null,null,63,17419.05,"APROBADA_COM",null,null,"APROBADA_COM",null,null,6,1,"CP",87,"Castellano","Presencial",97.739997863769531,"NO","SI","NO","SI","SI","NO","SI","SI","SI","SI","SI","SI","NO",100,150,76,0,0,91.330001831054688]
["17482934","COMT0211","ACTIVIDADES AUXILIARES DE COMERCIO","B95453874",null,null,null,"000219","48-26692","KONECTIA SERVICIOS INTEGRALES","BIZKAIA","GOBELA","APROBADA_COM","Especialidad completa","Especialidad registrada","2017","06/11/2017","Grupal","Presencial",230,0,15,17419.05,0,100,0,"",1392746.19,"MF1326_1#MF1327_1#MF1328_1#MF1329_1",null,null,"COM","CP",1,"Cualificantes","CP","01 - Oferta Prioritariamente dirigida a desempleados ",4,3,4,10,1,2,8,6,5,3,6,1,0,0,10,null,null,63,17419.05,"APROBADA_COM",null,null,"APROBADA_COM",null,null,6,1,"CP",87,"Castellano","Presencial",97.739997863769531,"NO","SI","NO","SI","SI","NO","SI","SI","SI","SI","SI","SI","NO",100,150,76,0,0,91.330001831054688]
["17482842","FCOO01","INSERCION LABORAL Y TECNICAS DE BUSQUEDA DE EMPLEO","F48537518",null,null,null,"000077","48-19543","PEÑASCAL, S. COOP","BIZKAIA","BILBAO","APROBADA_COM","Especialidad completa","Especialidad registrada","2017","13/12/2017","Grupal","Presencial",15,0,20,1565.03,0,100,0,"",1076311.31,null,null,null,"FCO","NO CP",2,"M. Empleabilidad","Transversales","01 - Oferta Prioritariamente dirigida a desempleados ",7,4,1,2,1,2,5,6,5,3,10,2,5,5,5,null,null,63,1565.03,"APROBADA_COM",null,null,"APROBADA_COM",null,null,30,2,"Transversales",30,"Castellano","Presencial"," ","NO","SI","NO","NO","SI","NO","SI","SI","SI","SI","SI","SI","SI",96.88,774.5,429,168,32," "]
["17482786","FCOI0001OV","COMPETENCIAS DIGITALES","F48537518",null,null,null,"000077","48-19543","PEÑASCAL, S. COOP","BIZKAIA","BILBAO","APROBADA_COM","Especialidad completa","Especialidad registrada","2017","22/12/2017","Grupal","Presencial",50,0,20,5216.75,0,100,0,"",1076311.31,null,null,null,"FCO","NO CP",2,"M. Empleabilidad","Transversales","01 - Oferta Prioritariamente dirigida a desempleados ",7,4,1,2,1,2,5,6,5,3,10,2,5,5,5,null,null,63,5216.75,"APROBADA_COM",null,null,"APROBADA_COM",null,null,30,2,"Transversales",30,"Castellano","Presencial"," ","NO","SI","NO","NO","SI","NO","SI","SI","SI","SI","SI","SI","SI",96.88,774.5,429,168,32," "]
["17482839","SSCS0108","ATENCIÓN SOCIOSANITARIA A PERSONAS EN EL DOMICILIO","F48214787",null,null,null,"000397","48-26787","SERVICIOS SOCIALES INTEGRADOS S. COOP","BIZKAIA","BILBAO","APROBADA_COM","Especialidad completa","Especialidad registrada","2017","20/11/2017","Grupal","Presencial",480,0,15,49262.400000000001,0,100,0,"",263759.09999999998,"MF0249_2#MF0250_2#MF0251_2","UF0119#UF0120#UF0121#UF0122#UF0123#UF0124#UF0125#UF0126",null,"SSC","CP",2,"Cualificantes","CP","01 - Oferta Prioritariamente dirigida a desempleados ",7,4,4,10,1,2,7,6,5,3,4,1,0,0,8,null,null,62,49262.400000000001,"APROBADA_COM",null,null,"APROBADA_COM",null,null,11.8,2,"CP",78,"Castellano","Presencial",94.94000244140625,"NO","SI","NO","SI","SI","SI","NO","NO","SI","SI","SI","SI","SI",100,40.5,23,0,0,82.099998474121094]
["17482314","ADGD0308","ACTIVIDADES DE GESTIÓN ADMINISTRATIVA","B95739595",null,null,null,"000105","48-22993","CENTRO DE FORMACIÓN RAFER, S.L.","BIZKAIA","MARGEN IZQUIERDA","APROBADA_COM","Parcial","Especialidad registrada","2017","02/11/2017","Grupal","Presencial",340,0,15,24123,0,100,0,"",507465.75,"MF0976_2#MF0979_2#MF0980_2",null,null,"ADG","CP",2,"Cualificantes","CP","01 - Oferta Prioritariamente dirigida a desempleados ",6,4,4,9,3,2,7,6,5,3,4,1,1,0,7,null,null,62,24123,"APROBADA_COM",null,null,"APROBADA_COM",null,null,10.5,2,"CP",63,"Euskera","Presencial",93.209999084472656,"NO","SI","NO","SI","NO","NO","SI","SI","SI","SI","SI","SI","NO",100,32.25,9,4,0,76.430000305175781]
["17482346","ADGD0308","ACTIVIDADES DE GESTIÓN ADMINISTRATIVA","B95739595",null,null,null,"000105","48-22993","CENTRO DE FORMACIÓN RAFER, S.L.","BIZKAIA","MARGEN IZQUIERDA","APROBADA_COM","Parcial","Especialidad registrada","2017","28/12/2017","Grupal","Presencial",460,0,15,32637,0,100,0,"",507465.75,"MF0233_2#MF0973_1#MF0978_2#MF0981_2",null,null,"ADG","CP",2,"Cualificantes","CP","01 - Oferta Prioritariamente dirigida a desempleados ",6,4,4,9,3,2,7,6,5,3,4,1,1,0,7,null,null,62,32637,"APROBADA_COM",null,null,"APROBADA_COM",null,null,10.5,2,"CP",63,"Euskera","Presencial",93.209999084472656,"NO","SI","NO","SI","NO","NO","SI","SI","SI","SI","SI","SI","NO",100,32.25,9,4,0,76.430000305175781]
["17482971","FMEC0110","SOLDADURA CON ELECTRODO REVESTIDO Y TIG","G48487748",null,null,null,"001605","48-26825","ASOCIACIÓN PARA LA INSERCIÓN SOCIAL ZABALTZEN","BIZKAIA","ARRATIA-ZORNOTZA","APROBADA_COM","Parcial","Especialidad registrada","2017","06/11/2017","Grupal","Presencial",400,0,15,38280,0,100,0,"",313698,"MF0099_2",null,null,"FME","CP",2,"Cualificantes","CP","01 - Oferta Prioritariamente dirigida a desempleados ",7,4,4,10,1,2,6,4,4,3,6,1,1,0,8,null,null,61,38280,"APROBADA_COM",null,null,"APROBADA_COM",null,null,16.5,2,"CP",79,"Castellano","Presencial",89.540000915527344,"NO","NO","NO","NO","SI","SI","SI","NO","SI","SI","SI","SI","NO",100,177.25,8,4,0,81.949996948242188]
["17482970","FMEC0110","SOLDADURA CON ELECTRODO REVESTIDO Y TIG","G48487748",null,null,null,"001605","48-26825","ASOCIACIÓN PARA LA INSERCIÓN SOCIAL ZABALTZEN","BIZKAIA","ARRATIA-ZORNOTZA","APROBADA_COM","Especialidad completa","Especialidad registrada","2017","29/12/2017","Grupal","Presencial",640,0,15,61248,0,100,0,"",313698,"MF0099_2#MF0100_2","UF1622#UF1623#UF1624#UF1625#UF1626#UF1627#UF1628#UF1640",null,"FME","CP",2,"Cualificantes","CP","01 - Oferta Prioritariamente dirigida a desempleados ",7,4,4,10,1,2,6,4,4,3,6,1,1,0,8,null,null,61,61248,"APROBADA_COM",null,null,"APROBADA_COM",null,null,16.5,2,"CP",79,"Castellano","Presencial",89.540000915527344,"NO","NO","NO","NO","SI","SI","SI","NO","SI","SI","SI","SI","NO",100,177.25,8,4,0,81.949996948242188]
["17481542","SSCS0208","ATENCIÓN SOCIOSANITARIA A PERSONAS DEPENDIENTES EN INSTITUCIONES SOCIALES","Q2866001G",null,null,null,"000013","48-2527","CRUZ ROJA BIZKAIA","BIZKAIA","BILBAO","APROBADA_COM","Especialidad completa","Especialidad registrada","2017","16/10/2017","Grupal","Presencial",370,0,20,28897,0,100,0,"",99671,"MF1016_2#MF1017_2#MF1018_2#MF1019_2","UF0127#UF0128#UF0129#UF0130#UF0131",null,"SSC","CP",2,"Cualificantes","CP","01 - Oferta Prioritariamente dirigida a desempleados ",7,4,4,10,1,2,7,6,2,3,6,1,0,0,8,null,null,61,28897,"APROBADA_COM",null,null,"APROBADA_COM",null,null,11.8,2,"CP",82,"Castellano","Presencial",94.959999084472656,"NO","SI","NO","NO","SI","SI","NO","NO","SI","SI","NO","NO","NO",94.44,143.75,126,0,0,83.470001220703125]
["17482130","FMEC0208","DISEÑO DE CALDERERÍA Y ESTRUCTURAS METÁLICAS","R4800613D",null,null,null,"000033","48-953","CENTRO DE FORMACION SOMORROSTRO","BIZKAIA","MARGEN IZQUIERDA","APROBADA_COM","Parcial","Especialidad registrada","2017","14/02/2018","Grupal","Presencial",310,0,14,34236.400000000001,0,100,0,"",1242256.2,"MF1146_3#MF1147_3",null,null,"FME","CP",3,"Cualificantes","CP","01 - Oferta Prioritariamente dirigida a desempleados ",7,2,4,9,1,2,5,6,4,3,8,1,2,0,7,null,null,61,34236.400000000001,"APROBADA_COM",null,null,"APROBADA_COM",null,null,16.5,3,"CP",64,"Castellano","Presencial",84.180000305175781,"SI","SI","NO","SI","SI","SI","NO","SI","SI","SI","SI","NO","NO",100,283.25,80,35,0,77.269996643066406]
["17480047","SSCS0208","ATENCIÓN SOCIOSANITARIA A PERSONAS DEPENDIENTES EN INSTITUCIONES SOCIALES","G48487748",null,null,null,"001771","48-26832","ASOCIACION PARA LA INSERCION SOCIAL ZABALTZEN DE","BIZKAIA","DURANGUESADO","APROBADA_COM","Especialidad completa","Especialidad registrada","2017","18/09/2017","Grupal","Presencial",370,0,16,26780.6,0,100,0,"",53561.2,"MF1016_2#MF1017_2#MF1018_2#MF1019_2","UF0127#UF0128#UF0129#UF0130#UF0131",null,"SSC","CP",2,"Cualificantes","CP","01 - Oferta Prioritariamente dirigida a desempleados ",7,4,4,10,1,2,7,4,4,3,6,1,1,0,7,null,null,61,26780.6,"APROBADA_COM",null,null,"APROBADA_COM",null,null,11.8,2,"CP",82,"Castellano","Presencial",93.129997253417969,"NO","NO","NO","NO","SI","SI","SI","NO","SI","SI","SI","SI","NO",100,177.25,8,4,0,79.029998779296875]
["17480653","SSCM0108","LIMPIEZA DE SUPERFICIES Y MOBILIARIO EN EDIFICIOS Y LOCALES","B48746606",null,null,null,"000088","48-21177","IFAP INSTITUTO PARA FORMACION DE ACTIVIDADES PRAC","BIZKAIA","IBAIZABAL","APROBADA_COM","Especialidad completa","Especialidad registrada","2017","28/12/2017","Grupal","Presencial",150,0,15,10642.5,0,100,0,"",618948,"MF0972_1#MF0996_1#MF1087_1#MF1088_1",null,null,"SSC","CP",1,"Cualificantes","CP","01 - Oferta Prioritariamente dirigida a desempleados ",7,3,4,10,1,2,7,5,4,3,8,1,1,0,5,null,null,61,10642.5,"APROBADA_COM",null,null,"APROBADA_COM",null,null,11.8,1,"CP",82,"Castellano","Presencial",94.55999755859375,"NO","SI","NO","SI","NO","NO","NO","NO","SI","SI","SI","SI","NO",100,234.75,18,2,0," "]
["17480044","COML0110","ACTIVIDADES AUXILIARES DE ALMACÉN","F48086243",null,null,null,"000039","48-13331","LEA ARTIBAI IKASTETXEA","BIZKAIA","LEA-ARTIBAI","APROBADA_COM","Especialidad completa","Especialidad registrada","2017","09/10/2017","Grupal","Presencial",170,0,15,20400,0,100,0,"",1035685.67,"MF0432_1#MF1325_1#MF1326_1",null,null,"COM","CP",1,"Cualificantes","CP","01 - Oferta Prioritariamente dirigida a desempleados ",4,3,4,10,1,2,5,6,4,3,8,0,1,0,9,null,null,60,20400,"APROBADA_COM",null,null,"APROBADA_COM",null,null,6,1,"CP",91,"Castellano","Presencial",82.019996643066406,"SI","SI","NO","SI","SI","SI","NO","SI","SI","SI","SI","NO","NO",100,275.25,0,3,0,86.669998168945313]
["17481047","FMEC0110","SOLDADURA CON ELECTRODO REVESTIDO Y TIG","B48477004",null,null,null,"000041","48-13816","NUEVAS TECNICAS PROFESIONALES","BIZKAIA","GOBELA","APROBADA_COM","Parcial","Especialidad registrada","2017","05/07/2017","Grupal","Presencial",400,0,16,41426,0,100,0,"",633817.80000000005,"MF0099_2",null,null,"FME","CP",2,"Cualificantes","CP","01 - Oferta Prioritariamente dirigida a desempleados ",7,4,4,10,1,2,8,6,0,3,6,0,0,0,9,null,null,60,41426,"APROBADA_COM",null,null,"APROBADA_COM",null,null,16.5,2,"CP",79,"Castellano","Presencial",99.959999084472656,"NO","SI","NO","NO","SI","NO","SI","NO","NO","NO","NO","NO","NO",100,162.5,0,0,0,85.30999755859375]
["17481038","FMEC0110","SOLDADURA CON ELECTRODO REVESTIDO Y TIG","B48477004",null,null,null,"000041","48-13816","NUEVAS TECNICAS PROFESIONALES","BIZKAIA","GOBELA","APROBADA_COM","Parcial","Especialidad registrada","2017","05/07/2017","Grupal","Presencial",400,0,16,41426,0,100,0,"",633817.80000000005,"MF0099_2",null,null,"FME","CP",2,"Cualificantes","CP","01 - Oferta Prioritariamente dirigida a desempleados ",7,4,4,10,1,2,8,6,0,3,6,0,0,0,9,null,null,60,41426,"APROBADA_COM",null,null,"APROBADA_COM",null,null,16.5,2,"CP",79,"Castellano","Presencial",99.959999084472656,"NO","SI","NO","NO","SI","NO","SI","NO","NO","NO","NO","NO","NO",100,162.5,0,0,0,85.30999755859375]
["17481049","FMEC0110","SOLDADURA CON ELECTRODO REVESTIDO Y TIG","B48477004",null,null,null,"000041","48-13816","NUEVAS TECNICAS PROFESIONALES","BIZKAIA","GOBELA","APROBADA_COM","Parcial","Especialidad registrada","2017","14/07/2017","Grupal","Presencial",400,0,16,41426,0,100,0,"",633817.80000000005,"MF0099_2",null,null,"FME","CP",2,"Cualificantes","CP","01 - Oferta Prioritariamente dirigida a desempleados ",7,4,4,10,1,2,8,6,0,3,6,0,0,0,9,null,null,60,41426,"APROBADA_COM",null,null,"APROBADA_COM",null,null,16.5,2,"CP",79,"Castellano","Presencial",99.959999084472656,"NO","SI","NO","NO","SI","NO","SI","NO","NO","NO","NO","NO","NO",100,162.5,0,0,0,85.30999755859375]
["17481051","FMEC0110","SOLDADURA CON ELECTRODO REVESTIDO Y TIG","B48477004",null,null,null,"000041","48-13816","NUEVAS TECNICAS PROFESIONALES","BIZKAIA","GOBELA","APROBADA_COM","Parcial","Especialidad registrada","2017","05/09/2017","Grupal","Presencial",400,0,16,41426,0,100,0,"",633817.80000000005,"MF0099_2",null,null,"FME","CP",2,"Cualificantes","CP","01 - Oferta Prioritariamente dirigida a desempleados ",7,4,4,10,1,2,8,6,0,3,6,0,0,0,9,null,null,60,41426,"APROBADA_COM",null,null,"APROBADA_COM",null,null,16.5,2,"CP",79,"Castellano","Presencial",99.959999084472656,"NO","SI","NO","NO","SI","NO","SI","NO","NO","NO","NO","NO","NO",100,162.5,0,0,0,85.30999755859375]
["17481050","FMEC0110","SOLDADURA CON ELECTRODO REVESTIDO Y TIG","B48477004",null,null,null,"000041","48-13816","NUEVAS TECNICAS PROFESIONALES","BIZKAIA","GOBELA","APROBADA_COM","Parcial","Especialidad registrada","2017","04/12/2017","Grupal","Presencial",370,0,16,38319.050000000003,0,100,0,"",633817.80000000005,"MF0100_2",null,null,"FME","CP",2,"Cualificantes","CP","01 - Oferta Prioritariamente dirigida a desempleados ",7,4,4,10,1,2,8,6,0,3,6,0,0,0,9,null,null,60,38319.050000000003,"APROBADA_COM",null,null,"APROBADA_COM",null,null,16.5,2,"CP",79,"Castellano","Presencial",99.959999084472656,"NO","SI","NO","NO","SI","NO","SI","NO","NO","NO","NO","NO","NO",100,162.5,0,0,0,85.30999755859375]
["17481048","FMEC0110","SOLDADURA CON ELECTRODO REVESTIDO Y TIG","B48477004",null,null,null,"000041","48-13816","NUEVAS TECNICAS PROFESIONALES","BIZKAIA","GOBELA","APROBADA_COM","Parcial","Especialidad registrada","2017","20/12/2017","Grupal","Presencial",370,0,16,38319.050000000003,0,100,0,"",633817.80000000005,"MF0100_2",null,null,"FME","CP",2,"Cualificantes","CP","01 - Oferta Prioritariamente dirigida a desempleados ",7,4,4,10,1,2,8,6,0,3,6,0,0,0,9,null,null,60,38319.050000000003,"APROBADA_COM",null,null,"APROBADA_COM",null,null,16.5,2,"CP",79,"Castellano","Presencial",99.959999084472656,"NO","SI","NO","NO","SI","NO","SI","NO","NO","NO","NO","NO","NO",100,162.5,0,0,0,85.30999755859375]
["17481042","FMEC0110","SOLDADURA CON ELECTRODO REVESTIDO Y TIG","B48477004",null,null,null,"000041","48-13816","NUEVAS TECNICAS PROFESIONALES","BIZKAIA","GOBELA","APROBADA_COM","Parcial","Especialidad registrada","2017","20/12/2017","Grupal","Presencial",370,0,16,38319.050000000003,0,100,0,"",633817.80000000005,"MF0100_2",null,null,"FME","CP",2,"Cualificantes","CP","01 - Oferta Prioritariamente dirigida a desempleados ",7,4,4,10,1,2,8,6,0,3,6,0,0,0,9,null,null,60,38319.050000000003,"APROBADA_COM",null,null,"APROBADA_COM",null,null,16.5,2,"CP",79,"Castellano","Presencial",99.959999084472656,"NO","SI","NO","NO","SI","NO","SI","NO","NO","NO","NO","NO","NO",100,162.5,0,0,0,85.30999755859375]
["17480019","HOTR0108","OPERACIONES BÁSICAS DE COCINA","B48474647",null,null,null,"000004","48-1247","EIDE S.L. ESCUELA INTERNAC. PARA EDUCACION Y DESA","BIZKAIA","MARGEN IZQUIERDA","APROBADA_COM","Especialidad completa","Especialidad registrada","2017","04/09/2017","Grupal","Presencial",270,0,15,24502.5,0,100,0,"",567286.5,"MF0255_1#MF0256_1","UF0053#UF0054#UF0055#UF0056#UF0057",null,"HOT","CP",1,"Cualificantes","CP","01 - Oferta Prioritariamente dirigida a desempleados ",6,3,4,10,1,2,7,3,5,3,6,1,0,0,9,null,null,60,24502.5,"APROBADA_COM",null,null,"APROBADA_COM",null,null,10,1,"CP",82,"Castellano","Presencial",92.150001525878906,"SI","SI","NO","NO","NO","NO","NO","SI","SI","SI","SI","NO","SI",100,169,65,0,0,85.830001831054688]
["17480018","HOTR0108","OPERACIONES BÁSICAS DE COCINA","B48474647",null,null,null,"000004","48-1247","EIDE S.L. ESCUELA INTERNAC. PARA EDUCACION Y DESA","BIZKAIA","MARGEN IZQUIERDA","APROBADA_COM","Especialidad completa","Especialidad registrada","2017","28/09/2017","Grupal","Presencial",270,0,15,24502.5,0,100,0,"",567286.5,"MF0255_1#MF0256_1","UF0053#UF0054#UF0055#UF0056#UF0057",null,"HOT","CP",1,"Cualificantes","CP","01 - Oferta Prioritariamente dirigida a desempleados ",6,3,4,10,1,2,7,3,5,3,6,1,0,0,9,null,null,60,24502.5,"APROBADA_COM",null,null,"APROBADA_COM",null,null,10,1,"CP",82,"Castellano","Presencial",92.150001525878906,"SI","SI","NO","NO","NO","NO","NO","SI","SI","SI","SI","NO","SI",100,169,65,0,0,85.830001831054688]
["17480099","FMEC0110","SOLDADURA CON ELECTRODO REVESTIDO Y TIG","R4800504E",null,null,null,"000014","48-2523","MARISTAS SAN MIGUEL IKASTETXEA","BIZKAIA","ENCARTACIONES","APROBADA_COM","Parcial","Especialidad registrada","2017","25/09/2017","Grupal","Presencial",370,0,15,44400,0,100,0,"",545803.80000000005,"MF0100_2",null,null,"FME","CP",2,"Cualificantes","CP","01 - Oferta Prioritariamente dirigida a desempleados ",7,4,4,10,1,2,8,6,2,3,5,0,0,0,8,null,null,60,44400,"APROBADA_COM",null,null,"APROBADA_COM",null,null,16.5,2,"CP",79,"Castellano","Presencial",98.790000915527344,"SI","SI","NO","SI","SI","NO","SI","SI","NO","NO","SI","NO","NO",100,78.5,0,0,0,84.739997863769531]
["17482799","HOTR0608","SERVICIOS DE RESTAURANTE","B48474647",null,null,null,"000004","48-1247","EIDE S.L. ESCUELA INTERNAC. PARA EDUCACION Y DESA","BIZKAIA","MARGEN IZQUIERDA","APROBADA_COM","Especialidad completa","Especialidad registrada","2017","22/12/2017","Grupal","Presencial",500,0,15,38775,0,100,0,"",567286.5,"MF0711_2#MF1048_2#MF1051_2#MF1052_2#MF1053_2#MF1054_2","UF0258#UF0259#UF0260",null,"HOT","CP",2,"Cualificantes","CP","01 - Oferta Prioritariamente dirigida a desempleados ",6,4,4,10,1,2,7,3,5,3,6,1,0,0,8,null,null,60,38775,"APROBADA_COM",null,null,"APROBADA_COM",null,null,10,2,"CP",86,"Castellano","Presencial",92.150001525878906,"SI","SI","NO","NO","NO","NO","NO","SI","SI","SI","SI","NO","SI",100,169,65,0,0,81.25]
["17481340","ADGD0308","ACTIVIDADES DE GESTIÓN ADMINISTRATIVA","B95453874",null,null,null,"000219","48-26692","KONECTIA SERVICIOS INTEGRALES","BIZKAIA","GOBELA","APROBADA_COM","Especialidad completa","Especialidad registrada","2017","18/09/2017","Grupal","Presencial",800,0,15,60588,0,100,0,"",1392746.19,"MF0233_2#MF0973_1#MF0976_2#MF0978_2#MF0979_2#MF0980_2#MF0981_2","UF0319#UF0320#UF0321#UF0322#UF0323#UF0349#UF0350#UF0351#UF0515#UF0516",null,"ADG","CP",2,"Cualificantes","CP","01 - Oferta Prioritariamente dirigida a desempleados ",6,4,4,9,1,2,5,6,5,3,6,1,0,0,8,null,null,60,60588,"APROBADA_COM",null,null,"APROBADA_COM",null,null,10.5,2,"CP",63,"Castellano","Presencial"," ","NO","SI","NO","SI","SI","NO","SI","SI","SI","SI","SI","SI","NO",100,150,76,0,0,80.30999755859375]
["17480607","ADGD0308","ACTIVIDADES DE GESTIÓN ADMINISTRATIVA","B48488472",null,null,null,"000160","48-26627","SARRIKO BUSINESS SCHOOL","BIZKAIA","BILBAO","APROBADA_COM","Especialidad completa","Especialidad registrada","2017","03/07/2017","Grupal","Presencial",800,0,20,62480,0,100,0,"",998482.1,"MF0233_2#MF0973_1#MF0976_2#MF0978_2#MF0979_2#MF0980_2#MF0981_2","UF0319#UF0320#UF0321#UF0322#UF0323#UF0349#UF0350#UF0351#UF0515#UF0516",null,"ADG","CP",2,"Cualificantes","CP","01 - Oferta Prioritariamente dirigida a desempleados ",6,4,4,9,1,2,9,5,2,3,6,1,1,0,7,null,null,60,62480,"APROBADA_COM",null,null,"APROBADA_COM",null,null,10.5,2,"CP",63,"Castellano","Presencial",101.30000305175781,"NO","SI","NO","NO","SI","NO","NO","NO","SI","SI","NO","NO","NO",100,200,200,1,0,79.169998168945313]
["17482828","ADGD0308","ACTIVIDADES DE GESTIÓN ADMINISTRATIVA","B48488472",null,null,null,"000160","48-26627","SARRIKO BUSINESS SCHOOL","BIZKAIA","BILBAO","APROBADA_COM","Parcial","Especialidad registrada","2017","16/10/2017","Grupal","Presencial",160,0,20,12496,0,100,0,"",998482.1,"MF0976_2",null,null,"ADG","CP",2,"Cualificantes","CP","01 - Oferta Prioritariamente dirigida a desempleados ",6,4,4,9,1,2,9,5,2,3,6,1,1,0,7,null,null,60,12496,"APROBADA_COM",null,null,"APROBADA_COM",null,null,10.5,2,"CP",63,"Castellano","Presencial",101.30000305175781,"NO","SI","NO","NO","SI","NO","NO","NO","SI","SI","NO","NO","NO",100,200,200,1,0,79.169998168945313]
["17482829","ADGD0308","ACTIVIDADES DE GESTIÓN ADMINISTRATIVA","B48488472",null,null,null,"000160","48-26627","SARRIKO BUSINESS SCHOOL","BIZKAIA","BILBAO","APROBADA_COM","Parcial","Especialidad registrada","2017","30/11/2017","Grupal","Presencial",180,0,20,14058,0,100,0,"",998482.1,"MF0979_2#MF0980_2",null,null,"ADG","CP",2,"Cualificantes","CP","01 - Oferta Prioritariamente dirigida a desempleados ",6,4,4,9,1,2,9,5,2,3,6,1,1,0,7,null,null,60,14058,"APROBADA_COM",null,null,"APROBADA_COM",null,null,10.5,2,"CP",63,"Castellano","Presencial",101.30000305175781,"NO","SI","NO","NO","SI","NO","NO","NO","SI","SI","NO","NO","NO",100,200,200,1,0,79.169998168945313]
["17482830","ADGD0308","ACTIVIDADES DE GESTIÓN ADMINISTRATIVA","B48488472",null,null,null,"000160","48-26627","SARRIKO BUSINESS SCHOOL","BIZKAIA","BILBAO","APROBADA_COM","Parcial","Especialidad registrada","2017","29/12/2017","Grupal","Presencial",120,0,20,9372,0,100,0,"",998482.1,"MF0981_2",null,null,"ADG","CP",2,"Cualificantes","CP","01 - Oferta Prioritariamente dirigida a desempleados ",6,4,4,9,1,2,9,5,2,3,6,1,1,0,7,null,null,60,9372,"APROBADA_COM",null,null,"APROBADA_COM",null,null,10.5,2,"CP",63,"Castellano","Presencial",101.30000305175781,"NO","SI","NO","NO","SI","NO","NO","NO","SI","SI","NO","NO","NO",100,200,200,1,0,79.169998168945313]
["17482831","ADGD0308","ACTIVIDADES DE GESTIÓN ADMINISTRATIVA","B48488472",null,null,null,"000160","48-26627","SARRIKO BUSINESS SCHOOL","BIZKAIA","BILBAO","APROBADA_COM","Parcial","Especialidad registrada","2017","29/12/2017","Grupal","Presencial",150,0,20,11715,0,100,0,"",998482.1,"MF0973_1#MF0978_2",null,null,"ADG","CP",2,"Cualificantes","CP","01 - Oferta Prioritariamente dirigida a desempleados ",6,4,4,9,1,2,9,5,2,3,6,1,1,0,7,null,null,60,11715,"APROBADA_COM",null,null,"APROBADA_COM",null,null,10.5,2,"CP",63,"Castellano","Presencial",101.30000305175781,"NO","SI","NO","NO","SI","NO","NO","NO","SI","SI","NO","NO","NO",100,200,200,1,0,79.169998168945313]
["17482123","ELEE0109","MONTAJE Y MANTENIMIENTO DE INSTALACIONES ELÉCTRICAS DE BAJA TENSIÓN","R4800613D",null,null,null,"000033","48-953","CENTRO DE FORMACION SOMORROSTRO","BIZKAIA","MARGEN IZQUIERDA","APROBADA_COM","Parcial","Especialidad registrada","2017","25/09/2017","Grupal","Presencial",240,0,14,25766.400000000001,0,100,0,"",1242256.2,"MF0822_2",null,null,"ELE","CP",2,"Cualificantes","CP","01 - Oferta Prioritariamente dirigida a desempleados ",3,4,4,10,1,2,6,6,4,3,8,1,2,0,6,null,null,60,25766.400000000001,"APROBADA_COM",null,null,"APROBADA_COM",null,null,5,2,"CP",69,"Castellano","Presencial",86.599998474121094,"SI","SI","NO","SI","SI","SI","NO","SI","SI","SI","SI","NO","NO",100,283.25,80,35,0,74.550003051757813]
["17482941","COMT0112","ACTIVIDADES DE GESTIÓN DEL PEQUEÑO COMERCIO","B95453874",null,null,null,"000219","48-26692","KONECTIA SERVICIOS INTEGRALES","BIZKAIA","GOBELA","APROBADA_COM","Especialidad completa","Especialidad registrada","2017","26/12/2017","Grupal","Presencial",450,0,15,34080.75,0,100,0,"",1392746.19,"MF0239_2#MF1792_2#MF2104_2#MF2105_2#MF2106_2","UF0030#UF0031#UF0032#UF2380#UF2381#UF2382#UF2383#UF2384",null,"COM","CP",2,"Cualificantes","CP","01 - Oferta Prioritariamente dirigida a desempleados ",4,4,4,8,1,2,8,6,5,3,6,1,0,0,7,null,null,59,34080.75,"APROBADA_COM",null,null,"APROBADA_COM",null,null,6,2,"CP",57,"Castellano","Presencial",97.739997863769531,"NO","SI","NO","SI","SI","NO","SI","SI","SI","SI","SI","SI","NO",100,150,76,0,0,76]
["17482967","IFCT0209","SISTEMAS MICROINFORMÁTICOS","B48875306",null,null,null,"002671","48-26866","CENTRO INFORMÁTICO Y GESTIÓN MEATZE, S.L.","BIZKAIA","MARGEN IZQUIERDA","APROBADA_COM","Especialidad completa","Especialidad registrada","2017","22/11/2017","Grupal","Presencial",560,0,15,57472.800000000003,0,100,0,"",264026.40000000002,"MF0219_2#MF0220_2#MF0221_2#MF0222_2","UF0852#UF0853#UF0854#UF0855#UF0856#UF0857#UF0858#UF0859#UF0860",null,"IFC","CP",2,"Cualificantes","CP","01 - Oferta Prioritariamente dirigida a desempleados ",4,4,4,9,1,2,7,7,4,3,6,1,0,0,7,null,null,59,57472.800000000003,"APROBADA_COM",null,null,"APROBADA_COM",null,null,6.5,2,"CP",58,"Castellano","Presencial",92.120002746582031,"NO","SI","SI","NO","SI","SI","SI","NO","SI","SI","SI","SI","NO",100,161.75,23,0,0,79.550003051757812]
["17482838","SSCE0110","DOCENCIA DE LA FORMACIÓN PROFESIONAL PARA EL EMPLEO","B48746606",null,null,null,"000069","48-19233","IFAP-BILBAO","BIZKAIA","BILBAO","APROBADA_COM","Especialidad completa","Especialidad registrada","2017","22/12/2017","Grupal","Presencial",340,0,15,24123,0,100,0,"",727072.5,"MF1442_3#MF1443_3#MF1444_3#MF1445_3#MF1446_3","UF1645#UF1646",null,"SSC","CP",3,"Cualificantes","CP","01 - Oferta Prioritariamente dirigida a desempleados ",7,2,4,9,1,2,7,5,4,3,8,1,1,0,5,null,null,59,24123,"APROBADA_COM",null,null,"APROBADA_COM",null,null,11.8,3,"CP",63,"Castellano","Presencial",94.55999755859375,"NO","SI","NO","SI","NO","NO","NO","NO","SI","SI","SI","SI","NO",100,234.75,18,2,0," "]
["17482844","ELES0108","MONTAJE Y MANTENIMIENTO DE INFRAESTRUCTURAS DE TELECOMUNICACIONES EN EDIFICIOS","B48700280",null,null,null,"000015","48-2524","CENTRO DE ENSEÑANZA SAN ROQUE,S.L.","BIZKAIA","MARGEN IZQUIERDA","APROBADA_COM","Especialidad completa","Especialidad registrada","2017","18/12/2017","Grupal","Presencial",330,0,15,25591.5,0,100,0,"",1128253.5,"MF0120_2#MF0121_2","UF0423#UF0424#UF0425#UF0426#UF0427#UF0428",null,"ELE","CP",2,"Cualificantes","CP","01 - Oferta Prioritariamente dirigida a desempleados ",3,4,4,8,1,2,6,7,5,3,6,1,0,0,8,null,null,58,25591.5,"APROBADA_COM",null,null,"APROBADA_COM",null,null,5,2,"CP",55,"Castellano","Presencial",88.879997253417969,"SI","SI","NO","SI","SI","SI","SI","NO","SI","SI","SI","SI","SI",100,185.25,104,0,0,84.620002746582031]
["17482964","IFCD0110","CONFECCIÓN Y PUBLICACIÓN DE PÁGINAS WEB","G48156996",null,null,null,"000005","48-9033","AGRUPACION DE SOCIEDADES LABORALES DE EUSKADI","BIZKAIA","BILBAO","APROBADA_COM","Parcial","Especialidad registrada","2017","20/11/2017","Grupal","Presencial",390,0,15,28120.95,0,100,0,"",281363.78999999998,"MF0950_2#MF0951_2",null,null,"IFC","CP",2,"Cualificantes","CP","01 - Oferta Prioritariamente dirigida a desempleados ",4,4,4,6,1,2,9,3,5,3,8,1,1,0,7,null,null,58,28120.95,"APROBADA_COM",null,null,"APROBADA_COM",null,null,6.5,2,"CP",43,"Castellano","Presencial",100.80000305175781,"SI","SI","NO","NO","NO","NO","NO","SI","SI","NO","SI","SI","SI",93.33,280.5,20,2,0,75.290000915527344]
["17480643","COML0110","ACTIVIDADES AUXILIARES DE ALMACÉN","G48487748",null,null,null,"002237","48-26840","ASOC. PARA LA INSERCIÓN SOCIAL ZABALTZEN DE DURANGO","BIZKAIA","DURANGUESADO","APROBADA_COM","Especialidad completa","Especialidad registrada","2017","11/09/2017","Grupal","Presencial",170,0,16,17989.400000000001,0,100,0,"",131930.70000000001,"MF0432_1#MF1325_1#MF1326_1",null,null,"COM","CP",1,"Cualificantes","CP","01 - Oferta Prioritariamente dirigida a desempleados ",4,3,4,10,1,2,5,4,4,3,6,1,1,0,9,null,null,57,17989.400000000001,"APROBADA_COM",null,null,"APROBADA_COM",null,null,6,1,"CP",91,"Castellano","Presencial"," ","NO","NO","NO","NO","SI","SI","SI","NO","SI","SI","SI","SI","NO",100,177.25,8,4,0,88.569999694824219]
["17482889","AFDP0209","SOCORRISMO EN ESPACIOS ACUÁTICOS NATURALES","B95453874",null,null,null,"000219","48-26692","KONECTIA SERVICIOS INTEGRALES","BIZKAIA","GOBELA","APROBADA_COM","Especialidad completa","Especialidad registrada","2017","20/12/2017","Grupal","Presencial",340,0,15,34164.9,0,100,0,"",1392746.19,"MF0269_2#MF0272_2#MF1082_2#MF1083_2","UF0907#UF0908#UF1499#UF1500",null,"AFD","CP",2,"Cualificantes","CP","01 - Oferta Prioritariamente dirigida a desempleados ",2,4,4,7,1,2,9,6,5,3,6,1,0,0,5,null,null,55,34164.9,"APROBADA_COM",null,null,"APROBADA_COM",null,null,3,2,"CP",53,"Castellano","Presencial",101.69999694824219,"NO","SI","NO","SI","SI","NO","SI","SI","SI","SI","SI","SI","NO",100,150,76,0,0," "]
["17480921","TMVC0003OV","OBTENCIÓN DEL PERMISO DE CONDUCCIÓN CLASES \"C1-C\", \"CAP\" y \"ADR\"","B48845101",null,null,null,"000183","48-26654","CENTRO EDUCACION VIAL REKORD S.L.","BIZKAIA","MARGEN IZQUIERDA","APROBADA_COM","Especialidad completa","Especialidad registrada","2017","03/07/2017","Grupal","Presencial",425,0,15,43477.5,0,100,0,"",804589.5,null,null,null,"TMV","NO CP",2,"Cualificantes","Restantes no CP","01 - Oferta Prioritariamente dirigida a desempleados ",4,4,1,10,1,2,8,6,4,2,6,1,0,0,5,null,null,54,43477.5,"APROBADA_COM",null,null,"APROBADA_COM",null,null,5.5,2,"Restantes no CP",69,"Castellano","Presencial",95.800003051757813,"SI","SI","NO","NO","SI","NO","SI","NO","SI","SI","SI","NO","SI",83.33,149.75,38,0,0," "]
["17482172","SEAG0211","GESTIÓN AMBIENTAL","R4800613D",null,null,null,"000033","48-953","CENTRO DE FORMACION SOMORROSTRO","BIZKAIA","MARGEN IZQUIERDA","APROBADA_COM","Especialidad completa","Especialidad registrada","2017","27/11/2017","Grupal","Presencial",420,0,14,47040,0,100,0,"",1242256.2,"MF1971_3#MF1972_3#MF1973_3#MF1974_3","UF1941#UF1942#UF1943#UF1944#UF1945#UF1946",null,"SEA","CP",3,"Cualificantes","CP","01 - Oferta Prioritariamente dirigida a desempleados ",3,2,4,7,1,2,5,6,4,3,8,1,2,0,5,null,null,53,47040,"APROBADA_COM",null,null,"APROBADA_COM",null,null,3.25,3,"CP",52,"Castellano","Presencial"," ","SI","SI","NO","SI","SI","SI","NO","SI","SI","SI","SI","NO","NO",100,283.25,80,35,0," "]
["17482797","IMPQ0108","SERVICIOS AUXILIARES DE PELUQUERÍA","G95206934",null,null,null,"000405","48-26778","ASOCIACION CONTRA LA EXCLUSIÓN SOCIAL MARGOTU","BIZKAIA","BILBAO","APROBADA_COM","Especialidad completa","Especialidad registrada","2017","18/12/2017","Grupal","Presencial",210,0,15,21552.3,0,100,0,"",250616.85,"MF0058_1#MF0059_1#MF0060_1",null,null,"IMP","CP",1,"Cualificantes","CP","01 - Oferta Prioritariamente dirigida a desempleados ",3,3,4,7,1,2,9,3,4,3,4,0,0,0,8,null,null,51,21552.3,"APROBADA_COM",null,null,"APROBADA_COM",null,null,4,1,"CP",51,"Castellano","Presencial",100.51999664306641,"NO","SI","NO","NO","NO","NO","NO","SI","SI","SI","NO","SI","NO",100,23.75,0,0,0,82]
["17480225","IMPQ0108","SERVICIOS AUXILIARES DE PELUQUERÍA","B48667968",null,null,null,"000319","48-26711","CENTRO DE FORMACIÓN PROFESIONAL ARCE","BIZKAIA","BILBAO","APROBADA_COM","Especialidad completa","Especialidad registrada","2017","29/09/2017","Grupal","Presencial",210,0,20,23053.8,0,100,0,"",179135,"MF0058_1#MF0059_1#MF0060_1",null,null,"IMP","CP",1,"Cualificantes","CP","01 - Oferta Prioritariamente dirigida a desempleados ",3,3,4,7,1,2,8,5,2,3,5,0,1,0,7,null,null,51,23053.8,"APROBADA_COM",null,null,"APROBADA_COM",null,null,4,1,"CP",51,"Castellano","Presencial",97.05999755859375,"NO","SI","SI","SI","SI","NO","NO","SI","SI","NO","NO","NO","NO",100,79.25,0,1,0,77.430000305175781]
["17482899","SSCE03","INGLÉS B1","B48153555",null,null,null,"000009","48-1887","CENTRO SAN LUIS","BIZKAIA","BILBAO","APROBADA_COM","Especialidad completa","Especialidad registrada","2017","06/11/2017","Grupal","Presencial",240,0,15,24631.200000000001,0,100,0,"",551394.80000000005,null,null,null,"SSC","NO CP",2,"M. Empleabilidad","Transversales","01 - Oferta Prioritariamente dirigida a desempleados ",7,4,1,3,1,2,8,5,4,3,6,1,1,0,5,null,null,51,24631.200000000001,"APROBADA_COM",null,null,"APROBADA_COM",null,null,30,2,"Transversales",32,"Castellano","Presencial",98.470001220703125,"SI","SI","NO","SI","SI","NO","NO","SI","SI","SI","NO","SI","NO",100,199,18,13,0," "]
["17482977","SSCE03","INGLÉS B1","B95739595",null,null,null,"000105","48-22993","CENTRO DE FORMACIÓN RAFER, S.L.","BIZKAIA","MARGEN IZQUIERDA","APROBADA_COM","Especialidad completa","Especialidad registrada","2017","02/10/2017","Grupal","Presencial",240,0,15,17028,0,100,0,"",507465.75,null,null,null,"SSC","NO CP",2,"M. Empleabilidad","Transversales","01 - Oferta Prioritariamente dirigida a desempleados ",7,4,1,3,3,2,5,6,5,3,4,1,1,0,5,null,null,50,17028,"APROBADA_COM",null,null,"APROBADA_COM",null,null,30,2,"Transversales",32,"Euskera","Presencial"," ","NO","SI","NO","SI","NO","NO","SI","SI","SI","SI","SI","SI","NO",100,32.25,9,4,0," "]
["17482947","FCOV07","COMUNICACIÓN EN LENGUAS EXTRANJERAS (FRANCÉS) N2","B95453874",null,null,null,"000219","48-26692","KONECTIA SERVICIOS INTEGRALES","BIZKAIA","GOBELA","APROBADA_COM","Especialidad completa","Especialidad registrada","2017","30/10/2017","Grupal","Presencial",180,0,15,13632.3,0,100,0,"",1392746.19,null,null,null,"FCO","NO CP",2,"M. Empleabilidad","Competencias Clave","01 - Oferta Prioritariamente dirigida a desempleados ",7,4,2,3,1,2,5,6,5,3,6,1,0,0,5,null,null,50,13632.3,"APROBADA_COM",null,null,"APROBADA_COM",null,null,30,2,"Competencias Clave",32,"Castellano","Presencial"," ","NO","SI","NO","SI","SI","NO","SI","SI","SI","SI","SI","SI","NO",100,150,76,0,0," "]
["17482791","IMAR0408","MONTAJE Y MANTENIMIENTO DE INSTALACIONES CALORÍFICAS","R4800504E",null,null,null,"000014","48-2523","MARISTAS SAN MIGUEL IKASTETXEA","BIZKAIA","ENCARTACIONES","APROBADA_COM","Especialidad completa","Especialidad registrada","2017","15/01/2018","Grupal","Presencial",380,0,15,44015.4,0,100,0,"",545803.80000000005,"MF1156_2#MF1157_2","UF0610#UF0611#UF0612#UF0613#UF0614",null,"IMA","CP",2,"Cualificantes","CP","01 - Oferta Prioritariamente dirigida a desempleados ",3,4,4,6,1,2,8,6,2,3,5,0,0,0,5,null,null,49,44015.4,"APROBADA_COM",null,null,"APROBADA_COM",null,null,4,2,"CP",46,"Castellano","Presencial",98.75,"SI","SI","NO","SI","SI","NO","SI","SI","NO","NO","SI","NO","NO",100,78.5,0,0,0," "]
["17482946","FCOV05","COMUNICACIÓN EN LENGUAS EXTRANJERAS (INGLÉS) N2","B95453874",null,null,null,"000219","48-26692","KONECTIA SERVICIOS INTEGRALES","BIZKAIA","GOBELA","APROBADA_COM","Especialidad completa","Especialidad registrada","2017","30/10/2017","Grupal","Presencial",180,0,15,13632.3,0,100,0,"",1392746.19,null,null,null,"FCO","NO CP",2,"M. Empleabilidad","Competencias Clave","01 - Oferta Prioritariamente dirigida a desempleados ",7,4,2,2,1,2,5,6,5,3,6,1,0,0,5,null,null,49,13632.3,"APROBADA_COM",null,null,"APROBADA_COM",null,null,30,2,"Competencias Clave",30,"Castellano","Presencial"," ","NO","SI","NO","SI","SI","NO","SI","SI","SI","SI","SI","SI","NO",100,150,76,0,0," "]
["17482948","FCOV09","COMUNICACIÓN EN LENGUAS EXTRANJERAS (ALEMÁN) N2","B95453874",null,null,null,"000219","48-26692","KONECTIA SERVICIOS INTEGRALES","BIZKAIA","GOBELA","APROBADA_COM","Especialidad completa","Especialidad registrada","2017","28/12/2017","Grupal","Presencial",180,0,15,13632.3,0,100,0,"",1392746.19,null,null,null,"FCO","NO CP",2,"M. Empleabilidad","Competencias Clave","01 - Oferta Prioritariamente dirigida a desempleados ",7,4,2,2,1,2,5,6,5,3,6,1,0,0,5,null,null,49,13632.3,"APROBADA_COM",null,null,"APROBADA_COM",null,null,30,2,"Competencias Clave",30,"Castellano","Presencial"," ","NO","SI","NO","SI","SI","NO","SI","SI","SI","SI","SI","SI","NO",100,150,76,0,0," "]
["17482974","FCOV05","COMUNICACIÓN EN LENGUAS EXTRANJERAS (INGLÉS) N2","B95739595",null,null,null,"000105","48-22993","CENTRO DE FORMACIÓN RAFER, S.L.","BIZKAIA","MARGEN IZQUIERDA","APROBADA_COM","Especialidad completa","Especialidad registrada","2017","14/12/2017","Grupal","Presencial",180,0,15,12771,0,100,0,"",507465.75,null,null,null,"FCO","NO CP",2,"M. Empleabilidad","Competencias Clave","01 - Oferta Prioritariamente dirigida a desempleados ",7,4,2,2,1,2,5,6,5,3,4,1,1,0,5,null,null,48,12771,"APROBADA_COM",null,null,"APROBADA_COM",null,null,30,2,"Competencias Clave",30,"Castellano","Presencial"," ","NO","SI","NO","SI","NO","NO","SI","SI","SI","SI","SI","SI","NO",100,32.25,9,4,0," "]
["17482989","EOCO0108","REPRESENTACIÓN DE PROYECTOS DE EDIFICACIÓN","B95060935",null,null,null,"000197","48-26668","CENTRO DE ESTUDIOS INATEC","BIZKAIA","BILBAO","APROBADA_COM","Parcial","Especialidad registrada","2017","22/11/2017","Grupal","Presencial",90,0,18,7484.4,0,100,0,"",3938305.8,"MF0640_3",null,null,"EOC","CP",3,"Cualificantes","CP","01 - Oferta Prioritariamente dirigida a desempleados ",2,2,4,7,1,2,7,6,2,3,6,0,0,0,5,null,null,47,7484.4,"APROBADA_COM",null,null,"APROBADA_COM",null,null,1.4,3,"CP",50,"Castellano","Presencial",93.419998168945313,"NO","SI","SI","SI","NO","NO","SI","NO","SI","NO","NO","SI","NO",100,142.25,0,0,0," "]
["17482990","FCOV06","COMUNICACIÓN EN LENGUAS EXTRANJERAS (INGLÉS) N3","B95739595",null,null,null,"000105","48-22993","CENTRO DE FORMACIÓN RAFER, S.L.","BIZKAIA","MARGEN IZQUIERDA","APROBADA_COM","Especialidad completa","Especialidad registrada","2017","14/12/2017","Grupal","Presencial",180,0,15,12771,0,100,0,"",507465.75,null,null,null,"FCO","NO CP",3,"M. Empleabilidad","Competencias Clave","01 - Oferta Prioritariamente dirigida a desempleados ",7,2,2,2,1,2,5,6,5,3,4,1,1,0,5,null,null,46,12771,"APROBADA_COM",null,null,"APROBADA_COM",null,null,30,3,"Competencias Clave",30,"Castellano","Presencial"," ","NO","SI","NO","SI","NO","NO","SI","SI","SI","SI","SI","SI","NO",100,32.25,9,4,0," "]
["17480363","HOTR0108","OPERACIONES BÁSICAS DE COCINA","G95175733",null,null,null,"000383","48-26772","AHOPEKA","BIZKAIA","BUSTURIALDEA","APROBADA_COM","Especialidad completa","Especialidad registrada","2017","25/09/2017","Grupal","Presencial",270,0,14,23760,0,100,0,"",137362.5,"MF0255_1#MF0256_1","UF0053#UF0054#UF0055#UF0056#UF0057",null,"HOT","CP",1,"Cualificantes","CP","01 - Oferta Prioritariamente dirigida a desempleados ",6,3,4,10,1,2,5,0,0,0,5,0,1,0,8,null,null,45,23760,"APROBADA_COM",null,null,"APROBADA_COM",null,null,10,1,"CP",82,"Castellano","Presencial",80.290000915527344,"NO","NO","NO","NO","NO","NO","NO","NO","NO","NO","NO","NO","NO",0,93,0,6,0,81]
["17482858","IMSV0209","DESARROLLO DE PRODUCTOS AUDIOVISUALES MULTIMEDIA INTERACTIVOS","F95164273",null,null,null,"000242","48-26727","HARROBIA","BIZKAIA","BILBAO","APROBADA_COM","Parcial","Especialidad registrada","2017","11/12/2017","Grupal","Presencial",240,0,15,27126,0,100,0,"",488160.75,"MF0943_3#MF0944_3",null,null,"IMS","CP",3,"Cualificantes","CP","01 - Oferta Prioritariamente dirigida a desempleados ",2,2,4,3,3,2,5,4,4,3,5,1,0,0,5,null,null,43,27126,"APROBADA_COM",null,null,"APROBADA_COM",null,null,2,3,"CP",34,"Euskera","Presencial"," ","NO","SI","NO","NO","NO","NO","SI","SI","SI","NO","SI","SI","NO",100,69.75,229,0,0," "]
["17482841","SSCI0002OV","FORMACIÓN PREVIA A CERTIFICADOS DE PROFESIONALIDAD NIVEL 1: TAREAS BÁSICAS EN LA LIMPIEZA DE EDIFICIOS Y LOCALES","G48852578",null,null,null,"001662",null,"CENTRO FORMATIVO SORTARAZI","BIZKAIA","GOBELA","APROBADA_COM","Especialidad completa","Especialidad registrada","2017","21/12/2017","Grupal","Presencial",80,0,15,5676,0,100,0,"",69514.5,null,null,null,"SSC","NO CP","0","M. Empleabilidad","Insercion socio laboral","01 - Oferta Prioritariamente dirigida a desempleados ",7,2,2,1,1,2,9,3,4,0,5,1,0,0,5,null,null,42,5676,"APROBADA_COM",null,null,"APROBADA_COM",null,null,30,0,"Insercion socio laboral",25,"Castellano","Presencial",101.19999694824219,"NO","SI","NO","NO","NO","NO","NO","NO","SI","SI","SI","SI","NO",11.11,67.5,2,0,0," "]
["17481719","HOTA0001OV","FORMACIÓN PREVIA A CERTIFICADOS DE PROFESIONALIDAD NIVEL 1: TAREAS BÁSICAS EN EL SERVICIO DE ALOJAMIENTO","G48852578",null,null,null,"001662",null,"CENTRO FORMATIVO SORTARAZI","BIZKAIA","GOBELA","APROBADA_COM","Especialidad completa","Especialidad registrada","2017","23/10/2017","Grupal","Presencial",80,0,15,5676,0,100,0,"",69514.5,null,null,null,"HOT","NO CP","0","M. Empleabilidad","Insercion socio laboral","01 - Oferta Prioritariamente dirigida a desempleados ",7,2,2,1,1,2,7,3,4,0,5,1,0,0,5,null,null,40,5676,"APROBADA_COM",null,null,"APROBADA_COM",null,null,30,0,"Insercion socio laboral",25,"Castellano","Presencial",94.800003051757812,"NO","SI","NO","NO","NO","NO","NO","NO","SI","SI","SI","SI","NO",11.11,67.5,2,0,0," "]
["17482840","HOTA0001OV","FORMACIÓN PREVIA A CERTIFICADOS DE PROFESIONALIDAD NIVEL 1: TAREAS BÁSICAS EN EL SERVICIO DE ALOJAMIENTO","G48852578",null,null,null,"001662",null,"CENTRO FORMATIVO SORTARAZI","BIZKAIA","GOBELA","APROBADA_COM","Especialidad completa","Especialidad registrada","2017","11/12/2017","Grupal","Presencial",80,0,15,5676,0,100,0,"",69514.5,null,null,null,"HOT","NO CP","0","M. Empleabilidad","Insercion socio laboral","01 - Oferta Prioritariamente dirigida a desempleados ",7,2,2,1,1,2,7,3,4,0,5,1,0,0,5,null,null,40,5676,"APROBADA_COM",null,null,"APROBADA_COM",null,null,30,0,"Insercion socio laboral",25,"Castellano","Presencial",94.800003051757812,"NO","SI","NO","NO","NO","NO","NO","NO","SI","SI","SI","SI","NO",11.11,67.5,2,0,0," "]
["17482866","SSCI0002OV","FORMACIÓN PREVIA A CERTIFICADOS DE PROFESIONALIDAD NIVEL 1: TAREAS BÁSICAS EN LA LIMPIEZA DE EDIFICIOS Y LOCALES","G48473045",null,null,null,"000920","48-26851","FUNDACIÓN GIZAKIA","BIZKAIA","BILBAO","APROBADA_COM","Especialidad completa","Especialidad registrada","2017","26/12/2017","Grupal","Presencial",80,0,15,5676,0,100,0,"",220228.8,null,null,null,"SSC","NO CP","0","M. Empleabilidad","Insercion socio laboral","01 - Oferta Prioritariamente dirigida a desempleados ",7,2,2,1,1,2,5,3,3,3,6,0,0,0,5,null,null,40,5676,"APROBADA_COM",null,null,"APROBADA_COM",null,null,30,0,"Insercion socio laboral",25,"Castellano","Presencial"," ","NO","NO","SI","NO","NO","NO","NO","NO","SI","NO","SI","SI","NO",100,133.5,0,0,0," "]
["17481209","FMEH0001OV","FORMACIÓN PREVIA A CERTIFICADOS DE PROFESIONALIDAD NIVEL 1: FAMILIA PROFESIONAL FABRICACIÓN MECÁNICA","G81436099",null,null,null,"000025","48-163","CAPCPI_ADSIS_HLPPIB (Bizkaia)","BIZKAIA","BILBAO","APROBADA_COM","Parcial","Especialidad registrada","2017","23/11/2017","Grupal","Presencial",80,0,15,6468,0,100,0,"",557997,"MF001V_0",null,null,"FME","NO CP","0","M. Empleabilidad","Insercion socio laboral","01 - Oferta Prioritariamente dirigida a desempleados ",7,2,2,1,1,2,5,0,5,3,5,1,0,0,5,null,null,39,6468,"APROBADA_COM",null,null,"APROBADA_COM",null,null,30,0,"Insercion socio laboral",25,"Castellano","Presencial"," ","NO","NO","NO","NO","NO","NO","NO","SI","SI","SI","SI","SI","NO",100,74.75,16,0,0," "]
["17481215","FCOO0001OV","COMPETENCIAS SOCIO-PERSONALES ENFOCADAS AL ENTORNO LABORAL","G81436099",null,null,null,"000025","48-163","CAPCPI_ADSIS_HLPPIB (Bizkaia)","BIZKAIA","BILBAO","APROBADA_COM","Especialidad completa","Especialidad registrada","2017","23/11/2017","Grupal","Presencial",140,0,15,9933,0,100,0,"",557997,null,null,null,"FCO","NO CP","0","M. Empleabilidad","Insercion socio laboral","01 - Oferta Prioritariamente dirigida a desempleados ",7,2,2,1,1,2,5,0,5,3,5,1,0,0,5,null,null,39,9933,"APROBADA_COM",null,null,"APROBADA_COM",null,null,30,0,"Insercion socio laboral",25,"Castellano","Presencial"," ","NO","NO","NO","NO","NO","NO","NO","SI","SI","SI","SI","SI","NO",100,74.75,16,0,0," "]
["17481216","FCOO0001OV","COMPETENCIAS SOCIO-PERSONALES ENFOCADAS AL ENTORNO LABORAL","G81436099",null,null,null,"000025","48-163","CAPCPI_ADSIS_HLPPIB (Bizkaia)","BIZKAIA","BILBAO","APROBADA_COM","Especialidad completa","Especialidad registrada","2017","23/11/2017","Grupal","Presencial",140,0,15,9933,0,100,0,"",557997,null,null,null,"FCO","NO CP","0","M. Empleabilidad","Insercion socio laboral","01 - Oferta Prioritariamente dirigida a desempleados ",7,2,2,1,1,2,5,0,5,3,5,1,0,0,5,null,null,39,9933,"APROBADA_COM",null,null,"APROBADA_COM",null,null,30,0,"Insercion socio laboral",25,"Castellano","Presencial"," ","NO","NO","NO","NO","NO","NO","NO","SI","SI","SI","SI","SI","NO",100,74.75,16,0,0," "]
["17481221","FCOV0001OV","COMPETENCIAS CLAVE PREVIA A CERTIFICADOS DE PROFESIONALIDAD NIVEL 1","G81436099",null,null,null,"000025","48-163","CAPCPI_ADSIS_HLPPIB (Bizkaia)","BIZKAIA","BILBAO","APROBADA_COM","Especialidad completa","Especialidad registrada","2017","23/11/2017","Grupal","Presencial",150,0,15,10642.5,0,100,0,"",557997,"MF024V_0#MF025V_0#MF026V_0",null,null,"FCO","NO CP","0","M. Empleabilidad","Insercion socio laboral","01 - Oferta Prioritariamente dirigida a desempleados ",7,2,2,1,1,2,5,0,5,3,5,1,0,0,5,null,null,39,10642.5,"APROBADA_COM",null,null,"APROBADA_COM",null,null,30,0,"Insercion socio laboral",25,"Castellano","Presencial"," ","NO","NO","NO","NO","NO","NO","NO","SI","SI","SI","SI","SI","NO",100,74.75,16,0,0," "]
["17481220","FCOV0001OV","COMPETENCIAS CLAVE PREVIA A CERTIFICADOS DE PROFESIONALIDAD NIVEL 1","G81436099",null,null,null,"000025","48-163","CAPCPI_ADSIS_HLPPIB (Bizkaia)","BIZKAIA","BILBAO","APROBADA_COM","Especialidad completa","Especialidad registrada","2017","23/11/2017","Grupal","Presencial",150,0,15,10642.5,0,100,0,"",557997,"MF024V_0#MF025V_0#MF026V_0",null,null,"FCO","NO CP","0","M. Empleabilidad","Insercion socio laboral","01 - Oferta Prioritariamente dirigida a desempleados ",7,2,2,1,1,2,5,0,5,3,5,1,0,0,5,null,null,39,10642.5,"APROBADA_COM",null,null,"APROBADA_COM",null,null,30,0,"Insercion socio laboral",25,"Castellano","Presencial"," ","NO","NO","NO","NO","NO","NO","NO","SI","SI","SI","SI","SI","NO",100,74.75,16,0,0," "]
["17480648","FCOO0001OV","COMPETENCIAS SOCIO-PERSONALES ENFOCADAS AL ENTORNO LABORAL","G81436099",null,null,null,"000025","48-163","CAPCPI_ADSIS_HLPPIB (Bizkaia)","BIZKAIA","BILBAO","APROBADA_COM","Especialidad completa","Especialidad registrada","2017","30/11/2017","Grupal","Presencial",140,0,15,9933,0,100,0,"",557997,null,null,null,"FCO","NO CP","0","M. Empleabilidad","Insercion socio laboral","01 - Oferta Prioritariamente dirigida a desempleados ",7,2,2,1,1,2,5,0,5,3,5,1,0,0,5,null,null,39,9933,"APROBADA_COM",null,null,"APROBADA_COM",null,null,30,0,"Insercion socio laboral",25,"Castellano","Presencial"," ","NO","NO","NO","NO","NO","NO","NO","SI","SI","SI","SI","SI","NO",100,74.75,16,0,0," "]
["17480666","FCOV0001OV","COMPETENCIAS CLAVE PREVIA A CERTIFICADOS DE PROFESIONALIDAD NIVEL 1","G81436099",null,null,null,"000025","48-163","CAPCPI_ADSIS_HLPPIB (Bizkaia)","BIZKAIA","BILBAO","APROBADA_COM","Especialidad completa","Especialidad registrada","2017","30/11/2017","Grupal","Presencial",150,0,15,10642.5,0,100,0,"",557997,"MF024V_0#MF025V_0#MF026V_0",null,null,"FCO","NO CP","0","M. Empleabilidad","Insercion socio laboral","01 - Oferta Prioritariamente dirigida a desempleados ",7,2,2,1,1,2,5,0,5,3,5,1,0,0,5,null,null,39,10642.5,"APROBADA_COM",null,null,"APROBADA_COM",null,null,30,0,"Insercion socio laboral",25,"Castellano","Presencial"," ","NO","NO","NO","NO","NO","NO","NO","SI","SI","SI","SI","SI","NO",100,74.75,16,0,0," "]
["17481338","FCOO0004OV","HABILIDADES SOCIO-LABORALES BÁSICAS PARA LA EMPLEABILIDAD","G81436099",null,null,null,"000025","48-163","CAPCPI_ADSIS_HLPPIB (Bizkaia)","BIZKAIA","BILBAO","APROBADA_COM","Especialidad completa","Especialidad registrada","2017","30/11/2017","Grupal","Presencial",55,0,15,3902.25,0,100,0,"",557997,null,null,null,"FCO","NO CP","0","M. Empleabilidad","Insercion socio laboral","01 - Oferta Prioritariamente dirigida a desempleados ",7,2,2,1,1,2,5,0,5,3,5,1,0,0,5,null,null,39,3902.25,"APROBADA_COM",null,null,"APROBADA_COM",null,null,30,0,"Insercion socio laboral",25,"Castellano","Presencial"," ","NO","NO","NO","NO","NO","NO","NO","SI","SI","SI","SI","SI","NO",100,74.75,16,0,0," "]
["17482075","FCOO0004OV","HABILIDADES SOCIO-LABORALES BÁSICAS PARA LA EMPLEABILIDAD","F95808622",null,null,null,"000423","48-26802","KOOPERA SERVICIOS SOCIALES Y FORMACION S.COOP.","BIZKAIA","BILBAO","APROBADA_COM","Especialidad completa","Especialidad registrada","2017","03/07/2017","Grupal","Presencial",55,0,15,3902.25,0,100,0,"",300330.25,null,null,null,"FCO","NO CP","0","M. Empleabilidad","Insercion socio laboral","01 - Oferta Prioritariamente dirigida a desempleados ",7,2,2,1,1,2,5,3,1,3,6,0,0,0,5,null,null,38,3902.25,"APROBADA_COM",null,null,"APROBADA_COM",null,null,30,0,"Insercion socio laboral",25,"Castellano","Presencial"," ","NO","NO","SI","NO","NO","NO","NO","NO","NO","NO","NO","SI","NO",100,119,0,0,0," "]
["17482089","FCOO0004OV","HABILIDADES SOCIO-LABORALES BÁSICAS PARA LA EMPLEABILIDAD","F95808622",null,null,null,"000423","48-26802","KOOPERA SERVICIOS SOCIALES Y FORMACION S.COOP.","BIZKAIA","BILBAO","APROBADA_COM","Especialidad completa","Especialidad registrada","2017","04/07/2017","Grupal","Presencial",55,0,15,3902.25,0,100,0,"",300330.25,null,null,null,"FCO","NO CP","0","M. Empleabilidad","Insercion socio laboral","01 - Oferta Prioritariamente dirigida a desempleados ",7,2,2,1,1,2,5,3,1,3,6,0,0,0,5,null,null,38,3902.25,"APROBADA_COM",null,null,"APROBADA_COM",null,null,30,0,"Insercion socio laboral",25,"Castellano","Presencial"," ","NO","NO","SI","NO","NO","NO","NO","NO","NO","NO","NO","SI","NO",100,119,0,0,0," "]
["17482106","FCOO0004OV","HABILIDADES SOCIO-LABORALES BÁSICAS PARA LA EMPLEABILIDAD","F95808622",null,null,null,"000423","48-26802","KOOPERA SERVICIOS SOCIALES Y FORMACION S.COOP.","BIZKAIA","BILBAO","APROBADA_COM","Especialidad completa","Especialidad registrada","2017","12/07/2017","Grupal","Presencial",55,0,15,3902.25,0,100,0,"",300330.25,null,null,null,"FCO","NO CP","0","M. Empleabilidad","Insercion socio laboral","01 - Oferta Prioritariamente dirigida a desempleados ",7,2,2,1,1,2,5,3,1,3,6,0,0,0,5,null,null,38,3902.25,"APROBADA_COM",null,null,"APROBADA_COM",null,null,30,0,"Insercion socio laboral",25,"Castellano","Presencial"," ","NO","NO","SI","NO","NO","NO","NO","NO","NO","NO","NO","SI","NO",100,119,0,0,0," "]
["17480552","FCOV0057V","ENTRENAMIENTO EN COMPETENCIAS PERSONALES Y PROFESIONALES","B48683528",null,null,null,"000102","48-23038","SERVIC. EMPRESARIALES Y TECNOLOGIAS INFORMACION S","BIZKAIA","BILBAO","APROBADA_COM","Especialidad completa","Especialidad registrada","2017","04/09/2017","Grupal","Presencial",150,0,15,10642.5,0,100,0,"",527868,"MF001V_1#MF002V_1#MF003V_1",null,null,"FCO","NO CP",1,"M. Empleabilidad","Competencias Clave","01 - Oferta Prioritariamente dirigida a desempleados ",7,3,2,2,1,2,5,3,0,2,6,0,0,0,5,null,null,38,10642.5,"APROBADA_COM",null,null,"APROBADA_COM",null,null,30,1,"Competencias Clave",30,"Castellano","Presencial"," ","NO","SI","NO","NO","NO","NO","NO","NO","NO","NO","NO","NO","NO",87.5,111,0,0,0," "]
["17481709","ELEE0002OV","FORMACIÓN PREVIA A CERTIFICADOS DE PROFESIONALIDAD NIVEL 1: ELECTRICIDAD BÁSICA DE LA VIVIENDA","G48852578",null,null,null,"001662",null,"CENTRO FORMATIVO SORTARAZI","BIZKAIA","GOBELA","APROBADA_COM","Especialidad completa","Especialidad registrada","2017","21/09/2017","Grupal","Presencial",80,0,15,6204,0,100,0,"",69514.5,null,null,null,"ELE","NO CP","0","M. Empleabilidad","Insercion socio laboral","01 - Oferta Prioritariamente dirigida a desempleados ",7,2,2,1,1,2,5,3,4,0,5,1,0,0,5,null,null,38,6204,"APROBADA_COM",null,null,"APROBADA_COM",null,null,30,0,"Insercion socio laboral",25,"Castellano","Presencial"," ","NO","SI","NO","NO","NO","NO","NO","NO","SI","SI","SI","SI","NO",11.11,67.5,2,0,0," "]
["17482092","FCOO0004OV","HABILIDADES SOCIO-LABORALES BÁSICAS PARA LA EMPLEABILIDAD","F95808622",null,null,null,"000423","48-26802","KOOPERA SERVICIOS SOCIALES Y FORMACION S.COOP.","BIZKAIA","BILBAO","APROBADA_COM","Especialidad completa","Especialidad registrada","2017","06/11/2017","Grupal","Presencial",55,0,15,3902.25,0,100,0,"",300330.25,null,null,null,"FCO","NO CP","0","M. Empleabilidad","Insercion socio laboral","01 - Oferta Prioritariamente dirigida a desempleados ",7,2,2,1,1,2,5,3,1,3,6,0,0,0,5,null,null,38,3902.25,"APROBADA_COM",null,null,"APROBADA_COM",null,null,30,0,"Insercion socio laboral",25,"Castellano","Presencial"," ","NO","NO","SI","NO","NO","NO","NO","NO","NO","NO","NO","SI","NO",100,119,0,0,0," "]
["17482108","FCOO0004OV","HABILIDADES SOCIO-LABORALES BÁSICAS PARA LA EMPLEABILIDAD","F95808622",null,null,null,"000423","48-26802","KOOPERA SERVICIOS SOCIALES Y FORMACION S.COOP.","BIZKAIA","BILBAO","APROBADA_COM","Especialidad completa","Especialidad registrada","2017","01/12/2017","Grupal","Presencial",55,0,15,3902.25,0,100,0,"",300330.25,null,null,null,"FCO","NO CP","0","M. Empleabilidad","Insercion socio laboral","01 - Oferta Prioritariamente dirigida a desempleados ",7,2,2,1,1,2,5,3,1,3,6,0,0,0,5,null,null,38,3902.25,"APROBADA_COM",null,null,"APROBADA_COM",null,null,30,0,"Insercion socio laboral",25,"Castellano","Presencial"," ","NO","NO","SI","NO","NO","NO","NO","NO","NO","NO","NO","SI","NO",100,119,0,0,0," "]
["17482087","FCOO0004OV","HABILIDADES SOCIO-LABORALES BÁSICAS PARA LA EMPLEABILIDAD","F95808622",null,null,null,"000423","48-26802","KOOPERA SERVICIOS SOCIALES Y FORMACION S.COOP.","BIZKAIA","BILBAO","APROBADA_COM","Especialidad completa","Especialidad registrada","2017","04/12/2017","Grupal","Presencial",55,0,15,3902.25,0,100,0,"",300330.25,null,null,null,"FCO","NO CP","0","M. Empleabilidad","Insercion socio laboral","01 - Oferta Prioritariamente dirigida a desempleados ",7,2,2,1,1,2,5,3,1,3,6,0,0,0,5,null,null,38,3902.25,"APROBADA_COM",null,null,"APROBADA_COM",null,null,30,0,"Insercion socio laboral",25,"Castellano","Presencial"," ","NO","NO","SI","NO","NO","NO","NO","NO","NO","NO","NO","SI","NO",100,119,0,0,0," "]
["17481428","ELEQ0081V","OPERARIO DE MONTAJES ELECTRICOS Y ELECTRONICOS EN PROCESOS INDUSTRIALES","G48945166",null,null,null,"001661",null,"Lantegi Batuak Sondika","BIZKAIA","TXORIERRI","APROBADA_COM","Especialidad completa","Especialidad registrada","2017","11/12/2017","Grupal","Presencial",130,0,10,8866,0,100,0,"",8866,null,null,null,"ELE","NO CP","0","M. Empleabilidad","Insercion socio laboral","01 - Oferta Prioritariamente dirigida a desempleados ",7,2,2,1,1,2,5,6,2,0,4,1,0,0,5,null,null,38,8866,"APROBADA_COM",null,null,"APROBADA_COM",null,null,30,0,"Insercion socio laboral",25,"Castellano","Presencial"," ","SI","SI","NO","SI","SI","SI","NO","NO","SI","NO","NO","SI","NO",0,22.75,41,0,0," "]
["17481722","IMPE0002OV","FORMACIÓN PREVIA A CERTIFICADOS DE PROFESIONALIDAD NIVEL 1: TAREAS BÁSICAS DE ESTÉTICA Y CUIDADOS PERSONALES","G48852578",null,null,null,"001662",null,"CENTRO FORMATIVO SORTARAZI","BIZKAIA","GOBELA","APROBADA_COM","Especialidad completa","Especialidad registrada","2017","19/12/2017","Grupal","Presencial",240,0,15,18612,0,100,0,"",69514.5,null,null,null,"IMP","NO CP","0","M. Empleabilidad","Insercion socio laboral","01 - Oferta Prioritariamente dirigida a desempleados ",7,2,2,1,1,2,5,3,4,0,5,1,0,0,5,null,null,38,18612,"APROBADA_COM",null,null,"APROBADA_COM",null,null,30,0,"Insercion socio laboral",25,"Castellano","Presencial"," ","NO","SI","NO","NO","NO","NO","NO","NO","SI","SI","SI","SI","NO",11.11,67.5,2,0,0," "]
["17482110","FCOO0001OV","COMPETENCIAS SOCIO-PERSONALES ENFOCADAS AL ENTORNO LABORAL","F95808622",null,null,null,"000423","48-26802","KOOPERA SERVICIOS SOCIALES Y FORMACION S.COOP.","BIZKAIA","BILBAO","APROBADA_COM","Especialidad completa","Especialidad registrada","2017","20/12/2017","Grupal","Presencial",140,0,10,8932,0,100,0,"",300330.25,null,null,null,"FCO","NO CP","0","M. Empleabilidad","Insercion socio laboral","01 - Oferta Prioritariamente dirigida a desempleados ",7,2,2,1,1,2,5,3,1,3,6,0,0,0,5,null,null,38,8932,"APROBADA_COM",null,null,"APROBADA_COM",null,null,30,0,"Insercion socio laboral",25,"Castellano","Presencial"," ","NO","NO","SI","NO","NO","NO","NO","NO","NO","NO","NO","SI","NO",100,119,0,0,0," "]
["17482098","FCOO0001OV","COMPETENCIAS SOCIO-PERSONALES ENFOCADAS AL ENTORNO LABORAL","F95808622",null,null,null,"000423","48-26802","KOOPERA SERVICIOS SOCIALES Y FORMACION S.COOP.","BIZKAIA","BILBAO","APROBADA_COM","Especialidad completa","Especialidad registrada","2017","26/12/2017","Grupal","Presencial",140,0,15,9933,0,100,0,"",300330.25,null,null,null,"FCO","NO CP","0","M. Empleabilidad","Insercion socio laboral","01 - Oferta Prioritariamente dirigida a desempleados ",7,2,2,1,1,2,5,3,1,3,6,0,0,0,5,null,null,38,9933,"APROBADA_COM",null,null,"APROBADA_COM",null,null,30,0,"Insercion socio laboral",25,"Castellano","Presencial"," ","NO","NO","SI","NO","NO","NO","NO","NO","NO","NO","NO","SI","NO",100,119,0,0,0," "]

{"sheet":"AAFF_Gipuzkoa","index":3,"n_rows":38,"n_cols":88,"rows_kept":38,"cut":false,"hidden":false,"merged":[[4,69,4,75],[4,76,4,81],[0,39,0,53],[1,0,1,31],[1,39,1,53],[2,62,3,87],[2,0,2,36]]}
[null,null,null,null,null,null,null,null,null,null,null,null,null,null,null,null,null,null,null,null,null,null,null,null,null,null,null,null,null,null,null,null,null,null,null,null,null,null,null,"Ind. Referente a datos AF",null,null,null,null,null,null,null,null,null,null,null,null,null,null,"Pto. (% comisión-CC):",{"$f":"BD5","v":975436.26991200005}]
[null,null,null,null,null,null,null,null,null,null,null,null,null,null,null,null,null,null,null,null,null,null,null,null,null,null,null,null,null,null,null,null,null,null,null,null,null,null,null,"Ind. Referente a datos de trayectoria del  Centro / Capacidad de Entidad",null,null,null,null,null,null,null,null,null,null,null,null,null,null,"Incluido en Planes:",{"$f":"SUM(W7:W38)","v":972011.05}]
[null,null,null,null,null,null,null,null,null,null,null,null,null,null,null,null,null,null,null,null,null,null,null,null,null,null,null,null,null,null,null,null,null,null,null,null,null,null,null,null,null,null,null,null,null,null,null,null,null,null,null,null,null,null,"Corte Puntos:",30,null,null,null,null,null,null,"INDICADORES"]
[null,null,null,null,null,null,null,null,null,null,null,null,null,null,null,null,null,null,null,null,null,null,null,null,null,null,null,null,null,null,null,null,null,null,null,null,null,null,null,null,null,null,null,null,null,null,null,null,null,null,null,null,null,null,"Subvención",{"$f":"SUM(BD7:BD38)","v":972011.05}]
[null,null,null,null,null,null,null,null,null,null,null,null,null,null,null,null,null,null,null,null,null,null,null,null,null,null,null,null,null,null,null,null,null,null,null,null,null,null,null,null,null,null,null,null,null,null,null,null,null,null,null,null,null,null,"Pto. GLOBAL AÑO:",975436.26991200005,null,null,null,null,null,null,"A1","A2","A3","A4","A5","A6","(3)\nB1","B2",null,null,null,null,null,null,"B3",null,null,null,null,null,"B4","B5.1","B5.2","(2)\nB5.3.1","(2)\nB5.3.2","(1)\nB5.4"]
["COD. AF","COD. ESP.","ESPECIALIDAD","CIF","CAPACIDAD\nFINANCIERA\n 2013","CAPACIDAD\nFINANCIERA\n 2014","CAPACIDAD\nFINANCIERA\n 2015","CENSO LANBIDE","CENSO SILCOI","CENTRO","TERRITORIO","COMARCA","ESTADO","TIPO AF","TIPO SOL. AF","AÑO","FECHA INI. PREV.","TIPO IMPARTICIÓN","MODALIDAD","HORAS PRES.","HORAS TELEF.","NÚM. ALUMNOS","IMPORTE AF","IMPORTE\nOTRO\nSUBV.","PORCENTAJE\nSUBVENCIÓN","IMPORTE 2015\nSOLICITADO","IMPORTE 2015\nLIQUIDADO","IMPORTE\nPLAN 2016","MÓDULOS FORMATIVOS","UNIDADES FORMATIVAS","ESPECIALIDADES AMPLIACIÓN","FAMILIA","CP / NO CP","NIVEL","TIPO\nACTUACIÓN","TIPO DE ESP. INSCRITA","PROGRAMA","A1","A2","A3","A4","A5","A6","(3)\nB1","B2","B3","B4","B5.1","B5.2","(2)\nB5.3.1","(2)\nB5.3.2","(1)\nB5.4",null,null,"TOTAL PUNTOS","Subvención Final","ESTADO","MOTIVO",null,null,null,null,null,null,null,null,null,null,null,"EFQM","ISO","Otros","Ambiental","Seg. Laboral","Igualdad Género","Euskera","Dep. Educación / Des. Económico","Act. Laboral / Hobetuz / Empleo y Pol. Sociales","Adm. Públicas","Adm. Públicas Vascas","Ent. Privadas","Formación Ocupados",null,"media","media"]
["17201619","FMEE0108","OPERACIONES AUXILIARES DE FABRICACIÓN MECÁNICA","A20044590",null,null,null,"001870","20-26770","GUREAK-ERRENTERIA","GIPUZKOA","OARSOALDEA","APROBADA_COM","Parcial","Especialidad registrada","2017","16/10/2017","Grupal","Presencial",180,0,10,12672,0,100,0,"",50666,"MF0088_1",null,null,"FME","CP",1,"Cualificantes","CP","01 - Oferta Prioritariamente dirigida a desempleados ",7,3,4,10,1,2,6,5,5,3,8,2,0,4,5,null,null,65,12672,"APROBADA_COM",null,null,"APROBADA_COM",null,null,16.5,1,"CP",94,"Castellano","Presencial",89.620002746582031,"NO","SI","NO","SI","SI","NO","NO","SI","SI","SI","SI","SI","NO",93.55,284.5,344,0,8," "]
["17201618","FMEE0108","OPERACIONES AUXILIARES DE FABRICACIÓN MECÁNICA","A20044590",null,null,null,"001944","20-26776","GUREAK-ARRASATE","GIPUZKOA","ALTO DEBA","APROBADA_COM","Parcial","Especialidad registrada","2017","16/10/2017","Grupal","Presencial",180,0,10,12672,0,100,0,"",50666,"MF0088_1",null,null,"FME","CP",1,"Cualificantes","CP","01 - Oferta Prioritariamente dirigida a desempleados ",7,3,4,10,1,2,6,5,5,3,8,2,0,4,5,null,null,65,12672,"APROBADA_COM",null,null,"APROBADA_COM",null,null,16.5,1,"CP",94,"Castellano","Presencial",89.620002746582031,"NO","SI","NO","SI","SI","NO","NO","SI","SI","SI","SI","SI","NO",93.55,284.5,344,0,8," "]
["17201620","FMEE0108","OPERACIONES AUXILIARES DE FABRICACIÓN MECÁNICA","A20044590",null,null,null,"001872","20-26773","GUREAK-IRUN","GIPUZKOA","BAJO BIDASOA","APROBADA_COM","Parcial","Especialidad registrada","2017","16/10/2017","Grupal","Presencial",180,0,10,12672,0,100,0,"",50666,"MF0088_1",null,null,"FME","CP",1,"Cualificantes","CP","01 - Oferta Prioritariamente dirigida a desempleados ",7,3,4,10,1,2,6,5,5,3,8,2,0,4,5,null,null,65,12672,"APROBADA_COM",null,null,"APROBADA_COM",null,null,16.5,1,"CP",94,"Castellano","Presencial",89.620002746582031,"NO","SI","NO","SI","SI","NO","NO","SI","SI","SI","SI","SI","NO",93.55,284.5,344,0,8," "]
["17201623","FMEE0108","OPERACIONES AUXILIARES DE FABRICACIÓN MECÁNICA","A20044590",null,null,null,"001946","20-26778","GUREAK-BERGARA","GIPUZKOA","ALTO DEBA","APROBADA_COM","Parcial","Especialidad registrada","2017","16/10/2017","Grupal","Presencial",180,0,10,12672,0,100,0,"",50666,"MF0088_1",null,null,"FME","CP",1,"Cualificantes","CP","01 - Oferta Prioritariamente dirigida a desempleados ",7,3,4,10,1,2,6,5,5,3,8,2,0,4,5,null,null,65,12672,"APROBADA_COM",null,null,"APROBADA_COM",null,null,16.5,1,"CP",94,"Castellano","Presencial",89.620002746582031,"NO","SI","NO","SI","SI","NO","NO","SI","SI","SI","SI","SI","NO",93.55,284.5,344,0,8," "]
["17200747","SSCS0208","ATENCIÓN SOCIOSANITARIA A PERSONAS DEPENDIENTES EN INSTITUCIONES SOCIALES","Q2866001G",null,null,null,"002258","20-26782","OFICINA PROVINCIAL DE CRUZ ROJA GIPUZKOA","GIPUZKOA","DONOSTIA-S.SEBASTIÁN","APROBADA_COM","Especialidad completa","Especialidad registrada","2017","04/09/2017","Grupal","Presencial",370,0,15,26251.5,0,100,0,"",130449,"MF1016_2#MF1017_2#MF1018_2#MF1019_2","UF0127#UF0128#UF0129#UF0130#UF0131",null,"SSC","CP",2,"Cualificantes","CP","01 - Oferta Prioritariamente dirigida a desempleados ",7,4,4,10,1,2,7,6,2,3,6,1,0,0,8,null,null,61,26251.5,"APROBADA_COM",null,null,"APROBADA_COM",null,null,11.8,2,"CP",82,"Castellano","Presencial",94.959999084472656,"NO","SI","NO","NO","SI","SI","NO","NO","SI","SI","NO","NO","NO",94.44,143.75,126,0,0,83.470001220703125]
["17200572","SSCS0208","ATENCIÓN SOCIOSANITARIA A PERSONAS DEPENDIENTES EN INSTITUCIONES SOCIALES","Q2866001G",null,null,null,"000100","20-22867","CRUZ ROJA GOIERRI","GIPUZKOA","GOIERRI","APROBADA_COM","Especialidad completa","Especialidad registrada","2017","11/09/2017","Grupal","Presencial",370,0,20,28897,0,100,0,"",278839,"MF1016_2#MF1017_2#MF1018_2#MF1019_2","UF0127#UF0128#UF0129#UF0130#UF0131",null,"SSC","CP",2,"Cualificantes","CP","01 - Oferta Prioritariamente dirigida a desempleados ",7,4,4,10,1,2,7,6,2,3,6,1,0,0,8,null,null,61,28897,"APROBADA_COM",null,null,"APROBADA_COM",null,null,11.8,2,"CP",82,"Castellano","Presencial",94.959999084472656,"NO","SI","NO","NO","SI","SI","NO","NO","SI","SI","NO","NO","NO",94.44,143.75,126,0,0,83.470001220703125]
["17201617","SSCM0108","LIMPIEZA DE SUPERFICIES Y MOBILIARIO EN EDIFICIOS Y LOCALES","Q2866001G",null,null,null,"000100","20-22867","CRUZ ROJA GOIERRI","GIPUZKOA","GOIERRI","APROBADA_COM","Especialidad completa","Especialidad registrada","2017","19/12/2017","Grupal","Presencial",150,0,20,11715,0,100,0,"",278839,"MF0972_1#MF0996_1#MF1087_1#MF1088_1",null,null,"SSC","CP",1,"Cualificantes","CP","01 - Oferta Prioritariamente dirigida a desempleados ",7,3,4,10,1,2,7,6,2,3,6,1,0,0,8,null,null,60,11715,"APROBADA_COM",null,null,"APROBADA_COM",null,null,11.8,1,"CP",82,"Castellano","Presencial",94.959999084472656,"NO","SI","NO","NO","SI","SI","NO","NO","SI","SI","NO","NO","NO",94.44,143.75,126,0,0,83.519996643066406]
["17200801","COML0110","ACTIVIDADES AUXILIARES DE ALMACÉN","G20643581",null,null,null,"000111","20-23021","INST.TRANSPORTE, COMERCIO Y MARKETING","GIPUZKOA","BAJO BIDASOA","APROBADA_COM","Parcial","Especialidad registrada","2017","29/12/2017","Grupal","Presencial",50,0,15,5172.75,0,100,0,"",511087.5,"MF0432_1",null,null,"COM","CP",1,"Cualificantes","CP","01 - Oferta Prioritariamente dirigida a desempleados ",4,3,4,10,1,2,5,6,5,3,6,0,1,0,9,null,null,59,5172.75,"APROBADA_COM",null,null,"APROBADA_COM",null,null,6,1,"CP",91,"Castellano","Presencial",83.180000305175781,"NO","SI","NO","SI","NO","NO","SI","NO","SI","SI","SI","SI","SI",100,130.5,0,1,0,86.129997253417969]
["17201666","HOTG0208","VENTA DE PRODUCTOS Y SERVICIOS TURÍSTICOS","E20584553",null,null,null,"000152","20-26622","IKASI CENTRO DE FORMACION","GIPUZKOA","ALTO DEBA","APROBADA_COM","Especialidad completa","Especialidad registrada","2017","13/12/2017","Grupal","Presencial",550,0,15,58261.5,0,100,0,"",1680571.8,"MF0266_3#MF0267_2#MF0268_3#MF1057_2","UF0042#UF0049#UF0073#UF0077#UF0078#UF0079",null,"HOT","CP",3,"Cualificantes","CP","01 - Oferta Prioritariamente dirigida a desempleados ",6,2,4,10,3,2,5,5,5,3,5,2,1,0,6,null,null,59,58261.5,"APROBADA_COM",null,null,"APROBADA_COM",null,null,10,3,"CP",66,"Euskera","Presencial",82.110000610351563,"NO","SI","NO","SI","SI","NO","NO","NO","SI","SI","SI","SI","SI",100,92.75,337,4,0,71.069999694824219]
["17200191","IFCD0110","CONFECCIÓN Y PUBLICACIÓN DE PÁGINAS WEB","B20409892",null,null,null,"000130","20-26407","CENTRO DE ESTUDIOS A.E.G.","GIPUZKOA","DONOSTIA-S.SEBASTIÁN","APROBADA_COM","Especialidad completa","Especialidad registrada","2017","25/09/2017","Grupal","Presencial",480,0,15,49262.400000000001,0,100,0,"",591122.4,"MF0950_2#MF0951_2#MF0952_2","UF1302#UF1303#UF1304#UF1305#UF1306",null,"IFC","CP",2,"Cualificantes","CP","01 - Oferta Prioritariamente dirigida a desempleados ",4,4,4,6,1,2,8,6,5,3,5,0,1,0,5,null,null,54,49262.400000000001,"APROBADA_COM",null,null,"APROBADA_COM",null,null,6.5,2,"CP",43,"Castellano","Presencial",98.150001525878906,"SI","SI","NO","SI","SI","NO","SI","SI","SI","SI","SI","SI","SI",100,81.75,0,3,0," "]
["17200651","FMEH0109","MECANIZADO POR ARRANQUE DE VIRUTA","G20045118",null,null,null,"000073","20-19574","LA SALLE-BERROZPE","GIPUZKOA","DONOSTIA OESTE","APROBADA_COM","Especialidad completa","Especialidad registrada","2017","02/10/2017","Grupal","Presencial",540,0,15,64800,0,100,0,"",589334.1,"MF0089_2#MF0090_2#MF0091_2","UF0876#UF0877#UF0878#UF0879#UF0880#UF0881#UF0882#UF0883#UF0991",null,"FME","CP",2,"Cualificantes","CP","01 - Oferta Prioritariamente dirigida a desempleados ",7,4,4,10,1,2,5,6,2,3,4,0,1,0,5,null,null,54,64800,"APROBADA_COM",null,null,"APROBADA_COM",null,null,16.5,2,"CP",83,"Castellano","Presencial"," ","NO","SI","NO","SI","SI","NO","SI","SI","SI","NO","NO","NO","NO",100,49,0,1,0," "]
["17201658","SEAG0209","LIMPIEZA EN ESPACIOS ABIERTOS E INSTALACIONES INDUSTRIALES","E20584553",null,null,null,"000152","20-26622","IKASI CENTRO DE FORMACION","GIPUZKOA","ALTO DEBA","APROBADA_COM","Especialidad completa","Especialidad registrada","2017","22/11/2017","Grupal","Presencial",130,0,15,13341.9,0,100,0,"",1680571.8,"MF1313_1#MF1314_1",null,null,"SEA","CP",1,"Cualificantes","CP","01 - Oferta Prioritariamente dirigida a desempleados ",3,3,4,10,1,2,5,5,5,3,5,2,1,0,5,null,null,54,13341.9,"APROBADA_COM",null,null,"APROBADA_COM",null,null,3.25,1,"CP",75,"Castellano","Presencial"," ","NO","SI","NO","SI","SI","NO","NO","NO","SI","SI","SI","SI","SI",100,92.75,337,4,0," "]
["17201657","SEAG0209","LIMPIEZA EN ESPACIOS ABIERTOS E INSTALACIONES INDUSTRIALES","E20584553",null,null,null,"000152","20-26622","IKASI CENTRO DE FORMACION","GIPUZKOA","ALTO DEBA","APROBADA_COM","Especialidad completa","Especialidad registrada","2017","23/11/2017","Grupal","Presencial",130,0,15,13341.9,0,100,0,"",1680571.8,"MF1313_1#MF1314_1",null,null,"SEA","CP",1,"Cualificantes","CP","01 - Oferta Prioritariamente dirigida a desempleados ",3,3,4,10,1,2,5,5,5,3,5,2,1,0,5,null,null,54,13341.9,"APROBADA_COM",null,null,"APROBADA_COM",null,null,3.25,1,"CP",75,"Castellano","Presencial"," ","NO","SI","NO","SI","SI","NO","NO","NO","SI","SI","SI","SI","SI",100,92.75,337,4,0," "]
["17201669","SEAG0211","GESTIÓN AMBIENTAL","E20584553",null,null,null,"000152","20-26622","IKASI CENTRO DE FORMACION","GIPUZKOA","ALTO DEBA","APROBADA_COM","Especialidad completa","Especialidad registrada","2017","29/11/2017","Grupal","Presencial",420,0,15,48648.6,0,100,0,"",1680571.8,"MF1971_3#MF1972_3#MF1973_3#MF1974_3","UF1941#UF1942#UF1943#UF1944#UF1945#UF1946",null,"SEA","CP",3,"Cualificantes","CP","01 - Oferta Prioritariamente dirigida a desempleados ",3,2,4,7,3,2,5,5,5,3,5,2,1,0,5,null,null,52,48648.6,"APROBADA_COM",null,null,"APROBADA_COM",null,null,3.25,3,"CP",52,"Euskera","Presencial"," ","NO","SI","NO","SI","SI","NO","NO","NO","SI","SI","SI","SI","SI",100,92.75,337,4,0," "]
["17200787","IFCD0110","CONFECCIÓN Y PUBLICACIÓN DE PÁGINAS WEB","G20643581",null,null,null,"000111","20-23021","INST.TRANSPORTE, COMERCIO Y MARKETING","GIPUZKOA","BAJO BIDASOA","APROBADA_COM","Parcial","Especialidad registrada","2017","12/03/2018","Grupal","Presencial",90,0,15,6489.45,0,100,0,"",511087.5,"MF0952_2",null,null,"IFC","CP",2,"Cualificantes","CP","01 - Oferta Prioritariamente dirigida a desempleados ",4,4,4,6,1,2,5,6,5,3,6,0,1,0,5,null,null,52,6489.45,"APROBADA_COM",null,null,"APROBADA_COM",null,null,6.5,2,"CP",43,"Castellano","Presencial"," ","NO","SI","NO","SI","NO","NO","SI","NO","SI","SI","SI","SI","SI",100,130.5,0,1,0," "]
["17200363","ELEE0109","MONTAJE Y MANTENIMIENTO DE INSTALACIONES ELÉCTRICAS DE BAJA TENSIÓN","B20777058",null,null,null,"000053","20-18487","ACADEMIA BASTIDA S.L.","GIPUZKOA","ALTO DEBA","APROBADA_COM","Especialidad completa","Especialidad registrada","2017","09/11/2017","Grupal","Presencial",840,0,15,65142,0,100,0,"",1891263,"MF0820_2#MF0821_2#MF0822_2#MF0823_2#MF0824_2#MF0825_2","UF0884#UF0885#UF0886#UF0887#UF0888#UF0889#UF0890#UF0891#UF0892#UF0893#UF0894#UF0895#UF0896#UF0897",null,"ELE","CP",2,"Cualificantes","CP","01 - Oferta Prioritariamente dirigida a desempleados ",3,4,4,10,1,2,5,3,5,3,6,1,0,0,5,null,null,52,65142,"APROBADA_COM",null,null,"APROBADA_COM",null,null,5,2,"CP",69,"Castellano","Presencial"," ","SI","SI","NO","NO","NO","NO","NO","SI","SI","SI","SI","SI","SI",100,148.75,37,0,0," "]
["17201651","SSCE03","INGLÉS B1","E20584553",null,null,null,"000152","20-26622","IKASI CENTRO DE FORMACION","GIPUZKOA","ALTO DEBA","APROBADA_COM","Especialidad completa","Especialidad registrada","2017","19/10/2017","Grupal","Presencial",240,0,15,24631.200000000001,0,100,0,"",1680571.8,null,null,null,"SSC","NO CP",2,"M. Empleabilidad","Transversales","01 - Oferta Prioritariamente dirigida a desempleados ",7,4,1,3,3,2,5,5,5,3,5,2,1,0,5,null,null,51,24631.200000000001,"APROBADA_COM",null,null,"APROBADA_COM",null,null,30,2,"Transversales",32,"Euskera","Presencial"," ","NO","SI","NO","SI","SI","NO","NO","NO","SI","SI","SI","SI","SI",100,92.75,337,4,0," "]
["17200770","SANT0108","ATENCIÓN SANITARIA A MÚLTIPLES VÍCTIMAS Y CATÁSTROFES","Q2866001G",null,null,null,"000132","20-26474","CRUZ ROJA TOLOSALDEA","GIPUZKOA","TOLOSA","APROBADA_COM","Especialidad completa","Especialidad registrada","2017","16/10/2017","Grupal","Presencial",340,0,15,27489,0,100,0,"",27489,"MF0072_2#MF0360_2#MF0361_2#MF0362_2","UF0674#UF0675#UF0676#UF0677#UF0678",null,"SAN","CP",2,"Cualificantes","CP","01 - Oferta Prioritariamente dirigida a desempleados ",1,4,4,8,1,2,5,6,2,3,6,1,0,0,7,null,null,50,27489,"APROBADA_COM",null,null,"APROBADA_COM",null,null,1,2,"CP",57,"Castellano","Presencial",80.739997863769531,"NO","SI","NO","NO","SI","SI","NO","NO","SI","SI","NO","NO","NO",94.44,143.75,126,0,0,78.80999755859375]
["17200864","ELEM0110","DESARROLLO DE PROYECTOS DE SISTEMAS DE AUTOMATIZACIÓN INDUSTRIAL","B20149134",null,null,null,"000116","20-23999","UROLALDE","GIPUZKOA","DONOSTIA OESTE","APROBADA_COM","Especialidad completa","Especialidad registrada","2017","22/11/2017","Grupal","Presencial",550,0,15,61891.5,0,100,0,"",675871.35,"MF1568_3#MF1569_3#MF1570_3","UF1787#UF1788#UF1789#UF1790#UF1791#UF1792#UF1793#UF1794#UF1795",null,"ELE","CP",3,"Cualificantes","CP","01 - Oferta Prioritariamente dirigida a desempleados ",3,2,4,10,1,2,5,5,2,3,5,1,2,0,5,null,null,50,61891.5,"APROBADA_COM",null,null,"APROBADA_COM",null,null,5,3,"CP",68,"Castellano","Presencial"," ","SI","NO","NO","SI","SI","NO","NO","NO","SI","SI","NO","NO","NO",100,77.25,2,33,0," "]
["17201671","TMVC0002OV","OBTENCIÓN DEL PERMISO DE CONDUCCIÓN CLASE \"D\" y \"CAP\"","B20889697",null,null,null,"000139","20-26606","AUTOESCUELA SOLOZABAL","GIPUZKOA","DONOSTIA-S.SEBASTIÁN","APROBADA_COM","Especialidad completa","Especialidad registrada","2017","23/10/2017","Grupal","Presencial",385,0,15,39385.5,0,100,0,"",196416,null,null,null,"TMV","NO CP",2,"Cualificantes","Restantes no CP","01 - Oferta Prioritariamente dirigida a desempleados ",4,4,1,10,3,2,6,3,1,3,8,0,0,0,5,null,null,50,39385.5,"APROBADA_COM",null,null,"APROBADA_COM",null,null,5.5,2,"Restantes no CP",69,"Euskera","Presencial",89.769996643066406,"NO","NO","NO","NO","SI","NO","SI","NO","NO","SI","NO","NO","NO",94.12,227.75,0,0,0," "]
["17201667","TMVC0002OV","OBTENCIÓN DEL PERMISO DE CONDUCCIÓN CLASE \"D\" y \"CAP\"","B20889697",null,null,null,"000046","20-17371","AUTOESCUELA SOLOZABAL","GIPUZKOA","BAJO DEBA","APROBADA_COM","Especialidad completa","Especialidad registrada","2017","29/11/2017","Grupal","Presencial",385,0,15,39385.5,0,100,0,"",157030.5,null,null,null,"TMV","NO CP",2,"Cualificantes","Restantes no CP","01 - Oferta Prioritariamente dirigida a desempleados ",4,4,1,10,3,2,6,3,1,3,8,0,0,0,5,null,null,50,39385.5,"APROBADA_COM",null,null,"APROBADA_COM",null,null,5.5,2,"Restantes no CP",69,"Euskera","Presencial",89.769996643066406,"NO","NO","NO","NO","SI","NO","SI","NO","NO","SI","NO","NO","NO",94.12,227.75,0,0,0," "]
["17200708","COMV0108","ACTIVIDADES DE VENTA","Q2073001F",null,null,null,"000377","20-26742","CAMARA DE GIPUZKOA","GIPUZKOA","DONOSTIA-S.SEBASTIÁN","APROBADA_COM","Parcial","Especialidad registrada","2017","03/07/2017","Grupal","Presencial",90,0,20,7132.95,0,100,0,"",461885.6,"MF1002_2",null,null,"COM","CP",2,"Cualificantes","CP","01 - Oferta Prioritariamente dirigida a desempleados ",4,4,4,10,1,2,5,3,5,1,5,1,0,0,5,null,null,50,7132.95,"APROBADA_COM",null,null,"APROBADA_COM",null,null,6,2,"CP",78,"Castellano","Presencial"," ","NO","SI","NO","NO","NO","NO","NO","SI","SI","SI","SI","SI","NO",71.430000000000007,76.75,89,0,0," "]
["17200826","EOCO0108","REPRESENTACIÓN DE PROYECTOS DE EDIFICACIÓN","E20584553",null,null,null,"000152","20-26622","IKASI CENTRO DE FORMACION","GIPUZKOA","ALTO DEBA","APROBADA_COM","Especialidad completa","Especialidad registrada","2017","02/11/2017","Grupal","Presencial",480,0,15,52430.400000000001,0,100,0,"",1680571.8,"MF0638_3#MF0639_3#MF0640_3","UF0306#UF0307#UF0308#UF0309#UF0310#UF0311",null,"EOC","CP",3,"Cualificantes","CP","01 - Oferta Prioritariamente dirigida a desempleados ",2,2,4,7,1,2,5,5,5,3,5,2,1,0,5,null,null,49,52430.400000000001,"APROBADA_COM",null,null,"APROBADA_COM",null,null,1.4,3,"CP",50,"Castellano","Presencial"," ","NO","SI","NO","SI","SI","NO","NO","NO","SI","SI","SI","SI","SI",100,92.75,337,4,0," "]
["17201660","AFDA0109","GUIA POR ITINERARIOS EN BICICLETA","E20584553",null,null,null,"000152","20-26622","IKASI CENTRO DE FORMACION","GIPUZKOA","ALTO DEBA","APROBADA_COM","Especialidad completa","Especialidad registrada","2017","23/11/2017","Grupal","Presencial",340,0,15,40800,0,100,0,"",1680571.8,"MF0272_2#MF0353_2#MF0508_2#MF0509_2","UF0296#UF0297#UF0298#UF0299#UF0300#UF0301",null,"AFD","CP",2,"Cualificantes","CP","01 - Oferta Prioritariamente dirigida a desempleados ",2,4,4,5,1,2,5,5,5,3,5,2,1,0,5,null,null,49,40800,"APROBADA_COM",null,null,"APROBADA_COM",null,null,3,2,"CP",41,"Castellano","Presencial",82.75,"NO","SI","NO","SI","SI","NO","NO","NO","SI","SI","SI","SI","SI",100,92.75,337,4,0," "]
["17201659","AFDA0109","GUIA POR ITINERARIOS EN BICICLETA","E20584553",null,null,null,"000152","20-26622","IKASI CENTRO DE FORMACION","GIPUZKOA","ALTO DEBA","APROBADA_COM","Especialidad completa","Especialidad registrada","2017","23/11/2017","Grupal","Presencial",340,0,15,40800,0,100,0,"",1680571.8,"MF0272_2#MF0353_2#MF0508_2#MF0509_2","UF0296#UF0297#UF0298#UF0299#UF0300#UF0301",null,"AFD","CP",2,"Cualificantes","CP","01 - Oferta Prioritariamente dirigida a desempleados ",2,4,4,5,1,2,5,5,5,3,5,2,1,0,5,null,null,49,40800,"APROBADA_COM",null,null,"APROBADA_COM",null,null,3,2,"CP",41,"Castellano","Presencial",82.75,"NO","SI","NO","SI","SI","NO","NO","NO","SI","SI","SI","SI","SI",100,92.75,337,4,0," "]
["17200264","TMVC0003OV","OBTENCIÓN DEL PERMISO DE CONDUCCIÓN CLASES \"C1-C\", \"CAP\" y \"ADR\"","B20889697",null,null,null,"002785",null,"SOLOZABAL AUTOESKOLA (AZPEITIA II)","GIPUZKOA","MEDIO UROLA","APROBADA_COM","Especialidad completa","Especialidad registrada","2017","21/07/2017","Grupal","Presencial",425,0,15,43477.5,0,100,0,"",117645,null,null,null,"TMV","NO CP",2,"Cualificantes","Restantes no CP","01 - Oferta Prioritariamente dirigida a desempleados ",4,4,1,10,1,2,6,3,1,3,8,0,0,0,5,null,null,48,43477.5,"APROBADA_COM",null,null,"APROBADA_COM",null,null,5.5,2,"Restantes no CP",69,"Castellano","Presencial",89.769996643066406,"NO","NO","NO","NO","SI","NO","SI","NO","NO","SI","NO","NO","NO",94.12,227.75,0,0,0," "]
["17200285","TMVC0002OV","OBTENCIÓN DEL PERMISO DE CONDUCCIÓN CLASE \"D\" y \"CAP\"","B20889697",null,null,null,"001680","20-26768","AUTOESCUELA SOLOZABAL","GIPUZKOA","ALTO DEBA","APROBADA_COM","Especialidad completa","Especialidad registrada","2017","02/10/2017","Grupal","Presencial",385,0,15,39385.5,0,100,0,"",140662.5,null,null,null,"TMV","NO CP",2,"Cualificantes","Restantes no CP","01 - Oferta Prioritariamente dirigida a desempleados ",4,4,1,10,1,2,6,3,1,3,8,0,0,0,5,null,null,48,39385.5,"APROBADA_COM",null,null,"APROBADA_COM",null,null,5.5,2,"Restantes no CP",69,"Castellano","Presencial",89.769996643066406,"NO","NO","NO","NO","SI","NO","SI","NO","NO","SI","NO","NO","NO",94.12,227.75,0,0,0," "]
["17201670","IMSV0209","DESARROLLO DE PRODUCTOS AUDIOVISUALES MULTIMEDIA INTERACTIVOS","E20584553",null,null,null,"000152","20-26622","IKASI CENTRO DE FORMACION","GIPUZKOA","ALTO DEBA","APROBADA_COM","Especialidad completa","Especialidad registrada","2017","20/12/2017","Grupal","Presencial",460,0,15,48727.8,0,100,0,"",1680571.8,"MF0943_3#MF0944_3#MF0945_3#MF0946_3","UF1245#UF1246#UF1247#UF1248#UF1249",null,"IMS","CP",3,"Cualificantes","CP","01 - Oferta Prioritariamente dirigida a desempleados ",2,2,4,3,3,2,5,5,5,3,5,2,1,0,5,null,null,47,48727.8,"APROBADA_COM",null,null,"APROBADA_COM",null,null,2,3,"CP",34,"Euskera","Presencial"," ","NO","SI","NO","SI","SI","NO","NO","NO","SI","SI","SI","SI","SI",100,92.75,337,4,0," "]
["17200048","FCOV07","COMUNICACIÓN EN LENGUAS EXTRANJERAS (FRANCÉS) N2","B20676680",null,null,null,"000322","20-26708","CENTRO FORMACION ADMINISTRACION Y HOSTELERIA (CDEA)","GIPUZKOA","DONOSTIA-S.SEBASTIÁN","APROBADA_COM","Especialidad completa","Especialidad registrada","2017","04/10/2017","Grupal","Presencial",180,0,15,18473.400000000001,0,100,0,"",529043.25,null,null,null,"FCO","NO CP",2,"M. Empleabilidad","Competencias Clave","01 - Oferta Prioritariamente dirigida a desempleados ",7,4,2,3,1,2,5,5,2,3,5,0,0,0,5,null,null,44,18473.400000000001,"APROBADA_COM",null,null,"APROBADA_COM",null,null,30,2,"Competencias Clave",32,"Castellano","Presencial"," ","SI","SI","NO","SI","SI","NO","NO","SI","NO","SI","NO","NO","NO",100,92.75,0,0,0," "]
["17200200","ADGD0308","ACTIVIDADES DE GESTIÓN ADMINISTRATIVA","B20167821",null,null,null,"000023","20-10","CHIP'S INFORMATICA","GIPUZKOA","GOIERRI","APROBADA_COM","Parcial","Especialidad registrada","2017","11/09/2017","Grupal","Presencial",90,0,16,6514.2,0,100,0,"",119427,"MF0979_2",null,null,"ADG","CP",2,"Cualificantes","CP","01 - Oferta Prioritariamente dirigida a desempleados ",6,4,4,9,1,2,5,5,1,0,0,0,0,0,6,null,null,43,6514.2,"APROBADA_COM",null,null,"APROBADA_COM",null,null,10.5,2,"CP",63,"Castellano","Presencial",84.410003662109375,"NO","SI","NO","NO","SI","NO","NO","NO","NO","SI","NO","NO","NO",0,11.75,0,0,0,74.620002746582031]
["17200346","FMEM0064V","FORMACIÓN PRELABORAL: OPERARIO DE MECANIZADO Y ENSAMBLAJE DE MUEBLE METÁLICO","A20404828",null,null,null,"001663",null,"SUTARGI S.A.L.","GIPUZKOA","TOLOSA","APROBADA_COM","Especialidad completa","Especialidad registrada","2017","18/12/2017","Grupal","Presencial",370,0,12,27594.6,0,100,0,"",55189.2,null,null,null,"FME","NO CP","0","M. Empleabilidad","Insercion socio laboral","01 - Oferta Prioritariamente dirigida a desempleados ",7,2,2,1,1,2,5,6,2,3,4,1,0,0,5,null,null,41,27594.6,"APROBADA_COM",null,null,"APROBADA_COM",null,null,30,0,"Insercion socio laboral",25,"Castellano","Presencial"," ","NO","SI","NO","NO","SI","NO","SI","NO","SI","NO","SI","NO","NO",100,21.75,6,0,0," "]
["17201529","SANT0208","TRANSPORTE SANITARIO","G20850574",null,null,null,"001739","20-26769","FUNDACION DYA GIPUZKOA","GIPUZKOA","DONOSTIA-S.SEBASTIÁN","APROBADA_COM","Parcial","Especialidad registrada","2017","23/12/2017","Grupal","Presencial",160,0,15,11880,0,100,0,"",41580,"MF0070_2",null,null,"SAN","CP",2,"Cualificantes","CP","01 - Oferta Prioritariamente dirigida a desempleados ",1,4,4,10,1,2,5,3,0,0,0,0,0,0,5,null,null,35,11880,"APROBADA_COM",null,null,"APROBADA_COM",null,null,1,2,"CP",68,"Castellano","Presencial"," ","NO","SI","NO","NO","NO","NO","NO","NO","NO","NO","NO","NO","NO",0,0,0,0,0," "]

{"sheet":"Resumen_old","index":4,"n_rows":312,"n_cols":11,"rows_kept":312,"cut":false,"hidden":true,"merged":[[0,1,0,9],[148,1,148,2],[148,6,148,7],[217,1,217,2],[217,6,217,7],[79,1,79,2],[79,6,79,7],[178,2,178,3],[178,4,178,5],[178,6,178,9],[212,1,214,9],[150,1,150,9],[151,2,151,3],[151,6,151,9],[158,1,158,9],[159,2,159,3],[159,4,159,5],[247,2,247,3],[247,4,247,5],[247,6,247,9],[238,1,238,9],[239,2,239,3],[239,4,239,5],[239,6,239,9],[246,1,246,9],[220,2,220,3],[220,6,220,9],[227,1,227,9],[228,2,228,3],[228,4,228,5],[228,6,228,9],[219,1,219,9],[169,1,169,9],[170,2,170,3],[170,4,170,5],[170,6,170,9],[177,1,177,9],[159,6,159,9],[109,2,109,3],[109,4,109,5],[109,6,109,9],[74,1,76,9],[143,1,145,9],[100,1,100,9],[101,2,101,3],[101,4,101,5],[101,6,101,9],[108,1,108,9],[81,1,81,9],[82,2,82,3],[82,6,82,9],[89,1,89,9],[90,2,90,3],[90,4,90,5],[90,6,90,9],[40,2,40,3],[40,4,40,5],[40,6,40,9],[13,6,13,9],[20,1,20,9],[21,2,21,3],[21,4,21,5],[21,6,21,9],[284,1,284,9],[285,2,285,3],[285,4,285,5],[285,6,285,9],[2,1,2,2],[2,6,2,7],[5,2,5,3],[5,4,5,5],[5,6,5,9],[31,1,31,9],[32,2,32,3],[32,4,32,5],[32,6,32,9],[39,1,39,9],[12,1,12,9],[13,2,13,3]]}
[null,"EUSKADI"]
[]
[null,"Presupuesto Inicial:",null,{"$f":"#REF!","v":{"$error":"#REF!"}},"Solicitado:",{"$f":"#REF!","v":{"$error":"#REF!"}},"Total a PREaprobar en comisión:",null,{"$f":"H8+H9+H10","v":0}]
[]
[null,"SATURACIÓN O DÉFICIT TERRITORIAL"]
[null,"TERRITORIO","OBJETIVO",null,"ENVIADO EN EL PLAN",null,"REAL"]
[null,null,"%","€","%","€","%","€ TOTALES","€ ESTA COMISIÓN","€ PREPAPROBADAS ANTERIORES"]
[null,"ARABA",null,{"$f":"(D$3*C8)/100","v":{"$error":"#REF!"}},{"$f":"F8*100/D$3","v":{"$error":"#REF!"}},null,{"$f":"H8*100/D$3","v":{"$error":"#REF!"}},{"$f":"SUM(I8:J8)","v":0},{"$f":"TH!C5","v":0},0]
[null,"BIZKAIA",null,{"$f":"(D$3*C9)/100","v":{"$error":"#REF!"}},{"$f":"F9*100/D$3","v":{"$error":"#REF!"}},null,{"$f":"H9*100/D$3","v":{"$error":"#REF!"}},{"$f":"SUM(I9:J9)","v":0},{"$f":"TH!D5","v":0},0]
[null,"GIPUZKOA",null,{"$error":"#REF!"},{"$error":"#REF!"},null,{"$error":"#REF!"},0,{"$f":"TH!E5","v":0},0]
[null,null,{"$f":"SUM(C8:C10)","v":0},{"$f":"SUM(D8:D10)","v":{"$error":"#REF!"}},{"$error":"#REF!"},{"$f":"SUM(F8:F10)","v":0},{"$f":"SUM(G8:G10)","v":{"$error":"#REF!"}},0,{"$f":"SUM(I8:I10)","v":0},0]
[]
[null,"SATURACIÓN O DÉFICIT AAFF POR CP / NO CP"]
[null,"CP / NO CP","OBJETIVO",null,null,null,"REAL"]
[null,null,"%","€","%","€","%","€ TOTALES","€ ESTA COMISIÓN","€ PREPAPROBADAS ANTERIORES"]
[null,"CP",null,{"$f":"(D$3*C16)/100","v":{"$error":"#REF!"}},{"$f":"F16*100/D$3","v":{"$error":"#REF!"}},null,{"$f":"H16*100/D$3","v":{"$error":"#REF!"}},{"$f":"I16+J16","v":0},{"$f":"CPs!D5","v":0},0]
[null,"NO CP",null,{"$f":"(D$3*C17)/100","v":{"$error":"#REF!"}},{"$error":"#REF!"},null,{"$error":"#REF!"},{"$f":"I17+J17","v":0},{"$f":"CPs!E5","v":0},0]
[null,null,{"$f":"SUM(C16:C17)","v":0},{"$error":"#REF!"},{"$error":"#REF!"},0,{"$error":"#REF!"},0,0,0]
[]
[]
[null,"SATURACIÓN O DÉFICIT AAFF POR NIVEL DE CUALIFICACIÓN"]
[null,"NIVEL","OBJETIVO",null,"ENVIADO EN EL PLAN",null,"REAL"]
[null,null,"%","€","%","€","%","€ TOTALES","€ ESTA COMISIÓN","€ PREPAPROBADAS ANTERIORES"]
[null,null,null,null,{"$f":"F24*100/D$3","v":{"$error":"#REF!"}},null,null,{"$f":"I24+J24","v":0},{"$f":"Nivel!D5","v":0}]
[null,"N0",null,{"$f":"(D$3*C25)/100","v":{"$error":"#REF!"}},{"$error":"#REF!"},null,{"$f":"H25*100/D$3","v":{"$error":"#REF!"}},{"$f":"I25+J25","v":0},{"$f":"Nivel!E5","v":0},0]
[null,"N1",null,{"$error":"#REF!"},{"$error":"#REF!"},null,{"$error":"#REF!"},{"$f":"I26+J26","v":0},{"$f":"Nivel!F5","v":0},0]
[null,"N2",null,{"$error":"#REF!"},{"$error":"#REF!"},null,{"$error":"#REF!"},0,{"$f":"Nivel!G5","v":0},0]
[null,"N3",null,{"$error":"#REF!"},{"$error":"#REF!"},null,{"$error":"#REF!"},0,{"$f":"Nivel!H5","v":0},0]
[null,null,{"$f":"SUM(C25:C28)","v":0},{"$f":"SUM(D25:D28)","v":{"$error":"#REF!"}},{"$f":"SUM(E24:E28)","v":{"$error":"#REF!"}},{"$f":"SUM(F24:F28)","v":0},{"$f":"SUM(G25:G28)","v":{"$error":"#REF!"}},{"$f":"SUM(H25:H28)","v":0},{"$f":"SUM(I25:I28)","v":0},{"$f":"SUM(J25:J28)","v":0}]
[]
[]
[null,"SATURACIÓN O DÉFICIT AAFF POR TIPO DE ACTUACIÓN SUBVENCIONABLE"]
[null,"T. ACTUACIÓN","OBJETIVO",null,"ENVIADO EN EL PLAN",null,"REAL"]
[null,null,"%","€","%","€","%","€ TOTALES","€ ESTA COMISIÓN","€ PREPAPROBADAS ANTERIORES"]
[null,"M. Empleabilidad",null,{"$f":"(D$3*C35)/100","v":{"$error":"#REF!"}},{"$f":"F35*100/D$3","v":{"$error":"#REF!"}},null,{"$f":"H35*100/D$3","v":{"$error":"#REF!"}},{"$f":"I35+J35","v":0},{"$f":"TipoActuacion!E5","v":0},0]
[null,"Cualificantes",null,{"$f":"(D$3*C36)/100","v":{"$error":"#REF!"}},{"$f":"F36*100/D$3","v":{"$error":"#REF!"}},null,{"$error":"#REF!"},{"$f":"I36+J36","v":0},{"$f":"TipoActuacion!D5","v":0},0]
[null,null,{"$f":"SUM(C35:C36)","v":0},{"$error":"#REF!"},{"$error":"#REF!"},0,{"$error":"#REF!"},0,0,0]
[]
[]
[null,"SATURACIÓN O DÉFICIT SECTORIAL"]
[null,"FAMILIA","OBJETIVO",null,"ENVIADO EN EL PLAN",null,"REAL"]
[null,null,"%","€","%","€","%","€ TOTALES","€ ESTA COMISIÓN","€ PREPAPROBADAS ANTERIORES","Objetivo tras TA"]
[null,null,null,null,{"$f":"F43*100/D$3","v":{"$error":"#REF!"}},0,{"$f":"H43*100/D$3","v":{"$error":"#REF!"}},{"$f":"I43+J43","v":0},{"$f":"Familia!D5","v":0}]
[null,"ADG",null,{"$f":"(D$3*C44)/100","v":{"$error":"#REF!"}},{"$error":"#REF!"},0,{"$error":"#REF!"},{"$f":"I44+J44","v":0},{"$f":"Familia!E5","v":0},0,{"$f":"0.7*D44","v":{"$error":"#REF!"}}]
[null,"AFD",null,{"$f":"(D$3*C45)/100","v":{"$error":"#REF!"}},{"$error":"#REF!"},0,{"$error":"#REF!"},0,{"$f":"Familia!F5","v":0},0,{"$f":"0.7*D45","v":{"$error":"#REF!"}}]
[null,"AGA",null,{"$error":"#REF!"},{"$error":"#REF!"},0,{"$error":"#REF!"},0,{"$f":"Familia!G5","v":0},0,{"$error":"#REF!"}]
[null,"ARG",null,{"$error":"#REF!"},{"$error":"#REF!"},0,{"$error":"#REF!"},0,{"$f":"Familia!H5","v":0},0,{"$error":"#REF!"}]
[null,"ART",null,{"$error":"#REF!"},{"$error":"#REF!"},0,{"$error":"#REF!"},0,{"$f":"Familia!I5","v":0},0,{"$error":"#REF!"}]
[null,"COM",null,{"$error":"#REF!"},{"$error":"#REF!"},0,{"$error":"#REF!"},0,{"$f":"Familia!J5","v":0},0,{"$error":"#REF!"}]
[null,"ELE",null,{"$error":"#REF!"},{"$error":"#REF!"},0,{"$error":"#REF!"},0,{"$f":"Familia!K5","v":0},0,{"$error":"#REF!"}]
[null,"ENA",null,{"$error":"#REF!"},{"$error":"#REF!"},0,{"$error":"#REF!"},0,{"$f":"Familia!L5","v":0},0,{"$error":"#REF!"}]
[null,"EOC",null,{"$error":"#REF!"},{"$error":"#REF!"},0,{"$error":"#REF!"},0,{"$f":"Familia!M5","v":0},0,{"$error":"#REF!"}]
[null,"FCO",null,{"$error":"#REF!"},{"$error":"#REF!"},0,{"$error":"#REF!"},0,{"$f":"Familia!N5","v":0},0,{"$error":"#REF!"}]
[null,"FME",null,{"$error":"#REF!"},{"$error":"#REF!"},0,{"$error":"#REF!"},0,{"$f":"Familia!O5","v":0},0,{"$error":"#REF!"}]
[null,"HOT",null,{"$error":"#REF!"},{"$error":"#REF!"},0,{"$error":"#REF!"},0,{"$f":"Familia!P5","v":0},0,{"$error":"#REF!"}]
[null,"IEX",null,{"$error":"#REF!"},{"$error":"#REF!"},0,{"$error":"#REF!"},0,{"$f":"Familia!Q5","v":0},0,{"$error":"#REF!"}]
[null,"IFC",null,{"$error":"#REF!"},{"$error":"#REF!"},0,{"$error":"#REF!"},0,{"$f":"Familia!R5","v":0},0,{"$error":"#REF!"}]
[null,"IMA",null,{"$error":"#REF!"},{"$error":"#REF!"},0,{"$error":"#REF!"},0,{"$f":"Familia!S5","v":0},0,{"$error":"#REF!"}]
[null,"IMP",null,{"$error":"#REF!"},{"$error":"#REF!"},0,{"$error":"#REF!"},0,{"$f":"Familia!T5","v":0},0,{"$error":"#REF!"}]
[null,"IMS",null,{"$error":"#REF!"},{"$error":"#REF!"},0,{"$error":"#REF!"},0,{"$f":"Familia!U5","v":0},0,{"$error":"#REF!"}]
[null,"INA",null,{"$error":"#REF!"},{"$error":"#REF!"},0,{"$error":"#REF!"},0,{"$f":"Familia!V5","v":0},0,{"$error":"#REF!"}]
[null,"MAM",null,{"$error":"#REF!"},{"$error":"#REF!"},0,{"$error":"#REF!"},0,{"$f":"Familia!W5","v":0},0,{"$error":"#REF!"}]
[null,"MAP",null,{"$error":"#REF!"},{"$error":"#REF!"},0,{"$error":"#REF!"},0,{"$f":"Familia!X5","v":0},0,{"$error":"#REF!"}]
[null,"QUI",null,{"$error":"#REF!"},{"$error":"#REF!"},0,{"$error":"#REF!"},0,{"$f":"Familia!Y5","v":0},0,{"$error":"#REF!"}]
[null,"SAN",null,{"$error":"#REF!"},{"$error":"#REF!"},0,{"$error":"#REF!"},0,{"$f":"Familia!Z5","v":0},0,{"$error":"#REF!"}]
[null,"SEA",null,{"$error":"#REF!"},{"$error":"#REF!"},0,{"$error":"#REF!"},0,{"$f":"Familia!AA5","v":0},0,{"$error":"#REF!"}]
[null,"SSC",null,{"$error":"#REF!"},{"$error":"#REF!"},0,{"$error":"#REF!"},0,{"$f":"Familia!AB5","v":0},0,{"$error":"#REF!"}]
[null,"TCP",null,{"$error":"#REF!"},{"$error":"#REF!"},0,{"$error":"#REF!"},0,{"$f":"Familia!AC5","v":0},0,{"$error":"#REF!"}]
[null,"TMV",null,{"$error":"#REF!"},{"$error":"#REF!"},0,{"$error":"#REF!"},0,{"$f":"Familia!AD5","v":0},0,{"$error":"#REF!"}]
[null,"VIC",null,{"$error":"#REF!"},{"$error":"#REF!"},0,{"$error":"#REF!"},0,{"$f":"Familia!AE5","v":0},0,{"$error":"#REF!"}]
[null,null,{"$f":"SUM(C44:C70)","v":0},{"$f":"SUM(D44:D70)","v":{"$error":"#REF!"}},{"$f":"SUM(E43:E70)","v":{"$error":"#REF!"}},{"$f":"SUM(F43:F70)","v":0},{"$f":"SUM(G43:G70)","v":{"$error":"#REF!"}},{"$f":"SUM(H43:H70)","v":0},{"$f":"SUM(I43:I70)","v":0},{"$f":"SUM(J68:J70)","v":0},{"$error":"#REF!"}]
[]
[]
[]
[null,"ARABA/ÁLAVA"]
[]
[]
[]
[]
[null,"Presupuesto Inicial:",null,{"$f":"AAFF_Araba!BD1","v":521614.87443000003},"Solicitado:",{"$f":"AAFF_Araba!BD2","v":517871.75},"Total a PREaprobar en comisión:",null,{"$f":"H8","v":0}]
[]
[null,"SATURACIÓN O DÉFICIT AAFF POR CP / NO CP"]
[null,"CP / NO CP","OBJETIVO",null,null,null,"REAL"]
[null,null,"%","€","%","€","%","€ TOTALES","€ ESTA COMISIÓN","€ PREPAPROBADAS ANTERIORES"]
[null,"CP",null,{"$f":"(D$80*C85)/100","v":0},{"$f":"F85*100/D$80","v":0},null,{"$f":"H85*100/D$80","v":0},{"$f":"I85+J85","v":0},{"$f":"CPs!D2","v":0},0]
[null,"NO CP",null,{"$f":"(D$80*C86)/100","v":0},{"$f":"F86*100/D$80","v":0},null,{"$f":"H86*100/D$80","v":0},{"$f":"I86+J86","v":0},{"$f":"CPs!E2","v":0},0]
[null,null,{"$f":"SUM(C85:C86)","v":0},0,0,0,0,0,0,0]
[]
[]
[null,"SATURACIÓN O DÉFICIT AAFF POR NIVEL DE CUALIFICACIÓN"]
[null,"NIVEL","OBJETIVO",null,"ENVIADO EN EL PLAN",null,"REAL"]
[null,null,"%","€","%","€","%","€ TOTALES","€ ESTA COMISIÓN","€ PREPAPROBADAS ANTERIORES"]
[null,null,null,null,{"$f":"F93*100/D$80","v":0},null,null,{"$f":"I93+J93","v":0},{"$f":"Nivel!D2","v":0}]
[null,"N0",null,{"$f":"(D$80*C94)/100","v":0},{"$f":"F94*100/D$80","v":0},null,{"$f":"H94*100/D$80","v":0},{"$f":"I94+J94","v":0},{"$f":"Nivel!E2","v":0},0]
[null,"N1",null,0,{"$f":"F95*100/D$80","v":0},null,{"$f":"H95*100/D$80","v":0},{"$f":"I95+J95","v":0},{"$f":"Nivel!F2","v":0},0]
[null,"N2",null,0,0,null,0,0,{"$f":"Nivel!G2","v":0},0]
[null,"N3",null,0,0,null,0,0,{"$f":"Nivel!H2","v":0},0]
[null,null,{"$f":"SUM(C94:C97)","v":0},{"$f":"SUM(D94:D97)","v":0},{"$f":"SUM(E93:E97)","v":0},{"$f":"SUM(F93:F97)","v":0},{"$f":"SUM(G94:G97)","v":0},{"$f":"SUM(H94:H97)","v":0},{"$f":"SUM(I94:I97)","v":0},{"$f":"SUM(J94:J97)","v":0}]
[]
[]
[null,"SATURACIÓN O DÉFICIT AAFF POR TIPO DE ACTUACIÓN SUBVENCIONABLE"]
[null,"T. ACTUACIÓN","OBJETIVO",null,"ENVIADO EN EL PLAN",null,"REAL"]
[null,null,"%","€","%","€","%","€ TOTALES","€ ESTA COMISIÓN","€ PREPAPROBADAS ANTERIORES"]
[null,"M. Empleabilidad",null,{"$f":"(D$80*C104)/100","v":0},{"$f":"F104*100/D$80","v":0},null,{"$f":"H104*100/D$80","v":0},{"$f":"I104+J104","v":0},{"$f":"TipoActuacion!E2","v":0},0]
[null,"Cualificantes",null,{"$f":"(D$80*C105)/100","v":0},{"$f":"F105*100/D$80","v":0},null,{"$f":"H105*100/D$80","v":0},{"$f":"I105+J105","v":0},{"$f":"TipoActuacion!D2","v":0},0]
[null,null,{"$f":"SUM(C104:C105)","v":0},0,0,0,0,0,0,0]
[]
[]
[null,"SATURACIÓN O DÉFICIT SECTORIAL"]
[null,"FAMILIA","OBJETIVO",null,"ENVIADO EN EL PLAN",null,"REAL"]
[null,null,"%","€","%","€","%","€ TOTALES","€ ESTA COMISIÓN","€ PREPAPROBADAS ANTERIORES","Objetivo tras TA"]
[null,null,null,null,{"$f":"F112*100/D$80","v":0},0,{"$f":"H112*100/D$80","v":0},{"$f":"I112+J112","v":0},{"$f":"Familia!D2","v":0}]
[null,"ADG",null,{"$f":"(D$80*C113)/100","v":0},{"$f":"F113*100/D$80","v":0},0,{"$f":"H113*100/D$80","v":0},{"$f":"I113+J113","v":0},{"$f":"Familia!E2","v":0},0,{"$f":"0.7*D113","v":0}]
[null,"AFD",null,{"$f":"(D$80*C114)/100","v":0},{"$f":"F114*100/D$80","v":0},0,{"$f":"H114*100/D$80","v":0},0,{"$f":"Familia!F2","v":0},0,{"$f":"0.7*D114","v":0}]
[null,"AGA",null,0,0,0,0,0,{"$f":"Familia!G2","v":0},0,0]
[null,"ARG",null,0,0,0,0,0,{"$f":"Familia!H2","v":0},0,0]
[null,"ART",null,0,0,0,0,0,{"$f":"Familia!I2","v":0},0,0]
[null,"COM",null,0,0,0,0,0,{"$f":"Familia!J2","v":0},0,0]
[null,"ELE",null,0,0,0,0,0,{"$f":"Familia!K2","v":0},0,0]
[null,"ENA",null,0,0,0,0,0,{"$f":"Familia!L2","v":0},0,0]
[null,"EOC",null,0,0,0,0,0,{"$f":"Familia!M2","v":0},0,0]
[null,"FCO",null,0,0,0,0,0,{"$f":"Familia!N2","v":0},0,0]
[null,"FME",null,0,0,0,0,0,{"$f":"Familia!O2","v":0},0,0]
[null,"HOT",null,0,0,0,0,0,{"$f":"Familia!P2","v":0},0,0]
[null,"IEX",null,0,0,0,0,0,{"$f":"Familia!Q2","v":0},0,0]
[null,"IFC",null,0,0,0,0,0,{"$f":"Familia!R2","v":0},0,0]
[null,"IMA",null,0,0,0,0,0,{"$f":"Familia!S2","v":0},0,0]
[null,"IMP",null,0,0,0,0,0,{"$f":"Familia!T2","v":0},0,0]
[null,"IMS",null,0,0,0,0,0,{"$f":"Familia!U2","v":0},0,0]
[null,"INA",null,0,0,0,0,0,{"$f":"Familia!V2","v":0},0,0]
[null,"MAM",null,0,0,0,0,0,{"$f":"Familia!W2","v":0},0,0]
[null,"MAP",null,0,0,0,0,0,{"$f":"Familia!X2","v":0},0,0]
[null,"QUI",null,0,0,0,0,0,{"$f":"Familia!Y2","v":0},0,0]
[null,"SAN",null,0,0,0,0,0,{"$f":"Familia!Z2","v":0},0,0]
[null,"SEA",null,0,0,0,0,0,{"$f":"Familia!AA2","v":0},0,0]
[null,"SSC",null,0,0,0,0,0,{"$f":"Familia!AB2","v":0},0,0]
[null,"TCP",null,0,0,0,0,0,{"$f":"Familia!AC2","v":0},0,0]
[null,"TMV",null,0,0,0,0,0,{"$f":"Familia!AD2","v":0},0,0]
[null,"VIC",null,0,0,0,0,0,{"$f":"Familia!AE2","v":0},0,0]
[null,null,{"$f":"SUM(C113:C139)","v":0},{"$f":"SUM(D113:D139)","v":0},{"$f":"SUM(E112:E139)","v":0},{"$f":"SUM(F112:F139)","v":0},{"$f":"SUM(G112:G139)","v":0},{"$f":"SUM(H112:H139)","v":0},{"$f":"SUM(I112:I139)","v":0},{"$f":"SUM(J137:J139)","v":0},0]
[]
[]
[]
[null,"BIZKAIA"]
[]
[]
[]
[]
[null,"Presupuesto Inicial:",null,{"$f":"AAFF_Bizkaia!BD1","v":1793894.4356579999},"Solicitado:",{"$f":"AAFF_Bizkaia!BD2","v":1790231.7799999998},"Total a PREaprobar en comisión:",null,{"$f":"H9","v":0}]
[]
[null,"SATURACIÓN O DÉFICIT AAFF POR CP / NO CP"]
[null,"CP / NO CP","OBJETIVO",null,null,null,"REAL"]
[null,null,"%","€","%","€","%","€ TOTALES","€ ESTA COMISIÓN","€ PREPAPROBADAS ANTERIORES"]
[null,"CP",null,{"$f":"(D$149*C154)/100","v":0},{"$f":"F154*100/D$149","v":0},null,{"$f":"H154*100/D$149","v":0},{"$f":"I154+J154","v":0},{"$f":"CPs!D3","v":0},0]
[null,"NO CP",null,{"$f":"(D$149*C155)/100","v":0},{"$f":"F155*100/D$149","v":0},null,{"$f":"H155*100/D$149","v":0},{"$f":"I155+J155","v":0},{"$f":"CPs!E3","v":0},0]
[null,null,{"$f":"SUM(C154:C155)","v":0},0,0,0,0,0,0,0]
[]
[]
[null,"SATURACIÓN O DÉFICIT AAFF POR NIVEL DE CUALIFICACIÓN"]
[null,"NIVEL","OBJETIVO",null,"ENVIADO EN EL PLAN",null,"REAL"]
[null,null,"%","€","%","€","%","€ TOTALES","€ ESTA COMISIÓN","€ PREPAPROBADAS ANTERIORES"]
[null,null,null,null,{"$f":"F162*100/D$149","v":0},null,null,{"$f":"I162+J162","v":0},{"$f":"Nivel!D3","v":0}]
[null,"N0",null,{"$f":"(D$149*C163)/100","v":0},{"$f":"F163*100/D$149","v":0},null,{"$f":"H163*100/D$149","v":0},{"$f":"I163+J163","v":0},{"$f":"Nivel!E3","v":0},0]
[null,"N1",null,{"$f":"(D$149*C164)/100","v":0},{"$f":"F164*100/D$149","v":0},null,{"$f":"H164*100/D$149","v":0},{"$f":"I164+J164","v":0},{"$f":"Nivel!F3","v":0},0]
[null,"N2",null,{"$f":"(D$149*C165)/100","v":0},0,null,0,0,{"$f":"Nivel!G3","v":0},0]
[null,"N3",null,{"$f":"(D$149*C166)/100","v":0},0,null,0,0,{"$f":"Nivel!H3","v":0},0]
[null,null,{"$f":"SUM(C163:C166)","v":0},{"$f":"SUM(D163:D166)","v":0},{"$f":"SUM(E162:E166)","v":0},{"$f":"SUM(F162:F166)","v":0},{"$f":"SUM(G163:G166)","v":0},{"$f":"SUM(H163:H166)","v":0},{"$f":"SUM(I163:I166)","v":0},{"$f":"SUM(J163:J166)","v":0}]
[]
[]
[null,"SATURACIÓN O DÉFICIT AAFF POR TIPO DE ACTUACIÓN SUBVENCIONABLE"]
[null,"T. ACTUACIÓN","OBJETIVO",null,"ENVIADO EN EL PLAN",null,"REAL"]
[null,null,"%","€","%","€","%","€ TOTALES","€ ESTA COMISIÓN","€ PREPAPROBADAS ANTERIORES"]
[null,"M. Empleabilidad",null,{"$f":"(D$149*C173)/100","v":0},{"$f":"F173*100/D$149","v":0},null,{"$f":"H173*100/D$149","v":0},{"$f":"I173+J173","v":0},{"$f":"TipoActuacion!E3","v":0},0]
[null,"Cualificantes",null,{"$f":"(D$149*C174)/100","v":0},{"$f":"F174*100/D$149","v":0},null,{"$f":"H174*100/D$149","v":0},{"$f":"I174+J174","v":0},{"$f":"TipoActuacion!D3","v":0},0]
[null,null,{"$f":"SUM(C173:C174)","v":0},0,0,0,0,0,0,0]
[]
[]
[null,"SATURACIÓN O DÉFICIT SECTORIAL"]
[null,"FAMILIA","OBJETIVO",null,"ENVIADO EN EL PLAN",null,"REAL"]
[null,null,"%","€","%","€","%","€ TOTALES","€ ESTA COMISIÓN","€ PREPAPROBADAS ANTERIORES","Objetivo tras TA"]
[null,null,null,null,{"$f":"F181*100/D$149","v":0},0,{"$f":"H181*100/D$149","v":0},{"$f":"I181+J181","v":0},{"$f":"Familia!D3","v":0}]
[null,"ADG",null,{"$f":"(D$149*C182)/100","v":0},{"$f":"F182*100/D$149","v":0},0,{"$f":"H182*100/D$149","v":0},{"$f":"I182+J182","v":0},{"$f":"Familia!E3","v":0},0,{"$f":"0.7*D182","v":0}]
[null,"AFD",null,{"$f":"(D$149*C183)/100","v":0},{"$f":"F183*100/D$149","v":0},0,{"$f":"H183*100/D$149","v":0},0,{"$f":"Familia!F3","v":0},0,{"$f":"0.7*D183","v":0}]
[null,"AGA",null,{"$f":"(D$149*C184)/100","v":0},0,0,0,0,{"$f":"Familia!G3","v":0},0,0]
[null,"ARG",null,0,0,0,0,0,{"$f":"Familia!H3","v":0},0,0]
[null,"ART",null,0,0,0,0,0,{"$f":"Familia!I3","v":0},0,0]
[null,"COM",null,0,0,0,0,0,{"$f":"Familia!J3","v":0},0,0]
[null,"ELE",null,0,0,0,0,0,{"$f":"Familia!K3","v":0},0,0]
[null,"ENA",null,0,0,0,0,0,{"$f":"Familia!L3","v":0},0,0]
[null,"EOC",null,0,0,0,0,0,{"$f":"Familia!M3","v":0},0,0]
[null,"FCO",null,0,0,0,0,0,{"$f":"Familia!N3","v":0},0,0]
[null,"FME",null,0,0,0,0,0,{"$f":"Familia!O3","v":0},0,0]
[null,"HOT",null,0,0,0,0,0,{"$f":"Familia!P3","v":0},0,0]
[null,"IEX",null,0,0,0,0,0,{"$f":"Familia!Q3","v":0},0,0]
[null,"IFC",null,0,0,0,0,0,{"$f":"Familia!R3","v":0},0,0]
[null,"IMA",null,0,0,0,0,0,{"$f":"Familia!S3","v":0},0,0]
[null,"IMP",null,0,0,0,0,0,{"$f":"Familia!T3","v":0},0,0]
[null,"IMS",null,0,0,0,0,0,{"$f":"Familia!U3","v":0},0,0]
[null,"INA",null,0,0,0,0,0,{"$f":"Familia!V3","v":0},0,0]
[null,"MAM",null,0,0,0,0,0,{"$f":"Familia!W3","v":0},0,0]
[null,"MAP",null,0,0,0,0,0,{"$f":"Familia!X3","v":0},0,0]
[null,"QUI",null,0,0,0,0,0,{"$f":"Familia!Y3","v":0},0,0]
[null,"SAN",null,0,0,0,0,0,{"$f":"Familia!Z3","v":0},0,0]
[null,"SEA",null,0,0,0,0,0,{"$f":"Familia!AA3","v":0},0,0]
[null,"SSC",null,0,0,0,0,0,{"$f":"Familia!AB3","v":0},0,0]
[null,"TCP",null,0,0,0,0,0,{"$f":"Familia!AC3","v":0},0,0]
[null,"TMV",null,0,0,0,0,0,{"$f":"Familia!AD3","v":0},0,0]
[null,"VIC",null,0,0,0,0,0,{"$f":"Familia!AE3","v":0},0,0]
[null,null,{"$f":"SUM(C182:C208)","v":0},{"$f":"SUM(D182:D208)","v":0},{"$f":"SUM(E181:E208)","v":0},{"$f":"SUM(F181:F208)","v":0},{"$f":"SUM(G181:G208)","v":0},{"$f":"SUM(H181:H208)","v":0},{"$f":"SUM(I181:I208)","v":0},{"$f":"SUM(J206:J208)","v":0},0]
[]
[]
[]
[null,"GIPUZKOA"]
[]
[]
[]
[]
[null,"Presupuesto Inicial:",null,{"$f":"AAFF_Gipuzkoa!BD1","v":975436.26991200005},"Solicitado:",{"$f":"AAFF_Gipuzkoa!BD2","v":972011.05},"Total a PREaprobar en comisión:",null,{"$f":"H10","v":0}]
[]
[null,"SATURACIÓN O DÉFICIT AAFF POR CP / NO CP"]
[null,"CP / NO CP","OBJETIVO",null,null,null,"REAL"]
[null,null,"%","€","%","€","%","€ TOTALES","€ ESTA COMISIÓN","€ PREPAPROBADAS ANTERIORES"]
[null,"CP",null,{"$f":"(D$218*C223)/100","v":0},{"$f":"F223*100/D$218","v":0},null,{"$f":"H223*100/D$218","v":0},{"$f":"I223+J223","v":0},{"$f":"CPs!D4","v":0},0]
[null,"NO CP",null,{"$f":"(D$218*C224)/100","v":0},{"$f":"F224*100/D$218","v":0},null,{"$f":"H224*100/D$218","v":0},{"$f":"I224+J224","v":0},{"$f":"CPs!E4","v":0},0]
[null,null,{"$f":"SUM(C223:C224)","v":0},0,0,0,0,0,0,0]
[]
[]
[null,"SATURACIÓN O DÉFICIT AAFF POR NIVEL DE CUALIFICACIÓN"]
[null,"NIVEL","OBJETIVO",null,"ENVIADO EN EL PLAN",null,"REAL"]
[null,null,"%","€","%","€","%","€ TOTALES","€ ESTA COMISIÓN","€ PREPAPROBADAS ANTERIORES"]
[null,null,null,null,{"$f":"F231*100/D$218","v":0},null,null,{"$f":"I231+J231","v":0},{"$f":"Nivel!D4","v":0}]
[null,"N0",null,{"$f":"(D$218*C232)/100","v":0},{"$f":"F232*100/D$218","v":0},null,{"$f":"H232*100/D$218","v":0},{"$f":"I232+J232","v":0},{"$f":"Nivel!E4","v":0},0]
[null,"N1",null,{"$f":"(D$218*C233)/100","v":0},{"$f":"F233*100/D$218","v":0},null,{"$f":"H233*100/D$218","v":0},{"$f":"I233+J233","v":0},{"$f":"Nivel!F4","v":0},0]
[null,"N2",null,0,0,null,0,0,{"$f":"Nivel!G4","v":0},0]
[null,"N3",null,0,0,null,0,0,{"$f":"Nivel!H4","v":0},0]
[null,null,{"$f":"SUM(C232:C235)","v":0},{"$f":"SUM(D232:D235)","v":0},{"$f":"SUM(E231:E235)","v":0},{"$f":"SUM(F231:F235)","v":0},{"$f":"SUM(G232:G235)","v":0},{"$f":"SUM(H232:H235)","v":0},{"$f":"SUM(I232:I235)","v":0},{"$f":"SUM(J232:J235)","v":0}]
[]
[]
[null,"SATURACIÓN O DÉFICIT AAFF POR TIPO DE ACTUACIÓN SUBVENCIONABLE"]
[null,"T. ACTUACIÓN","OBJETIVO",null,"ENVIADO EN EL PLAN",null,"REAL"]
[null,null,"%","€","%","€","%","€ TOTALES","€ ESTA COMISIÓN","€ PREPAPROBADAS ANTERIORES"]
[null,"M. Empleabilidad",null,{"$f":"(D$218*C242)/100","v":0},{"$f":"F242*100/D$218","v":0},null,{"$f":"H242*100/D$218","v":0},{"$f":"I242+J242","v":0},{"$f":"TipoActuacion!E4","v":0},0]
[null,"Cualificantes",null,{"$f":"(D$218*C243)/100","v":0},{"$f":"F243*100/D$218","v":0},null,{"$f":"H243*100/D$218","v":0},{"$f":"I243+J243","v":0},{"$f":"TipoActuacion!D4","v":0},0]
[null,null,{"$f":"SUM(C242:C243)","v":0},0,0,0,0,0,0,0]
[]
[]
[null,"SATURACIÓN O DÉFICIT SECTORIAL"]
[null,"FAMILIA","OBJETIVO",null,"ENVIADO EN EL PLAN",null,"REAL"]
[null,null,"%","€","%","€","%","€ TOTALES","€ ESTA COMISIÓN","€ PREPAPROBADAS ANTERIORES","Objetivo tras TA"]
[null,null,null,null,{"$f":"F250*100/D$218","v":0},0,{"$f":"H250*100/D$218","v":0},{"$f":"I250+J250","v":0},{"$f":"Familia!D4","v":0}]
[null,"ADG",null,0,{"$f":"F251*100/D$218","v":0},0,{"$f":"H251*100/D$218","v":0},0,{"$f":"Familia!E4","v":0},0,{"$f":"0.7*D251","v":0}]
[null,"AFD",null,{"$f":"(D$218*C252)/100","v":0},{"$f":"F252*100/D$218","v":0},0,{"$f":"H252*100/D$218","v":0},{"$f":"I252+J252","v":0},{"$f":"Familia!F4","v":0},0,{"$f":"0.7*D252","v":0}]
[null,"AGA",null,0,0,0,0,0,{"$f":"Familia!G4","v":0},0,0]
[null,"ARG",null,0,0,0,0,0,{"$f":"Familia!H4","v":0},0,0]
[null,"ART",null,0,0,0,0,0,{"$f":"Familia!I4","v":0},0,0]
[null,"COM",null,0,0,0,0,0,{"$f":"Familia!J4","v":0},0,0]
[null,"ELE",null,0,0,0,0,0,{"$f":"Familia!K4","v":0},0,0]
[null,"ENA",null,0,0,0,0,0,{"$f":"Familia!L4","v":0},0,0]
[null,"EOC",null,0,0,0,0,0,{"$f":"Familia!M4","v":0},0,0]
[null,"FCO",null,0,0,0,0,0,{"$f":"Familia!N4","v":0},0,0]
[null,"FME",null,0,0,0,0,0,{"$f":"Familia!O4","v":0},0,0]
[null,"HOT",null,0,0,0,0,0,{"$f":"Familia!P4","v":0},0,0]
[null,"IEX",null,0,0,0,0,0,{"$f":"Familia!Q4","v":0},0,0]
[null,"IFC",null,0,0,0,0,0,{"$f":"Familia!R4","v":0},0,0]
[null,"IMA",null,0,0,0,0,0,{"$f":"Familia!S4","v":0},0,0]
[null,"IMP",null,0,0,0,0,0,{"$f":"Familia!T4","v":0},0,0]
[null,"IMS",null,0,0,0,0,0,{"$f":"Familia!U4","v":0},0,0]
[null,"INA",null,0,0,0,0,0,{"$f":"Familia!V4","v":0},0,0]
[null,"MAM",null,0,0,0,0,0,{"$f":"Familia!W4","v":0},0,0]
[null,"MAP",null,0,0,0,0,0,{"$f":"Familia!X4","v":0},0,0]
[null,"QUI",null,0,0,0,0,0,{"$f":"Familia!Y4","v":0},0,0]
[null,"SAN",null,0,0,0,0,0,{"$f":"Familia!Z4","v":0},0,0]
[null,"SEA",null,0,0,0,0,0,{"$f":"Familia!AA4","v":0},0,0]
[null,"SSC",null,0,0,0,0,0,{"$f":"Familia!AB4","v":0},0,0]
[null,"TCP",null,0,0,0,0,0,{"$f":"Familia!AC4","v":0},0,0]
[null,"TMV",null,0,0,0,0,0,{"$f":"Familia!AD4","v":0},0,0]
[null,"VIC",null,0,0,0,0,0,{"$f":"Familia!AE4","v":0},0,0]
[null,null,{"$f":"SUM(C251:C277)","v":0},{"$f":"SUM(D251:D277)","v":0},{"$f":"SUM(E250:E277)","v":0},{"$f":"SUM(F250:F277)","v":0},{"$f":"SUM(G250:G277)","v":0},{"$f":"SUM(H250:H277)","v":0},{"$f":"SUM(I250:I277)","v":0},{"$f":"SUM(J275:J277)","v":0},0]
[]
[]
[]
[]
[]
[]
[null,"SATURACIÓN O DÉFICIT COMARCAL"]
[null,"COMARCA","OBJETIVO",null,"ENVIADO EN EL PLAN",null,"REAL"]
[null,null,"%","€","%","€","%","€ TOTALES","€ ESTA COMISIÓN","€ PREPAPROBADAS ANTERIORES"]
[null,"BAJO BIDASOA",2.75,{"$f":"(D$3*C288)/100","v":{"$error":"#REF!"}},null,0,{"$f":"H288*100/D$3","v":{"$error":"#REF!"}},{"$f":"SUM(I288:J288)","v":0},{"$f":"TH!H$5","v":0},0]
[null,"OARSOALDEA",2.4700000000000002,{"$f":"(D$3*C289)/100","v":{"$error":"#REF!"}},null,0,{"$f":"H289*100/D$3","v":{"$error":"#REF!"}},{"$f":"SUM(I289:J289)","v":0},{"$f":"TH!I$5","v":0},0]
[null,"DONOSTIA-S.SEBASTIÁN",8.73,{"$error":"#REF!"},null,0,{"$error":"#REF!"},0,{"$f":"TH!J$5","v":0},0]
[null,"DONOSTIA OESTE",2.25,{"$error":"#REF!"},null,0,{"$error":"#REF!"},0,{"$f":"TH!K$5","v":0},0]
[null,"TOLOSA",2.0499999999999998,{"$error":"#REF!"},null,0,{"$error":"#REF!"},0,{"$f":"TH!L$5","v":0},0]
[null,"MEDIO UROLA",0.51,{"$error":"#REF!"},null,0,{"$error":"#REF!"},0,{"$f":"TH!M$5","v":0},0]
[null,"GOIERRI",1.24,{"$error":"#REF!"},null,0,{"$error":"#REF!"},0,{"$f":"TH!N$5","v":0},0]
[null,"ALTO DEBA",2.62,{"$error":"#REF!"},null,0,{"$error":"#REF!"},0,{"$f":"TH!O$5","v":0},0]
[null,"BAJO DEBA",0.94,{"$error":"#REF!"},null,0,{"$error":"#REF!"},0,{"$f":"TH!P$5","v":0},0]
[null,"ALTO UROLA",1.19,{"$error":"#REF!"},null,0,{"$error":"#REF!"},0,{"$f":"TH!Q$5","v":0},0]
[null,"COSTA UROLA",0.61,{"$error":"#REF!"},null,0,{"$error":"#REF!"},0,{"$f":"TH!R$5","v":0},0]
[null,"ARRATIA-ZORNOTZA",0.34,{"$error":"#REF!"},null,0,{"$error":"#REF!"},0,{"$f":"TH!S$5","v":0},0]
[null,"ARRATIA-NERVIÓN",0.17,{"$error":"#REF!"},null,0,{"$error":"#REF!"},0,{"$f":"TH!T$5","v":0},0]
[null,"BILBAO",27.04,{"$error":"#REF!"},null,0,{"$error":"#REF!"},0,{"$f":"TH!U$5","v":0},0]
[null,"BUSTURIALDEA",0.68,{"$error":"#REF!"},null,0,{"$error":"#REF!"},0,{"$f":"TH!V$5","v":0},0]
[null,"DURANGUESADO",4.8600000000000003,{"$error":"#REF!"},null,0,{"$error":"#REF!"},0,{"$f":"TH!W$5","v":0},0]
[null,"ENCARTACIONES",2.09,{"$error":"#REF!"},null,0,{"$error":"#REF!"},0,{"$f":"TH!X$5","v":0},0]
[null,"GOBELA",2.76,{"$error":"#REF!"},null,0,{"$error":"#REF!"},0,{"$f":"TH!Y$5","v":0},0]
[null,"IBAIZABAL",1.79,{"$error":"#REF!"},null,0,{"$error":"#REF!"},0,{"$f":"TH!Z$5","v":0},0]
[null,"LEA-ARTIBAI",2.46,{"$error":"#REF!"},null,0,{"$error":"#REF!"},0,{"$f":"TH!AA$5","v":0},0]
[null,"MARGEN IZQUIERDA",13.88,{"$error":"#REF!"},null,0,{"$error":"#REF!"},0,{"$f":"TH!AB$5","v":0},0]
[null,"TXORIERRI",2.94,{"$error":"#REF!"},null,0,{"$error":"#REF!"},0,{"$f":"TH!AC$5","v":0},0]
[null,"URIBEALDEA",1.88,{"$error":"#REF!"},null,0,{"$error":"#REF!"},0,{"$f":"TH!AD$5","v":0},0]
[null,"Á\u0081LAVA (SIN DISTRIBUCIÓN COMARCAL)",13.75,{"$error":"#REF!"},null,0,{"$error":"#REF!"},0,{"$f":"TH!G$5","v":0},0]
[null,null,{"$f":"SUM(C288:C311)","v":99.999999999999986},{"$error":"#REF!"},0,0,{"$error":"#REF!"},0,0,0]

{"sheet":"TH","index":5,"n_rows":6,"n_cols":30,"rows_kept":6,"cut":false,"hidden":true,"merged":[[2,1,2,2],[2,6,2,7]]}
[]
[]
[null,"Presupuesto Inicial:",null,{"$f":"#REF!","v":{"$error":"#REF!"}},"Incluido en Planes:",{"$f":"#REF!","v":{"$error":"#REF!"}},"Total a PREaprobar en comisión:",null,{"$f":"C5+D5+E5","v":0}]
[]
[]
["COD. AF","COD. ESP.","ARABA/ÁLAVA","BIZKAIA","GIPUZKOA",null,"Á\u0081LAVA (SIN DISTRIBUCIÓN COMARCAL)","BAJO BIDASOA","OARSOALDEA","DONOSTIA-S.SEBASTIÁN","DONOSTIA OESTE","TOLOSA","MEDIO UROLA","GOIERRI","ALTO DEBA","BAJO DEBA","ALTO UROLA","COSTA UROLA","ARRATIA-ZORNOTZA","ARRATIA-NERVIÓN","BILBAO","BUSTURIALDEA","DURANGUESADO","ENCARTACIONES","GOBELA","IBAIZABAL","LEA-ARTIBAI","MARGEN IZQUIERDA","TXORIERRI","URIBEALDEA"]

{"sheet":"Familia","index":6,"n_rows":6,"n_cols":31,"rows_kept":6,"cut":false,"hidden":true,"merged":[[0,7,0,8]]}
[null,null,null,"Presupuesto Inicial:",{"$f":"#REF!","v":{"$error":"#REF!"}},"Incluido en Planes:",{"$f":"#REF!","v":{"$error":"#REF!"}},"Total a PREaprobar en comisión:",null,{"$f":"SUM(D5:AE5)","v":0}]
[null,null,"ARABA"]
[null,null,"BIZKAIA"]
[null,null,"GIPUZKOA"]
[null,null,"TOTAL"]
["COD. AF","COD. ESP.","TH","SIN FAMILIA","ADG","AFD","AGA","ARG","ART","COM","ELE","ENA","EOC","FCO","FME","HOT","IEX","IFC","IMA","IMP","IMS","INA","MAM","MAP","QUI","SAN","SEA","SSC","TCP","TMV","VIC"]

{"sheet":"CPs","index":7,"n_rows":6,"n_cols":10,"rows_kept":6,"cut":false,"hidden":true,"merged":[[0,7,0,8]]}
[null,null,null,"Presupuesto Inicial:",{"$f":"#REF!","v":{"$error":"#REF!"}},"Incluido en Planes:",{"$f":"#REF!","v":{"$error":"#REF!"}},"Total a PREaprobar en comisión:",null,{"$f":"D5+E5","v":0}]
[null,null,"ARABA"]
[null,null,"BIZKAIA"]
[null,null,"GIPUZKOA"]
[null,null,"TOTAL"]
["COD. AF","COD. ESP.","TH","CP","No CP"]

{"sheet":"Nivel","index":8,"n_rows":6,"n_cols":10,"rows_kept":6,"cut":false,"hidden":true,"merged":[[0,7,0,8]]}
[null,null,null,"Presupuesto Inicial:",{"$f":"#REF!","v":{"$error":"#REF!"}},"Incluido en Planes:",{"$f":"#REF!","v":{"$error":"#REF!"}},"Total a PREaprobar en comisión:",null,{"$f":"SUM(D5:H5)","v":0}]
[null,null,"ARABA"]
[null,null,"BIZKAIA"]
[null,null,"GIPUZKOA"]
[null,null,"TOTAL"]
["COD. AF","COD. ESP.","TH","SIN NIVEL","N0","N1","N2","N3 o superiores"]

{"sheet":"TipoActuacion","index":9,"n_rows":6,"n_cols":10,"rows_kept":6,"cut":false,"hidden":true,"merged":[[0,7,0,8]]}
[null,null,null,"Presupuesto Inicial:",{"$f":"#REF!","v":{"$error":"#REF!"}},"Incluido en Planes:",{"$f":"#REF!","v":{"$error":"#REF!"}},"Total a PREaprobar en comisión:",null,{"$f":"SUM(D5:E5)","v":0}]
[null,null,"ARABA"]
[null,null,"BIZKAIA"]
[null,null,"GIPUZKOA"]
[null,null,"TOTAL"]
["COD. AF","COD. ESP.","TH","Cualificantes","M. Empleabilidad"]

{"sheet":"ENTIDADES_AAFF","index":10,"n_rows":12,"n_cols":18,"rows_kept":12,"cut":false,"hidden":true,"merged":[]}
[]
[]
[]
[]
[]
[]
[]
[]
[]
[]
[null,"CIF","CAPACIDAD\nFINANCIERA\n 2013","CAPACIDAD\nFINANCIERA\n 2014","CAPACIDAD\nFINANCIERA\n 2015","SUBVENCIÓN\nENTIDAD\nORDINARIA","SUBVENCIÓN\nENTIDAD\nCOMP. CONTRA.","SUBVENCIÓN\nENTIDAD\nTOTAL","CENSO LANBIDE","CENSO SILCOI","CENTRO","TERRITORIO","IMPORTE 2015\nSOLICITADO","IMPORTE 2015\nLIQUIDADO","IMPORTE\nPLAN 2016","SUBVENCIÓN\nCENTRO\nORDINARIA","SUBVENCIÓN\nCENTRO\nCOMP. CONTRA.","SUBVENCIÓN\nCENTRO\nTOTAL"]
[null,null,"CÓDIGO ACCIÓN","ESPECIALIDAD","Nº ALUMNOS","HORAS","AF 3.3.A) o 3.3.B) ","IMPORTE SUBVENCIÓN","PUNTOS"]

{"sheet":"ANEXO1","index":11,"n_rows":145,"n_cols":33,"rows_kept":145,"cut":false,"hidden":false,"merged":[[111,1,111,33],[115,1,115,33],[0,1,0,2],[1,1,1,33],[35,1,35,33],[86,1,86,33],[89,1,89,33]]}
[null,"TH - Tipo Actuación",null,"FAMILIA","CÓDIGO ACCIÓN","ESPECIALIDAD","Nº ALUMNOS","HORAS","NIVEL","PTOS. A.1","PTOS. A.2","PTOS. A.3","PTOS. A.4","PTOS. A.5","PTOS. A.6","PTOS. B.1","PTOS. B.2","PTOS. B.3","PTOS. B.4","PTOS. B.5.1","PTOS. B.5.2","PTOS. B.5.3.1 + B.5.3.2","PTOS. B.5.3.1","PTOS. B.5.3.2","PTOS. B.5.4","PUNTOS","IMPORTE SUBVENCIÓN","CENTRO","CIF","ESTADO","MOTIVO","VALIDACION SUMA PTOS","VALIDACION DIFERENCIA PTOS"]
[null,"BIZKAIA - Acciones formativas para la adquisición de competencias básicas y transversales"]
[null,null,null," ",17482841,"SSCI0002OV - FORMACIÓN PREVIA A CERTIFICADOS DE PROFESIONALIDAD NIVEL 1: TAREAS BÁSICAS EN LA LIMPIEZA DE EDIFICIOS Y LOCALES",15,80,0,7,2,2,1,1,2,9,3,4,0,5,1,0,0,0,5,42,5676,"001662 - CENTRO FORMATIVO SORTARAZI","G48852578","APROBADA",null,{"$f":"SUM(J3,K3,L3,M3,N3,O3,P3,Q3,R3,S3,T3,U3,W3,X3,Y3)","v":42},{"$f":"IF(Z3 <> AF3,\"SI\",\"NO\")","v":"NO"}]
[null,null,null," ",17481719,"HOTA0001OV - FORMACIÓN PREVIA A CERTIFICADOS DE PROFESIONALIDAD NIVEL 1: TAREAS BÁSICAS EN EL SERVICIO DE ALOJAMIENTO",15,80,0,7,2,2,1,1,2,7,3,4,0,5,1,0,0,0,5,40,5676,"001662 - CENTRO FORMATIVO SORTARAZI","G48852578","APROBADA",null,40,"NO"]
[null,null,null," ",17482840,"HOTA0001OV - FORMACIÓN PREVIA A CERTIFICADOS DE PROFESIONALIDAD NIVEL 1: TAREAS BÁSICAS EN EL SERVICIO DE ALOJAMIENTO",15,80,0,7,2,2,1,1,2,7,3,4,0,5,1,0,0,0,5,40,5676,"001662 - CENTRO FORMATIVO SORTARAZI","G48852578","APROBADA",null,40,"NO"]
[null,null,null," ",17482866,"SSCI0002OV - FORMACIÓN PREVIA A CERTIFICADOS DE PROFESIONALIDAD NIVEL 1: TAREAS BÁSICAS EN LA LIMPIEZA DE EDIFICIOS Y LOCALES",15,80,0,7,2,2,1,1,2,5,3,3,3,6,0,0,0,0,5,40,5676,"000920 - FUNDACIÓN GIZAKIA","G48473045","APROBADA",null,40,"NO"]
[null,null,null," ",17481209,"FMEH0001OV - FORMACIÓN PREVIA A CERTIFICADOS DE PROFESIONALIDAD NIVEL 1: FAMILIA PROFESIONAL FABRICACIÓN MECÁNICA",15,80,0,7,2,2,1,1,2,5,0,5,3,5,1,0,0,0,5,39,6468,"000025 - CAPCPI_ADSIS_HLPPIB (Bizkaia)","G81436099","APROBADA",null,39,"NO"]
[null,null,null," ",17481215,"FCOO0001OV - COMPETENCIAS SOCIO-PERSONALES ENFOCADAS AL ENTORNO LABORAL",15,140,0,7,2,2,1,1,2,5,0,5,3,5,1,0,0,0,5,39,9933,"000025 - CAPCPI_ADSIS_HLPPIB (Bizkaia)","G81436099","APROBADA",null,39,"NO"]
[null,null,null," ",17481216,"FCOO0001OV - COMPETENCIAS SOCIO-PERSONALES ENFOCADAS AL ENTORNO LABORAL",15,140,0,7,2,2,1,1,2,5,0,5,3,5,1,0,0,0,5,39,9933,"000025 - CAPCPI_ADSIS_HLPPIB (Bizkaia)","G81436099","APROBADA",null,39,"NO"]
[null,null,null," ",17481221,"FCOV0001OV - COMPETENCIAS CLAVE PREVIA A CERTIFICADOS DE PROFESIONALIDAD NIVEL 1",15,150,0,7,2,2,1,1,2,5,0,5,3,5,1,0,0,0,5,39,10642.5,"000025 - CAPCPI_ADSIS_HLPPIB (Bizkaia)","G81436099","APROBADA",null,39,"NO"]
[null,null,null," ",17481220,"FCOV0001OV - COMPETENCIAS CLAVE PREVIA A CERTIFICADOS DE PROFESIONALIDAD NIVEL 1",15,150,0,7,2,2,1,1,2,5,0,5,3,5,1,0,0,0,5,39,10642.5,"000025 - CAPCPI_ADSIS_HLPPIB (Bizkaia)","G81436099","APROBADA",null,39,"NO"]
[null,null,null," ",17480648,"FCOO0001OV - COMPETENCIAS SOCIO-PERSONALES ENFOCADAS AL ENTORNO LABORAL",15,140,0,7,2,2,1,1,2,5,0,5,3,5,1,0,0,0,5,39,9933,"000025 - CAPCPI_ADSIS_HLPPIB (Bizkaia)","G81436099","APROBADA",null,39,"NO"]
[null,null,null," ",17480666,"FCOV0001OV - COMPETENCIAS CLAVE PREVIA A CERTIFICADOS DE PROFESIONALIDAD NIVEL 1",15,150,0,7,2,2,1,1,2,5,0,5,3,5,1,0,0,0,5,39,10642.5,"000025 - CAPCPI_ADSIS_HLPPIB (Bizkaia)","G81436099","APROBADA",null,39,"NO"]
[null,null,null," ",17481338,"FCOO0004OV - HABILIDADES SOCIO-LABORALES BÁSICAS PARA LA EMPLEABILIDAD",15,55,0,7,2,2,1,1,2,5,0,5,3,5,1,0,0,0,5,39,3902.25,"000025 - CAPCPI_ADSIS_HLPPIB (Bizkaia)","G81436099","APROBADA",null,39,"NO"]
[null,null,null," ",17482075,"FCOO0004OV - HABILIDADES SOCIO-LABORALES BÁSICAS PARA LA EMPLEABILIDAD",15,55,0,7,2,2,1,1,2,5,3,1,3,6,0,0,0,0,5,38,3902.25,"000423 - KOOPERA SERVICIOS SOCIALES Y FORMACION S.COOP.","F95808622","APROBADA",null,38,"NO"]
[null,null,null," ",17482089,"FCOO0004OV - HABILIDADES SOCIO-LABORALES BÁSICAS PARA LA EMPLEABILIDAD",15,55,0,7,2,2,1,1,2,5,3,1,3,6,0,0,0,0,5,38,3902.25,"000423 - KOOPERA SERVICIOS SOCIALES Y FORMACION S.COOP.","F95808622","APROBADA",null,38,"NO"]
[null,null,null," ",17482106,"FCOO0004OV - HABILIDADES SOCIO-LABORALES BÁSICAS PARA LA EMPLEABILIDAD",15,55,0,7,2,2,1,1,2,5,3,1,3,6,0,0,0,0,5,38,3902.25,"000423 - KOOPERA SERVICIOS SOCIALES Y FORMACION S.COOP.","F95808622","APROBADA",null,38,"NO"]
[null,null,null," ",17481709,"ELEE0002OV - FORMACIÓN PREVIA A CERTIFICADOS DE PROFESIONALIDAD NIVEL 1: ELECTRICIDAD BÁSICA DE LA VIVIENDA",15,80,0,7,2,2,1,1,2,5,3,4,0,5,1,0,0,0,5,38,6204,"001662 - CENTRO FORMATIVO SORTARAZI","G48852578","APROBADA",null,38,"NO"]
[null,null,null," ",17482092,"FCOO0004OV - HABILIDADES SOCIO-LABORALES BÁSICAS PARA LA EMPLEABILIDAD",15,55,0,7,2,2,1,1,2,5,3,1,3,6,0,0,0,0,5,38,3902.25,"000423 - KOOPERA SERVICIOS SOCIALES Y FORMACION S.COOP.","F95808622","APROBADA",null,38,"NO"]
[null,null,null," ",17482108,"FCOO0004OV - HABILIDADES SOCIO-LABORALES BÁSICAS PARA LA EMPLEABILIDAD",15,55,0,7,2,2,1,1,2,5,3,1,3,6,0,0,0,0,5,38,3902.25,"000423 - KOOPERA SERVICIOS SOCIALES Y FORMACION S.COOP.","F95808622","APROBADA",null,38,"NO"]
[null,null,null," ",17482087,"FCOO0004OV - HABILIDADES SOCIO-LABORALES BÁSICAS PARA LA EMPLEABILIDAD",15,55,0,7,2,2,1,1,2,5,3,1,3,6,0,0,0,0,5,38,3902.25,"000423 - KOOPERA SERVICIOS SOCIALES Y FORMACION S.COOP.","F95808622","APROBADA",null,38,"NO"]
[null,null,null," ",17481428,"ELEQ0081V - OPERARIO DE MONTAJES ELECTRICOS Y ELECTRONICOS EN PROCESOS INDUSTRIALES",10,130,0,7,2,2,1,1,2,5,6,2,0,4,1,0,0,0,5,38,8866,"001661 - Lantegi Batuak Sondika","G48945166","APROBADA",null,38,"NO"]
[null,null,null," ",17481722,"IMPE0002OV - FORMACIÓN PREVIA A CERTIFICADOS DE PROFESIONALIDAD NIVEL 1: TAREAS BÁSICAS DE ESTÉTICA Y CUIDADOS PERSONALES",15,240,0,7,2,2,1,1,2,5,3,4,0,5,1,0,0,0,5,38,18612,"001662 - CENTRO FORMATIVO SORTARAZI","G48852578","APROBADA",null,38,"NO"]
[null,null,null," ",17482110,"FCOO0001OV - COMPETENCIAS SOCIO-PERSONALES ENFOCADAS AL ENTORNO LABORAL",10,140,0,7,2,2,1,1,2,5,3,1,3,6,0,0,0,0,5,38,8932,"000423 - KOOPERA SERVICIOS SOCIALES Y FORMACION S.COOP.","F95808622","APROBADA",null,38,"NO"]
[null,null,null," ",17482098,"FCOO0001OV - COMPETENCIAS SOCIO-PERSONALES ENFOCADAS AL ENTORNO LABORAL",15,140,0,7,2,2,1,1,2,5,3,1,3,6,0,0,0,0,5,38,9933,"000423 - KOOPERA SERVICIOS SOCIALES Y FORMACION S.COOP.","F95808622","APROBADA",null,38,"NO"]
[null,null,null," ",17480552,"FCOV0057V - ENTRENAMIENTO EN COMPETENCIAS PERSONALES Y PROFESIONALES",15,150,1,7,3,2,2,1,2,5,3,0,2,6,0,0,0,0,5,38,10642.5,"000102 - SERVIC. EMPRESARIALES Y TECNOLOGIAS INFORMACION S","B48683528","APROBADA",null,38,"NO"]
[null,null,null," ",17482842,"FCOO01 - INSERCION LABORAL Y TECNICAS DE BUSQUEDA DE EMPLEO",20,15,2,7,4,1,2,1,2,5,6,5,3,10,2,10,5,5,5,63,1565.03,"000077 - PEÑASCAL, S. COOP","F48537518","APROBADA",null,63,"NO"]
[null,null,null," ",17482786,"FCOI0001OV - COMPETENCIAS DIGITALES",20,50,2,7,4,1,2,1,2,5,6,5,3,10,2,10,5,5,5,63,5216.75,"000077 - PEÑASCAL, S. COOP","F48537518","APROBADA",null,63,"NO"]
[null,null,null," ",17482899,"SSCE03 - INGLÉS B1",15,240,2,7,4,1,3,1,2,8,5,4,3,6,1,1,1,0,5,51,24631.200000000001,"000009 - CENTRO SAN LUIS","B48153555","APROBADA",null,51,"NO"]
[null,null,null," ",17482977,"SSCE03 - INGLÉS B1",15,240,2,7,4,1,3,3,2,5,6,5,3,4,1,1,1,0,5,50,17028,"000105 - CENTRO DE FORMACIÓN RAFER, S.L.","B95739595","APROBADA",null,50,"NO"]
[null,null,null," ",17482947,"FCOV07 - COMUNICACIÓN EN LENGUAS EXTRANJERAS (FRANCÉS) N2",15,180,2,7,4,2,3,1,2,5,6,5,3,6,1,0,0,0,5,50,13632.3,"000219 - KONECTIA SERVICIOS INTEGRALES","B95453874","APROBADA",null,50,"NO"]
[null,null,null," ",17482946,"FCOV05 - COMUNICACIÓN EN LENGUAS EXTRANJERAS (INGLÉS) N2",15,180,2,7,4,2,2,1,2,5,6,5,3,6,1,0,0,0,5,49,13632.3,"000219 - KONECTIA SERVICIOS INTEGRALES","B95453874","APROBADA",null,49,"NO"]
[null,null,null," ",17482948,"FCOV09 - COMUNICACIÓN EN LENGUAS EXTRANJERAS (ALEMÁN) N2",15,180,2,7,4,2,2,1,2,5,6,5,3,6,1,0,0,0,5,49,13632.3,"000219 - KONECTIA SERVICIOS INTEGRALES","B95453874","APROBADA",null,49,"NO"]
[null,null,null," ",17482974,"FCOV05 - COMUNICACIÓN EN LENGUAS EXTRANJERAS (INGLÉS) N2",15,180,2,7,4,2,2,1,2,5,6,5,3,4,1,1,1,0,5,48,12771,"000105 - CENTRO DE FORMACIÓN RAFER, S.L.","B95739595","APROBADA",null,48,"NO"]
[null,null,null," ",17482990,"FCOV06 - COMUNICACIÓN EN LENGUAS EXTRANJERAS (INGLÉS) N3",15,180,3,7,2,2,2,1,2,5,6,5,3,4,1,1,1,0,5,46,12771,"000105 - CENTRO DE FORMACIÓN RAFER, S.L.","B95739595","APROBADA",null,46,"NO"]
[null,"BIZKAIA - Cualificantes"]
[null,null,null,"ADG",17482314,"ADGD0308 - ACTIVIDADES DE GESTIÓN ADMINISTRATIVA",15,340,2,6,4,4,9,3,2,7,6,5,3,4,1,1,1,0,7,62,24123,"000105 - CENTRO DE FORMACIÓN RAFER, S.L.","B95739595","APROBADA",null,{"$f":"SUM(J37,K37,L37,M37,N37,O37,P37,Q37,R37,S37,T37,U37,W37,X37,Y37)","v":62},{"$f":"IF(Z37 <> AF37,\"SI\",\"NO\")","v":"NO"}]
[null,null,null," ",17482346,"ADGD0308 - ACTIVIDADES DE GESTIÓN ADMINISTRATIVA",15,460,2,6,4,4,9,3,2,7,6,5,3,4,1,1,1,0,7,62,32637,"000105 - CENTRO DE FORMACIÓN RAFER, S.L.","B95739595","APROBADA",null,62,"NO"]
[null,null,null," ",17481340,"ADGD0308 - ACTIVIDADES DE GESTIÓN ADMINISTRATIVA",15,800,2,6,4,4,9,1,2,5,6,5,3,6,1,0,0,0,8,60,60588,"000219 - KONECTIA SERVICIOS INTEGRALES","B95453874","APROBADA",null,60,"NO"]
[null,null,null," ",17480607,"ADGD0308 - ACTIVIDADES DE GESTIÓN ADMINISTRATIVA",20,800,2,6,4,4,9,1,2,9,5,2,3,6,1,1,1,0,7,60,62480,"000160 - SARRIKO BUSINESS SCHOOL","B48488472","APROBADA",null,60,"NO"]
[null,null,null," ",17482828,"ADGD0308 - ACTIVIDADES DE GESTIÓN ADMINISTRATIVA",20,160,2,6,4,4,9,1,2,9,5,2,3,6,1,1,1,0,7,60,12496,"000160 - SARRIKO BUSINESS SCHOOL","B48488472","APROBADA",null,60,"NO"]
[null,null,null," ",17482829,"ADGD0308 - ACTIVIDADES DE GESTIÓN ADMINISTRATIVA",20,180,2,6,4,4,9,1,2,9,5,2,3,6,1,1,1,0,7,60,14058,"000160 - SARRIKO BUSINESS SCHOOL","B48488472","APROBADA",null,60,"NO"]
[null,null,null," ",17482830,"ADGD0308 - ACTIVIDADES DE GESTIÓN ADMINISTRATIVA",20,120,2,6,4,4,9,1,2,9,5,2,3,6,1,1,1,0,7,60,9372,"000160 - SARRIKO BUSINESS SCHOOL","B48488472","APROBADA",null,60,"NO"]
[null,null,null," ",17482831,"ADGD0308 - ACTIVIDADES DE GESTIÓN ADMINISTRATIVA",20,150,2,6,4,4,9,1,2,9,5,2,3,6,1,1,1,0,7,60,11715,"000160 - SARRIKO BUSINESS SCHOOL","B48488472","APROBADA",null,60,"NO"]
[null,null,null,"AFD",17482889,"AFDP0209 - SOCORRISMO EN ESPACIOS ACUÁTICOS NATURALES",15,340,2,2,4,4,7,1,2,9,6,5,3,6,1,0,0,0,5,55,34164.9,"000219 - KONECTIA SERVICIOS INTEGRALES","B95453874","APROBADA",null,55,"NO"]
[null,null,null,"COM",17482787,"COML0110 - ACTIVIDADES AUXILIARES DE ALMACÉN",15,170,1,4,3,4,10,1,2,8,6,5,3,10,2,10,5,5,5,73,20400,"000077 - PEÑASCAL, S. COOP","F48537518","APROBADA",null,73,"NO"]
[null,null,null," ",17482927,"COMT0211 - ACTIVIDADES AUXILIARES DE COMERCIO",15,230,1,4,3,4,10,1,2,8,6,5,3,6,1,0,0,0,10,63,17419.05,"000219 - KONECTIA SERVICIOS INTEGRALES","B95453874","APROBADA",null,63,"NO"]
[null,null,null," ",17482934,"COMT0211 - ACTIVIDADES AUXILIARES DE COMERCIO",15,230,1,4,3,4,10,1,2,8,6,5,3,6,1,0,0,0,10,63,17419.05,"000219 - KONECTIA SERVICIOS INTEGRALES","B95453874","APROBADA",null,63,"NO"]
[null,null,null," ",17480044,"COML0110 - ACTIVIDADES AUXILIARES DE ALMACÉN",15,170,1,4,3,4,10,1,2,5,6,4,3,8,0,1,1,0,9,60,20400,"000039 - LEA ARTIBAI IKASTETXEA","F48086243","APROBADA",null,60,"NO"]
[null,null,null," ",17480643,"COML0110 - ACTIVIDADES AUXILIARES DE ALMACÉN",16,170,1,4,3,4,10,1,2,5,4,4,3,6,1,1,1,0,9,57,17989.400000000001,"002237 - ASOC. PARA LA INSERCIÓN SOCIAL ZABALTZEN DE DURANGO","G48487748","APROBADA",null,57,"NO"]
[null,null,null," ",17482941,"COMT0112 - ACTIVIDADES DE GESTIÓN DEL PEQUEÑO COMERCIO",15,450,2,4,4,4,8,1,2,8,6,5,3,6,1,0,0,0,7,59,34080.75,"000219 - KONECTIA SERVICIOS INTEGRALES","B95453874","APROBADA",null,59,"NO"]
[null,null,null,"ELE",17482123,"ELEE0109 - MONTAJE Y MANTENIMIENTO DE INSTALACIONES ELÉCTRICAS DE BAJA TENSIÓN",14,240,2,3,4,4,10,1,2,6,6,4,3,8,1,2,2,0,6,60,25766.400000000001,"000033 - CENTRO DE FORMACION SOMORROSTRO","R4800613D","APROBADA",null,60,"NO"]
[null,null,null," ",17482844,"ELES0108 - MONTAJE Y MANTENIMIENTO DE INFRAESTRUCTURAS DE TELECOMUNICACIONES EN EDIFICIOS",15,330,2,3,4,4,8,1,2,6,7,5,3,6,1,0,0,0,8,58,25591.5,"000015 - CENTRO DE ENSEÑANZA SAN ROQUE,S.L.","B48700280","APROBADA",null,58,"NO"]
[null,null,null,"EOC",17482989,"EOCO0108 - REPRESENTACIÓN DE PROYECTOS DE EDIFICACIÓN",18,90,3,2,2,4,7,1,2,7,6,2,3,6,0,0,0,0,5,47,7484.4,"000197 - CENTRO DE ESTUDIOS INATEC","B95060935","APROBADA",null,47,"NO"]
[null,null,null,"FME",17482971,"FMEC0110 - SOLDADURA CON ELECTRODO REVESTIDO Y TIG",15,400,2,7,4,4,10,1,2,6,4,4,3,6,1,1,1,0,8,61,38280,"001605 - ASOCIACIÓN PARA LA INSERCIÓN SOCIAL ZABALTZEN","G48487748","APROBADA",null,61,"NO"]
[null,null,null," ",17482970,"FMEC0110 - SOLDADURA CON ELECTRODO REVESTIDO Y TIG",15,640,2,7,4,4,10,1,2,6,4,4,3,6,1,1,1,0,8,61,61248,"001605 - ASOCIACIÓN PARA LA INSERCIÓN SOCIAL ZABALTZEN","G48487748","APROBADA",null,61,"NO"]
[null,null,null," ",17481047,"FMEC0110 - SOLDADURA CON ELECTRODO REVESTIDO Y TIG",16,400,2,7,4,4,10,1,2,8,6,0,3,6,0,0,0,0,9,60,41426,"000041 - NUEVAS TECNICAS PROFESIONALES","B48477004","APROBADA",null,60,"NO"]
[null,null,null," ",17481038,"FMEC0110 - SOLDADURA CON ELECTRODO REVESTIDO Y TIG",16,400,2,7,4,4,10,1,2,8,6,0,3,6,0,0,0,0,9,60,41426,"000041 - NUEVAS TECNICAS PROFESIONALES","B48477004","APROBADA",null,60,"NO"]
[null,null,null," ",17481049,"FMEC0110 - SOLDADURA CON ELECTRODO REVESTIDO Y TIG",16,400,2,7,4,4,10,1,2,8,6,0,3,6,0,0,0,0,9,60,41426,"000041 - NUEVAS TECNICAS PROFESIONALES","B48477004","APROBADA",null,60,"NO"]
[null,null,null," ",17481051,"FMEC0110 - SOLDADURA CON ELECTRODO REVESTIDO Y TIG",16,400,2,7,4,4,10,1,2,8,6,0,3,6,0,0,0,0,9,60,41426,"000041 - NUEVAS TECNICAS PROFESIONALES","B48477004","APROBADA",null,60,"NO"]
[null,null,null," ",17481050,"FMEC0110 - SOLDADURA CON ELECTRODO REVESTIDO Y TIG",16,370,2,7,4,4,10,1,2,8,6,0,3,6,0,0,0,0,9,60,38319.050000000003,"000041 - NUEVAS TECNICAS PROFESIONALES","B48477004","APROBADA",null,60,"NO"]
[null,null,null," ",17481048,"FMEC0110 - SOLDADURA CON ELECTRODO REVESTIDO Y TIG",16,370,2,7,4,4,10,1,2,8,6,0,3,6,0,0,0,0,9,60,38319.050000000003,"000041 - NUEVAS TECNICAS PROFESIONALES","B48477004","APROBADA",null,60,"NO"]
[null,null,null," ",17481042,"FMEC0110 - SOLDADURA CON ELECTRODO REVESTIDO Y TIG",16,370,2,7,4,4,10,1,2,8,6,0,3,6,0,0,0,0,9,60,38319.050000000003,"000041 - NUEVAS TECNICAS PROFESIONALES","B48477004","APROBADA",null,60,"NO"]
[null,null,null," ",17480099,"FMEC0110 - SOLDADURA CON ELECTRODO REVESTIDO Y TIG",15,370,2,7,4,4,10,1,2,8,6,2,3,5,0,0,0,0,8,60,44400,"000014 - MARISTAS SAN MIGUEL IKASTETXEA","R4800504E","APROBADA",null,60,"NO"]
[null,null,null," ",17482130,"FMEC0208 - DISEÑO DE CALDERERÍA Y ESTRUCTURAS METÁLICAS",14,310,3,7,2,4,9,1,2,5,6,4,3,8,1,2,2,0,7,61,34236.400000000001,"000033 - CENTRO DE FORMACION SOMORROSTRO","R4800613D","APROBADA",null,61,"NO"]
[null,null,null,"HOT",17482784,"HOTR0108 - OPERACIONES BÁSICAS DE COCINA",15,120,1,6,3,4,10,1,2,6,6,5,3,10,2,10,5,5,7,75,14038.2,"000077 - PEÑASCAL, S. COOP","F48537518","APROBADA",null,75,"NO"]
[null,null,null," ",17482785,"HOTR0109 - OPERACIONES BÁSICAS DE PASTELERÍA",15,120,1,6,3,4,10,1,2,6,6,5,3,10,2,10,5,5,5,73,12058.2,"000077 - PEÑASCAL, S. COOP","F48537518","APROBADA",null,73,"NO"]
[null,null,null," ",17480019,"HOTR0108 - OPERACIONES BÁSICAS DE COCINA",15,270,1,6,3,4,10,1,2,7,3,5,3,6,1,0,0,0,9,60,24502.5,"000004 - EIDE S.L. ESCUELA INTERNAC. PARA EDUCACION Y DESA","B48474647","APROBADA",null,60,"NO"]
[null,null,null," ",17480018,"HOTR0108 - OPERACIONES BÁSICAS DE COCINA",15,270,1,6,3,4,10,1,2,7,3,5,3,6,1,0,0,0,9,60,24502.5,"000004 - EIDE S.L. ESCUELA INTERNAC. PARA EDUCACION Y DESA","B48474647","APROBADA",null,{"$f":"SUM(J69,K69,L69,M69,N69,O69,P69,Q69,R69,S69,T69,U69,W69,X69,Y69)","v":60},{"$f":"IF(Z69 <> AF69,\"SI\",\"NO\")","v":"NO"}]
[null,null,null," ",17480363,"HOTR0108 - OPERACIONES BÁSICAS DE COCINA",14,270,1,6,3,4,10,1,2,5,0,0,0,5,0,1,1,0,8,45,23760,"000383 - AHOPEKA","G95175733","APROBADA",null,45,"NO"]
[null,null,null," ",17482799,"HOTR0608 - SERVICIOS DE RESTAURANTE",15,500,2,6,4,4,10,1,2,7,3,5,3,6,1,0,0,0,8,60,38775,"000004 - EIDE S.L. ESCUELA INTERNAC. PARA EDUCACION Y DESA","B48474647","APROBADA",null,60,"NO"]
[null,null,null,"IFC",17482967,"IFCT0209 - SISTEMAS MICROINFORMÁTICOS",15,560,2,4,4,4,9,1,2,7,7,4,3,6,1,0,0,0,7,59,57472.800000000003,"002671 - CENTRO INFORMÁTICO Y GESTIÓN MEATZE, S.L.","B48875306","APROBADA",null,59,"NO"]
[null,null,null," ",17482964,"IFCD0110 - CONFECCIÓN Y PUBLICACIÓN DE PÁGINAS WEB",15,390,2,4,4,4,6,1,2,9,3,5,3,8,1,1,1,0,7,58,28120.95,"000005 - AGRUPACION DE SOCIEDADES LABORALES DE EUSKADI","G48156996","APROBADA",null,58,"NO"]
[null,null,null,"IMA",17482791,"IMAR0408 - MONTAJE Y MANTENIMIENTO DE INSTALACIONES CALORÍFICAS",15,380,2,3,4,4,6,1,2,8,6,2,3,5,0,0,0,0,5,49,44015.4,"000014 - MARISTAS SAN MIGUEL IKASTETXEA","R4800504E","APROBADA",null,49,"NO"]
[null,null,null,"IMP",17482797,"IMPQ0108 - SERVICIOS AUXILIARES DE PELUQUERÍA",15,210,1,3,3,4,7,1,2,9,3,4,3,4,0,0,0,0,8,51,21552.3,"000405 - ASOCIACION CONTRA LA EXCLUSIÓN SOCIAL MARGOTU","G95206934","APROBADA",null,51,"NO"]
[null,null,null," ",17480225,"IMPQ0108 - SERVICIOS AUXILIARES DE PELUQUERÍA",20,210,1,3,3,4,7,1,2,8,5,2,3,5,0,1,1,0,7,51,23053.8,"000319 - CENTRO DE FORMACIÓN PROFESIONAL ARCE","B48667968","APROBADA",null,51,"NO"]
[null,null,null,"IMS",17482858,"IMSV0209 - DESARROLLO DE PRODUCTOS AUDIOVISUALES MULTIMEDIA INTERACTIVOS",15,240,3,2,2,4,3,3,2,5,4,4,3,5,1,0,0,0,5,43,27126,"000242 - HARROBIA","F95164273","APROBADA",null,43,"NO"]
[null,null,null,"SEA",17482172,"SEAG0211 - GESTIÓN AMBIENTAL",14,420,3,3,2,4,7,1,2,5,6,4,3,8,1,2,2,0,5,53,47040,"000033 - CENTRO DE FORMACION SOMORROSTRO","R4800613D","APROBADA",null,53,"NO"]
[null,null,null,"SSC",17482944,"SSCM0108 - LIMPIEZA DE SUPERFICIES Y MOBILIARIO EN EDIFICIOS Y LOCALES",15,150,1,7,3,4,10,1,2,6,5,5,3,10,1,1,1,0,9,67,10642.5,"000043 - FONDO FORMACION EUSKADI,S.L.L.","B95237053","APROBADA",null,67,"NO"]
[null,null,null," ",17480653,"SSCM0108 - LIMPIEZA DE SUPERFICIES Y MOBILIARIO EN EDIFICIOS Y LOCALES",15,150,1,7,3,4,10,1,2,7,5,4,3,8,1,1,1,0,5,61,10642.5,"000088 - IFAP INSTITUTO PARA FORMACION DE ACTIVIDADES PRAC","B48746606","APROBADA",null,61,"NO"]
[null,null,null," ",17482943,"SSCS0208 - ATENCIÓN SOCIOSANITARIA A PERSONAS DEPENDIENTES EN INSTITUCIONES SOCIALES",15,100,2,7,4,4,10,1,2,6,5,5,3,10,1,1,1,0,8,67,7095,"000043 - FONDO FORMACION EUSKADI,S.L.L.","B95237053","APROBADA",null,67,"NO"]
[null,null,null," ",17482839,"SSCS0108 - ATENCIÓN SOCIOSANITARIA A PERSONAS EN EL DOMICILIO",15,480,2,7,4,4,10,1,2,7,6,5,3,4,1,0,0,0,8,62,49262.400000000001,"000397 - SERVICIOS SOCIALES INTEGRADOS S. COOP","F48214787","APROBADA",null,62,"NO"]
[null,null,null," ",17481542,"SSCS0208 - ATENCIÓN SOCIOSANITARIA A PERSONAS DEPENDIENTES EN INSTITUCIONES SOCIALES",20,370,2,7,4,4,10,1,2,7,6,2,3,6,1,0,0,0,8,61,28897,"000013 - CRUZ ROJA BIZKAIA","Q2866001G","APROBADA",null,61,"NO"]
[null,null,null," ",17480047,"SSCS0208 - ATENCIÓN SOCIOSANITARIA A PERSONAS DEPENDIENTES EN INSTITUCIONES SOCIALES",16,370,2,7,4,4,10,1,2,7,4,4,3,6,1,1,1,0,7,61,26780.6,"001771 - ASOCIACION PARA LA INSERCION SOCIAL ZABALTZEN DE","G48487748","APROBADA",null,61,"NO"]
[null,null,null," ",17482838,"SSCE0110 - DOCENCIA DE LA FORMACIÓN PROFESIONAL PARA EL EMPLEO",15,340,3,7,2,4,9,1,2,7,5,4,3,8,1,1,1,0,5,59,24123,"000069 - IFAP-BILBAO","B48746606","APROBADA",null,59,"NO"]
[null,null,null,"TMV",17480921,"TMVC0003OV - OBTENCIÓN DEL PERMISO DE CONDUCCIÓN CLASES \"C1-C\", \"CAP\" y \"ADR\"",15,425,2,4,4,1,10,1,2,8,6,4,2,6,1,0,0,0,5,54,43477.5,"000183 - CENTRO EDUCACION VIAL REKORD S.L.","B48845101","APROBADA",null,54,"NO"]
[null,"ARABA/ÁLAVA - Acciones formativas para la adquisición de competencias básicas y transversales"]
[null,null,null," ",17010517,"FCOV05 - COMUNICACIÓN EN LENGUAS EXTRANJERAS (INGLÉS) N2",15,180,2,7,4,2,2,1,2,6,5,5,3,10,1,1,1,0,5,54,12771,"000191 - FONDO FORMACION EUSKADI, S.L.L.","B95237053","APROBADA",null,{"$f":"SUM(J88,K88,L88,M88,N88,O88,P88,Q88,R88,S88,T88,U88,W88,X88,Y88)","v":54},{"$f":"IF(Z88 <> AF88,\"SI\",\"NO\")","v":"NO"}]
[null,null,null," ",17010554,"FCOO01 - INSERCION LABORAL Y TECNICAS DE BUSQUEDA DE EMPLEO",15,15,2,7,4,1,2,1,2,6,5,5,3,10,1,1,1,0,5,53,1064.25,"000191 - FONDO FORMACION EUSKADI, S.L.L.","B95237053","APROBADA",null,{"$f":"SUM(J89,K89,L89,M89,N89,O89,P89,Q89,R89,S89,T89,U89,W89,X89,Y89)","v":53},{"$f":"IF(Z89 <> AF89,\"SI\",\"NO\")","v":"NO"}]
[null,"ARABA/ÁLAVA - Cualificantes"]
[null,null,null,"ADG",17010523,"ADGD0308 - ACTIVIDADES DE GESTIÓN ADMINISTRATIVA",15,370,2,6,4,4,9,1,2,8,6,3,3,6,0,0,0,0,8,60,28021.95,"000001 - CENTRO DE ESTUDIOS ALAVA","B01504117","APROBADA",null,{"$f":"SUM(J91,K91,L91,M91,N91,O91,P91,Q91,R91,S91,T91,U91,W91,X91,Y91)","v":60},{"$f":"IF(Z91 <> AF91,\"SI\",\"NO\")","v":"NO"}]
[null,null,null,"AFD",17010049,"AFDA0110 - ACONDICIONAMIENTO FÍSICO EN GRUPO CON SOPORTE MUSICAL",15,470,3,2,2,4,8,1,2,7,2,1,0,0,0,0,0,0,7,36,34897.5,"001442 - FITNESS GASTEIZ","B01339647","APROBADA",null,36,"NO"]
[null,null,null,"COM",17010077,"COML0110 - ACTIVIDADES AUXILIARES DE ALMACÉN",15,170,1,4,3,4,10,1,2,7,3,5,3,6,1,0,0,0,9,58,17391,"000170 - AUTOESCUELA CLAXON","B01032598","APROBADA",null,58,"NO"]
[null,null,null," ",17010091,"COML0110 - ACTIVIDADES AUXILIARES DE ALMACÉN",15,170,1,4,3,4,10,1,2,7,3,5,3,6,1,0,0,0,9,58,17391,"000170 - AUTOESCUELA CLAXON","B01032598","APROBADA",null,58,"NO"]
[null,null,null," ",17010086,"COML0110 - ACTIVIDADES AUXILIARES DE ALMACÉN",15,50,1,4,3,4,10,1,2,7,3,5,3,6,1,0,0,0,9,58,5115,"000170 - AUTOESCUELA CLAXON","B01032598","APROBADA",null,58,"NO"]
[null,null,null," ",17010082,"COML0110 - ACTIVIDADES AUXILIARES DE ALMACÉN",15,170,1,4,3,4,10,1,2,7,3,5,3,6,1,0,0,0,9,58,17391,"000170 - AUTOESCUELA CLAXON","B01032598","APROBADA",null,58,"NO"]
[null,null,null,"FME",17010176,"FMEC0209 - DISEÑO DE TUBERÍA INDUSTRIAL",15,440,3,7,2,4,10,1,2,7,5,3,3,5,1,0,0,0,5,55,49513.2,"000174 - ESCUELA ALAVESA DE SOLDADORES, S.L.L.","B01321819","APROBADA",null,55,"NO"]
[null,null,null,"HOT",17010543,"HOTI0108 - PROMOCIÓN TURÍSTICA LOCAL E INFORMACIÓN AL VISITANTE",15,570,3,6,2,4,10,1,2,5,3,3,3,6,3,0,0,0,8,56,43074.9,"002627 - HEGALA NORTE II","B01334291","APROBADA",null,56,"NO"]
[null,null,null," ",17010542,"HOTG0208 - VENTA DE PRODUCTOS Y SERVICIOS TURÍSTICOS",15,550,3,6,2,4,10,1,2,5,3,3,3,6,3,0,0,0,5,53,41563.5,"002627 - HEGALA NORTE II","B01334291","APROBADA",null,53,"NO"]
[null,null,null,"IFC",17010388,"IFCT21 - USUARIO FINAL SAP ERP- ÁREA ECONÓMICO FINANCIERO",15,160,2,4,4,3,5,1,2,5,5,1,0,0,0,0,0,0,5,35,11352,"000420 - P&S GLOBAL MIRANDA","B09359811","APROBADA",null,35,"NO"]
[null,null,null," ",17010390,"IFCT22 - USUARIO FINAL SAP ERP ÁREA LOGÍSTICA",15,160,2,4,4,3,5,1,2,5,5,1,0,0,0,0,0,0,5,35,11352,"000420 - P&S GLOBAL MIRANDA","B09359811","APROBADA",null,35,"NO"]
[null,null,null,"IMP",17010065,"IMPQ0108 - SERVICIOS AUXILIARES DE PELUQUERÍA",15,210,1,3,3,4,7,1,2,8,0,0,3,4,0,0,0,0,5,40,15904.35,"000226 - ACADEMIA NUEVA IMAGEN","16543946T","APROBADA",null,40,"NO"]
[null,null,null,"SSC",17010120,"SSCM0108 - LIMPIEZA DE SUPERFICIES Y MOBILIARIO EN EDIFICIOS Y LOCALES",15,150,1,7,3,4,10,1,2,7,3,5,3,6,1,0,0,0,8,60,10642.5,"000170 - AUTOESCUELA CLAXON","B01032598","APROBADA",null,60,"NO"]
[null,null,null," ",17010096,"SSCM0108 - LIMPIEZA DE SUPERFICIES Y MOBILIARIO EN EDIFICIOS Y LOCALES",15,150,1,7,3,4,10,1,2,7,3,5,3,6,1,0,0,0,8,60,10642.5,"000170 - AUTOESCUELA CLAXON","B01032598","APROBADA",null,60,"NO"]
[null,null,null," ",17010071,"SSCS0208 - ATENCIÓN SOCIOSANITARIA A PERSONAS DEPENDIENTES EN INSTITUCIONES SOCIALES",15,370,2,7,4,4,10,1,2,8,5,4,3,8,1,0,0,0,5,62,28021.95,"000068 - CEAM S.L.","B01030766","APROBADA",null,62,"NO"]
[null,null,null," ",17010072,"SSCS0208 - ATENCIÓN SOCIOSANITARIA A PERSONAS DEPENDIENTES EN INSTITUCIONES SOCIALES",15,370,2,7,4,4,10,1,2,8,5,4,3,8,1,0,0,0,5,62,28021.95,"000068 - CEAM S.L.","B01030766","APROBADA",null,62,"NO"]
[null,null,null," ",17010016,"SSCS0208 - ATENCIÓN SOCIOSANITARIA A PERSONAS DEPENDIENTES EN INSTITUCIONES SOCIALES",16,370,2,7,4,4,10,1,2,7,6,2,3,6,1,0,0,0,8,61,26780.6,"000158 - CRUZ ROJA DE ALAVA","Q2866001G","APROBADA",null,61,"NO"]
[null,null,null," ",17010205,"SSCS0208 - ATENCIÓN SOCIOSANITARIA A PERSONAS DEPENDIENTES EN INSTITUCIONES SOCIALES",15,370,2,7,4,4,10,1,2,7,3,3,3,6,3,0,0,0,6,59,26739.9,"000097 - HEGALA NORTE","B01334291","APROBADA",null,59,"NO"]
[null,null,null," ",17010200,"SSCS0208 - ATENCIÓN SOCIOSANITARIA A PERSONAS DEPENDIENTES EN INSTITUCIONES SOCIALES",15,370,2,7,4,4,10,1,2,7,3,3,3,6,3,0,0,0,6,59,26739.9,"000097 - HEGALA NORTE","B01334291","APROBADA",null,59,"NO"]
[null,null,null," ",17010204,"SSCS0208 - ATENCIÓN SOCIOSANITARIA A PERSONAS DEPENDIENTES EN INSTITUCIONES SOCIALES",15,370,2,7,4,4,10,1,2,7,3,3,3,6,3,0,0,0,6,59,26739.9,"000097 - HEGALA NORTE","B01334291","APROBADA",null,59,"NO"]
[null,null,null," ",17010207,"SSCS0208 - ATENCIÓN SOCIOSANITARIA A PERSONAS DEPENDIENTES EN INSTITUCIONES SOCIALES",15,370,2,7,4,4,10,1,2,7,3,3,3,6,3,0,0,0,6,59,26739.9,"000097 - HEGALA NORTE","B01334291","APROBADA",null,59,"NO"]
[null,"GIPUZKOA - Acciones formativas para la adquisición de competencias básicas y transversales"]
[null,null,null," ",17200346,"FMEM0064V - FORMACIÓN PRELABORAL: OPERARIO DE MECANIZADO Y ENSAMBLAJE DE MUEBLE METÁLICO",12,370,0,7,2,2,1,1,2,5,6,2,3,4,1,0,0,0,5,41,27594.6,"001663 - SUTARGI S.A.L.","A20404828","APROBADA",null,{"$f":"SUM(J113,K113,L113,M113,N113,O113,P113,Q113,R113,S113,T113,U113,W113,X113,Y113)","v":41},{"$f":"IF(Z113 <> AF113,\"SI\",\"NO\")","v":"NO"}]
[null,null,null," ",17201651,"SSCE03 - INGLÉS B1",15,240,2,7,4,1,3,3,2,5,5,5,3,5,2,1,1,0,5,51,24631.200000000001,"000152 - IKASI CENTRO DE FORMACION","E20584553","APROBADA",null,{"$f":"SUM(J114,K114,L114,M114,N114,O114,P114,Q114,R114,S114,T114,U114,W114,X114,Y114)","v":51},{"$f":"IF(Z114 <> AF114,\"SI\",\"NO\")","v":"NO"}]
[null,null,null," ",17200048,"FCOV07 - COMUNICACIÓN EN LENGUAS EXTRANJERAS (FRANCÉS) N2",15,180,2,7,4,2,3,1,2,5,5,2,3,5,0,0,0,0,5,44,18473.400000000001,"000322 - CENTRO FORMACION ADMINISTRACION Y HOSTELERIA (CDEA)","B20676680","APROBADA",null,{"$f":"SUM(J115,K115,L115,M115,N115,O115,P115,Q115,R115,S115,T115,U115,W115,X115,Y115)","v":44},{"$f":"IF(Z115 <> AF115,\"SI\",\"NO\")","v":"NO"}]
[null,"GIPUZKOA - Cualificantes"]
[null,null,null,"ADG",17200200,"ADGD0308 - ACTIVIDADES DE GESTIÓN ADMINISTRATIVA",16,90,2,6,4,4,9,1,2,5,5,1,0,0,0,0,0,0,6,43,6514.2,"000023 - CHIP'S INFORMATICA","B20167821","APROBADA",null,{"$f":"SUM(J117,K117,L117,M117,N117,O117,P117,Q117,R117,S117,T117,U117,W117,X117,Y117)","v":43},{"$f":"IF(Z117 <> AF117,\"SI\",\"NO\")","v":"NO"}]
[null,null,null,"AFD",17201660,"AFDA0109 - GUIA POR ITINERARIOS EN BICICLETA",15,340,2,2,4,4,5,1,2,5,5,5,3,5,2,1,1,0,5,49,40800,"000152 - IKASI CENTRO DE FORMACION","E20584553","APROBADA",null,49,"NO"]
[null,null,null," ",17201659,"AFDA0109 - GUIA POR ITINERARIOS EN BICICLETA",15,340,2,2,4,4,5,1,2,5,5,5,3,5,2,1,1,0,5,49,40800,"000152 - IKASI CENTRO DE FORMACION","E20584553","APROBADA",null,49,"NO"]
[null,null,null,"COM",17200801,"COML0110 - ACTIVIDADES AUXILIARES DE ALMACÉN",15,50,1,4,3,4,10,1,2,5,6,5,3,6,0,1,1,0,9,59,5172.75,"000111 - INST.TRANSPORTE, COMERCIO Y MARKETING","G20643581","APROBADA",null,59,"NO"]
[null,null,null," ",17200708,"COMV0108 - ACTIVIDADES DE VENTA",20,90,2,4,4,4,10,1,2,5,3,5,1,5,1,0,0,0,5,50,7132.95,"000377 - CAMARA DE GIPUZKOA","Q2073001F","APROBADA",null,50,"NO"]
[null,null,null,"ELE",17200363,"ELEE0109 - MONTAJE Y MANTENIMIENTO DE INSTALACIONES ELÉCTRICAS DE BAJA TENSIÓN",15,840,2,3,4,4,10,1,2,5,3,5,3,6,1,0,0,0,5,52,65142,"000053 - ACADEMIA BASTIDA S.L.","B20777058","APROBADA",null,52,"NO"]
[null,null,null," ",17200864,"ELEM0110 - DESARROLLO DE PROYECTOS DE SISTEMAS DE AUTOMATIZACIÓN INDUSTRIAL",15,550,3,3,2,4,10,1,2,5,5,2,3,5,1,2,2,0,5,50,61891.5,"000116 - UROLALDE","B20149134","APROBADA",null,50,"NO"]
[null,null,null,"EOC",17200826,"EOCO0108 - REPRESENTACIÓN DE PROYECTOS DE EDIFICACIÓN",15,480,3,2,2,4,7,1,2,5,5,5,3,5,2,1,1,0,5,49,52430.400000000001,"000152 - IKASI CENTRO DE FORMACION","E20584553","APROBADA",null,49,"NO"]
[null,null,null,"FME",17201619,"FMEE0108 - OPERACIONES AUXILIARES DE FABRICACIÓN MECÁNICA",10,180,1,7,3,4,10,1,2,6,5,5,3,8,2,4,0,4,5,65,12672,"001870 - GUREAK-ERRENTERIA","A20044590","APROBADA",null,65,"NO"]
[null,null,null," ",17201618,"FMEE0108 - OPERACIONES AUXILIARES DE FABRICACIÓN MECÁNICA",10,180,1,7,3,4,10,1,2,6,5,5,3,8,2,4,0,4,5,65,12672,"001944 - GUREAK-ARRASATE","A20044590","APROBADA",null,65,"NO"]
[null,null,null," ",17201620,"FMEE0108 - OPERACIONES AUXILIARES DE FABRICACIÓN MECÁNICA",10,180,1,7,3,4,10,1,2,6,5,5,3,8,2,4,0,4,5,65,12672,"001872 - GUREAK-IRUN","A20044590","APROBADA",null,65,"NO"]
[null,null,null," ",17201623,"FMEE0108 - OPERACIONES AUXILIARES DE FABRICACIÓN MECÁNICA",10,180,1,7,3,4,10,1,2,6,5,5,3,8,2,4,0,4,5,65,12672,"001946 - GUREAK-BERGARA","A20044590","APROBADA",null,65,"NO"]
[null,null,null," ",17200651,"FMEH0109 - MECANIZADO POR ARRANQUE DE VIRUTA",15,540,2,7,4,4,10,1,2,5,6,2,3,4,0,1,1,0,5,54,64800,"000073 - LA SALLE-BERROZPE","G20045118","APROBADA",null,54,"NO"]
[null,null,null,"HOT",17201666,"HOTG0208 - VENTA DE PRODUCTOS Y SERVICIOS TURÍSTICOS",15,550,3,6,2,4,10,3,2,5,5,5,3,5,2,1,1,0,6,59,58261.5,"000152 - IKASI CENTRO DE FORMACION","E20584553","APROBADA",null,59,"NO"]
[null,null,null,"IFC",17200191,"IFCD0110 - CONFECCIÓN Y PUBLICACIÓN DE PÁGINAS WEB",15,480,2,4,4,4,6,1,2,8,6,5,3,5,0,1,1,0,5,54,49262.400000000001,"000130 - CENTRO DE ESTUDIOS A.E.G.","B20409892","APROBADA",null,54,"NO"]
[null,null,null," ",17200787,"IFCD0110 - CONFECCIÓN Y PUBLICACIÓN DE PÁGINAS WEB",15,90,2,4,4,4,6,1,2,5,6,5,3,6,0,1,1,0,5,52,6489.45,"000111 - INST.TRANSPORTE, COMERCIO Y MARKETING","G20643581","APROBADA",null,52,"NO"]
[null,null,null,"IMS",17201670,"IMSV0209 - DESARROLLO DE PRODUCTOS AUDIOVISUALES MULTIMEDIA INTERACTIVOS",15,460,3,2,2,4,3,3,2,5,5,5,3,5,2,1,1,0,5,47,48727.8,"000152 - IKASI CENTRO DE FORMACION","E20584553","APROBADA",null,47,"NO"]
[null,null,null,"SAN",17200770,"SANT0108 - ATENCIÓN SANITARIA A MÚLTIPLES VÍCTIMAS Y CATÁSTROFES",15,340,2,1,4,4,8,1,2,5,6,2,3,6,1,0,0,0,7,50,27489,"000132 - CRUZ ROJA TOLOSALDEA","Q2866001G","APROBADA",null,50,"NO"]
[null,null,null," ",17201529,"SANT0208 - TRANSPORTE SANITARIO",15,160,2,1,4,4,10,1,2,5,3,0,0,0,0,0,0,0,5,35,11880,"001739 - FUNDACION DYA GIPUZKOA","G20850574","APROBADA",null,35,"NO"]
[null,null,null,"SEA",17201658,"SEAG0209 - LIMPIEZA EN ESPACIOS ABIERTOS E INSTALACIONES INDUSTRIALES",15,130,1,3,3,4,10,1,2,5,5,5,3,5,2,1,1,0,5,54,13341.9,"000152 - IKASI CENTRO DE FORMACION","E20584553","APROBADA",null,54,"NO"]
[null,null,null," ",17201657,"SEAG0209 - LIMPIEZA EN ESPACIOS ABIERTOS E INSTALACIONES INDUSTRIALES",15,130,1,3,3,4,10,1,2,5,5,5,3,5,2,1,1,0,5,54,13341.9,"000152 - IKASI CENTRO DE FORMACION","E20584553","APROBADA",null,54,"NO"]
[null,null,null," ",17201669,"SEAG0211 - GESTIÓN AMBIENTAL",15,420,3,3,2,4,7,3,2,5,5,5,3,5,2,1,1,0,5,52,48648.6,"000152 - IKASI CENTRO DE FORMACION","E20584553","APROBADA",null,52,"NO"]
[null,null,null,"SSC",17201617,"SSCM0108 - LIMPIEZA DE SUPERFICIES Y MOBILIARIO EN EDIFICIOS Y LOCALES",20,150,1,7,3,4,10,1,2,7,6,2,3,6,1,0,0,0,8,60,11715,"000100 - CRUZ ROJA GOIERRI","Q2866001G","APROBADA",null,60,"NO"]
[null,null,null," ",17200747,"SSCS0208 - ATENCIÓN SOCIOSANITARIA A PERSONAS DEPENDIENTES EN INSTITUCIONES SOCIALES",15,370,2,7,4,4,10,1,2,7,6,2,3,6,1,0,0,0,8,61,26251.5,"002258 - OFICINA PROVINCIAL DE CRUZ ROJA GIPUZKOA","Q2866001G","APROBADA",null,61,"NO"]
[null,null,null," ",17200572,"SSCS0208 - ATENCIÓN SOCIOSANITARIA A PERSONAS DEPENDIENTES EN INSTITUCIONES SOCIALES",20,370,2,7,4,4,10,1,2,7,6,2,3,6,1,0,0,0,8,61,28897,"000100 - CRUZ ROJA GOIERRI","Q2866001G","APROBADA",null,61,"NO"]
[null,null,null,"TMV",17201671,"TMVC0002OV - OBTENCIÓN DEL PERMISO DE CONDUCCIÓN CLASE \"D\" y \"CAP\"",15,385,2,4,4,1,10,3,2,6,3,1,3,8,0,0,0,0,5,50,39385.5,"000139 - AUTOESCUELA SOLOZABAL","B20889697","APROBADA",null,50,"NO"]
[null,null,null," ",17201667,"TMVC0002OV - OBTENCIÓN DEL PERMISO DE CONDUCCIÓN CLASE \"D\" y \"CAP\"",15,385,2,4,4,1,10,3,2,6,3,1,3,8,0,0,0,0,5,50,39385.5,"000046 - AUTOESCUELA SOLOZABAL","B20889697","APROBADA",null,50,"NO"]
[null,null,null," ",17200264,"TMVC0003OV - OBTENCIÓN DEL PERMISO DE CONDUCCIÓN CLASES \"C1-C\", \"CAP\" y \"ADR\"",15,425,2,4,4,1,10,1,2,6,3,1,3,8,0,0,0,0,5,48,43477.5,"002785 - SOLOZABAL AUTOESKOLA (AZPEITIA II)","B20889697","APROBADA",null,48,"NO"]
[null,null,null," ",17200285,"TMVC0002OV - OBTENCIÓN DEL PERMISO DE CONDUCCIÓN CLASE \"D\" y \"CAP\"",15,385,2,4,4,1,10,1,2,6,3,1,3,8,0,0,0,0,5,48,39385.5,"001680 - AUTOESCUELA SOLOZABAL","B20889697","APROBADA",null,48,"NO"]

{"sheet":"ANEXO2","index":12,"n_rows":1789,"n_cols":33,"rows_kept":1789,"cut":false,"hidden":false,"merged":[[1307,1,1307,33],[1432,1,1432,33],[1787,1,1787,33],[0,1,0,2],[1,1,1,33],[284,1,284,33],[1125,1,1125,33],[1171,1,1171,33]]}
[null,"TH - Tipo Actuación",null,"FAMILIA","CÓDIGO ACCIÓN","ESPECIALIDAD","Nº ALUMNOS","HORAS","NIVEL","PTOS. A.1","PTOS. A.2","PTOS. A.3","PTOS. A.4","PTOS. A.5","PTOS. A.6","PTOS. B.1","PTOS. B.2","PTOS. B.3","PTOS. B.4","PTOS. B.5.1","PTOS. B.5.2","PTOS. B.5.3.1 + B.5.3.2","PTOS. B.5.3.1","PTOS. B.5.3.2","PTOS. B.5.4","PUNTOS","IMPORTE SUBVENCIÓN","CENTRO","CIF","ESTADO","MOTIVO","VALIDACION SUMA PTOS","VALIDACION DIFERENCIA PTOS"]
[null,"BIZKAIA - Acciones formativas para la adquisición de competencias básicas y transversales"]
[null,null,null," ",17480938,"FCOS02 - BÁSICO DE PREVENCIÓN DE RIESGOS LABORALES",15,30,0,7,2,1,2,1,2,7,6,4,2,6,1,0,0,0,5,46,0,"000183 - CENTRO EDUCACION VIAL REKORD S.L.","B48845101","DESESTIMADA","Baliabide ekonomikoeza prozeduran (art. 7, párrafo 2, apartado b) / Falta de crédito presupuestario en el procedimiento (art. 7, párrafo 2, apartado b)",{"$f":"SUM(J3,K3,L3,M3,N3,O3,P3,Q3,R3,S3,T3,U3,W3,X3,Y3)","v":46},{"$f":"IF(Z3 <> AF3,\"SI\",\"NO\")","v":"NO"}]
[null,null,null," ",17480934,"FCOS02 - BÁSICO DE PREVENCIÓN DE RIESGOS LABORALES",15,30,0,7,2,1,2,1,2,7,6,4,2,6,1,0,0,0,5,46,0,"000183 - CENTRO EDUCACION VIAL REKORD S.L.","B48845101","DESESTIMADA","Baliabide ekonomikoeza prozeduran (art. 7, párrafo 2, apartado b) / Falta de crédito presupuestario en el procedimiento (art. 7, párrafo 2, apartado b)",46,"NO"]
[null,null,null," ",17481010,"FCOS02 - BÁSICO DE PREVENCIÓN DE RIESGOS LABORALES",15,30,0,7,2,1,2,1,2,7,6,4,2,6,1,0,0,0,5,46,0,"000104 - CENTRO DE EDUCACION VIAL REKORD","B48845101","DESESTIMADA","Baliabide ekonomikoeza prozeduran (art. 7, párrafo 2, apartado b) / Falta de crédito presupuestario en el procedimiento (art. 7, párrafo 2, apartado b)",46,"NO"]
[null,null,null," ",17480932,"FCOS02 - BÁSICO DE PREVENCIÓN DE RIESGOS LABORALES",15,30,0,7,2,1,2,1,2,7,6,4,2,6,1,0,0,0,5,46,0,"000183 - CENTRO EDUCACION VIAL REKORD S.L.","B48845101","DESESTIMADA","Baliabide ekonomikoeza prozeduran (art. 7, párrafo 2, apartado b) / Falta de crédito presupuestario en el procedimiento (art. 7, párrafo 2, apartado b)",46,"NO"]
[null,null,null," ",17480952,"FCOS02 - BÁSICO DE PREVENCIÓN DE RIESGOS LABORALES",15,30,0,7,2,1,2,1,2,7,6,4,2,6,1,0,0,0,5,46,0,"000183 - CENTRO EDUCACION VIAL REKORD S.L.","B48845101","DESESTIMADA","Baliabide ekonomikoeza prozeduran (art. 7, párrafo 2, apartado b) / Falta de crédito presupuestario en el procedimiento (art. 7, párrafo 2, apartado b)",46,"NO"]
[null,null,null," ",17480033,"FCOS02 - BÁSICO DE PREVENCIÓN DE RIESGOS LABORALES",17,30,0,7,2,1,2,1,2,6,3,3,3,6,1,1,1,0,5,43,0,"000300 - CPES BEURKO CHECK BHIP","B95459293","DESESTIMADA","Baliabide ekonomikoeza prozeduran (art. 7, párrafo 2, apartado b) / Falta de crédito presupuestario en el procedimiento (art. 7, párrafo 2, apartado b)",43,"NO"]
[null,null,null," ",17480032,"FCOS02 - BÁSICO DE PREVENCIÓN DE RIESGOS LABORALES",17,30,0,7,2,1,2,1,2,6,3,3,3,6,1,1,1,0,5,43,0,"000300 - CPES BEURKO CHECK BHIP","B95459293","DESESTIMADA","Baliabide ekonomikoeza prozeduran (art. 7, párrafo 2, apartado b) / Falta de crédito presupuestario en el procedimiento (art. 7, párrafo 2, apartado b)",43,"NO"]
[null,null,null," ",17480036,"FCOS02 - BÁSICO DE PREVENCIÓN DE RIESGOS LABORALES",17,30,0,7,2,1,2,1,2,6,3,3,3,6,1,1,1,0,5,43,0,"000300 - CPES BEURKO CHECK BHIP","B95459293","DESESTIMADA","Baliabide ekonomikoeza prozeduran (art. 7, párrafo 2, apartado b) / Falta de crédito presupuestario en el procedimiento (art. 7, párrafo 2, apartado b)",43,"NO"]
[null,null,null," ",17480035,"FCOS02 - BÁSICO DE PREVENCIÓN DE RIESGOS LABORALES",17,30,0,7,2,1,2,1,2,6,3,3,3,6,1,1,1,0,5,43,0,"000300 - CPES BEURKO CHECK BHIP","B95459293","DESESTIMADA","Baliabide ekonomikoeza prozeduran (art. 7, párrafo 2, apartado b) / Falta de crédito presupuestario en el procedimiento (art. 7, párrafo 2, apartado b)",43,"NO"]
[null,null,null," ",17480037,"FCOS02 - BÁSICO DE PREVENCIÓN DE RIESGOS LABORALES",17,30,0,7,2,1,2,1,2,6,3,3,3,6,1,1,1,0,5,43,0,"000300 - CPES BEURKO CHECK BHIP","B95459293","DESESTIMADA","Baliabide ekonomikoeza prozeduran (art. 7, párrafo 2, apartado b) / Falta de crédito presupuestario en el procedimiento (art. 7, párrafo 2, apartado b)",43,"NO"]
[null,null,null," ",17480038,"FCOS02 - BÁSICO DE PREVENCIÓN DE RIESGOS LABORALES",17,30,0,7,2,1,2,1,2,6,3,3,3,6,1,1,1,0,5,43,0,"000300 - CPES BEURKO CHECK BHIP","B95459293","DESESTIMADA","Baliabide ekonomikoeza prozeduran (art. 7, párrafo 2, apartado b) / Falta de crédito presupuestario en el procedimiento (art. 7, párrafo 2, apartado b)",43,"NO"]
[null,null,null," ",17480039,"FCOS02 - BÁSICO DE PREVENCIÓN DE RIESGOS LABORALES",17,30,0,7,2,1,2,1,2,6,3,3,3,6,1,1,1,0,5,43,0,"000300 - CPES BEURKO CHECK BHIP","B95459293","DESESTIMADA","Baliabide ekonomikoeza prozeduran (art. 7, párrafo 2, apartado b) / Falta de crédito presupuestario en el procedimiento (art. 7, párrafo 2, apartado b)",43,"NO"]
[null,null,null," ",17480040,"FCOS02 - BÁSICO DE PREVENCIÓN DE RIESGOS LABORALES",17,30,0,7,2,1,2,1,2,6,3,3,3,6,1,1,1,0,5,43,0,"000300 - CPES BEURKO CHECK BHIP","B95459293","DESESTIMADA","Baliabide ekonomikoeza prozeduran (art. 7, párrafo 2, apartado b) / Falta de crédito presupuestario en el procedimiento (art. 7, párrafo 2, apartado b)",43,"NO"]
[null,null,null," ",17481332,"FCOS02 - BÁSICO DE PREVENCIÓN DE RIESGOS LABORALES",15,30,0,7,2,1,2,1,2,7,6,0,3,4,0,1,1,0,5,41,0,"000958 - AGIANTZA ELKARTEA","G48462667","DESESTIMADA","Baliabide ekonomikoeza prozeduran (art. 7, párrafo 2, apartado b) / Falta de crédito presupuestario en el procedimiento (art. 7, párrafo 2, apartado b)",41,"NO"]
[null,null,null," ",17481333,"FCOS02 - BÁSICO DE PREVENCIÓN DE RIESGOS LABORALES",15,30,0,7,2,1,2,1,2,7,6,0,3,4,0,1,1,0,5,41,0,"000958 - AGIANTZA ELKARTEA","G48462667","DESESTIMADA","Baliabide ekonomikoeza prozeduran (art. 7, párrafo 2, apartado b) / Falta de crédito presupuestario en el procedimiento (art. 7, párrafo 2, apartado b)",41,"NO"]
[null,null,null," ",17480246,"FCOS02 - BÁSICO DE PREVENCIÓN DE RIESGOS LABORALES",10,30,0,7,2,1,2,1,2,5,5,3,3,5,0,0,0,0,5,41,0,"000045 - AYUNTAMIENTO DE ERMUA-CENTRO IZARRA","P4804100H","DESESTIMADA","Baliabide ekonomikoeza prozeduran (art. 7, párrafo 2, apartado b) / Falta de crédito presupuestario en el procedimiento (art. 7, párrafo 2, apartado b)",41,"NO"]
[null,null,null," ",17480248,"FCOS02 - BÁSICO DE PREVENCIÓN DE RIESGOS LABORALES",10,30,0,7,2,1,2,1,2,5,5,3,3,5,0,0,0,0,5,41,0,"000045 - AYUNTAMIENTO DE ERMUA-CENTRO IZARRA","P4804100H","DESESTIMADA","Baliabide ekonomikoeza prozeduran (art. 7, párrafo 2, apartado b) / Falta de crédito presupuestario en el procedimiento (art. 7, párrafo 2, apartado b)",41,"NO"]
[null,null,null," ",17480247,"FCOS02 - BÁSICO DE PREVENCIÓN DE RIESGOS LABORALES",10,30,0,7,2,1,2,1,2,5,5,3,3,5,0,0,0,0,5,41,0,"000045 - AYUNTAMIENTO DE ERMUA-CENTRO IZARRA","P4804100H","DESESTIMADA","Baliabide ekonomikoeza prozeduran (art. 7, párrafo 2, apartado b) / Falta de crédito presupuestario en el procedimiento (art. 7, párrafo 2, apartado b)",41,"NO"]
[null,null,null," ",17480249,"FCOS02 - BÁSICO DE PREVENCIÓN DE RIESGOS LABORALES",10,30,0,7,2,1,2,1,2,5,5,3,3,5,0,0,0,0,5,41,0,"000045 - AYUNTAMIENTO DE ERMUA-CENTRO IZARRA","P4804100H","DESESTIMADA","Baliabide ekonomikoeza prozeduran (art. 7, párrafo 2, apartado b) / Falta de crédito presupuestario en el procedimiento (art. 7, párrafo 2, apartado b)",41,"NO"]
[null,null,null," ",17480959,"FCOS02 - BÁSICO DE PREVENCIÓN DE RIESGOS LABORALES",15,30,0,7,2,1,2,1,2,5,5,1,3,5,0,0,0,0,5,39,0,"000215 - KARTING KAIKU, S.A.","A48231567","DESESTIMADA","Baliabide ekonomikoeza prozeduran (art. 7, párrafo 2, apartado b) / Falta de crédito presupuestario en el procedimiento (art. 7, párrafo 2, apartado b)",39,"NO"]
[null,null,null," ",17480630,"FCOS02 - BÁSICO DE PREVENCIÓN DE RIESGOS LABORALES",15,30,0,7,2,1,2,1,2,5,5,1,3,5,0,0,0,0,5,39,0,"000195 - KARTING KAIKU S.A.","A48231567","DESESTIMADA","Baliabide ekonomikoeza prozeduran (art. 7, párrafo 2, apartado b) / Falta de crédito presupuestario en el procedimiento (art. 7, párrafo 2, apartado b)",39,"NO"]
[null,null,null," ",17480990,"FCOS02 - BÁSICO DE PREVENCIÓN DE RIESGOS LABORALES",15,30,0,7,2,1,2,1,2,5,5,1,3,5,0,0,0,0,5,39,0,"000221 - AUTOESCUELA KAIKU","A48231567","DESESTIMADA","Baliabide ekonomikoeza prozeduran (art. 7, párrafo 2, apartado b) / Falta de crédito presupuestario en el procedimiento (art. 7, párrafo 2, apartado b)",39,"NO"]
[null,null,null," ",17480965,"FCOS02 - BÁSICO DE PREVENCIÓN DE RIESGOS LABORALES",15,30,0,7,2,1,2,1,2,5,5,1,3,5,0,0,0,0,5,39,0,"000215 - KARTING KAIKU, S.A.","A48231567","DESESTIMADA","Baliabide ekonomikoeza prozeduran (art. 7, párrafo 2, apartado b) / Falta de crédito presupuestario en el procedimiento (art. 7, párrafo 2, apartado b)",39,"NO"]
[null,null,null," ",17480995,"FCOS02 - BÁSICO DE PREVENCIÓN DE RIESGOS LABORALES",15,30,0,7,2,1,2,1,2,5,5,1,3,5,0,0,0,0,5,39,0,"000221 - AUTOESCUELA KAIKU","A48231567","DESESTIMADA","Baliabide ekonomikoeza prozeduran (art. 7, párrafo 2, apartado b) / Falta de crédito presupuestario en el procedimiento (art. 7, párrafo 2, apartado b)",39,"NO"]
[null,null,null," ",17480661,"FCOS02 - BÁSICO DE PREVENCIÓN DE RIESGOS LABORALES",15,30,0,7,2,1,2,1,2,5,5,1,3,5,0,0,0,0,5,39,0,"000195 - KARTING KAIKU S.A.","A48231567","DESESTIMADA","Baliabide ekonomikoeza prozeduran (art. 7, párrafo 2, apartado b) / Falta de crédito presupuestario en el procedimiento (art. 7, párrafo 2, apartado b)",39,"NO"]
[null,null,null," ",17480980,"FCOS02 - BÁSICO DE PREVENCIÓN DE RIESGOS LABORALES",15,30,0,7,2,1,2,1,2,5,5,1,3,5,0,0,0,0,5,39,0,"000215 - KARTING KAIKU, S.A.","A48231567","DESESTIMADA","Baliabide ekonomikoeza prozeduran (art. 7, párrafo 2, apartado b) / Falta de crédito presupuestario en el procedimiento (art. 7, párrafo 2, apartado b)",39,"NO"]
[null,null,null," ",17481000,"FCOS02 - BÁSICO DE PREVENCIÓN DE RIESGOS LABORALES",15,30,0,7,2,1,2,1,2,5,5,1,3,5,0,0,0,0,5,39,0,"000221 - AUTOESCUELA KAIKU","A48231567","DESESTIMADA","Baliabide ekonomikoeza prozeduran (art. 7, párrafo 2, apartado b) / Falta de crédito presupuestario en el procedimiento (art. 7, párrafo 2, apartado b)",39,"NO"]
[null,null,null," ",17480673,"FCOS02 - BÁSICO DE PREVENCIÓN DE RIESGOS LABORALES",15,30,0,7,2,1,2,1,2,5,5,1,3,5,0,0,0,0,5,39,0,"000195 - KARTING KAIKU S.A.","A48231567","DESESTIMADA","Baliabide ekonomikoeza prozeduran (art. 7, párrafo 2, apartado b) / Falta de crédito presupuestario en el procedimiento (art. 7, párrafo 2, apartado b)",39,"NO"]
[null,null,null," ",17480380,"FCOS02 - BÁSICO DE PREVENCIÓN DE RIESGOS LABORALES",15,30,0,7,2,1,2,3,2,5,3,3,0,6,0,0,0,0,5,39,0,"000301 - CPES IKASAUTO BHIP","B95096244","DESESTIMADA","Baliabide ekonomikoeza prozeduran (art. 7, párrafo 2, apartado b) / Falta de crédito presupuestario en el procedimiento (art. 7, párrafo 2, apartado b)",39,"NO"]
[null,null,null," ",17481123,"FCOS02 - BÁSICO DE PREVENCIÓN DE RIESGOS LABORALES",15,30,0,7,2,1,2,1,2,5,3,3,3,4,0,0,0,0,5,38,0,"000218 - ALFA FORMACIÓN Y CONSULTORÍA","B95738241","DESESTIMADA","Baliabide ekonomikoeza prozeduran (art. 7, párrafo 2, apartado b) / Falta de crédito presupuestario en el procedimiento (art. 7, párrafo 2, apartado b)",38,"NO"]
[null,null,null," ",17482104,"FCOO0001OV - COMPETENCIAS SOCIO-PERSONALES ENFOCADAS AL ENTORNO LABORAL",15,140,0,7,2,2,1,1,2,5,3,1,3,6,0,0,0,0,5,38,0,"000423 - KOOPERA SERVICIOS SOCIALES Y FORMACION S.COOP.","F95808622","DESESTIMADA","Baliabide ekonomikoeza prozeduran (art. 7, párrafo 2, apartado b) / Falta de crédito presupuestario en el procedimiento (art. 7, párrafo 2, apartado b)",38,"NO"]
[null,null,null," ",17482082,"FCOO0004OV - HABILIDADES SOCIO-LABORALES BÁSICAS PARA LA EMPLEABILIDAD",15,55,0,7,2,2,1,1,2,5,3,1,3,6,0,0,0,0,5,38,0,"000423 - KOOPERA SERVICIOS SOCIALES Y FORMACION S.COOP.","F95808622","DESESTIMADA","Baliabide ekonomikoeza prozeduran (art. 7, párrafo 2, apartado b) / Falta de crédito presupuestario en el procedimiento (art. 7, párrafo 2, apartado b)",38,"NO"]
[null,null,null," ",17480378,"FCOS02 - BÁSICO DE PREVENCIÓN DE RIESGOS LABORALES",15,30,0,7,2,1,2,1,2,5,3,3,0,6,0,0,0,0,5,37,0,"000301 - CPES IKASAUTO BHIP","B95096244","DESESTIMADA","Baliabide ekonomikoeza prozeduran (art. 7, párrafo 2, apartado b) / Falta de crédito presupuestario en el procedimiento (art. 7, párrafo 2, apartado b)",37,"NO"]
[null,null,null," ",17480379,"FCOS02 - BÁSICO DE PREVENCIÓN DE RIESGOS LABORALES",15,30,0,7,2,1,2,1,2,5,3,3,0,6,0,0,0,0,5,37,0,"000301 - CPES IKASAUTO BHIP","B95096244","DESESTIMADA","Baliabide ekonomikoeza prozeduran (art. 7, párrafo 2, apartado b) / Falta de crédito presupuestario en el procedimiento (art. 7, párrafo 2, apartado b)",37,"NO"]
[null,null,null," ",17480381,"FCOS02 - BÁSICO DE PREVENCIÓN DE RIESGOS LABORALES",15,30,0,7,2,1,2,1,2,5,3,3,0,6,0,0,0,0,5,37,0,"000301 - CPES IKASAUTO BHIP","B95096244","DESESTIMADA","Baliabide ekonomikoeza prozeduran (art. 7, párrafo 2, apartado b) / Falta de crédito presupuestario en el procedimiento (art. 7, párrafo 2, apartado b)",37,"NO"]
[null,null,null," ",17481035,"AGAJ0002OV - FORMACIÓN PREVIA A CERTIFICADOS DE PROFESIONALIDAD NIVEL 1: TAREAS BÁSICAS DE JARDINERIA Y AGRICULTURA",15,160,0,7,2,2,1,1,2,5,3,0,3,6,0,0,0,0,5,37,0,"002594 - CENTRO DE TRATAMIENTO RESIDENCIAL (ETORKINTZA)","G48169882","DESESTIMADA","Baliabide ekonomikoeza prozeduran (art. 7, párrafo 2, apartado b) / Falta de crédito presupuestario en el procedimiento (art. 7, párrafo 2, apartado b)",37,"NO"]
[null,null,null," ",17481037,"AGAJ0002OV - FORMACIÓN PREVIA A CERTIFICADOS DE PROFESIONALIDAD NIVEL 1: TAREAS BÁSICAS DE JARDINERIA Y AGRICULTURA",15,160,0,7,2,2,1,1,2,5,3,0,3,6,0,0,0,0,5,37,0,"002594 - CENTRO DE TRATAMIENTO RESIDENCIAL (ETORKINTZA)","G48169882","DESESTIMADA","Baliabide ekonomikoeza prozeduran (art. 7, párrafo 2, apartado b) / Falta de crédito presupuestario en el procedimiento (art. 7, párrafo 2, apartado b)",37,"NO"]
[null,null,null," ",17481218,"FCOO0001OV - COMPETENCIAS SOCIO-PERSONALES ENFOCADAS AL ENTORNO LABORAL",12,140,0,7,2,2,1,1,2,5,3,0,3,6,0,0,0,0,5,37,0,"002594 - CENTRO DE TRATAMIENTO RESIDENCIAL (ETORKINTZA)","G48169882","DESESTIMADA","Baliabide ekonomikoeza prozeduran (art. 7, párrafo 2, apartado b) / Falta de crédito presupuestario en el procedimiento (art. 7, párrafo 2, apartado b)",37,"NO"]
[null,null,null," ",17481211,"FCOO0004OV - HABILIDADES SOCIO-LABORALES BÁSICAS PARA LA EMPLEABILIDAD",12,55,0,7,2,2,1,1,2,5,3,0,3,6,0,0,0,0,5,37,0,"002594 - CENTRO DE TRATAMIENTO RESIDENCIAL (ETORKINTZA)","G48169882","DESESTIMADA","Baliabide ekonomikoeza prozeduran (art. 7, párrafo 2, apartado b) / Falta de crédito presupuestario en el procedimiento (art. 7, párrafo 2, apartado b)",37,"NO"]
[null,null,null," ",17482333,"FCOS02 - BÁSICO DE PREVENCIÓN DE RIESGOS LABORALES",15,30,0,7,2,1,2,1,2,5,3,4,0,0,1,3,3,0,5,36,0,"002591 - GEHILAN 2000-GALDAMES","B48986871","DESESTIMADA","Baliabide ekonomikoeza prozeduran (art. 7, párrafo 2, apartado b) / Falta de crédito presupuestario en el procedimiento (art. 7, párrafo 2, apartado b)",36,"NO"]
[null,null,null," ",17482320,"FCOS02 - BÁSICO DE PREVENCIÓN DE RIESGOS LABORALES",15,30,0,7,2,1,2,1,2,5,3,4,0,0,1,3,3,0,5,36,0,"000354 - GEHILAN 2000, S.L.","B48986871","DESESTIMADA","Baliabide ekonomikoeza prozeduran (art. 7, párrafo 2, apartado b) / Falta de crédito presupuestario en el procedimiento (art. 7, párrafo 2, apartado b)",36,"NO"]
[null,null,null," ",17481402,"FCOS02 - BÁSICO DE PREVENCIÓN DE RIESGOS LABORALES",15,30,0,7,2,1,2,1,2,5,1,3,3,4,0,0,0,0,5,36,0,"000246 - BAGABILTZA FUNDAZIOA","G95018750","DESESTIMADA","Baliabide ekonomikoeza prozeduran (art. 7, párrafo 2, apartado b) / Falta de crédito presupuestario en el procedimiento (art. 7, párrafo 2, apartado b)",36,"NO"]
[null,null,null," ",17481229,"ADGG0120V - AUXILIAR DE SERVICIOS GENERALES (ORDENANZA)",12,120,0,7,2,2,1,1,2,5,1,0,0,4,0,0,0,0,5,30,0,"001587 - Asociación Entremanos","G95160180","DESESTIMADA","Baliabide ekonomikoeza prozeduran (art. 7, párrafo 2, apartado b) / Falta de crédito presupuestario en el procedimiento (art. 7, párrafo 2, apartado b)",30,"NO"]
[null,null,null," ",17481230,"ADGG0120V - AUXILIAR DE SERVICIOS GENERALES (ORDENANZA)",12,120,0,7,2,2,1,1,2,5,1,0,0,4,0,0,0,0,5,30,0,"001587 - Asociación Entremanos","G95160180","DESESTIMADA","Baliabide ekonomikoeza prozeduran (art. 7, párrafo 2, apartado b) / Falta de crédito presupuestario en el procedimiento (art. 7, párrafo 2, apartado b)",30,"NO"]
[null,null,null," ",17482898,"SSCE02 - INGLÉS A2",15,150,1,7,3,1,3,1,2,8,5,4,3,6,1,1,1,0,9,54,0,"000009 - CENTRO SAN LUIS","B48153555","DESESTIMADA","Baliabide ekonomikoeza prozeduran (art. 7, párrafo 2, apartado b) / Falta de crédito presupuestario en el procedimiento (art. 7, párrafo 2, apartado b)",54,"NO"]
[null,null,null," ",17482801,"SSCE02 - INGLÉS A2",15,150,1,7,3,1,3,1,2,7,3,5,3,6,1,0,0,0,9,51,0,"000004 - EIDE S.L. ESCUELA INTERNAC. PARA EDUCACION Y DESA","B48474647","DESESTIMADA","Baliabide ekonomikoeza prozeduran (art. 7, párrafo 2, apartado b) / Falta de crédito presupuestario en el procedimiento (art. 7, párrafo 2, apartado b)",51,"NO"]
[null,null,null," ",17482347,"SSCE02 - INGLÉS A2",15,150,1,7,3,1,3,1,2,5,6,5,3,4,1,1,1,0,5,47,0,"000105 - CENTRO DE FORMACIÓN RAFER, S.L.","B95739595","DESESTIMADA","Baliabide ekonomikoeza prozeduran (art. 7, párrafo 2, apartado b) / Falta de crédito presupuestario en el procedimiento (art. 7, párrafo 2, apartado b)",47,"NO"]
[null,null,null," ",17481370,"SSCE01 - INGLÉS A1",18,150,1,7,3,1,3,1,2,8,6,2,3,6,0,0,0,0,5,47,0,"000197 - CENTRO DE ESTUDIOS INATEC","B95060935","DESESTIMADA","Baliabide ekonomikoeza prozeduran (art. 7, párrafo 2, apartado b) / Falta de crédito presupuestario en el procedimiento (art. 7, párrafo 2, apartado b)",47,"NO"]
[null,null,null," ",17481372,"SSCE02 - INGLÉS A2",18,150,1,7,3,1,3,1,2,8,6,2,3,6,0,0,0,0,5,47,0,"000197 - CENTRO DE ESTUDIOS INATEC","B95060935","DESESTIMADA","Baliabide ekonomikoeza prozeduran (art. 7, párrafo 2, apartado b) / Falta de crédito presupuestario en el procedimiento (art. 7, párrafo 2, apartado b)",47,"NO"]
[null,null,null," ",17482949,"SSCE02 - INGLÉS A2",15,150,1,7,3,1,3,1,2,4,5,2,3,5,1,2,2,0,7,46,0,"002883 - UROLALDE-BILBAO","B20149134","DESESTIMADA","Baliabide ekonomikoeza prozeduran (art. 7, párrafo 2, apartado b) / Falta de crédito presupuestario en el procedimiento (art. 7, párrafo 2, apartado b)",46,"NO"]
[null,null,null," ",17480527,"SSCE01 - INGLÉS A1",15,150,1,7,3,1,3,1,2,8,6,2,3,5,0,0,0,0,5,46,0,"000087 - GAILUR CENTRO DE ESTUDIOS","B95537171","DESESTIMADA","Baliabide ekonomikoeza prozeduran (art. 7, párrafo 2, apartado b) / Falta de crédito presupuestario en el procedimiento (art. 7, párrafo 2, apartado b)",46,"NO"]
[null,null,null," ",17480529,"SSCE02 - INGLÉS A2",15,150,1,7,3,1,3,1,2,8,6,2,3,5,0,0,0,0,5,46,0,"000087 - GAILUR CENTRO DE ESTUDIOS","B95537171","DESESTIMADA","Baliabide ekonomikoeza prozeduran (art. 7, párrafo 2, apartado b) / Falta de crédito presupuestario en el procedimiento (art. 7, párrafo 2, apartado b)",46,"NO"]
[null,null,null," ",17480084,"SSCE01 - INGLÉS A1",17,150,1,7,3,1,3,1,2,6,3,3,3,6,1,1,1,0,5,45,0,"000300 - CPES BEURKO CHECK BHIP","B95459293","DESESTIMADA","Baliabide ekonomikoeza prozeduran (art. 7, párrafo 2, apartado b) / Falta de crédito presupuestario en el procedimiento (art. 7, párrafo 2, apartado b)",45,"NO"]
[null,null,null," ",17480085,"SSCE02 - INGLÉS A2",17,150,1,7,3,1,3,1,2,6,3,3,3,6,1,1,1,0,5,45,0,"000300 - CPES BEURKO CHECK BHIP","B95459293","DESESTIMADA","Baliabide ekonomikoeza prozeduran (art. 7, párrafo 2, apartado b) / Falta de crédito presupuestario en el procedimiento (art. 7, párrafo 2, apartado b)",45,"NO"]
[null,null,null," ",17482958,"FCOO03 - INSERCIÓN LABORAL, SENSIBILIZACIÓN MEDIOAMBIENTAL Y EN LA IGUALDAD DE GÉNERO",15,10,1,7,3,1,2,1,2,5,5,2,3,5,1,2,2,0,5,44,0,"002883 - UROLALDE-BILBAO","B20149134","DESESTIMADA","Baliabide ekonomikoeza prozeduran (art. 7, párrafo 2, apartado b) / Falta de crédito presupuestario en el procedimiento (art. 7, párrafo 2, apartado b)",44,"NO"]
[null,null,null," ",17482959,"FCOO03 - INSERCIÓN LABORAL, SENSIBILIZACIÓN MEDIOAMBIENTAL Y EN LA IGUALDAD DE GÉNERO",15,10,1,7,3,1,2,1,2,5,5,2,3,5,1,2,2,0,5,44,0,"002883 - UROLALDE-BILBAO","B20149134","DESESTIMADA","Baliabide ekonomikoeza prozeduran (art. 7, párrafo 2, apartado b) / Falta de crédito presupuestario en el procedimiento (art. 7, párrafo 2, apartado b)",44,"NO"]
[null,null,null," ",17481763,"SSCE01 - INGLÉS A1",15,150,1,7,3,1,3,1,2,8,3,2,3,6,0,0,0,0,5,44,0,"000016 - UP FORMACION","B48512941","DESESTIMADA","Baliabide ekonomikoeza prozeduran (art. 7, párrafo 2, apartado b) / Falta de crédito presupuestario en el procedimiento (art. 7, párrafo 2, apartado b)",44,"NO"]
[null,null,null," ",17481764,"SSCE01 - INGLÉS A1",15,150,1,7,3,1,3,1,2,8,3,2,3,6,0,0,0,0,5,44,0,"000016 - UP FORMACION","B48512941","DESESTIMADA","Baliabide ekonomikoeza prozeduran (art. 7, párrafo 2, apartado b) / Falta de crédito presupuestario en el procedimiento (art. 7, párrafo 2, apartado b)",44,"NO"]
[null,null,null," ",17482918,"SSCE01 - INGLÉS A1",15,150,1,7,3,1,3,1,2,8,3,2,3,6,0,0,0,0,5,44,0,"000016 - UP FORMACION","B48512941","DESESTIMADA","Baliabide ekonomikoeza prozeduran (art. 7, párrafo 2, apartado b) / Falta de crédito presupuestario en el procedimiento (art. 7, párrafo 2, apartado b)",44,"NO"]
[null,null,null," ",17482919,"SSCE01 - INGLÉS A1",15,150,1,7,3,1,3,1,2,8,3,2,3,6,0,0,0,0,5,44,0,"000016 - UP FORMACION","B48512941","DESESTIMADA","Baliabide ekonomikoeza prozeduran (art. 7, párrafo 2, apartado b) / Falta de crédito presupuestario en el procedimiento (art. 7, párrafo 2, apartado b)",44,"NO"]
[null,null,null," ",17481769,"SSCE02 - INGLÉS A2",15,150,1,7,3,1,3,1,2,8,3,2,3,6,0,0,0,0,5,44,0,"000016 - UP FORMACION","B48512941","DESESTIMADA","Baliabide ekonomikoeza prozeduran (art. 7, párrafo 2, apartado b) / Falta de crédito presupuestario en el procedimiento (art. 7, párrafo 2, apartado b)",44,"NO"]
[null,null,null," ",17481768,"SSCE02 - INGLÉS A2",15,150,1,7,3,1,3,1,2,8,3,2,3,6,0,0,0,0,5,44,0,"000016 - UP FORMACION","B48512941","DESESTIMADA","Baliabide ekonomikoeza prozeduran (art. 7, párrafo 2, apartado b) / Falta de crédito presupuestario en el procedimiento (art. 7, párrafo 2, apartado b)",44,"NO"]
[null,null,null," ",17482921,"SSCE02 - INGLÉS A2",15,150,1,7,3,1,3,1,2,8,3,2,3,6,0,0,0,0,5,44,0,"000016 - UP FORMACION","B48512941","DESESTIMADA","Baliabide ekonomikoeza prozeduran (art. 7, párrafo 2, apartado b) / Falta de crédito presupuestario en el procedimiento (art. 7, párrafo 2, apartado b)",44,"NO"]
[null,null,null," ",17482920,"SSCE02 - INGLÉS A2",15,150,1,7,3,1,3,1,2,8,3,2,3,6,0,0,0,0,5,44,0,"000016 - UP FORMACION","B48512941","DESESTIMADA","Baliabide ekonomikoeza prozeduran (art. 7, párrafo 2, apartado b) / Falta de crédito presupuestario en el procedimiento (art. 7, párrafo 2, apartado b)",44,"NO"]
[null,null,null," ",17482901,"SSCE06 - ALEMÁN A1",18,150,1,7,3,1,2,1,2,8,3,2,3,6,0,0,0,0,5,43,0,"000016 - UP FORMACION","B48512941","DESESTIMADA","2017ko maiatzare 2a bainolehenago, akreditatuta edo inskribatuta ez zegoen erakunde baten bitartez eskatuta izatea (2.artikuloa,2. paragrafoa, b atala) / Ser solicitada por una entidad no acreditada o inscrita para la especialidad con anterioridad al 2 de mayo de 2017 (art.2, párrafo 1, apartado b)",{"$f":"SUM(J67,K67,L67,M67,N67,O67,P67,Q67,R67,S67,T67,U67,W67,X67,Y67)","v":43},{"$f":"IF(Z67 <> AF67,\"SI\",\"NO\")","v":"NO"}]
[null,null,null," ",17482902,"SSCE06 - ALEMÁN A1",18,150,1,7,3,1,2,1,2,8,3,2,3,6,0,0,0,0,5,43,0,"000016 - UP FORMACION","B48512941","DESESTIMADA","2017ko maiatzare 2a bainolehenago, akreditatuta edo inskribatuta ez zegoen erakunde baten bitartez eskatuta izatea (2.artikuloa,2. paragrafoa, b atala) / Ser solicitada por una entidad no acreditada o inscrita para la especialidad con anterioridad al 2 de mayo de 2017 (art.2, párrafo 1, apartado b)",43,"NO"]
[null,null,null," ",17482903,"SSCE07 - ALEMÁN A2",18,150,1,7,3,1,2,1,2,8,3,2,3,6,0,0,0,0,5,43,0,"000016 - UP FORMACION","B48512941","DESESTIMADA","2017ko maiatzare 2a bainolehenago, akreditatuta edo inskribatuta ez zegoen erakunde baten bitartez eskatuta izatea (2.artikuloa,2. paragrafoa, b atala) / Ser solicitada por una entidad no acreditada o inscrita para la especialidad con anterioridad al 2 de mayo de 2017 (art.2, párrafo 1, apartado b)",43,"NO"]
[null,null,null," ",17482904,"SSCE07 - ALEMÁN A2",18,150,1,7,3,1,2,1,2,8,3,2,3,6,0,0,0,0,5,43,0,"000016 - UP FORMACION","B48512941","DESESTIMADA","2017ko maiatzare 2a bainolehenago, akreditatuta edo inskribatuta ez zegoen erakunde baten bitartez eskatuta izatea (2.artikuloa,2. paragrafoa, b atala) / Ser solicitada por una entidad no acreditada o inscrita para la especialidad con anterioridad al 2 de mayo de 2017 (art.2, párrafo 1, apartado b)",43,"NO"]
[null,null,null," ",17480960,"FCOO03 - INSERCIÓN LABORAL, SENSIBILIZACIÓN MEDIOAMBIENTAL Y EN LA IGUALDAD DE GÉNERO",15,10,1,7,3,1,2,1,2,5,5,1,3,5,0,0,0,0,5,40,0,"000215 - KARTING KAIKU, S.A.","A48231567","DESESTIMADA","Baliabide ekonomikoeza prozeduran (art. 7, párrafo 2, apartado b) / Falta de crédito presupuestario en el procedimiento (art. 7, párrafo 2, apartado b)",40,"NO"]
[null,null,null," ",17480991,"FCOO03 - INSERCIÓN LABORAL, SENSIBILIZACIÓN MEDIOAMBIENTAL Y EN LA IGUALDAD DE GÉNERO",15,10,1,7,3,1,2,1,2,5,5,1,3,5,0,0,0,0,5,40,0,"000221 - AUTOESCUELA KAIKU","A48231567","DESESTIMADA","Baliabide ekonomikoeza prozeduran (art. 7, párrafo 2, apartado b) / Falta de crédito presupuestario en el procedimiento (art. 7, párrafo 2, apartado b)",40,"NO"]
[null,null,null," ",17480633,"FCOO03 - INSERCIÓN LABORAL, SENSIBILIZACIÓN MEDIOAMBIENTAL Y EN LA IGUALDAD DE GÉNERO",15,10,1,7,3,1,2,1,2,5,5,1,3,5,0,0,0,0,5,40,0,"000195 - KARTING KAIKU S.A.","A48231567","DESESTIMADA","Baliabide ekonomikoeza prozeduran (art. 7, párrafo 2, apartado b) / Falta de crédito presupuestario en el procedimiento (art. 7, párrafo 2, apartado b)",40,"NO"]
[null,null,null," ",17480967,"FCOO03 - INSERCIÓN LABORAL, SENSIBILIZACIÓN MEDIOAMBIENTAL Y EN LA IGUALDAD DE GÉNERO",15,10,1,7,3,1,2,1,2,5,5,1,3,5,0,0,0,0,5,40,0,"000215 - KARTING KAIKU, S.A.","A48231567","DESESTIMADA","Baliabide ekonomikoeza prozeduran (art. 7, párrafo 2, apartado b) / Falta de crédito presupuestario en el procedimiento (art. 7, párrafo 2, apartado b)",40,"NO"]
[null,null,null," ",17480996,"FCOO03 - INSERCIÓN LABORAL, SENSIBILIZACIÓN MEDIOAMBIENTAL Y EN LA IGUALDAD DE GÉNERO",15,10,1,7,3,1,2,1,2,5,5,1,3,5,0,0,0,0,5,40,0,"000221 - AUTOESCUELA KAIKU","A48231567","DESESTIMADA","Baliabide ekonomikoeza prozeduran (art. 7, párrafo 2, apartado b) / Falta de crédito presupuestario en el procedimiento (art. 7, párrafo 2, apartado b)",40,"NO"]
[null,null,null," ",17480662,"FCOO03 - INSERCIÓN LABORAL, SENSIBILIZACIÓN MEDIOAMBIENTAL Y EN LA IGUALDAD DE GÉNERO",15,10,1,7,3,1,2,1,2,5,5,1,3,5,0,0,0,0,5,40,0,"000195 - KARTING KAIKU S.A.","A48231567","DESESTIMADA","Baliabide ekonomikoeza prozeduran (art. 7, párrafo 2, apartado b) / Falta de crédito presupuestario en el procedimiento (art. 7, párrafo 2, apartado b)",40,"NO"]
[null,null,null," ",17480981,"FCOO03 - INSERCIÓN LABORAL, SENSIBILIZACIÓN MEDIOAMBIENTAL Y EN LA IGUALDAD DE GÉNERO",15,10,1,7,3,1,2,1,2,5,5,1,3,5,0,0,0,0,5,40,0,"000215 - KARTING KAIKU, S.A.","A48231567","DESESTIMADA","Baliabide ekonomikoeza prozeduran (art. 7, párrafo 2, apartado b) / Falta de crédito presupuestario en el procedimiento (art. 7, párrafo 2, apartado b)",40,"NO"]
[null,null,null," ",17481001,"FCOO03 - INSERCIÓN LABORAL, SENSIBILIZACIÓN MEDIOAMBIENTAL Y EN LA IGUALDAD DE GÉNERO",15,10,1,7,3,1,2,1,2,5,5,1,3,5,0,0,0,0,5,40,0,"000221 - AUTOESCUELA KAIKU","A48231567","DESESTIMADA","Baliabide ekonomikoeza prozeduran (art. 7, párrafo 2, apartado b) / Falta de crédito presupuestario en el procedimiento (art. 7, párrafo 2, apartado b)",40,"NO"]
[null,null,null," ",17480674,"FCOO03 - INSERCIÓN LABORAL, SENSIBILIZACIÓN MEDIOAMBIENTAL Y EN LA IGUALDAD DE GÉNERO",15,10,1,7,3,1,2,1,2,5,5,1,3,5,0,0,0,0,5,40,0,"000195 - KARTING KAIKU S.A.","A48231567","DESESTIMADA","Baliabide ekonomikoeza prozeduran (art. 7, párrafo 2, apartado b) / Falta de crédito presupuestario en el procedimiento (art. 7, párrafo 2, apartado b)",40,"NO"]
[null,null,null," ",17481090,"SSCE01 - INGLÉS A1",15,150,1,7,3,1,3,1,2,5,3,3,3,4,0,0,0,0,5,40,0,"000218 - ALFA FORMACIÓN Y CONSULTORÍA","B95738241","DESESTIMADA","Baliabide ekonomikoeza prozeduran (art. 7, párrafo 2, apartado b) / Falta de crédito presupuestario en el procedimiento (art. 7, párrafo 2, apartado b)",40,"NO"]
[null,null,null," ",17480130,"SSCE02 - INGLÉS A2",15,150,1,7,3,1,3,1,2,5,3,3,3,4,0,0,0,0,5,40,0,"000218 - ALFA FORMACIÓN Y CONSULTORÍA","B95738241","DESESTIMADA","Baliabide ekonomikoeza prozeduran (art. 7, párrafo 2, apartado b) / Falta de crédito presupuestario en el procedimiento (art. 7, párrafo 2, apartado b)",40,"NO"]
[null,null,null," ",17481108,"COMM20 - RUSO BÁSICO EN ACTIVIDADES DE VENTA Y TURISMO",15,280,1,7,3,1,2,1,2,5,3,3,3,4,0,0,0,0,5,39,0,"000218 - ALFA FORMACIÓN Y CONSULTORÍA","B95738241","DESESTIMADA","Baliabide ekonomikoeza prozeduran (art. 7, párrafo 2, apartado b) / Falta de crédito presupuestario en el procedimiento (art. 7, párrafo 2, apartado b)",39,"NO"]
[null,null,null," ",17481097,"FCOO03 - INSERCIÓN LABORAL, SENSIBILIZACIÓN MEDIOAMBIENTAL Y EN LA IGUALDAD DE GÉNERO",15,10,1,7,3,1,2,1,2,5,3,3,3,4,0,0,0,0,5,39,0,"000218 - ALFA FORMACIÓN Y CONSULTORÍA","B95738241","DESESTIMADA","Baliabide ekonomikoeza prozeduran (art. 7, párrafo 2, apartado b) / Falta de crédito presupuestario en el procedimiento (art. 7, párrafo 2, apartado b)",39,"NO"]
[null,null,null," ",17480337,"SSCE06 - ALEMÁN A1",15,150,1,7,3,1,2,1,2,5,3,3,3,4,0,0,0,0,5,39,0,"000218 - ALFA FORMACIÓN Y CONSULTORÍA","B95738241","DESESTIMADA","Baliabide ekonomikoeza prozeduran (art. 7, párrafo 2, apartado b) / Falta de crédito presupuestario en el procedimiento (art. 7, párrafo 2, apartado b)",39,"NO"]
[null,null,null," ",17480338,"SSCE07 - ALEMÁN A2",15,150,1,7,3,1,2,1,2,5,3,3,3,4,0,0,0,0,5,39,0,"000218 - ALFA FORMACIÓN Y CONSULTORÍA","B95738241","DESESTIMADA","Baliabide ekonomikoeza prozeduran (art. 7, párrafo 2, apartado b) / Falta de crédito presupuestario en el procedimiento (art. 7, párrafo 2, apartado b)",39,"NO"]
[null,null,null," ",17482006,"SSCE01 - INGLÉS A1",15,150,1,7,3,1,3,3,2,5,5,5,0,0,0,0,0,0,5,39,0,"001769 - ACCIÓN LABORAL","V09409749","DESESTIMADA","Baliabide ekonomikoeza prozeduran (art. 7, párrafo 2, apartado b) / Falta de crédito presupuestario en el procedimiento (art. 7, párrafo 2, apartado b)",39,"NO"]
[null,null,null," ",17480549,"FCOV0057V - ENTRENAMIENTO EN COMPETENCIAS PERSONALES Y PROFESIONALES",15,150,1,7,3,2,2,1,2,5,3,0,2,6,0,0,0,0,5,38,0,"000102 - SERVIC. EMPRESARIALES Y TECNOLOGIAS INFORMACION S","B48683528","DESESTIMADA","Baliabide ekonomikoeza prozeduran (art. 7, párrafo 2, apartado b) / Falta de crédito presupuestario en el procedimiento (art. 7, párrafo 2, apartado b)",38,"NO"]
[null,null,null," ",17480550,"FCOV0057V - ENTRENAMIENTO EN COMPETENCIAS PERSONALES Y PROFESIONALES",15,150,1,7,3,2,2,1,2,5,3,0,2,6,0,0,0,0,5,38,0,"000102 - SERVIC. EMPRESARIALES Y TECNOLOGIAS INFORMACION S","B48683528","DESESTIMADA","Baliabide ekonomikoeza prozeduran (art. 7, párrafo 2, apartado b) / Falta de crédito presupuestario en el procedimiento (art. 7, párrafo 2, apartado b)",38,"NO"]
[null,null,null," ",17481368,"SSCE02 - INGLÉS A2",15,150,1,7,3,1,3,1,2,5,0,1,0,4,0,0,0,0,5,32,0,"001156 - Joyce Study Centre","B95637419","DESESTIMADA","Baliabide ekonomikoeza prozeduran (art. 7, párrafo 2, apartado b) / Falta de crédito presupuestario en el procedimiento (art. 7, párrafo 2, apartado b)",32,"NO"]
[null,null,null," ",17480446,"FCOO03 - INSERCIÓN LABORAL, SENSIBILIZACIÓN MEDIOAMBIENTAL Y EN LA IGUALDAD DE GÉNERO",15,10,1,7,3,1,2,1,2,5,2,3,0,0,0,0,0,0,5,31,0,"001457 - Asociación Gitana Kale Dor Kayiko-Bizkaia","G48423362","DESESTIMADA","Baliabide ekonomikoeza prozeduran (art. 7, párrafo 2, apartado b) / Falta de crédito presupuestario en el procedimiento (art. 7, párrafo 2, apartado b)",31,"NO"]
[null,null,null," ",17480447,"FCOO03 - INSERCIÓN LABORAL, SENSIBILIZACIÓN MEDIOAMBIENTAL Y EN LA IGUALDAD DE GÉNERO",15,10,1,7,3,1,2,1,2,5,2,3,0,0,0,0,0,0,5,31,0,"001457 - Asociación Gitana Kale Dor Kayiko-Bizkaia","G48423362","DESESTIMADA","Baliabide ekonomikoeza prozeduran (art. 7, párrafo 2, apartado b) / Falta de crédito presupuestario en el procedimiento (art. 7, párrafo 2, apartado b)",31,"NO"]
[null,null,null," ",17482116,"FCOV0057V - ENTRENAMIENTO EN COMPETENCIAS PERSONALES Y PROFESIONALES",10,150,1,7,3,2,2,1,2,5,3,0,0,0,0,0,0,0,5,30,0,"001578 - FUNDAC. SÍNDROME DE DOWN DEL P. VASCO","G48679302","DESESTIMADA","Baliabide ekonomikoeza prozeduran (art. 7, párrafo 2, apartado b) / Falta de crédito presupuestario en el procedimiento (art. 7, párrafo 2, apartado b)",30,"NO"]
[null,null,null," ",17482976,"SSCE03 - INGLÉS B1",15,240,2,7,4,1,3,3,2,5,6,5,3,4,1,1,1,0,5,50,0,"000105 - CENTRO DE FORMACIÓN RAFER, S.L.","B95739595","DESESTIMADA","Baliabide ekonomikoeza prozeduran (art. 7, párrafo 2, apartado b) / Falta de crédito presupuestario en el procedimiento (art. 7, párrafo 2, apartado b)",50,"NO"]
[null,null,null," ",17482800,"SSCE03 - INGLÉS B1",15,240,2,7,4,1,3,3,2,7,3,5,3,6,1,0,0,0,5,50,0,"000004 - EIDE S.L. ESCUELA INTERNAC. PARA EDUCACION Y DESA","B48474647","DESESTIMADA","Baliabide ekonomikoeza prozeduran (art. 7, párrafo 2, apartado b) / Falta de crédito presupuestario en el procedimiento (art. 7, párrafo 2, apartado b)",50,"NO"]
[null,null,null," ",17482950,"SSCE03 - INGLÉS B1",15,240,2,7,4,1,3,1,2,4,5,2,3,5,1,2,2,0,9,49,0,"002883 - UROLALDE-BILBAO","B20149134","DESESTIMADA","Baliabide ekonomikoeza prozeduran (art. 7, párrafo 2, apartado b) / Falta de crédito presupuestario en el procedimiento (art. 7, párrafo 2, apartado b)",49,"NO"]
[null,null,null," ",17482951,"SSCE03 - INGLÉS B1",15,240,2,7,4,1,3,1,2,4,5,2,3,5,1,2,2,0,9,49,0,"002883 - UROLALDE-BILBAO","B20149134","DESESTIMADA","Baliabide ekonomikoeza prozeduran (art. 7, párrafo 2, apartado b) / Falta de crédito presupuestario en el procedimiento (art. 7, párrafo 2, apartado b)",49,"NO"]
[null,null,null," ",17482922,"SSCE03 - INGLÉS B1",14,240,2,7,4,1,3,1,2,8,3,2,3,6,0,0,0,0,9,49,0,"000016 - UP FORMACION","B48512941","DESESTIMADA","Baliabide ekonomikoeza prozeduran (art. 7, párrafo 2, apartado b) / Falta de crédito presupuestario en el procedimiento (art. 7, párrafo 2, apartado b)",49,"NO"]
[null,null,null," ",17482923,"SSCE03 - INGLÉS B1",14,240,2,7,4,1,3,1,2,8,3,2,3,6,0,0,0,0,9,49,0,"000016 - UP FORMACION","B48512941","DESESTIMADA","Baliabide ekonomikoeza prozeduran (art. 7, párrafo 2, apartado b) / Falta de crédito presupuestario en el procedimiento (art. 7, párrafo 2, apartado b)",49,"NO"]
[null,null,null," ",17481770,"SSCE03 - INGLÉS B1",14,240,2,7,4,1,3,1,2,8,3,2,3,6,0,0,0,0,9,49,0,"000016 - UP FORMACION","B48512941","DESESTIMADA","Baliabide ekonomikoeza prozeduran (art. 7, párrafo 2, apartado b) / Falta de crédito presupuestario en el procedimiento (art. 7, párrafo 2, apartado b)",49,"NO"]
[null,null,null," ",17481773,"SSCE03 - INGLÉS B1",14,240,2,7,4,1,3,1,2,8,3,2,3,6,0,0,0,0,9,49,0,"000016 - UP FORMACION","B48512941","DESESTIMADA","Baliabide ekonomikoeza prozeduran (art. 7, párrafo 2, apartado b) / Falta de crédito presupuestario en el procedimiento (art. 7, párrafo 2, apartado b)",49,"NO"]
[null,null,null," ",17481185,"SSCE04 - INGLÉS B2",15,240,2,7,4,1,2,1,2,7,5,3,3,8,0,1,1,0,5,49,0,"000094 - JURITECNIA S.L.","B48437842","DESESTIMADA","Baliabide ekonomikoeza prozeduran (art. 7, párrafo 2, apartado b) / Falta de crédito presupuestario en el procedimiento (art. 7, párrafo 2, apartado b)",49,"NO"]
[null,null,null," ",17482979,"SSCE04 - INGLÉS B2",15,240,2,7,4,1,2,3,2,5,6,5,3,4,1,1,1,0,5,49,0,"000105 - CENTRO DE FORMACIÓN RAFER, S.L.","B95739595","DESESTIMADA","Baliabide ekonomikoeza prozeduran (art. 7, párrafo 2, apartado b) / Falta de crédito presupuestario en el procedimiento (art. 7, párrafo 2, apartado b)",49,"NO"]
[null,null,null," ",17481443,"SSCE04 - INGLÉS B2",18,240,2,7,4,1,2,3,2,8,6,2,3,6,0,0,0,0,5,49,0,"000197 - CENTRO DE ESTUDIOS INATEC","B95060935","DESESTIMADA","Baliabide ekonomikoeza prozeduran (art. 7, párrafo 2, apartado b) / Falta de crédito presupuestario en el procedimiento (art. 7, párrafo 2, apartado b)",49,"NO"]
[null,null,null," ",17482991,"FCOV05 - COMUNICACIÓN EN LENGUAS EXTRANJERAS (INGLÉS) N2",15,180,2,7,4,2,2,1,2,5,6,5,3,4,1,1,1,0,5,48,0,"000105 - CENTRO DE FORMACIÓN RAFER, S.L.","B95739595","DESESTIMADA","Baliabide ekonomikoeza prozeduran (art. 7, párrafo 2, apartado b) / Falta de crédito presupuestario en el procedimiento (art. 7, párrafo 2, apartado b)",48,"NO"]
[null,null,null," ",17482305,"SSCE03 - INGLÉS B1",15,240,2,7,4,1,3,1,2,5,6,5,3,4,1,1,1,0,5,48,0,"000105 - CENTRO DE FORMACIÓN RAFER, S.L.","B95739595","DESESTIMADA","Baliabide ekonomikoeza prozeduran (art. 7, párrafo 2, apartado b) / Falta de crédito presupuestario en el procedimiento (art. 7, párrafo 2, apartado b)",48,"NO"]
[null,null,null," ",17480589,"SSCE03 - INGLÉS B1",15,240,2,7,4,1,3,1,2,7,3,5,3,6,1,0,0,0,5,48,0,"000004 - EIDE S.L. ESCUELA INTERNAC. PARA EDUCACION Y DESA","B48474647","DESESTIMADA","Baliabide ekonomikoeza prozeduran (art. 7, párrafo 2, apartado b) / Falta de crédito presupuestario en el procedimiento (art. 7, párrafo 2, apartado b)",48,"NO"]
[null,null,null," ",17480641,"SSCE03 - INGLÉS B1",15,240,2,7,4,1,3,1,2,7,3,5,3,6,1,0,0,0,5,48,0,"000004 - EIDE S.L. ESCUELA INTERNAC. PARA EDUCACION Y DESA","B48474647","DESESTIMADA","Baliabide ekonomikoeza prozeduran (art. 7, párrafo 2, apartado b) / Falta de crédito presupuestario en el procedimiento (art. 7, párrafo 2, apartado b)",48,"NO"]
[null,null,null," ",17481018,"FCOO01 - INSERCION LABORAL Y TECNICAS DE BUSQUEDA DE EMPLEO",15,15,2,7,4,1,2,1,2,7,6,4,2,6,1,0,0,0,5,48,0,"000104 - CENTRO DE EDUCACION VIAL REKORD","B48845101","DESESTIMADA","Baliabide ekonomikoeza prozeduran (art. 7, párrafo 2, apartado b) / Falta de crédito presupuestario en el procedimiento (art. 7, párrafo 2, apartado b)",48,"NO"]
[null,null,null," ",17481016,"FCOO01 - INSERCION LABORAL Y TECNICAS DE BUSQUEDA DE EMPLEO",15,15,2,7,4,1,2,1,2,7,6,4,2,6,1,0,0,0,5,48,0,"000104 - CENTRO DE EDUCACION VIAL REKORD","B48845101","DESESTIMADA","Baliabide ekonomikoeza prozeduran (art. 7, párrafo 2, apartado b) / Falta de crédito presupuestario en el procedimiento (art. 7, párrafo 2, apartado b)",48,"NO"]
[null,null,null," ",17481466,"FCOO01 - INSERCION LABORAL Y TECNICAS DE BUSQUEDA DE EMPLEO",15,15,2,7,4,1,2,1,2,5,5,4,3,6,1,1,1,0,5,47,0,"000009 - CENTRO SAN LUIS","B48153555","DESESTIMADA","Baliabide ekonomikoeza prozeduran (art. 7, párrafo 2, apartado b) / Falta de crédito presupuestario en el procedimiento (art. 7, párrafo 2, apartado b)",47,"NO"]
[null,null,null," ",17481470,"FCOO01 - INSERCION LABORAL Y TECNICAS DE BUSQUEDA DE EMPLEO",15,15,2,7,4,1,2,1,2,5,5,4,3,6,1,1,1,0,5,47,0,"000009 - CENTRO SAN LUIS","B48153555","DESESTIMADA","Baliabide ekonomikoeza prozeduran (art. 7, párrafo 2, apartado b) / Falta de crédito presupuestario en el procedimiento (art. 7, párrafo 2, apartado b)",47,"NO"]
[null,null,null," ",17481457,"FCOO0003OV - IMPLANTACIÓN DE PROYECTOS DE NEGOCIO: COACHING EMPRENDEDOR",15,100,2,7,4,1,2,1,2,5,6,3,2,5,3,1,1,0,5,47,0,"000248 - BULTZ-LAN CONSULTING, S.L.","B48299028","DESESTIMADA","Baliabide ekonomikoeza prozeduran (art. 7, párrafo 2, apartado b) / Falta de crédito presupuestario en el procedimiento (art. 7, párrafo 2, apartado b)",47,"NO"]
[null,null,null," ",17481942,"FCOO0003OV - IMPLANTACIÓN DE PROYECTOS DE NEGOCIO: COACHING EMPRENDEDOR",15,100,2,7,4,1,2,1,2,5,6,3,2,5,3,1,1,0,5,47,0,"000248 - BULTZ-LAN CONSULTING, S.L.","B48299028","DESESTIMADA","Baliabide ekonomikoeza prozeduran (art. 7, párrafo 2, apartado b) / Falta de crédito presupuestario en el procedimiento (art. 7, párrafo 2, apartado b)",47,"NO"]
[null,null,null," ",17481464,"FCOO0003OV - IMPLANTACIÓN DE PROYECTOS DE NEGOCIO: COACHING EMPRENDEDOR",15,100,2,7,4,1,2,1,2,5,6,3,2,5,3,1,1,0,5,47,0,"000248 - BULTZ-LAN CONSULTING, S.L.","B48299028","DESESTIMADA","Baliabide ekonomikoeza prozeduran (art. 7, párrafo 2, apartado b) / Falta de crédito presupuestario en el procedimiento (art. 7, párrafo 2, apartado b)",47,"NO"]
[null,null,null," ",17481944,"FCOO0003OV - IMPLANTACIÓN DE PROYECTOS DE NEGOCIO: COACHING EMPRENDEDOR",15,100,2,7,4,1,2,1,2,5,6,3,2,5,3,1,1,0,5,47,0,"000248 - BULTZ-LAN CONSULTING, S.L.","B48299028","DESESTIMADA","Baliabide ekonomikoeza prozeduran (art. 7, párrafo 2, apartado b) / Falta de crédito presupuestario en el procedimiento (art. 7, párrafo 2, apartado b)",47,"NO"]
[null,null,null," ",17481945,"FCOO0003OV - IMPLANTACIÓN DE PROYECTOS DE NEGOCIO: COACHING EMPRENDEDOR",15,100,2,7,4,1,2,1,2,5,6,3,2,5,3,1,1,0,5,47,0,"000248 - BULTZ-LAN CONSULTING, S.L.","B48299028","DESESTIMADA","Baliabide ekonomikoeza prozeduran (art. 7, párrafo 2, apartado b) / Falta de crédito presupuestario en el procedimiento (art. 7, párrafo 2, apartado b)",47,"NO"]
[null,null,null," ",17481946,"FCOO0003OV - IMPLANTACIÓN DE PROYECTOS DE NEGOCIO: COACHING EMPRENDEDOR",15,100,2,7,4,1,2,1,2,5,6,3,2,5,3,1,1,0,5,47,0,"000248 - BULTZ-LAN CONSULTING, S.L.","B48299028","DESESTIMADA","Baliabide ekonomikoeza prozeduran (art. 7, párrafo 2, apartado b) / Falta de crédito presupuestario en el procedimiento (art. 7, párrafo 2, apartado b)",47,"NO"]
[null,null,null," ",17481949,"FCOO0003OV - IMPLANTACIÓN DE PROYECTOS DE NEGOCIO: COACHING EMPRENDEDOR",15,100,2,7,4,1,2,1,2,5,6,3,2,5,3,1,1,0,5,47,0,"000248 - BULTZ-LAN CONSULTING, S.L.","B48299028","DESESTIMADA","Baliabide ekonomikoeza prozeduran (art. 7, párrafo 2, apartado b) / Falta de crédito presupuestario en el procedimiento (art. 7, párrafo 2, apartado b)",47,"NO"]
[null,null,null," ",17481968,"FCOO04 - FOMENTO Y PROMOCIÓN DEL TRABAJO AUTÓNOMO",15,30,2,7,4,1,2,1,2,5,6,3,2,5,3,1,1,0,5,47,0,"000248 - BULTZ-LAN CONSULTING, S.L.","B48299028","DESESTIMADA","Baliabide ekonomikoeza prozeduran (art. 7, párrafo 2, apartado b) / Falta de crédito presupuestario en el procedimiento (art. 7, párrafo 2, apartado b)",47,"NO"]
[null,null,null," ",17481951,"FCOO04 - FOMENTO Y PROMOCIÓN DEL TRABAJO AUTÓNOMO",15,30,2,7,4,1,2,1,2,5,6,3,2,5,3,1,1,0,5,47,0,"000248 - BULTZ-LAN CONSULTING, S.L.","B48299028","DESESTIMADA","Baliabide ekonomikoeza prozeduran (art. 7, párrafo 2, apartado b) / Falta de crédito presupuestario en el procedimiento (art. 7, párrafo 2, apartado b)",47,"NO"]
[null,null,null," ",17481966,"FCOO04 - FOMENTO Y PROMOCIÓN DEL TRABAJO AUTÓNOMO",15,30,2,7,4,1,2,1,2,5,6,3,2,5,3,1,1,0,5,47,0,"000248 - BULTZ-LAN CONSULTING, S.L.","B48299028","DESESTIMADA","Baliabide ekonomikoeza prozeduran (art. 7, párrafo 2, apartado b) / Falta de crédito presupuestario en el procedimiento (art. 7, párrafo 2, apartado b)",47,"NO"]
[null,null,null," ",17482981,"FCOO01 - INSERCION LABORAL Y TECNICAS DE BUSQUEDA DE EMPLEO",15,15,2,7,4,1,2,1,2,5,6,5,3,4,1,1,1,0,5,47,0,"000105 - CENTRO DE FORMACIÓN RAFER, S.L.","B95739595","DESESTIMADA","Baliabide ekonomikoeza prozeduran (art. 7, párrafo 2, apartado b) / Falta de crédito presupuestario en el procedimiento (art. 7, párrafo 2, apartado b)",47,"NO"]
[null,null,null," ",17482982,"FCOO01 - INSERCION LABORAL Y TECNICAS DE BUSQUEDA DE EMPLEO",15,15,2,7,4,1,2,1,2,5,6,5,3,4,1,1,1,0,5,47,0,"000105 - CENTRO DE FORMACIÓN RAFER, S.L.","B95739595","DESESTIMADA","Baliabide ekonomikoeza prozeduran (art. 7, párrafo 2, apartado b) / Falta de crédito presupuestario en el procedimiento (art. 7, párrafo 2, apartado b)",47,"NO"]
[null,null,null," ",17482983,"FCOO01 - INSERCION LABORAL Y TECNICAS DE BUSQUEDA DE EMPLEO",15,15,2,7,4,1,2,1,2,5,6,5,3,4,1,1,1,0,5,47,0,"000105 - CENTRO DE FORMACIÓN RAFER, S.L.","B95739595","DESESTIMADA","Baliabide ekonomikoeza prozeduran (art. 7, párrafo 2, apartado b) / Falta de crédito presupuestario en el procedimiento (art. 7, párrafo 2, apartado b)",47,"NO"]
[null,null,null," ",17482307,"SSCE04 - INGLÉS B2",15,240,2,7,4,1,2,1,2,5,6,5,3,4,1,1,1,0,5,47,0,"000105 - CENTRO DE FORMACIÓN RAFER, S.L.","B95739595","DESESTIMADA","Baliabide ekonomikoeza prozeduran (art. 7, párrafo 2, apartado b) / Falta de crédito presupuestario en el procedimiento (art. 7, párrafo 2, apartado b)",47,"NO"]
[null,null,null," ",17481440,"SSCE04 - INGLÉS B2",18,240,2,7,4,1,2,1,2,8,6,2,3,6,0,0,0,0,5,47,0,"000197 - CENTRO DE ESTUDIOS INATEC","B95060935","DESESTIMADA","Baliabide ekonomikoeza prozeduran (art. 7, párrafo 2, apartado b) / Falta de crédito presupuestario en el procedimiento (art. 7, párrafo 2, apartado b)",47,"NO"]
[null,null,null," ",17480677,"SSCE04 - INGLÉS B2",15,240,2,7,4,1,2,1,2,7,3,5,3,6,1,0,0,0,5,47,0,"000004 - EIDE S.L. ESCUELA INTERNAC. PARA EDUCACION Y DESA","B48474647","DESESTIMADA","Baliabide ekonomikoeza prozeduran (art. 7, párrafo 2, apartado b) / Falta de crédito presupuestario en el procedimiento (art. 7, párrafo 2, apartado b)",47,"NO"]
[null,null,null," ",17480590,"SSCE04 - INGLÉS B2",15,240,2,7,4,1,2,1,2,7,3,5,3,6,1,0,0,0,5,47,0,"000004 - EIDE S.L. ESCUELA INTERNAC. PARA EDUCACION Y DESA","B48474647","DESESTIMADA","Baliabide ekonomikoeza prozeduran (art. 7, párrafo 2, apartado b) / Falta de crédito presupuestario en el procedimiento (art. 7, párrafo 2, apartado b)",47,"NO"]
[null,null,null," ",17482924,"FCOV07 - COMUNICACIÓN EN LENGUAS EXTRANJERAS (FRANCÉS) N2",15,180,2,7,4,2,3,1,2,8,3,2,3,6,0,0,0,0,5,46,0,"000016 - UP FORMACION","B48512941","DESESTIMADA","Baliabide ekonomikoeza prozeduran (art. 7, párrafo 2, apartado b) / Falta de crédito presupuestario en el procedimiento (art. 7, párrafo 2, apartado b)",46,"NO"]
[null,null,null," ",17480532,"SSCE04 - INGLÉS B2",15,240,2,7,4,1,2,1,2,8,6,2,3,5,0,0,0,0,5,46,0,"000087 - GAILUR CENTRO DE ESTUDIOS","B95537171","DESESTIMADA","Baliabide ekonomikoeza prozeduran (art. 7, párrafo 2, apartado b) / Falta de crédito presupuestario en el procedimiento (art. 7, párrafo 2, apartado b)",46,"NO"]
[null,null,null," ",17482835,"FCOV05 - COMUNICACIÓN EN LENGUAS EXTRANJERAS (INGLÉS) N2",15,180,2,7,4,2,2,1,2,5,3,5,3,6,1,0,0,0,5,46,0,"000004 - EIDE S.L. ESCUELA INTERNAC. PARA EDUCACION Y DESA","B48474647","DESESTIMADA","Baliabide ekonomikoeza prozeduran (art. 7, párrafo 2, apartado b) / Falta de crédito presupuestario en el procedimiento (art. 7, párrafo 2, apartado b)",{"$f":"SUM(J131,K131,L131,M131,N131,O131,P131,Q131,R131,S131,T131,U131,W131,X131,Y131)","v":46},{"$f":"IF(Z131 <> AF131,\"SI\",\"NO\")","v":"NO"}]
[null,null,null," ",17482954,"FCOO01 - INSERCION LABORAL Y TECNICAS DE BUSQUEDA DE EMPLEO",15,15,2,7,4,1,2,1,2,5,5,2,3,5,1,2,2,0,5,45,0,"002883 - UROLALDE-BILBAO","B20149134","DESESTIMADA","Baliabide ekonomikoeza prozeduran (art. 7, párrafo 2, apartado b) / Falta de crédito presupuestario en el procedimiento (art. 7, párrafo 2, apartado b)",45,"NO"]
[null,null,null," ",17482955,"FCOO01 - INSERCION LABORAL Y TECNICAS DE BUSQUEDA DE EMPLEO",15,15,2,7,4,1,2,1,2,5,5,2,3,5,1,2,2,0,5,45,0,"002883 - UROLALDE-BILBAO","B20149134","DESESTIMADA","Baliabide ekonomikoeza prozeduran (art. 7, párrafo 2, apartado b) / Falta de crédito presupuestario en el procedimiento (art. 7, párrafo 2, apartado b)",45,"NO"]
[null,null,null," ",17482956,"FCOO02 - SENSIBILIZACIÓN EN LA IGUALDAD DE OPORTUNIDADES",15,20,2,7,4,1,2,1,2,5,5,2,3,5,1,2,2,0,5,45,0,"002883 - UROLALDE-BILBAO","B20149134","DESESTIMADA","Baliabide ekonomikoeza prozeduran (art. 7, párrafo 2, apartado b) / Falta de crédito presupuestario en el procedimiento (art. 7, párrafo 2, apartado b)",45,"NO"]
[null,null,null," ",17482957,"FCOO02 - SENSIBILIZACIÓN EN LA IGUALDAD DE OPORTUNIDADES",15,20,2,7,4,1,2,1,2,5,5,2,3,5,1,2,2,0,5,45,0,"002883 - UROLALDE-BILBAO","B20149134","DESESTIMADA","Baliabide ekonomikoeza prozeduran (art. 7, párrafo 2, apartado b) / Falta de crédito presupuestario en el procedimiento (art. 7, párrafo 2, apartado b)",45,"NO"]
[null,null,null," ",17480088,"SSCE04 - INGLÉS B2",17,240,2,7,4,1,2,1,2,6,3,3,3,6,1,1,1,0,5,45,0,"000300 - CPES BEURKO CHECK BHIP","B95459293","DESESTIMADA","Baliabide ekonomikoeza prozeduran (art. 7, párrafo 2, apartado b) / Falta de crédito presupuestario en el procedimiento (art. 7, párrafo 2, apartado b)",45,"NO"]
[null,null,null," ",17480089,"SSCE04 - INGLÉS B2",17,240,2,7,4,1,2,1,2,6,3,3,3,6,1,1,1,0,5,45,0,"000300 - CPES BEURKO CHECK BHIP","B95459293","DESESTIMADA","Baliabide ekonomikoeza prozeduran (art. 7, párrafo 2, apartado b) / Falta de crédito presupuestario en el procedimiento (art. 7, párrafo 2, apartado b)",45,"NO"]
[null,null,null," ",17481757,"FCOV05 - COMUNICACIÓN EN LENGUAS EXTRANJERAS (INGLÉS) N2",15,180,2,7,4,2,2,1,2,8,3,2,3,6,0,0,0,0,5,45,0,"000016 - UP FORMACION","B48512941","DESESTIMADA","Baliabide ekonomikoeza prozeduran (art. 7, párrafo 2, apartado b) / Falta de crédito presupuestario en el procedimiento (art. 7, párrafo 2, apartado b)",45,"NO"]
[null,null,null," ",17481656,"FCOV05 - COMUNICACIÓN EN LENGUAS EXTRANJERAS (INGLÉS) N2",15,180,2,7,4,2,2,1,2,8,3,2,3,6,0,0,0,0,5,45,0,"000016 - UP FORMACION","B48512941","DESESTIMADA","Baliabide ekonomikoeza prozeduran (art. 7, párrafo 2, apartado b) / Falta de crédito presupuestario en el procedimiento (art. 7, párrafo 2, apartado b)",45,"NO"]
[null,null,null," ",17482914,"FCOV05 - COMUNICACIÓN EN LENGUAS EXTRANJERAS (INGLÉS) N2",15,180,2,7,4,2,2,1,2,8,3,2,3,6,0,0,0,0,5,45,0,"000016 - UP FORMACION","B48512941","DESESTIMADA","Baliabide ekonomikoeza prozeduran (art. 7, párrafo 2, apartado b) / Falta de crédito presupuestario en el procedimiento (art. 7, párrafo 2, apartado b)",45,"NO"]
[null,null,null," ",17482915,"FCOV05 - COMUNICACIÓN EN LENGUAS EXTRANJERAS (INGLÉS) N2",15,180,2,7,4,2,2,1,2,8,3,2,3,6,0,0,0,0,5,45,0,"000016 - UP FORMACION","B48512941","DESESTIMADA","Baliabide ekonomikoeza prozeduran (art. 7, párrafo 2, apartado b) / Falta de crédito presupuestario en el procedimiento (art. 7, párrafo 2, apartado b)",45,"NO"]
[null,null,null," ",17481790,"FCOV09 - COMUNICACIÓN EN LENGUAS EXTRANJERAS (ALEMÁN) N2",15,180,2,7,4,2,2,1,2,8,3,2,3,6,0,0,0,0,5,45,0,"000016 - UP FORMACION","B48512941","DESESTIMADA","Baliabide ekonomikoeza prozeduran (art. 7, párrafo 2, apartado b) / Falta de crédito presupuestario en el procedimiento (art. 7, párrafo 2, apartado b)",45,"NO"]
[null,null,null," ",17482926,"FCOV09 - COMUNICACIÓN EN LENGUAS EXTRANJERAS (ALEMÁN) N2",15,180,2,7,4,2,2,1,2,8,3,2,3,6,0,0,0,0,5,45,0,"000016 - UP FORMACION","B48512941","DESESTIMADA","Baliabide ekonomikoeza prozeduran (art. 7, párrafo 2, apartado b) / Falta de crédito presupuestario en el procedimiento (art. 7, párrafo 2, apartado b)",45,"NO"]
[null,null,null," ",17482928,"FCOV09 - COMUNICACIÓN EN LENGUAS EXTRANJERAS (ALEMÁN) N2",15,180,2,7,4,2,2,1,2,8,3,2,3,6,0,0,0,0,5,45,0,"000016 - UP FORMACION","B48512941","DESESTIMADA","Baliabide ekonomikoeza prozeduran (art. 7, párrafo 2, apartado b) / Falta de crédito presupuestario en el procedimiento (art. 7, párrafo 2, apartado b)",45,"NO"]
[null,null,null," ",17481791,"FCOV09 - COMUNICACIÓN EN LENGUAS EXTRANJERAS (ALEMÁN) N2",15,180,2,7,4,2,2,1,2,8,3,2,3,6,0,0,0,0,5,45,0,"000016 - UP FORMACION","B48512941","DESESTIMADA","Baliabide ekonomikoeza prozeduran (art. 7, párrafo 2, apartado b) / Falta de crédito presupuestario en el procedimiento (art. 7, párrafo 2, apartado b)",45,"NO"]
[null,null,null," ",17481796,"FCOV22 - COMUNICACIÓN EN LENGUA CASTELLANA N2",15,120,2,7,4,2,2,1,2,8,3,2,3,6,0,0,0,0,5,45,0,"000016 - UP FORMACION","B48512941","DESESTIMADA","Baliabide ekonomikoeza prozeduran (art. 7, párrafo 2, apartado b) / Falta de crédito presupuestario en el procedimiento (art. 7, párrafo 2, apartado b)",45,"NO"]
[null,null,null," ",17481798,"FCOV22 - COMUNICACIÓN EN LENGUA CASTELLANA N2",15,120,2,7,4,2,2,1,2,8,3,2,3,6,0,0,0,0,5,45,0,"000016 - UP FORMACION","B48512941","DESESTIMADA","Baliabide ekonomikoeza prozeduran (art. 7, párrafo 2, apartado b) / Falta de crédito presupuestario en el procedimiento (art. 7, párrafo 2, apartado b)",45,"NO"]
[null,null,null," ",17482936,"FCOV22 - COMUNICACIÓN EN LENGUA CASTELLANA N2",15,120,2,7,4,2,2,1,2,8,3,2,3,6,0,0,0,0,5,45,0,"000016 - UP FORMACION","B48512941","DESESTIMADA","Baliabide ekonomikoeza prozeduran (art. 7, párrafo 2, apartado b) / Falta de crédito presupuestario en el procedimiento (art. 7, párrafo 2, apartado b)",45,"NO"]
[null,null,null," ",17482937,"FCOV22 - COMUNICACIÓN EN LENGUA CASTELLANA N2",15,120,2,7,4,2,2,1,2,8,3,2,3,6,0,0,0,0,5,45,0,"000016 - UP FORMACION","B48512941","DESESTIMADA","Baliabide ekonomikoeza prozeduran (art. 7, párrafo 2, apartado b) / Falta de crédito presupuestario en el procedimiento (art. 7, párrafo 2, apartado b)",45,"NO"]
[null,null,null," ",17482905,"FCOV23 - COMPETENCIA MATEMÁTICA N2",18,120,2,7,4,2,2,1,2,8,3,2,3,6,0,0,0,0,5,45,0,"000016 - UP FORMACION","B48512941","DESESTIMADA","2017ko maiatzare 2a bainolehenago, akreditatuta edo inskribatuta ez zegoen erakunde baten bitartez eskatuta izatea (2.artikuloa,2. paragrafoa, b atala) / Ser solicitada por una entidad no acreditada o inscrita para la especialidad con anterioridad al 2 de mayo de 2017 (art.2, párrafo 1, apartado b)",45,"NO"]
[null,null,null," ",17482906,"FCOV23 - COMPETENCIA MATEMÁTICA N2",18,120,2,7,4,2,2,1,2,8,3,2,3,6,0,0,0,0,5,45,0,"000016 - UP FORMACION","B48512941","DESESTIMADA","2017ko maiatzare 2a bainolehenago, akreditatuta edo inskribatuta ez zegoen erakunde baten bitartez eskatuta izatea (2.artikuloa,2. paragrafoa, b atala) / Ser solicitada por una entidad no acreditada o inscrita para la especialidad con anterioridad al 2 de mayo de 2017 (art.2, párrafo 1, apartado b)",45,"NO"]
[null,null,null," ",17482908,"FCOV26 - COMPETENCIAS CLAVE NIVEL 2 PARA CERTIFICADOS DE PROFESIONALIDAD CON IDIOMAS:COMUNICACIÓN EN LENG",18,420,2,7,4,2,2,1,2,8,3,2,3,6,0,0,0,0,5,45,0,"000016 - UP FORMACION","B48512941","DESESTIMADA","2017ko maiatzare 2a bainolehenago, akreditatuta edo inskribatuta ez zegoen erakunde baten bitartez eskatuta izatea (2.artikuloa,2. paragrafoa, b atala) / Ser solicitada por una entidad no acreditada o inscrita para la especialidad con anterioridad al 2 de mayo de 2017 (art.2, párrafo 1, apartado b)",45,"NO"]
[null,null,null," ",17482909,"FCOV26 - COMPETENCIAS CLAVE NIVEL 2 PARA CERTIFICADOS DE PROFESIONALIDAD CON IDIOMAS:COMUNICACIÓN EN LENG",18,420,2,7,4,2,2,1,2,8,3,2,3,6,0,0,0,0,5,45,0,"000016 - UP FORMACION","B48512941","DESESTIMADA","2017ko maiatzare 2a bainolehenago, akreditatuta edo inskribatuta ez zegoen erakunde baten bitartez eskatuta izatea (2.artikuloa,2. paragrafoa, b atala) / Ser solicitada por una entidad no acreditada o inscrita para la especialidad con anterioridad al 2 de mayo de 2017 (art.2, párrafo 1, apartado b)",45,"NO"]
[null,null,null," ",17482910,"FCOV27 - COMPETENCIAS CLAVE NIVEL 2 PARA CERTIFICADOS DE PROFESIONALIDAD SIN IDIOMAS:COMUNICACIÓN EN LENG",18,240,2,7,4,2,2,1,2,8,3,2,3,6,0,0,0,0,5,45,0,"000016 - UP FORMACION","B48512941","DESESTIMADA","2017ko maiatzare 2a bainolehenago, akreditatuta edo inskribatuta ez zegoen erakunde baten bitartez eskatuta izatea (2.artikuloa,2. paragrafoa, b atala) / Ser solicitada por una entidad no acreditada o inscrita para la especialidad con anterioridad al 2 de mayo de 2017 (art.2, párrafo 1, apartado b)",45,"NO"]
[null,null,null," ",17480580,"FCOV07 - COMUNICACIÓN EN LENGUAS EXTRANJERAS (FRANCÉS) N2",15,180,2,7,4,2,3,1,2,5,6,2,3,5,0,0,0,0,5,45,0,"000087 - GAILUR CENTRO DE ESTUDIOS","B95537171","DESESTIMADA","Baliabide ekonomikoeza prozeduran (art. 7, párrafo 2, apartado b) / Falta de crédito presupuestario en el procedimiento (art. 7, párrafo 2, apartado b)",45,"NO"]
[null,null,null," ",17480826,"FCOO01 - INSERCION LABORAL Y TECNICAS DE BUSQUEDA DE EMPLEO",15,15,2,7,4,1,2,1,2,5,6,4,3,4,1,0,0,0,5,45,0,"002662 - CARITAS DIOCESANA DE BILBAO II","R4800309I","DESESTIMADA","Baliabide ekonomikoeza prozeduran (art. 7, párrafo 2, apartado b) / Falta de crédito presupuestario en el procedimiento (art. 7, párrafo 2, apartado b)",45,"NO"]
[null,null,null," ",17480830,"FCOO01 - INSERCION LABORAL Y TECNICAS DE BUSQUEDA DE EMPLEO",15,15,2,7,4,1,2,1,2,5,6,4,3,4,1,0,0,0,5,45,0,"002662 - CARITAS DIOCESANA DE BILBAO II","R4800309I","DESESTIMADA","Baliabide ekonomikoeza prozeduran (art. 7, párrafo 2, apartado b) / Falta de crédito presupuestario en el procedimiento (art. 7, párrafo 2, apartado b)",45,"NO"]
[null,null,null," ",17480824,"FCOO01 - INSERCION LABORAL Y TECNICAS DE BUSQUEDA DE EMPLEO",15,15,2,7,4,1,2,1,2,5,6,4,3,4,1,0,0,0,5,45,0,"002662 - CARITAS DIOCESANA DE BILBAO II","R4800309I","DESESTIMADA","Baliabide ekonomikoeza prozeduran (art. 7, párrafo 2, apartado b) / Falta de crédito presupuestario en el procedimiento (art. 7, párrafo 2, apartado b)",45,"NO"]
[null,null,null," ",17482952,"SSCE04 - INGLÉS B2",15,240,2,7,4,1,2,1,2,4,5,2,3,5,1,2,2,0,5,44,0,"002883 - UROLALDE-BILBAO","B20149134","DESESTIMADA","Baliabide ekonomikoeza prozeduran (art. 7, párrafo 2, apartado b) / Falta de crédito presupuestario en el procedimiento (art. 7, párrafo 2, apartado b)",44,"NO"]
[null,null,null," ",17481778,"SSCE04 - INGLÉS B2",15,240,2,7,4,1,2,1,2,8,3,2,3,6,0,0,0,0,5,44,0,"000016 - UP FORMACION","B48512941","DESESTIMADA","Baliabide ekonomikoeza prozeduran (art. 7, párrafo 2, apartado b) / Falta de crédito presupuestario en el procedimiento (art. 7, párrafo 2, apartado b)",44,"NO"]
[null,null,null," ",17481777,"SSCE04 - INGLÉS B2",15,240,2,7,4,1,2,1,2,8,3,2,3,6,0,0,0,0,5,44,0,"000016 - UP FORMACION","B48512941","DESESTIMADA","Baliabide ekonomikoeza prozeduran (art. 7, párrafo 2, apartado b) / Falta de crédito presupuestario en el procedimiento (art. 7, párrafo 2, apartado b)",44,"NO"]
[null,null,null," ",17481056,"FCOV05 - COMUNICACIÓN EN LENGUAS EXTRANJERAS (INGLÉS) N2",15,180,2,7,4,2,2,1,2,5,6,2,3,5,0,0,0,0,5,44,0,"000087 - GAILUR CENTRO DE ESTUDIOS","B95537171","DESESTIMADA","Baliabide ekonomikoeza prozeduran (art. 7, párrafo 2, apartado b) / Falta de crédito presupuestario en el procedimiento (art. 7, párrafo 2, apartado b)",44,"NO"]
[null,null,null," ",17480524,"FCOV09 - COMUNICACIÓN EN LENGUAS EXTRANJERAS (ALEMÁN) N2",15,180,2,7,4,2,2,1,2,5,6,2,3,5,0,0,0,0,5,44,0,"000087 - GAILUR CENTRO DE ESTUDIOS","B95537171","DESESTIMADA","Baliabide ekonomikoeza prozeduran (art. 7, párrafo 2, apartado b) / Falta de crédito presupuestario en el procedimiento (art. 7, párrafo 2, apartado b)",44,"NO"]
[null,null,null," ",17481203,"FCOV22 - COMUNICACIÓN EN LENGUA CASTELLANA N2",16,120,2,7,4,2,2,1,2,5,5,3,3,4,0,0,0,0,5,43,0,"000035 - INUTEC DISEÑO,S.L.","B95108080","DESESTIMADA","Baliabide ekonomikoeza prozeduran (art. 7, párrafo 2, apartado b) / Falta de crédito presupuestario en el procedimiento (art. 7, párrafo 2, apartado b)",43,"NO"]
[null,null,null," ",17481206,"FCOV22 - COMUNICACIÓN EN LENGUA CASTELLANA N2",16,120,2,7,4,2,2,1,2,5,5,3,3,4,0,0,0,0,5,43,0,"000035 - INUTEC DISEÑO,S.L.","B95108080","DESESTIMADA","Baliabide ekonomikoeza prozeduran (art. 7, párrafo 2, apartado b) / Falta de crédito presupuestario en el procedimiento (art. 7, párrafo 2, apartado b)",43,"NO"]
[null,null,null," ",17481212,"FCOV23 - COMPETENCIA MATEMÁTICA N2",16,120,2,7,4,2,2,1,2,5,5,3,3,4,0,0,0,0,5,43,0,"000035 - INUTEC DISEÑO,S.L.","B95108080","DESESTIMADA","Baliabide ekonomikoeza prozeduran (art. 7, párrafo 2, apartado b) / Falta de crédito presupuestario en el procedimiento (art. 7, párrafo 2, apartado b)",43,"NO"]
[null,null,null," ",17481214,"FCOV23 - COMPETENCIA MATEMÁTICA N2",16,120,2,7,4,2,2,1,2,5,5,3,3,4,0,0,0,0,5,43,0,"000035 - INUTEC DISEÑO,S.L.","B95108080","DESESTIMADA","Baliabide ekonomikoeza prozeduran (art. 7, párrafo 2, apartado b) / Falta de crédito presupuestario en el procedimiento (art. 7, párrafo 2, apartado b)",43,"NO"]
[null,null,null," ",17480343,"FCOV07 - COMUNICACIÓN EN LENGUAS EXTRANJERAS (FRANCÉS) N2",15,180,2,7,4,2,3,1,2,5,3,3,3,4,0,0,0,0,5,42,0,"000218 - ALFA FORMACIÓN Y CONSULTORÍA","B95738241","DESESTIMADA","Baliabide ekonomikoeza prozeduran (art. 7, párrafo 2, apartado b) / Falta de crédito presupuestario en el procedimiento (art. 7, párrafo 2, apartado b)",42,"NO"]
[null,null,null," ",17480970,"FCOV27 - COMPETENCIAS CLAVE NIVEL 2 PARA CERTIFICADOS DE PROFESIONALIDAD SIN IDIOMAS:COMUNICACIÓN EN LENG",16,240,2,7,4,2,2,1,2,5,3,4,3,4,0,0,0,0,5,42,0,"000405 - ASOCIACION CONTRA LA EXCLUSIÓN SOCIAL MARGOTU","G95206934","DESESTIMADA","Baliabide ekonomikoeza prozeduran (art. 7, párrafo 2, apartado b) / Falta de crédito presupuestario en el procedimiento (art. 7, párrafo 2, apartado b)",42,"NO"]
[null,null,null," ",17480956,"FCOO01 - INSERCION LABORAL Y TECNICAS DE BUSQUEDA DE EMPLEO",15,15,2,7,4,1,2,1,2,5,5,1,3,5,0,0,0,0,5,41,0,"000215 - KARTING KAIKU, S.A.","A48231567","DESESTIMADA","Baliabide ekonomikoeza prozeduran (art. 7, párrafo 2, apartado b) / Falta de crédito presupuestario en el procedimiento (art. 7, párrafo 2, apartado b)",41,"NO"]
[null,null,null," ",17480987,"FCOO01 - INSERCION LABORAL Y TECNICAS DE BUSQUEDA DE EMPLEO",15,15,2,7,4,1,2,1,2,5,5,1,3,5,0,0,0,0,5,41,0,"000221 - AUTOESCUELA KAIKU","A48231567","DESESTIMADA","Baliabide ekonomikoeza prozeduran (art. 7, párrafo 2, apartado b) / Falta de crédito presupuestario en el procedimiento (art. 7, párrafo 2, apartado b)",41,"NO"]
[null,null,null," ",17480625,"FCOO01 - INSERCION LABORAL Y TECNICAS DE BUSQUEDA DE EMPLEO",15,15,2,7,4,1,2,1,2,5,5,1,3,5,0,0,0,0,5,41,0,"000195 - KARTING KAIKU S.A.","A48231567","DESESTIMADA","Baliabide ekonomikoeza prozeduran (art. 7, párrafo 2, apartado b) / Falta de crédito presupuestario en el procedimiento (art. 7, párrafo 2, apartado b)",41,"NO"]
[null,null,null," ",17480654,"FCOO01 - INSERCION LABORAL Y TECNICAS DE BUSQUEDA DE EMPLEO",15,15,2,7,4,1,2,1,2,5,5,1,3,5,0,0,0,0,5,41,0,"000195 - KARTING KAIKU S.A.","A48231567","DESESTIMADA","Baliabide ekonomikoeza prozeduran (art. 7, párrafo 2, apartado b) / Falta de crédito presupuestario en el procedimiento (art. 7, párrafo 2, apartado b)",41,"NO"]
[null,null,null," ",17480961,"FCOO01 - INSERCION LABORAL Y TECNICAS DE BUSQUEDA DE EMPLEO",15,15,2,7,4,1,2,1,2,5,5,1,3,5,0,0,0,0,5,41,0,"000215 - KARTING KAIKU, S.A.","A48231567","DESESTIMADA","Baliabide ekonomikoeza prozeduran (art. 7, párrafo 2, apartado b) / Falta de crédito presupuestario en el procedimiento (art. 7, párrafo 2, apartado b)",41,"NO"]
[null,null,null," ",17480992,"FCOO01 - INSERCION LABORAL Y TECNICAS DE BUSQUEDA DE EMPLEO",15,15,2,7,4,1,2,1,2,5,5,1,3,5,0,0,0,0,5,41,0,"000221 - AUTOESCUELA KAIKU","A48231567","DESESTIMADA","Baliabide ekonomikoeza prozeduran (art. 7, párrafo 2, apartado b) / Falta de crédito presupuestario en el procedimiento (art. 7, párrafo 2, apartado b)",41,"NO"]
[null,null,null," ",17480976,"FCOO01 - INSERCION LABORAL Y TECNICAS DE BUSQUEDA DE EMPLEO",15,15,2,7,4,1,2,1,2,5,5,1,3,5,0,0,0,0,5,41,0,"000215 - KARTING KAIKU, S.A.","A48231567","DESESTIMADA","Baliabide ekonomikoeza prozeduran (art. 7, párrafo 2, apartado b) / Falta de crédito presupuestario en el procedimiento (art. 7, párrafo 2, apartado b)",41,"NO"]
[null,null,null," ",17480997,"FCOO01 - INSERCION LABORAL Y TECNICAS DE BUSQUEDA DE EMPLEO",15,15,2,7,4,1,2,1,2,5,5,1,3,5,0,0,0,0,5,41,0,"000221 - AUTOESCUELA KAIKU","A48231567","DESESTIMADA","Baliabide ekonomikoeza prozeduran (art. 7, párrafo 2, apartado b) / Falta de crédito presupuestario en el procedimiento (art. 7, párrafo 2, apartado b)",41,"NO"]
[null,null,null," ",17480663,"FCOO01 - INSERCION LABORAL Y TECNICAS DE BUSQUEDA DE EMPLEO",15,15,2,7,4,1,2,1,2,5,5,1,3,5,0,0,0,0,5,41,0,"000195 - KARTING KAIKU S.A.","A48231567","DESESTIMADA","Baliabide ekonomikoeza prozeduran (art. 7, párrafo 2, apartado b) / Falta de crédito presupuestario en el procedimiento (art. 7, párrafo 2, apartado b)",41,"NO"]
[null,null,null," ",17480957,"FCOO02 - SENSIBILIZACIÓN EN LA IGUALDAD DE OPORTUNIDADES",15,20,2,7,4,1,2,1,2,5,5,1,3,5,0,0,0,0,5,41,0,"000215 - KARTING KAIKU, S.A.","A48231567","DESESTIMADA","Baliabide ekonomikoeza prozeduran (art. 7, párrafo 2, apartado b) / Falta de crédito presupuestario en el procedimiento (art. 7, párrafo 2, apartado b)",41,"NO"]
[null,null,null," ",17480988,"FCOO02 - SENSIBILIZACIÓN EN LA IGUALDAD DE OPORTUNIDADES",15,20,2,7,4,1,2,1,2,5,5,1,3,5,0,0,0,0,5,41,0,"000221 - AUTOESCUELA KAIKU","A48231567","DESESTIMADA","Baliabide ekonomikoeza prozeduran (art. 7, párrafo 2, apartado b) / Falta de crédito presupuestario en el procedimiento (art. 7, párrafo 2, apartado b)",41,"NO"]
[null,null,null," ",17480626,"FCOO02 - SENSIBILIZACIÓN EN LA IGUALDAD DE OPORTUNIDADES",15,20,2,7,4,1,2,1,2,5,5,1,3,5,0,0,0,0,5,41,0,"000195 - KARTING KAIKU S.A.","A48231567","DESESTIMADA","Baliabide ekonomikoeza prozeduran (art. 7, párrafo 2, apartado b) / Falta de crédito presupuestario en el procedimiento (art. 7, párrafo 2, apartado b)",41,"NO"]
[null,null,null," ",17480962,"FCOO02 - SENSIBILIZACIÓN EN LA IGUALDAD DE OPORTUNIDADES",15,20,2,7,4,1,2,1,2,5,5,1,3,5,0,0,0,0,5,41,0,"000215 - KARTING KAIKU, S.A.","A48231567","DESESTIMADA","Baliabide ekonomikoeza prozeduran (art. 7, párrafo 2, apartado b) / Falta de crédito presupuestario en el procedimiento (art. 7, párrafo 2, apartado b)",41,"NO"]
[null,null,null," ",17480656,"FCOO02 - SENSIBILIZACIÓN EN LA IGUALDAD DE OPORTUNIDADES",15,20,2,7,4,1,2,1,2,5,5,1,3,5,0,0,0,0,5,41,0,"000195 - KARTING KAIKU S.A.","A48231567","DESESTIMADA","Baliabide ekonomikoeza prozeduran (art. 7, párrafo 2, apartado b) / Falta de crédito presupuestario en el procedimiento (art. 7, párrafo 2, apartado b)",41,"NO"]
[null,null,null," ",17480993,"FCOO02 - SENSIBILIZACIÓN EN LA IGUALDAD DE OPORTUNIDADES",15,20,2,7,4,1,2,1,2,5,5,1,3,5,0,0,0,0,5,41,0,"000221 - AUTOESCUELA KAIKU","A48231567","DESESTIMADA","Baliabide ekonomikoeza prozeduran (art. 7, párrafo 2, apartado b) / Falta de crédito presupuestario en el procedimiento (art. 7, párrafo 2, apartado b)",41,"NO"]
[null,null,null," ",17480978,"FCOO02 - SENSIBILIZACIÓN EN LA IGUALDAD DE OPORTUNIDADES",15,20,2,7,4,1,2,1,2,5,5,1,3,5,0,0,0,0,5,41,0,"000215 - KARTING KAIKU, S.A.","A48231567","DESESTIMADA","Baliabide ekonomikoeza prozeduran (art. 7, párrafo 2, apartado b) / Falta de crédito presupuestario en el procedimiento (art. 7, párrafo 2, apartado b)",41,"NO"]
[null,null,null," ",17480998,"FCOO02 - SENSIBILIZACIÓN EN LA IGUALDAD DE OPORTUNIDADES",15,20,2,7,4,1,2,1,2,5,5,1,3,5,0,0,0,0,5,41,0,"000221 - AUTOESCUELA KAIKU","A48231567","DESESTIMADA","Baliabide ekonomikoeza prozeduran (art. 7, párrafo 2, apartado b) / Falta de crédito presupuestario en el procedimiento (art. 7, párrafo 2, apartado b)",41,"NO"]
[null,null,null," ",17480665,"FCOO02 - SENSIBILIZACIÓN EN LA IGUALDAD DE OPORTUNIDADES",15,20,2,7,4,1,2,1,2,5,5,1,3,5,0,0,0,0,5,41,0,"000195 - KARTING KAIKU S.A.","A48231567","DESESTIMADA","Baliabide ekonomikoeza prozeduran (art. 7, párrafo 2, apartado b) / Falta de crédito presupuestario en el procedimiento (art. 7, párrafo 2, apartado b)",41,"NO"]
[null,null,null," ",17480958,"FCOO04 - FOMENTO Y PROMOCIÓN DEL TRABAJO AUTÓNOMO",15,30,2,7,4,1,2,1,2,5,5,1,3,5,0,0,0,0,5,41,0,"000215 - KARTING KAIKU, S.A.","A48231567","DESESTIMADA","Baliabide ekonomikoeza prozeduran (art. 7, párrafo 2, apartado b) / Falta de crédito presupuestario en el procedimiento (art. 7, párrafo 2, apartado b)",41,"NO"]
[null,null,null," ",17480989,"FCOO04 - FOMENTO Y PROMOCIÓN DEL TRABAJO AUTÓNOMO",15,30,2,7,4,1,2,1,2,5,5,1,3,5,0,0,0,0,5,41,0,"000221 - AUTOESCUELA KAIKU","A48231567","DESESTIMADA","Baliabide ekonomikoeza prozeduran (art. 7, párrafo 2, apartado b) / Falta de crédito presupuestario en el procedimiento (art. 7, párrafo 2, apartado b)",41,"NO"]
[null,null,null," ",17480628,"FCOO04 - FOMENTO Y PROMOCIÓN DEL TRABAJO AUTÓNOMO",15,30,2,7,4,1,2,1,2,5,5,1,3,5,0,0,0,0,5,41,0,"000195 - KARTING KAIKU S.A.","A48231567","DESESTIMADA","Baliabide ekonomikoeza prozeduran (art. 7, párrafo 2, apartado b) / Falta de crédito presupuestario en el procedimiento (art. 7, párrafo 2, apartado b)",41,"NO"]
[null,null,null," ",17480964,"FCOO04 - FOMENTO Y PROMOCIÓN DEL TRABAJO AUTÓNOMO",15,30,2,7,4,1,2,1,2,5,5,1,3,5,0,0,0,0,5,41,0,"000215 - KARTING KAIKU, S.A.","A48231567","DESESTIMADA","Baliabide ekonomikoeza prozeduran (art. 7, párrafo 2, apartado b) / Falta de crédito presupuestario en el procedimiento (art. 7, párrafo 2, apartado b)",41,"NO"]
[null,null,null," ",17480658,"FCOO04 - FOMENTO Y PROMOCIÓN DEL TRABAJO AUTÓNOMO",15,30,2,7,4,1,2,1,2,5,5,1,3,5,0,0,0,0,5,41,0,"000195 - KARTING KAIKU S.A.","A48231567","DESESTIMADA","Baliabide ekonomikoeza prozeduran (art. 7, párrafo 2, apartado b) / Falta de crédito presupuestario en el procedimiento (art. 7, párrafo 2, apartado b)",41,"NO"]
[null,null,null," ",17480994,"FCOO04 - FOMENTO Y PROMOCIÓN DEL TRABAJO AUTÓNOMO",15,30,2,7,4,1,2,1,2,5,5,1,3,5,0,0,0,0,5,41,0,"000221 - AUTOESCUELA KAIKU","A48231567","DESESTIMADA","Baliabide ekonomikoeza prozeduran (art. 7, párrafo 2, apartado b) / Falta de crédito presupuestario en el procedimiento (art. 7, párrafo 2, apartado b)",41,"NO"]
[null,null,null," ",17480979,"FCOO04 - FOMENTO Y PROMOCIÓN DEL TRABAJO AUTÓNOMO",15,30,2,7,4,1,2,1,2,5,5,1,3,5,0,0,0,0,5,41,0,"000215 - KARTING KAIKU, S.A.","A48231567","DESESTIMADA","Baliabide ekonomikoeza prozeduran (art. 7, párrafo 2, apartado b) / Falta de crédito presupuestario en el procedimiento (art. 7, párrafo 2, apartado b)",41,"NO"]
[null,null,null," ",17480999,"FCOO04 - FOMENTO Y PROMOCIÓN DEL TRABAJO AUTÓNOMO",15,30,2,7,4,1,2,1,2,5,5,1,3,5,0,0,0,0,5,41,0,"000221 - AUTOESCUELA KAIKU","A48231567","DESESTIMADA","Baliabide ekonomikoeza prozeduran (art. 7, párrafo 2, apartado b) / Falta de crédito presupuestario en el procedimiento (art. 7, párrafo 2, apartado b)",{"$f":"SUM(J195,K195,L195,M195,N195,O195,P195,Q195,R195,S195,T195,U195,W195,X195,Y195)","v":41},{"$f":"IF(Z195 <> AF195,\"SI\",\"NO\")","v":"NO"}]
[null,null,null," ",17480667,"FCOO04 - FOMENTO Y PROMOCIÓN DEL TRABAJO AUTÓNOMO",15,30,2,7,4,1,2,1,2,5,5,1,3,5,0,0,0,0,5,41,0,"000195 - KARTING KAIKU S.A.","A48231567","DESESTIMADA","Baliabide ekonomikoeza prozeduran (art. 7, párrafo 2, apartado b) / Falta de crédito presupuestario en el procedimiento (art. 7, párrafo 2, apartado b)",41,"NO"]
[null,null,null," ",17480395,"FCOO01 - INSERCION LABORAL Y TECNICAS DE BUSQUEDA DE EMPLEO",20,15,2,7,4,1,2,3,2,5,3,3,0,6,0,0,0,0,5,41,0,"000301 - CPES IKASAUTO BHIP","B95096244","DESESTIMADA","Baliabide ekonomikoeza prozeduran (art. 7, párrafo 2, apartado b) / Falta de crédito presupuestario en el procedimiento (art. 7, párrafo 2, apartado b)",41,"NO"]
[null,null,null," ",17480334,"FCOV05 - COMUNICACIÓN EN LENGUAS EXTRANJERAS (INGLÉS) N2",15,180,2,7,4,2,2,1,2,5,3,3,3,4,0,0,0,0,5,41,0,"000218 - ALFA FORMACIÓN Y CONSULTORÍA","B95738241","DESESTIMADA","Baliabide ekonomikoeza prozeduran (art. 7, párrafo 2, apartado b) / Falta de crédito presupuestario en el procedimiento (art. 7, párrafo 2, apartado b)",41,"NO"]
[null,null,null," ",17480339,"FCOV09 - COMUNICACIÓN EN LENGUAS EXTRANJERAS (ALEMÁN) N2",15,180,2,7,4,2,2,1,2,5,3,3,3,4,0,0,0,0,5,41,0,"000218 - ALFA FORMACIÓN Y CONSULTORÍA","B95738241","DESESTIMADA","Baliabide ekonomikoeza prozeduran (art. 7, párrafo 2, apartado b) / Falta de crédito presupuestario en el procedimiento (art. 7, párrafo 2, apartado b)",41,"NO"]
[null,null,null," ",17480133,"SSCE03 - INGLÉS B1",15,240,2,7,4,1,3,1,2,5,3,3,3,4,0,0,0,0,5,41,0,"000218 - ALFA FORMACIÓN Y CONSULTORÍA","B95738241","DESESTIMADA","Baliabide ekonomikoeza prozeduran (art. 7, párrafo 2, apartado b) / Falta de crédito presupuestario en el procedimiento (art. 7, párrafo 2, apartado b)",41,"NO"]
[null,null,null," ",17482063,"FCOO02 - SENSIBILIZACIÓN EN LA IGUALDAD DE OPORTUNIDADES",10,20,2,7,4,1,2,1,2,5,6,1,3,4,0,0,0,0,5,41,0,"001658 - ASOCIACIÓN GAUDE","G48130793","DESESTIMADA","Baliabide ekonomikoeza prozeduran (art. 7, párrafo 2, apartado b) / Falta de crédito presupuestario en el procedimiento (art. 7, párrafo 2, apartado b)",41,"NO"]
[null,null,null," ",17480972,"FCOI0001OV - COMPETENCIAS DIGITALES",16,50,2,7,4,1,2,1,2,5,3,4,3,4,0,0,0,0,5,41,0,"000405 - ASOCIACION CONTRA LA EXCLUSIÓN SOCIAL MARGOTU","G95206934","DESESTIMADA","Baliabide ekonomikoeza prozeduran (art. 7, párrafo 2, apartado b) / Falta de crédito presupuestario en el procedimiento (art. 7, párrafo 2, apartado b)",41,"NO"]
[null,null,null," ",17480973,"FCOI0001OV - COMPETENCIAS DIGITALES",16,50,2,7,4,1,2,1,2,5,3,4,3,4,0,0,0,0,5,41,0,"000405 - ASOCIACION CONTRA LA EXCLUSIÓN SOCIAL MARGOTU","G95206934","DESESTIMADA","Baliabide ekonomikoeza prozeduran (art. 7, párrafo 2, apartado b) / Falta de crédito presupuestario en el procedimiento (art. 7, párrafo 2, apartado b)",41,"NO"]
[null,null,null," ",17481002,"FCOO01 - INSERCION LABORAL Y TECNICAS DE BUSQUEDA DE EMPLEO",15,15,2,7,4,1,2,1,2,5,3,4,3,4,0,0,0,0,5,41,0,"000405 - ASOCIACION CONTRA LA EXCLUSIÓN SOCIAL MARGOTU","G95206934","DESESTIMADA","Baliabide ekonomikoeza prozeduran (art. 7, párrafo 2, apartado b) / Falta de crédito presupuestario en el procedimiento (art. 7, párrafo 2, apartado b)",41,"NO"]
[null,null,null," ",17482317,"FCOO02 - SENSIBILIZACIÓN EN LA IGUALDAD DE OPORTUNIDADES",15,20,2,7,4,1,2,3,2,5,3,4,0,0,1,3,3,0,5,40,0,"000354 - GEHILAN 2000, S.L.","B48986871","DESESTIMADA","Baliabide ekonomikoeza prozeduran (art. 7, párrafo 2, apartado b) / Falta de crédito presupuestario en el procedimiento (art. 7, párrafo 2, apartado b)",40,"NO"]
[null,null,null," ",17482331,"FCOO02 - SENSIBILIZACIÓN EN LA IGUALDAD DE OPORTUNIDADES",15,20,2,7,4,1,2,3,2,5,3,4,0,0,1,3,3,0,5,40,0,"002591 - GEHILAN 2000-GALDAMES","B48986871","DESESTIMADA","Baliabide ekonomikoeza prozeduran (art. 7, párrafo 2, apartado b) / Falta de crédito presupuestario en el procedimiento (art. 7, párrafo 2, apartado b)",40,"NO"]
[null,null,null," ",17480034,"FCOV27 - COMPETENCIAS CLAVE NIVEL 2 PARA CERTIFICADOS DE PROFESIONALIDAD SIN IDIOMAS:COMUNICACIÓN EN LENG",15,240,2,7,4,2,2,1,2,5,3,3,0,6,0,0,0,0,5,40,0,"000301 - CPES IKASAUTO BHIP","B95096244","DESESTIMADA","Baliabide ekonomikoeza prozeduran (art. 7, párrafo 2, apartado b) / Falta de crédito presupuestario en el procedimiento (art. 7, párrafo 2, apartado b)",40,"NO"]
[null,null,null," ",17480382,"FCOV27 - COMPETENCIAS CLAVE NIVEL 2 PARA CERTIFICADOS DE PROFESIONALIDAD SIN IDIOMAS:COMUNICACIÓN EN LENG",15,240,2,7,4,2,2,1,2,5,3,3,0,6,0,0,0,0,5,40,0,"000301 - CPES IKASAUTO BHIP","B95096244","DESESTIMADA","Baliabide ekonomikoeza prozeduran (art. 7, párrafo 2, apartado b) / Falta de crédito presupuestario en el procedimiento (art. 7, párrafo 2, apartado b)",40,"NO"]
[null,null,null," ",17480342,"FCOI0001OV - COMPETENCIAS DIGITALES",15,50,2,7,4,1,2,1,2,5,3,3,3,4,0,0,0,0,5,40,0,"000218 - ALFA FORMACIÓN Y CONSULTORÍA","B95738241","DESESTIMADA","Baliabide ekonomikoeza prozeduran (art. 7, párrafo 2, apartado b) / Falta de crédito presupuestario en el procedimiento (art. 7, párrafo 2, apartado b)",40,"NO"]
[null,null,null," ",17481105,"FCOO01 - INSERCION LABORAL Y TECNICAS DE BUSQUEDA DE EMPLEO",15,15,2,7,4,1,2,1,2,5,3,3,3,4,0,0,0,0,5,40,0,"000218 - ALFA FORMACIÓN Y CONSULTORÍA","B95738241","DESESTIMADA","Baliabide ekonomikoeza prozeduran (art. 7, párrafo 2, apartado b) / Falta de crédito presupuestario en el procedimiento (art. 7, párrafo 2, apartado b)",40,"NO"]
[null,null,null," ",17480340,"SSCE04 - INGLÉS B2",15,240,2,7,4,1,2,1,2,5,3,3,3,4,0,0,0,0,5,40,0,"000218 - ALFA FORMACIÓN Y CONSULTORÍA","B95738241","DESESTIMADA","Baliabide ekonomikoeza prozeduran (art. 7, párrafo 2, apartado b) / Falta de crédito presupuestario en el procedimiento (art. 7, párrafo 2, apartado b)",40,"NO"]
[null,null,null," ",17481812,"FCOI0001OV - COMPETENCIAS DIGITALES",15,50,2,7,4,1,2,1,2,5,3,4,0,5,1,0,0,0,5,40,0,"001662 - CENTRO FORMATIVO SORTARAZI","G48852578","DESESTIMADA","Baliabide ekonomikoeza prozeduran (art. 7, párrafo 2, apartado b) / Falta de crédito presupuestario en el procedimiento (art. 7, párrafo 2, apartado b)",40,"NO"]
[null,null,null," ",17481728,"FCOI0001OV - COMPETENCIAS DIGITALES",15,50,2,7,4,1,2,1,2,5,3,4,0,5,1,0,0,0,5,40,0,"001662 - CENTRO FORMATIVO SORTARAZI","G48852578","DESESTIMADA","Baliabide ekonomikoeza prozeduran (art. 7, párrafo 2, apartado b) / Falta de crédito presupuestario en el procedimiento (art. 7, párrafo 2, apartado b)",40,"NO"]
[null,null,null," ",17481760,"FCOO01 - INSERCION LABORAL Y TECNICAS DE BUSQUEDA DE EMPLEO",15,15,2,7,4,1,2,1,2,5,3,4,0,5,1,0,0,0,5,40,0,"001662 - CENTRO FORMATIVO SORTARAZI","G48852578","DESESTIMADA","Baliabide ekonomikoeza prozeduran (art. 7, párrafo 2, apartado b) / Falta de crédito presupuestario en el procedimiento (art. 7, párrafo 2, apartado b)",40,"NO"]
[null,null,null," ",17481756,"FCOO01 - INSERCION LABORAL Y TECNICAS DE BUSQUEDA DE EMPLEO",15,15,2,7,4,1,2,1,2,5,3,4,0,5,1,0,0,0,5,40,0,"001662 - CENTRO FORMATIVO SORTARAZI","G48852578","DESESTIMADA","Baliabide ekonomikoeza prozeduran (art. 7, párrafo 2, apartado b) / Falta de crédito presupuestario en el procedimiento (art. 7, párrafo 2, apartado b)",40,"NO"]
[null,null,null," ",17481765,"FCOO01 - INSERCION LABORAL Y TECNICAS DE BUSQUEDA DE EMPLEO",15,15,2,7,4,1,2,1,2,5,3,4,0,5,1,0,0,0,5,40,0,"001662 - CENTRO FORMATIVO SORTARAZI","G48852578","DESESTIMADA","Baliabide ekonomikoeza prozeduran (art. 7, párrafo 2, apartado b) / Falta de crédito presupuestario en el procedimiento (art. 7, párrafo 2, apartado b)",40,"NO"]
[null,null,null," ",17481785,"FCOO01 - INSERCION LABORAL Y TECNICAS DE BUSQUEDA DE EMPLEO",15,15,2,7,4,1,2,1,2,5,3,4,0,5,1,0,0,0,5,40,0,"001662 - CENTRO FORMATIVO SORTARAZI","G48852578","DESESTIMADA","Baliabide ekonomikoeza prozeduran (art. 7, párrafo 2, apartado b) / Falta de crédito presupuestario en el procedimiento (art. 7, párrafo 2, apartado b)",40,"NO"]
[null,null,null," ",17481999,"SSCE03 - INGLÉS B1",15,240,2,7,4,1,3,3,2,5,5,5,0,0,0,0,0,0,5,40,0,"001769 - ACCIÓN LABORAL","V09409749","DESESTIMADA","Baliabide ekonomikoeza prozeduran (art. 7, párrafo 2, apartado b) / Falta de crédito presupuestario en el procedimiento (art. 7, párrafo 2, apartado b)",40,"NO"]
[null,null,null," ",17480560,"FCOV22 - COMUNICACIÓN EN LENGUA CASTELLANA N2",15,120,2,7,4,2,2,1,2,5,3,0,2,6,0,0,0,0,5,39,0,"000102 - SERVIC. EMPRESARIALES Y TECNOLOGIAS INFORMACION S","B48683528","DESESTIMADA","Baliabide ekonomikoeza prozeduran (art. 7, párrafo 2, apartado b) / Falta de crédito presupuestario en el procedimiento (art. 7, párrafo 2, apartado b)",39,"NO"]
[null,null,null," ",17480308,"FCOV22 - COMUNICACIÓN EN LENGUA CASTELLANA N2",15,120,2,7,4,2,2,1,2,5,3,0,2,6,0,0,0,0,5,39,0,"000102 - SERVIC. EMPRESARIALES Y TECNOLOGIAS INFORMACION S","B48683528","DESESTIMADA","Baliabide ekonomikoeza prozeduran (art. 7, párrafo 2, apartado b) / Falta de crédito presupuestario en el procedimiento (art. 7, párrafo 2, apartado b)",39,"NO"]
[null,null,null," ",17480309,"FCOV22 - COMUNICACIÓN EN LENGUA CASTELLANA N2",15,120,2,7,4,2,2,1,2,5,3,0,2,6,0,0,0,0,5,39,0,"000102 - SERVIC. EMPRESARIALES Y TECNOLOGIAS INFORMACION S","B48683528","DESESTIMADA","Baliabide ekonomikoeza prozeduran (art. 7, párrafo 2, apartado b) / Falta de crédito presupuestario en el procedimiento (art. 7, párrafo 2, apartado b)",39,"NO"]
[null,null,null," ",17480558,"FCOV22 - COMUNICACIÓN EN LENGUA CASTELLANA N2",15,120,2,7,4,2,2,1,2,5,3,0,2,6,0,0,0,0,5,39,0,"000102 - SERVIC. EMPRESARIALES Y TECNOLOGIAS INFORMACION S","B48683528","DESESTIMADA","Baliabide ekonomikoeza prozeduran (art. 7, párrafo 2, apartado b) / Falta de crédito presupuestario en el procedimiento (art. 7, párrafo 2, apartado b)",39,"NO"]
[null,null,null," ",17480563,"FCOV23 - COMPETENCIA MATEMÁTICA N2",15,120,2,7,4,2,2,1,2,5,3,0,2,6,0,0,0,0,5,39,0,"000102 - SERVIC. EMPRESARIALES Y TECNOLOGIAS INFORMACION S","B48683528","DESESTIMADA","Baliabide ekonomikoeza prozeduran (art. 7, párrafo 2, apartado b) / Falta de crédito presupuestario en el procedimiento (art. 7, párrafo 2, apartado b)",39,"NO"]
[null,null,null," ",17480313,"FCOV23 - COMPETENCIA MATEMÁTICA N2",15,120,2,7,4,2,2,1,2,5,3,0,2,6,0,0,0,0,5,39,0,"000102 - SERVIC. EMPRESARIALES Y TECNOLOGIAS INFORMACION S","B48683528","DESESTIMADA","Baliabide ekonomikoeza prozeduran (art. 7, párrafo 2, apartado b) / Falta de crédito presupuestario en el procedimiento (art. 7, párrafo 2, apartado b)",39,"NO"]
[null,null,null," ",17480562,"FCOV23 - COMPETENCIA MATEMÁTICA N2",15,120,2,7,4,2,2,1,2,5,3,0,2,6,0,0,0,0,5,39,0,"000102 - SERVIC. EMPRESARIALES Y TECNOLOGIAS INFORMACION S","B48683528","DESESTIMADA","Baliabide ekonomikoeza prozeduran (art. 7, párrafo 2, apartado b) / Falta de crédito presupuestario en el procedimiento (art. 7, párrafo 2, apartado b)",39,"NO"]
[null,null,null," ",17480312,"FCOV23 - COMPETENCIA MATEMÁTICA N2",15,120,2,7,4,2,2,1,2,5,3,0,2,6,0,0,0,0,5,39,0,"000102 - SERVIC. EMPRESARIALES Y TECNOLOGIAS INFORMACION S","B48683528","DESESTIMADA","Baliabide ekonomikoeza prozeduran (art. 7, párrafo 2, apartado b) / Falta de crédito presupuestario en el procedimiento (art. 7, párrafo 2, apartado b)",39,"NO"]
[null,null,null," ",17480396,"FCOO01 - INSERCION LABORAL Y TECNICAS DE BUSQUEDA DE EMPLEO",20,15,2,7,4,1,2,1,2,5,3,3,0,6,0,0,0,0,5,39,0,"000301 - CPES IKASAUTO BHIP","B95096244","DESESTIMADA","Baliabide ekonomikoeza prozeduran (art. 7, párrafo 2, apartado b) / Falta de crédito presupuestario en el procedimiento (art. 7, párrafo 2, apartado b)",39,"NO"]
[null,null,null," ",17481512,"FCOO01 - INSERCION LABORAL Y TECNICAS DE BUSQUEDA DE EMPLEO",15,15,2,7,4,1,2,1,2,5,3,3,0,6,0,0,0,0,5,39,0,"000301 - CPES IKASAUTO BHIP","B95096244","DESESTIMADA","Baliabide ekonomikoeza prozeduran (art. 7, párrafo 2, apartado b) / Falta de crédito presupuestario en el procedimiento (art. 7, párrafo 2, apartado b)",39,"NO"]
[null,null,null," ",17482330,"FCOO01 - INSERCION LABORAL Y TECNICAS DE BUSQUEDA DE EMPLEO",15,15,2,7,4,1,2,1,2,5,3,4,0,0,1,3,3,0,5,38,0,"002591 - GEHILAN 2000-GALDAMES","B48986871","DESESTIMADA","Baliabide ekonomikoeza prozeduran (art. 7, párrafo 2, apartado b) / Falta de crédito presupuestario en el procedimiento (art. 7, párrafo 2, apartado b)",38,"NO"]
[null,null,null," ",17482316,"FCOO01 - INSERCION LABORAL Y TECNICAS DE BUSQUEDA DE EMPLEO",15,15,2,7,4,1,2,1,2,5,3,4,0,0,1,3,3,0,5,38,0,"000354 - GEHILAN 2000, S.L.","B48986871","DESESTIMADA","Baliabide ekonomikoeza prozeduran (art. 7, párrafo 2, apartado b) / Falta de crédito presupuestario en el procedimiento (art. 7, párrafo 2, apartado b)",38,"NO"]
[null,null,null," ",17482332,"FCOO02 - SENSIBILIZACIÓN EN LA IGUALDAD DE OPORTUNIDADES",15,20,2,7,4,1,2,1,2,5,3,4,0,0,1,3,3,0,5,38,0,"002591 - GEHILAN 2000-GALDAMES","B48986871","DESESTIMADA","Baliabide ekonomikoeza prozeduran (art. 7, párrafo 2, apartado b) / Falta de crédito presupuestario en el procedimiento (art. 7, párrafo 2, apartado b)",38,"NO"]
[null,null,null," ",17482318,"FCOO02 - SENSIBILIZACIÓN EN LA IGUALDAD DE OPORTUNIDADES",15,20,2,7,4,1,2,1,2,5,3,4,0,0,1,3,3,0,5,38,0,"000354 - GEHILAN 2000, S.L.","B48986871","DESESTIMADA","Baliabide ekonomikoeza prozeduran (art. 7, párrafo 2, apartado b) / Falta de crédito presupuestario en el procedimiento (art. 7, párrafo 2, apartado b)",38,"NO"]
[null,null,null," ",17481406,"FCOO01 - INSERCION LABORAL Y TECNICAS DE BUSQUEDA DE EMPLEO",15,15,2,7,4,1,2,1,2,5,1,3,3,4,0,0,0,0,5,38,0,"000246 - BAGABILTZA FUNDAZIOA","G95018750","DESESTIMADA","Baliabide ekonomikoeza prozeduran (art. 7, párrafo 2, apartado b) / Falta de crédito presupuestario en el procedimiento (art. 7, párrafo 2, apartado b)",38,"NO"]
[null,null,null," ",17481411,"FCOO02 - SENSIBILIZACIÓN EN LA IGUALDAD DE OPORTUNIDADES",15,20,2,7,4,1,2,1,2,5,1,3,3,4,0,0,0,0,5,38,0,"000246 - BAGABILTZA FUNDAZIOA","G95018750","DESESTIMADA","Baliabide ekonomikoeza prozeduran (art. 7, párrafo 2, apartado b) / Falta de crédito presupuestario en el procedimiento (art. 7, párrafo 2, apartado b)",38,"NO"]
[null,null,null," ",17481119,"FCOO01 - INSERCION LABORAL Y TECNICAS DE BUSQUEDA DE EMPLEO",15,15,2,7,4,1,2,1,2,5,0,1,3,5,1,0,0,0,5,37,0,"000306 - CENTRO DE FORMACION BIDERATU SL","B95349411","DESESTIMADA","Baliabide ekonomikoeza prozeduran (art. 7, párrafo 2, apartado b) / Falta de crédito presupuestario en el procedimiento (art. 7, párrafo 2, apartado b)",37,"NO"]
[null,null,null," ",17481134,"FCOO01 - INSERCION LABORAL Y TECNICAS DE BUSQUEDA DE EMPLEO",15,15,2,7,4,1,2,1,2,5,0,1,3,5,1,0,0,0,5,37,0,"000306 - CENTRO DE FORMACION BIDERATU SL","B95349411","DESESTIMADA","Baliabide ekonomikoeza prozeduran (art. 7, párrafo 2, apartado b) / Falta de crédito presupuestario en el procedimiento (art. 7, párrafo 2, apartado b)",37,"NO"]
[null,null,null," ",17480455,"FCOO0003OV - IMPLANTACIÓN DE PROYECTOS DE NEGOCIO: COACHING EMPRENDEDOR",15,100,2,7,4,1,2,1,2,5,5,5,0,0,0,0,0,0,5,37,0,"000976 - INTEGRA SOCIAL OUTSOURCING S COOP","F95266862","DESESTIMADA","Baliabide ekonomikoeza prozeduran (art. 7, párrafo 2, apartado b) / Falta de crédito presupuestario en el procedimiento (art. 7, párrafo 2, apartado b)",37,"NO"]
[null,null,null," ",17480186,"FCOV22 - COMUNICACIÓN EN LENGUA CASTELLANA N2",15,120,2,7,4,2,2,1,2,5,3,3,0,0,2,0,0,0,5,36,0,"000249 - FUNDACION DE TRABAJADORES DE LA SIDERURGIA INTEGRAL","G95455937","DESESTIMADA","Baliabide ekonomikoeza prozeduran (art. 7, párrafo 2, apartado b) / Falta de crédito presupuestario en el procedimiento (art. 7, párrafo 2, apartado b)",36,"NO"]
[null,null,null," ",17480187,"FCOV23 - COMPETENCIA MATEMÁTICA N2",15,120,2,7,4,2,2,1,2,5,3,3,0,0,2,0,0,0,5,36,0,"000249 - FUNDACION DE TRABAJADORES DE LA SIDERURGIA INTEGRAL","G95455937","DESESTIMADA","Baliabide ekonomikoeza prozeduran (art. 7, párrafo 2, apartado b) / Falta de crédito presupuestario en el procedimiento (art. 7, párrafo 2, apartado b)",36,"NO"]
[null,null,null," ",17481416,"SSCE03 - INGLÉS B1",15,240,2,7,4,1,3,1,2,5,0,1,0,4,0,0,0,0,7,35,0,"001156 - Joyce Study Centre","B95637419","DESESTIMADA","Baliabide ekonomikoeza prozeduran (art. 7, párrafo 2, apartado b) / Falta de crédito presupuestario en el procedimiento (art. 7, párrafo 2, apartado b)",35,"NO"]
[null,null,null," ",17480183,"FCOI0001OV - COMPETENCIAS DIGITALES",15,50,2,7,4,1,2,1,2,5,3,3,0,0,2,0,0,0,5,35,0,"000249 - FUNDACION DE TRABAJADORES DE LA SIDERURGIA INTEGRAL","G95455937","DESESTIMADA","Baliabide ekonomikoeza prozeduran (art. 7, párrafo 2, apartado b) / Falta de crédito presupuestario en el procedimiento (art. 7, párrafo 2, apartado b)",35,"NO"]
[null,null,null," ",17481429,"FCOO01 - INSERCION LABORAL Y TECNICAS DE BUSQUEDA DE EMPLEO",15,15,2,7,4,1,2,1,2,5,2,3,0,0,0,0,0,0,5,32,0,"001457 - Asociación Gitana Kale Dor Kayiko-Bizkaia","G48423362","DESESTIMADA","Baliabide ekonomikoeza prozeduran (art. 7, párrafo 2, apartado b) / Falta de crédito presupuestario en el procedimiento (art. 7, párrafo 2, apartado b)",32,"NO"]
[null,null,null," ",17481430,"FCOO01 - INSERCION LABORAL Y TECNICAS DE BUSQUEDA DE EMPLEO",15,15,2,7,4,1,2,1,2,5,2,3,0,0,0,0,0,0,5,32,0,"001457 - Asociación Gitana Kale Dor Kayiko-Bizkaia","G48423362","DESESTIMADA","Baliabide ekonomikoeza prozeduran (art. 7, párrafo 2, apartado b) / Falta de crédito presupuestario en el procedimiento (art. 7, párrafo 2, apartado b)",32,"NO"]
[null,null,null," ",17481432,"FCOO01 - INSERCION LABORAL Y TECNICAS DE BUSQUEDA DE EMPLEO",15,15,2,7,4,1,2,1,2,5,2,3,0,0,0,0,0,0,5,32,0,"001457 - Asociación Gitana Kale Dor Kayiko-Bizkaia","G48423362","DESESTIMADA","Baliabide ekonomikoeza prozeduran (art. 7, párrafo 2, apartado b) / Falta de crédito presupuestario en el procedimiento (art. 7, párrafo 2, apartado b)",32,"NO"]
[null,null,null," ",17481434,"FCOO01 - INSERCION LABORAL Y TECNICAS DE BUSQUEDA DE EMPLEO",15,15,2,7,4,1,2,1,2,5,2,3,0,0,0,0,0,0,5,32,0,"001457 - Asociación Gitana Kale Dor Kayiko-Bizkaia","G48423362","DESESTIMADA","Baliabide ekonomikoeza prozeduran (art. 7, párrafo 2, apartado b) / Falta de crédito presupuestario en el procedimiento (art. 7, párrafo 2, apartado b)",32,"NO"]
[null,null,null," ",17480918,"FCOV22 - COMUNICACIÓN EN LENGUA CASTELLANA N2",20,120,2,7,4,2,2,1,2,5,0,0,0,4,0,0,0,0,5,32,0,"001822 - FUNDACION CLARET SOZIAL FONDOA","G95295994","DESESTIMADA","Baliabide ekonomikoeza prozeduran (art. 7, párrafo 2, apartado b) / Falta de crédito presupuestario en el procedimiento (art. 7, párrafo 2, apartado b)",32,"NO"]
[null,null,null," ",17480969,"FCOV22 - COMUNICACIÓN EN LENGUA CASTELLANA N2",20,120,2,7,4,2,2,1,2,5,0,0,0,4,0,0,0,0,5,32,0,"001822 - FUNDACION CLARET SOZIAL FONDOA","G95295994","DESESTIMADA","Baliabide ekonomikoeza prozeduran (art. 7, párrafo 2, apartado b) / Falta de crédito presupuestario en el procedimiento (art. 7, párrafo 2, apartado b)",32,"NO"]
[null,null,null," ",17482975,"FCOV06 - COMUNICACIÓN EN LENGUAS EXTRANJERAS (INGLÉS) N3",15,180,3,7,2,2,2,1,2,5,6,5,3,4,1,1,1,0,5,46,0,"000105 - CENTRO DE FORMACIÓN RAFER, S.L.","B95739595","DESESTIMADA","Baliabide ekonomikoeza prozeduran (art. 7, párrafo 2, apartado b) / Falta de crédito presupuestario en el procedimiento (art. 7, párrafo 2, apartado b)",46,"NO"]
[null,null,null," ",17481918,"ADGD09EXP - ACOMPAÑAMIENTO DE PERSONAS Y EQUIPOS DESDE EL ENFOQUE DEL COACHING",17,280,3,7,2,1,2,1,2,5,7,4,3,6,1,0,0,0,5,46,0,"000304 - FUNDACION EDE/EDE FUNDAZIOA","G95748356","DESESTIMADA","Baliabide ekonomikoeza prozeduran (art. 7, párrafo 2, apartado b) / Falta de crédito presupuestario en el procedimiento (art. 7, párrafo 2, apartado b)",46,"NO"]
[null,null,null," ",17482308,"SSCE05 - INGLÉS C1",15,240,3,7,2,1,2,1,2,5,6,5,3,4,1,1,1,0,5,45,0,"000105 - CENTRO DE FORMACIÓN RAFER, S.L.","B95739595","DESESTIMADA","Baliabide ekonomikoeza prozeduran (art. 7, párrafo 2, apartado b) / Falta de crédito presupuestario en el procedimiento (art. 7, párrafo 2, apartado b)",45,"NO"]
[null,null,null," ",17480644,"SSCE05 - INGLÉS C1",15,240,3,7,2,1,2,1,2,7,3,5,3,6,1,0,0,0,5,45,0,"000004 - EIDE S.L. ESCUELA INTERNAC. PARA EDUCACION Y DESA","B48474647","DESESTIMADA","Baliabide ekonomikoeza prozeduran (art. 7, párrafo 2, apartado b) / Falta de crédito presupuestario en el procedimiento (art. 7, párrafo 2, apartado b)",45,"NO"]
[null,null,null," ",17482925,"FCOV08 - COMUNICACIÓN EN LENGUAS EXTRANJERAS (FRANCÉS)N3",15,180,3,7,2,2,3,1,2,8,3,2,3,6,0,0,0,0,5,44,0,"000016 - UP FORMACION","B48512941","DESESTIMADA","Baliabide ekonomikoeza prozeduran (art. 7, párrafo 2, apartado b) / Falta de crédito presupuestario en el procedimiento (art. 7, párrafo 2, apartado b)",44,"NO"]
[null,null,null," ",17480526,"SSCE05 - INGLÉS C1",15,240,3,7,2,1,2,1,2,8,6,2,3,5,0,0,0,0,5,44,0,"000087 - GAILUR CENTRO DE ESTUDIOS","B95537171","DESESTIMADA","Baliabide ekonomikoeza prozeduran (art. 7, párrafo 2, apartado b) / Falta de crédito presupuestario en el procedimiento (art. 7, párrafo 2, apartado b)",44,"NO"]
[null,null,null," ",17482836,"FCOV06 - COMUNICACIÓN EN LENGUAS EXTRANJERAS (INGLÉS) N3",15,180,3,7,2,2,2,1,2,5,3,5,3,6,1,0,0,0,5,44,0,"000004 - EIDE S.L. ESCUELA INTERNAC. PARA EDUCACION Y DESA","B48474647","DESESTIMADA","Baliabide ekonomikoeza prozeduran (art. 7, párrafo 2, apartado b) / Falta de crédito presupuestario en el procedimiento (art. 7, párrafo 2, apartado b)",44,"NO"]
[null,null,null," ",17481514,"SSCE05 - INGLÉS C1",17,240,3,7,2,1,2,1,2,6,3,3,3,6,1,1,1,0,5,43,0,"000300 - CPES BEURKO CHECK BHIP","B95459293","DESESTIMADA","Baliabide ekonomikoeza prozeduran (art. 7, párrafo 2, apartado b) / Falta de crédito presupuestario en el procedimiento (art. 7, párrafo 2, apartado b)",43,"NO"]
[null,null,null," ",17480096,"SSCE05 - INGLÉS C1",17,240,3,7,2,1,2,1,2,6,3,3,3,6,1,1,1,0,5,43,0,"000300 - CPES BEURKO CHECK BHIP","B95459293","DESESTIMADA","Baliabide ekonomikoeza prozeduran (art. 7, párrafo 2, apartado b) / Falta de crédito presupuestario en el procedimiento (art. 7, párrafo 2, apartado b)",43,"NO"]
[null,null,null," ",17481802,"FCOV02 - COMUNICACIÓN EN LENGUA CASTELLANA N3",15,200,3,7,2,2,2,1,2,8,3,2,3,6,0,0,0,0,5,43,0,"000016 - UP FORMACION","B48512941","DESESTIMADA","Baliabide ekonomikoeza prozeduran (art. 7, párrafo 2, apartado b) / Falta de crédito presupuestario en el procedimiento (art. 7, párrafo 2, apartado b)",43,"NO"]
[null,null,null," ",17481800,"FCOV02 - COMUNICACIÓN EN LENGUA CASTELLANA N3",15,200,3,7,2,2,2,1,2,8,3,2,3,6,0,0,0,0,5,43,0,"000016 - UP FORMACION","B48512941","DESESTIMADA","Baliabide ekonomikoeza prozeduran (art. 7, párrafo 2, apartado b) / Falta de crédito presupuestario en el procedimiento (art. 7, párrafo 2, apartado b)",43,"NO"]
[null,null,null," ",17482939,"FCOV02 - COMUNICACIÓN EN LENGUA CASTELLANA N3",15,200,3,7,2,2,2,1,2,8,3,2,3,6,0,0,0,0,5,43,0,"000016 - UP FORMACION","B48512941","DESESTIMADA","Baliabide ekonomikoeza prozeduran (art. 7, párrafo 2, apartado b) / Falta de crédito presupuestario en el procedimiento (art. 7, párrafo 2, apartado b)",{"$f":"SUM(J259,K259,L259,M259,N259,O259,P259,Q259,R259,S259,T259,U259,W259,X259,Y259)","v":43},{"$f":"IF(Z259 <> AF259,\"SI\",\"NO\")","v":"NO"}]
[null,null,null," ",17482938,"FCOV02 - COMUNICACIÓN EN LENGUA CASTELLANA N3",15,200,3,7,2,2,2,1,2,8,3,2,3,6,0,0,0,0,5,43,0,"000016 - UP FORMACION","B48512941","DESESTIMADA","Baliabide ekonomikoeza prozeduran (art. 7, párrafo 2, apartado b) / Falta de crédito presupuestario en el procedimiento (art. 7, párrafo 2, apartado b)",43,"NO"]
[null,null,null," ",17481759,"FCOV06 - COMUNICACIÓN EN LENGUAS EXTRANJERAS (INGLÉS) N3",15,180,3,7,2,2,2,1,2,8,3,2,3,6,0,0,0,0,5,43,0,"000016 - UP FORMACION","B48512941","DESESTIMADA","Baliabide ekonomikoeza prozeduran (art. 7, párrafo 2, apartado b) / Falta de crédito presupuestario en el procedimiento (art. 7, párrafo 2, apartado b)",43,"NO"]
[null,null,null," ",17481761,"FCOV06 - COMUNICACIÓN EN LENGUAS EXTRANJERAS (INGLÉS) N3",15,180,3,7,2,2,2,1,2,8,3,2,3,6,0,0,0,0,5,43,0,"000016 - UP FORMACION","B48512941","DESESTIMADA","Baliabide ekonomikoeza prozeduran (art. 7, párrafo 2, apartado b) / Falta de crédito presupuestario en el procedimiento (art. 7, párrafo 2, apartado b)",43,"NO"]
[null,null,null," ",17482917,"FCOV06 - COMUNICACIÓN EN LENGUAS EXTRANJERAS (INGLÉS) N3",15,180,3,7,2,2,2,1,2,8,3,2,3,6,0,0,0,0,5,43,0,"000016 - UP FORMACION","B48512941","DESESTIMADA","Baliabide ekonomikoeza prozeduran (art. 7, párrafo 2, apartado b) / Falta de crédito presupuestario en el procedimiento (art. 7, párrafo 2, apartado b)",43,"NO"]
[null,null,null," ",17482916,"FCOV06 - COMUNICACIÓN EN LENGUAS EXTRANJERAS (INGLÉS) N3",15,180,3,7,2,2,2,1,2,8,3,2,3,6,0,0,0,0,5,43,0,"000016 - UP FORMACION","B48512941","DESESTIMADA","Baliabide ekonomikoeza prozeduran (art. 7, párrafo 2, apartado b) / Falta de crédito presupuestario en el procedimiento (art. 7, párrafo 2, apartado b)",43,"NO"]
[null,null,null," ",17481792,"FCOV10 - COMUNICACIÓN EN LENGUAS EXTRANJERAS (ALEMÁN) N3",15,180,3,7,2,2,2,1,2,8,3,2,3,6,0,0,0,0,5,43,0,"000016 - UP FORMACION","B48512941","DESESTIMADA","Baliabide ekonomikoeza prozeduran (art. 7, párrafo 2, apartado b) / Falta de crédito presupuestario en el procedimiento (art. 7, párrafo 2, apartado b)",43,"NO"]
[null,null,null," ",17482930,"FCOV10 - COMUNICACIÓN EN LENGUAS EXTRANJERAS (ALEMÁN) N3",15,180,3,7,2,2,2,1,2,8,3,2,3,6,0,0,0,0,5,43,0,"000016 - UP FORMACION","B48512941","DESESTIMADA","Baliabide ekonomikoeza prozeduran (art. 7, párrafo 2, apartado b) / Falta de crédito presupuestario en el procedimiento (art. 7, párrafo 2, apartado b)",43,"NO"]
[null,null,null," ",17482929,"FCOV10 - COMUNICACIÓN EN LENGUAS EXTRANJERAS (ALEMÁN) N3",15,180,3,7,2,2,2,1,2,8,3,2,3,6,0,0,0,0,5,43,0,"000016 - UP FORMACION","B48512941","DESESTIMADA","Baliabide ekonomikoeza prozeduran (art. 7, párrafo 2, apartado b) / Falta de crédito presupuestario en el procedimiento (art. 7, párrafo 2, apartado b)",43,"NO"]
[null,null,null," ",17481793,"FCOV10 - COMUNICACIÓN EN LENGUAS EXTRANJERAS (ALEMÁN) N3",15,180,3,7,2,2,2,1,2,8,3,2,3,6,0,0,0,0,5,43,0,"000016 - UP FORMACION","B48512941","DESESTIMADA","Baliabide ekonomikoeza prozeduran (art. 7, párrafo 2, apartado b) / Falta de crédito presupuestario en el procedimiento (art. 7, párrafo 2, apartado b)",43,"NO"]
[null,null,null," ",17482907,"FCOV12 - COMPETENCIA MATEMÁTICA N3",18,200,3,7,2,2,2,1,2,8,3,2,3,6,0,0,0,0,5,43,0,"000016 - UP FORMACION","B48512941","DESESTIMADA","2017ko maiatzare 2a bainolehenago, akreditatuta edo inskribatuta ez zegoen erakunde baten bitartez eskatuta izatea (2.artikuloa,2. paragrafoa, b atala) / Ser solicitada por una entidad no acreditada o inscrita para la especialidad con anterioridad al 2 de mayo de 2017 (art.2, párrafo 1, apartado b)",43,"NO"]
[null,null,null," ",17482911,"FCOV28 - COMPETENCIAS CLAVE NIVEL 3 PARA CERTIFICADOS DE PROFESIONALIDAD CON IDIOMAS:COMUNICACIÓN EN LENG",18,580,3,7,2,2,2,1,2,8,3,2,3,6,0,0,0,0,5,43,0,"000016 - UP FORMACION","B48512941","DESESTIMADA","2017ko maiatzare 2a bainolehenago, akreditatuta edo inskribatuta ez zegoen erakunde baten bitartez eskatuta izatea (2.artikuloa,2. paragrafoa, b atala) / Ser solicitada por una entidad no acreditada o inscrita para la especialidad con anterioridad al 2 de mayo de 2017 (art.2, párrafo 1, apartado b)",43,"NO"]
[null,null,null," ",17482912,"FCOV28 - COMPETENCIAS CLAVE NIVEL 3 PARA CERTIFICADOS DE PROFESIONALIDAD CON IDIOMAS:COMUNICACIÓN EN LENG",18,580,3,7,2,2,2,1,2,8,3,2,3,6,0,0,0,0,5,43,0,"000016 - UP FORMACION","B48512941","DESESTIMADA","2017ko maiatzare 2a bainolehenago, akreditatuta edo inskribatuta ez zegoen erakunde baten bitartez eskatuta izatea (2.artikuloa,2. paragrafoa, b atala) / Ser solicitada por una entidad no acreditada o inscrita para la especialidad con anterioridad al 2 de mayo de 2017 (art.2, párrafo 1, apartado b)",43,"NO"]
[null,null,null," ",17482913,"FCOV29 - COMPETENCIAS CLAVE NIVEL 3 PARA CERTIFICADOS DE PROFESIOMALIDAD SIN IDIOMAS:COMUNICACIÓN EN LENG",18,400,3,7,2,2,2,1,2,8,3,2,3,6,0,0,0,0,5,43,0,"000016 - UP FORMACION","B48512941","DESESTIMADA","2017ko maiatzare 2a bainolehenago, akreditatuta edo inskribatuta ez zegoen erakunde baten bitartez eskatuta izatea (2.artikuloa,2. paragrafoa, b atala) / Ser solicitada por una entidad no acreditada o inscrita para la especialidad con anterioridad al 2 de mayo de 2017 (art.2, párrafo 1, apartado b)",43,"NO"]
[null,null,null," ",17480582,"FCOV08 - COMUNICACIÓN EN LENGUAS EXTRANJERAS (FRANCÉS)N3",15,180,3,7,2,2,3,1,2,5,6,2,3,5,0,0,0,0,5,43,0,"000087 - GAILUR CENTRO DE ESTUDIOS","B95537171","DESESTIMADA","Baliabide ekonomikoeza prozeduran (art. 7, párrafo 2, apartado b) / Falta de crédito presupuestario en el procedimiento (art. 7, párrafo 2, apartado b)",43,"NO"]
[null,null,null," ",17482953,"SSCE05 - INGLÉS C1",15,240,3,7,2,1,2,1,2,4,5,2,3,5,1,2,2,0,5,42,0,"002883 - UROLALDE-BILBAO","B20149134","DESESTIMADA","2017ko maiatzare 2a bainolehenago, akreditatuta edo inskribatuta ez zegoen erakunde baten bitartez eskatuta izatea (2.artikuloa,2. paragrafoa, b atala) / Ser solicitada por una entidad no acreditada o inscrita para la especialidad con anterioridad al 2 de mayo de 2017 (art.2, párrafo 1, apartado b)",42,"NO"]
[null,null,null," ",17481780,"SSCE05 - INGLÉS C1",15,240,3,7,2,1,2,1,2,8,3,2,3,6,0,0,0,0,5,42,0,"000016 - UP FORMACION","B48512941","DESESTIMADA","Baliabide ekonomikoeza prozeduran (art. 7, párrafo 2, apartado b) / Falta de crédito presupuestario en el procedimiento (art. 7, párrafo 2, apartado b)",42,"NO"]
[null,null,null," ",17481058,"FCOV06 - COMUNICACIÓN EN LENGUAS EXTRANJERAS (INGLÉS) N3",15,180,3,7,2,2,2,1,2,5,6,2,3,5,0,0,0,0,5,42,0,"000087 - GAILUR CENTRO DE ESTUDIOS","B95537171","DESESTIMADA","Baliabide ekonomikoeza prozeduran (art. 7, párrafo 2, apartado b) / Falta de crédito presupuestario en el procedimiento (art. 7, párrafo 2, apartado b)",42,"NO"]
[null,null,null," ",17480525,"FCOV10 - COMUNICACIÓN EN LENGUAS EXTRANJERAS (ALEMÁN) N3",15,180,3,7,2,2,2,1,2,5,6,2,3,5,0,0,0,0,5,42,0,"000087 - GAILUR CENTRO DE ESTUDIOS","B95537171","DESESTIMADA","Baliabide ekonomikoeza prozeduran (art. 7, párrafo 2, apartado b) / Falta de crédito presupuestario en el procedimiento (art. 7, párrafo 2, apartado b)",42,"NO"]
[null,null,null," ",17481367,"FCOV08 - COMUNICACIÓN EN LENGUAS EXTRANJERAS (FRANCÉS)N3",15,180,3,7,2,2,3,1,2,5,3,3,3,4,0,0,0,0,5,40,0,"000218 - ALFA FORMACIÓN Y CONSULTORÍA","B95738241","DESESTIMADA","Baliabide ekonomikoeza prozeduran (art. 7, párrafo 2, apartado b) / Falta de crédito presupuestario en el procedimiento (art. 7, párrafo 2, apartado b)",40,"NO"]
[null,null,null," ",17481110,"FCOV06 - COMUNICACIÓN EN LENGUAS EXTRANJERAS (INGLÉS) N3",15,180,3,7,2,2,2,1,2,5,3,3,3,4,0,0,0,0,5,39,0,"000218 - ALFA FORMACIÓN Y CONSULTORÍA","B95738241","DESESTIMADA","Baliabide ekonomikoeza prozeduran (art. 7, párrafo 2, apartado b) / Falta de crédito presupuestario en el procedimiento (art. 7, párrafo 2, apartado b)",39,"NO"]
[null,null,null," ",17481115,"FCOV10 - COMUNICACIÓN EN LENGUAS EXTRANJERAS (ALEMÁN) N3",15,180,3,7,2,2,2,1,2,5,3,3,3,4,0,0,0,0,5,39,0,"000218 - ALFA FORMACIÓN Y CONSULTORÍA","B95738241","DESESTIMADA","Baliabide ekonomikoeza prozeduran (art. 7, párrafo 2, apartado b) / Falta de crédito presupuestario en el procedimiento (art. 7, párrafo 2, apartado b)",39,"NO"]
[null,null,null," ",17481104,"SSCE05 - INGLÉS C1",15,240,3,7,2,1,2,1,2,5,3,3,3,4,0,0,0,0,5,38,0,"000218 - ALFA FORMACIÓN Y CONSULTORÍA","B95738241","DESESTIMADA","Baliabide ekonomikoeza prozeduran (art. 7, párrafo 2, apartado b) / Falta de crédito presupuestario en el procedimiento (art. 7, párrafo 2, apartado b)",38,"NO"]
[null,null,null," ",17480456,"ADGD09EXP - ACOMPAÑAMIENTO DE PERSONAS Y EQUIPOS DESDE EL ENFOQUE DEL COACHING",15,280,3,7,2,1,2,1,2,5,5,5,0,0,0,0,0,0,5,35,0,"000976 - INTEGRA SOCIAL OUTSOURCING S COOP","F95266862","DESESTIMADA","Baliabide ekonomikoeza prozeduran (art. 7, párrafo 2, apartado b) / Falta de crédito presupuestario en el procedimiento (art. 7, párrafo 2, apartado b)",35,"NO"]
[null,null,null," ",17480030,"ADGD0001OV - GESTIÓN DE LA COMPETITIVIDAD EMPRESARIAL Y LA CULTURA ORGANIZACIONAL",15,200,3,7,2,1,2,1,2,5,5,3,0,0,1,0,0,0,5,34,0,"000993 - ALDALAN,SL","B95324588","DESESTIMADA","Baliabide ekonomikoeza prozeduran (art. 7, párrafo 2, apartado b) / Falta de crédito presupuestario en el procedimiento (art. 7, párrafo 2, apartado b)",34,"NO"]
[null,null,null," ",17480227,"FCOV06 - COMUNICACIÓN EN LENGUAS EXTRANJERAS (INGLÉS) N3",15,180,3,7,2,2,2,1,2,5,3,3,0,0,2,0,0,0,5,34,0,"000249 - FUNDACION DE TRABAJADORES DE LA SIDERURGIA INTEGRAL","G95455937","DESESTIMADA","Baliabide ekonomikoeza prozeduran (art. 7, párrafo 2, apartado b) / Falta de crédito presupuestario en el procedimiento (art. 7, párrafo 2, apartado b)",34,"NO"]
[null,"BIZKAIA - Cualificantes"]
[null,null,null,"ADG",17481577,"ADGG0508 - OPERACIONES DE GRABACIÓN Y TRATAMIENTO DE DATOS Y DOCUMENTOS",15,360,1,6,3,4,8,1,2,6,5,5,3,10,1,1,1,0,5,60,0,"000043 - FONDO FORMACION EUSKADI,S.L.L.","B95237053","DESESTIMADA","Baliabide ekonomikoeza prozeduran (art. 7, párrafo 2, apartado b) / Falta de crédito presupuestario en el procedimiento (art. 7, párrafo 2, apartado b)",{"$f":"SUM(J286,K286,L286,M286,N286,O286,P286,Q286,R286,S286,T286,U286,W286,X286,Y286)","v":60},{"$f":"IF(Z286 <> AF286,\"SI\",\"NO\")","v":"NO"}]
[null,null,null," ",17480724,"ADGG0508 - OPERACIONES DE GRABACIÓN Y TRATAMIENTO DE DATOS Y DOCUMENTOS",15,360,1,6,3,4,8,1,2,8,7,5,3,6,1,0,0,0,5,59,0,"000084 - CENTRO INFORMATICO Y GESTION MEATZE, S. L.","B48875306","DESESTIMADA","Baliabide ekonomikoeza prozeduran (art. 7, párrafo 2, apartado b) / Falta de crédito presupuestario en el procedimiento (art. 7, párrafo 2, apartado b)",59,"NO"]
[null,null,null," ",17480720,"ADGG0408 - OPERACIONES AUXILIARES DE SERVICIOS ADMINISTRATIVOS Y GENERALES",15,390,1,6,3,4,9,1,2,8,5,3,3,8,0,1,1,0,5,58,0,"000094 - JURITECNIA S.L.","B48437842","DESESTIMADA","Baliabide ekonomikoeza prozeduran (art. 7, párrafo 2, apartado b) / Falta de crédito presupuestario en el procedimiento (art. 7, párrafo 2, apartado b)",58,"NO"]
[null,null,null," ",17480767,"ADGG0508 - OPERACIONES DE GRABACIÓN Y TRATAMIENTO DE DATOS Y DOCUMENTOS",15,360,1,6,3,4,8,1,2,8,7,4,3,6,1,0,0,0,5,58,0,"002671 - CENTRO INFORMÁTICO Y GESTIÓN MEATZE, S.L.","B48875306","DESESTIMADA","Baliabide ekonomikoeza prozeduran (art. 7, párrafo 2, apartado b) / Falta de crédito presupuestario en el procedimiento (art. 7, párrafo 2, apartado b)",58,"NO"]
[null,null,null," ",17480223,"ADGG0508 - OPERACIONES DE GRABACIÓN Y TRATAMIENTO DE DATOS Y DOCUMENTOS",15,360,1,6,3,4,8,1,2,7,7,5,3,6,1,0,0,0,5,58,0,"000015 - CENTRO DE ENSEÑANZA SAN ROQUE,S.L.","B48700280","DESESTIMADA","Baliabide ekonomikoeza prozeduran (art. 7, párrafo 2, apartado b) / Falta de crédito presupuestario en el procedimiento (art. 7, párrafo 2, apartado b)",58,"NO"]
[null,null,null," ",17480568,"ADGG0408 - OPERACIONES AUXILIARES DE SERVICIOS ADMINISTRATIVOS Y GENERALES",20,390,1,6,3,4,9,1,2,9,5,2,3,6,1,1,1,0,5,57,0,"000160 - SARRIKO BUSINESS SCHOOL","B48488472","DESESTIMADA","Baliabide ekonomikoeza prozeduran (art. 7, párrafo 2, apartado b) / Falta de crédito presupuestario en el procedimiento (art. 7, párrafo 2, apartado b)",57,"NO"]
[null,null,null," ",17480618,"ADGG0408 - OPERACIONES AUXILIARES DE SERVICIOS ADMINISTRATIVOS Y GENERALES",20,390,1,6,3,4,9,1,2,9,5,2,3,6,1,1,1,0,5,57,0,"000160 - SARRIKO BUSINESS SCHOOL","B48488472","DESESTIMADA","Baliabide ekonomikoeza prozeduran (art. 7, párrafo 2, apartado b) / Falta de crédito presupuestario en el procedimiento (art. 7, párrafo 2, apartado b)",57,"NO"]
[null,null,null," ",17480715,"ADGG0508 - OPERACIONES DE GRABACIÓN Y TRATAMIENTO DE DATOS Y DOCUMENTOS",15,360,1,6,3,4,8,1,2,8,5,3,3,8,0,1,1,0,5,57,0,"000094 - JURITECNIA S.L.","B48437842","DESESTIMADA","Baliabide ekonomikoeza prozeduran (art. 7, párrafo 2, apartado b) / Falta de crédito presupuestario en el procedimiento (art. 7, párrafo 2, apartado b)",57,"NO"]
[null,null,null," ",17480111,"ADGG0408 - OPERACIONES AUXILIARES DE SERVICIOS ADMINISTRATIVOS Y GENERALES",15,390,1,6,3,4,9,1,2,7,5,4,3,6,1,1,1,0,5,57,0,"000009 - CENTRO SAN LUIS","B48153555","DESESTIMADA","Baliabide ekonomikoeza prozeduran (art. 7, párrafo 2, apartado b) / Falta de crédito presupuestario en el procedimiento (art. 7, párrafo 2, apartado b)",57,"NO"]
[null,null,null," ",17481298,"ADGG0408 - OPERACIONES AUXILIARES DE SERVICIOS ADMINISTRATIVOS Y GENERALES",15,390,1,6,3,4,9,1,2,6,5,5,3,10,1,1,1,0,1,57,0,"000043 - FONDO FORMACION EUSKADI,S.L.L.","B95237053","DESESTIMADA","Baliabide ekonomikoeza prozeduran (art. 7, párrafo 2, apartado b) / Falta de crédito presupuestario en el procedimiento (art. 7, párrafo 2, apartado b)",57,"NO"]
[null,null,null," ",17480603,"ADGG0508 - OPERACIONES DE GRABACIÓN Y TRATAMIENTO DE DATOS Y DOCUMENTOS",20,360,1,6,3,4,8,1,2,9,5,2,3,6,1,1,1,0,5,56,0,"000160 - SARRIKO BUSINESS SCHOOL","B48488472","DESESTIMADA","Baliabide ekonomikoeza prozeduran (art. 7, párrafo 2, apartado b) / Falta de crédito presupuestario en el procedimiento (art. 7, párrafo 2, apartado b)",56,"NO"]
[null,null,null," ",17480615,"ADGG0508 - OPERACIONES DE GRABACIÓN Y TRATAMIENTO DE DATOS Y DOCUMENTOS",20,360,1,6,3,4,8,1,2,9,5,2,3,6,1,1,1,0,5,56,0,"000160 - SARRIKO BUSINESS SCHOOL","B48488472","DESESTIMADA","Baliabide ekonomikoeza prozeduran (art. 7, párrafo 2, apartado b) / Falta de crédito presupuestario en el procedimiento (art. 7, párrafo 2, apartado b)",56,"NO"]
[null,null,null," ",17481495,"ADGG0408 - OPERACIONES AUXILIARES DE SERVICIOS ADMINISTRATIVOS Y GENERALES",15,390,1,6,3,4,9,1,2,5,6,5,3,6,1,0,0,0,5,56,0,"000219 - KONECTIA SERVICIOS INTEGRALES","B95453874","DESESTIMADA","Baliabide ekonomikoeza prozeduran (art. 7, párrafo 2, apartado b) / Falta de crédito presupuestario en el procedimiento (art. 7, párrafo 2, apartado b)",56,"NO"]
[null,null,null," ",17481089,"ADGG0408 - OPERACIONES AUXILIARES DE SERVICIOS ADMINISTRATIVOS Y GENERALES",17,390,1,6,3,4,9,1,2,5,7,4,3,6,1,0,0,0,5,56,0,"000304 - FUNDACION EDE/EDE FUNDAZIOA","G95748356","DESESTIMADA","Baliabide ekonomikoeza prozeduran (art. 7, párrafo 2, apartado b) / Falta de crédito presupuestario en el procedimiento (art. 7, párrafo 2, apartado b)",56,"NO"]
[null,null,null," ",17481873,"ADGG0408 - OPERACIONES AUXILIARES DE SERVICIOS ADMINISTRATIVOS Y GENERALES",17,390,1,6,3,4,9,1,2,6,6,4,3,6,0,0,0,0,5,55,0,"000103 - C2B-CAMPUS TO BUSINESS","B48756498","DESESTIMADA","Baliabide ekonomikoeza prozeduran (art. 7, párrafo 2, apartado b) / Falta de crédito presupuestario en el procedimiento (art. 7, párrafo 2, apartado b)",55,"NO"]
[null,null,null," ",17481751,"ADGG0508 - OPERACIONES DE GRABACIÓN Y TRATAMIENTO DE DATOS Y DOCUMENTOS",15,150,1,6,3,4,8,1,2,8,5,3,3,5,0,0,0,0,5,53,0,"000048 - C.F.P. ACADEMIA IBAIONDO","B48217442","DESESTIMADA","Baliabide ekonomikoeza prozeduran (art. 7, párrafo 2, apartado b) / Falta de crédito presupuestario en el procedimiento (art. 7, párrafo 2, apartado b)",53,"NO"]
[null,null,null," ",17480305,"ADGG0408 - OPERACIONES AUXILIARES DE SERVICIOS ADMINISTRATIVOS Y GENERALES",17,390,1,6,3,4,9,1,2,5,3,3,3,6,1,1,1,0,5,52,0,"000300 - CPES BEURKO CHECK BHIP","B95459293","DESESTIMADA","Baliabide ekonomikoeza prozeduran (art. 7, párrafo 2, apartado b) / Falta de crédito presupuestario en el procedimiento (art. 7, párrafo 2, apartado b)",52,"NO"]
[null,null,null," ",17481818,"ADGG0408 - OPERACIONES AUXILIARES DE SERVICIOS ADMINISTRATIVOS Y GENERALES",18,390,1,6,3,4,9,1,2,7,3,2,3,6,0,0,0,0,5,51,0,"000016 - UP FORMACION","B48512941","DESESTIMADA","Baliabide ekonomikoeza prozeduran (art. 7, párrafo 2, apartado b) / Falta de crédito presupuestario en el procedimiento (art. 7, párrafo 2, apartado b)",51,"NO"]
[null,null,null," ",17482125,"ADGG0508 - OPERACIONES DE GRABACIÓN Y TRATAMIENTO DE DATOS Y DOCUMENTOS",16,240,1,6,3,4,8,1,2,7,3,3,3,6,0,0,0,0,5,51,0,"000920 - FUNDACIÓN GIZAKIA","G48473045","DESESTIMADA","Baliabide ekonomikoeza prozeduran (art. 7, párrafo 2, apartado b) / Falta de crédito presupuestario en el procedimiento (art. 7, párrafo 2, apartado b)",51,"NO"]
[null,null,null," ",17481093,"ADGG0508 - OPERACIONES DE GRABACIÓN Y TRATAMIENTO DE DATOS Y DOCUMENTOS",15,360,1,6,3,4,8,1,2,8,3,3,3,4,0,0,0,0,5,50,0,"000218 - ALFA FORMACIÓN Y CONSULTORÍA","B95738241","DESESTIMADA","Baliabide ekonomikoeza prozeduran (art. 7, párrafo 2, apartado b) / Falta de crédito presupuestario en el procedimiento (art. 7, párrafo 2, apartado b)",50,"NO"]
[null,null,null," ",17481820,"ADGG0508 - OPERACIONES DE GRABACIÓN Y TRATAMIENTO DE DATOS Y DOCUMENTOS",18,360,1,6,3,4,8,1,2,7,3,2,3,6,0,0,0,0,5,50,0,"000016 - UP FORMACION","B48512941","DESESTIMADA","Baliabide ekonomikoeza prozeduran (art. 7, párrafo 2, apartado b) / Falta de crédito presupuestario en el procedimiento (art. 7, párrafo 2, apartado b)",50,"NO"]
[null,null,null," ",17480646,"ADGG0408 - OPERACIONES AUXILIARES DE SERVICIOS ADMINISTRATIVOS Y GENERALES",16,390,1,6,3,4,9,1,2,5,5,3,3,4,0,0,0,0,5,50,0,"000035 - INUTEC DISEÑO,S.L.","B95108080","DESESTIMADA","Baliabide ekonomikoeza prozeduran (art. 7, párrafo 2, apartado b) / Falta de crédito presupuestario en el procedimiento (art. 7, párrafo 2, apartado b)",50,"NO"]
[null,null,null," ",17481150,"ADGG0508 - OPERACIONES DE GRABACIÓN Y TRATAMIENTO DE DATOS Y DOCUMENTOS",16,360,1,6,3,4,8,1,2,5,5,3,3,4,0,0,0,0,5,49,0,"000035 - INUTEC DISEÑO,S.L.","B95108080","DESESTIMADA","Baliabide ekonomikoeza prozeduran (art. 7, párrafo 2, apartado b) / Falta de crédito presupuestario en el procedimiento (art. 7, párrafo 2, apartado b)",49,"NO"]
[null,null,null," ",17482014,"ADGG0408 - OPERACIONES AUXILIARES DE SERVICIOS ADMINISTRATIVOS Y GENERALES",15,390,1,6,3,4,9,3,2,5,5,5,0,0,0,0,0,0,5,47,0,"001769 - ACCIÓN LABORAL","V09409749","DESESTIMADA","Baliabide ekonomikoeza prozeduran (art. 7, párrafo 2, apartado b) / Falta de crédito presupuestario en el procedimiento (art. 7, párrafo 2, apartado b)",47,"NO"]
[null,null,null," ",17480516,"ADGG0408 - OPERACIONES AUXILIARES DE SERVICIOS ADMINISTRATIVOS Y GENERALES",15,390,1,6,3,4,9,1,2,5,3,0,2,6,0,0,0,0,5,46,0,"000102 - SERVIC. EMPRESARIALES Y TECNOLOGIAS INFORMACION S","B48683528","DESESTIMADA","Baliabide ekonomikoeza prozeduran (art. 7, párrafo 2, apartado b) / Falta de crédito presupuestario en el procedimiento (art. 7, párrafo 2, apartado b)",46,"NO"]
[null,null,null," ",17482174,"ADGG0408 - OPERACIONES AUXILIARES DE SERVICIOS ADMINISTRATIVOS Y GENERALES",15,390,1,6,3,4,9,3,2,5,5,3,0,0,0,0,0,0,5,45,0,"001727 - GABINETE DE RECOLOCACIÓN INDUSTRIAL, S.L.","B09390105","DESESTIMADA","Baliabide ekonomikoeza prozeduran (art. 7, párrafo 2, apartado b) / Falta de crédito presupuestario en el procedimiento (art. 7, párrafo 2, apartado b)",45,"NO"]
[null,null,null," ",17480517,"ADGG0508 - OPERACIONES DE GRABACIÓN Y TRATAMIENTO DE DATOS Y DOCUMENTOS",15,360,1,6,3,4,8,1,2,5,3,0,2,6,0,0,0,0,5,45,0,"000102 - SERVIC. EMPRESARIALES Y TECNOLOGIAS INFORMACION S","B48683528","DESESTIMADA","Baliabide ekonomikoeza prozeduran (art. 7, párrafo 2, apartado b) / Falta de crédito presupuestario en el procedimiento (art. 7, párrafo 2, apartado b)",45,"NO"]
[null,null,null," ",17480894,"ADGG0508 - OPERACIONES DE GRABACIÓN Y TRATAMIENTO DE DATOS Y DOCUMENTOS",20,360,1,6,3,4,8,1,2,6,0,0,0,4,0,0,0,0,9,43,0,"001822 - FUNDACION CLARET SOZIAL FONDOA","G95295994","DESESTIMADA","Baliabide ekonomikoeza prozeduran (art. 7, párrafo 2, apartado b) / Falta de crédito presupuestario en el procedimiento (art. 7, párrafo 2, apartado b)",43,"NO"]
[null,null,null," ",17480708,"ADGG0408 - OPERACIONES AUXILIARES DE SERVICIOS ADMINISTRATIVOS Y GENERALES",12,390,1,6,3,4,9,1,2,5,6,0,0,0,0,0,0,0,5,41,0,"000926 - FUNDACIÓN ERAGINTZA","G48491872","DESESTIMADA","Baliabide ekonomikoeza prozeduran (art. 7, párrafo 2, apartado b) / Falta de crédito presupuestario en el procedimiento (art. 7, párrafo 2, apartado b)",41,"NO"]
[null,null,null," ",17480897,"ADGG0408 - OPERACIONES AUXILIARES DE SERVICIOS ADMINISTRATIVOS Y GENERALES",20,390,1,6,3,4,9,1,2,6,0,0,0,4,0,0,0,0,5,40,0,"001822 - FUNDACION CLARET SOZIAL FONDOA","G95295994","DESESTIMADA","Baliabide ekonomikoeza prozeduran (art. 7, párrafo 2, apartado b) / Falta de crédito presupuestario en el procedimiento (art. 7, párrafo 2, apartado b)",40,"NO"]
[null,null,null," ",17480510,"ADGG0408 - OPERACIONES AUXILIARES DE SERVICIOS ADMINISTRATIVOS Y GENERALES",15,390,1,6,3,4,9,1,2,5,3,2,0,0,0,0,0,0,5,40,0,"002668 - AGA FORMACION","B95587838","DESESTIMADA","Baliabide ekonomikoeza prozeduran (art. 7, párrafo 2, apartado b) / Falta de crédito presupuestario en el procedimiento (art. 7, párrafo 2, apartado b)",40,"NO"]
[null,null,null," ",17480713,"ADGG0508 - OPERACIONES DE GRABACIÓN Y TRATAMIENTO DE DATOS Y DOCUMENTOS",12,360,1,6,3,4,8,1,2,5,6,0,0,0,0,0,0,0,5,40,0,"000926 - FUNDACIÓN ERAGINTZA","G48491872","DESESTIMADA","Baliabide ekonomikoeza prozeduran (art. 7, párrafo 2, apartado b) / Falta de crédito presupuestario en el procedimiento (art. 7, párrafo 2, apartado b)",40,"NO"]
[null,null,null," ",17480730,"ADGG0508 - OPERACIONES DE GRABACIÓN Y TRATAMIENTO DE DATOS Y DOCUMENTOS",15,360,1,6,3,4,8,1,2,5,3,2,0,0,0,0,0,0,5,39,0,"002668 - AGA FORMACION","B95587838","DESESTIMADA","Baliabide ekonomikoeza prozeduran (art. 7, párrafo 2, apartado b) / Falta de crédito presupuestario en el procedimiento (art. 7, párrafo 2, apartado b)",39,"NO"]
[null,null,null," ",17480566,"ADGD0308 - ACTIVIDADES DE GESTIÓN ADMINISTRATIVA",20,800,2,6,4,4,9,1,2,9,5,2,3,6,1,1,1,0,7,60,0,"000160 - SARRIKO BUSINESS SCHOOL","B48488472","DESESTIMADA","Baliabide ekonomikoeza prozeduran (art. 7, párrafo 2, apartado b) / Falta de crédito presupuestario en el procedimiento (art. 7, párrafo 2, apartado b)",60,"NO"]
[null,null,null," ",17482815,"ADGD0308 - ACTIVIDADES DE GESTIÓN ADMINISTRATIVA",20,800,2,6,4,4,9,1,2,9,5,2,3,6,1,1,1,0,7,60,0,"000160 - SARRIKO BUSINESS SCHOOL","B48488472","DESESTIMADA","Baliabide ekonomikoeza prozeduran (art. 7, párrafo 2, apartado b) / Falta de crédito presupuestario en el procedimiento (art. 7, párrafo 2, apartado b)",60,"NO"]
[null,null,null," ",17482832,"ADGD0308 - ACTIVIDADES DE GESTIÓN ADMINISTRATIVA",20,190,2,6,4,4,9,1,2,9,5,2,3,6,1,1,1,0,7,60,0,"000160 - SARRIKO BUSINESS SCHOOL","B48488472","DESESTIMADA","Baliabide ekonomikoeza prozeduran (art. 7, párrafo 2, apartado b) / Falta de crédito presupuestario en el procedimiento (art. 7, párrafo 2, apartado b)",60,"NO"]
[null,null,null," ",17482285,"ADGD0308 - ACTIVIDADES DE GESTIÓN ADMINISTRATIVA",15,120,2,6,4,4,9,1,2,7,6,5,3,4,1,1,1,0,7,60,0,"000105 - CENTRO DE FORMACIÓN RAFER, S.L.","B95739595","DESESTIMADA","Baliabide ekonomikoeza prozeduran (art. 7, párrafo 2, apartado b) / Falta de crédito presupuestario en el procedimiento (art. 7, párrafo 2, apartado b)",60,"NO"]
[null,null,null," ",17482292,"ADGD0308 - ACTIVIDADES DE GESTIÓN ADMINISTRATIVA",15,190,2,6,4,4,9,1,2,7,6,5,3,4,1,1,1,0,7,60,0,"000105 - CENTRO DE FORMACIÓN RAFER, S.L.","B95739595","DESESTIMADA","Baliabide ekonomikoeza prozeduran (art. 7, párrafo 2, apartado b) / Falta de crédito presupuestario en el procedimiento (art. 7, párrafo 2, apartado b)",60,"NO"]
[null,null,null," ",17482972,"ADGD0308 - ACTIVIDADES DE GESTIÓN ADMINISTRATIVA",15,90,2,6,4,4,9,1,2,7,6,5,3,4,1,1,1,0,7,60,0,"000105 - CENTRO DE FORMACIÓN RAFER, S.L.","B95739595","DESESTIMADA","Baliabide ekonomikoeza prozeduran (art. 7, párrafo 2, apartado b) / Falta de crédito presupuestario en el procedimiento (art. 7, párrafo 2, apartado b)",60,"NO"]
[null,null,null," ",17482299,"ADGD0308 - ACTIVIDADES DE GESTIÓN ADMINISTRATIVA",15,60,2,6,4,4,9,1,2,7,6,5,3,4,1,1,1,0,7,60,0,"000105 - CENTRO DE FORMACIÓN RAFER, S.L.","B95739595","DESESTIMADA","Baliabide ekonomikoeza prozeduran (art. 7, párrafo 2, apartado b) / Falta de crédito presupuestario en el procedimiento (art. 7, párrafo 2, apartado b)",60,"NO"]
[null,null,null," ",17482303,"ADGD0308 - ACTIVIDADES DE GESTIÓN ADMINISTRATIVA",15,90,2,6,4,4,9,1,2,7,6,5,3,4,1,1,1,0,7,60,0,"000105 - CENTRO DE FORMACIÓN RAFER, S.L.","B95739595","DESESTIMADA","Baliabide ekonomikoeza prozeduran (art. 7, párrafo 2, apartado b) / Falta de crédito presupuestario en el procedimiento (art. 7, párrafo 2, apartado b)",60,"NO"]
[null,null,null," ",17482300,"ADGD0308 - ACTIVIDADES DE GESTIÓN ADMINISTRATIVA",15,160,2,6,4,4,9,1,2,7,6,5,3,4,1,1,1,0,7,60,0,"000105 - CENTRO DE FORMACIÓN RAFER, S.L.","B95739595","DESESTIMADA","Baliabide ekonomikoeza prozeduran (art. 7, párrafo 2, apartado b) / Falta de crédito presupuestario en el procedimiento (art. 7, párrafo 2, apartado b)",60,"NO"]
[null,null,null," ",17482304,"ADGD0308 - ACTIVIDADES DE GESTIÓN ADMINISTRATIVA",15,90,2,6,4,4,9,1,2,7,6,5,3,4,1,1,1,0,7,60,0,"000105 - CENTRO DE FORMACIÓN RAFER, S.L.","B95739595","DESESTIMADA","Baliabide ekonomikoeza prozeduran (art. 7, párrafo 2, apartado b) / Falta de crédito presupuestario en el procedimiento (art. 7, párrafo 2, apartado b)",60,"NO"]
[null,null,null," ",17480617,"ADGG0208 - ACTIVIDADES ADMINISTRATIVAS EN LA RELACIÓN CON EL CLIENTE",18,680,2,6,4,4,9,3,2,9,5,2,3,6,1,1,1,0,5,60,0,"000160 - SARRIKO BUSINESS SCHOOL","B48488472","DESESTIMADA","Baliabide ekonomikoeza prozeduran (art. 7, párrafo 2, apartado b) / Falta de crédito presupuestario en el procedimiento (art. 7, párrafo 2, apartado b)",60,"NO"]
[null,null,null," ",17481062,"ADGD0308 - ACTIVIDADES DE GESTIÓN ADMINISTRATIVA",15,800,2,6,4,4,9,1,2,8,3,5,3,8,1,1,1,0,5,60,0,"000005 - AGRUPACION DE SOCIEDADES LABORALES DE EUSKADI","G48156996","DESESTIMADA","Baliabide ekonomikoeza prozeduran (art. 7, párrafo 2, apartado b) / Falta de crédito presupuestario en el procedimiento (art. 7, párrafo 2, apartado b)",60,"NO"]
[null,null,null," ",17481870,"ADGG0208 - ACTIVIDADES ADMINISTRATIVAS EN LA RELACIÓN CON EL CLIENTE",17,340,2,6,4,4,9,1,2,6,6,4,3,6,0,0,0,0,8,59,0,"000103 - C2B-CAMPUS TO BUSINESS","B48756498","DESESTIMADA","Baliabide ekonomikoeza prozeduran (art. 7, párrafo 2, apartado b) / Falta de crédito presupuestario en el procedimiento (art. 7, párrafo 2, apartado b)",59,"NO"]
[null,null,null," ",17480114,"ADGD0308 - ACTIVIDADES DE GESTIÓN ADMINISTRATIVA",17,300,2,6,4,4,9,1,2,7,5,4,3,6,1,1,1,0,6,59,0,"000009 - CENTRO SAN LUIS","B48153555","DESESTIMADA","Baliabide ekonomikoeza prozeduran (art. 7, párrafo 2, apartado b) / Falta de crédito presupuestario en el procedimiento (art. 7, párrafo 2, apartado b)",59,"NO"]
[null,null,null," ",17481285,"ADGD0308 - ACTIVIDADES DE GESTIÓN ADMINISTRATIVA",15,190,2,6,4,4,9,1,2,7,5,4,3,6,1,1,1,0,6,59,0,"000009 - CENTRO SAN LUIS","B48153555","DESESTIMADA","Baliabide ekonomikoeza prozeduran (art. 7, párrafo 2, apartado b) / Falta de crédito presupuestario en el procedimiento (art. 7, párrafo 2, apartado b)",59,"NO"]
[null,null,null," ",17481113,"ADGD0308 - ACTIVIDADES DE GESTIÓN ADMINISTRATIVA",17,250,2,6,4,4,9,1,2,6,5,5,3,6,1,1,1,0,6,59,0,"000021 - CENTRO DE ESTUDIOS ALMI","A28814531","DESESTIMADA","Baliabide ekonomikoeza prozeduran (art. 7, párrafo 2, apartado b) / Falta de crédito presupuestario en el procedimiento (art. 7, párrafo 2, apartado b)",59,"NO"]
[null,null,null," ",17481116,"ADGD0308 - ACTIVIDADES DE GESTIÓN ADMINISTRATIVA",17,210,2,6,4,4,9,1,2,6,5,5,3,6,1,1,1,0,6,59,0,"000021 - CENTRO DE ESTUDIOS ALMI","A28814531","DESESTIMADA","Baliabide ekonomikoeza prozeduran (art. 7, párrafo 2, apartado b) / Falta de crédito presupuestario en el procedimiento (art. 7, párrafo 2, apartado b)",59,"NO"]
[null,null,null," ",17481120,"ADGD0308 - ACTIVIDADES DE GESTIÓN ADMINISTRATIVA",17,280,2,6,4,4,9,1,2,6,5,5,3,6,1,1,1,0,6,59,0,"000021 - CENTRO DE ESTUDIOS ALMI","A28814531","DESESTIMADA","Baliabide ekonomikoeza prozeduran (art. 7, párrafo 2, apartado b) / Falta de crédito presupuestario en el procedimiento (art. 7, párrafo 2, apartado b)",59,"NO"]
[null,null,null," ",17481674,"ADGG0208 - ACTIVIDADES ADMINISTRATIVAS EN LA RELACIÓN CON EL CLIENTE",15,340,2,6,4,4,9,1,2,9,6,2,3,6,1,1,1,0,5,59,0,"000085 - SAN JOSE DE CALASANZ","B95657805","DESESTIMADA","Baliabide ekonomikoeza prozeduran (art. 7, párrafo 2, apartado b) / Falta de crédito presupuestario en el procedimiento (art. 7, párrafo 2, apartado b)",59,"NO"]
[null,null,null," ",17481676,"ADGG0208 - ACTIVIDADES ADMINISTRATIVAS EN LA RELACIÓN CON EL CLIENTE",15,340,2,6,4,4,9,1,2,9,6,2,3,6,1,1,1,0,5,59,0,"000085 - SAN JOSE DE CALASANZ","B95657805","DESESTIMADA","Baliabide ekonomikoeza prozeduran (art. 7, párrafo 2, apartado b) / Falta de crédito presupuestario en el procedimiento (art. 7, párrafo 2, apartado b)",59,"NO"]
[null,null,null," ",17480794,"ADGD0308 - ACTIVIDADES DE GESTIÓN ADMINISTRATIVA",15,800,2,6,4,4,9,1,2,8,5,3,3,8,0,1,1,0,5,59,0,"000094 - JURITECNIA S.L.","B48437842","DESESTIMADA","Baliabide ekonomikoeza prozeduran (art. 7, párrafo 2, apartado b) / Falta de crédito presupuestario en el procedimiento (art. 7, párrafo 2, apartado b)",59,"NO"]
[null,null,null," ",17480781,"ADGG0208 - ACTIVIDADES ADMINISTRATIVAS EN LA RELACIÓN CON EL CLIENTE",15,680,2,6,4,4,9,1,2,8,5,3,3,8,0,1,1,0,5,59,0,"000094 - JURITECNIA S.L.","B48437842","DESESTIMADA","Baliabide ekonomikoeza prozeduran (art. 7, párrafo 2, apartado b) / Falta de crédito presupuestario en el procedimiento (art. 7, párrafo 2, apartado b)",59,"NO"]
[null,null,null," ",17480545,"ADGD0308 - ACTIVIDADES DE GESTIÓN ADMINISTRATIVA",15,800,2,6,4,4,9,1,2,6,6,4,3,8,0,1,1,0,5,59,0,"000039 - LEA ARTIBAI IKASTETXEA","F48086243","DESESTIMADA","Baliabide ekonomikoeza prozeduran (art. 7, párrafo 2, apartado b) / Falta de crédito presupuestario en el procedimiento (art. 7, párrafo 2, apartado b)",59,"NO"]
[null,null,null," ",17480564,"ADGG0208 - ACTIVIDADES ADMINISTRATIVAS EN LA RELACIÓN CON EL CLIENTE",18,680,2,6,4,4,9,1,2,9,5,2,3,6,1,1,1,0,5,58,0,"000160 - SARRIKO BUSINESS SCHOOL","B48488472","DESESTIMADA","Baliabide ekonomikoeza prozeduran (art. 7, párrafo 2, apartado b) / Falta de crédito presupuestario en el procedimiento (art. 7, párrafo 2, apartado b)",58,"NO"]
[null,null,null," ",17482822,"ADGG0208 - ACTIVIDADES ADMINISTRATIVAS EN LA RELACIÓN CON EL CLIENTE",18,90,2,6,4,4,9,1,2,9,5,2,3,6,1,1,1,0,5,58,0,"000160 - SARRIKO BUSINESS SCHOOL","B48488472","DESESTIMADA","Baliabide ekonomikoeza prozeduran (art. 7, párrafo 2, apartado b) / Falta de crédito presupuestario en el procedimiento (art. 7, párrafo 2, apartado b)",58,"NO"]
[null,null,null," ",17482816,"ADGG0208 - ACTIVIDADES ADMINISTRATIVAS EN LA RELACIÓN CON EL CLIENTE",18,680,2,6,4,4,9,1,2,9,5,2,3,6,1,1,1,0,5,58,0,"000160 - SARRIKO BUSINESS SCHOOL","B48488472","DESESTIMADA","Baliabide ekonomikoeza prozeduran (art. 7, párrafo 2, apartado b) / Falta de crédito presupuestario en el procedimiento (art. 7, párrafo 2, apartado b)",58,"NO"]
[null,null,null," ",17482827,"ADGG0208 - ACTIVIDADES ADMINISTRATIVAS EN LA RELACIÓN CON EL CLIENTE",18,90,2,6,4,4,9,1,2,9,5,2,3,6,1,1,1,0,5,58,0,"000160 - SARRIKO BUSINESS SCHOOL","B48488472","DESESTIMADA","Baliabide ekonomikoeza prozeduran (art. 7, párrafo 2, apartado b) / Falta de crédito presupuestario en el procedimiento (art. 7, párrafo 2, apartado b)",58,"NO"]
[null,null,null," ",17482823,"ADGG0208 - ACTIVIDADES ADMINISTRATIVAS EN LA RELACIÓN CON EL CLIENTE",18,160,2,6,4,4,9,1,2,9,5,2,3,6,1,1,1,0,5,58,0,"000160 - SARRIKO BUSINESS SCHOOL","B48488472","DESESTIMADA","Baliabide ekonomikoeza prozeduran (art. 7, párrafo 2, apartado b) / Falta de crédito presupuestario en el procedimiento (art. 7, párrafo 2, apartado b)",58,"NO"]
[null,null,null," ",17482824,"ADGG0208 - ACTIVIDADES ADMINISTRATIVAS EN LA RELACIÓN CON EL CLIENTE",18,150,2,6,4,4,9,1,2,9,5,2,3,6,1,1,1,0,5,58,0,"000160 - SARRIKO BUSINESS SCHOOL","B48488472","DESESTIMADA","Baliabide ekonomikoeza prozeduran (art. 7, párrafo 2, apartado b) / Falta de crédito presupuestario en el procedimiento (art. 7, párrafo 2, apartado b)",58,"NO"]
[null,null,null," ",17482826,"ADGG0208 - ACTIVIDADES ADMINISTRATIVAS EN LA RELACIÓN CON EL CLIENTE",18,190,2,6,4,4,9,1,2,9,5,2,3,6,1,1,1,0,5,58,0,"000160 - SARRIKO BUSINESS SCHOOL","B48488472","DESESTIMADA","Baliabide ekonomikoeza prozeduran (art. 7, párrafo 2, apartado b) / Falta de crédito presupuestario en el procedimiento (art. 7, párrafo 2, apartado b)",58,"NO"]
[null,null,null," ",17482825,"ADGG0208 - ACTIVIDADES ADMINISTRATIVAS EN LA RELACIÓN CON EL CLIENTE",18,90,2,6,4,4,9,1,2,9,5,2,3,6,1,1,1,0,5,58,0,"000160 - SARRIKO BUSINESS SCHOOL","B48488472","DESESTIMADA","Baliabide ekonomikoeza prozeduran (art. 7, párrafo 2, apartado b) / Falta de crédito presupuestario en el procedimiento (art. 7, párrafo 2, apartado b)",58,"NO"]
[null,null,null," ",17481475,"ADGG0208 - ACTIVIDADES ADMINISTRATIVAS EN LA RELACIÓN CON EL CLIENTE",15,250,2,6,4,4,9,1,2,7,5,4,3,6,1,1,1,0,5,58,0,"000009 - CENTRO SAN LUIS","B48153555","DESESTIMADA","Baliabide ekonomikoeza prozeduran (art. 7, párrafo 2, apartado b) / Falta de crédito presupuestario en el procedimiento (art. 7, párrafo 2, apartado b)",{"$f":"SUM(J350,K350,L350,M350,N350,O350,P350,Q350,R350,S350,T350,U350,W350,X350,Y350)","v":58},{"$f":"IF(Z350 <> AF350,\"SI\",\"NO\")","v":"NO"}]
[null,null,null," ",17481485,"ADGG0208 - ACTIVIDADES ADMINISTRATIVAS EN LA RELACIÓN CON EL CLIENTE",15,190,2,6,4,4,9,1,2,7,5,4,3,6,1,1,1,0,5,58,0,"000009 - CENTRO SAN LUIS","B48153555","DESESTIMADA","Baliabide ekonomikoeza prozeduran (art. 7, párrafo 2, apartado b) / Falta de crédito presupuestario en el procedimiento (art. 7, párrafo 2, apartado b)",58,"NO"]
[null,null,null," ",17481174,"ADGD0308 - ACTIVIDADES DE GESTIÓN ADMINISTRATIVA",17,800,2,6,4,4,9,1,2,5,7,4,3,6,1,0,0,0,5,57,0,"000414 - FUNDACION EDE/EDE FUNDAZIOA KASTREXANA","G95748356","DESESTIMADA","Baliabide ekonomikoeza prozeduran (art. 7, párrafo 2, apartado b) / Falta de crédito presupuestario en el procedimiento (art. 7, párrafo 2, apartado b)",57,"NO"]
[null,null,null," ",17481181,"ADGG0208 - ACTIVIDADES ADMINISTRATIVAS EN LA RELACIÓN CON EL CLIENTE",17,680,2,6,4,4,9,1,2,5,7,4,3,6,1,0,0,0,5,57,0,"000304 - FUNDACION EDE/EDE FUNDAZIOA","G95748356","DESESTIMADA","Baliabide ekonomikoeza prozeduran (art. 7, párrafo 2, apartado b) / Falta de crédito presupuestario en el procedimiento (art. 7, párrafo 2, apartado b)",57,"NO"]
[null,null,null," ",17482001,"ADGD0308 - ACTIVIDADES DE GESTIÓN ADMINISTRATIVA",15,300,2,6,4,4,9,1,2,8,5,3,3,5,0,0,0,0,5,55,0,"000048 - C.F.P. ACADEMIA IBAIONDO","B48217442","DESESTIMADA","Baliabide ekonomikoeza prozeduran (art. 7, párrafo 2, apartado b) / Falta de crédito presupuestario en el procedimiento (art. 7, párrafo 2, apartado b)",55,"NO"]
[null,null,null," ",17481771,"ADGG0208 - ACTIVIDADES ADMINISTRATIVAS EN LA RELACIÓN CON EL CLIENTE",15,90,2,6,4,4,9,1,2,8,5,3,3,5,0,0,0,0,5,55,0,"000048 - C.F.P. ACADEMIA IBAIONDO","B48217442","DESESTIMADA","Baliabide ekonomikoeza prozeduran (art. 7, párrafo 2, apartado b) / Falta de crédito presupuestario en el procedimiento (art. 7, párrafo 2, apartado b)",55,"NO"]
[null,null,null," ",17481767,"ADGG0208 - ACTIVIDADES ADMINISTRATIVAS EN LA RELACIÓN CON EL CLIENTE",15,370,2,6,4,4,9,1,2,8,5,3,3,5,0,0,0,0,5,55,0,"000048 - C.F.P. ACADEMIA IBAIONDO","B48217442","DESESTIMADA","Baliabide ekonomikoeza prozeduran (art. 7, párrafo 2, apartado b) / Falta de crédito presupuestario en el procedimiento (art. 7, párrafo 2, apartado b)",55,"NO"]
[null,null,null," ",17480889,"ADGG0208 - ACTIVIDADES ADMINISTRATIVAS EN LA RELACIÓN CON EL CLIENTE",15,680,2,6,4,4,9,1,2,5,6,4,2,6,1,0,0,0,5,55,0,"000183 - CENTRO EDUCACION VIAL REKORD S.L.","B48845101","DESESTIMADA","Baliabide ekonomikoeza prozeduran (art. 7, párrafo 2, apartado b) / Falta de crédito presupuestario en el procedimiento (art. 7, párrafo 2, apartado b)",55,"NO"]
[null,null,null," ",17482888,"ADGG0208 - ACTIVIDADES ADMINISTRATIVAS EN LA RELACIÓN CON EL CLIENTE",15,680,2,6,4,4,9,1,2,5,6,4,2,6,1,0,0,0,5,55,0,"000183 - CENTRO EDUCACION VIAL REKORD S.L.","B48845101","DESESTIMADA","Baliabide ekonomikoeza prozeduran (art. 7, párrafo 2, apartado b) / Falta de crédito presupuestario en el procedimiento (art. 7, párrafo 2, apartado b)",55,"NO"]
[null,null,null," ",17480572,"ADGG0208 - ACTIVIDADES ADMINISTRATIVAS EN LA RELACIÓN CON EL CLIENTE",15,190,2,6,4,4,9,1,2,5,6,2,3,5,0,0,0,0,7,54,0,"000087 - GAILUR CENTRO DE ESTUDIOS","B95537171","DESESTIMADA","Baliabide ekonomikoeza prozeduran (art. 7, párrafo 2, apartado b) / Falta de crédito presupuestario en el procedimiento (art. 7, párrafo 2, apartado b)",54,"NO"]
[null,null,null," ",17480573,"ADGG0208 - ACTIVIDADES ADMINISTRATIVAS EN LA RELACIÓN CON EL CLIENTE",15,90,2,6,4,4,9,1,2,5,6,2,3,5,0,0,0,0,7,54,0,"000087 - GAILUR CENTRO DE ESTUDIOS","B95537171","DESESTIMADA","Baliabide ekonomikoeza prozeduran (art. 7, párrafo 2, apartado b) / Falta de crédito presupuestario en el procedimiento (art. 7, párrafo 2, apartado b)",54,"NO"]
[null,null,null," ",17480577,"ADGG0208 - ACTIVIDADES ADMINISTRATIVAS EN LA RELACIÓN CON EL CLIENTE",15,680,2,6,4,4,9,1,2,5,6,2,3,5,0,0,0,0,7,54,0,"000087 - GAILUR CENTRO DE ESTUDIOS","B95537171","DESESTIMADA","Baliabide ekonomikoeza prozeduran (art. 7, párrafo 2, apartado b) / Falta de crédito presupuestario en el procedimiento (art. 7, párrafo 2, apartado b)",54,"NO"]
[null,null,null," ",17482961,"ADGD0308 - ACTIVIDADES DE GESTIÓN ADMINISTRATIVA",15,800,2,6,4,4,9,1,2,5,5,2,3,5,1,2,2,0,5,54,0,"002883 - UROLALDE-BILBAO","B20149134","DESESTIMADA","Baliabide ekonomikoeza prozeduran (art. 7, párrafo 2, apartado b) / Falta de crédito presupuestario en el procedimiento (art. 7, párrafo 2, apartado b)",54,"NO"]
[null,null,null," ",17480310,"ADGG0208 - ACTIVIDADES ADMINISTRATIVAS EN LA RELACIÓN CON EL CLIENTE",17,190,2,6,4,4,9,1,2,5,3,3,3,6,1,1,1,0,5,53,0,"000300 - CPES BEURKO CHECK BHIP","B95459293","DESESTIMADA","Baliabide ekonomikoeza prozeduran (art. 7, párrafo 2, apartado b) / Falta de crédito presupuestario en el procedimiento (art. 7, párrafo 2, apartado b)",53,"NO"]
[null,null,null," ",17480311,"ADGG0208 - ACTIVIDADES ADMINISTRATIVAS EN LA RELACIÓN CON EL CLIENTE",17,190,2,6,4,4,9,1,2,5,3,3,3,6,1,1,1,0,5,53,0,"000300 - CPES BEURKO CHECK BHIP","B95459293","DESESTIMADA","Baliabide ekonomikoeza prozeduran (art. 7, párrafo 2, apartado b) / Falta de crédito presupuestario en el procedimiento (art. 7, párrafo 2, apartado b)",53,"NO"]
[null,null,null," ",17481546,"ADGG0208 - ACTIVIDADES ADMINISTRATIVAS EN LA RELACIÓN CON EL CLIENTE",15,680,2,6,4,4,9,1,2,5,3,3,3,6,1,1,1,0,5,53,0,"000300 - CPES BEURKO CHECK BHIP","B95459293","DESESTIMADA","Baliabide ekonomikoeza prozeduran (art. 7, párrafo 2, apartado b) / Falta de crédito presupuestario en el procedimiento (art. 7, párrafo 2, apartado b)",53,"NO"]
[null,null,null," ",17480134,"ADGD0308 - ACTIVIDADES DE GESTIÓN ADMINISTRATIVA",15,800,2,6,4,4,9,1,2,8,3,3,3,4,0,0,0,0,5,52,0,"000218 - ALFA FORMACIÓN Y CONSULTORÍA","B95738241","DESESTIMADA","Baliabide ekonomikoeza prozeduran (art. 7, párrafo 2, apartado b) / Falta de crédito presupuestario en el procedimiento (art. 7, párrafo 2, apartado b)",52,"NO"]
[null,null,null," ",17480336,"ADGG0208 - ACTIVIDADES ADMINISTRATIVAS EN LA RELACIÓN CON EL CLIENTE",15,680,2,6,4,4,9,1,2,8,3,3,3,4,0,0,0,0,5,52,0,"000218 - ALFA FORMACIÓN Y CONSULTORÍA","B95738241","DESESTIMADA","Baliabide ekonomikoeza prozeduran (art. 7, párrafo 2, apartado b) / Falta de crédito presupuestario en el procedimiento (art. 7, párrafo 2, apartado b)",52,"NO"]
[null,null,null," ",17481846,"ADGD0308 - ACTIVIDADES DE GESTIÓN ADMINISTRATIVA",18,190,2,6,4,4,9,1,2,7,3,2,3,6,0,0,0,0,5,52,0,"000016 - UP FORMACION","B48512941","DESESTIMADA","Baliabide ekonomikoeza prozeduran (art. 7, párrafo 2, apartado b) / Falta de crédito presupuestario en el procedimiento (art. 7, párrafo 2, apartado b)",52,"NO"]
[null,null,null," ",17481845,"ADGD0308 - ACTIVIDADES DE GESTIÓN ADMINISTRATIVA",18,190,2,6,4,4,9,1,2,7,3,2,3,6,0,0,0,0,5,52,0,"000016 - UP FORMACION","B48512941","DESESTIMADA","Baliabide ekonomikoeza prozeduran (art. 7, párrafo 2, apartado b) / Falta de crédito presupuestario en el procedimiento (art. 7, párrafo 2, apartado b)",52,"NO"]
[null,null,null," ",17481821,"ADGG0208 - ACTIVIDADES ADMINISTRATIVAS EN LA RELACIÓN CON EL CLIENTE",18,680,2,6,4,4,9,1,2,7,3,2,3,6,0,0,0,0,5,52,0,"000016 - UP FORMACION","B48512941","DESESTIMADA","Baliabide ekonomikoeza prozeduran (art. 7, párrafo 2, apartado b) / Falta de crédito presupuestario en el procedimiento (art. 7, párrafo 2, apartado b)",52,"NO"]
[null,null,null," ",17481249,"ADGD0308 - ACTIVIDADES DE GESTIÓN ADMINISTRATIVA",15,800,2,6,4,4,9,1,2,5,5,2,3,5,1,0,0,0,5,52,0,"000003 - CENTRO DE IDIOMAS Y ORDENADORES, S.L.","B48428080","DESESTIMADA","Baliabide ekonomikoeza prozeduran (art. 7, párrafo 2, apartado b) / Falta de crédito presupuestario en el procedimiento (art. 7, párrafo 2, apartado b)",52,"NO"]
[null,null,null," ",17482790,"ADGG0208 - ACTIVIDADES ADMINISTRATIVAS EN LA RELACIÓN CON EL CLIENTE",15,680,2,6,4,4,9,1,2,5,6,2,3,5,0,0,0,0,5,52,0,"000014 - MARISTAS SAN MIGUEL IKASTETXEA","R4800504E","DESESTIMADA","Baliabide ekonomikoeza prozeduran (art. 7, párrafo 2, apartado b) / Falta de crédito presupuestario en el procedimiento (art. 7, párrafo 2, apartado b)",52,"NO"]
[null,null,null," ",17481240,"ADGD0308 - ACTIVIDADES DE GESTIÓN ADMINISTRATIVA",15,800,2,6,4,4,9,1,2,5,3,3,3,5,0,1,1,0,5,51,0,"000186 - IPARTEK SERVICIOS INFORMÁTICOS, SOC.COOP.","F48681373","DESESTIMADA","Baliabide ekonomikoeza prozeduran (art. 7, párrafo 2, apartado b) / Falta de crédito presupuestario en el procedimiento (art. 7, párrafo 2, apartado b)",51,"NO"]
[null,null,null," ",17481243,"ADGG0208 - ACTIVIDADES ADMINISTRATIVAS EN LA RELACIÓN CON EL CLIENTE",15,680,2,6,4,4,9,1,2,5,3,3,3,5,0,1,1,0,5,51,0,"000186 - IPARTEK SERVICIOS INFORMÁTICOS, SOC.COOP.","F48681373","DESESTIMADA","Baliabide ekonomikoeza prozeduran (art. 7, párrafo 2, apartado b) / Falta de crédito presupuestario en el procedimiento (art. 7, párrafo 2, apartado b)",51,"NO"]
[null,null,null," ",17481152,"ADGD0308 - ACTIVIDADES DE GESTIÓN ADMINISTRATIVA",16,800,2,6,4,4,9,1,2,5,5,3,3,4,0,0,0,0,5,51,0,"000035 - INUTEC DISEÑO,S.L.","B95108080","DESESTIMADA","Baliabide ekonomikoeza prozeduran (art. 7, párrafo 2, apartado b) / Falta de crédito presupuestario en el procedimiento (art. 7, párrafo 2, apartado b)",51,"NO"]
[null,null,null," ",17481829,"ADGD0308 - ACTIVIDADES DE GESTIÓN ADMINISTRATIVA",15,800,2,6,4,4,9,1,2,5,6,1,3,4,0,0,0,0,5,50,0,"000019 - CEINMARK","B39381652","DESESTIMADA","Baliabide ekonomikoeza prozeduran (art. 7, párrafo 2, apartado b) / Falta de crédito presupuestario en el procedimiento (art. 7, párrafo 2, apartado b)",50,"NO"]
[null,null,null," ",17480935,"ADGD0308 - ACTIVIDADES DE GESTIÓN ADMINISTRATIVA",15,800,2,6,4,4,9,1,2,5,3,3,0,6,0,0,0,0,5,48,0,"000301 - CPES IKASAUTO BHIP","B95096244","DESESTIMADA","Baliabide ekonomikoeza prozeduran (art. 7, párrafo 2, apartado b) / Falta de crédito presupuestario en el procedimiento (art. 7, párrafo 2, apartado b)",48,"NO"]
[null,null,null," ",17480946,"ADGD0308 - ACTIVIDADES DE GESTIÓN ADMINISTRATIVA",15,190,2,6,4,4,9,1,2,5,3,3,0,6,0,0,0,0,5,48,0,"000301 - CPES IKASAUTO BHIP","B95096244","DESESTIMADA","Baliabide ekonomikoeza prozeduran (art. 7, párrafo 2, apartado b) / Falta de crédito presupuestario en el procedimiento (art. 7, párrafo 2, apartado b)",48,"NO"]
[null,null,null," ",17480515,"ADGD0308 - ACTIVIDADES DE GESTIÓN ADMINISTRATIVA",15,800,2,6,4,4,9,1,2,5,3,0,2,6,0,0,0,0,5,47,0,"000102 - SERVIC. EMPRESARIALES Y TECNOLOGIAS INFORMACION S","B48683528","DESESTIMADA","Baliabide ekonomikoeza prozeduran (art. 7, párrafo 2, apartado b) / Falta de crédito presupuestario en el procedimiento (art. 7, párrafo 2, apartado b)",47,"NO"]
[null,null,null," ",17480165,"ADGD0308 - ACTIVIDADES DE GESTIÓN ADMINISTRATIVA",15,800,2,6,4,4,9,1,2,5,3,3,0,0,2,0,0,0,5,44,0,"000249 - FUNDACION DE TRABAJADORES DE LA SIDERURGIA INTEGRAL","G95455937","DESESTIMADA","Baliabide ekonomikoeza prozeduran (art. 7, párrafo 2, apartado b) / Falta de crédito presupuestario en el procedimiento (art. 7, párrafo 2, apartado b)",44,"NO"]
[null,null,null," ",17480168,"ADGG0208 - ACTIVIDADES ADMINISTRATIVAS EN LA RELACIÓN CON EL CLIENTE",15,680,2,6,4,4,9,1,2,5,3,3,0,0,2,0,0,0,5,44,0,"000249 - FUNDACION DE TRABAJADORES DE LA SIDERURGIA INTEGRAL","G95455937","DESESTIMADA","Baliabide ekonomikoeza prozeduran (art. 7, párrafo 2, apartado b) / Falta de crédito presupuestario en el procedimiento (art. 7, párrafo 2, apartado b)",44,"NO"]
[null,null,null," ",17481859,"ADGD0308 - ACTIVIDADES DE GESTIÓN ADMINISTRATIVA",14,250,2,6,4,4,9,3,2,5,0,0,0,0,0,0,0,0,7,40,0,"000440 - IGORREKO UDALA","P4810700G","DESESTIMADA","Baliabide ekonomikoeza prozeduran (art. 7, párrafo 2, apartado b) / Falta de crédito presupuestario en el procedimiento (art. 7, párrafo 2, apartado b)",40,"NO"]
[null,null,null," ",17480445,"ADGD0308 - ACTIVIDADES DE GESTIÓN ADMINISTRATIVA",15,800,2,6,4,4,9,1,2,5,3,1,0,0,0,0,0,0,5,40,0,"002606 - CENTRO OSCUS - DOLORES SOPEÑA","G83915934","DESESTIMADA","Baliabide ekonomikoeza prozeduran (art. 7, párrafo 2, apartado b) / Falta de crédito presupuestario en el procedimiento (art. 7, párrafo 2, apartado b)",40,"NO"]
[null,null,null," ",17480451,"ADGG0208 - ACTIVIDADES ADMINISTRATIVAS EN LA RELACIÓN CON EL CLIENTE",15,680,2,6,4,4,9,1,2,5,3,1,0,0,0,0,0,0,5,40,0,"002606 - CENTRO OSCUS - DOLORES SOPEÑA","G83915934","DESESTIMADA","Baliabide ekonomikoeza prozeduran (art. 7, párrafo 2, apartado b) / Falta de crédito presupuestario en el procedimiento (art. 7, párrafo 2, apartado b)",40,"NO"]
[null,null,null," ",17480743,"ADGD0208 - GESTIÓN INTEGRADA DE RECURSOS HUMANOS",15,670,3,6,2,4,9,1,2,8,5,3,3,8,0,1,1,0,7,59,0,"000094 - JURITECNIA S.L.","B48437842","DESESTIMADA","Baliabide ekonomikoeza prozeduran (art. 7, párrafo 2, apartado b) / Falta de crédito presupuestario en el procedimiento (art. 7, párrafo 2, apartado b)",59,"NO"]
[null,null,null," ",17481064,"ADGD0108 - GESTIÓN CONTABLE Y GESTIÓN ADMINISTRATIVA PARA AUDITORÍA",15,240,3,6,2,4,9,1,2,8,3,5,3,8,1,1,1,0,6,59,0,"000005 - AGRUPACION DE SOCIEDADES LABORALES DE EUSKADI","G48156996","DESESTIMADA","Baliabide ekonomikoeza prozeduran (art. 7, párrafo 2, apartado b) / Falta de crédito presupuestario en el procedimiento (art. 7, párrafo 2, apartado b)",59,"NO"]
[null,null,null," ",17481071,"ADGD0108 - GESTIÓN CONTABLE Y GESTIÓN ADMINISTRATIVA PARA AUDITORÍA",15,190,3,6,2,4,9,1,2,8,3,5,3,8,1,1,1,0,6,59,0,"000005 - AGRUPACION DE SOCIEDADES LABORALES DE EUSKADI","G48156996","DESESTIMADA","Baliabide ekonomikoeza prozeduran (art. 7, párrafo 2, apartado b) / Falta de crédito presupuestario en el procedimiento (art. 7, párrafo 2, apartado b)",59,"NO"]
[null,null,null," ",17481069,"ADGD0108 - GESTIÓN CONTABLE Y GESTIÓN ADMINISTRATIVA PARA AUDITORÍA",15,550,3,6,2,4,9,1,2,8,3,5,3,8,1,1,1,0,6,59,0,"000005 - AGRUPACION DE SOCIEDADES LABORALES DE EUSKADI","G48156996","DESESTIMADA","Baliabide ekonomikoeza prozeduran (art. 7, párrafo 2, apartado b) / Falta de crédito presupuestario en el procedimiento (art. 7, párrafo 2, apartado b)",59,"NO"]
[null,null,null," ",17481073,"ADGD0208 - GESTIÓN INTEGRADA DE RECURSOS HUMANOS",15,210,3,6,2,4,9,1,2,8,3,5,3,8,1,1,1,0,6,59,0,"000005 - AGRUPACION DE SOCIEDADES LABORALES DE EUSKADI","G48156996","DESESTIMADA","Baliabide ekonomikoeza prozeduran (art. 7, párrafo 2, apartado b) / Falta de crédito presupuestario en el procedimiento (art. 7, párrafo 2, apartado b)",59,"NO"]
[null,null,null," ",17481070,"ADGD0208 - GESTIÓN INTEGRADA DE RECURSOS HUMANOS",15,150,3,6,2,4,9,1,2,8,3,5,3,8,1,1,1,0,6,59,0,"000005 - AGRUPACION DE SOCIEDADES LABORALES DE EUSKADI","G48156996","DESESTIMADA","Baliabide ekonomikoeza prozeduran (art. 7, párrafo 2, apartado b) / Falta de crédito presupuestario en el procedimiento (art. 7, párrafo 2, apartado b)",59,"NO"]
[null,null,null," ",17481075,"ADGD0208 - GESTIÓN INTEGRADA DE RECURSOS HUMANOS",18,210,3,6,2,4,9,1,2,8,3,5,3,8,1,1,1,0,6,59,0,"000005 - AGRUPACION DE SOCIEDADES LABORALES DE EUSKADI","G48156996","DESESTIMADA","Baliabide ekonomikoeza prozeduran (art. 7, párrafo 2, apartado b) / Falta de crédito presupuestario en el procedimiento (art. 7, párrafo 2, apartado b)",59,"NO"]
[null,null,null," ",17481954,"ADGD0208 - GESTIÓN INTEGRADA DE RECURSOS HUMANOS",18,480,3,6,2,4,9,1,2,8,3,5,3,8,1,1,1,0,6,59,0,"000005 - AGRUPACION DE SOCIEDADES LABORALES DE EUSKADI","G48156996","DESESTIMADA","Baliabide ekonomikoeza prozeduran (art. 7, párrafo 2, apartado b) / Falta de crédito presupuestario en el procedimiento (art. 7, párrafo 2, apartado b)",59,"NO"]
[null,null,null," ",17480757,"ADGD0210 - CREACIÓN Y GESTIÓN DE MICROEMPRESAS",15,480,3,6,2,4,8,1,2,8,7,5,3,6,1,0,0,0,6,59,0,"000084 - CENTRO INFORMATICO Y GESTION MEATZE, S. L.","B48875306","DESESTIMADA","Baliabide ekonomikoeza prozeduran (art. 7, párrafo 2, apartado b) / Falta de crédito presupuestario en el procedimiento (art. 7, párrafo 2, apartado b)",59,"NO"]
[null,null,null," ",17482814,"ADGD0108 - GESTIÓN CONTABLE Y GESTIÓN ADMINISTRATIVA PARA AUDITORÍA",20,550,3,6,2,4,9,1,2,9,5,2,3,6,1,1,1,0,7,58,0,"000160 - SARRIKO BUSINESS SCHOOL","B48488472","DESESTIMADA","Baliabide ekonomikoeza prozeduran (art. 7, párrafo 2, apartado b) / Falta de crédito presupuestario en el procedimiento (art. 7, párrafo 2, apartado b)",58,"NO"]
[null,null,null," ",17482818,"ADGD0108 - GESTIÓN CONTABLE Y GESTIÓN ADMINISTRATIVA PARA AUDITORÍA",20,360,3,6,2,4,9,1,2,9,5,2,3,6,1,1,1,0,7,58,0,"000160 - SARRIKO BUSINESS SCHOOL","B48488472","DESESTIMADA","Baliabide ekonomikoeza prozeduran (art. 7, párrafo 2, apartado b) / Falta de crédito presupuestario en el procedimiento (art. 7, párrafo 2, apartado b)",58,"NO"]
[null,null,null," ",17480605,"ADGD0108 - GESTIÓN CONTABLE Y GESTIÓN ADMINISTRATIVA PARA AUDITORÍA",20,550,3,6,2,4,9,1,2,9,5,2,3,6,1,1,1,0,7,58,0,"000160 - SARRIKO BUSINESS SCHOOL","B48488472","DESESTIMADA","Baliabide ekonomikoeza prozeduran (art. 7, párrafo 2, apartado b) / Falta de crédito presupuestario en el procedimiento (art. 7, párrafo 2, apartado b)",58,"NO"]
[null,null,null," ",17482819,"ADGD0108 - GESTIÓN CONTABLE Y GESTIÓN ADMINISTRATIVA PARA AUDITORÍA",20,190,3,6,2,4,9,1,2,9,5,2,3,6,1,1,1,0,7,58,0,"000160 - SARRIKO BUSINESS SCHOOL","B48488472","DESESTIMADA","Baliabide ekonomikoeza prozeduran (art. 7, párrafo 2, apartado b) / Falta de crédito presupuestario en el procedimiento (art. 7, párrafo 2, apartado b)",58,"NO"]
[null,null,null," ",17481545,"ADGD0208 - GESTIÓN INTEGRADA DE RECURSOS HUMANOS",15,670,3,6,2,4,9,3,2,5,6,5,3,6,1,0,0,0,6,58,0,"000219 - KONECTIA SERVICIOS INTEGRALES","B95453874","DESESTIMADA","Baliabide ekonomikoeza prozeduran (art. 7, párrafo 2, apartado b) / Falta de crédito presupuestario en el procedimiento (art. 7, párrafo 2, apartado b)",58,"NO"]
[null,null,null," ",17480115,"ADGD0108 - GESTIÓN CONTABLE Y GESTIÓN ADMINISTRATIVA PARA AUDITORÍA",17,240,3,6,2,4,9,1,2,7,5,4,3,6,1,1,1,0,6,57,0,"000009 - CENTRO SAN LUIS","B48153555","DESESTIMADA","Baliabide ekonomikoeza prozeduran (art. 7, párrafo 2, apartado b) / Falta de crédito presupuestario en el procedimiento (art. 7, párrafo 2, apartado b)",57,"NO"]
[null,null,null," ",17480725,"ADGG0308 - ASISTENCIA DOCUMENTAL Y DE GESTIÓN EN DESPACHOS Y OFICINAS",15,670,3,6,2,4,9,1,2,8,5,3,3,8,0,1,1,0,5,57,0,"000094 - JURITECNIA S.L.","B48437842","DESESTIMADA","Baliabide ekonomikoeza prozeduran (art. 7, párrafo 2, apartado b) / Falta de crédito presupuestario en el procedimiento (art. 7, párrafo 2, apartado b)",57,"NO"]
[null,null,null," ",17480760,"ADGG0108 - ASISTENCIA A LA DIRECCIÓN",15,530,3,6,2,4,7,1,2,8,7,5,3,6,1,0,0,0,5,57,0,"000084 - CENTRO INFORMATICO Y GESTION MEATZE, S. L.","B48875306","DESESTIMADA","Baliabide ekonomikoeza prozeduran (art. 7, párrafo 2, apartado b) / Falta de crédito presupuestario en el procedimiento (art. 7, párrafo 2, apartado b)",57,"NO"]
[null,null,null," ",17482138,"ADGD0208 - GESTIÓN INTEGRADA DE RECURSOS HUMANOS",17,210,3,6,2,4,9,1,2,6,6,4,3,6,0,0,0,0,7,56,0,"000103 - C2B-CAMPUS TO BUSINESS","B48756498","DESESTIMADA","Baliabide ekonomikoeza prozeduran (art. 7, párrafo 2, apartado b) / Falta de crédito presupuestario en el procedimiento (art. 7, párrafo 2, apartado b)",56,"NO"]
[null,null,null," ",17481729,"ADGD0208 - GESTIÓN INTEGRADA DE RECURSOS HUMANOS",17,120,3,6,2,4,9,1,2,6,6,4,3,6,0,0,0,0,7,56,0,"000103 - C2B-CAMPUS TO BUSINESS","B48756498","DESESTIMADA","Baliabide ekonomikoeza prozeduran (art. 7, párrafo 2, apartado b) / Falta de crédito presupuestario en el procedimiento (art. 7, párrafo 2, apartado b)",56,"NO"]
[null,null,null," ",17481720,"ADGD0208 - GESTIÓN INTEGRADA DE RECURSOS HUMANOS",17,210,3,6,2,4,9,1,2,6,6,4,3,6,0,0,0,0,7,56,0,"000103 - C2B-CAMPUS TO BUSINESS","B48756498","DESESTIMADA","Baliabide ekonomikoeza prozeduran (art. 7, párrafo 2, apartado b) / Falta de crédito presupuestario en el procedimiento (art. 7, párrafo 2, apartado b)",56,"NO"]
[null,null,null," ",17482043,"ADGD0208 - GESTIÓN INTEGRADA DE RECURSOS HUMANOS",17,210,3,6,2,4,9,1,2,6,6,4,3,6,0,0,0,0,7,56,0,"000103 - C2B-CAMPUS TO BUSINESS","B48756498","DESESTIMADA","Baliabide ekonomikoeza prozeduran (art. 7, párrafo 2, apartado b) / Falta de crédito presupuestario en el procedimiento (art. 7, párrafo 2, apartado b)",56,"NO"]
[null,null,null," ",17482139,"ADGD0208 - GESTIÓN INTEGRADA DE RECURSOS HUMANOS",17,150,3,6,2,4,9,1,2,6,6,4,3,6,0,0,0,0,7,56,0,"000103 - C2B-CAMPUS TO BUSINESS","B48756498","DESESTIMADA","Baliabide ekonomikoeza prozeduran (art. 7, párrafo 2, apartado b) / Falta de crédito presupuestario en el procedimiento (art. 7, párrafo 2, apartado b)",56,"NO"]
[null,null,null," ",17481723,"ADGD0208 - GESTIÓN INTEGRADA DE RECURSOS HUMANOS",17,150,3,6,2,4,9,1,2,6,6,4,3,6,0,0,0,0,7,56,0,"000103 - C2B-CAMPUS TO BUSINESS","B48756498","DESESTIMADA","Baliabide ekonomikoeza prozeduran (art. 7, párrafo 2, apartado b) / Falta de crédito presupuestario en el procedimiento (art. 7, párrafo 2, apartado b)",56,"NO"]
[null,null,null," ",17481731,"ADGD0208 - GESTIÓN INTEGRADA DE RECURSOS HUMANOS",17,190,3,6,2,4,9,1,2,6,6,4,3,6,0,0,0,0,7,56,0,"000103 - C2B-CAMPUS TO BUSINESS","B48756498","DESESTIMADA","Baliabide ekonomikoeza prozeduran (art. 7, párrafo 2, apartado b) / Falta de crédito presupuestario en el procedimiento (art. 7, párrafo 2, apartado b)",56,"NO"]
[null,null,null," ",17482053,"ADGD0208 - GESTIÓN INTEGRADA DE RECURSOS HUMANOS",17,150,3,6,2,4,9,1,2,6,6,4,3,6,0,0,0,0,7,56,0,"000103 - C2B-CAMPUS TO BUSINESS","B48756498","DESESTIMADA","Baliabide ekonomikoeza prozeduran (art. 7, párrafo 2, apartado b) / Falta de crédito presupuestario en el procedimiento (art. 7, párrafo 2, apartado b)",56,"NO"]
[null,null,null," ",17480612,"ADGD0208 - GESTIÓN INTEGRADA DE RECURSOS HUMANOS",17,670,3,6,2,4,9,1,2,9,5,2,3,6,1,1,1,0,5,56,0,"000160 - SARRIKO BUSINESS SCHOOL","B48488472","DESESTIMADA","Baliabide ekonomikoeza prozeduran (art. 7, párrafo 2, apartado b) / Falta de crédito presupuestario en el procedimiento (art. 7, párrafo 2, apartado b)",56,"NO"]
[null,null,null," ",17480113,"ADGD0208 - GESTIÓN INTEGRADA DE RECURSOS HUMANOS",17,210,3,6,2,4,9,1,2,7,5,4,3,6,1,1,1,0,5,56,0,"000009 - CENTRO SAN LUIS","B48153555","DESESTIMADA","Baliabide ekonomikoeza prozeduran (art. 7, párrafo 2, apartado b) / Falta de crédito presupuestario en el procedimiento (art. 7, párrafo 2, apartado b)",56,"NO"]
[null,null,null," ",17481360,"ADGD0108 - GESTIÓN CONTABLE Y GESTIÓN ADMINISTRATIVA PARA AUDITORÍA",15,550,3,6,2,4,9,1,2,5,5,4,3,8,1,1,1,0,5,56,0,"000069 - IFAP-BILBAO","B48746606","DESESTIMADA","Baliabide ekonomikoeza prozeduran (art. 7, párrafo 2, apartado b) / Falta de crédito presupuestario en el procedimiento (art. 7, párrafo 2, apartado b)",56,"NO"]
[null,null,null," ",17481362,"ADGD0208 - GESTIÓN INTEGRADA DE RECURSOS HUMANOS",15,670,3,6,2,4,9,1,2,5,5,4,3,8,1,1,1,0,5,56,0,"000069 - IFAP-BILBAO","B48746606","DESESTIMADA","Baliabide ekonomikoeza prozeduran (art. 7, párrafo 2, apartado b) / Falta de crédito presupuestario en el procedimiento (art. 7, párrafo 2, apartado b)",56,"NO"]
[null,null,null," ",17480751,"ADGN0108 - FINANCIACIÓN DE EMPRESAS",17,190,3,6,2,4,6,1,2,8,7,5,3,6,1,0,0,0,5,56,0,"000084 - CENTRO INFORMATICO Y GESTION MEATZE, S. L.","B48875306","DESESTIMADA","Baliabide ekonomikoeza prozeduran (art. 7, párrafo 2, apartado b) / Falta de crédito presupuestario en el procedimiento (art. 7, párrafo 2, apartado b)",{"$f":"SUM(J414,K414,L414,M414,N414,O414,P414,Q414,R414,S414,T414,U414,W414,X414,Y414)","v":56},{"$f":"IF(Z414 <> AF414,\"SI\",\"NO\")","v":"NO"}]
[null,null,null," ",17481715,"ADGD0108 - GESTIÓN CONTABLE Y GESTIÓN ADMINISTRATIVA PARA AUDITORÍA",17,360,3,6,2,4,9,1,2,6,6,4,3,6,0,0,0,0,6,55,0,"000103 - C2B-CAMPUS TO BUSINESS","B48756498","DESESTIMADA","Baliabide ekonomikoeza prozeduran (art. 7, párrafo 2, apartado b) / Falta de crédito presupuestario en el procedimiento (art. 7, párrafo 2, apartado b)",55,"NO"]
[null,null,null," ",17482039,"ADGD0108 - GESTIÓN CONTABLE Y GESTIÓN ADMINISTRATIVA PARA AUDITORÍA",17,360,3,6,2,4,9,1,2,6,6,4,3,6,0,0,0,0,6,55,0,"000103 - C2B-CAMPUS TO BUSINESS","B48756498","DESESTIMADA","Baliabide ekonomikoeza prozeduran (art. 7, párrafo 2, apartado b) / Falta de crédito presupuestario en el procedimiento (art. 7, párrafo 2, apartado b)",55,"NO"]
[null,null,null," ",17482140,"ADGD0108 - GESTIÓN CONTABLE Y GESTIÓN ADMINISTRATIVA PARA AUDITORÍA",17,360,3,6,2,4,9,1,2,6,6,4,3,6,0,0,0,0,6,55,0,"000103 - C2B-CAMPUS TO BUSINESS","B48756498","DESESTIMADA","Baliabide ekonomikoeza prozeduran (art. 7, párrafo 2, apartado b) / Falta de crédito presupuestario en el procedimiento (art. 7, párrafo 2, apartado b)",55,"NO"]
[null,null,null," ",17481335,"ADGG0108 - ASISTENCIA A LA DIRECCIÓN",15,190,3,6,2,4,7,1,2,6,5,5,3,6,1,1,1,0,5,54,0,"000021 - CENTRO DE ESTUDIOS ALMI","A28814531","DESESTIMADA","Baliabide ekonomikoeza prozeduran (art. 7, párrafo 2, apartado b) / Falta de crédito presupuestario en el procedimiento (art. 7, párrafo 2, apartado b)",54,"NO"]
[null,null,null," ",17480387,"ADGD0108 - GESTIÓN CONTABLE Y GESTIÓN ADMINISTRATIVA PARA AUDITORÍA",20,550,3,6,2,4,9,1,2,9,3,2,3,5,0,1,1,0,6,53,0,"000153 - CENTRO DE ESTUDIOS MIKELDI","B48133946","DESESTIMADA","Baliabide ekonomikoeza prozeduran (art. 7, párrafo 2, apartado b) / Falta de crédito presupuestario en el procedimiento (art. 7, párrafo 2, apartado b)",53,"NO"]
[null,null,null," ",17480076,"ADGD06EXP - IMPLANTACIÓN DEL SISTEMA LEAN EN UN PROCESO DE FABRICACIÓN",15,400,3,6,2,3,6,1,2,6,6,4,3,8,0,1,1,0,5,53,0,"000039 - LEA ARTIBAI IKASTETXEA","F48086243","DESESTIMADA","Baliabide ekonomikoeza prozeduran (art. 7, párrafo 2, apartado b) / Falta de crédito presupuestario en el procedimiento (art. 7, párrafo 2, apartado b)",53,"NO"]
[null,null,null," ",17482034,"ADGD0108 - GESTIÓN CONTABLE Y GESTIÓN ADMINISTRATIVA PARA AUDITORÍA",15,360,3,6,2,4,9,1,2,8,5,3,3,5,0,0,0,0,5,53,0,"000048 - C.F.P. ACADEMIA IBAIONDO","B48217442","DESESTIMADA","Baliabide ekonomikoeza prozeduran (art. 7, párrafo 2, apartado b) / Falta de crédito presupuestario en el procedimiento (art. 7, párrafo 2, apartado b)",53,"NO"]
[null,null,null," ",17482036,"ADGD0208 - GESTIÓN INTEGRADA DE RECURSOS HUMANOS",15,210,3,6,2,4,9,1,2,8,5,3,3,5,0,0,0,0,5,53,0,"000048 - C.F.P. ACADEMIA IBAIONDO","B48217442","DESESTIMADA","Baliabide ekonomikoeza prozeduran (art. 7, párrafo 2, apartado b) / Falta de crédito presupuestario en el procedimiento (art. 7, párrafo 2, apartado b)",53,"NO"]
[null,null,null," ",17480409,"ADGD0208 - GESTIÓN INTEGRADA DE RECURSOS HUMANOS",15,670,3,6,2,4,9,1,2,5,5,5,3,5,1,0,0,0,5,53,0,"000162 - CENTRO DE CUALIFICACION Y EMPLEO","A95119848","DESESTIMADA","Baliabide ekonomikoeza prozeduran (art. 7, párrafo 2, apartado b) / Falta de crédito presupuestario en el procedimiento (art. 7, párrafo 2, apartado b)",53,"NO"]
[null,null,null," ",17480078,"ADGD08EXP - SERVICIOS \"LEAN\"",15,215,3,6,2,1,6,1,2,6,6,4,3,8,0,1,1,0,5,51,0,"000039 - LEA ARTIBAI IKASTETXEA","F48086243","DESESTIMADA","Baliabide ekonomikoeza prozeduran (art. 7, párrafo 2, apartado b) / Falta de crédito presupuestario en el procedimiento (art. 7, párrafo 2, apartado b)",51,"NO"]
[null,null,null," ",17480341,"ADGD0208 - GESTIÓN INTEGRADA DE RECURSOS HUMANOS",15,670,3,6,2,4,9,1,2,8,3,3,3,4,0,0,0,0,5,50,0,"000218 - ALFA FORMACIÓN Y CONSULTORÍA","B95738241","DESESTIMADA","Baliabide ekonomikoeza prozeduran (art. 7, párrafo 2, apartado b) / Falta de crédito presupuestario en el procedimiento (art. 7, párrafo 2, apartado b)",50,"NO"]
[null,null,null," ",17481823,"ADGD0108 - GESTIÓN CONTABLE Y GESTIÓN ADMINISTRATIVA PARA AUDITORÍA",18,550,3,6,2,4,9,1,2,7,3,2,3,6,0,0,0,0,5,50,0,"000016 - UP FORMACION","B48512941","DESESTIMADA","Baliabide ekonomikoeza prozeduran (art. 7, párrafo 2, apartado b) / Falta de crédito presupuestario en el procedimiento (art. 7, párrafo 2, apartado b)",50,"NO"]
[null,null,null," ",17481824,"ADGD0208 - GESTIÓN INTEGRADA DE RECURSOS HUMANOS",18,670,3,6,2,4,9,1,2,7,3,2,3,6,0,0,0,0,5,50,0,"000016 - UP FORMACION","B48512941","DESESTIMADA","Baliabide ekonomikoeza prozeduran (art. 7, párrafo 2, apartado b) / Falta de crédito presupuestario en el procedimiento (art. 7, párrafo 2, apartado b)",50,"NO"]
[null,null,null," ",17482081,"ADGD0108 - GESTIÓN CONTABLE Y GESTIÓN ADMINISTRATIVA PARA AUDITORÍA",15,240,3,6,2,4,9,1,2,5,5,3,3,5,0,0,0,0,5,50,0,"000024 - SDAD. COOP. DE ENSEÑANZA ZABALBURU","F48119309","DESESTIMADA","Baliabide ekonomikoeza prozeduran (art. 7, párrafo 2, apartado b) / Falta de crédito presupuestario en el procedimiento (art. 7, párrafo 2, apartado b)",50,"NO"]
[null,null,null," ",17481689,"ADGD0108 - GESTIÓN CONTABLE Y GESTIÓN ADMINISTRATIVA PARA AUDITORÍA",15,550,3,6,2,4,9,1,2,5,5,3,3,5,0,0,0,0,5,50,0,"000024 - SDAD. COOP. DE ENSEÑANZA ZABALBURU","F48119309","DESESTIMADA","Baliabide ekonomikoeza prozeduran (art. 7, párrafo 2, apartado b) / Falta de crédito presupuestario en el procedimiento (art. 7, párrafo 2, apartado b)",50,"NO"]
[null,null,null," ",17482078,"ADGD0208 - GESTIÓN INTEGRADA DE RECURSOS HUMANOS",15,210,3,6,2,4,9,1,2,5,5,3,3,5,0,0,0,0,5,50,0,"000024 - SDAD. COOP. DE ENSEÑANZA ZABALBURU","F48119309","DESESTIMADA","Baliabide ekonomikoeza prozeduran (art. 7, párrafo 2, apartado b) / Falta de crédito presupuestario en el procedimiento (art. 7, párrafo 2, apartado b)",50,"NO"]
[null,null,null," ",17481695,"ADGD0208 - GESTIÓN INTEGRADA DE RECURSOS HUMANOS",15,670,3,6,2,4,9,1,2,5,5,3,3,5,0,0,0,0,5,50,0,"000024 - SDAD. COOP. DE ENSEÑANZA ZABALBURU","F48119309","DESESTIMADA","Baliabide ekonomikoeza prozeduran (art. 7, párrafo 2, apartado b) / Falta de crédito presupuestario en el procedimiento (art. 7, párrafo 2, apartado b)",50,"NO"]
[null,null,null," ",17482080,"ADGD0208 - GESTIÓN INTEGRADA DE RECURSOS HUMANOS",15,150,3,6,2,4,9,1,2,5,5,3,3,5,0,0,0,0,5,50,0,"000024 - SDAD. COOP. DE ENSEÑANZA ZABALBURU","F48119309","DESESTIMADA","Baliabide ekonomikoeza prozeduran (art. 7, párrafo 2, apartado b) / Falta de crédito presupuestario en el procedimiento (art. 7, párrafo 2, apartado b)",50,"NO"]
[null,null,null," ",17481236,"ADGD0108 - GESTIÓN CONTABLE Y GESTIÓN ADMINISTRATIVA PARA AUDITORÍA",15,550,3,6,2,4,9,1,2,5,3,3,3,5,0,1,1,0,5,49,0,"000186 - IPARTEK SERVICIOS INFORMÁTICOS, SOC.COOP.","F48681373","DESESTIMADA","Baliabide ekonomikoeza prozeduran (art. 7, párrafo 2, apartado b) / Falta de crédito presupuestario en el procedimiento (art. 7, párrafo 2, apartado b)",49,"NO"]
[null,null,null," ",17481237,"ADGD0208 - GESTIÓN INTEGRADA DE RECURSOS HUMANOS",15,670,3,6,2,4,9,1,2,5,3,3,3,5,0,1,1,0,5,49,0,"000186 - IPARTEK SERVICIOS INFORMÁTICOS, SOC.COOP.","F48681373","DESESTIMADA","Baliabide ekonomikoeza prozeduran (art. 7, párrafo 2, apartado b) / Falta de crédito presupuestario en el procedimiento (art. 7, párrafo 2, apartado b)",49,"NO"]
[null,null,null," ",17481245,"ADGG0308 - ASISTENCIA DOCUMENTAL Y DE GESTIÓN EN DESPACHOS Y OFICINAS",15,670,3,6,2,4,9,1,2,5,3,3,3,5,0,1,1,0,5,49,0,"000186 - IPARTEK SERVICIOS INFORMÁTICOS, SOC.COOP.","F48681373","DESESTIMADA","Baliabide ekonomikoeza prozeduran (art. 7, párrafo 2, apartado b) / Falta de crédito presupuestario en el procedimiento (art. 7, párrafo 2, apartado b)",49,"NO"]
[null,null,null," ",17481124,"ADGD0210 - CREACIÓN Y GESTIÓN DE MICROEMPRESAS",15,480,3,6,2,4,8,1,2,8,3,3,3,4,0,0,0,0,5,49,0,"000218 - ALFA FORMACIÓN Y CONSULTORÍA","B95738241","DESESTIMADA","Baliabide ekonomikoeza prozeduran (art. 7, párrafo 2, apartado b) / Falta de crédito presupuestario en el procedimiento (art. 7, párrafo 2, apartado b)",49,"NO"]
[null,null,null," ",17481826,"ADGD0210 - CREACIÓN Y GESTIÓN DE MICROEMPRESAS",18,480,3,6,2,4,8,1,2,7,3,2,3,6,0,0,0,0,5,49,0,"000016 - UP FORMACION","B48512941","DESESTIMADA","Baliabide ekonomikoeza prozeduran (art. 7, párrafo 2, apartado b) / Falta de crédito presupuestario en el procedimiento (art. 7, párrafo 2, apartado b)",49,"NO"]
[null,null,null," ",17481153,"ADGD0108 - GESTIÓN CONTABLE Y GESTIÓN ADMINISTRATIVA PARA AUDITORÍA",16,550,3,6,2,4,9,1,2,5,5,3,3,4,0,0,0,0,5,49,0,"000035 - INUTEC DISEÑO,S.L.","B95108080","DESESTIMADA","Baliabide ekonomikoeza prozeduran (art. 7, párrafo 2, apartado b) / Falta de crédito presupuestario en el procedimiento (art. 7, párrafo 2, apartado b)",49,"NO"]
[null,null,null," ",17481155,"ADGG0308 - ASISTENCIA DOCUMENTAL Y DE GESTIÓN EN DESPACHOS Y OFICINAS",16,670,3,6,2,4,9,1,2,5,5,3,3,4,0,0,0,0,5,49,0,"000035 - INUTEC DISEÑO,S.L.","B95108080","DESESTIMADA","Baliabide ekonomikoeza prozeduran (art. 7, párrafo 2, apartado b) / Falta de crédito presupuestario en el procedimiento (art. 7, párrafo 2, apartado b)",49,"NO"]
[null,null,null," ",17480166,"ADGD01 - TÉCNICAS DE CALIDAD Y MEJORA CONTINUA EN LA EXCELENCIA EMPRESARIAL",15,425,3,6,2,1,3,1,2,6,6,4,3,8,0,1,1,0,5,48,0,"000039 - LEA ARTIBAI IKASTETXEA","F48086243","DESESTIMADA","Baliabide ekonomikoeza prozeduran (art. 7, párrafo 2, apartado b) / Falta de crédito presupuestario en el procedimiento (art. 7, párrafo 2, apartado b)",48,"NO"]
[null,null,null," ",17481238,"ADGD0210 - CREACIÓN Y GESTIÓN DE MICROEMPRESAS",15,480,3,6,2,4,8,1,2,5,3,3,3,5,0,1,1,0,5,48,0,"000186 - IPARTEK SERVICIOS INFORMÁTICOS, SOC.COOP.","F48681373","DESESTIMADA","Baliabide ekonomikoeza prozeduran (art. 7, párrafo 2, apartado b) / Falta de crédito presupuestario en el procedimiento (art. 7, párrafo 2, apartado b)",48,"NO"]
[null,null,null," ",17481111,"ADGG0108 - ASISTENCIA A LA DIRECCIÓN",15,530,3,6,2,4,7,1,2,8,3,3,3,4,0,0,0,0,5,48,0,"000218 - ALFA FORMACIÓN Y CONSULTORÍA","B95738241","DESESTIMADA","Baliabide ekonomikoeza prozeduran (art. 7, párrafo 2, apartado b) / Falta de crédito presupuestario en el procedimiento (art. 7, párrafo 2, apartado b)",48,"NO"]
[null,null,null," ",17481828,"ADGG0108 - ASISTENCIA A LA DIRECCIÓN",18,530,3,6,2,4,7,1,2,7,3,2,3,6,0,0,0,0,5,48,0,"000016 - UP FORMACION","B48512941","DESESTIMADA","Baliabide ekonomikoeza prozeduran (art. 7, párrafo 2, apartado b) / Falta de crédito presupuestario en el procedimiento (art. 7, párrafo 2, apartado b)",48,"NO"]
[null,null,null," ",17481817,"ADGD0108 - GESTIÓN CONTABLE Y GESTIÓN ADMINISTRATIVA PARA AUDITORÍA",15,550,3,6,2,4,9,1,2,5,6,1,3,4,0,0,0,0,5,48,0,"000019 - CEINMARK","B39381652","DESESTIMADA","Baliabide ekonomikoeza prozeduran (art. 7, párrafo 2, apartado b) / Falta de crédito presupuestario en el procedimiento (art. 7, párrafo 2, apartado b)",48,"NO"]
[null,null,null," ",17481827,"ADGD0208 - GESTIÓN INTEGRADA DE RECURSOS HUMANOS",15,670,3,6,2,4,9,1,2,5,6,1,3,4,0,0,0,0,5,48,0,"000019 - CEINMARK","B39381652","DESESTIMADA","Baliabide ekonomikoeza prozeduran (art. 7, párrafo 2, apartado b) / Falta de crédito presupuestario en el procedimiento (art. 7, párrafo 2, apartado b)",48,"NO"]
[null,null,null," ",17481135,"ADGD0210 - CREACIÓN Y GESTIÓN DE MICROEMPRESAS",16,480,3,6,2,4,8,1,2,5,5,3,3,4,0,0,0,0,5,48,0,"000035 - INUTEC DISEÑO,S.L.","B95108080","DESESTIMADA","Baliabide ekonomikoeza prozeduran (art. 7, párrafo 2, apartado b) / Falta de crédito presupuestario en el procedimiento (art. 7, párrafo 2, apartado b)",48,"NO"]
[null,null,null," ",17480575,"ADGG0108 - ASISTENCIA A LA DIRECCIÓN",15,110,3,6,2,4,7,1,2,5,6,2,3,5,0,0,0,0,5,48,0,"000087 - GAILUR CENTRO DE ESTUDIOS","B95537171","DESESTIMADA","Baliabide ekonomikoeza prozeduran (art. 7, párrafo 2, apartado b) / Falta de crédito presupuestario en el procedimiento (art. 7, párrafo 2, apartado b)",48,"NO"]
[null,null,null," ",17481241,"ADGG0108 - ASISTENCIA A LA DIRECCIÓN",15,530,3,6,2,4,7,1,2,5,3,3,3,5,0,1,1,0,5,47,0,"000186 - IPARTEK SERVICIOS INFORMÁTICOS, SOC.COOP.","F48681373","DESESTIMADA","Baliabide ekonomikoeza prozeduran (art. 7, párrafo 2, apartado b) / Falta de crédito presupuestario en el procedimiento (art. 7, párrafo 2, apartado b)",47,"NO"]
[null,null,null," ",17481815,"ADGD0210 - CREACIÓN Y GESTIÓN DE MICROEMPRESAS",15,480,3,6,2,4,8,1,2,5,6,1,3,4,0,0,0,0,5,47,0,"000019 - CEINMARK","B39381652","DESESTIMADA","Baliabide ekonomikoeza prozeduran (art. 7, párrafo 2, apartado b) / Falta de crédito presupuestario en el procedimiento (art. 7, párrafo 2, apartado b)",47,"NO"]
[null,null,null," ",17482084,"ADGN0108 - FINANCIACIÓN DE EMPRESAS",15,120,3,6,2,4,6,1,2,5,5,3,3,5,0,0,0,0,5,47,0,"000024 - SDAD. COOP. DE ENSEÑANZA ZABALBURU","F48119309","DESESTIMADA","Baliabide ekonomikoeza prozeduran (art. 7, párrafo 2, apartado b) / Falta de crédito presupuestario en el procedimiento (art. 7, párrafo 2, apartado b)",47,"NO"]
[null,null,null," ",17481697,"ADGN0108 - FINANCIACIÓN DE EMPRESAS",15,550,3,6,2,4,6,1,2,5,5,3,3,5,0,0,0,0,5,47,0,"000024 - SDAD. COOP. DE ENSEÑANZA ZABALBURU","F48119309","DESESTIMADA","Baliabide ekonomikoeza prozeduran (art. 7, párrafo 2, apartado b) / Falta de crédito presupuestario en el procedimiento (art. 7, párrafo 2, apartado b)",47,"NO"]
[null,null,null," ",17482085,"ADGN0108 - FINANCIACIÓN DE EMPRESAS",15,140,3,6,2,4,6,1,2,5,5,3,3,5,0,0,0,0,5,47,0,"000024 - SDAD. COOP. DE ENSEÑANZA ZABALBURU","F48119309","DESESTIMADA","Baliabide ekonomikoeza prozeduran (art. 7, párrafo 2, apartado b) / Falta de crédito presupuestario en el procedimiento (art. 7, párrafo 2, apartado b)",47,"NO"]
[null,null,null," ",17481246,"ADGN0108 - FINANCIACIÓN DE EMPRESAS",15,550,3,6,2,4,6,1,2,5,3,3,3,5,0,1,1,0,5,46,0,"000186 - IPARTEK SERVICIOS INFORMÁTICOS, SOC.COOP.","F48681373","DESESTIMADA","Baliabide ekonomikoeza prozeduran (art. 7, párrafo 2, apartado b) / Falta de crédito presupuestario en el procedimiento (art. 7, párrafo 2, apartado b)",46,"NO"]
[null,null,null," ",17480941,"ADGD0208 - GESTIÓN INTEGRADA DE RECURSOS HUMANOS",15,210,3,6,2,4,9,1,2,5,3,3,0,6,0,0,0,0,5,46,0,"000301 - CPES IKASAUTO BHIP","B95096244","DESESTIMADA","Baliabide ekonomikoeza prozeduran (art. 7, párrafo 2, apartado b) / Falta de crédito presupuestario en el procedimiento (art. 7, párrafo 2, apartado b)",46,"NO"]
[null,null,null," ",17481154,"ADGD01 - TÉCNICAS DE CALIDAD Y MEJORA CONTINUA EN LA EXCELENCIA EMPRESARIAL",17,425,3,6,2,1,3,1,2,5,7,4,3,6,1,0,0,0,5,46,0,"000414 - FUNDACION EDE/EDE FUNDAZIOA KASTREXANA","G95748356","DESESTIMADA","Baliabide ekonomikoeza prozeduran (art. 7, párrafo 2, apartado b) / Falta de crédito presupuestario en el procedimiento (art. 7, párrafo 2, apartado b)",46,"NO"]
[null,null,null," ",17481637,"ADGD0108 - GESTIÓN CONTABLE Y GESTIÓN ADMINISTRATIVA PARA AUDITORÍA",10,550,3,6,2,4,9,1,2,2,6,1,0,4,0,0,0,0,6,43,0,"000302 - NIVELGLOBAL SL","B95174058","DESESTIMADA","Baliabide ekonomikoeza prozeduran (art. 7, párrafo 2, apartado b) / Falta de crédito presupuestario en el procedimiento (art. 7, párrafo 2, apartado b)",43,"NO"]
[null,null,null," ",17481060,"ADGD0208 - GESTIÓN INTEGRADA DE RECURSOS HUMANOS",10,670,3,6,2,4,9,1,2,2,6,1,0,4,0,0,0,0,5,42,0,"000302 - NIVELGLOBAL SL","B95174058","DESESTIMADA","Baliabide ekonomikoeza prozeduran (art. 7, párrafo 2, apartado b) / Falta de crédito presupuestario en el procedimiento (art. 7, párrafo 2, apartado b)",42,"NO"]
[null,null,null," ",17482306,"ADGN0108 - FINANCIACIÓN DE EMPRESAS",15,550,3,6,2,4,6,1,2,5,0,4,0,4,1,1,1,0,5,41,0,"000122 - GESTION 10 GESTION   FORMACION","B48897664","DESESTIMADA","Baliabide ekonomikoeza prozeduran (art. 7, párrafo 2, apartado b) / Falta de crédito presupuestario en el procedimiento (art. 7, párrafo 2, apartado b)",41,"NO"]
[null,null,null," ",17480509,"ADGD0208 - GESTIÓN INTEGRADA DE RECURSOS HUMANOS",15,670,3,6,2,4,9,1,2,5,3,2,0,0,0,0,0,0,5,39,0,"002668 - AGA FORMACION","B95587838","DESESTIMADA","Baliabide ekonomikoeza prozeduran (art. 7, párrafo 2, apartado b) / Falta de crédito presupuestario en el procedimiento (art. 7, párrafo 2, apartado b)",39,"NO"]
[null,null,null," ",17481019,"ADGD0208 - GESTIÓN INTEGRADA DE RECURSOS HUMANOS",15,670,3,6,2,4,9,1,2,5,0,2,3,0,0,0,0,0,5,39,0,"001365 - ASOCIACIÓN PROVINCIAL DE FABRICANTES Y EXP. DE PA","G48112650","DESESTIMADA","Baliabide ekonomikoeza prozeduran (art. 7, párrafo 2, apartado b) / Falta de crédito presupuestario en el procedimiento (art. 7, párrafo 2, apartado b)",39,"NO"]
[null,null,null," ",17480709,"ADGD0208 - GESTIÓN INTEGRADA DE RECURSOS HUMANOS",15,400,3,6,2,4,9,1,2,5,3,2,0,0,0,0,0,0,5,39,0,"000418 - COLEGIO OFICIAL DE AGENTES COMERCIALES DE BIZKAIA","Q4873004H","DESESTIMADA","Baliabide ekonomikoeza prozeduran (art. 7, párrafo 2, apartado b) / Falta de crédito presupuestario en el procedimiento (art. 7, párrafo 2, apartado b)",39,"NO"]
[null,null,null," ",17480444,"ADGD0208 - GESTIÓN INTEGRADA DE RECURSOS HUMANOS",15,670,3,6,2,4,9,1,2,5,3,1,0,0,0,0,0,0,5,38,0,"002606 - CENTRO OSCUS - DOLORES SOPEÑA","G83915934","DESESTIMADA","Baliabide ekonomikoeza prozeduran (art. 7, párrafo 2, apartado b) / Falta de crédito presupuestario en el procedimiento (art. 7, párrafo 2, apartado b)",38,"NO"]
[null,null,null," ",17480453,"ADGG0308 - ASISTENCIA DOCUMENTAL Y DE GESTIÓN EN DESPACHOS Y OFICINAS",15,670,3,6,2,4,9,1,2,5,3,1,0,0,0,0,0,0,5,38,0,"002606 - CENTRO OSCUS - DOLORES SOPEÑA","G83915934","DESESTIMADA","Baliabide ekonomikoeza prozeduran (art. 7, párrafo 2, apartado b) / Falta de crédito presupuestario en el procedimiento (art. 7, párrafo 2, apartado b)",38,"NO"]
[null,null,null," ",17480440,"ADGD0210 - CREACIÓN Y GESTIÓN DE MICROEMPRESAS",15,480,3,6,2,4,8,1,2,5,3,1,0,0,0,0,0,0,5,37,0,"002606 - CENTRO OSCUS - DOLORES SOPEÑA","G83915934","DESESTIMADA","Baliabide ekonomikoeza prozeduran (art. 7, párrafo 2, apartado b) / Falta de crédito presupuestario en el procedimiento (art. 7, párrafo 2, apartado b)",37,"NO"]
[null,null,null," ",17481885,"ADGN0108 - FINANCIACIÓN DE EMPRESAS",15,550,3,6,2,4,6,1,2,5,3,1,0,0,0,0,0,0,5,35,0,"002606 - CENTRO OSCUS - DOLORES SOPEÑA","G83915934","DESESTIMADA","Baliabide ekonomikoeza prozeduran (art. 7, párrafo 2, apartado b) / Falta de crédito presupuestario en el procedimiento (art. 7, párrafo 2, apartado b)",35,"NO"]
[null,null,null,"AFD",17482968,"AFDA0511 - OPERACIONES AUXILIARES EN LA ORGANIZACIÓN DE ACTIVIDADES Y FUNCIONAMIENTO DE INSTALACIONES DEPOR",15,180,1,2,3,4,5,1,2,6,4,4,3,5,1,0,0,0,5,45,0,"000242 - HARROBIA","F95164273","DESESTIMADA","Baliabide ekonomikoeza prozeduran (art. 7, párrafo 2, apartado b) / Falta de crédito presupuestario en el procedimiento (art. 7, párrafo 2, apartado b)",45,"NO"]
[null,null,null," ",17480384,"AFDP0109 - SOCORRISMO EN INSTALACIONES ACUÁTICAS",20,290,2,2,4,4,7,1,2,8,3,2,3,5,0,1,1,0,7,49,0,"000153 - CENTRO DE ESTUDIOS MIKELDI","B48133946","DESESTIMADA","Baliabide ekonomikoeza prozeduran (art. 7, párrafo 2, apartado b) / Falta de crédito presupuestario en el procedimiento (art. 7, párrafo 2, apartado b)",49,"NO"]
[null,null,null," ",17482009,"AFDP0209 - SOCORRISMO EN ESPACIOS ACUÁTICOS NATURALES",20,340,2,2,4,4,7,1,2,5,6,2,3,6,1,0,0,0,5,48,0,"000013 - CRUZ ROJA BIZKAIA","Q2866001G","DESESTIMADA","Baliabide ekonomikoeza prozeduran (art. 7, párrafo 2, apartado b) / Falta de crédito presupuestario en el procedimiento (art. 7, párrafo 2, apartado b)",48,"NO"]
[null,null,null," ",17480356,"AFDP0109 - SOCORRISMO EN INSTALACIONES ACUÁTICAS",15,40,2,2,4,4,7,1,2,8,3,0,0,4,0,0,0,0,7,42,0,"001571 - ASISTENCIA SOCIAL Y DEPORTIVA (ARGIBIDE)","B48938898","DESESTIMADA","Baliabide ekonomikoeza prozeduran (art. 7, párrafo 2, apartado b) / Falta de crédito presupuestario en el procedimiento (art. 7, párrafo 2, apartado b)",42,"NO"]
[null,null,null," ",17480304,"AFDP0109 - SOCORRISMO EN INSTALACIONES ACUÁTICAS",15,290,2,2,4,4,7,1,2,8,3,0,0,4,0,0,0,0,7,42,0,"001571 - ASISTENCIA SOCIAL Y DEPORTIVA (ARGIBIDE)","B48938898","DESESTIMADA","Baliabide ekonomikoeza prozeduran (art. 7, párrafo 2, apartado b) / Falta de crédito presupuestario en el procedimiento (art. 7, párrafo 2, apartado b)",42,"NO"]
[null,null,null," ",17482890,"AFDA0210 - ACONDICIONAMIENTO FÍSICO EN SALA DE ENTRENAMIENTO POLIVALENTE",15,470,3,2,2,4,6,1,2,9,6,5,3,6,1,0,0,0,5,52,0,"000219 - KONECTIA SERVICIOS INTEGRALES","B95453874","DESESTIMADA","Baliabide ekonomikoeza prozeduran (art. 7, párrafo 2, apartado b) / Falta de crédito presupuestario en el procedimiento (art. 7, párrafo 2, apartado b)",52,"NO"]
[null,null,null," ",17482891,"AFDP02EXP - ESTRATEGIAS DE INTERVENCIÓN ENN LA ACTIVIDAD FÍSICA PARA PATOLOGÍAS CRÓNICAS",15,150,3,2,2,3,5,1,2,9,6,5,3,6,1,0,0,0,5,50,0,"000219 - KONECTIA SERVICIOS INTEGRALES","B95453874","DESESTIMADA","Baliabide ekonomikoeza prozeduran (art. 7, párrafo 2, apartado b) / Falta de crédito presupuestario en el procedimiento (art. 7, párrafo 2, apartado b)",50,"NO"]
[null,null,null," ",17482857,"AFDA0110 - ACONDICIONAMIENTO FÍSICO EN GRUPO CON SOPORTE MUSICAL",15,300,3,2,2,4,8,3,2,6,4,4,3,5,1,0,0,0,5,49,0,"000242 - HARROBIA","F95164273","DESESTIMADA","Baliabide ekonomikoeza prozeduran (art. 7, párrafo 2, apartado b) / Falta de crédito presupuestario en el procedimiento (art. 7, párrafo 2, apartado b)",49,"NO"]
[null,null,null," ",17480420,"AFDA0110 - ACONDICIONAMIENTO FÍSICO EN GRUPO CON SOPORTE MUSICAL",15,470,3,2,2,4,8,1,2,6,4,4,3,5,1,0,0,0,5,47,0,"000242 - HARROBIA","F95164273","DESESTIMADA","Baliabide ekonomikoeza prozeduran (art. 7, párrafo 2, apartado b) / Falta de crédito presupuestario en el procedimiento (art. 7, párrafo 2, apartado b)",47,"NO"]
[null,null,null," ",17480383,"AFDA0210 - ACONDICIONAMIENTO FÍSICO EN SALA DE ENTRENAMIENTO POLIVALENTE",20,470,3,2,2,4,6,1,2,8,3,2,3,5,0,1,1,0,7,46,0,"000153 - CENTRO DE ESTUDIOS MIKELDI","B48133946","DESESTIMADA","Baliabide ekonomikoeza prozeduran (art. 7, párrafo 2, apartado b) / Falta de crédito presupuestario en el procedimiento (art. 7, párrafo 2, apartado b)",46,"NO"]
[null,null,null," ",17480421,"AFDP01EXP - HERRAMIENTAS DE REEDUCACIÓN POSTURAL EN LA ACTIVIDAD FÍSICA",15,150,3,2,2,3,5,3,2,6,4,4,3,5,1,0,0,0,5,45,0,"000242 - HARROBIA","F95164273","DESESTIMADA","Baliabide ekonomikoeza prozeduran (art. 7, párrafo 2, apartado b) / Falta de crédito presupuestario en el procedimiento (art. 7, párrafo 2, apartado b)",45,"NO"]
[null,null,null," ",17482878,"AFDP02EXP - ESTRATEGIAS DE INTERVENCIÓN ENN LA ACTIVIDAD FÍSICA PARA PATOLOGÍAS CRÓNICAS",15,150,3,2,2,3,5,1,2,5,1,2,3,4,1,0,0,0,5,36,0,"000244 - HEZI ETA IKASI","B48997175","DESESTIMADA","2017ko maiatzare 2a bainolehenago, akreditatuta edo inskribatuta ez zegoen erakunde baten bitartez eskatuta izatea (2.artikuloa,2. paragrafoa, b atala) / Ser solicitada por una entidad no acreditada o inscrita para la especialidad con anterioridad al 2 de mayo de 2017 (art.2, párrafo 1, apartado b)",36,"NO"]
[null,null,null," ",17480523,"AFDP01EXP - HERRAMIENTAS DE REEDUCACIÓN POSTURAL EN LA ACTIVIDAD FÍSICA",15,150,3,2,2,3,5,1,2,5,3,2,0,4,1,0,0,0,5,35,0,"000204 - UZTAIAK","B95821799","DESESTIMADA","Baliabide ekonomikoeza prozeduran (art. 7, párrafo 2, apartado b) / Falta de crédito presupuestario en el procedimiento (art. 7, párrafo 2, apartado b)",{"$f":"SUM(J478,K478,L478,M478,N478,O478,P478,Q478,R478,S478,T478,U478,W478,X478,Y478)","v":35},{"$f":"IF(Z478 <> AF478,\"SI\",\"NO\")","v":"NO"}]
[null,null,null," ",17480574,"AFDP01EXP - HERRAMIENTAS DE REEDUCACIÓN POSTURAL EN LA ACTIVIDAD FÍSICA",15,150,3,2,2,3,5,1,2,5,3,2,0,4,1,0,0,0,5,35,0,"000204 - UZTAIAK","B95821799","DESESTIMADA","Baliabide ekonomikoeza prozeduran (art. 7, párrafo 2, apartado b) / Falta de crédito presupuestario en el procedimiento (art. 7, párrafo 2, apartado b)",35,"NO"]
[null,null,null," ",17480576,"AFDP01EXP - HERRAMIENTAS DE REEDUCACIÓN POSTURAL EN LA ACTIVIDAD FÍSICA",15,150,3,2,2,3,5,1,2,5,3,2,0,4,1,0,0,0,5,35,0,"000204 - UZTAIAK","B95821799","DESESTIMADA","Baliabide ekonomikoeza prozeduran (art. 7, párrafo 2, apartado b) / Falta de crédito presupuestario en el procedimiento (art. 7, párrafo 2, apartado b)",35,"NO"]
[null,null,null," ",17480578,"AFDP02EXP - ESTRATEGIAS DE INTERVENCIÓN ENN LA ACTIVIDAD FÍSICA PARA PATOLOGÍAS CRÓNICAS",15,150,3,2,2,3,5,1,2,5,3,2,0,4,1,0,0,0,5,35,0,"000204 - UZTAIAK","B95821799","DESESTIMADA","Baliabide ekonomikoeza prozeduran (art. 7, párrafo 2, apartado b) / Falta de crédito presupuestario en el procedimiento (art. 7, párrafo 2, apartado b)",35,"NO"]
[null,null,null," ",17480579,"AFDP02EXP - ESTRATEGIAS DE INTERVENCIÓN ENN LA ACTIVIDAD FÍSICA PARA PATOLOGÍAS CRÓNICAS",15,150,3,2,2,3,5,1,2,5,3,2,0,4,1,0,0,0,5,35,0,"000204 - UZTAIAK","B95821799","DESESTIMADA","Baliabide ekonomikoeza prozeduran (art. 7, párrafo 2, apartado b) / Falta de crédito presupuestario en el procedimiento (art. 7, párrafo 2, apartado b)",35,"NO"]
[null,null,null," ",17480581,"AFDP02EXP - ESTRATEGIAS DE INTERVENCIÓN ENN LA ACTIVIDAD FÍSICA PARA PATOLOGÍAS CRÓNICAS",15,150,3,2,2,3,5,1,2,5,3,2,0,4,1,0,0,0,5,35,0,"000204 - UZTAIAK","B95821799","DESESTIMADA","Baliabide ekonomikoeza prozeduran (art. 7, párrafo 2, apartado b) / Falta de crédito presupuestario en el procedimiento (art. 7, párrafo 2, apartado b)",35,"NO"]
[null,null,null," ",17480586,"LIBR0001 - MONITOR DEPORTIVO AFDB40 (Especialidad pendiente de inclusión en el fichero)",15,300,null,1,0,1,0,1,2,5,3,2,0,4,1,0,0,0,5,25,0,"000204 - UZTAIAK","B95821799","DESESTIMADA","Baliabide ekonomikoeza prozeduran (art. 7, párrafo 2, apartado b) / Falta de crédito presupuestario en el procedimiento (art. 7, párrafo 2, apartado b)",25,"NO"]
[null,null,null," ",17480557,"LIBR0001 - NUEVAS TENDENCIAS (Especialidad pendiente de inclusión en el fichero)",15,138,null,1,0,1,0,1,2,5,3,2,0,4,1,0,0,0,5,25,0,"000204 - UZTAIAK","B95821799","DESESTIMADA","Baliabide ekonomikoeza prozeduran (art. 7, párrafo 2, apartado b) / Falta de crédito presupuestario en el procedimiento (art. 7, párrafo 2, apartado b)",25,"NO"]
[null,null,null,"AGA",17480188,"AGAJ0108 - ACTIVIDADES AUXILIARES EN FLORISTERÍA",15,310,1,1,3,4,8,1,2,5,3,2,3,4,0,0,0,0,5,41,0,"000194 - GREMIO PASTELERIA DE BIZKAIA","G48087340","DESESTIMADA","Baliabide ekonomikoeza prozeduran (art. 7, párrafo 2, apartado b) / Falta de crédito presupuestario en el procedimiento (art. 7, párrafo 2, apartado b)",41,"NO"]
[null,null,null,"ARG",17482896,"ARGG0110 - DISEÑO DE PRODUCTOS GRÁFICOS",15,560,3,2,2,4,6,1,2,5,6,5,3,6,1,0,0,0,5,48,0,"000219 - KONECTIA SERVICIOS INTEGRALES","B95453874","DESESTIMADA","Baliabide ekonomikoeza prozeduran (art. 7, párrafo 2, apartado b) / Falta de crédito presupuestario en el procedimiento (art. 7, párrafo 2, apartado b)",48,"NO"]
[null,null,null," ",17482846,"ARGG0110 - DISEÑO DE PRODUCTOS GRÁFICOS",16,560,3,2,2,4,6,1,2,8,5,3,3,4,0,0,0,0,7,47,0,"000035 - INUTEC DISEÑO,S.L.","B95108080","DESESTIMADA","Baliabide ekonomikoeza prozeduran (art. 7, párrafo 2, apartado b) / Falta de crédito presupuestario en el procedimiento (art. 7, párrafo 2, apartado b)",47,"NO"]
[null,null,null," ",17482897,"ARGN0110 - DESARROLLO DE PRODUCTOS EDITORIALES MULTIMEDIA",15,490,3,2,2,4,5,1,2,5,6,5,3,6,1,0,0,0,5,47,0,"000219 - KONECTIA SERVICIOS INTEGRALES","B95453874","DESESTIMADA","Baliabide ekonomikoeza prozeduran (art. 7, párrafo 2, apartado b) / Falta de crédito presupuestario en el procedimiento (art. 7, párrafo 2, apartado b)",47,"NO"]
[null,null,null," ",17480597,"ARGN0110 - DESARROLLO DE PRODUCTOS EDITORIALES MULTIMEDIA",16,490,3,2,2,4,5,1,2,8,5,3,3,4,0,0,0,0,7,46,0,"000035 - INUTEC DISEÑO,S.L.","B95108080","DESESTIMADA","Baliabide ekonomikoeza prozeduran (art. 7, párrafo 2, apartado b) / Falta de crédito presupuestario en el procedimiento (art. 7, párrafo 2, apartado b)",46,"NO"]
[null,null,null," ",17480499,"ARGG0110 - DISEÑO DE PRODUCTOS GRÁFICOS",17,560,3,2,2,4,6,1,2,5,5,2,3,5,1,0,0,0,5,43,0,"000003 - CENTRO DE IDIOMAS Y ORDENADORES, S.L.","B48428080","DESESTIMADA","Baliabide ekonomikoeza prozeduran (art. 7, párrafo 2, apartado b) / Falta de crédito presupuestario en el procedimiento (art. 7, párrafo 2, apartado b)",43,"NO"]
[null,null,null," ",17481248,"ARGG0110 - DISEÑO DE PRODUCTOS GRÁFICOS",15,560,3,2,2,4,6,1,2,5,3,3,3,5,0,1,1,0,5,42,0,"000186 - IPARTEK SERVICIOS INFORMÁTICOS, SOC.COOP.","F48681373","DESESTIMADA","Baliabide ekonomikoeza prozeduran (art. 7, párrafo 2, apartado b) / Falta de crédito presupuestario en el procedimiento (art. 7, párrafo 2, apartado b)",42,"NO"]
[null,null,null," ",17481250,"ARGN0110 - DESARROLLO DE PRODUCTOS EDITORIALES MULTIMEDIA",15,490,3,2,2,4,5,1,2,5,3,3,3,5,0,1,1,0,5,41,0,"000186 - IPARTEK SERVICIOS INFORMÁTICOS, SOC.COOP.","F48681373","DESESTIMADA","Baliabide ekonomikoeza prozeduran (art. 7, párrafo 2, apartado b) / Falta de crédito presupuestario en el procedimiento (art. 7, párrafo 2, apartado b)",41,"NO"]
[null,null,null," ",17481529,"LIBR0001 - TRATAMIENTO Y MAQUETACION DE ELEMENTOS GRAFICOS (Especialidad pendiente de inclusión en el fichero)",16,170,null,1,0,1,0,1,2,8,5,3,3,4,0,0,0,0,5,33,0,"000035 - INUTEC DISEÑO,S.L.","B95108080","DESESTIMADA","Baliabide ekonomikoeza prozeduran (art. 7, párrafo 2, apartado b) / Falta de crédito presupuestario en el procedimiento (art. 7, párrafo 2, apartado b)",33,"NO"]
[null,null,null," ",17481535,"LIBR0001 - TRATAMIENTO Y MAQUETACION DE ELEMENTOS GRAFICOS (Especialidad pendiente de inclusión en el fichero)",16,500,null,1,0,1,0,1,2,8,5,3,3,4,0,0,0,0,5,33,0,"000035 - INUTEC DISEÑO,S.L.","B95108080","DESESTIMADA","Baliabide ekonomikoeza prozeduran (art. 7, párrafo 2, apartado b) / Falta de crédito presupuestario en el procedimiento (art. 7, párrafo 2, apartado b)",33,"NO"]
[null,null,null,"COM",17480045,"COML0110 - ACTIVIDADES AUXILIARES DE ALMACÉN",15,170,1,4,3,4,10,1,2,5,6,4,3,8,0,1,1,0,9,60,0,"000039 - LEA ARTIBAI IKASTETXEA","F48086243","DESESTIMADA","Baliabide ekonomikoeza prozeduran (art. 7, párrafo 2, apartado b) / Falta de crédito presupuestario en el procedimiento (art. 7, párrafo 2, apartado b)",60,"NO"]
[null,null,null," ",17481687,"COMT0211 - ACTIVIDADES AUXILIARES DE COMERCIO",17,230,1,4,3,4,10,1,2,5,7,5,3,6,0,2,1,1,7,59,0,"000022 - MARISTAK IKASTETXEA","R4800505B","DESESTIMADA","Baliabide ekonomikoeza prozeduran (art. 7, párrafo 2, apartado b) / Falta de crédito presupuestario en el procedimiento (art. 7, párrafo 2, apartado b)",59,"NO"]
[null,null,null," ",17480201,"COML0110 - ACTIVIDADES AUXILIARES DE ALMACÉN",17,50,1,4,3,4,10,3,2,5,3,3,3,6,1,1,1,0,9,57,0,"000300 - CPES BEURKO CHECK BHIP","B95459293","DESESTIMADA","Baliabide ekonomikoeza prozeduran (art. 7, párrafo 2, apartado b) / Falta de crédito presupuestario en el procedimiento (art. 7, párrafo 2, apartado b)",57,"NO"]
[null,null,null," ",17480647,"COML0110 - ACTIVIDADES AUXILIARES DE ALMACÉN",16,170,1,4,3,4,10,1,2,5,4,4,3,6,1,1,1,0,9,57,0,"002237 - ASOC. PARA LA INSERCIÓN SOCIAL ZABALTZEN DE DURANGO","G48487748","DESESTIMADA","Baliabide ekonomikoeza prozeduran (art. 7, párrafo 2, apartado b) / Falta de crédito presupuestario en el procedimiento (art. 7, párrafo 2, apartado b)",57,"NO"]
[null,null,null," ",17480649,"COML0110 - ACTIVIDADES AUXILIARES DE ALMACÉN",16,170,1,4,3,4,10,1,2,5,4,4,3,6,1,1,1,0,9,57,0,"002237 - ASOC. PARA LA INSERCIÓN SOCIAL ZABALTZEN DE DURANGO","G48487748","DESESTIMADA","Baliabide ekonomikoeza prozeduran (art. 7, párrafo 2, apartado b) / Falta de crédito presupuestario en el procedimiento (art. 7, párrafo 2, apartado b)",57,"NO"]
[null,null,null," ",17480283,"COML0110 - ACTIVIDADES AUXILIARES DE ALMACÉN",15,170,1,4,3,4,10,1,2,5,7,5,3,6,1,1,1,0,5,57,0,"000168 - CENTRO SAN VIATOR","G95426797","DESESTIMADA","Baliabide ekonomikoeza prozeduran (art. 7, párrafo 2, apartado b) / Falta de crédito presupuestario en el procedimiento (art. 7, párrafo 2, apartado b)",57,"NO"]
[null,null,null," ",17480284,"COMT0211 - ACTIVIDADES AUXILIARES DE COMERCIO",15,230,1,4,3,4,10,1,2,5,7,5,3,6,1,1,1,0,5,57,0,"000168 - CENTRO SAN VIATOR","G95426797","DESESTIMADA","Baliabide ekonomikoeza prozeduran (art. 7, párrafo 2, apartado b) / Falta de crédito presupuestario en el procedimiento (art. 7, párrafo 2, apartado b)",57,"NO"]
[null,null,null," ",17480695,"COML0110 - ACTIVIDADES AUXILIARES DE ALMACÉN",15,170,1,4,3,4,10,1,2,5,5,4,3,8,1,1,1,0,5,56,0,"000088 - IFAP INSTITUTO PARA FORMACION DE ACTIVIDADES PRAC","B48746606","DESESTIMADA","Baliabide ekonomikoeza prozeduran (art. 7, párrafo 2, apartado b) / Falta de crédito presupuestario en el procedimiento (art. 7, párrafo 2, apartado b)",56,"NO"]
[null,null,null," ",17480697,"COML0110 - ACTIVIDADES AUXILIARES DE ALMACÉN",15,170,1,4,3,4,10,1,2,5,5,4,3,8,1,1,1,0,5,56,0,"000088 - IFAP INSTITUTO PARA FORMACION DE ACTIVIDADES PRAC","B48746606","DESESTIMADA","Baliabide ekonomikoeza prozeduran (art. 7, párrafo 2, apartado b) / Falta de crédito presupuestario en el procedimiento (art. 7, párrafo 2, apartado b)",56,"NO"]
[null,null,null," ",17480698,"COML0110 - ACTIVIDADES AUXILIARES DE ALMACÉN",15,170,1,4,3,4,10,1,2,5,5,4,3,8,1,1,1,0,5,56,0,"000088 - IFAP INSTITUTO PARA FORMACION DE ACTIVIDADES PRAC","B48746606","DESESTIMADA","Baliabide ekonomikoeza prozeduran (art. 7, párrafo 2, apartado b) / Falta de crédito presupuestario en el procedimiento (art. 7, párrafo 2, apartado b)",56,"NO"]
[null,null,null," ",17480699,"COML0110 - ACTIVIDADES AUXILIARES DE ALMACÉN",15,170,1,4,3,4,10,1,2,5,5,4,3,8,1,1,1,0,5,56,0,"000088 - IFAP INSTITUTO PARA FORMACION DE ACTIVIDADES PRAC","B48746606","DESESTIMADA","Baliabide ekonomikoeza prozeduran (art. 7, párrafo 2, apartado b) / Falta de crédito presupuestario en el procedimiento (art. 7, párrafo 2, apartado b)",56,"NO"]
[null,null,null," ",17480553,"COMT0211 - ACTIVIDADES AUXILIARES DE COMERCIO",15,230,1,4,3,4,10,1,2,5,6,4,3,8,0,1,1,0,5,56,0,"000039 - LEA ARTIBAI IKASTETXEA","F48086243","DESESTIMADA","Baliabide ekonomikoeza prozeduran (art. 7, párrafo 2, apartado b) / Falta de crédito presupuestario en el procedimiento (art. 7, párrafo 2, apartado b)",56,"NO"]
[null,null,null," ",17480041,"COML0110 - ACTIVIDADES AUXILIARES DE ALMACÉN",17,170,1,4,3,4,10,1,2,5,3,3,3,6,1,1,1,0,9,55,0,"000300 - CPES BEURKO CHECK BHIP","B95459293","DESESTIMADA","Baliabide ekonomikoeza prozeduran (art. 7, párrafo 2, apartado b) / Falta de crédito presupuestario en el procedimiento (art. 7, párrafo 2, apartado b)",55,"NO"]
[null,null,null," ",17480042,"COML0110 - ACTIVIDADES AUXILIARES DE ALMACÉN",17,170,1,4,3,4,10,1,2,5,3,3,3,6,1,1,1,0,9,55,0,"000300 - CPES BEURKO CHECK BHIP","B95459293","DESESTIMADA","Baliabide ekonomikoeza prozeduran (art. 7, párrafo 2, apartado b) / Falta de crédito presupuestario en el procedimiento (art. 7, párrafo 2, apartado b)",55,"NO"]
[null,null,null," ",17480195,"COML0110 - ACTIVIDADES AUXILIARES DE ALMACÉN",17,50,1,4,3,4,10,1,2,5,3,3,3,6,1,1,1,0,9,55,0,"000300 - CPES BEURKO CHECK BHIP","B95459293","DESESTIMADA","Baliabide ekonomikoeza prozeduran (art. 7, párrafo 2, apartado b) / Falta de crédito presupuestario en el procedimiento (art. 7, párrafo 2, apartado b)",55,"NO"]
[null,null,null," ",17480197,"COML0110 - ACTIVIDADES AUXILIARES DE ALMACÉN",17,50,1,4,3,4,10,1,2,5,3,3,3,6,1,1,1,0,9,55,0,"000300 - CPES BEURKO CHECK BHIP","B95459293","DESESTIMADA","Baliabide ekonomikoeza prozeduran (art. 7, párrafo 2, apartado b) / Falta de crédito presupuestario en el procedimiento (art. 7, párrafo 2, apartado b)",55,"NO"]
[null,null,null," ",17480198,"COML0110 - ACTIVIDADES AUXILIARES DE ALMACÉN",17,50,1,4,3,4,10,1,2,5,3,3,3,6,1,1,1,0,9,55,0,"000300 - CPES BEURKO CHECK BHIP","B95459293","DESESTIMADA","Baliabide ekonomikoeza prozeduran (art. 7, párrafo 2, apartado b) / Falta de crédito presupuestario en el procedimiento (art. 7, párrafo 2, apartado b)",55,"NO"]
[null,null,null," ",17480199,"COML0110 - ACTIVIDADES AUXILIARES DE ALMACÉN",15,50,1,4,3,4,10,1,2,5,3,3,3,6,1,1,1,0,9,55,0,"000300 - CPES BEURKO CHECK BHIP","B95459293","DESESTIMADA","Baliabide ekonomikoeza prozeduran (art. 7, párrafo 2, apartado b) / Falta de crédito presupuestario en el procedimiento (art. 7, párrafo 2, apartado b)",55,"NO"]
[null,null,null," ",17480200,"COML0110 - ACTIVIDADES AUXILIARES DE ALMACÉN",15,50,1,4,3,4,10,1,2,5,3,3,3,6,1,1,1,0,9,55,0,"000300 - CPES BEURKO CHECK BHIP","B95459293","DESESTIMADA","Baliabide ekonomikoeza prozeduran (art. 7, párrafo 2, apartado b) / Falta de crédito presupuestario en el procedimiento (art. 7, párrafo 2, apartado b)",55,"NO"]
[null,null,null," ",17480205,"COML0110 - ACTIVIDADES AUXILIARES DE ALMACÉN",17,50,1,4,3,4,10,1,2,5,3,3,3,6,1,1,1,0,9,55,0,"000300 - CPES BEURKO CHECK BHIP","B95459293","DESESTIMADA","Baliabide ekonomikoeza prozeduran (art. 7, párrafo 2, apartado b) / Falta de crédito presupuestario en el procedimiento (art. 7, párrafo 2, apartado b)",55,"NO"]
[null,null,null," ",17480206,"COML0110 - ACTIVIDADES AUXILIARES DE ALMACÉN",15,50,1,4,3,4,10,1,2,5,3,3,3,6,1,1,1,0,9,55,0,"000300 - CPES BEURKO CHECK BHIP","B95459293","DESESTIMADA","Baliabide ekonomikoeza prozeduran (art. 7, párrafo 2, apartado b) / Falta de crédito presupuestario en el procedimiento (art. 7, párrafo 2, apartado b)",55,"NO"]
[null,null,null," ",17481189,"COML0110 - ACTIVIDADES AUXILIARES DE ALMACÉN",15,50,1,4,3,4,10,1,2,5,3,3,3,6,1,1,1,0,9,55,0,"000300 - CPES BEURKO CHECK BHIP","B95459293","DESESTIMADA","Baliabide ekonomikoeza prozeduran (art. 7, párrafo 2, apartado b) / Falta de crédito presupuestario en el procedimiento (art. 7, párrafo 2, apartado b)",55,"NO"]
[null,null,null," ",17481726,"COMT0211 - ACTIVIDADES AUXILIARES DE COMERCIO",15,230,1,4,3,4,10,1,2,7,6,2,3,6,1,1,1,0,5,55,0,"000085 - SAN JOSE DE CALASANZ","B95657805","DESESTIMADA","Baliabide ekonomikoeza prozeduran (art. 7, párrafo 2, apartado b) / Falta de crédito presupuestario en el procedimiento (art. 7, párrafo 2, apartado b)",55,"NO"]
[null,null,null," ",17480873,"COML0110 - ACTIVIDADES AUXILIARES DE ALMACÉN",15,170,1,4,3,4,10,1,2,5,6,4,2,6,1,0,0,0,5,53,0,"000183 - CENTRO EDUCACION VIAL REKORD S.L.","B48845101","DESESTIMADA","Baliabide ekonomikoeza prozeduran (art. 7, párrafo 2, apartado b) / Falta de crédito presupuestario en el procedimiento (art. 7, párrafo 2, apartado b)",53,"NO"]
[null,null,null," ",17481916,"COML0110 - ACTIVIDADES AUXILIARES DE ALMACÉN",15,50,1,4,3,4,10,1,2,5,6,4,2,6,1,0,0,0,5,53,0,"000183 - CENTRO EDUCACION VIAL REKORD S.L.","B48845101","DESESTIMADA","Baliabide ekonomikoeza prozeduran (art. 7, párrafo 2, apartado b) / Falta de crédito presupuestario en el procedimiento (art. 7, párrafo 2, apartado b)",53,"NO"]
[null,null,null," ",17481044,"COML0110 - ACTIVIDADES AUXILIARES DE ALMACÉN",15,50,1,4,3,4,10,1,2,5,6,4,2,6,1,0,0,0,5,53,0,"000183 - CENTRO EDUCACION VIAL REKORD S.L.","B48845101","DESESTIMADA","Baliabide ekonomikoeza prozeduran (art. 7, párrafo 2, apartado b) / Falta de crédito presupuestario en el procedimiento (art. 7, párrafo 2, apartado b)",53,"NO"]
[null,null,null," ",17482887,"COML0110 - ACTIVIDADES AUXILIARES DE ALMACÉN",15,170,1,4,3,4,10,1,2,5,6,4,2,6,1,0,0,0,5,53,0,"000183 - CENTRO EDUCACION VIAL REKORD S.L.","B48845101","DESESTIMADA","Baliabide ekonomikoeza prozeduran (art. 7, párrafo 2, apartado b) / Falta de crédito presupuestario en el procedimiento (art. 7, párrafo 2, apartado b)",53,"NO"]
[null,null,null," ",17480885,"COML0110 - ACTIVIDADES AUXILIARES DE ALMACÉN",15,170,1,4,3,4,10,1,2,5,6,4,2,6,1,0,0,0,5,53,0,"000183 - CENTRO EDUCACION VIAL REKORD S.L.","B48845101","DESESTIMADA","Baliabide ekonomikoeza prozeduran (art. 7, párrafo 2, apartado b) / Falta de crédito presupuestario en el procedimiento (art. 7, párrafo 2, apartado b)",53,"NO"]
[null,null,null," ",17482105,"COMT0211 - ACTIVIDADES AUXILIARES DE COMERCIO",15,230,1,4,3,4,10,1,2,6,3,1,3,6,0,0,0,0,9,52,0,"000423 - KOOPERA SERVICIOS SOCIALES Y FORMACION S.COOP.","F95808622","DESESTIMADA","Baliabide ekonomikoeza prozeduran (art. 7, párrafo 2, apartado b) / Falta de crédito presupuestario en el procedimiento (art. 7, párrafo 2, apartado b)",52,"NO"]
[null,null,null," ",17482107,"COMT0211 - ACTIVIDADES AUXILIARES DE COMERCIO",15,230,1,4,3,4,10,1,2,6,3,1,3,6,0,0,0,0,9,52,0,"000423 - KOOPERA SERVICIOS SOCIALES Y FORMACION S.COOP.","F95808622","DESESTIMADA","Baliabide ekonomikoeza prozeduran (art. 7, párrafo 2, apartado b) / Falta de crédito presupuestario en el procedimiento (art. 7, párrafo 2, apartado b)",52,"NO"]
[null,null,null," ",17480210,"COMT0211 - ACTIVIDADES AUXILIARES DE COMERCIO",15,50,1,4,3,4,10,1,2,5,3,3,3,6,1,1,1,0,5,51,0,"000300 - CPES BEURKO CHECK BHIP","B95459293","DESESTIMADA","Baliabide ekonomikoeza prozeduran (art. 7, párrafo 2, apartado b) / Falta de crédito presupuestario en el procedimiento (art. 7, párrafo 2, apartado b)",51,"NO"]
[null,null,null," ",17480211,"COMT0211 - ACTIVIDADES AUXILIARES DE COMERCIO",15,50,1,4,3,4,10,1,2,5,3,3,3,6,1,1,1,0,5,51,0,"000300 - CPES BEURKO CHECK BHIP","B95459293","DESESTIMADA","Baliabide ekonomikoeza prozeduran (art. 7, párrafo 2, apartado b) / Falta de crédito presupuestario en el procedimiento (art. 7, párrafo 2, apartado b)",51,"NO"]
[null,null,null," ",17480135,"COMT0211 - ACTIVIDADES AUXILIARES DE COMERCIO",15,230,1,4,3,4,10,1,2,5,3,3,3,6,1,1,1,0,5,51,0,"000300 - CPES BEURKO CHECK BHIP","B95459293","DESESTIMADA","Baliabide ekonomikoeza prozeduran (art. 7, párrafo 2, apartado b) / Falta de crédito presupuestario en el procedimiento (art. 7, párrafo 2, apartado b)",51,"NO"]
[null,null,null," ",17480136,"COMT0211 - ACTIVIDADES AUXILIARES DE COMERCIO",15,230,1,4,3,4,10,1,2,5,3,3,3,6,1,1,1,0,5,51,0,"000300 - CPES BEURKO CHECK BHIP","B95459293","DESESTIMADA","Baliabide ekonomikoeza prozeduran (art. 7, párrafo 2, apartado b) / Falta de crédito presupuestario en el procedimiento (art. 7, párrafo 2, apartado b)",51,"NO"]
[null,null,null," ",17480212,"COMT0211 - ACTIVIDADES AUXILIARES DE COMERCIO",15,50,1,4,3,4,10,1,2,5,3,3,3,6,1,1,1,0,5,51,0,"000300 - CPES BEURKO CHECK BHIP","B95459293","DESESTIMADA","Baliabide ekonomikoeza prozeduran (art. 7, párrafo 2, apartado b) / Falta de crédito presupuestario en el procedimiento (art. 7, párrafo 2, apartado b)",51,"NO"]
[null,null,null," ",17480213,"COMT0211 - ACTIVIDADES AUXILIARES DE COMERCIO",15,50,1,4,3,4,10,1,2,5,3,3,3,6,1,1,1,0,5,51,0,"000300 - CPES BEURKO CHECK BHIP","B95459293","DESESTIMADA","Baliabide ekonomikoeza prozeduran (art. 7, párrafo 2, apartado b) / Falta de crédito presupuestario en el procedimiento (art. 7, párrafo 2, apartado b)",51,"NO"]
[null,null,null," ",17480240,"COML0110 - ACTIVIDADES AUXILIARES DE ALMACÉN",15,170,1,4,3,4,10,1,2,5,5,3,3,5,0,0,0,0,5,50,0,"000045 - AYUNTAMIENTO DE ERMUA-CENTRO IZARRA","P4804100H","DESESTIMADA","Baliabide ekonomikoeza prozeduran (art. 7, párrafo 2, apartado b) / Falta de crédito presupuestario en el procedimiento (art. 7, párrafo 2, apartado b)",50,"NO"]
[null,null,null," ",17480250,"COML0110 - ACTIVIDADES AUXILIARES DE ALMACÉN",10,50,1,4,3,4,10,1,2,5,5,3,3,5,0,0,0,0,5,50,0,"000045 - AYUNTAMIENTO DE ERMUA-CENTRO IZARRA","P4804100H","DESESTIMADA","Baliabide ekonomikoeza prozeduran (art. 7, párrafo 2, apartado b) / Falta de crédito presupuestario en el procedimiento (art. 7, párrafo 2, apartado b)",50,"NO"]
[null,null,null," ",17480251,"COML0110 - ACTIVIDADES AUXILIARES DE ALMACÉN",10,50,1,4,3,4,10,1,2,5,5,3,3,5,0,0,0,0,5,50,0,"000045 - AYUNTAMIENTO DE ERMUA-CENTRO IZARRA","P4804100H","DESESTIMADA","Baliabide ekonomikoeza prozeduran (art. 7, párrafo 2, apartado b) / Falta de crédito presupuestario en el procedimiento (art. 7, párrafo 2, apartado b)",50,"NO"]
[null,null,null," ",17480194,"COMT0211 - ACTIVIDADES AUXILIARES DE COMERCIO",15,230,1,4,3,4,10,1,2,5,3,2,3,4,0,0,0,0,8,49,0,"000194 - GREMIO PASTELERIA DE BIZKAIA","G48087340","DESESTIMADA","Baliabide ekonomikoeza prozeduran (art. 7, párrafo 2, apartado b) / Falta de crédito presupuestario en el procedimiento (art. 7, párrafo 2, apartado b)",49,"NO"]
[null,null,null," ",17480196,"COMT0211 - ACTIVIDADES AUXILIARES DE COMERCIO",20,130,1,4,3,4,10,1,2,5,3,2,3,4,0,0,0,0,8,49,0,"000194 - GREMIO PASTELERIA DE BIZKAIA","G48087340","DESESTIMADA","Baliabide ekonomikoeza prozeduran (art. 7, párrafo 2, apartado b) / Falta de crédito presupuestario en el procedimiento (art. 7, párrafo 2, apartado b)",49,"NO"]
[null,null,null," ",17480067,"COMT0211 - ACTIVIDADES AUXILIARES DE COMERCIO",15,230,1,4,3,4,10,1,2,5,2,3,3,6,0,1,1,0,5,49,0,"000439 - TEKFOR TALDEA S.L.-BASAURI","B48449144","DESESTIMADA","Baliabide ekonomikoeza prozeduran (art. 7, párrafo 2, apartado b) / Falta de crédito presupuestario en el procedimiento (art. 7, párrafo 2, apartado b)",49,"NO"]
[null,null,null," ",17480070,"COMT0211 - ACTIVIDADES AUXILIARES DE COMERCIO",15,230,1,4,3,4,10,1,2,5,2,3,3,6,0,1,1,0,5,49,0,"000439 - TEKFOR TALDEA S.L.-BASAURI","B48449144","DESESTIMADA","Baliabide ekonomikoeza prozeduran (art. 7, párrafo 2, apartado b) / Falta de crédito presupuestario en el procedimiento (art. 7, párrafo 2, apartado b)",49,"NO"]
[null,null,null," ","17481995TF","COMT0211 - ACTIVIDADES AUXILIARES DE COMERCIO",25,230,1,4,3,4,10,1,1,5,3,3,3,5,0,1,1,0,5,48,0,"002752 - IPARTEK SERVICIOS INFORMÁTICOS, SOC.COOP.(Teleformación)","F48681373","DESESTIMADA","Baliabide ekonomikoeza prozeduran (art. 7, párrafo 2, apartado b) / Falta de crédito presupuestario en el procedimiento (art. 7, párrafo 2, apartado b)",48,"NO"]
[null,null,null," ",17482088,"COML0110 - ACTIVIDADES AUXILIARES DE ALMACÉN",15,170,1,4,3,4,10,1,2,6,3,1,3,6,0,0,0,0,5,48,0,"000423 - KOOPERA SERVICIOS SOCIALES Y FORMACION S.COOP.","F95808622","DESESTIMADA","Baliabide ekonomikoeza prozeduran (art. 7, párrafo 2, apartado b) / Falta de crédito presupuestario en el procedimiento (art. 7, párrafo 2, apartado b)",48,"NO"]
[null,null,null," ",17482091,"COML0110 - ACTIVIDADES AUXILIARES DE ALMACÉN",15,170,1,4,3,4,10,1,2,6,3,1,3,6,0,0,0,0,5,48,0,"000423 - KOOPERA SERVICIOS SOCIALES Y FORMACION S.COOP.","F95808622","DESESTIMADA","Baliabide ekonomikoeza prozeduran (art. 7, párrafo 2, apartado b) / Falta de crédito presupuestario en el procedimiento (art. 7, párrafo 2, apartado b)",48,"NO"]
[null,null,null," ",17481997,"COML0110 - ACTIVIDADES AUXILIARES DE ALMACÉN",17,170,1,4,3,4,10,1,2,5,3,1,3,4,1,0,0,0,5,46,0,"000201 - INSTITUTO DE FORMACIÓN PRÁCTICA DE RIESGOS LABORA","B95329959","DESESTIMADA","Baliabide ekonomikoeza prozeduran (art. 7, párrafo 2, apartado b) / Falta de crédito presupuestario en el procedimiento (art. 7, párrafo 2, apartado b)",{"$f":"SUM(J542,K542,L542,M542,N542,O542,P542,Q542,R542,S542,T542,U542,W542,X542,Y542)","v":46},{"$f":"IF(Z542 <> AF542,\"SI\",\"NO\")","v":"NO"}]
[null,null,null," ",17480191,"COML0110 - ACTIVIDADES AUXILIARES DE ALMACÉN",15,170,1,4,3,4,10,1,2,5,3,2,3,4,0,0,0,0,5,46,0,"000194 - GREMIO PASTELERIA DE BIZKAIA","G48087340","DESESTIMADA","Baliabide ekonomikoeza prozeduran (art. 7, párrafo 2, apartado b) / Falta de crédito presupuestario en el procedimiento (art. 7, párrafo 2, apartado b)",46,"NO"]
[null,null,null," ",17482261,"COML0110 - ACTIVIDADES AUXILIARES DE ALMACÉN",15,170,1,4,3,4,10,1,2,5,3,4,0,0,1,3,3,0,5,45,0,"000354 - GEHILAN 2000, S.L.","B48986871","DESESTIMADA","Baliabide ekonomikoeza prozeduran (art. 7, párrafo 2, apartado b) / Falta de crédito presupuestario en el procedimiento (art. 7, párrafo 2, apartado b)",45,"NO"]
[null,null,null," ",17482219,"COML0110 - ACTIVIDADES AUXILIARES DE ALMACÉN",15,170,1,4,3,4,10,1,2,5,0,4,0,4,1,1,1,0,5,44,0,"002605 - GESTIÓN 10 - EXCAVAS","B48897664","DESESTIMADA","Baliabide ekonomikoeza prozeduran (art. 7, párrafo 2, apartado b) / Falta de crédito presupuestario en el procedimiento (art. 7, párrafo 2, apartado b)",44,"NO"]
[null,null,null," ",17482966,"COML0110 - ACTIVIDADES AUXILIARES DE ALMACÉN",15,170,1,4,3,4,10,1,2,5,0,4,0,4,1,1,1,0,5,44,0,"002605 - GESTIÓN 10 - EXCAVAS","B48897664","DESESTIMADA","Baliabide ekonomikoeza prozeduran (art. 7, párrafo 2, apartado b) / Falta de crédito presupuestario en el procedimiento (art. 7, párrafo 2, apartado b)",44,"NO"]
[null,null,null," ",17480836,"COML0110 - ACTIVIDADES AUXILIARES DE ALMACÉN",15,170,1,4,3,4,10,1,2,5,0,1,3,5,1,0,0,0,5,44,0,"000306 - CENTRO DE FORMACION BIDERATU SL","B95349411","DESESTIMADA","Baliabide ekonomikoeza prozeduran (art. 7, párrafo 2, apartado b) / Falta de crédito presupuestario en el procedimiento (art. 7, párrafo 2, apartado b)",44,"NO"]
[null,null,null," ",17480839,"COML0110 - ACTIVIDADES AUXILIARES DE ALMACÉN",15,170,1,4,3,4,10,1,2,5,0,1,3,5,1,0,0,0,5,44,0,"000306 - CENTRO DE FORMACION BIDERATU SL","B95349411","DESESTIMADA","Baliabide ekonomikoeza prozeduran (art. 7, párrafo 2, apartado b) / Falta de crédito presupuestario en el procedimiento (art. 7, párrafo 2, apartado b)",44,"NO"]
[null,null,null," ",17481052,"COML0110 - ACTIVIDADES AUXILIARES DE ALMACÉN",15,170,1,4,3,4,10,1,2,5,0,1,3,5,1,0,0,0,5,44,0,"000306 - CENTRO DE FORMACION BIDERATU SL","B95349411","DESESTIMADA","Baliabide ekonomikoeza prozeduran (art. 7, párrafo 2, apartado b) / Falta de crédito presupuestario en el procedimiento (art. 7, párrafo 2, apartado b)",44,"NO"]
[null,null,null," ",17481271,"COMT0211 - ACTIVIDADES AUXILIARES DE COMERCIO",15,230,1,4,3,4,10,1,2,5,0,1,3,5,1,0,0,0,5,44,0,"000306 - CENTRO DE FORMACION BIDERATU SL","B95349411","DESESTIMADA","Baliabide ekonomikoeza prozeduran (art. 7, párrafo 2, apartado b) / Falta de crédito presupuestario en el procedimiento (art. 7, párrafo 2, apartado b)",44,"NO"]
[null,null,null," ",17481031,"COML0110 - ACTIVIDADES AUXILIARES DE ALMACÉN",15,170,1,4,3,4,10,1,2,5,3,0,0,0,0,0,0,0,5,37,0,"001641 - TEKNODIDAKTIKA S.L.","B95709564","DESESTIMADA","Baliabide ekonomikoeza prozeduran (art. 7, párrafo 2, apartado b) / Falta de crédito presupuestario en el procedimiento (art. 7, párrafo 2, apartado b)",37,"NO"]
[null,null,null," ",17482111,"COML0110 - ACTIVIDADES AUXILIARES DE ALMACÉN",15,170,1,4,3,4,10,1,2,5,3,0,0,0,0,0,0,0,5,37,0,"001641 - TEKNODIDAKTIKA S.L.","B95709564","DESESTIMADA","Baliabide ekonomikoeza prozeduran (art. 7, párrafo 2, apartado b) / Falta de crédito presupuestario en el procedimiento (art. 7, párrafo 2, apartado b)",37,"NO"]
[null,null,null," ",17482940,"COMV0108 - ACTIVIDADES DE VENTA",15,510,2,4,4,4,10,1,2,8,6,5,3,6,1,0,0,0,5,59,0,"000219 - KONECTIA SERVICIOS INTEGRALES","B95453874","DESESTIMADA","Baliabide ekonomikoeza prozeduran (art. 7, párrafo 2, apartado b) / Falta de crédito presupuestario en el procedimiento (art. 7, párrafo 2, apartado b)",59,"NO"]
[null,null,null," ",17480202,"COMV0108 - ACTIVIDADES DE VENTA",15,510,2,4,4,4,10,1,2,5,3,2,3,4,0,0,0,0,5,47,0,"000194 - GREMIO PASTELERIA DE BIZKAIA","G48087340","DESESTIMADA","Baliabide ekonomikoeza prozeduran (art. 7, párrafo 2, apartado b) / Falta de crédito presupuestario en el procedimiento (art. 7, párrafo 2, apartado b)",47,"NO"]
[null,null,null," ",17480783,"COMM0112 - GESTIÓN DE MARKETING Y COMUNICACIÓN",15,730,3,4,2,4,9,1,2,8,5,3,3,8,0,1,1,0,7,57,0,"000094 - JURITECNIA S.L.","B48437842","DESESTIMADA","Baliabide ekonomikoeza prozeduran (art. 7, párrafo 2, apartado b) / Falta de crédito presupuestario en el procedimiento (art. 7, párrafo 2, apartado b)",57,"NO"]
[null,null,null," ",17482122,"COMT0411 - GESTIÓN COMERCIAL DE VENTAS",13,530,3,4,2,4,10,1,2,5,6,4,3,8,1,2,2,0,5,57,0,"000033 - CENTRO DE FORMACION SOMORROSTRO","R4800613D","DESESTIMADA","Baliabide ekonomikoeza prozeduran (art. 7, párrafo 2, apartado b) / Falta de crédito presupuestario en el procedimiento (art. 7, párrafo 2, apartado b)",57,"NO"]
[null,null,null," ",17482942,"COML0309 - ORGANIZACIÓN Y GESTIÓN DE ALMACENES",15,310,3,4,2,4,10,1,2,8,6,5,3,6,1,0,0,0,5,57,0,"000219 - KONECTIA SERVICIOS INTEGRALES","B95453874","DESESTIMADA","Baliabide ekonomikoeza prozeduran (art. 7, párrafo 2, apartado b) / Falta de crédito presupuestario en el procedimiento (art. 7, párrafo 2, apartado b)",57,"NO"]
[null,null,null," ",17481511,"COMM0110 - MARKETING Y COMPRAVENTA INTERNACIONAL",15,710,3,4,2,4,10,1,2,8,6,5,3,6,1,0,0,0,5,57,0,"000219 - KONECTIA SERVICIOS INTEGRALES","B95453874","DESESTIMADA","Baliabide ekonomikoeza prozeduran (art. 7, párrafo 2, apartado b) / Falta de crédito presupuestario en el procedimiento (art. 7, párrafo 2, apartado b)",57,"NO"]
[null,null,null," ",17480809,"COMT0210 - GESTIÓN ADMINISTRATIVA Y FINANCIERA DEL COMERCIO INTERNACIONAL",15,620,3,4,2,4,9,1,2,8,5,3,3,8,0,1,1,0,6,56,0,"000094 - JURITECNIA S.L.","B48437842","DESESTIMADA","Baliabide ekonomikoeza prozeduran (art. 7, párrafo 2, apartado b) / Falta de crédito presupuestario en el procedimiento (art. 7, párrafo 2, apartado b)",56,"NO"]
[null,null,null," ",17482149,"COMM0112 - GESTIÓN DE MARKETING Y COMUNICACIÓN",13,730,3,4,2,4,9,1,2,5,6,4,3,8,1,2,2,0,5,56,0,"000033 - CENTRO DE FORMACION SOMORROSTRO","R4800613D","DESESTIMADA","Baliabide ekonomikoeza prozeduran (art. 7, párrafo 2, apartado b) / Falta de crédito presupuestario en el procedimiento (art. 7, párrafo 2, apartado b)",56,"NO"]
[null,null,null," ",17480807,"COML0309 - ORGANIZACIÓN Y GESTIÓN DE ALMACENES",15,310,3,4,2,4,10,1,2,8,5,3,3,8,0,1,1,0,5,56,0,"000094 - JURITECNIA S.L.","B48437842","DESESTIMADA","Baliabide ekonomikoeza prozeduran (art. 7, párrafo 2, apartado b) / Falta de crédito presupuestario en el procedimiento (art. 7, párrafo 2, apartado b)",56,"NO"]
[null,null,null," ",17480811,"COML0309 - ORGANIZACIÓN Y GESTIÓN DE ALMACENES",15,310,3,4,2,4,10,1,2,8,5,3,3,8,0,1,1,0,5,56,0,"000094 - JURITECNIA S.L.","B48437842","DESESTIMADA","Baliabide ekonomikoeza prozeduran (art. 7, párrafo 2, apartado b) / Falta de crédito presupuestario en el procedimiento (art. 7, párrafo 2, apartado b)",56,"NO"]
[null,null,null," ",17480822,"COMM0110 - MARKETING Y COMPRAVENTA INTERNACIONAL",15,710,3,4,2,4,10,1,2,8,5,3,3,8,0,1,1,0,5,56,0,"000094 - JURITECNIA S.L.","B48437842","DESESTIMADA","Baliabide ekonomikoeza prozeduran (art. 7, párrafo 2, apartado b) / Falta de crédito presupuestario en el procedimiento (art. 7, párrafo 2, apartado b)",56,"NO"]
[null,null,null," ",17480805,"COMT0411 - GESTIÓN COMERCIAL DE VENTAS",15,530,3,4,2,4,10,1,2,8,5,3,3,8,0,1,1,0,5,56,0,"000094 - JURITECNIA S.L.","B48437842","DESESTIMADA","Baliabide ekonomikoeza prozeduran (art. 7, párrafo 2, apartado b) / Falta de crédito presupuestario en el procedimiento (art. 7, párrafo 2, apartado b)",56,"NO"]
[null,null,null," ",17480803,"COML0209 - ORGANIZACIÓN DEL TRANSPORTE Y LA DISTRIBUCIÓN",15,340,3,4,2,4,9,1,2,8,5,3,3,8,0,1,1,0,5,55,0,"000094 - JURITECNIA S.L.","B48437842","DESESTIMADA","Baliabide ekonomikoeza prozeduran (art. 7, párrafo 2, apartado b) / Falta de crédito presupuestario en el procedimiento (art. 7, párrafo 2, apartado b)",55,"NO"]
[null,null,null," ",17480806,"COMT0110 - ATENCIÓN AL CLIENTE, CONSUMIDOR O USUARIO",15,420,3,4,2,4,9,1,2,8,5,3,3,8,0,1,1,0,5,55,0,"000094 - JURITECNIA S.L.","B48437842","DESESTIMADA","Baliabide ekonomikoeza prozeduran (art. 7, párrafo 2, apartado b) / Falta de crédito presupuestario en el procedimiento (art. 7, párrafo 2, apartado b)",55,"NO"]
[null,null,null," ",17480611,"COMT0210 - GESTIÓN ADMINISTRATIVA Y FINANCIERA DEL COMERCIO INTERNACIONAL",20,620,3,4,2,4,9,1,2,5,5,2,3,6,1,1,1,0,8,53,0,"000160 - SARRIKO BUSINESS SCHOOL","B48488472","DESESTIMADA","Baliabide ekonomikoeza prozeduran (art. 7, párrafo 2, apartado b) / Falta de crédito presupuestario en el procedimiento (art. 7, párrafo 2, apartado b)",53,"NO"]
[null,null,null," ",17480122,"COMT0210 - GESTIÓN ADMINISTRATIVA Y FINANCIERA DEL COMERCIO INTERNACIONAL",15,350,3,4,2,4,9,1,2,5,5,4,3,6,1,1,1,0,6,53,0,"000009 - CENTRO SAN LUIS","B48153555","DESESTIMADA","Baliabide ekonomikoeza prozeduran (art. 7, párrafo 2, apartado b) / Falta de crédito presupuestario en el procedimiento (art. 7, párrafo 2, apartado b)",53,"NO"]
[null,null,null," ",17481667,"COML0209 - ORGANIZACIÓN DEL TRANSPORTE Y LA DISTRIBUCIÓN",15,340,3,4,2,4,9,1,2,7,6,2,3,6,1,1,1,0,5,53,0,"000085 - SAN JOSE DE CALASANZ","B95657805","DESESTIMADA","Baliabide ekonomikoeza prozeduran (art. 7, párrafo 2, apartado b) / Falta de crédito presupuestario en el procedimiento (art. 7, párrafo 2, apartado b)",53,"NO"]
[null,null,null," ",17480120,"COMT0411 - GESTIÓN COMERCIAL DE VENTAS",15,210,3,4,2,4,10,1,2,5,5,4,3,6,1,1,1,0,5,53,0,"000009 - CENTRO SAN LUIS","B48153555","DESESTIMADA","Baliabide ekonomikoeza prozeduran (art. 7, párrafo 2, apartado b) / Falta de crédito presupuestario en el procedimiento (art. 7, párrafo 2, apartado b)",53,"NO"]
[null,null,null," ",17481088,"COMM0112 - GESTIÓN DE MARKETING Y COMUNICACIÓN",17,730,3,4,2,4,9,1,2,5,7,4,3,6,1,0,0,0,5,53,0,"000304 - FUNDACION EDE/EDE FUNDAZIOA","G95748356","DESESTIMADA","Baliabide ekonomikoeza prozeduran (art. 7, párrafo 2, apartado b) / Falta de crédito presupuestario en el procedimiento (art. 7, párrafo 2, apartado b)",53,"NO"]
[null,null,null," ",17480192,"COMP0108 - IMPLANTACIÓN Y ANIMACIÓN DE ESPACIOS COMERCIALES",15,310,3,4,2,4,9,1,2,5,5,4,3,6,1,1,1,0,5,52,0,"000009 - CENTRO SAN LUIS","B48153555","DESESTIMADA","Baliabide ekonomikoeza prozeduran (art. 7, párrafo 2, apartado b) / Falta de crédito presupuestario en el procedimiento (art. 7, párrafo 2, apartado b)",52,"NO"]
[null,null,null," ",17482071,"COMT0411 - GESTIÓN COMERCIAL DE VENTAS",12,90,3,4,2,4,10,3,2,5,6,2,3,6,0,0,0,0,5,52,0,"000197 - CENTRO DE ESTUDIOS INATEC","B95060935","DESESTIMADA","Baliabide ekonomikoeza prozeduran (art. 7, párrafo 2, apartado b) / Falta de crédito presupuestario en el procedimiento (art. 7, párrafo 2, apartado b)",52,"NO"]
[null,null,null," ",17480608,"COML0309 - ORGANIZACIÓN Y GESTIÓN DE ALMACENES",20,310,3,4,2,4,10,1,2,5,5,2,3,6,1,1,1,0,5,51,0,"000160 - SARRIKO BUSINESS SCHOOL","B48488472","DESESTIMADA","Baliabide ekonomikoeza prozeduran (art. 7, párrafo 2, apartado b) / Falta de crédito presupuestario en el procedimiento (art. 7, párrafo 2, apartado b)",51,"NO"]
[null,null,null," ",17481160,"COMM0110 - MARKETING Y COMPRAVENTA INTERNACIONAL",20,710,3,4,2,4,10,1,2,5,5,2,3,6,1,1,1,0,5,51,0,"000160 - SARRIKO BUSINESS SCHOOL","B48488472","DESESTIMADA","Baliabide ekonomikoeza prozeduran (art. 7, párrafo 2, apartado b) / Falta de crédito presupuestario en el procedimiento (art. 7, párrafo 2, apartado b)",51,"NO"]
[null,null,null," ",17480880,"COML0209 - ORGANIZACIÓN DEL TRANSPORTE Y LA DISTRIBUCIÓN",15,340,3,4,2,4,9,1,2,5,6,4,2,6,1,0,0,0,5,51,0,"000183 - CENTRO EDUCACION VIAL REKORD S.L.","B48845101","DESESTIMADA","Baliabide ekonomikoeza prozeduran (art. 7, párrafo 2, apartado b) / Falta de crédito presupuestario en el procedimiento (art. 7, párrafo 2, apartado b)",51,"NO"]
[null,null,null," ",17480410,"COMT0411 - GESTIÓN COMERCIAL DE VENTAS",15,530,3,4,2,4,10,1,2,5,5,5,3,5,1,0,0,0,4,51,0,"000162 - CENTRO DE CUALIFICACION Y EMPLEO","A95119848","DESESTIMADA","Baliabide ekonomikoeza prozeduran (art. 7, párrafo 2, apartado b) / Falta de crédito presupuestario en el procedimiento (art. 7, párrafo 2, apartado b)",51,"NO"]
[null,null,null," ",17480299,"COML0309 - ORGANIZACIÓN Y GESTIÓN DE ALMACENES",17,310,3,4,2,4,10,1,2,5,3,3,3,6,1,1,1,0,5,50,0,"000300 - CPES BEURKO CHECK BHIP","B95459293","DESESTIMADA","Baliabide ekonomikoeza prozeduran (art. 7, párrafo 2, apartado b) / Falta de crédito presupuestario en el procedimiento (art. 7, párrafo 2, apartado b)",50,"NO"]
[null,null,null," ",17480302,"COMT0210 - GESTIÓN ADMINISTRATIVA Y FINANCIERA DEL COMERCIO INTERNACIONAL",17,120,3,4,2,4,9,1,2,5,3,3,3,6,1,1,1,0,5,49,0,"000300 - CPES BEURKO CHECK BHIP","B95459293","DESESTIMADA","Baliabide ekonomikoeza prozeduran (art. 7, párrafo 2, apartado b) / Falta de crédito presupuestario en el procedimiento (art. 7, párrafo 2, apartado b)",49,"NO"]
[null,null,null," ",17480301,"COMT0210 - GESTIÓN ADMINISTRATIVA Y FINANCIERA DEL COMERCIO INTERNACIONAL",17,620,3,4,2,4,9,1,2,5,3,3,3,6,1,1,1,0,5,49,0,"000300 - CPES BEURKO CHECK BHIP","B95459293","DESESTIMADA","Baliabide ekonomikoeza prozeduran (art. 7, párrafo 2, apartado b) / Falta de crédito presupuestario en el procedimiento (art. 7, párrafo 2, apartado b)",49,"NO"]
[null,null,null," ",17481252,"COMM0110 - MARKETING Y COMPRAVENTA INTERNACIONAL",15,710,3,4,2,4,10,1,2,5,3,3,3,5,0,1,1,0,5,48,0,"000186 - IPARTEK SERVICIOS INFORMÁTICOS, SOC.COOP.","F48681373","DESESTIMADA","Baliabide ekonomikoeza prozeduran (art. 7, párrafo 2, apartado b) / Falta de crédito presupuestario en el procedimiento (art. 7, párrafo 2, apartado b)",48,"NO"]
[null,null,null," ",17481278,"COMT0411 - GESTIÓN COMERCIAL DE VENTAS",15,530,3,4,2,4,10,1,2,5,3,3,3,5,0,1,1,0,5,48,0,"000186 - IPARTEK SERVICIOS INFORMÁTICOS, SOC.COOP.","F48681373","DESESTIMADA","Baliabide ekonomikoeza prozeduran (art. 7, párrafo 2, apartado b) / Falta de crédito presupuestario en el procedimiento (art. 7, párrafo 2, apartado b)",48,"NO"]
[null,null,null," ",17481163,"COMT0411 - GESTIÓN COMERCIAL DE VENTAS",16,530,3,4,2,4,10,1,2,5,5,3,3,4,0,0,0,0,5,48,0,"000035 - INUTEC DISEÑO,S.L.","B95108080","DESESTIMADA","Baliabide ekonomikoeza prozeduran (art. 7, párrafo 2, apartado b) / Falta de crédito presupuestario en el procedimiento (art. 7, párrafo 2, apartado b)",48,"NO"]
[null,null,null," ",17481701,"COML0209 - ORGANIZACIÓN DEL TRANSPORTE Y LA DISTRIBUCIÓN",15,340,3,4,2,4,9,1,2,5,5,3,3,5,0,0,0,0,5,48,0,"000024 - SDAD. COOP. DE ENSEÑANZA ZABALBURU","F48119309","DESESTIMADA","Baliabide ekonomikoeza prozeduran (art. 7, párrafo 2, apartado b) / Falta de crédito presupuestario en el procedimiento (art. 7, párrafo 2, apartado b)",48,"NO"]
[null,null,null," ",17481254,"COMM0112 - GESTIÓN DE MARKETING Y COMUNICACIÓN",15,730,3,4,2,4,9,1,2,5,3,3,3,5,0,1,1,0,5,47,0,"000186 - IPARTEK SERVICIOS INFORMÁTICOS, SOC.COOP.","F48681373","DESESTIMADA","Baliabide ekonomikoeza prozeduran (art. 7, párrafo 2, apartado b) / Falta de crédito presupuestario en el procedimiento (art. 7, párrafo 2, apartado b)",47,"NO"]
[null,null,null," ",17481273,"COMT0210 - GESTIÓN ADMINISTRATIVA Y FINANCIERA DEL COMERCIO INTERNACIONAL",15,620,3,4,2,4,9,1,2,5,3,3,3,5,0,1,1,0,5,47,0,"000186 - IPARTEK SERVICIOS INFORMÁTICOS, SOC.COOP.","F48681373","DESESTIMADA","Baliabide ekonomikoeza prozeduran (art. 7, párrafo 2, apartado b) / Falta de crédito presupuestario en el procedimiento (art. 7, párrafo 2, apartado b)",47,"NO"]
[null,null,null," ",17481836,"COMT0411 - GESTIÓN COMERCIAL DE VENTAS",18,530,3,4,2,4,10,1,2,5,3,2,3,6,0,0,0,0,5,47,0,"000016 - UP FORMACION","B48512941","DESESTIMADA","Baliabide ekonomikoeza prozeduran (art. 7, párrafo 2, apartado b) / Falta de crédito presupuestario en el procedimiento (art. 7, párrafo 2, apartado b)",47,"NO"]
[null,null,null," ",17481442,"COMM05EXP - RESPONSABLE DE MARKETING DIGITAL",17,200,3,4,2,3,6,1,2,5,6,4,3,6,0,0,0,0,5,47,0,"000103 - C2B-CAMPUS TO BUSINESS","B48756498","DESESTIMADA","Baliabide ekonomikoeza prozeduran (art. 7, párrafo 2, apartado b) / Falta de crédito presupuestario en el procedimiento (art. 7, párrafo 2, apartado b)",47,"NO"]
[null,null,null," ",17482135,"COMM05EXP - RESPONSABLE DE MARKETING DIGITAL",17,200,3,4,2,3,6,1,2,5,6,4,3,6,0,0,0,0,5,47,0,"000103 - C2B-CAMPUS TO BUSINESS","B48756498","DESESTIMADA","Baliabide ekonomikoeza prozeduran (art. 7, párrafo 2, apartado b) / Falta de crédito presupuestario en el procedimiento (art. 7, párrafo 2, apartado b)",47,"NO"]
[null,null,null," ",17481444,"COMM05EXP - RESPONSABLE DE MARKETING DIGITAL",17,200,3,4,2,3,6,1,2,5,6,4,3,6,0,0,0,0,5,47,0,"000103 - C2B-CAMPUS TO BUSINESS","B48756498","DESESTIMADA","Baliabide ekonomikoeza prozeduran (art. 7, párrafo 2, apartado b) / Falta de crédito presupuestario en el procedimiento (art. 7, párrafo 2, apartado b)",47,"NO"]
[null,null,null," ",17010349,"COMM05EXP - RESPONSABLE DE MARKETING DIGITAL",17,200,3,4,2,3,6,1,2,5,6,4,3,6,0,0,0,0,5,47,0,"000103 - C2B-CAMPUS TO BUSINESS","B48756498","DESESTIMADA","Baliabide ekonomikoeza prozeduran (art. 7, párrafo 2, apartado b) / Falta de crédito presupuestario en el procedimiento (art. 7, párrafo 2, apartado b)",47,"NO"]
[null,null,null," ",17481159,"COMM0112 - GESTIÓN DE MARKETING Y COMUNICACIÓN",16,730,3,4,2,4,9,1,2,5,5,3,3,4,0,0,0,0,5,47,0,"000035 - INUTEC DISEÑO,S.L.","B95108080","DESESTIMADA","Baliabide ekonomikoeza prozeduran (art. 7, párrafo 2, apartado b) / Falta de crédito presupuestario en el procedimiento (art. 7, párrafo 2, apartado b)",47,"NO"]
[null,null,null," ",17481161,"COMT0210 - GESTIÓN ADMINISTRATIVA Y FINANCIERA DEL COMERCIO INTERNACIONAL",16,620,3,4,2,4,9,1,2,5,5,3,3,4,0,0,0,0,5,47,0,"000035 - INUTEC DISEÑO,S.L.","B95108080","DESESTIMADA","Baliabide ekonomikoeza prozeduran (art. 7, párrafo 2, apartado b) / Falta de crédito presupuestario en el procedimiento (art. 7, párrafo 2, apartado b)",47,"NO"]
[null,null,null," ",17481833,"COMT0110 - ATENCIÓN AL CLIENTE, CONSUMIDOR O USUARIO",18,420,3,4,2,4,9,1,2,5,3,2,3,6,0,0,0,0,5,46,0,"000016 - UP FORMACION","B48512941","DESESTIMADA","Baliabide ekonomikoeza prozeduran (art. 7, párrafo 2, apartado b) / Falta de crédito presupuestario en el procedimiento (art. 7, párrafo 2, apartado b)",46,"NO"]
[null,null,null," ",17481834,"COMT0110 - ATENCIÓN AL CLIENTE, CONSUMIDOR O USUARIO",18,420,3,4,2,4,9,1,2,5,3,2,3,6,0,0,0,0,5,46,0,"000016 - UP FORMACION","B48512941","DESESTIMADA","Baliabide ekonomikoeza prozeduran (art. 7, párrafo 2, apartado b) / Falta de crédito presupuestario en el procedimiento (art. 7, párrafo 2, apartado b)",46,"NO"]
[null,null,null," ",17480348,"COMT0411 - GESTIÓN COMERCIAL DE VENTAS",15,530,3,4,2,4,10,1,2,5,3,3,3,4,0,0,0,0,5,46,0,"000218 - ALFA FORMACIÓN Y CONSULTORÍA","B95738241","DESESTIMADA","Baliabide ekonomikoeza prozeduran (art. 7, párrafo 2, apartado b) / Falta de crédito presupuestario en el procedimiento (art. 7, párrafo 2, apartado b)",46,"NO"]
[null,null,null," ",17480335,"COMT0110 - ATENCIÓN AL CLIENTE, CONSUMIDOR O USUARIO",15,420,3,4,2,4,9,1,2,5,3,3,3,4,0,0,0,0,5,45,0,"000218 - ALFA FORMACIÓN Y CONSULTORÍA","B95738241","DESESTIMADA","Baliabide ekonomikoeza prozeduran (art. 7, párrafo 2, apartado b) / Falta de crédito presupuestario en el procedimiento (art. 7, párrafo 2, apartado b)",45,"NO"]
[null,null,null," ",17482159,"COML0309 - ORGANIZACIÓN Y GESTIÓN DE ALMACENES",15,310,3,4,2,4,10,3,2,5,5,3,0,0,0,0,0,0,5,43,0,"001727 - GABINETE DE RECOLOCACIÓN INDUSTRIAL, S.L.","B09390105","DESESTIMADA","Baliabide ekonomikoeza prozeduran (art. 7, párrafo 2, apartado b) / Falta de crédito presupuestario en el procedimiento (art. 7, párrafo 2, apartado b)",43,"NO"]
[null,null,null," ",17482160,"COMM0110 - MARKETING Y COMPRAVENTA INTERNACIONAL",15,710,3,4,2,4,10,3,2,5,5,3,0,0,0,0,0,0,5,43,0,"001727 - GABINETE DE RECOLOCACIÓN INDUSTRIAL, S.L.","B09390105","DESESTIMADA","Baliabide ekonomikoeza prozeduran (art. 7, párrafo 2, apartado b) / Falta de crédito presupuestario en el procedimiento (art. 7, párrafo 2, apartado b)",43,"NO"]
[null,null,null," ",17481275,"COMM0110 - MARKETING Y COMPRAVENTA INTERNACIONAL",15,290,3,4,2,4,10,1,2,2,4,0,0,4,0,1,1,0,8,42,0,"000240 - MASTER FORMACION INTEGRAL SL","B95347357","DESESTIMADA","Baliabide ekonomikoeza prozeduran (art. 7, párrafo 2, apartado b) / Falta de crédito presupuestario en el procedimiento (art. 7, párrafo 2, apartado b)",42,"NO"]
[null,null,null," ",17482265,"COMM0110 - MARKETING Y COMPRAVENTA INTERNACIONAL",15,710,3,4,2,4,10,1,2,2,4,0,0,4,0,1,1,0,8,42,0,"000240 - MASTER FORMACION INTEGRAL SL","B95347357","DESESTIMADA","Baliabide ekonomikoeza prozeduran (art. 7, párrafo 2, apartado b) / Falta de crédito presupuestario en el procedimiento (art. 7, párrafo 2, apartado b)",42,"NO"]
[null,null,null," ",17482861,"COMT0110 - ATENCIÓN AL CLIENTE, CONSUMIDOR O USUARIO",15,120,3,4,2,4,9,1,2,6,5,1,0,0,0,0,0,0,8,42,0,"001770 - INTEGRA SOLUCIONES EMPRESARIALES, S.L.","B95495933","DESESTIMADA","Baliabide ekonomikoeza prozeduran (art. 7, párrafo 2, apartado b) / Falta de crédito presupuestario en el procedimiento (art. 7, párrafo 2, apartado b)",42,"NO"]
[null,null,null," ",17482336,"COML0209 - ORGANIZACIÓN DEL TRANSPORTE Y LA DISTRIBUCIÓN",15,340,3,4,2,4,9,1,2,5,0,4,0,4,1,1,1,0,5,42,0,"000122 - GESTION 10 GESTION   FORMACION","B48897664","DESESTIMADA","Baliabide ekonomikoeza prozeduran (art. 7, párrafo 2, apartado b) / Falta de crédito presupuestario en el procedimiento (art. 7, párrafo 2, apartado b)",42,"NO"]
[null,null,null," ",17480169,"COMT0411 - GESTIÓN COMERCIAL DE VENTAS",15,530,3,4,2,4,10,1,2,5,3,3,0,0,2,0,0,0,5,41,0,"000249 - FUNDACION DE TRABAJADORES DE LA SIDERURGIA INTEGRAL","G95455937","DESESTIMADA","Baliabide ekonomikoeza prozeduran (art. 7, párrafo 2, apartado b) / Falta de crédito presupuestario en el procedimiento (art. 7, párrafo 2, apartado b)",41,"NO"]
[null,null,null," ",17482860,"COMT0411 - GESTIÓN COMERCIAL DE VENTAS",15,160,3,4,2,4,10,1,2,6,5,1,0,0,0,0,0,0,5,40,0,"001770 - INTEGRA SOLUCIONES EMPRESARIALES, S.L.","B95495933","DESESTIMADA","Baliabide ekonomikoeza prozeduran (art. 7, párrafo 2, apartado b) / Falta de crédito presupuestario en el procedimiento (art. 7, párrafo 2, apartado b)",40,"NO"]
[null,null,null," ",17481404,"COML0309 - ORGANIZACIÓN Y GESTIÓN DE ALMACENES",15,310,3,4,2,4,10,1,2,2,4,0,0,4,0,1,1,0,5,39,0,"000240 - MASTER FORMACION INTEGRAL SL","B95347357","DESESTIMADA","Baliabide ekonomikoeza prozeduran (art. 7, párrafo 2, apartado b) / Falta de crédito presupuestario en el procedimiento (art. 7, párrafo 2, apartado b)",{"$f":"SUM(J606,K606,L606,M606,N606,O606,P606,Q606,R606,S606,T606,U606,W606,X606,Y606)","v":39},{"$f":"IF(Z606 <> AF606,\"SI\",\"NO\")","v":"NO"}]
[null,null,null," ",17480504,"COML0309 - ORGANIZACIÓN Y GESTIÓN DE ALMACENES",15,310,3,4,2,4,10,1,2,5,3,2,0,0,0,0,0,0,5,38,0,"002668 - AGA FORMACION","B95587838","DESESTIMADA","Baliabide ekonomikoeza prozeduran (art. 7, párrafo 2, apartado b) / Falta de crédito presupuestario en el procedimiento (art. 7, párrafo 2, apartado b)",38,"NO"]
[null,null,null," ",17480503,"COMT0411 - GESTIÓN COMERCIAL DE VENTAS",15,530,3,4,2,4,10,1,2,5,3,2,0,0,0,0,0,0,5,38,0,"002668 - AGA FORMACION","B95587838","DESESTIMADA","Baliabide ekonomikoeza prozeduran (art. 7, párrafo 2, apartado b) / Falta de crédito presupuestario en el procedimiento (art. 7, párrafo 2, apartado b)",38,"NO"]
[null,null,null," ",17481020,"COML0309 - ORGANIZACIÓN Y GESTIÓN DE ALMACENES",15,310,3,4,2,4,10,1,2,5,0,2,3,0,0,0,0,0,5,38,0,"001365 - ASOCIACIÓN PROVINCIAL DE FABRICANTES Y EXP. DE PA","G48112650","DESESTIMADA","Baliabide ekonomikoeza prozeduran (art. 7, párrafo 2, apartado b) / Falta de crédito presupuestario en el procedimiento (art. 7, párrafo 2, apartado b)",38,"NO"]
[null,null,null," ",17480141,"COMT0411 - GESTIÓN COMERCIAL DE VENTAS",15,370,3,4,2,4,10,1,2,5,3,2,0,0,0,0,0,0,5,38,0,"000418 - COLEGIO OFICIAL DE AGENTES COMERCIALES DE BIZKAIA","Q4873004H","DESESTIMADA","Baliabide ekonomikoeza prozeduran (art. 7, párrafo 2, apartado b) / Falta de crédito presupuestario en el procedimiento (art. 7, párrafo 2, apartado b)",38,"NO"]
[null,null,null," ",17481627,"COMT0110 - ATENCIÓN AL CLIENTE, CONSUMIDOR O USUARIO",15,420,3,4,2,4,9,1,2,5,0,2,3,0,0,0,0,0,5,37,0,"001365 - ASOCIACIÓN PROVINCIAL DE FABRICANTES Y EXP. DE PA","G48112650","DESESTIMADA","Baliabide ekonomikoeza prozeduran (art. 7, párrafo 2, apartado b) / Falta de crédito presupuestario en el procedimiento (art. 7, párrafo 2, apartado b)",37,"NO"]
[null,null,null," ",17481898,"COMM0112 - GESTIÓN DE MARKETING Y COMUNICACIÓN",15,730,3,4,2,4,9,1,2,5,3,1,0,0,0,0,0,0,5,36,0,"002606 - CENTRO OSCUS - DOLORES SOPEÑA","G83915934","DESESTIMADA","Baliabide ekonomikoeza prozeduran (art. 7, párrafo 2, apartado b) / Falta de crédito presupuestario en el procedimiento (art. 7, párrafo 2, apartado b)",36,"NO"]
[null,null,null," ",17481894,"COMT0110 - ATENCIÓN AL CLIENTE, CONSUMIDOR O USUARIO",15,420,3,4,2,4,9,1,2,5,3,1,0,0,0,0,0,0,5,36,0,"002606 - CENTRO OSCUS - DOLORES SOPEÑA","G83915934","DESESTIMADA","Baliabide ekonomikoeza prozeduran (art. 7, párrafo 2, apartado b) / Falta de crédito presupuestario en el procedimiento (art. 7, párrafo 2, apartado b)",36,"NO"]
[null,null,null," ",17482807,"LIBR0001 - MODULO 1: ¿QUÉ SUPONE LA GESTIÓN DE UN COMERCIO? (Especialidad pendiente de inclusión en el fichero)",15,70,null,1,0,1,0,1,2,5,3,1,0,0,0,0,0,0,5,19,0,"001327 - CECOBI","G48271886","DESESTIMADA","Baliabide ekonomikoeza prozeduran (art. 7, párrafo 2, apartado b) / Falta de crédito presupuestario en el procedimiento (art. 7, párrafo 2, apartado b)",19,"NO"]
[null,null,null," ",17482809,"LIBR0001 - ¿CÓMO SE ORGANIZA UN PEQUEÑO COMERCIO? (Especialidad pendiente de inclusión en el fichero)",15,100,null,1,0,1,0,1,2,5,3,1,0,0,0,0,0,0,5,19,0,"001327 - CECOBI","G48271886","DESESTIMADA","Baliabide ekonomikoeza prozeduran (art. 7, párrafo 2, apartado b) / Falta de crédito presupuestario en el procedimiento (art. 7, párrafo 2, apartado b)",19,"NO"]
[null,null,null," ",17482811,"LIBR0001 - ¿EN QUÈ CONSISTE UN PROCESO DE VENTA? (Especialidad pendiente de inclusión en el fichero)",15,230,null,1,0,1,0,1,2,5,3,1,0,0,0,0,0,0,5,19,0,"001327 - CECOBI","G48271886","DESESTIMADA","Baliabide ekonomikoeza prozeduran (art. 7, párrafo 2, apartado b) / Falta de crédito presupuestario en el procedimiento (art. 7, párrafo 2, apartado b)",19,"NO"]
[null,null,null," ",17482813,"LIBR0001 - ¿QUÉ SERVICIOS \"EXTRA\"PUEDO OFRECER A LACLIENTELA QUE DEN UN VALOR AÑADIDO AL NEGOCIO? (Especialidad pendiente de inclusión en el fichero)",15,230,null,1,0,1,0,1,2,5,3,1,0,0,0,0,0,0,5,19,0,"001327 - CECOBI","G48271886","DESESTIMADA","Baliabide ekonomikoeza prozeduran (art. 7, párrafo 2, apartado b) / Falta de crédito presupuestario en el procedimiento (art. 7, párrafo 2, apartado b)",19,"NO"]
[null,null,null," ",17482855,"LIBR0001 - MÓDULO 5: MARKETING, CAMPAÑAS Y PUBLICIDAD (Especialidad pendiente de inclusión en el fichero)",15,100,null,1,0,1,0,1,2,5,3,1,0,0,0,0,0,0,5,19,0,"001327 - CECOBI","G48271886","DESESTIMADA","Baliabide ekonomikoeza prozeduran (art. 7, párrafo 2, apartado b) / Falta de crédito presupuestario en el procedimiento (art. 7, párrafo 2, apartado b)",19,"NO"]
[null,null,null,"ELE",17481644,"ELEQ0111 - OPERACIONES AUXILIARES DE MONTAJE Y MANTENIMIENTO DE EQUIPOS ELÉCTRICOS Y ELECTRÓNICOS",15,310,1,3,3,4,9,1,2,7,6,5,3,6,1,0,0,0,7,57,0,"000219 - KONECTIA SERVICIOS INTEGRALES","B95453874","DESESTIMADA","Baliabide ekonomikoeza prozeduran (art. 7, párrafo 2, apartado b) / Falta de crédito presupuestario en el procedimiento (art. 7, párrafo 2, apartado b)",57,"NO"]
[null,null,null," ",17481683,"ELES0208 - OPERACIONES AUXILIARES DE MONTAJE DE INSTALACIONES ELECTROTÉCNICAS Y DE TELECOMUNICAC EN EDIFICI",17,300,1,3,3,4,7,1,2,5,7,5,3,6,0,2,1,1,7,55,0,"000022 - MARISTAK IKASTETXEA","R4800505B","DESESTIMADA","Baliabide ekonomikoeza prozeduran (art. 7, párrafo 2, apartado b) / Falta de crédito presupuestario en el procedimiento (art. 7, párrafo 2, apartado b)",55,"NO"]
[null,null,null," ",17480290,"ELEQ0111 - OPERACIONES AUXILIARES DE MONTAJE Y MANTENIMIENTO DE EQUIPOS ELÉCTRICOS Y ELECTRÓNICOS",15,310,1,3,3,4,9,1,2,5,7,5,3,6,1,1,1,0,5,55,0,"000168 - CENTRO SAN VIATOR","G95426797","DESESTIMADA","Baliabide ekonomikoeza prozeduran (art. 7, párrafo 2, apartado b) / Falta de crédito presupuestario en el procedimiento (art. 7, párrafo 2, apartado b)",55,"NO"]
[null,null,null," ",17480153,"ELEQ0111 - OPERACIONES AUXILIARES DE MONTAJE Y MANTENIMIENTO DE EQUIPOS ELÉCTRICOS Y ELECTRÓNICOS",15,310,1,3,3,4,9,1,2,5,7,5,3,6,1,1,1,0,5,55,0,"000168 - CENTRO SAN VIATOR","G95426797","DESESTIMADA","Baliabide ekonomikoeza prozeduran (art. 7, párrafo 2, apartado b) / Falta de crédito presupuestario en el procedimiento (art. 7, párrafo 2, apartado b)",55,"NO"]
[null,null,null," ",17482774,"ELES0208 - OPERACIONES AUXILIARES DE MONTAJE DE INSTALACIONES ELECTROTÉCNICAS Y DE TELECOMUNICAC EN EDIFICI",15,300,1,3,3,4,7,1,2,6,7,5,3,6,1,0,0,0,6,54,0,"000015 - CENTRO DE ENSEÑANZA SAN ROQUE,S.L.","B48700280","DESESTIMADA","Baliabide ekonomikoeza prozeduran (art. 7, párrafo 2, apartado b) / Falta de crédito presupuestario en el procedimiento (art. 7, párrafo 2, apartado b)",54,"NO"]
[null,null,null," ",17482473,"ELES0208 - OPERACIONES AUXILIARES DE MONTAJE DE INSTALACIONES ELECTROTÉCNICAS Y DE TELECOMUNICAC EN EDIFICI",15,300,1,3,3,4,7,1,2,6,7,5,3,6,1,0,0,0,6,54,0,"000015 - CENTRO DE ENSEÑANZA SAN ROQUE,S.L.","B48700280","DESESTIMADA","Baliabide ekonomikoeza prozeduran (art. 7, párrafo 2, apartado b) / Falta de crédito presupuestario en el procedimiento (art. 7, párrafo 2, apartado b)",54,"NO"]
[null,null,null," ",17482472,"ELES0208 - OPERACIONES AUXILIARES DE MONTAJE DE INSTALACIONES ELECTROTÉCNICAS Y DE TELECOMUNICAC EN EDIFICI",15,300,1,3,3,4,7,1,2,6,7,5,3,6,1,0,0,0,6,54,0,"000015 - CENTRO DE ENSEÑANZA SAN ROQUE,S.L.","B48700280","DESESTIMADA","Baliabide ekonomikoeza prozeduran (art. 7, párrafo 2, apartado b) / Falta de crédito presupuestario en el procedimiento (art. 7, párrafo 2, apartado b)",54,"NO"]
[null,null,null," ",17480672,"ELEQ0111 - OPERACIONES AUXILIARES DE MONTAJE Y MANTENIMIENTO DE EQUIPOS ELÉCTRICOS Y ELECTRÓNICOS",15,310,1,3,3,4,9,1,2,5,5,4,3,8,1,1,1,0,5,54,0,"000088 - IFAP INSTITUTO PARA FORMACION DE ACTIVIDADES PRAC","B48746606","DESESTIMADA","Baliabide ekonomikoeza prozeduran (art. 7, párrafo 2, apartado b) / Falta de crédito presupuestario en el procedimiento (art. 7, párrafo 2, apartado b)",54,"NO"]
[null,null,null," ",17480831,"ELES0208 - OPERACIONES AUXILIARES DE MONTAJE DE INSTALACIONES ELECTROTÉCNICAS Y DE TELECOMUNICAC EN EDIFICI",18,300,1,3,3,4,7,1,2,6,6,5,3,6,1,1,1,0,5,53,0,"000032 - SALESIANOS DEUSTO. MARIA AUXILIADORA","R4800409G","DESESTIMADA","Baliabide ekonomikoeza prozeduran (art. 7, párrafo 2, apartado b) / Falta de crédito presupuestario en el procedimiento (art. 7, párrafo 2, apartado b)",53,"NO"]
[null,null,null," ",17480173,"ELEQ0111 - OPERACIONES AUXILIARES DE MONTAJE Y MANTENIMIENTO DE EQUIPOS ELÉCTRICOS Y ELECTRÓNICOS",15,310,1,3,3,4,9,1,2,6,7,5,3,6,1,0,0,0,1,51,0,"000015 - CENTRO DE ENSEÑANZA SAN ROQUE,S.L.","B48700280","DESESTIMADA","Baliabide ekonomikoeza prozeduran (art. 7, párrafo 2, apartado b) / Falta de crédito presupuestario en el procedimiento (art. 7, párrafo 2, apartado b)",51,"NO"]
[null,null,null," ",17480181,"ELEQ0111 - OPERACIONES AUXILIARES DE MONTAJE Y MANTENIMIENTO DE EQUIPOS ELÉCTRICOS Y ELECTRÓNICOS",15,310,1,3,3,4,9,1,2,6,7,5,3,6,1,0,0,0,1,51,0,"000015 - CENTRO DE ENSEÑANZA SAN ROQUE,S.L.","B48700280","DESESTIMADA","Baliabide ekonomikoeza prozeduran (art. 7, párrafo 2, apartado b) / Falta de crédito presupuestario en el procedimiento (art. 7, párrafo 2, apartado b)",51,"NO"]
[null,null,null," ",17482090,"ELES0208 - OPERACIONES AUXILIARES DE MONTAJE DE INSTALACIONES ELECTROTÉCNICAS Y DE TELECOMUNICAC EN EDIFICI",15,300,1,3,3,4,7,3,2,5,5,3,3,4,1,1,1,0,5,49,0,"000190 - ARRATIAKO ZULAIBAR LANBIDE IKASTEGIA","R4800615I","DESESTIMADA","Baliabide ekonomikoeza prozeduran (art. 7, párrafo 2, apartado b) / Falta de crédito presupuestario en el procedimiento (art. 7, párrafo 2, apartado b)",49,"NO"]
[null,null,null," ",17481080,"ELES0208 - OPERACIONES AUXILIARES DE MONTAJE DE INSTALACIONES ELECTROTÉCNICAS Y DE TELECOMUNICAC EN EDIFICI",17,300,1,3,3,4,7,1,2,7,5,1,3,6,0,1,1,0,5,48,0,"000078 - ESCUELA PROFESIONAL DE OTXARKOAGA","R4800614B","DESESTIMADA","Baliabide ekonomikoeza prozeduran (art. 7, párrafo 2, apartado b) / Falta de crédito presupuestario en el procedimiento (art. 7, párrafo 2, apartado b)",48,"NO"]
[null,null,null," ",17480376,"ELEQ0111 - OPERACIONES AUXILIARES DE MONTAJE Y MANTENIMIENTO DE EQUIPOS ELÉCTRICOS Y ELECTRÓNICOS",15,310,1,3,3,4,9,1,2,6,0,0,0,5,0,1,1,0,9,43,0,"001676 - BEHARLAN","G95175733","DESESTIMADA","Baliabide ekonomikoeza prozeduran (art. 7, párrafo 2, apartado b) / Falta de crédito presupuestario en el procedimiento (art. 7, párrafo 2, apartado b)",43,"NO"]
[null,null,null," ",17480377,"ELEQ0111 - OPERACIONES AUXILIARES DE MONTAJE Y MANTENIMIENTO DE EQUIPOS ELÉCTRICOS Y ELECTRÓNICOS",15,310,1,3,3,4,9,1,2,6,0,0,0,5,0,1,1,0,9,43,0,"001676 - BEHARLAN","G95175733","DESESTIMADA","Baliabide ekonomikoeza prozeduran (art. 7, párrafo 2, apartado b) / Falta de crédito presupuestario en el procedimiento (art. 7, párrafo 2, apartado b)",43,"NO"]
[null,null,null," ",17480180,"ELES0108 - MONTAJE Y MANTENIMIENTO DE INFRAESTRUCTURAS DE TELECOMUNICACIONES EN EDIFICIOS",15,330,2,3,4,4,8,1,2,6,7,5,3,6,1,0,0,0,8,58,0,"000015 - CENTRO DE ENSEÑANZA SAN ROQUE,S.L.","B48700280","DESESTIMADA","Baliabide ekonomikoeza prozeduran (art. 7, párrafo 2, apartado b) / Falta de crédito presupuestario en el procedimiento (art. 7, párrafo 2, apartado b)",58,"NO"]
[null,null,null," ",17480835,"ELES0108 - MONTAJE Y MANTENIMIENTO DE INFRAESTRUCTURAS DE TELECOMUNICACIONES EN EDIFICIOS",18,330,2,3,4,4,8,1,2,6,6,5,3,6,1,1,1,0,7,57,0,"000032 - SALESIANOS DEUSTO. MARIA AUXILIADORA","R4800409G","DESESTIMADA","Baliabide ekonomikoeza prozeduran (art. 7, párrafo 2, apartado b) / Falta de crédito presupuestario en el procedimiento (art. 7, párrafo 2, apartado b)",57,"NO"]
[null,null,null," ",17482115,"ELEE0109 - MONTAJE Y MANTENIMIENTO DE INSTALACIONES ELÉCTRICAS DE BAJA TENSIÓN",17,240,2,3,4,4,10,1,2,5,7,5,3,6,0,2,1,1,5,57,0,"000022 - MARISTAK IKASTETXEA","R4800505B","DESESTIMADA","Baliabide ekonomikoeza prozeduran (art. 7, párrafo 2, apartado b) / Falta de crédito presupuestario en el procedimiento (art. 7, párrafo 2, apartado b)",57,"NO"]
[null,null,null," ",17481650,"ELEE0109 - MONTAJE Y MANTENIMIENTO DE INSTALACIONES ELÉCTRICAS DE BAJA TENSIÓN",15,840,2,3,4,4,10,1,2,7,6,5,3,6,1,0,0,0,5,57,0,"000219 - KONECTIA SERVICIOS INTEGRALES","B95453874","DESESTIMADA","Baliabide ekonomikoeza prozeduran (art. 7, párrafo 2, apartado b) / Falta de crédito presupuestario en el procedimiento (art. 7, párrafo 2, apartado b)",57,"NO"]
[null,null,null," ",17480175,"ELEM0111 - MONTAJE Y MANTENIMIENTO DE SISTEMAS DOMÓTICOS E INMÓTICOS",15,360,2,3,4,4,8,1,2,6,7,5,3,6,1,0,0,0,5,55,0,"000015 - CENTRO DE ENSEÑANZA SAN ROQUE,S.L.","B48700280","DESESTIMADA","Baliabide ekonomikoeza prozeduran (art. 7, párrafo 2, apartado b) / Falta de crédito presupuestario en el procedimiento (art. 7, párrafo 2, apartado b)",55,"NO"]
[null,null,null," ",17480837,"ELES0209 - MONTAJE Y MANTENIMIENTO DE SISTEMAS DE TELEFONÍA E INFRAESTRUCTURAS DE REDES LOCALES DE DATOS",18,340,2,3,4,4,7,1,2,6,6,5,3,6,1,1,1,0,5,54,0,"000032 - SALESIANOS DEUSTO. MARIA AUXILIADORA","R4800409G","DESESTIMADA","Baliabide ekonomikoeza prozeduran (art. 7, párrafo 2, apartado b) / Falta de crédito presupuestario en el procedimiento (art. 7, párrafo 2, apartado b)",54,"NO"]
[null,null,null," ",17482776,"ELES0209 - MONTAJE Y MANTENIMIENTO DE SISTEMAS DE TELEFONÍA E INFRAESTRUCTURAS DE REDES LOCALES DE DATOS",15,340,2,3,4,4,7,1,2,6,7,5,3,6,1,0,0,0,5,54,0,"000015 - CENTRO DE ENSEÑANZA SAN ROQUE,S.L.","B48700280","DESESTIMADA","Baliabide ekonomikoeza prozeduran (art. 7, párrafo 2, apartado b) / Falta de crédito presupuestario en el procedimiento (art. 7, párrafo 2, apartado b)",54,"NO"]
[null,null,null," ",17480222,"ELES0209 - MONTAJE Y MANTENIMIENTO DE SISTEMAS DE TELEFONÍA E INFRAESTRUCTURAS DE REDES LOCALES DE DATOS",15,340,2,3,4,4,7,1,2,6,7,5,3,6,1,0,0,0,5,54,0,"000015 - CENTRO DE ENSEÑANZA SAN ROQUE,S.L.","B48700280","DESESTIMADA","Baliabide ekonomikoeza prozeduran (art. 7, párrafo 2, apartado b) / Falta de crédito presupuestario en el procedimiento (art. 7, párrafo 2, apartado b)",54,"NO"]
[null,null,null," ",17482038,"ELEE0109 - MONTAJE Y MANTENIMIENTO DE INSTALACIONES ELÉCTRICAS DE BAJA TENSIÓN",15,170,2,3,4,4,10,3,2,5,5,3,3,4,1,1,1,0,5,53,0,"000190 - ARRATIAKO ZULAIBAR LANBIDE IKASTEGIA","R4800615I","DESESTIMADA","Baliabide ekonomikoeza prozeduran (art. 7, párrafo 2, apartado b) / Falta de crédito presupuestario en el procedimiento (art. 7, párrafo 2, apartado b)",53,"NO"]
[null,null,null," ",17482042,"ELEE0109 - MONTAJE Y MANTENIMIENTO DE INSTALACIONES ELÉCTRICAS DE BAJA TENSIÓN",15,240,2,3,4,4,10,3,2,5,5,3,3,4,1,1,1,0,5,53,0,"000190 - ARRATIAKO ZULAIBAR LANBIDE IKASTEGIA","R4800615I","DESESTIMADA","Baliabide ekonomikoeza prozeduran (art. 7, párrafo 2, apartado b) / Falta de crédito presupuestario en el procedimiento (art. 7, párrafo 2, apartado b)",53,"NO"]
[null,null,null," ",17482059,"ELEE0109 - MONTAJE Y MANTENIMIENTO DE INSTALACIONES ELÉCTRICAS DE BAJA TENSIÓN",17,840,2,3,4,4,10,1,2,8,3,1,3,4,1,0,0,0,8,52,0,"000201 - INSTITUTO DE FORMACIÓN PRÁCTICA DE RIESGOS LABORA","B95329959","DESESTIMADA","Baliabide ekonomikoeza prozeduran (art. 7, párrafo 2, apartado b) / Falta de crédito presupuestario en el procedimiento (art. 7, párrafo 2, apartado b)",52,"NO"]
[null,null,null," ",17481083,"ELES0108 - MONTAJE Y MANTENIMIENTO DE INFRAESTRUCTURAS DE TELECOMUNICACIONES EN EDIFICIOS",17,330,2,3,4,4,8,1,2,7,5,1,3,6,0,1,1,0,7,52,0,"000078 - ESCUELA PROFESIONAL DE OTXARKOAGA","R4800614B","DESESTIMADA","Baliabide ekonomikoeza prozeduran (art. 7, párrafo 2, apartado b) / Falta de crédito presupuestario en el procedimiento (art. 7, párrafo 2, apartado b)",52,"NO"]
[null,null,null," ",17481087,"ELEE0109 - MONTAJE Y MANTENIMIENTO DE INSTALACIONES ELÉCTRICAS DE BAJA TENSIÓN",17,840,2,3,4,4,10,1,2,7,5,1,3,6,0,1,1,0,5,52,0,"000078 - ESCUELA PROFESIONAL DE OTXARKOAGA","R4800614B","DESESTIMADA","Baliabide ekonomikoeza prozeduran (art. 7, párrafo 2, apartado b) / Falta de crédito presupuestario en el procedimiento (art. 7, párrafo 2, apartado b)",52,"NO"]
[null,null,null," ",17481781,"ELES0108 - MONTAJE Y MANTENIMIENTO DE INFRAESTRUCTURAS DE TELECOMUNICACIONES EN EDIFICIOS",15,330,2,3,4,4,8,1,2,5,7,3,3,5,0,1,1,0,5,51,0,"000020 - POLITEKNIKA IKASTEGIA TXORIERRI","F48106215","DESESTIMADA","Baliabide ekonomikoeza prozeduran (art. 7, párrafo 2, apartado b) / Falta de crédito presupuestario en el procedimiento (art. 7, párrafo 2, apartado b)",51,"NO"]
[null,null,null," ",17480622,"ELEE0109 - MONTAJE Y MANTENIMIENTO DE INSTALACIONES ELÉCTRICAS DE BAJA TENSIÓN",15,400,2,3,4,4,10,1,2,8,0,5,3,5,1,0,0,0,4,50,0,"000025 - CAPCPI_ADSIS_HLPPIB (Bizkaia)","G81436099","DESESTIMADA","Baliabide ekonomikoeza prozeduran (art. 7, párrafo 2, apartado b) / Falta de crédito presupuestario en el procedimiento (art. 7, párrafo 2, apartado b)",50,"NO"]
[null,null,null," ",17480624,"ELEE0109 - MONTAJE Y MANTENIMIENTO DE INSTALACIONES ELÉCTRICAS DE BAJA TENSIÓN",15,530,2,3,4,4,10,1,2,8,0,5,3,5,1,0,0,0,4,50,0,"000025 - CAPCPI_ADSIS_HLPPIB (Bizkaia)","G81436099","DESESTIMADA","Baliabide ekonomikoeza prozeduran (art. 7, párrafo 2, apartado b) / Falta de crédito presupuestario en el procedimiento (art. 7, párrafo 2, apartado b)",50,"NO"]
[null,null,null," ",17482945,"ELES0110 - DESARROLLO DE PROYECTOS DE INFRAESTRUCTURAS DE TELECOMUNICACIÓN Y DE REDES DE VOZ Y DATOS EN EDI",15,420,3,3,2,4,7,1,2,7,6,5,3,6,1,0,0,0,7,54,0,"000219 - KONECTIA SERVICIOS INTEGRALES","B95453874","DESESTIMADA","Baliabide ekonomikoeza prozeduran (art. 7, párrafo 2, apartado b) / Falta de crédito presupuestario en el procedimiento (art. 7, párrafo 2, apartado b)",54,"NO"]
[null,null,null," ",17480349,"ELES0110 - DESARROLLO DE PROYECTOS DE INFRAESTRUCTURAS DE TELECOMUNICACIÓN Y DE REDES DE VOZ Y DATOS EN EDI",15,420,3,3,2,4,7,1,2,5,3,3,3,4,0,0,0,0,5,42,0,"000218 - ALFA FORMACIÓN Y CONSULTORÍA","B95738241","DESESTIMADA","Baliabide ekonomikoeza prozeduran (art. 7, párrafo 2, apartado b) / Falta de crédito presupuestario en el procedimiento (art. 7, párrafo 2, apartado b)",42,"NO"]
[null,null,null," ",17481532,"LIBR0001 - ELE01- AUTOMATISMOS CON CONTROL PROGRAMABLE (Especialidad pendiente de inclusión en el fichero)",15,270,null,1,0,1,0,1,2,5,3,3,0,4,1,0,0,0,5,26,0,"000169 - ESCUELA DE QUIMICA Y ELECTRONICA DE INDAUTXU","R4800656C","DESESTIMADA","Baliabide ekonomikoeza prozeduran (art. 7, párrafo 2, apartado b) / Falta de crédito presupuestario en el procedimiento (art. 7, párrafo 2, apartado b)",26,"NO"]
[null,null,null,"ENA",17482471,"ENAE0108 - MONTAJE Y MANTENIMIENTO DE INSTALACIONES SOLARES FOTOVOLTAICAS",15,420,2,1,4,4,7,1,2,6,7,5,3,6,1,0,0,0,6,53,0,"000015 - CENTRO DE ENSEÑANZA SAN ROQUE,S.L.","B48700280","DESESTIMADA","Baliabide ekonomikoeza prozeduran (art. 7, párrafo 2, apartado b) / Falta de crédito presupuestario en el procedimiento (art. 7, párrafo 2, apartado b)",53,"NO"]
[null,null,null," ",17480179,"ENAE0208 - MONTAJE Y MANTENIMIENTO DE INSTALACIONES SOLARES TÉRMICAS",15,420,2,1,4,4,6,1,2,6,7,5,3,6,1,0,0,0,4,50,0,"000015 - CENTRO DE ENSEÑANZA SAN ROQUE,S.L.","B48700280","DESESTIMADA","Baliabide ekonomikoeza prozeduran (art. 7, párrafo 2, apartado b) / Falta de crédito presupuestario en el procedimiento (art. 7, párrafo 2, apartado b)",50,"NO"]
[null,null,null," ",17480171,"ENAE0208 - MONTAJE Y MANTENIMIENTO DE INSTALACIONES SOLARES TÉRMICAS",15,420,2,1,4,4,6,1,2,6,7,5,3,6,1,0,0,0,4,50,0,"000015 - CENTRO DE ENSEÑANZA SAN ROQUE,S.L.","B48700280","DESESTIMADA","Baliabide ekonomikoeza prozeduran (art. 7, párrafo 2, apartado b) / Falta de crédito presupuestario en el procedimiento (art. 7, párrafo 2, apartado b)",50,"NO"]
[null,null,null," ",17482469,"ENAE0308 - ORGANIZACIÓN Y PROYECTOS DE INSTALACIONES SOLARES TÉRMICAS",15,470,3,1,2,4,5,1,2,6,7,5,3,6,1,0,0,0,5,48,0,"000015 - CENTRO DE ENSEÑANZA SAN ROQUE,S.L.","B48700280","DESESTIMADA","Baliabide ekonomikoeza prozeduran (art. 7, párrafo 2, apartado b) / Falta de crédito presupuestario en el procedimiento (art. 7, párrafo 2, apartado b)",48,"NO"]
[null,null,null," ",17482470,"ENAE0508 - ORGANIZACIÓN Y PROYECTOS DE INSTALACIONES SOLARES FOTOVOLTÁICAS",15,470,3,1,2,4,5,1,2,6,7,5,3,6,1,0,0,0,5,48,0,"000015 - CENTRO DE ENSEÑANZA SAN ROQUE,S.L.","B48700280","DESESTIMADA","Baliabide ekonomikoeza prozeduran (art. 7, párrafo 2, apartado b) / Falta de crédito presupuestario en el procedimiento (art. 7, párrafo 2, apartado b)",48,"NO"]
[null,null,null,"EOC",17482965,"EOCB0109 - OPERACIONES AUXILIARES DE REVESTIMIENTOS CONTINUOS EN CONSTRUCCIÓN",15,360,1,2,3,4,6,1,2,5,0,4,0,4,1,1,1,0,5,38,0,"002605 - GESTIÓN 10 - EXCAVAS","B48897664","DESESTIMADA","Baliabide ekonomikoeza prozeduran (art. 7, párrafo 2, apartado b) / Falta de crédito presupuestario en el procedimiento (art. 7, párrafo 2, apartado b)",38,"NO"]
[null,null,null," ",17482286,"EOCB0208 - OPERACIONES AUXILIARES DE ALBAÑILERÍA DE FÁBRICAS Y CUBIERTAS",15,280,1,2,3,4,5,1,2,5,0,4,0,4,1,1,1,0,5,37,0,"002605 - GESTIÓN 10 - EXCAVAS","B48897664","DESESTIMADA","Baliabide ekonomikoeza prozeduran (art. 7, párrafo 2, apartado b) / Falta de crédito presupuestario en el procedimiento (art. 7, párrafo 2, apartado b)",37,"NO"]
[null,null,null," ",17482894,"EOCQ02EXP - OPERACIÓN DE MAQUINARIA BÁSICA DE MANUTENCIÓN EN CONSTRUCCIÓN",15,180,2,2,4,1,7,1,2,5,0,4,0,4,1,1,1,0,5,37,0,"002605 - GESTIÓN 10 - EXCAVAS","B48897664","DESESTIMADA","2017ko maiatzare 2a bainolehenago, akreditatuta edo inskribatuta ez zegoen erakunde baten bitartez eskatuta izatea (2.artikuloa,2. paragrafoa, b atala) / Ser solicitada por una entidad no acreditada o inscrita para la especialidad con anterioridad al 2 de mayo de 2017 (art.2, párrafo 1, apartado b)",37,"NO"]
[null,null,null," ",17482893,"EOCQ01EXP - OPERACIÓN DE MAQUINARIA DE EXCAVACIÓN A CIELO ABIERTO",15,360,2,2,4,1,6,1,2,5,0,4,0,4,1,1,1,0,5,36,0,"002605 - GESTIÓN 10 - EXCAVAS","B48897664","DESESTIMADA","2017ko maiatzare 2a bainolehenago, akreditatuta edo inskribatuta ez zegoen erakunde baten bitartez eskatuta izatea (2.artikuloa,2. paragrafoa, b atala) / Ser solicitada por una entidad no acreditada o inscrita para la especialidad con anterioridad al 2 de mayo de 2017 (art.2, párrafo 1, apartado b)",36,"NO"]
[null,null,null," ",17482895,"EOCQ03EXP - OPERACIÓN DE MAQUINARIA MINI DE MOVIMIENTO DE TIERRAS",15,270,2,2,4,1,6,1,2,5,0,4,0,4,1,1,1,0,5,36,0,"002605 - GESTIÓN 10 - EXCAVAS","B48897664","DESESTIMADA","2017ko maiatzare 2a bainolehenago, akreditatuta edo inskribatuta ez zegoen erakunde baten bitartez eskatuta izatea (2.artikuloa,2. paragrafoa, b atala) / Ser solicitada por una entidad no acreditada o inscrita para la especialidad con anterioridad al 2 de mayo de 2017 (art.2, párrafo 1, apartado b)",36,"NO"]
[null,null,null," ",17482987,"EOCO0108 - REPRESENTACIÓN DE PROYECTOS DE EDIFICACIÓN",18,190,3,2,2,4,7,1,2,7,6,2,3,6,0,0,0,0,5,47,0,"000197 - CENTRO DE ESTUDIOS INATEC","B95060935","DESESTIMADA","Baliabide ekonomikoeza prozeduran (art. 7, párrafo 2, apartado b) / Falta de crédito presupuestario en el procedimiento (art. 7, párrafo 2, apartado b)",47,"NO"]
[null,null,null," ",17482988,"EOCO0108 - REPRESENTACIÓN DE PROYECTOS DE EDIFICACIÓN",18,200,3,2,2,4,7,1,2,7,6,2,3,6,0,0,0,0,5,47,0,"000197 - CENTRO DE ESTUDIOS INATEC","B95060935","DESESTIMADA","Baliabide ekonomikoeza prozeduran (art. 7, párrafo 2, apartado b) / Falta de crédito presupuestario en el procedimiento (art. 7, párrafo 2, apartado b)",47,"NO"]
[null,null,null," ",17481706,"EOCO0108 - REPRESENTACIÓN DE PROYECTOS DE EDIFICACIÓN",18,200,3,2,2,4,7,1,2,7,6,2,3,6,0,0,0,0,5,47,0,"000197 - CENTRO DE ESTUDIOS INATEC","B95060935","DESESTIMADA","Baliabide ekonomikoeza prozeduran (art. 7, párrafo 2, apartado b) / Falta de crédito presupuestario en el procedimiento (art. 7, párrafo 2, apartado b)",47,"NO"]
[null,null,null," ",17481714,"EOCO0108 - REPRESENTACIÓN DE PROYECTOS DE EDIFICACIÓN",18,200,3,2,2,4,7,1,2,7,6,2,3,6,0,0,0,0,5,47,0,"000197 - CENTRO DE ESTUDIOS INATEC","B95060935","DESESTIMADA","Baliabide ekonomikoeza prozeduran (art. 7, párrafo 2, apartado b) / Falta de crédito presupuestario en el procedimiento (art. 7, párrafo 2, apartado b)",47,"NO"]
[null,null,null," ",17481832,"EOCE0109 - LEVANTAMIENTOS Y REPLANTEOS",15,480,3,2,2,4,8,1,2,5,6,1,3,4,0,0,0,0,5,43,0,"000019 - CEINMARK","B39381652","DESESTIMADA","Baliabide ekonomikoeza prozeduran (art. 7, párrafo 2, apartado b) / Falta de crédito presupuestario en el procedimiento (art. 7, párrafo 2, apartado b)",43,"NO"]
[null,null,null," ",17480639,"EOCO0108 - REPRESENTACIÓN DE PROYECTOS DE EDIFICACIÓN",15,480,3,2,2,4,7,1,2,5,5,3,3,4,0,0,0,0,5,43,0,"000035 - INUTEC DISEÑO,S.L.","B95108080","DESESTIMADA","Baliabide ekonomikoeza prozeduran (art. 7, párrafo 2, apartado b) / Falta de crédito presupuestario en el procedimiento (art. 7, párrafo 2, apartado b)",43,"NO"]
[null,null,null," ",17481835,"EOCO0108 - REPRESENTACIÓN DE PROYECTOS DE EDIFICACIÓN",15,480,3,2,2,4,7,1,2,5,6,1,3,4,0,0,0,0,5,42,0,"000019 - CEINMARK","B39381652","DESESTIMADA","Baliabide ekonomikoeza prozeduran (art. 7, párrafo 2, apartado b) / Falta de crédito presupuestario en el procedimiento (art. 7, párrafo 2, apartado b)",42,"NO"]
[null,null,null," ",17481118,"EOCO082EXP - COORDINACIÓN DE SEGURIDAD EN OBRAS DE CONSTRUCCIÓN",15,200,3,2,2,1,6,1,2,5,3,3,3,4,0,0,0,0,5,37,0,"000218 - ALFA FORMACIÓN Y CONSULTORÍA","B95738241","DESESTIMADA","Baliabide ekonomikoeza prozeduran (art. 7, párrafo 2, apartado b) / Falta de crédito presupuestario en el procedimiento (art. 7, párrafo 2, apartado b)",{"$f":"SUM(J670,K670,L670,M670,N670,O670,P670,Q670,R670,S670,T670,U670,W670,X670,Y670)","v":37},{"$f":"IF(Z670 <> AF670,\"SI\",\"NO\")","v":"NO"}]
[null,null,null," ",17482335,"LIBR0001 - Operador Retroexcavadora (Especialidad pendiente de inclusión en el fichero)",15,125,null,1,0,1,0,1,2,5,0,4,0,4,1,1,1,0,5,25,0,"002605 - GESTIÓN 10 - EXCAVAS","B48897664","DESESTIMADA","Baliabide ekonomikoeza prozeduran (art. 7, párrafo 2, apartado b) / Falta de crédito presupuestario en el procedimiento (art. 7, párrafo 2, apartado b)",25,"NO"]
[null,null,null,"FCO",17482044,"LIBR0001 - COMPETENCIA CLAVE: COMUNICACION, MATEMATICAS CIENCIAS Y TECNOLOGIA, TECNOLOGIAS DE LA INFORMACION Y LA COMUNICACION, EMPRENDIZAJE (Especialidad pendiente de inclusión en el fichero)",16,390,null,1,0,1,0,1,2,5,5,3,3,4,0,0,0,0,5,30,0,"000035 - INUTEC DISEÑO,S.L.","B95108080","DESESTIMADA","Baliabide ekonomikoeza prozeduran (art. 7, párrafo 2, apartado b) / Falta de crédito presupuestario en el procedimiento (art. 7, párrafo 2, apartado b)",30,"NO"]
[null,null,null," ",17482869,"LIBR0001 - FCOM- MANIPULACIÓN ALIMENTARIA (Especialidad pendiente de inclusión en el fichero)",15,8,null,1,0,1,0,1,2,5,1,2,3,4,1,0,0,0,5,26,0,"000244 - HEZI ETA IKASI","B48997175","DESESTIMADA","Baliabide ekonomikoeza prozeduran (art. 7, párrafo 2, apartado b) / Falta de crédito presupuestario en el procedimiento (art. 7, párrafo 2, apartado b)",26,"NO"]
[null,null,null," ",17480913,"LIBR0001 - FCOM01_ MANIPULADOR DE ALIMENTOS (Especialidad pendiente de inclusión en el fichero)",15,10,null,1,0,1,0,1,2,5,1,2,3,4,1,0,0,0,5,26,0,"000244 - HEZI ETA IKASI","B48997175","DESESTIMADA","Baliabide ekonomikoeza prozeduran (art. 7, párrafo 2, apartado b) / Falta de crédito presupuestario en el procedimiento (art. 7, párrafo 2, apartado b)",26,"NO"]
[null,null,null," ",17481084,"LIBR0001 - FCOM01 MANIPLUACIÓN ALIMENTARIA (Especialidad pendiente de inclusión en el fichero)",15,10,null,1,0,1,0,1,2,5,0,1,3,5,1,0,0,0,5,25,0,"000306 - CENTRO DE FORMACION BIDERATU SL","B95349411","DESESTIMADA","Baliabide ekonomikoeza prozeduran (art. 7, párrafo 2, apartado b) / Falta de crédito presupuestario en el procedimiento (art. 7, párrafo 2, apartado b)",25,"NO"]
[null,null,null," ",17481091,"LIBR0001 - FCOM01 MANIPULACIÓN ALIMENTARIA (Especialidad pendiente de inclusión en el fichero)",15,10,null,1,0,1,0,1,2,5,0,1,3,5,1,0,0,0,5,25,0,"000306 - CENTRO DE FORMACION BIDERATU SL","B95349411","DESESTIMADA","Baliabide ekonomikoeza prozeduran (art. 7, párrafo 2, apartado b) / Falta de crédito presupuestario en el procedimiento (art. 7, párrafo 2, apartado b)",25,"NO"]
[null,null,null," ",17481098,"LIBR0001 - FCOM01 MANIPULACIÓN ALIMENTARIA (Especialidad pendiente de inclusión en el fichero)",15,10,null,1,0,1,0,1,2,5,0,1,3,5,1,0,0,0,5,25,0,"000306 - CENTRO DE FORMACION BIDERATU SL","B95349411","DESESTIMADA","Baliabide ekonomikoeza prozeduran (art. 7, párrafo 2, apartado b) / Falta de crédito presupuestario en el procedimiento (art. 7, párrafo 2, apartado b)",25,"NO"]
[null,null,null," ",17481101,"LIBR0001 - FCOM01 MANIPLUACIÓN ALIMENTARIA (Especialidad pendiente de inclusión en el fichero)",15,10,null,1,0,1,0,1,2,5,0,1,3,5,1,0,0,0,5,25,0,"000306 - CENTRO DE FORMACION BIDERATU SL","B95349411","DESESTIMADA","Baliabide ekonomikoeza prozeduran (art. 7, párrafo 2, apartado b) / Falta de crédito presupuestario en el procedimiento (art. 7, párrafo 2, apartado b)",25,"NO"]
[null,null,null,"FME",17481055,"FMEC0110 - SOLDADURA CON ELECTRODO REVESTIDO Y TIG",16,370,2,7,4,4,10,1,2,8,6,0,3,6,0,0,0,0,9,60,0,"000041 - NUEVAS TECNICAS PROFESIONALES","B48477004","DESESTIMADA","Baliabide ekonomikoeza prozeduran (art. 7, párrafo 2, apartado b) / Falta de crédito presupuestario en el procedimiento (art. 7, párrafo 2, apartado b)",60,"NO"]
[null,null,null," ",17482778,"FMEC0110 - SOLDADURA CON ELECTRODO REVESTIDO Y TIG",15,400,2,7,4,4,10,1,2,8,6,2,3,5,0,0,0,0,8,60,0,"000014 - MARISTAS SAN MIGUEL IKASTETXEA","R4800504E","DESESTIMADA","Baliabide ekonomikoeza prozeduran (art. 7, párrafo 2, apartado b) / Falta de crédito presupuestario en el procedimiento (art. 7, párrafo 2, apartado b)",60,"NO"]
[null,null,null," ",17482779,"FMEC0110 - SOLDADURA CON ELECTRODO REVESTIDO Y TIG",15,640,2,7,4,4,10,1,2,8,6,2,3,5,0,0,0,0,8,60,0,"000014 - MARISTAS SAN MIGUEL IKASTETXEA","R4800504E","DESESTIMADA","Baliabide ekonomikoeza prozeduran (art. 7, párrafo 2, apartado b) / Falta de crédito presupuestario en el procedimiento (art. 7, párrafo 2, apartado b)",60,"NO"]
[null,null,null," ",17482789,"FMEC0110 - SOLDADURA CON ELECTRODO REVESTIDO Y TIG",15,370,2,7,4,4,10,1,2,8,6,2,3,5,0,0,0,0,8,60,0,"000014 - MARISTAS SAN MIGUEL IKASTETXEA","R4800504E","DESESTIMADA","Baliabide ekonomikoeza prozeduran (art. 7, párrafo 2, apartado b) / Falta de crédito presupuestario en el procedimiento (art. 7, párrafo 2, apartado b)",60,"NO"]
[null,null,null," ",17482163,"FMEC0108 - FABRICACIÓN Y MONTAJE DE INSTALACIONES DE TUBERÍA INDUSTRIAL",15,450,2,7,4,4,8,1,2,5,6,4,3,8,1,2,2,0,5,60,0,"000033 - CENTRO DE FORMACION SOMORROSTRO","R4800613D","DESESTIMADA","Baliabide ekonomikoeza prozeduran (art. 7, párrafo 2, apartado b) / Falta de crédito presupuestario en el procedimiento (art. 7, párrafo 2, apartado b)",60,"NO"]
[null,null,null," ",17481164,"FMEC0210 - SOLDADURA OXIGÁS Y SOLDADURA MIG/MAG",16,200,2,7,4,4,10,1,2,8,6,0,3,6,0,0,0,0,8,59,0,"000041 - NUEVAS TECNICAS PROFESIONALES","B48477004","DESESTIMADA","Baliabide ekonomikoeza prozeduran (art. 7, párrafo 2, apartado b) / Falta de crédito presupuestario en el procedimiento (art. 7, párrafo 2, apartado b)",59,"NO"]
[null,null,null," ",17481175,"FMEC0210 - SOLDADURA OXIGÁS Y SOLDADURA MIG/MAG",16,200,2,7,4,4,10,1,2,8,6,0,3,6,0,0,0,0,8,59,0,"000041 - NUEVAS TECNICAS PROFESIONALES","B48477004","DESESTIMADA","Baliabide ekonomikoeza prozeduran (art. 7, párrafo 2, apartado b) / Falta de crédito presupuestario en el procedimiento (art. 7, párrafo 2, apartado b)",59,"NO"]
[null,null,null," ",17481166,"FMEC0210 - SOLDADURA OXIGÁS Y SOLDADURA MIG/MAG",16,430,2,7,4,4,10,1,2,8,6,0,3,6,0,0,0,0,8,59,0,"000041 - NUEVAS TECNICAS PROFESIONALES","B48477004","DESESTIMADA","Baliabide ekonomikoeza prozeduran (art. 7, párrafo 2, apartado b) / Falta de crédito presupuestario en el procedimiento (art. 7, párrafo 2, apartado b)",59,"NO"]
[null,null,null," ",17481176,"FMEC0210 - SOLDADURA OXIGÁS Y SOLDADURA MIG/MAG",16,430,2,7,4,4,10,1,2,8,6,0,3,6,0,0,0,0,8,59,0,"000041 - NUEVAS TECNICAS PROFESIONALES","B48477004","DESESTIMADA","Baliabide ekonomikoeza prozeduran (art. 7, párrafo 2, apartado b) / Falta de crédito presupuestario en el procedimiento (art. 7, párrafo 2, apartado b)",59,"NO"]
[null,null,null," ",17481232,"FMEC0210 - SOLDADURA OXIGÁS Y SOLDADURA MIG/MAG",16,430,2,7,4,4,10,1,2,8,6,0,3,6,0,0,0,0,8,59,0,"000041 - NUEVAS TECNICAS PROFESIONALES","B48477004","DESESTIMADA","Baliabide ekonomikoeza prozeduran (art. 7, párrafo 2, apartado b) / Falta de crédito presupuestario en el procedimiento (art. 7, párrafo 2, apartado b)",59,"NO"]
[null,null,null," ",17480051,"FMEC0210 - SOLDADURA OXIGÁS Y SOLDADURA MIG/MAG",15,430,2,7,4,4,10,1,2,6,4,4,3,6,1,1,1,0,6,59,0,"001605 - ASOCIACIÓN PARA LA INSERCIÓN SOCIAL ZABALTZEN","G48487748","DESESTIMADA","Baliabide ekonomikoeza prozeduran (art. 7, párrafo 2, apartado b) / Falta de crédito presupuestario en el procedimiento (art. 7, párrafo 2, apartado b)",59,"NO"]
[null,null,null," ",17480052,"FMEC0210 - SOLDADURA OXIGÁS Y SOLDADURA MIG/MAG",15,430,2,7,4,4,10,1,2,6,4,4,3,6,1,1,1,0,6,59,0,"001605 - ASOCIACIÓN PARA LA INSERCIÓN SOCIAL ZABALTZEN","G48487748","DESESTIMADA","Baliabide ekonomikoeza prozeduran (art. 7, párrafo 2, apartado b) / Falta de crédito presupuestario en el procedimiento (art. 7, párrafo 2, apartado b)",59,"NO"]
[null,null,null," ",17480057,"FMEC0210 - SOLDADURA OXIGÁS Y SOLDADURA MIG/MAG",15,560,2,7,4,4,10,1,2,6,4,4,3,6,1,1,1,0,6,59,0,"001605 - ASOCIACIÓN PARA LA INSERCIÓN SOCIAL ZABALTZEN","G48487748","DESESTIMADA","Baliabide ekonomikoeza prozeduran (art. 7, párrafo 2, apartado b) / Falta de crédito presupuestario en el procedimiento (art. 7, párrafo 2, apartado b)",59,"NO"]
[null,null,null," ",17481102,"FMEC0210 - SOLDADURA OXIGÁS Y SOLDADURA MIG/MAG",17,560,2,7,4,4,10,1,2,6,5,1,3,6,0,1,1,0,7,57,0,"000078 - ESCUELA PROFESIONAL DE OTXARKOAGA","R4800614B","DESESTIMADA","Baliabide ekonomikoeza prozeduran (art. 7, párrafo 2, apartado b) / Falta de crédito presupuestario en el procedimiento (art. 7, párrafo 2, apartado b)",57,"NO"]
[null,null,null," ",17481040,"FMEH0109 - MECANIZADO POR ARRANQUE DE VIRUTA",15,540,2,7,4,4,10,1,2,5,7,3,3,5,0,1,1,0,5,57,0,"000020 - POLITEKNIKA IKASTEGIA TXORIERRI","F48106215","DESESTIMADA","Baliabide ekonomikoeza prozeduran (art. 7, párrafo 2, apartado b) / Falta de crédito presupuestario en el procedimiento (art. 7, párrafo 2, apartado b)",57,"NO"]
[null,null,null," ",17482792,"FMEC0210 - SOLDADURA OXIGÁS Y SOLDADURA MIG/MAG",15,430,2,7,4,4,10,1,2,8,6,2,3,5,0,0,0,0,5,57,0,"000014 - MARISTAS SAN MIGUEL IKASTETXEA","R4800504E","DESESTIMADA","Baliabide ekonomikoeza prozeduran (art. 7, párrafo 2, apartado b) / Falta de crédito presupuestario en el procedimiento (art. 7, párrafo 2, apartado b)",57,"NO"]
[null,null,null," ",17480145,"FMEC0210 - SOLDADURA OXIGÁS Y SOLDADURA MIG/MAG",14,200,2,7,4,4,10,1,2,8,6,2,3,5,0,0,0,0,5,57,0,"000014 - MARISTAS SAN MIGUEL IKASTETXEA","R4800504E","DESESTIMADA","Baliabide ekonomikoeza prozeduran (art. 7, párrafo 2, apartado b) / Falta de crédito presupuestario en el procedimiento (art. 7, párrafo 2, apartado b)",57,"NO"]
[null,null,null," ",17481136,"FMEC0108 - FABRICACIÓN Y MONTAJE DE INSTALACIONES DE TUBERÍA INDUSTRIAL",16,450,2,7,4,4,8,1,2,8,6,0,3,6,0,0,0,0,7,56,0,"000041 - NUEVAS TECNICAS PROFESIONALES","B48477004","DESESTIMADA","Baliabide ekonomikoeza prozeduran (art. 7, párrafo 2, apartado b) / Falta de crédito presupuestario en el procedimiento (art. 7, párrafo 2, apartado b)",56,"NO"]
[null,null,null," ",17481239,"FMEC0108 - FABRICACIÓN Y MONTAJE DE INSTALACIONES DE TUBERÍA INDUSTRIAL",16,450,2,7,4,4,8,1,2,8,6,0,3,6,0,0,0,0,7,56,0,"000041 - NUEVAS TECNICAS PROFESIONALES","B48477004","DESESTIMADA","Baliabide ekonomikoeza prozeduran (art. 7, párrafo 2, apartado b) / Falta de crédito presupuestario en el procedimiento (art. 7, párrafo 2, apartado b)",56,"NO"]
[null,null,null," ",17481143,"FMEC0108 - FABRICACIÓN Y MONTAJE DE INSTALACIONES DE TUBERÍA INDUSTRIAL",16,450,2,7,4,4,8,1,2,8,6,0,3,6,0,0,0,0,7,56,0,"000041 - NUEVAS TECNICAS PROFESIONALES","B48477004","DESESTIMADA","Baliabide ekonomikoeza prozeduran (art. 7, párrafo 2, apartado b) / Falta de crédito presupuestario en el procedimiento (art. 7, párrafo 2, apartado b)",56,"NO"]
[null,null,null," ",17481094,"FMEC0110 - SOLDADURA CON ELECTRODO REVESTIDO Y TIG",17,640,2,7,4,4,10,1,2,6,5,1,3,6,0,1,1,0,5,55,0,"000078 - ESCUELA PROFESIONAL DE OTXARKOAGA","R4800614B","DESESTIMADA","Baliabide ekonomikoeza prozeduran (art. 7, párrafo 2, apartado b) / Falta de crédito presupuestario en el procedimiento (art. 7, párrafo 2, apartado b)",55,"NO"]
[null,null,null," ",17480231,"FMEC0110 - SOLDADURA CON ELECTRODO REVESTIDO Y TIG",17,400,2,7,4,4,10,1,2,5,3,3,3,6,0,0,0,0,5,53,0,"000920 - FUNDACIÓN GIZAKIA","G48473045","DESESTIMADA","Baliabide ekonomikoeza prozeduran (art. 7, párrafo 2, apartado b) / Falta de crédito presupuestario en el procedimiento (art. 7, párrafo 2, apartado b)",53,"NO"]
[null,null,null," ",17482077,"FMEC0110 - SOLDADURA CON ELECTRODO REVESTIDO Y TIG",17,400,2,7,4,4,10,1,2,5,3,3,3,6,0,0,0,0,5,53,0,"000920 - FUNDACIÓN GIZAKIA","G48473045","DESESTIMADA","Espezialitate guztia edo prestakuntza-modulurik  ez eskatu (3.2.b.1 artikulua) / No haber solicitado ni itinerario completo ni módulos formativos (artículo 3.2.b.1)",53,"NO"]
[null,null,null," ",17482029,"FMEH0109 - MECANIZADO POR ARRANQUE DE VIRUTA",15,540,2,7,4,4,10,3,2,5,5,3,3,4,1,1,1,0,1,53,0,"000190 - ARRATIAKO ZULAIBAR LANBIDE IKASTEGIA","R4800615I","DESESTIMADA","Baliabide ekonomikoeza prozeduran (art. 7, párrafo 2, apartado b) / Falta de crédito presupuestario en el procedimiento (art. 7, párrafo 2, apartado b)",53,"NO"]
[null,null,null," ",17480386,"FMEC0210 - SOLDADURA OXIGÁS Y SOLDADURA MIG/MAG",15,200,2,7,4,4,10,1,2,5,3,3,0,6,0,0,0,0,5,50,0,"000301 - CPES IKASAUTO BHIP","B95096244","DESESTIMADA","Baliabide ekonomikoeza prozeduran (art. 7, párrafo 2, apartado b) / Falta de crédito presupuestario en el procedimiento (art. 7, párrafo 2, apartado b)",50,"NO"]
[null,null,null," ",17480388,"FMEC0210 - SOLDADURA OXIGÁS Y SOLDADURA MIG/MAG",15,430,2,7,4,4,10,1,2,5,3,3,0,6,0,0,0,0,5,50,0,"000301 - CPES IKASAUTO BHIP","B95096244","DESESTIMADA","Baliabide ekonomikoeza prozeduran (art. 7, párrafo 2, apartado b) / Falta de crédito presupuestario en el procedimiento (art. 7, párrafo 2, apartado b)",50,"NO"]
[null,null,null," ",17482326,"FMEC0110 - SOLDADURA CON ELECTRODO REVESTIDO Y TIG",15,640,2,7,4,4,10,1,2,5,3,4,0,0,1,3,3,0,5,49,0,"002591 - GEHILAN 2000-GALDAMES","B48986871","DESESTIMADA","Baliabide ekonomikoeza prozeduran (art. 7, párrafo 2, apartado b) / Falta de crédito presupuestario en el procedimiento (art. 7, párrafo 2, apartado b)",49,"NO"]
[null,null,null," ",17482327,"FMEC0210 - SOLDADURA OXIGÁS Y SOLDADURA MIG/MAG",15,560,2,7,4,4,10,1,2,5,3,4,0,0,1,3,3,0,5,49,0,"002591 - GEHILAN 2000-GALDAMES","B48986871","DESESTIMADA","Baliabide ekonomikoeza prozeduran (art. 7, párrafo 2, apartado b) / Falta de crédito presupuestario en el procedimiento (art. 7, párrafo 2, apartado b)",49,"NO"]
[null,null,null," ",17480849,"FMEE0308 - DISEÑO DE PRODUCTOS DE FABRICACIÓN MECÁNICA",18,600,3,7,2,4,10,1,2,5,6,5,3,6,1,1,1,0,5,58,0,"000032 - SALESIANOS DEUSTO. MARIA AUXILIADORA","R4800409G","DESESTIMADA","Baliabide ekonomikoeza prozeduran (art. 7, párrafo 2, apartado b) / Falta de crédito presupuestario en el procedimiento (art. 7, párrafo 2, apartado b)",58,"NO"]
[null,null,null," ",17480721,"FMEC0209 - DISEÑO DE TUBERÍA INDUSTRIAL",15,440,3,7,2,4,10,1,2,5,5,3,3,8,0,1,1,0,5,56,0,"000094 - JURITECNIA S.L.","B48437842","DESESTIMADA","Baliabide ekonomikoeza prozeduran (art. 7, párrafo 2, apartado b) / Falta de crédito presupuestario en el procedimiento (art. 7, párrafo 2, apartado b)",56,"NO"]
[null,null,null," ",17480069,"FMEM04EXP - PROJECT LEADER EN EL SECTOR DE LA AUTOMOCIÓN",15,245,3,7,2,1,8,1,2,7,6,4,3,8,0,1,1,0,5,55,0,"000039 - LEA ARTIBAI IKASTETXEA","F48086243","DESESTIMADA","Baliabide ekonomikoeza prozeduran (art. 7, párrafo 2, apartado b) / Falta de crédito presupuestario en el procedimiento (art. 7, párrafo 2, apartado b)",55,"NO"]
[null,null,null," ",17480071,"FMEM05EXP - DISEÑO POR ELEMENTOS FINITOS",15,120,3,7,2,1,8,1,2,7,6,4,3,8,0,1,1,0,5,55,0,"000039 - LEA ARTIBAI IKASTETXEA","F48086243","DESESTIMADA","Baliabide ekonomikoeza prozeduran (art. 7, párrafo 2, apartado b) / Falta de crédito presupuestario en el procedimiento (art. 7, párrafo 2, apartado b)",55,"NO"]
[null,null,null," ",17480073,"FMEM06EXP - FABRICACIÓN ADITIVA: IMPRESIÓN 3D",15,360,3,7,2,1,8,1,2,7,6,4,3,8,0,1,1,0,5,55,0,"000039 - LEA ARTIBAI IKASTETXEA","F48086243","DESESTIMADA","Baliabide ekonomikoeza prozeduran (art. 7, párrafo 2, apartado b) / Falta de crédito presupuestario en el procedimiento (art. 7, párrafo 2, apartado b)",55,"NO"]
[null,null,null," ",17482032,"FMEM0311 - FABRICACIÓN DE TROQUELES PARA LA PRODUCCIÓN DE PIEZAS DE CHAPA METÁLICA",15,590,3,7,2,4,7,3,2,5,5,3,3,4,1,1,1,0,5,52,0,"000190 - ARRATIAKO ZULAIBAR LANBIDE IKASTEGIA","R4800615I","DESESTIMADA","Baliabide ekonomikoeza prozeduran (art. 7, párrafo 2, apartado b) / Falta de crédito presupuestario en el procedimiento (art. 7, párrafo 2, apartado b)",52,"NO"]
[null,null,null," ",17482985,"FMEC0208 - DISEÑO DE CALDERERÍA Y ESTRUCTURAS METÁLICAS",12,140,3,7,2,4,9,1,2,5,6,2,3,6,0,0,0,0,5,52,0,"000197 - CENTRO DE ESTUDIOS INATEC","B95060935","DESESTIMADA","Baliabide ekonomikoeza prozeduran (art. 7, párrafo 2, apartado b) / Falta de crédito presupuestario en el procedimiento (art. 7, párrafo 2, apartado b)",52,"NO"]
[null,null,null," ",17482984,"FMEC0208 - DISEÑO DE CALDERERÍA Y ESTRUCTURAS METÁLICAS",12,140,3,7,2,4,9,1,2,5,6,2,3,6,0,0,0,0,5,52,0,"000197 - CENTRO DE ESTUDIOS INATEC","B95060935","DESESTIMADA","Baliabide ekonomikoeza prozeduran (art. 7, párrafo 2, apartado b) / Falta de crédito presupuestario en el procedimiento (art. 7, párrafo 2, apartado b)",52,"NO"]
[null,null,null,"HOT",17480528,"HOTR0108 - OPERACIONES BÁSICAS DE COCINA",15,270,1,6,3,4,10,1,2,7,3,5,3,6,1,0,0,0,9,60,0,"000004 - EIDE S.L. ESCUELA INTERNAC. PARA EDUCACION Y DESA","B48474647","DESESTIMADA","Baliabide ekonomikoeza prozeduran (art. 7, párrafo 2, apartado b) / Falta de crédito presupuestario en el procedimiento (art. 7, párrafo 2, apartado b)",60,"NO"]
[null,null,null," ",17480027,"HOTR0208 - OPERACIONES BÁSICAS DE RESTAURANTE Y BAR",15,210,1,6,3,4,10,1,2,7,3,5,3,6,1,0,0,0,8,59,0,"000004 - EIDE S.L. ESCUELA INTERNAC. PARA EDUCACION Y DESA","B48474647","DESESTIMADA","Baliabide ekonomikoeza prozeduran (art. 7, párrafo 2, apartado b) / Falta de crédito presupuestario en el procedimiento (art. 7, párrafo 2, apartado b)",59,"NO"]
[null,null,null," ",17480028,"HOTR0208 - OPERACIONES BÁSICAS DE RESTAURANTE Y BAR",15,210,1,6,3,4,10,1,2,7,3,5,3,6,1,0,0,0,8,59,0,"000004 - EIDE S.L. ESCUELA INTERNAC. PARA EDUCACION Y DESA","B48474647","DESESTIMADA","Baliabide ekonomikoeza prozeduran (art. 7, párrafo 2, apartado b) / Falta de crédito presupuestario en el procedimiento (art. 7, párrafo 2, apartado b)",59,"NO"]
[null,null,null," ",17480537,"HOTR0208 - OPERACIONES BÁSICAS DE RESTAURANTE Y BAR",15,210,1,6,3,4,10,1,2,7,3,5,3,6,1,0,0,0,8,59,0,"000004 - EIDE S.L. ESCUELA INTERNAC. PARA EDUCACION Y DESA","B48474647","DESESTIMADA","Baliabide ekonomikoeza prozeduran (art. 7, párrafo 2, apartado b) / Falta de crédito presupuestario en el procedimiento (art. 7, párrafo 2, apartado b)",59,"NO"]
[null,null,null," ",17480583,"HOTR0208 - OPERACIONES BÁSICAS DE RESTAURANTE Y BAR",15,210,1,6,3,4,10,1,2,7,3,5,3,6,1,0,0,0,8,59,0,"000004 - EIDE S.L. ESCUELA INTERNAC. PARA EDUCACION Y DESA","B48474647","DESESTIMADA","Baliabide ekonomikoeza prozeduran (art. 7, párrafo 2, apartado b) / Falta de crédito presupuestario en el procedimiento (art. 7, párrafo 2, apartado b)",59,"NO"]
[null,null,null," ",17480288,"HOTR0108 - OPERACIONES BÁSICAS DE COCINA",15,270,1,6,3,4,10,1,2,8,5,4,3,5,0,0,0,0,5,56,0,"000095 - ESCUELA SUPERIOR DE HOSTELERIA BILBAO (ESHBI)","A48472526","DESESTIMADA","Baliabide ekonomikoeza prozeduran (art. 7, párrafo 2, apartado b) / Falta de crédito presupuestario en el procedimiento (art. 7, párrafo 2, apartado b)",56,"NO"]
[null,null,null," ",17480289,"HOTR0108 - OPERACIONES BÁSICAS DE COCINA",15,270,1,6,3,4,10,1,2,8,5,4,3,5,0,0,0,0,5,56,0,"000095 - ESCUELA SUPERIOR DE HOSTELERIA BILBAO (ESHBI)","A48472526","DESESTIMADA","Baliabide ekonomikoeza prozeduran (art. 7, párrafo 2, apartado b) / Falta de crédito presupuestario en el procedimiento (art. 7, párrafo 2, apartado b)",56,"NO"]
[null,null,null," ",17480286,"HOTR0208 - OPERACIONES BÁSICAS DE RESTAURANTE Y BAR",15,210,1,6,3,4,10,1,2,8,5,4,3,5,0,0,0,0,3,54,0,"000095 - ESCUELA SUPERIOR DE HOSTELERIA BILBAO (ESHBI)","A48472526","DESESTIMADA","Baliabide ekonomikoeza prozeduran (art. 7, párrafo 2, apartado b) / Falta de crédito presupuestario en el procedimiento (art. 7, párrafo 2, apartado b)",54,"NO"]
[null,null,null," ",17480207,"HOTR0109 - OPERACIONES BÁSICAS DE PASTELERÍA",20,330,1,6,3,4,10,1,2,5,3,2,3,4,0,0,0,0,9,52,0,"000194 - GREMIO PASTELERIA DE BIZKAIA","G48087340","DESESTIMADA","Baliabide ekonomikoeza prozeduran (art. 7, párrafo 2, apartado b) / Falta de crédito presupuestario en el procedimiento (art. 7, párrafo 2, apartado b)",52,"NO"]
[null,null,null," ",17481582,"HOTR0208 - OPERACIONES BÁSICAS DE RESTAURANTE Y BAR",15,210,1,6,3,4,10,1,2,7,7,1,0,4,0,0,0,0,5,50,0,"000212 - CPPCPI_SANTURTZI_HLPPIP","P4809500D","DESESTIMADA","Baliabide ekonomikoeza prozeduran (art. 7, párrafo 2, apartado b) / Falta de crédito presupuestario en el procedimiento (art. 7, párrafo 2, apartado b)",50,"NO"]
[null,null,null," ",17480366,"HOTR0108 - OPERACIONES BÁSICAS DE COCINA",14,270,1,6,3,4,10,1,2,5,0,0,0,5,0,1,1,0,8,45,0,"000383 - AHOPEKA","G95175733","DESESTIMADA","Baliabide ekonomikoeza prozeduran (art. 7, párrafo 2, apartado b) / Falta de crédito presupuestario en el procedimiento (art. 7, párrafo 2, apartado b)",45,"NO"]
[null,null,null," ",17480368,"HOTR0108 - OPERACIONES BÁSICAS DE COCINA",14,270,1,6,3,4,10,1,2,5,0,0,0,5,0,1,1,0,8,45,0,"000383 - AHOPEKA","G95175733","DESESTIMADA","Baliabide ekonomikoeza prozeduran (art. 7, párrafo 2, apartado b) / Falta de crédito presupuestario en el procedimiento (art. 7, párrafo 2, apartado b)",45,"NO"]
[null,null,null," ",17480369,"HOTR0108 - OPERACIONES BÁSICAS DE COCINA",14,270,1,6,3,4,10,1,2,5,0,0,0,5,0,1,1,0,8,45,0,"000383 - AHOPEKA","G95175733","DESESTIMADA","Baliabide ekonomikoeza prozeduran (art. 7, párrafo 2, apartado b) / Falta de crédito presupuestario en el procedimiento (art. 7, párrafo 2, apartado b)",45,"NO"]
[null,null,null," ",17480871,"HOTA0108 - OPERACIONES BÁSICAS DE PISOS EN ALOJAMIENTOS",20,300,1,6,3,4,9,1,2,6,0,0,0,4,0,0,0,0,8,43,0,"001822 - FUNDACION CLARET SOZIAL FONDOA","G95295994","DESESTIMADA","Baliabide ekonomikoeza prozeduran (art. 7, párrafo 2, apartado b) / Falta de crédito presupuestario en el procedimiento (art. 7, párrafo 2, apartado b)",43,"NO"]
[null,null,null," ",17480966,"HOTA0108 - OPERACIONES BÁSICAS DE PISOS EN ALOJAMIENTOS",20,300,1,6,3,4,9,1,2,6,0,0,0,4,0,0,0,0,8,43,0,"001822 - FUNDACION CLARET SOZIAL FONDOA","G95295994","DESESTIMADA","Baliabide ekonomikoeza prozeduran (art. 7, párrafo 2, apartado b) / Falta de crédito presupuestario en el procedimiento (art. 7, párrafo 2, apartado b)",43,"NO"]
[null,null,null," ",17482798,"HOTR0408 - COCINA",15,730,2,6,4,4,10,1,2,7,3,5,3,6,1,0,0,0,7,59,0,"000004 - EIDE S.L. ESCUELA INTERNAC. PARA EDUCACION Y DESA","B48474647","DESESTIMADA","Baliabide ekonomikoeza prozeduran (art. 7, párrafo 2, apartado b) / Falta de crédito presupuestario en el procedimiento (art. 7, párrafo 2, apartado b)",59,"NO"]
[null,null,null," ",17481947,"HOTR0408 - COCINA",15,730,2,6,4,4,10,1,2,7,7,1,0,4,0,0,0,0,7,53,0,"000212 - CPPCPI_SANTURTZI_HLPPIP","P4809500D","DESESTIMADA","Baliabide ekonomikoeza prozeduran (art. 7, párrafo 2, apartado b) / Falta de crédito presupuestario en el procedimiento (art. 7, párrafo 2, apartado b)",53,"NO"]
[null,null,null," ",17480204,"HOTR0509 - REPOSTERÍA",15,420,2,6,4,4,10,1,2,5,3,2,3,4,0,0,0,0,5,49,0,"000194 - GREMIO PASTELERIA DE BIZKAIA","G48087340","DESESTIMADA","Baliabide ekonomikoeza prozeduran (art. 7, párrafo 2, apartado b) / Falta de crédito presupuestario en el procedimiento (art. 7, párrafo 2, apartado b)",49,"NO"]
[null,null,null," ",17481958,"HOTR0608 - SERVICIOS DE RESTAURANTE",15,500,2,6,4,4,10,1,2,7,7,1,0,4,0,0,0,0,3,49,0,"000212 - CPPCPI_SANTURTZI_HLPPIP","P4809500D","DESESTIMADA","Baliabide ekonomikoeza prozeduran (art. 7, párrafo 2, apartado b) / Falta de crédito presupuestario en el procedimiento (art. 7, párrafo 2, apartado b)",49,"NO"]
[null,null,null," ",17480834,"HOTR0408 - COCINA",15,730,2,6,4,4,10,1,2,8,2,3,0,0,0,0,0,0,7,47,0,"000211 - ASOCIACIÓN DE HOSTELERÍA DE BIZKAIA (AHB)","G48115349","DESESTIMADA","Baliabide ekonomikoeza prozeduran (art. 7, párrafo 2, apartado b) / Falta de crédito presupuestario en el procedimiento (art. 7, párrafo 2, apartado b)",{"$f":"SUM(J734,K734,L734,M734,N734,O734,P734,Q734,R734,S734,T734,U734,W734,X734,Y734)","v":47},{"$f":"IF(Z734 <> AF734,\"SI\",\"NO\")","v":"NO"}]
[null,null,null," ",17480769,"HOTI0108 - PROMOCIÓN TURÍSTICA LOCAL E INFORMACIÓN AL VISITANTE",15,570,3,6,2,4,10,1,2,7,5,3,3,8,0,1,1,0,7,59,0,"000094 - JURITECNIA S.L.","B48437842","DESESTIMADA","Baliabide ekonomikoeza prozeduran (art. 7, párrafo 2, apartado b) / Falta de crédito presupuestario en el procedimiento (art. 7, párrafo 2, apartado b)",59,"NO"]
[null,null,null," ",17480776,"HOTI0108 - PROMOCIÓN TURÍSTICA LOCAL E INFORMACIÓN AL VISITANTE",15,570,3,6,2,4,10,1,2,7,5,3,3,8,0,1,1,0,7,59,0,"000094 - JURITECNIA S.L.","B48437842","DESESTIMADA","Baliabide ekonomikoeza prozeduran (art. 7, párrafo 2, apartado b) / Falta de crédito presupuestario en el procedimiento (art. 7, párrafo 2, apartado b)",59,"NO"]
[null,null,null," ",17480775,"HOTA0308 - RECEPCIÓN EN ALOJAMIENTOS",15,510,3,6,2,4,9,1,2,7,5,3,3,8,0,1,1,0,7,58,0,"000094 - JURITECNIA S.L.","B48437842","DESESTIMADA","Baliabide ekonomikoeza prozeduran (art. 7, párrafo 2, apartado b) / Falta de crédito presupuestario en el procedimiento (art. 7, párrafo 2, apartado b)",58,"NO"]
[null,null,null," ",17480777,"HOTA0308 - RECEPCIÓN EN ALOJAMIENTOS",15,510,3,6,2,4,9,1,2,7,5,3,3,8,0,1,1,0,7,58,0,"000094 - JURITECNIA S.L.","B48437842","DESESTIMADA","Baliabide ekonomikoeza prozeduran (art. 7, párrafo 2, apartado b) / Falta de crédito presupuestario en el procedimiento (art. 7, párrafo 2, apartado b)",58,"NO"]
[null,null,null," ",17481658,"HOTI0108 - PROMOCIÓN TURÍSTICA LOCAL E INFORMACIÓN AL VISITANTE",15,570,3,6,2,4,10,3,2,5,6,5,3,6,1,0,0,0,5,58,0,"000219 - KONECTIA SERVICIOS INTEGRALES","B95453874","DESESTIMADA","Baliabide ekonomikoeza prozeduran (art. 7, párrafo 2, apartado b) / Falta de crédito presupuestario en el procedimiento (art. 7, párrafo 2, apartado b)",58,"NO"]
[null,null,null," ",17482817,"HOTG0208 - VENTA DE PRODUCTOS Y SERVICIOS TURÍSTICOS",20,550,3,6,2,4,10,1,2,9,5,2,3,6,1,1,1,0,5,57,0,"000160 - SARRIKO BUSINESS SCHOOL","B48488472","DESESTIMADA","Baliabide ekonomikoeza prozeduran (art. 7, párrafo 2, apartado b) / Falta de crédito presupuestario en el procedimiento (art. 7, párrafo 2, apartado b)",57,"NO"]
[null,null,null," ",17480601,"HOTG0208 - VENTA DE PRODUCTOS Y SERVICIOS TURÍSTICOS",20,550,3,6,2,4,10,1,2,9,5,2,3,6,1,1,1,0,5,57,0,"000160 - SARRIKO BUSINESS SCHOOL","B48488472","DESESTIMADA","Baliabide ekonomikoeza prozeduran (art. 7, párrafo 2, apartado b) / Falta de crédito presupuestario en el procedimiento (art. 7, párrafo 2, apartado b)",57,"NO"]
[null,null,null," ",17480778,"HOTG0208 - VENTA DE PRODUCTOS Y SERVICIOS TURÍSTICOS",15,550,3,6,2,4,10,1,2,7,5,3,3,8,0,1,1,0,5,57,0,"000094 - JURITECNIA S.L.","B48437842","DESESTIMADA","Baliabide ekonomikoeza prozeduran (art. 7, párrafo 2, apartado b) / Falta de crédito presupuestario en el procedimiento (art. 7, párrafo 2, apartado b)",57,"NO"]
[null,null,null," ",17480772,"HOTG0108 - CREACIÓN Y GESTIÓN DE VIAJES COMBINADOS Y EVENTOS",15,510,3,6,2,4,9,1,2,7,5,3,3,8,0,1,1,0,5,56,0,"000094 - JURITECNIA S.L.","B48437842","DESESTIMADA","Baliabide ekonomikoeza prozeduran (art. 7, párrafo 2, apartado b) / Falta de crédito presupuestario en el procedimiento (art. 7, párrafo 2, apartado b)",56,"NO"]
[null,null,null," ",17480479,"HOTG0208 - VENTA DE PRODUCTOS Y SERVICIOS TURÍSTICOS",15,550,3,6,2,4,10,1,2,5,7,4,3,6,1,0,0,0,5,56,0,"000026 - CENTRIC FORMACION","B48272447","DESESTIMADA","Baliabide ekonomikoeza prozeduran (art. 7, párrafo 2, apartado b) / Falta de crédito presupuestario en el procedimiento (art. 7, párrafo 2, apartado b)",56,"NO"]
[null,null,null," ",17480596,"HOTA0308 - RECEPCIÓN EN ALOJAMIENTOS",15,510,3,6,2,4,9,1,2,7,3,5,3,6,1,0,0,0,6,55,0,"000004 - EIDE S.L. ESCUELA INTERNAC. PARA EDUCACION Y DESA","B48474647","DESESTIMADA","Baliabide ekonomikoeza prozeduran (art. 7, párrafo 2, apartado b) / Falta de crédito presupuestario en el procedimiento (art. 7, párrafo 2, apartado b)",55,"NO"]
[null,null,null," ",17481880,"HOTI0108 - PROMOCIÓN TURÍSTICA LOCAL E INFORMACIÓN AL VISITANTE",12,90,3,6,2,4,10,3,2,5,6,2,3,6,0,0,0,0,5,54,0,"000197 - CENTRO DE ESTUDIOS INATEC","B95060935","DESESTIMADA","Baliabide ekonomikoeza prozeduran (art. 7, párrafo 2, apartado b) / Falta de crédito presupuestario en el procedimiento (art. 7, párrafo 2, apartado b)",54,"NO"]
[null,null,null," ",17480879,"HOTG0208 - VENTA DE PRODUCTOS Y SERVICIOS TURÍSTICOS",15,250,3,6,2,4,10,3,2,5,4,4,3,5,1,0,0,0,5,54,0,"000242 - HARROBIA","F95164273","DESESTIMADA","Baliabide ekonomikoeza prozeduran (art. 7, párrafo 2, apartado b) / Falta de crédito presupuestario en el procedimiento (art. 7, párrafo 2, apartado b)",54,"NO"]
[null,null,null," ",17482962,"HOTG0208 - VENTA DE PRODUCTOS Y SERVICIOS TURÍSTICOS",15,550,3,6,2,4,10,1,2,5,5,2,3,5,1,2,2,0,5,53,0,"002883 - UROLALDE-BILBAO","B20149134","DESESTIMADA","Baliabide ekonomikoeza prozeduran (art. 7, párrafo 2, apartado b) / Falta de crédito presupuestario en el procedimiento (art. 7, párrafo 2, apartado b)",53,"NO"]
[null,null,null," ",17482963,"HOTG0108 - CREACIÓN Y GESTIÓN DE VIAJES COMBINADOS Y EVENTOS",15,510,3,6,2,4,9,1,2,5,5,2,3,5,1,2,2,0,5,52,0,"002883 - UROLALDE-BILBAO","B20149134","DESESTIMADA","Baliabide ekonomikoeza prozeduran (art. 7, párrafo 2, apartado b) / Falta de crédito presupuestario en el procedimiento (art. 7, párrafo 2, apartado b)",52,"NO"]
[null,null,null," ",17481165,"HOTI0108 - PROMOCIÓN TURÍSTICA LOCAL E INFORMACIÓN AL VISITANTE",15,570,3,6,2,4,10,1,2,5,5,3,3,4,0,0,0,0,5,50,0,"000035 - INUTEC DISEÑO,S.L.","B95108080","DESESTIMADA","Baliabide ekonomikoeza prozeduran (art. 7, párrafo 2, apartado b) / Falta de crédito presupuestario en el procedimiento (art. 7, párrafo 2, apartado b)",50,"NO"]
[null,null,null," ",17481837,"HOTI0108 - PROMOCIÓN TURÍSTICA LOCAL E INFORMACIÓN AL VISITANTE",15,570,3,6,2,4,10,1,2,5,6,1,3,4,0,0,0,0,5,49,0,"000019 - CEINMARK","B39381652","DESESTIMADA","Baliabide ekonomikoeza prozeduran (art. 7, párrafo 2, apartado b) / Falta de crédito presupuestario en el procedimiento (art. 7, párrafo 2, apartado b)",49,"NO"]
[null,null,null," ",17481838,"HOTI0108 - PROMOCIÓN TURÍSTICA LOCAL E INFORMACIÓN AL VISITANTE",18,570,3,6,2,4,10,1,2,5,3,2,3,6,0,0,0,0,5,49,0,"000016 - UP FORMACION","B48512941","DESESTIMADA","Baliabide ekonomikoeza prozeduran (art. 7, párrafo 2, apartado b) / Falta de crédito presupuestario en el procedimiento (art. 7, párrafo 2, apartado b)",49,"NO"]
[null,null,null," ",17480345,"HOTI0108 - PROMOCIÓN TURÍSTICA LOCAL E INFORMACIÓN AL VISITANTE",15,570,3,6,2,4,10,1,2,5,3,3,3,4,0,0,0,0,5,48,0,"000218 - ALFA FORMACIÓN Y CONSULTORÍA","B95738241","DESESTIMADA","Baliabide ekonomikoeza prozeduran (art. 7, párrafo 2, apartado b) / Falta de crédito presupuestario en el procedimiento (art. 7, párrafo 2, apartado b)",48,"NO"]
[null,null,null," ",17480172,"HOTG0208 - VENTA DE PRODUCTOS Y SERVICIOS TURÍSTICOS",15,550,3,6,2,4,10,1,2,5,3,3,0,0,2,0,0,0,5,43,0,"000249 - FUNDACION DE TRABAJADORES DE LA SIDERURGIA INTEGRAL","G95455937","DESESTIMADA","Baliabide ekonomikoeza prozeduran (art. 7, párrafo 2, apartado b) / Falta de crédito presupuestario en el procedimiento (art. 7, párrafo 2, apartado b)",43,"NO"]
[null,null,null," ",17480174,"HOTI0108 - PROMOCIÓN TURÍSTICA LOCAL E INFORMACIÓN AL VISITANTE",15,570,3,6,2,4,10,1,2,5,3,3,0,0,2,0,0,0,5,43,0,"000249 - FUNDACION DE TRABAJADORES DE LA SIDERURGIA INTEGRAL","G95455937","DESESTIMADA","Baliabide ekonomikoeza prozeduran (art. 7, párrafo 2, apartado b) / Falta de crédito presupuestario en el procedimiento (art. 7, párrafo 2, apartado b)",43,"NO"]
[null,null,null," ",17480370,"HOTI0108 - PROMOCIÓN TURÍSTICA LOCAL E INFORMACIÓN AL VISITANTE",15,570,3,6,2,4,10,1,2,5,0,0,0,5,0,1,1,0,5,41,0,"000383 - AHOPEKA","G95175733","DESESTIMADA","Baliabide ekonomikoeza prozeduran (art. 7, párrafo 2, apartado b) / Falta de crédito presupuestario en el procedimiento (art. 7, párrafo 2, apartado b)",41,"NO"]
[null,null,null,"IFC",17480154,"IFCT0108 - OPERACIONES AUXILIARES DE MONTAJE Y MANTENIMIENTO DE SISTEMAS MICROINFORMÁTICOS",15,290,1,4,3,4,7,1,2,6,7,5,3,6,1,0,0,0,6,55,0,"000015 - CENTRO DE ENSEÑANZA SAN ROQUE,S.L.","B48700280","DESESTIMADA","Baliabide ekonomikoeza prozeduran (art. 7, párrafo 2, apartado b) / Falta de crédito presupuestario en el procedimiento (art. 7, párrafo 2, apartado b)",55,"NO"]
[null,null,null," ",17482775,"IFCT0108 - OPERACIONES AUXILIARES DE MONTAJE Y MANTENIMIENTO DE SISTEMAS MICROINFORMÁTICOS",15,290,1,4,3,4,7,1,2,6,7,5,3,6,1,0,0,0,6,55,0,"000015 - CENTRO DE ENSEÑANZA SAN ROQUE,S.L.","B48700280","DESESTIMADA","Baliabide ekonomikoeza prozeduran (art. 7, párrafo 2, apartado b) / Falta de crédito presupuestario en el procedimiento (art. 7, párrafo 2, apartado b)",55,"NO"]
[null,null,null," ",17480838,"IFCT0108 - OPERACIONES AUXILIARES DE MONTAJE Y MANTENIMIENTO DE SISTEMAS MICROINFORMÁTICOS",15,290,1,4,3,4,7,1,2,6,7,5,3,6,1,0,0,0,6,55,0,"000015 - CENTRO DE ENSEÑANZA SAN ROQUE,S.L.","B48700280","DESESTIMADA","Baliabide ekonomikoeza prozeduran (art. 7, párrafo 2, apartado b) / Falta de crédito presupuestario en el procedimiento (art. 7, párrafo 2, apartado b)",55,"NO"]
[null,null,null," ",17480740,"IFCT0108 - OPERACIONES AUXILIARES DE MONTAJE Y MANTENIMIENTO DE SISTEMAS MICROINFORMÁTICOS",17,290,1,4,3,4,7,1,2,7,7,5,3,6,1,0,0,0,5,55,0,"000084 - CENTRO INFORMATICO Y GESTION MEATZE, S. L.","B48875306","DESESTIMADA","Baliabide ekonomikoeza prozeduran (art. 7, párrafo 2, apartado b) / Falta de crédito presupuestario en el procedimiento (art. 7, párrafo 2, apartado b)",55,"NO"]
[null,null,null," ",17480848,"IFCT0108 - OPERACIONES AUXILIARES DE MONTAJE Y MANTENIMIENTO DE SISTEMAS MICROINFORMÁTICOS",15,290,1,4,3,4,7,1,2,8,3,3,3,5,0,1,1,0,5,49,0,"000186 - IPARTEK SERVICIOS INFORMÁTICOS, SOC.COOP.","F48681373","DESESTIMADA","Baliabide ekonomikoeza prozeduran (art. 7, párrafo 2, apartado b) / Falta de crédito presupuestario en el procedimiento (art. 7, párrafo 2, apartado b)",49,"NO"]
[null,null,null," ",17480303,"IFCT0108 - OPERACIONES AUXILIARES DE MONTAJE Y MANTENIMIENTO DE SISTEMAS MICROINFORMÁTICOS",17,290,1,4,3,4,7,1,2,5,3,3,3,6,1,1,1,0,5,48,0,"000300 - CPES BEURKO CHECK BHIP","B95459293","DESESTIMADA","Baliabide ekonomikoeza prozeduran (art. 7, párrafo 2, apartado b) / Falta de crédito presupuestario en el procedimiento (art. 7, párrafo 2, apartado b)",48,"NO"]
[null,null,null," ",17481710,"IFCT0108 - OPERACIONES AUXILIARES DE MONTAJE Y MANTENIMIENTO DE SISTEMAS MICROINFORMÁTICOS",15,290,1,4,3,4,7,1,2,5,5,3,3,5,0,0,0,0,5,47,0,"000024 - SDAD. COOP. DE ENSEÑANZA ZABALBURU","F48119309","DESESTIMADA","Baliabide ekonomikoeza prozeduran (art. 7, párrafo 2, apartado b) / Falta de crédito presupuestario en el procedimiento (art. 7, párrafo 2, apartado b)",47,"NO"]
[null,null,null," ",17480747,"IFCT0309 - MONTAJE Y REPARACIÓN DE SISTEMAS MICROINFORMÁTICOS",17,470,2,4,4,4,9,1,2,7,7,5,3,6,1,0,0,0,5,58,0,"000084 - CENTRO INFORMATICO Y GESTION MEATZE, S. L.","B48875306","DESESTIMADA","Baliabide ekonomikoeza prozeduran (art. 7, párrafo 2, apartado b) / Falta de crédito presupuestario en el procedimiento (art. 7, párrafo 2, apartado b)",58,"NO"]
[null,null,null," ",17482474,"IFCT0309 - MONTAJE Y REPARACIÓN DE SISTEMAS MICROINFORMÁTICOS",15,470,2,4,4,4,9,1,2,6,7,5,3,6,1,0,0,0,5,57,0,"000015 - CENTRO DE ENSEÑANZA SAN ROQUE,S.L.","B48700280","DESESTIMADA","Baliabide ekonomikoeza prozeduran (art. 7, párrafo 2, apartado b) / Falta de crédito presupuestario en el procedimiento (art. 7, párrafo 2, apartado b)",57,"NO"]
[null,null,null," ",17480157,"IFCT0309 - MONTAJE Y REPARACIÓN DE SISTEMAS MICROINFORMÁTICOS",15,470,2,4,4,4,9,1,2,6,7,5,3,6,1,0,0,0,5,57,0,"000015 - CENTRO DE ENSEÑANZA SAN ROQUE,S.L.","B48700280","DESESTIMADA","Baliabide ekonomikoeza prozeduran (art. 7, párrafo 2, apartado b) / Falta de crédito presupuestario en el procedimiento (art. 7, párrafo 2, apartado b)",57,"NO"]
[null,null,null," ",17481287,"IFCM0110 - OPERACIÓN EN SISTEMAS DE COMUNICACIONES DE VOZ Y DATOS",17,510,2,4,4,4,7,1,2,7,7,5,3,6,1,0,0,0,5,56,0,"000084 - CENTRO INFORMATICO Y GESTION MEATZE, S. L.","B48875306","DESESTIMADA","Baliabide ekonomikoeza prozeduran (art. 7, párrafo 2, apartado b) / Falta de crédito presupuestario en el procedimiento (art. 7, párrafo 2, apartado b)",56,"NO"]
[null,null,null," ",17482617,"IFCT0110 - OPERACIÓN DE REDES DEPARTAMENTALES",15,490,2,4,4,4,8,1,2,6,7,5,3,6,1,0,0,0,5,56,0,"000015 - CENTRO DE ENSEÑANZA SAN ROQUE,S.L.","B48700280","DESESTIMADA","Baliabide ekonomikoeza prozeduran (art. 7, párrafo 2, apartado b) / Falta de crédito presupuestario en el procedimiento (art. 7, párrafo 2, apartado b)",56,"NO"]
[null,null,null," ",17481867,"IFCT0209 - SISTEMAS MICROINFORMÁTICOS",15,200,2,4,4,4,9,1,2,9,6,2,3,6,0,0,0,0,5,55,0,"000197 - CENTRO DE ESTUDIOS INATEC","B95060935","DESESTIMADA","Baliabide ekonomikoeza prozeduran (art. 7, párrafo 2, apartado b) / Falta de crédito presupuestario en el procedimiento (art. 7, párrafo 2, apartado b)",55,"NO"]
[null,null,null," ",17482618,"IFCM0110 - OPERACIÓN EN SISTEMAS DE COMUNICACIONES DE VOZ Y DATOS",15,510,2,4,4,4,7,1,2,6,7,5,3,6,1,0,0,0,5,55,0,"000015 - CENTRO DE ENSEÑANZA SAN ROQUE,S.L.","B48700280","DESESTIMADA","Baliabide ekonomikoeza prozeduran (art. 7, párrafo 2, apartado b) / Falta de crédito presupuestario en el procedimiento (art. 7, párrafo 2, apartado b)",55,"NO"]
[null,null,null," ",17481436,"IFCT0209 - SISTEMAS MICROINFORMÁTICOS",15,560,2,4,4,4,9,1,2,6,7,5,3,6,1,0,0,0,3,55,0,"000015 - CENTRO DE ENSEÑANZA SAN ROQUE,S.L.","B48700280","DESESTIMADA","Baliabide ekonomikoeza prozeduran (art. 7, párrafo 2, apartado b) / Falta de crédito presupuestario en el procedimiento (art. 7, párrafo 2, apartado b)",55,"NO"]
[null,null,null," ",17480156,"IFCT0209 - SISTEMAS MICROINFORMÁTICOS",15,560,2,4,4,4,9,1,2,6,7,5,3,6,1,0,0,0,3,55,0,"000015 - CENTRO DE ENSEÑANZA SAN ROQUE,S.L.","B48700280","DESESTIMADA","Baliabide ekonomikoeza prozeduran (art. 7, párrafo 2, apartado b) / Falta de crédito presupuestario en el procedimiento (art. 7, párrafo 2, apartado b)",55,"NO"]
[null,null,null," ",17480752,"IFCD0110 - CONFECCIÓN Y PUBLICACIÓN DE PÁGINAS WEB",15,480,2,4,4,4,6,1,2,8,5,3,3,8,0,1,1,0,5,54,0,"000094 - JURITECNIA S.L.","B48437842","DESESTIMADA","Baliabide ekonomikoeza prozeduran (art. 7, párrafo 2, apartado b) / Falta de crédito presupuestario en el procedimiento (art. 7, párrafo 2, apartado b)",54,"NO"]
[null,null,null," ",17480155,"IFCD0110 - CONFECCIÓN Y PUBLICACIÓN DE PÁGINAS WEB",15,480,2,4,4,4,6,1,2,6,7,5,3,6,1,0,0,0,5,54,0,"000015 - CENTRO DE ENSEÑANZA SAN ROQUE,S.L.","B48700280","DESESTIMADA","Baliabide ekonomikoeza prozeduran (art. 7, párrafo 2, apartado b) / Falta de crédito presupuestario en el procedimiento (art. 7, párrafo 2, apartado b)",54,"NO"]
[null,null,null," ",17481839,"IFCT0209 - SISTEMAS MICROINFORMÁTICOS",15,560,2,4,4,4,9,1,2,6,6,1,3,4,0,0,0,0,8,52,0,"000019 - CEINMARK","B39381652","DESESTIMADA","Baliabide ekonomikoeza prozeduran (art. 7, párrafo 2, apartado b) / Falta de crédito presupuestario en el procedimiento (art. 7, párrafo 2, apartado b)",52,"NO"]
[null,null,null," ",17481187,"IFCT0209 - SISTEMAS MICROINFORMÁTICOS",15,560,2,4,4,4,9,1,2,8,3,3,3,5,0,1,1,0,5,52,0,"000186 - IPARTEK SERVICIOS INFORMÁTICOS, SOC.COOP.","F48681373","DESESTIMADA","Baliabide ekonomikoeza prozeduran (art. 7, párrafo 2, apartado b) / Falta de crédito presupuestario en el procedimiento (art. 7, párrafo 2, apartado b)",52,"NO"]
[null,null,null," ",17481188,"IFCT0209 - SISTEMAS MICROINFORMÁTICOS",15,560,2,4,4,4,9,1,2,8,3,3,3,5,0,1,1,0,5,52,0,"000186 - IPARTEK SERVICIOS INFORMÁTICOS, SOC.COOP.","F48681373","DESESTIMADA","Baliabide ekonomikoeza prozeduran (art. 7, párrafo 2, apartado b) / Falta de crédito presupuestario en el procedimiento (art. 7, párrafo 2, apartado b)",52,"NO"]
[null,null,null," ",17481173,"IFCT0309 - MONTAJE Y REPARACIÓN DE SISTEMAS MICROINFORMÁTICOS",15,470,2,4,4,4,9,1,2,8,3,3,3,5,0,1,1,0,5,52,0,"000186 - IPARTEK SERVICIOS INFORMÁTICOS, SOC.COOP.","F48681373","DESESTIMADA","Baliabide ekonomikoeza prozeduran (art. 7, párrafo 2, apartado b) / Falta de crédito presupuestario en el procedimiento (art. 7, párrafo 2, apartado b)",52,"NO"]
[null,null,null," ",17482845,"IFCT0209 - SISTEMAS MICROINFORMÁTICOS",20,200,2,4,4,4,9,1,2,5,5,2,3,6,1,1,1,0,5,52,0,"000160 - SARRIKO BUSINESS SCHOOL","B48488472","DESESTIMADA","Baliabide ekonomikoeza prozeduran (art. 7, párrafo 2, apartado b) / Falta de crédito presupuestario en el procedimiento (art. 7, párrafo 2, apartado b)",52,"NO"]
[null,null,null," ",17480164,"IFCT0209 - SISTEMAS MICROINFORMÁTICOS",17,200,2,4,4,4,9,1,2,3,5,4,3,6,1,1,1,0,5,52,0,"000009 - CENTRO SAN LUIS","B48153555","DESESTIMADA","Baliabide ekonomikoeza prozeduran (art. 7, párrafo 2, apartado b) / Falta de crédito presupuestario en el procedimiento (art. 7, párrafo 2, apartado b)",52,"NO"]
[null,null,null," ",17480163,"IFCT0209 - SISTEMAS MICROINFORMÁTICOS",17,360,2,4,4,4,9,1,2,3,5,4,3,6,1,1,1,0,5,52,0,"000009 - CENTRO SAN LUIS","B48153555","DESESTIMADA","Baliabide ekonomikoeza prozeduran (art. 7, párrafo 2, apartado b) / Falta de crédito presupuestario en el procedimiento (art. 7, párrafo 2, apartado b)",52,"NO"]
[null,null,null," ",17482986,"IFCD0110 - CONFECCIÓN Y PUBLICACIÓN DE PÁGINAS WEB",12,90,2,4,4,4,6,1,2,9,6,2,3,6,0,0,0,0,5,52,0,"000197 - CENTRO DE ESTUDIOS INATEC","B95060935","DESESTIMADA","Baliabide ekonomikoeza prozeduran (art. 7, párrafo 2, apartado b) / Falta de crédito presupuestario en el procedimiento (art. 7, párrafo 2, apartado b)",52,"NO"]
[null,null,null," ",17482019,"IFCD0110 - CONFECCIÓN Y PUBLICACIÓN DE PÁGINAS WEB",18,210,2,4,4,4,6,1,2,9,6,2,3,6,0,0,0,0,5,52,0,"000197 - CENTRO DE ESTUDIOS INATEC","B95060935","DESESTIMADA","Baliabide ekonomikoeza prozeduran (art. 7, párrafo 2, apartado b) / Falta de crédito presupuestario en el procedimiento (art. 7, párrafo 2, apartado b)",52,"NO"]
[null,null,null," ",17482021,"IFCD0110 - CONFECCIÓN Y PUBLICACIÓN DE PÁGINAS WEB",18,180,2,4,4,4,6,1,2,9,6,2,3,6,0,0,0,0,5,52,0,"000197 - CENTRO DE ESTUDIOS INATEC","B95060935","DESESTIMADA","Baliabide ekonomikoeza prozeduran (art. 7, párrafo 2, apartado b) / Falta de crédito presupuestario en el procedimiento (art. 7, párrafo 2, apartado b)",52,"NO"]
[null,null,null," ",17481204,"IFCT0110 - OPERACIÓN DE REDES DEPARTAMENTALES",15,490,2,4,4,4,8,1,2,8,3,3,3,5,0,1,1,0,5,51,0,"000186 - IPARTEK SERVICIOS INFORMÁTICOS, SOC.COOP.","F48681373","DESESTIMADA","Baliabide ekonomikoeza prozeduran (art. 7, párrafo 2, apartado b) / Falta de crédito presupuestario en el procedimiento (art. 7, párrafo 2, apartado b)",51,"NO"]
[null,null,null," ","17481991TF","IFCT0209 - SISTEMAS MICROINFORMÁTICOS",25,560,2,4,4,4,9,1,1,8,3,3,3,5,0,1,1,0,5,51,0,"002752 - IPARTEK SERVICIOS INFORMÁTICOS, SOC.COOP.(Teleformación)","F48681373","DESESTIMADA","Baliabide ekonomikoeza prozeduran (art. 7, párrafo 2, apartado b) / Falta de crédito presupuestario en el procedimiento (art. 7, párrafo 2, apartado b)",51,"NO"]
[null,null,null," ",17480841,"IFCM0110 - OPERACIÓN EN SISTEMAS DE COMUNICACIONES DE VOZ Y DATOS",15,510,2,4,4,4,7,1,2,8,3,3,3,5,0,1,1,0,5,50,0,"000186 - IPARTEK SERVICIOS INFORMÁTICOS, SOC.COOP.","F48681373","DESESTIMADA","Baliabide ekonomikoeza prozeduran (art. 7, párrafo 2, apartado b) / Falta de crédito presupuestario en el procedimiento (art. 7, párrafo 2, apartado b)",50,"NO"]
[null,null,null," ",17480619,"IFCD0110 - CONFECCIÓN Y PUBLICACIÓN DE PÁGINAS WEB",15,480,2,4,4,4,6,1,2,9,5,3,3,4,0,0,0,0,5,50,0,"000035 - INUTEC DISEÑO,S.L.","B95108080","DESESTIMADA","Baliabide ekonomikoeza prozeduran (art. 7, párrafo 2, apartado b) / Falta de crédito presupuestario en el procedimiento (art. 7, párrafo 2, apartado b)",50,"NO"]
[null,null,null," ",17481862,"IFCD0110 - CONFECCIÓN Y PUBLICACIÓN DE PÁGINAS WEB",17,480,2,4,4,4,6,1,2,5,6,4,3,6,0,0,0,0,5,50,0,"000103 - C2B-CAMPUS TO BUSINESS","B48756498","DESESTIMADA","Baliabide ekonomikoeza prozeduran (art. 7, párrafo 2, apartado b) / Falta de crédito presupuestario en el procedimiento (art. 7, párrafo 2, apartado b)",50,"NO"]
[null,null,null," ",17480705,"IFCD0110 - CONFECCIÓN Y PUBLICACIÓN DE PÁGINAS WEB",15,480,2,4,4,4,6,1,2,8,3,3,3,5,0,1,1,0,5,49,0,"000186 - IPARTEK SERVICIOS INFORMÁTICOS, SOC.COOP.","F48681373","DESESTIMADA","Baliabide ekonomikoeza prozeduran (art. 7, párrafo 2, apartado b) / Falta de crédito presupuestario en el procedimiento (art. 7, párrafo 2, apartado b)",49,"NO"]
[null,null,null," ",17480704,"IFCD0110 - CONFECCIÓN Y PUBLICACIÓN DE PÁGINAS WEB",15,480,2,4,4,4,6,1,2,8,3,3,3,5,0,1,1,0,5,49,0,"000186 - IPARTEK SERVICIOS INFORMÁTICOS, SOC.COOP.","F48681373","DESESTIMADA","Baliabide ekonomikoeza prozeduran (art. 7, párrafo 2, apartado b) / Falta de crédito presupuestario en el procedimiento (art. 7, párrafo 2, apartado b)",49,"NO"]
[null,null,null," ",17480190,"IFCD0110 - CONFECCIÓN Y PUBLICACIÓN DE PÁGINAS WEB",15,480,2,4,4,4,6,1,2,8,7,1,0,4,0,0,0,0,7,48,0,"000145 - CENTRO DE INFORMATICA MUNICIPAL ETXEBARRI","P4803600H","DESESTIMADA","Baliabide ekonomikoeza prozeduran (art. 7, párrafo 2, apartado b) / Falta de crédito presupuestario en el procedimiento (art. 7, párrafo 2, apartado b)",48,"NO"]
[null,null,null," ",17482041,"IFCD0110 - CONFECCIÓN Y PUBLICACIÓN DE PÁGINAS WEB",15,480,2,4,4,4,6,1,2,5,5,3,3,5,0,0,0,0,5,47,0,"000048 - C.F.P. ACADEMIA IBAIONDO","B48217442","DESESTIMADA","Baliabide ekonomikoeza prozeduran (art. 7, párrafo 2, apartado b) / Falta de crédito presupuestario en el procedimiento (art. 7, párrafo 2, apartado b)",47,"NO"]
[null,null,null," ",17480501,"IFCD0110 - CONFECCIÓN Y PUBLICACIÓN DE PÁGINAS WEB",17,480,2,4,4,4,6,1,2,5,5,2,3,5,1,0,0,0,5,47,0,"000003 - CENTRO DE IDIOMAS Y ORDENADORES, S.L.","B48428080","DESESTIMADA","Baliabide ekonomikoeza prozeduran (art. 7, párrafo 2, apartado b) / Falta de crédito presupuestario en el procedimiento (art. 7, párrafo 2, apartado b)",47,"NO"]
[null,null,null," ",17481738,"IFCD0110 - CONFECCIÓN Y PUBLICACIÓN DE PÁGINAS WEB",17,480,2,4,4,4,6,1,2,5,5,2,3,5,1,0,0,0,5,47,0,"000003 - CENTRO DE IDIOMAS Y ORDENADORES, S.L.","B48428080","DESESTIMADA","Baliabide ekonomikoeza prozeduran (art. 7, párrafo 2, apartado b) / Falta de crédito presupuestario en el procedimiento (art. 7, párrafo 2, apartado b)",47,"NO"]
[null,null,null," ",17480606,"IFCD0079V - DESARROLLO WEB ADAPTATIVO CON WORDPRESS",16,270,2,4,4,1,5,1,2,9,5,3,3,4,0,0,0,0,5,46,0,"000035 - INUTEC DISEÑO,S.L.","B95108080","DESESTIMADA","Baliabide ekonomikoeza prozeduran (art. 7, párrafo 2, apartado b) / Falta de crédito presupuestario en el procedimiento (art. 7, párrafo 2, apartado b)",46,"NO"]
[null,null,null," ",17480931,"IFCT0209 - SISTEMAS MICROINFORMÁTICOS",15,560,2,4,4,4,9,1,2,5,3,3,0,6,0,0,0,0,5,46,0,"000301 - CPES IKASAUTO BHIP","B95096244","DESESTIMADA","Baliabide ekonomikoeza prozeduran (art. 7, párrafo 2, apartado b) / Falta de crédito presupuestario en el procedimiento (art. 7, párrafo 2, apartado b)",46,"NO"]
[null,null,null," ",17480385,"IFCD0110 - CONFECCIÓN Y PUBLICACIÓN DE PÁGINAS WEB",15,480,2,4,4,4,6,1,2,5,3,2,3,5,0,1,1,0,5,45,0,"000153 - CENTRO DE ESTUDIOS MIKELDI","B48133946","DESESTIMADA","Baliabide ekonomikoeza prozeduran (art. 7, párrafo 2, apartado b) / Falta de crédito presupuestario en el procedimiento (art. 7, párrafo 2, apartado b)",{"$f":"SUM(J798,K798,L798,M798,N798,O798,P798,Q798,R798,S798,T798,U798,W798,X798,Y798)","v":45},{"$f":"IF(Z798 <> AF798,\"SI\",\"NO\")","v":"NO"}]
[null,null,null," ",17480513,"IFCT0209 - SISTEMAS MICROINFORMÁTICOS",15,560,2,4,4,4,9,1,2,5,3,0,2,6,0,0,0,0,5,45,0,"000102 - SERVIC. EMPRESARIALES Y TECNOLOGIAS INFORMACION S","B48683528","DESESTIMADA","Baliabide ekonomikoeza prozeduran (art. 7, párrafo 2, apartado b) / Falta de crédito presupuestario en el procedimiento (art. 7, párrafo 2, apartado b)",45,"NO"]
[null,null,null," ",17480514,"IFCT0309 - MONTAJE Y REPARACIÓN DE SISTEMAS MICROINFORMÁTICOS",15,470,2,4,4,4,9,1,2,5,3,0,2,6,0,0,0,0,5,45,0,"000102 - SERVIC. EMPRESARIALES Y TECNOLOGIAS INFORMACION S","B48683528","DESESTIMADA","Baliabide ekonomikoeza prozeduran (art. 7, párrafo 2, apartado b) / Falta de crédito presupuestario en el procedimiento (art. 7, párrafo 2, apartado b)",45,"NO"]
[null,null,null," ",17480347,"IFCD0110 - CONFECCIÓN Y PUBLICACIÓN DE PÁGINAS WEB",15,480,2,4,4,4,6,1,2,5,3,3,3,4,0,0,0,0,5,44,0,"000218 - ALFA FORMACIÓN Y CONSULTORÍA","B95738241","DESESTIMADA","Baliabide ekonomikoeza prozeduran (art. 7, párrafo 2, apartado b) / Falta de crédito presupuestario en el procedimiento (art. 7, párrafo 2, apartado b)",44,"NO"]
[null,null,null," ",17482148,"IFCD0210 - DESARROLLO DE APLICACIONES CON TECNOLOGÍAS WEB",13,510,3,4,2,4,9,1,2,5,6,4,3,8,1,2,2,0,5,56,0,"000033 - CENTRO DE FORMACION SOMORROSTRO","R4800613D","DESESTIMADA","Baliabide ekonomikoeza prozeduran (art. 7, párrafo 2, apartado b) / Falta de crédito presupuestario en el procedimiento (art. 7, párrafo 2, apartado b)",56,"NO"]
[null,null,null," ",17480750,"IFCT0610 - ADMINISTRACIÓN Y PROGRAMACIÓN EN SISTEMAS DE PLANIFICACIÓN DE RECURS EMPRESAR Y DE GEST RELAC CL",15,570,3,4,2,4,10,1,2,8,5,3,3,8,0,1,1,0,5,56,0,"000094 - JURITECNIA S.L.","B48437842","DESESTIMADA","Baliabide ekonomikoeza prozeduran (art. 7, párrafo 2, apartado b) / Falta de crédito presupuestario en el procedimiento (art. 7, párrafo 2, apartado b)",56,"NO"]
[null,null,null," ",17481381,"IFCT0109 - SEGURIDAD INFORMÁTICA",15,420,3,4,2,4,8,1,2,8,5,4,3,8,1,1,1,0,5,56,0,"000069 - IFAP-BILBAO","B48746606","DESESTIMADA","Baliabide ekonomikoeza prozeduran (art. 7, párrafo 2, apartado b) / Falta de crédito presupuestario en el procedimiento (art. 7, párrafo 2, apartado b)",56,"NO"]
[null,null,null," ",17480738,"IFCD0210 - DESARROLLO DE APLICACIONES CON TECNOLOGÍAS WEB",17,510,3,4,2,4,9,1,2,7,7,5,3,6,1,0,0,0,5,56,0,"000084 - CENTRO INFORMATICO Y GESTION MEATZE, S. L.","B48875306","DESESTIMADA","Baliabide ekonomikoeza prozeduran (art. 7, párrafo 2, apartado b) / Falta de crédito presupuestario en el procedimiento (art. 7, párrafo 2, apartado b)",56,"NO"]
[null,null,null," ",17480744,"IFCT0310 - ADMINISTRACIÓN DE BASES DE DATOS",15,570,3,4,2,4,9,1,2,7,7,5,3,6,1,0,0,0,5,56,0,"000084 - CENTRO INFORMATICO Y GESTION MEATZE, S. L.","B48875306","DESESTIMADA","Baliabide ekonomikoeza prozeduran (art. 7, párrafo 2, apartado b) / Falta de crédito presupuestario en el procedimiento (art. 7, párrafo 2, apartado b)",56,"NO"]
[null,null,null," ",17480729,"IFCD0210 - DESARROLLO DE APLICACIONES CON TECNOLOGÍAS WEB",15,510,3,4,2,4,9,1,2,8,5,3,3,8,0,1,1,0,5,55,0,"000094 - JURITECNIA S.L.","B48437842","DESESTIMADA","Baliabide ekonomikoeza prozeduran (art. 7, párrafo 2, apartado b) / Falta de crédito presupuestario en el procedimiento (art. 7, párrafo 2, apartado b)",55,"NO"]
[null,null,null," ",17480759,"IFCT0310 - ADMINISTRACIÓN DE BASES DE DATOS",15,570,3,4,2,4,9,1,2,8,5,3,3,8,0,1,1,0,5,55,0,"000094 - JURITECNIA S.L.","B48437842","DESESTIMADA","Baliabide ekonomikoeza prozeduran (art. 7, párrafo 2, apartado b) / Falta de crédito presupuestario en el procedimiento (art. 7, párrafo 2, apartado b)",55,"NO"]
[null,null,null," ",17480742,"IFCT0109 - SEGURIDAD INFORMÁTICA",15,420,3,4,2,4,8,1,2,7,7,5,3,6,1,0,0,0,5,55,0,"000084 - CENTRO INFORMATICO Y GESTION MEATZE, S. L.","B48875306","DESESTIMADA","Baliabide ekonomikoeza prozeduran (art. 7, párrafo 2, apartado b) / Falta de crédito presupuestario en el procedimiento (art. 7, párrafo 2, apartado b)",55,"NO"]
[null,null,null," ",17480160,"IFCD0210 - DESARROLLO DE APLICACIONES CON TECNOLOGÍAS WEB",15,510,3,4,2,4,9,1,2,6,7,5,3,6,1,0,0,0,5,55,0,"000015 - CENTRO DE ENSEÑANZA SAN ROQUE,S.L.","B48700280","DESESTIMADA","Baliabide ekonomikoeza prozeduran (art. 7, párrafo 2, apartado b) / Falta de crédito presupuestario en el procedimiento (art. 7, párrafo 2, apartado b)",55,"NO"]
[null,null,null," ",17482616,"IFCT0310 - ADMINISTRACIÓN DE BASES DE DATOS",15,570,3,4,2,4,9,1,2,6,7,5,3,6,1,0,0,0,5,55,0,"000015 - CENTRO DE ENSEÑANZA SAN ROQUE,S.L.","B48700280","DESESTIMADA","Baliabide ekonomikoeza prozeduran (art. 7, párrafo 2, apartado b) / Falta de crédito presupuestario en el procedimiento (art. 7, párrafo 2, apartado b)",55,"NO"]
[null,null,null," ",17480162,"IFCT0509 - ADMINISTRACIÓN DE SERVICIOS DE INTERNET",15,510,3,4,2,4,9,1,2,6,7,5,3,6,1,0,0,0,5,55,0,"000015 - CENTRO DE ENSEÑANZA SAN ROQUE,S.L.","B48700280","DESESTIMADA","Baliabide ekonomikoeza prozeduran (art. 7, párrafo 2, apartado b) / Falta de crédito presupuestario en el procedimiento (art. 7, párrafo 2, apartado b)",55,"NO"]
[null,null,null," ",17482615,"IFCT0509 - ADMINISTRACIÓN DE SERVICIOS DE INTERNET",15,510,3,4,2,4,9,1,2,6,7,5,3,6,1,0,0,0,5,55,0,"000015 - CENTRO DE ENSEÑANZA SAN ROQUE,S.L.","B48700280","DESESTIMADA","Baliabide ekonomikoeza prozeduran (art. 7, párrafo 2, apartado b) / Falta de crédito presupuestario en el procedimiento (art. 7, párrafo 2, apartado b)",55,"NO"]
[null,null,null," ",17480161,"IFCT0109 - SEGURIDAD INFORMÁTICA",15,420,3,4,2,4,8,1,2,6,7,5,3,6,1,0,0,0,5,54,0,"000015 - CENTRO DE ENSEÑANZA SAN ROQUE,S.L.","B48700280","DESESTIMADA","Baliabide ekonomikoeza prozeduran (art. 7, párrafo 2, apartado b) / Falta de crédito presupuestario en el procedimiento (art. 7, párrafo 2, apartado b)",54,"NO"]
[null,null,null," ",17481458,"IFCD0210 - DESARROLLO DE APLICACIONES CON TECNOLOGÍAS WEB",17,180,3,4,2,4,9,3,2,5,6,4,3,6,0,0,0,0,5,53,0,"000103 - C2B-CAMPUS TO BUSINESS","B48756498","DESESTIMADA","Baliabide ekonomikoeza prozeduran (art. 7, párrafo 2, apartado b) / Falta de crédito presupuestario en el procedimiento (art. 7, párrafo 2, apartado b)",53,"NO"]
[null,null,null," ",17481506,"IFCD0210 - DESARROLLO DE APLICACIONES CON TECNOLOGÍAS WEB",17,240,3,4,2,4,9,3,2,5,6,4,3,6,0,0,0,0,5,53,0,"000103 - C2B-CAMPUS TO BUSINESS","B48756498","DESESTIMADA","Baliabide ekonomikoeza prozeduran (art. 7, párrafo 2, apartado b) / Falta de crédito presupuestario en el procedimiento (art. 7, párrafo 2, apartado b)",53,"NO"]
[null,null,null," ",17480739,"IFCD0112 - PROGRAMACIÓN CON LENGUAJES ORIENTADOS A OBJETOS Y BASES DE DATOS RELACIONALES",15,630,3,4,2,4,6,1,2,8,5,3,3,8,0,1,1,0,5,52,0,"000094 - JURITECNIA S.L.","B48437842","DESESTIMADA","Baliabide ekonomikoeza prozeduran (art. 7, párrafo 2, apartado b) / Falta de crédito presupuestario en el procedimiento (art. 7, párrafo 2, apartado b)",52,"NO"]
[null,null,null," ",17481661,"IFCD0112 - PROGRAMACIÓN CON LENGUAJES ORIENTADOS A OBJETOS Y BASES DE DATOS RELACIONALES",15,630,3,4,2,4,6,1,2,7,6,5,3,6,1,0,0,0,5,52,0,"000219 - KONECTIA SERVICIOS INTEGRALES","B95453874","DESESTIMADA","Baliabide ekonomikoeza prozeduran (art. 7, párrafo 2, apartado b) / Falta de crédito presupuestario en el procedimiento (art. 7, párrafo 2, apartado b)",52,"NO"]
[null,null,null," ",17480158,"IFCD0211 - SISTEMAS DE GESTIÓN DE INFORMACIÓN",15,510,3,4,2,4,6,1,2,6,7,5,3,6,1,0,0,0,5,52,0,"000015 - CENTRO DE ENSEÑANZA SAN ROQUE,S.L.","B48700280","DESESTIMADA","Baliabide ekonomikoeza prozeduran (art. 7, párrafo 2, apartado b) / Falta de crédito presupuestario en el procedimiento (art. 7, párrafo 2, apartado b)",52,"NO"]
[null,null,null," ",17480167,"IFCT0109 - SEGURIDAD INFORMÁTICA",17,420,3,4,2,4,8,1,2,3,5,4,3,6,1,1,1,0,7,51,0,"000009 - CENTRO SAN LUIS","B48153555","DESESTIMADA","Baliabide ekonomikoeza prozeduran (art. 7, párrafo 2, apartado b) / Falta de crédito presupuestario en el procedimiento (art. 7, párrafo 2, apartado b)",51,"NO"]
[null,null,null," ",17480827,"IFCD0210 - DESARROLLO DE APLICACIONES CON TECNOLOGÍAS WEB",15,510,3,4,2,4,9,1,2,8,3,3,3,5,0,1,1,0,6,51,0,"000186 - IPARTEK SERVICIOS INFORMÁTICOS, SOC.COOP.","F48681373","DESESTIMADA","Baliabide ekonomikoeza prozeduran (art. 7, párrafo 2, apartado b) / Falta de crédito presupuestario en el procedimiento (art. 7, párrafo 2, apartado b)",51,"NO"]
[null,null,null," ",17480825,"IFCD0210 - DESARROLLO DE APLICACIONES CON TECNOLOGÍAS WEB",15,510,3,4,2,4,9,1,2,8,3,3,3,5,0,1,1,0,6,51,0,"000186 - IPARTEK SERVICIOS INFORMÁTICOS, SOC.COOP.","F48681373","DESESTIMADA","Baliabide ekonomikoeza prozeduran (art. 7, párrafo 2, apartado b) / Falta de crédito presupuestario en el procedimiento (art. 7, párrafo 2, apartado b)",51,"NO"]
[null,null,null," ",17481192,"IFCT0610 - ADMINISTRACIÓN Y PROGRAMACIÓN EN SISTEMAS DE PLANIFICACIÓN DE RECURS EMPRESAR Y DE GEST RELAC CL",15,570,3,4,2,4,10,1,2,8,3,3,3,5,0,1,1,0,5,51,0,"000186 - IPARTEK SERVICIOS INFORMÁTICOS, SOC.COOP.","F48681373","DESESTIMADA","Baliabide ekonomikoeza prozeduran (art. 7, párrafo 2, apartado b) / Falta de crédito presupuestario en el procedimiento (art. 7, párrafo 2, apartado b)",51,"NO"]
[null,null,null," ",17480621,"IFCD0210 - DESARROLLO DE APLICACIONES CON TECNOLOGÍAS WEB",15,510,3,4,2,4,9,1,2,9,5,3,3,4,0,0,0,0,5,51,0,"000035 - INUTEC DISEÑO,S.L.","B95108080","DESESTIMADA","Baliabide ekonomikoeza prozeduran (art. 7, párrafo 2, apartado b) / Falta de crédito presupuestario en el procedimiento (art. 7, párrafo 2, apartado b)",51,"NO"]
[null,null,null," ",17480616,"IFCT0310 - ADMINISTRACIÓN DE BASES DE DATOS",15,570,3,4,2,4,9,1,2,9,5,3,3,4,0,0,0,0,5,51,0,"000035 - INUTEC DISEÑO,S.L.","B95108080","DESESTIMADA","Baliabide ekonomikoeza prozeduran (art. 7, párrafo 2, apartado b) / Falta de crédito presupuestario en el procedimiento (art. 7, párrafo 2, apartado b)",51,"NO"]
[null,null,null," ",17480765,"IFCD61EXP - CREACIÓN DE VIDEOJUEGOS CON UNITY 3D",15,340,3,4,2,1,7,1,2,7,7,5,3,6,1,0,0,0,5,51,0,"000084 - CENTRO INFORMATICO Y GESTION MEATZE, S. L.","B48875306","DESESTIMADA","Baliabide ekonomikoeza prozeduran (art. 7, párrafo 2, apartado b) / Falta de crédito presupuestario en el procedimiento (art. 7, párrafo 2, apartado b)",51,"NO"]
[null,null,null," ",17481509,"IFCD0210 - DESARROLLO DE APLICACIONES CON TECNOLOGÍAS WEB",17,420,3,4,2,4,9,1,2,5,6,4,3,6,0,0,0,0,5,51,0,"000103 - C2B-CAMPUS TO BUSINESS","B48756498","DESESTIMADA","Baliabide ekonomikoeza prozeduran (art. 7, párrafo 2, apartado b) / Falta de crédito presupuestario en el procedimiento (art. 7, párrafo 2, apartado b)",51,"NO"]
[null,null,null," ",17480733,"IFCD60EXP - CREACIÓN DE PROUYECTOS EN VISUAL BASIC.NET",15,400,3,4,2,1,7,1,2,8,5,3,3,8,0,1,1,0,5,50,0,"000094 - JURITECNIA S.L.","B48437842","DESESTIMADA","Baliabide ekonomikoeza prozeduran (art. 7, párrafo 2, apartado b) / Falta de crédito presupuestario en el procedimiento (art. 7, párrafo 2, apartado b)",50,"NO"]
[null,null,null," ",17481202,"IFCT0310 - ADMINISTRACIÓN DE BASES DE DATOS",15,570,3,4,2,4,9,1,2,8,3,3,3,5,0,1,1,0,5,50,0,"000186 - IPARTEK SERVICIOS INFORMÁTICOS, SOC.COOP.","F48681373","DESESTIMADA","Baliabide ekonomikoeza prozeduran (art. 7, párrafo 2, apartado b) / Falta de crédito presupuestario en el procedimiento (art. 7, párrafo 2, apartado b)",50,"NO"]
[null,null,null," ",17481199,"IFCT0509 - ADMINISTRACIÓN DE SERVICIOS DE INTERNET",15,510,3,4,2,4,9,1,2,8,3,3,3,5,0,1,1,0,5,50,0,"000186 - IPARTEK SERVICIOS INFORMÁTICOS, SOC.COOP.","F48681373","DESESTIMADA","Baliabide ekonomikoeza prozeduran (art. 7, párrafo 2, apartado b) / Falta de crédito presupuestario en el procedimiento (art. 7, párrafo 2, apartado b)",50,"NO"]
[null,null,null," ",17480063,"IFCD0210 - DESARROLLO DE APLICACIONES CON TECNOLOGÍAS WEB",17,510,3,4,2,4,9,1,2,3,5,4,3,6,1,1,1,0,5,50,0,"000009 - CENTRO SAN LUIS","B48153555","DESESTIMADA","Baliabide ekonomikoeza prozeduran (art. 7, párrafo 2, apartado b) / Falta de crédito presupuestario en el procedimiento (art. 7, párrafo 2, apartado b)",50,"NO"]
[null,null,null," ",17480823,"IFCD0112 - PROGRAMACIÓN CON LENGUAJES ORIENTADOS A OBJETOS Y BASES DE DATOS RELACIONALES",15,630,3,4,2,4,6,1,2,8,3,3,3,5,0,1,1,0,7,49,0,"000186 - IPARTEK SERVICIOS INFORMÁTICOS, SOC.COOP.","F48681373","DESESTIMADA","Baliabide ekonomikoeza prozeduran (art. 7, párrafo 2, apartado b) / Falta de crédito presupuestario en el procedimiento (art. 7, párrafo 2, apartado b)",49,"NO"]
[null,null,null," ",17480820,"IFCD0112 - PROGRAMACIÓN CON LENGUAJES ORIENTADOS A OBJETOS Y BASES DE DATOS RELACIONALES",15,630,3,4,2,4,6,1,2,8,3,3,3,5,0,1,1,0,7,49,0,"000186 - IPARTEK SERVICIOS INFORMÁTICOS, SOC.COOP.","F48681373","DESESTIMADA","Baliabide ekonomikoeza prozeduran (art. 7, párrafo 2, apartado b) / Falta de crédito presupuestario en el procedimiento (art. 7, párrafo 2, apartado b)",49,"NO"]
[null,null,null," ",17481207,"IFCT0109 - SEGURIDAD INFORMÁTICA",15,420,3,4,2,4,8,1,2,8,3,3,3,5,0,1,1,0,5,49,0,"000186 - IPARTEK SERVICIOS INFORMÁTICOS, SOC.COOP.","F48681373","DESESTIMADA","Baliabide ekonomikoeza prozeduran (art. 7, párrafo 2, apartado b) / Falta de crédito presupuestario en el procedimiento (art. 7, párrafo 2, apartado b)",49,"NO"]
[null,null,null," ",17481201,"IFCT0409 - IMPLANTACIÓN Y GESTIÓN DE ELEMEN INFORMÁT SISTE DOMÓTICOS/INMÓTICOS,CONTROL ACCES Y PRESE,VIDEOV",15,460,3,4,2,4,8,1,2,8,3,3,3,5,0,1,1,0,5,49,0,"000186 - IPARTEK SERVICIOS INFORMÁTICOS, SOC.COOP.","F48681373","DESESTIMADA","Baliabide ekonomikoeza prozeduran (art. 7, párrafo 2, apartado b) / Falta de crédito presupuestario en el procedimiento (art. 7, párrafo 2, apartado b)",49,"NO"]
[null,null,null," ",17481195,"IFCT0609 - PROGRAMACIÓN DE SISTEMAS INFORMÁTICOS",15,510,3,4,2,4,8,1,2,8,3,3,3,5,0,1,1,0,5,49,0,"000186 - IPARTEK SERVICIOS INFORMÁTICOS, SOC.COOP.","F48681373","DESESTIMADA","Baliabide ekonomikoeza prozeduran (art. 7, párrafo 2, apartado b) / Falta de crédito presupuestario en el procedimiento (art. 7, párrafo 2, apartado b)",49,"NO"]
[null,null,null," ",17480875,"IFCT0310 - ADMINISTRACIÓN DE BASES DE DATOS",15,200,3,4,2,4,9,1,2,5,4,4,3,5,1,0,0,0,5,49,0,"000242 - HARROBIA","F95164273","DESESTIMADA","Baliabide ekonomikoeza prozeduran (art. 7, párrafo 2, apartado b) / Falta de crédito presupuestario en el procedimiento (art. 7, párrafo 2, apartado b)",49,"NO"]
[null,null,null," ",17482113,"IFCD0075V - PROGRAMACIÓN PARA DISPOSITIVOS MÓVILES ANDROID",17,380,3,4,2,1,5,1,2,5,7,5,3,6,0,2,1,1,5,48,0,"000022 - MARISTAK IKASTETXEA","R4800505B","DESESTIMADA","Baliabide ekonomikoeza prozeduran (art. 7, párrafo 2, apartado b) / Falta de crédito presupuestario en el procedimiento (art. 7, párrafo 2, apartado b)",48,"NO"]
[null,null,null," ",17480828,"IFCD0211 - SISTEMAS DE GESTIÓN DE INFORMACIÓN",15,510,3,4,2,4,6,1,2,8,3,3,3,5,0,1,1,0,5,47,0,"000186 - IPARTEK SERVICIOS INFORMÁTICOS, SOC.COOP.","F48681373","DESESTIMADA","Baliabide ekonomikoeza prozeduran (art. 7, párrafo 2, apartado b) / Falta de crédito presupuestario en el procedimiento (art. 7, párrafo 2, apartado b)",47,"NO"]
[null,null,null," ",17481200,"IFCT0410 - ADMINISTRACIÓN Y DISEÑO DE REDES DEPARTAMENTALES",15,530,3,4,2,4,6,1,2,8,3,3,3,5,0,1,1,0,5,47,0,"000186 - IPARTEK SERVICIOS INFORMÁTICOS, SOC.COOP.","F48681373","DESESTIMADA","Baliabide ekonomikoeza prozeduran (art. 7, párrafo 2, apartado b) / Falta de crédito presupuestario en el procedimiento (art. 7, párrafo 2, apartado b)",47,"NO"]
[null,null,null," ",17481842,"IFCD0210 - DESARROLLO DE APLICACIONES CON TECNOLOGÍAS WEB",15,510,3,4,2,4,9,1,2,6,6,1,3,4,0,0,0,0,5,47,0,"000019 - CEINMARK","B39381652","DESESTIMADA","Baliabide ekonomikoeza prozeduran (art. 7, párrafo 2, apartado b) / Falta de crédito presupuestario en el procedimiento (art. 7, párrafo 2, apartado b)",47,"NO"]
[null,null,null," ",17481843,"IFCT0310 - ADMINISTRACIÓN DE BASES DE DATOS",15,570,3,4,2,4,9,1,2,6,6,1,3,4,0,0,0,0,5,47,0,"000019 - CEINMARK","B39381652","DESESTIMADA","Baliabide ekonomikoeza prozeduran (art. 7, párrafo 2, apartado b) / Falta de crédito presupuestario en el procedimiento (art. 7, párrafo 2, apartado b)",47,"NO"]
[null,null,null," ",17481844,"IFCT0509 - ADMINISTRACIÓN DE SERVICIOS DE INTERNET",15,510,3,4,2,4,9,1,2,6,6,1,3,4,0,0,0,0,5,47,0,"000019 - CEINMARK","B39381652","DESESTIMADA","Baliabide ekonomikoeza prozeduran (art. 7, párrafo 2, apartado b) / Falta de crédito presupuestario en el procedimiento (art. 7, párrafo 2, apartado b)",47,"NO"]
[null,null,null," ",17481857,"IFCM0310 - GESTIÓN DE REDES DE VOZ Y DATOS",17,530,3,4,2,4,5,1,2,5,6,4,3,6,0,0,0,0,5,47,0,"000103 - C2B-CAMPUS TO BUSINESS","B48756498","DESESTIMADA","Baliabide ekonomikoeza prozeduran (art. 7, párrafo 2, apartado b) / Falta de crédito presupuestario en el procedimiento (art. 7, párrafo 2, apartado b)",47,"NO"]
[null,null,null," ",17480761,"IFCD0111 - PROGRAMACIÓN EN LENGUAJES ESTRUCTURADOS DE APLICACIONES DE GESTIÓN",15,620,3,4,2,4,5,1,2,8,3,3,3,5,0,1,1,0,5,46,0,"000186 - IPARTEK SERVICIOS INFORMÁTICOS, SOC.COOP.","F48681373","DESESTIMADA","Baliabide ekonomikoeza prozeduran (art. 7, párrafo 2, apartado b) / Falta de crédito presupuestario en el procedimiento (art. 7, párrafo 2, apartado b)",46,"NO"]
[null,null,null," ",17480846,"IFCM0310 - GESTIÓN DE REDES DE VOZ Y DATOS",15,530,3,4,2,4,5,1,2,8,3,3,3,5,0,1,1,0,5,46,0,"000186 - IPARTEK SERVICIOS INFORMÁTICOS, SOC.COOP.","F48681373","DESESTIMADA","Baliabide ekonomikoeza prozeduran (art. 7, párrafo 2, apartado b) / Falta de crédito presupuestario en el procedimiento (art. 7, párrafo 2, apartado b)",46,"NO"]
[null,null,null," ",17481197,"IFCT0510 - GESTIÓN DE SISTEMAS INFORMÁTICOS",15,420,3,4,2,4,5,1,2,8,3,3,3,5,0,1,1,0,5,46,0,"000186 - IPARTEK SERVICIOS INFORMÁTICOS, SOC.COOP.","F48681373","DESESTIMADA","Baliabide ekonomikoeza prozeduran (art. 7, párrafo 2, apartado b) / Falta de crédito presupuestario en el procedimiento (art. 7, párrafo 2, apartado b)",46,"NO"]
[null,null,null," ",17480424,"IFCD61EXP - CREACIÓN DE VIDEOJUEGOS CON UNITY 3D",15,340,3,4,2,1,7,3,2,5,4,4,3,5,1,0,0,0,5,46,0,"000242 - HARROBIA","F95164273","DESESTIMADA","Baliabide ekonomikoeza prozeduran (art. 7, párrafo 2, apartado b) / Falta de crédito presupuestario en el procedimiento (art. 7, párrafo 2, apartado b)",46,"NO"]
[null,null,null," ",17480390,"IFCT0609 - PROGRAMACIÓN DE SISTEMAS INFORMÁTICOS",15,510,3,4,2,4,8,1,2,5,3,2,3,5,0,1,1,0,5,45,0,"000153 - CENTRO DE ESTUDIOS MIKELDI","B48133946","DESESTIMADA","Baliabide ekonomikoeza prozeduran (art. 7, párrafo 2, apartado b) / Falta de crédito presupuestario en el procedimiento (art. 7, párrafo 2, apartado b)",45,"NO"]
[null,null,null," ",17482020,"IFCT0610 - ADMINISTRACIÓN Y PROGRAMACIÓN EN SISTEMAS DE PLANIFICACIÓN DE RECURS EMPRESAR Y DE GEST RELAC CL",15,570,3,4,2,4,10,3,2,5,5,5,0,0,0,0,0,0,5,45,0,"001769 - ACCIÓN LABORAL","V09409749","DESESTIMADA","Baliabide ekonomikoeza prozeduran (art. 7, párrafo 2, apartado b) / Falta de crédito presupuestario en el procedimiento (art. 7, párrafo 2, apartado b)",45,"NO"]
[null,null,null," ",17480193,"IFCD0111 - PROGRAMACIÓN EN LENGUAJES ESTRUCTURADOS DE APLICACIONES DE GESTIÓN",15,620,3,4,2,4,5,1,2,8,7,1,0,4,0,0,0,0,6,44,0,"000145 - CENTRO DE INFORMATICA MUNICIPAL ETXEBARRI","P4803600H","DESESTIMADA","Baliabide ekonomikoeza prozeduran (art. 7, párrafo 2, apartado b) / Falta de crédito presupuestario en el procedimiento (art. 7, párrafo 2, apartado b)",44,"NO"]
[null,null,null," ",17481841,"IFCD0112 - PROGRAMACIÓN CON LENGUAJES ORIENTADOS A OBJETOS Y BASES DE DATOS RELACIONALES",15,630,3,4,2,4,6,1,2,6,6,1,3,4,0,0,0,0,5,44,0,"000019 - CEINMARK","B39381652","DESESTIMADA","Baliabide ekonomikoeza prozeduran (art. 7, párrafo 2, apartado b) / Falta de crédito presupuestario en el procedimiento (art. 7, párrafo 2, apartado b)",44,"NO"]
[null,null,null," ",17481448,"IFCT17 - MICROSOFT CERTIFIED SOLUTIONS DEVELOPER (MCSD): WEB APPLICATIONS",17,260,3,4,2,1,5,1,2,5,6,4,3,6,0,0,0,0,5,44,0,"000103 - C2B-CAMPUS TO BUSINESS","B48756498","DESESTIMADA","Baliabide ekonomikoeza prozeduran (art. 7, párrafo 2, apartado b) / Falta de crédito presupuestario en el procedimiento (art. 7, párrafo 2, apartado b)",44,"NO"]
[null,null,null," ",17482136,"IFCT17 - MICROSOFT CERTIFIED SOLUTIONS DEVELOPER (MCSD): WEB APPLICATIONS",17,260,3,4,2,1,5,1,2,5,6,4,3,6,0,0,0,0,5,44,0,"000103 - C2B-CAMPUS TO BUSINESS","B48756498","DESESTIMADA","Baliabide ekonomikoeza prozeduran (art. 7, párrafo 2, apartado b) / Falta de crédito presupuestario en el procedimiento (art. 7, párrafo 2, apartado b)",44,"NO"]
[null,null,null," ",17481450,"IFCT17 - MICROSOFT CERTIFIED SOLUTIONS DEVELOPER (MCSD): WEB APPLICATIONS",17,260,3,4,2,1,5,1,2,5,6,4,3,6,0,0,0,0,5,44,0,"000103 - C2B-CAMPUS TO BUSINESS","B48756498","DESESTIMADA","Baliabide ekonomikoeza prozeduran (art. 7, párrafo 2, apartado b) / Falta de crédito presupuestario en el procedimiento (art. 7, párrafo 2, apartado b)",44,"NO"]
[null,null,null," ",17482056,"IFCT17 - MICROSOFT CERTIFIED SOLUTIONS DEVELOPER (MCSD): WEB APPLICATIONS",17,260,3,4,2,1,5,1,2,5,6,4,3,6,0,0,0,0,5,44,0,"000103 - C2B-CAMPUS TO BUSINESS","B48756498","DESESTIMADA","Baliabide ekonomikoeza prozeduran (art. 7, párrafo 2, apartado b) / Falta de crédito presupuestario en el procedimiento (art. 7, párrafo 2, apartado b)",44,"NO"]
[null,null,null," ",17481988,"IFCD0210 - DESARROLLO DE APLICACIONES CON TECNOLOGÍAS WEB",15,510,3,4,2,4,9,3,2,5,5,5,0,0,0,0,0,0,5,44,0,"001769 - ACCIÓN LABORAL","V09409749","DESESTIMADA","Baliabide ekonomikoeza prozeduran (art. 7, párrafo 2, apartado b) / Falta de crédito presupuestario en el procedimiento (art. 7, párrafo 2, apartado b)",44,"NO"]
[null,null,null," ",17481840,"IFCD0211 - SISTEMAS DE GESTIÓN DE INFORMACIÓN",17,510,3,4,2,4,6,1,2,5,3,2,3,6,0,0,0,0,5,43,0,"000016 - UP FORMACION","B48512941","DESESTIMADA","Baliabide ekonomikoeza prozeduran (art. 7, párrafo 2, apartado b) / Falta de crédito presupuestario en el procedimiento (art. 7, párrafo 2, apartado b)",43,"NO"]
[null,null,null," ",17481775,"IFCD0075V - PROGRAMACIÓN PARA DISPOSITIVOS MÓVILES ANDROID",15,380,3,4,2,1,5,1,2,5,5,3,3,5,0,0,0,0,5,41,0,"000048 - C.F.P. ACADEMIA IBAIONDO","B48217442","DESESTIMADA","Baliabide ekonomikoeza prozeduran (art. 7, párrafo 2, apartado b) / Falta de crédito presupuestario en el procedimiento (art. 7, párrafo 2, apartado b)",41,"NO"]
[null,null,null," ",17480344,"IFCD60EXP - CREACIÓN DE PROUYECTOS EN VISUAL BASIC.NET",15,400,3,4,2,1,7,1,2,5,3,3,3,4,0,0,0,0,5,40,0,"000218 - ALFA FORMACIÓN Y CONSULTORÍA","B95738241","DESESTIMADA","Baliabide ekonomikoeza prozeduran (art. 7, párrafo 2, apartado b) / Falta de crédito presupuestario en el procedimiento (art. 7, párrafo 2, apartado b)",40,"NO"]
[null,null,null," ",17480346,"IFCT32 - GESTIÓN DE OFFICE 365 Y SOLUCIONES SHAREPOINT",15,200,3,4,2,3,5,1,2,5,3,3,3,4,0,0,0,0,5,40,0,"000218 - ALFA FORMACIÓN Y CONSULTORÍA","B95738241","DESESTIMADA","Baliabide ekonomikoeza prozeduran (art. 7, párrafo 2, apartado b) / Falta de crédito presupuestario en el procedimiento (art. 7, párrafo 2, apartado b)",40,"NO"]
[null,null,null," ",17481121,"IFCD0075V - PROGRAMACIÓN PARA DISPOSITIVOS MÓVILES ANDROID",15,380,3,4,2,1,5,1,2,5,3,3,3,4,0,0,0,0,5,38,0,"000218 - ALFA FORMACIÓN Y CONSULTORÍA","B95738241","DESESTIMADA","Baliabide ekonomikoeza prozeduran (art. 7, párrafo 2, apartado b) / Falta de crédito presupuestario en el procedimiento (art. 7, párrafo 2, apartado b)",{"$f":"SUM(J862,K862,L862,M862,N862,O862,P862,Q862,R862,S862,T862,U862,W862,X862,Y862)","v":38},{"$f":"IF(Z862 <> AF862,\"SI\",\"NO\")","v":"NO"}]
[null,null,null," ",17482247,"LIBR0001 - CERTIFICACIÓN CCNA (Especialidad pendiente de inclusión en el fichero)",17,300,null,1,0,1,0,1,2,5,7,5,3,6,0,2,1,1,5,38,0,"000022 - MARISTAK IKASTETXEA","R4800505B","DESESTIMADA","Baliabide ekonomikoeza prozeduran (art. 7, párrafo 2, apartado b) / Falta de crédito presupuestario en el procedimiento (art. 7, párrafo 2, apartado b)",38,"NO"]
[null,null,null,"IMA",17481961,"IMAI0108 - OPERACIONES DE FONTANERÍA Y CALEFACCIÓN-CLIMATIZACIÓN DOMÉSTICA",15,320,1,3,3,4,8,1,2,5,7,1,0,4,0,0,0,0,5,43,0,"000212 - CPPCPI_SANTURTZI_HLPPIP","P4809500D","DESESTIMADA","Baliabide ekonomikoeza prozeduran (art. 7, párrafo 2, apartado b) / Falta de crédito presupuestario en el procedimiento (art. 7, párrafo 2, apartado b)",43,"NO"]
[null,null,null," ",17480627,"IMAI0108 - OPERACIONES DE FONTANERÍA Y CALEFACCIÓN-CLIMATIZACIÓN DOMÉSTICA",15,320,1,3,3,4,8,1,2,5,0,5,3,5,1,0,0,0,2,42,0,"000025 - CAPCPI_ADSIS_HLPPIB (Bizkaia)","G81436099","DESESTIMADA","Baliabide ekonomikoeza prozeduran (art. 7, párrafo 2, apartado b) / Falta de crédito presupuestario en el procedimiento (art. 7, párrafo 2, apartado b)",42,"NO"]
[null,null,null," ",17480629,"IMAI0108 - OPERACIONES DE FONTANERÍA Y CALEFACCIÓN-CLIMATIZACIÓN DOMÉSTICA",15,320,1,3,3,4,8,1,2,5,0,5,3,5,1,0,0,0,2,42,0,"000025 - CAPCPI_ADSIS_HLPPIB (Bizkaia)","G81436099","DESESTIMADA","Baliabide ekonomikoeza prozeduran (art. 7, párrafo 2, apartado b) / Falta de crédito presupuestario en el procedimiento (art. 7, párrafo 2, apartado b)",42,"NO"]
[null,null,null," ",17480925,"IMAQ0108 - MANTENIMIENTO Y MONTAJE MECÁNICO DE EQUIPO INDUSTRIAL",15,510,2,3,4,4,10,1,2,5,3,3,0,6,0,0,0,0,5,46,0,"000301 - CPES IKASAUTO BHIP","B95096244","DESESTIMADA","Baliabide ekonomikoeza prozeduran (art. 7, párrafo 2, apartado b) / Falta de crédito presupuestario en el procedimiento (art. 7, párrafo 2, apartado b)",46,"NO"]
[null,null,null,"IMP",17480718,"IMPQ0108 - SERVICIOS AUXILIARES DE PELUQUERÍA",15,210,1,3,3,4,7,1,2,9,3,2,3,4,0,0,0,0,9,50,0,"000320 - CENTRO DE PELUQUERÍA FERNANDO","14916890X","DESESTIMADA","Deialdiaren 2.1 b) artikuluan: Baja Prestakuntza-Erakundeen Erregistroan 2017/08/29an (Lanbideko zuzendari nagusiaren 2017ko urriaren 30eko Ebazpena)/ Art. 2.1 b) de la convocatoria: Baja en el Registro de entidades en fecha 29/08/2017 (Resol. Director General de Lanbide de 30/10/2017) Deialdiaren 2.2. artikuluan: EAEn baliabiderik ez izatea./Art. 2.2 de la convocatoria: No disposición de medios en la CAPV.",50,"NO"]
[null,null,null," ",17481557,"IMPQ0108 - SERVICIOS AUXILIARES DE PELUQUERÍA",15,210,1,3,3,4,7,1,2,9,3,2,3,4,0,0,0,0,9,50,0,"000320 - CENTRO DE PELUQUERÍA FERNANDO","14916890X","DESESTIMADA","Deialdiaren 2.1 b) artikuluan: Baja Prestakuntza-Erakundeen Erregistroan 2017/08/29an (Lanbideko zuzendari nagusiaren 2017ko urriaren 30eko Ebazpena)/ Art. 2.1 b) de la convocatoria: Baja en el Registro de entidades en fecha 29/08/2017 (Resol. Director General de Lanbide de 30/10/2017) Deialdiaren 2.2. artikuluan: EAEn baliabiderik ez izatea./Art. 2.2 de la convocatoria: No disposición de medios en la CAPV.",50,"NO"]
[null,null,null," ",17480737,"IMPQ0108 - SERVICIOS AUXILIARES DE PELUQUERÍA",15,210,1,3,3,4,7,1,2,9,3,2,3,4,0,0,0,0,9,50,0,"000320 - CENTRO DE PELUQUERÍA FERNANDO","14916890X","DESESTIMADA","Deialdiaren 2.1 b) artikuluan: Baja Prestakuntza-Erakundeen Erregistroan 2017/08/29an (Lanbideko zuzendari nagusiaren 2017ko urriaren 30eko Ebazpena)/ Art. 2.1 b) de la convocatoria: Baja en el Registro de entidades en fecha 29/08/2017 (Resol. Director General de Lanbide de 30/10/2017) Deialdiaren 2.2. artikuluan: EAEn baliabiderik ez izatea./Art. 2.2 de la convocatoria: No disposición de medios en la CAPV.",50,"NO"]
[null,null,null," ",17481007,"IMPE0108 - SERVICIOS AUXILIARES DE ESTÉTICA",15,240,1,3,3,4,7,1,2,9,3,4,3,4,0,0,0,0,5,48,0,"000405 - ASOCIACION CONTRA LA EXCLUSIÓN SOCIAL MARGOTU","G95206934","DESESTIMADA","Baliabide ekonomikoeza prozeduran (art. 7, párrafo 2, apartado b) / Falta de crédito presupuestario en el procedimiento (art. 7, párrafo 2, apartado b)",48,"NO"]
[null,null,null," ",17481956,"IMPQ0108 - SERVICIOS AUXILIARES DE PELUQUERÍA",15,210,1,3,3,4,7,1,2,5,7,1,0,4,0,0,0,0,5,42,0,"000212 - CPPCPI_SANTURTZI_HLPPIP","P4809500D","DESESTIMADA","Baliabide ekonomikoeza prozeduran (art. 7, párrafo 2, apartado b) / Falta de crédito presupuestario en el procedimiento (art. 7, párrafo 2, apartado b)",42,"NO"]
[null,null,null," ",17481887,"IMPE0108 - SERVICIOS AUXILIARES DE ESTÉTICA",15,240,1,3,3,4,7,1,2,5,3,1,0,0,0,0,0,0,5,34,0,"002606 - CENTRO OSCUS - DOLORES SOPEÑA","G83915934","DESESTIMADA","Baliabide ekonomikoeza prozeduran (art. 7, párrafo 2, apartado b) / Falta de crédito presupuestario en el procedimiento (art. 7, párrafo 2, apartado b)",34,"NO"]
[null,null,null," ",17481881,"IMPQ0108 - SERVICIOS AUXILIARES DE PELUQUERÍA",15,210,1,3,3,4,7,1,2,5,3,1,0,0,0,0,0,0,5,34,0,"002606 - CENTRO OSCUS - DOLORES SOPEÑA","G83915934","DESESTIMADA","Baliabide ekonomikoeza prozeduran (art. 7, párrafo 2, apartado b) / Falta de crédito presupuestario en el procedimiento (art. 7, párrafo 2, apartado b)",34,"NO"]
[null,null,null," ",17481553,"IMPQ0208 - PELUQUERÍA",20,590,2,3,4,4,8,1,2,9,3,2,3,4,0,0,0,0,8,51,0,"000320 - CENTRO DE PELUQUERÍA FERNANDO","14916890X","DESESTIMADA","Deialdiaren 2.1 b) artikuluan: Baja Prestakuntza-Erakundeen Erregistroan 2017/08/29an (Lanbideko zuzendari nagusiaren 2017ko urriaren 30eko Ebazpena)/ Art. 2.1 b) de la convocatoria: Baja en el Registro de entidades en fecha 29/08/2017 (Resol. Director General de Lanbide de 30/10/2017) Deialdiaren 2.2. artikuluan: EAEn baliabiderik ez izatea./Art. 2.2 de la convocatoria: No disposición de medios en la CAPV.",51,"NO"]
[null,null,null," ",17480881,"IMPQ0208 - PELUQUERÍA",20,590,2,3,4,4,8,1,2,9,3,2,3,4,0,0,0,0,8,51,0,"000320 - CENTRO DE PELUQUERÍA FERNANDO","14916890X","DESESTIMADA","Deialdiaren 2.1 b) artikuluan: Baja Prestakuntza-Erakundeen Erregistroan 2017/08/29an (Lanbideko zuzendari nagusiaren 2017ko urriaren 30eko Ebazpena)/ Art. 2.1 b) de la convocatoria: Baja en el Registro de entidades en fecha 29/08/2017 (Resol. Director General de Lanbide de 30/10/2017) Deialdiaren 2.2. artikuluan: EAEn baliabiderik ez izatea./Art. 2.2 de la convocatoria: No disposición de medios en la CAPV.",51,"NO"]
[null,null,null," ",17480226,"IMPQ0208 - PELUQUERÍA",18,590,2,3,4,4,8,1,2,8,5,2,3,5,0,1,1,0,5,51,0,"000319 - CENTRO DE FORMACIÓN PROFESIONAL ARCE","B48667968","DESESTIMADA","Baliabide ekonomikoeza prozeduran (art. 7, párrafo 2, apartado b) / Falta de crédito presupuestario en el procedimiento (art. 7, párrafo 2, apartado b)",51,"NO"]
[null,null,null," ",17480279,"IMPP0208 - SERVICIOS ESTÉTICOS DE HIGIENE, DEPILACIÓN Y MAQUILLAJE",18,480,2,3,4,4,7,1,2,8,5,2,3,5,0,1,1,0,5,50,0,"000319 - CENTRO DE FORMACIÓN PROFESIONAL ARCE","B48667968","DESESTIMADA","Baliabide ekonomikoeza prozeduran (art. 7, párrafo 2, apartado b) / Falta de crédito presupuestario en el procedimiento (art. 7, párrafo 2, apartado b)",50,"NO"]
[null,null,null," ",17481008,"IMPQ0208 - PELUQUERÍA",15,110,2,3,4,4,8,1,2,9,3,4,3,4,0,0,0,0,5,50,0,"000405 - ASOCIACION CONTRA LA EXCLUSIÓN SOCIAL MARGOTU","G95206934","DESESTIMADA","Baliabide ekonomikoeza prozeduran (art. 7, párrafo 2, apartado b) / Falta de crédito presupuestario en el procedimiento (art. 7, párrafo 2, apartado b)",50,"NO"]
[null,null,null," ",17481004,"IMPQ0208 - PELUQUERÍA",15,550,2,3,4,4,8,1,2,9,3,4,3,4,0,0,0,0,5,50,0,"000405 - ASOCIACION CONTRA LA EXCLUSIÓN SOCIAL MARGOTU","G95206934","DESESTIMADA","Baliabide ekonomikoeza prozeduran (art. 7, párrafo 2, apartado b) / Falta de crédito presupuestario en el procedimiento (art. 7, párrafo 2, apartado b)",50,"NO"]
[null,null,null," ",17481890,"IMPP0108 - CUIDADOS ESTÉTICOS DE MANOS Y PIES",15,280,2,3,4,4,9,1,2,5,3,1,0,0,0,0,0,0,5,37,0,"002606 - CENTRO OSCUS - DOLORES SOPEÑA","G83915934","DESESTIMADA","Baliabide ekonomikoeza prozeduran (art. 7, párrafo 2, apartado b) / Falta de crédito presupuestario en el procedimiento (art. 7, párrafo 2, apartado b)",37,"NO"]
[null,null,null," ",17480454,"IMPQ0208 - PELUQUERÍA",15,590,2,3,4,4,8,1,2,5,3,1,0,0,0,0,0,0,5,36,0,"002606 - CENTRO OSCUS - DOLORES SOPEÑA","G83915934","DESESTIMADA","Baliabide ekonomikoeza prozeduran (art. 7, párrafo 2, apartado b) / Falta de crédito presupuestario en el procedimiento (art. 7, párrafo 2, apartado b)",36,"NO"]
[null,null,null,"IMS",17481742,"IMSV0209 - DESARROLLO DE PRODUCTOS AUDIOVISUALES MULTIMEDIA INTERACTIVOS",17,460,3,2,2,4,3,1,2,6,5,2,3,5,1,0,0,0,6,42,0,"000003 - CENTRO DE IDIOMAS Y ORDENADORES, S.L.","B48428080","DESESTIMADA","Baliabide ekonomikoeza prozeduran (art. 7, párrafo 2, apartado b) / Falta de crédito presupuestario en el procedimiento (art. 7, párrafo 2, apartado b)",42,"NO"]
[null,null,null," ",17480422,"IMSV0209 - DESARROLLO DE PRODUCTOS AUDIOVISUALES MULTIMEDIA INTERACTIVOS",15,460,3,2,2,4,3,1,2,5,4,4,3,5,1,0,0,0,5,41,0,"000242 - HARROBIA","F95164273","DESESTIMADA","Baliabide ekonomikoeza prozeduran (art. 7, párrafo 2, apartado b) / Falta de crédito presupuestario en el procedimiento (art. 7, párrafo 2, apartado b)",41,"NO"]
[null,null,null," ",17482847,"IMSV0209 - DESARROLLO DE PRODUCTOS AUDIOVISUALES MULTIMEDIA INTERACTIVOS",16,460,3,2,2,4,3,1,2,5,5,3,3,4,0,0,0,0,5,39,0,"000035 - INUTEC DISEÑO,S.L.","B95108080","DESESTIMADA","2017ko maiatzare 2a bainolehenago, akreditatuta edo inskribatuta ez zegoen erakunde baten bitartez eskatuta izatea (2.artikuloa,2. paragrafoa, b atala) / Ser solicitada por una entidad no acreditada o inscrita para la especialidad con anterioridad al 2 de mayo de 2017 (art.2, párrafo 1, apartado b)",39,"NO"]
[null,null,null," ",17480372,"IMSD0108 - ASISTENCIA A LA REALIZACIÓN EN TELEVISIÓN",15,450,3,2,2,4,5,1,2,6,4,2,0,0,0,0,0,0,7,35,0,"001679 - INICIATIVAS DE COMUNICACIÓN SOCIAL, S.L.","B48515357","DESESTIMADA","Baliabide ekonomikoeza prozeduran (art. 7, párrafo 2, apartado b) / Falta de crédito presupuestario en el procedimiento (art. 7, párrafo 2, apartado b)",35,"NO"]
[null,null,null," ",17480373,"IMSD0108 - ASISTENCIA A LA REALIZACIÓN EN TELEVISIÓN",15,450,3,2,2,4,5,1,2,6,4,2,0,0,0,0,0,0,7,35,0,"001679 - INICIATIVAS DE COMUNICACIÓN SOCIAL, S.L.","B48515357","DESESTIMADA","Baliabide ekonomikoeza prozeduran (art. 7, párrafo 2, apartado b) / Falta de crédito presupuestario en el procedimiento (art. 7, párrafo 2, apartado b)",35,"NO"]
[null,null,null," ",17481103,"IMSV01 - DISEÑO DE APLICACIONES WEB E INTEGRACIÓN DE PRODUCTOS AUDIOVISU MULTIMEDIA INTERACTI EN APLI WEB",15,480,3,2,2,1,3,1,2,5,3,3,3,4,0,0,0,0,5,34,0,"000218 - ALFA FORMACIÓN Y CONSULTORÍA","B95738241","DESESTIMADA","Baliabide ekonomikoeza prozeduran (art. 7, párrafo 2, apartado b) / Falta de crédito presupuestario en el procedimiento (art. 7, párrafo 2, apartado b)",34,"NO"]
[null,null,null," ",17480371,"IMSV0209 - DESARROLLO DE PRODUCTOS AUDIOVISUALES MULTIMEDIA INTERACTIVOS",15,460,3,2,2,4,3,1,2,6,4,2,0,0,0,0,0,0,7,33,0,"001679 - INICIATIVAS DE COMUNICACIÓN SOCIAL, S.L.","B48515357","DESESTIMADA","Baliabide ekonomikoeza prozeduran (art. 7, párrafo 2, apartado b) / Falta de crédito presupuestario en el procedimiento (art. 7, párrafo 2, apartado b)",33,"NO"]
[null,null,null,"INA",17480862,"INAI0108 - CARNICERÍA Y ELABORACIÓN DE PRODUCTOS CÁRNICOS",17,430,2,2,4,4,10,1,2,8,0,1,3,5,1,0,0,0,8,49,0,"000306 - CENTRO DE FORMACION BIDERATU SL","B95349411","DESESTIMADA","Baliabide ekonomikoeza prozeduran (art. 7, párrafo 2, apartado b) / Falta de crédito presupuestario en el procedimiento (art. 7, párrafo 2, apartado b)",49,"NO"]
[null,null,null," ",17480865,"INAI0108 - CARNICERÍA Y ELABORACIÓN DE PRODUCTOS CÁRNICOS",17,430,2,2,4,4,10,1,2,8,0,1,3,5,1,0,0,0,8,49,0,"000306 - CENTRO DE FORMACION BIDERATU SL","B95349411","DESESTIMADA","Baliabide ekonomikoeza prozeduran (art. 7, párrafo 2, apartado b) / Falta de crédito presupuestario en el procedimiento (art. 7, párrafo 2, apartado b)",49,"NO"]
[null,null,null," ",17480209,"INAF0108 - PANADERÍA Y BOLLERÍA",20,450,2,2,4,4,8,1,2,8,3,2,3,4,0,0,0,0,7,48,0,"000194 - GREMIO PASTELERIA DE BIZKAIA","G48087340","DESESTIMADA","Baliabide ekonomikoeza prozeduran (art. 7, párrafo 2, apartado b) / Falta de crédito presupuestario en el procedimiento (art. 7, párrafo 2, apartado b)",48,"NO"]
[null,null,null," ",17480214,"INAF0108 - PANADERÍA Y BOLLERÍA",20,240,2,2,4,4,8,1,2,8,3,2,3,4,0,0,0,0,7,48,0,"000194 - GREMIO PASTELERIA DE BIZKAIA","G48087340","DESESTIMADA","Baliabide ekonomikoeza prozeduran (art. 7, párrafo 2, apartado b) / Falta de crédito presupuestario en el procedimiento (art. 7, párrafo 2, apartado b)",48,"NO"]
[null,null,null," ",17480215,"INAF0108 - PANADERÍA Y BOLLERÍA",20,210,2,2,4,4,8,1,2,8,3,2,3,4,0,0,0,0,7,48,0,"000194 - GREMIO PASTELERIA DE BIZKAIA","G48087340","DESESTIMADA","Baliabide ekonomikoeza prozeduran (art. 7, párrafo 2, apartado b) / Falta de crédito presupuestario en el procedimiento (art. 7, párrafo 2, apartado b)",48,"NO"]
[null,null,null," ",17480800,"INAJ0109 - PESCADERÍA Y ELABORACIÓN DE PRODUCTOS DE LA PESCA Y ACUICULTURA",17,460,2,2,4,4,6,1,2,8,0,1,3,5,1,0,0,0,8,45,0,"000306 - CENTRO DE FORMACION BIDERATU SL","B95349411","DESESTIMADA","Baliabide ekonomikoeza prozeduran (art. 7, párrafo 2, apartado b) / Falta de crédito presupuestario en el procedimiento (art. 7, párrafo 2, apartado b)",45,"NO"]
[null,null,null," ",17480874,"INAJ0109 - PESCADERÍA Y ELABORACIÓN DE PRODUCTOS DE LA PESCA Y ACUICULTURA",17,460,2,2,4,4,6,1,2,8,0,1,3,5,1,0,0,0,8,45,0,"000306 - CENTRO DE FORMACION BIDERATU SL","B95349411","DESESTIMADA","Baliabide ekonomikoeza prozeduran (art. 7, párrafo 2, apartado b) / Falta de crédito presupuestario en el procedimiento (art. 7, párrafo 2, apartado b)",45,"NO"]
[null,null,null," ",17480208,"INAF0109 - PASTELERÍA Y CONFITERÍA",15,500,2,2,4,4,7,1,2,8,3,2,3,4,0,0,0,0,5,45,0,"000194 - GREMIO PASTELERIA DE BIZKAIA","G48087340","DESESTIMADA","Baliabide ekonomikoeza prozeduran (art. 7, párrafo 2, apartado b) / Falta de crédito presupuestario en el procedimiento (art. 7, párrafo 2, apartado b)",45,"NO"]
[null,null,null," ",17482820,"INAF0109 - PASTELERÍA Y CONFITERÍA",15,180,2,2,4,4,7,1,2,8,3,2,3,4,0,0,0,0,5,45,0,"000194 - GREMIO PASTELERIA DE BIZKAIA","G48087340","DESESTIMADA","Baliabide ekonomikoeza prozeduran (art. 7, párrafo 2, apartado b) / Falta de crédito presupuestario en el procedimiento (art. 7, párrafo 2, apartado b)",45,"NO"]
[null,null,null," ",17482821,"INAF0109 - PASTELERÍA Y CONFITERÍA",15,320,2,2,4,4,7,1,2,8,3,2,3,4,0,0,0,0,5,45,0,"000194 - GREMIO PASTELERIA DE BIZKAIA","G48087340","DESESTIMADA","Baliabide ekonomikoeza prozeduran (art. 7, párrafo 2, apartado b) / Falta de crédito presupuestario en el procedimiento (art. 7, párrafo 2, apartado b)",45,"NO"]
[null,null,null," ",17480758,"INAF0108 - PANADERÍA Y BOLLERÍA",15,450,2,2,4,4,8,1,2,5,0,2,3,0,0,0,0,0,7,38,0,"001365 - ASOCIACIÓN PROVINCIAL DE FABRICANTES Y EXP. DE PA","G48112650","DESESTIMADA","Baliabide ekonomikoeza prozeduran (art. 7, párrafo 2, apartado b) / Falta de crédito presupuestario en el procedimiento (art. 7, párrafo 2, apartado b)",38,"NO"]
[null,null,null," ",17481021,"INAF0108 - PANADERÍA Y BOLLERÍA",15,450,2,2,4,4,8,1,2,5,0,2,3,0,0,0,0,0,7,38,0,"001365 - ASOCIACIÓN PROVINCIAL DE FABRICANTES Y EXP. DE PA","G48112650","DESESTIMADA","Baliabide ekonomikoeza prozeduran (art. 7, párrafo 2, apartado b) / Falta de crédito presupuestario en el procedimiento (art. 7, párrafo 2, apartado b)",38,"NO"]
[null,null,null," ",17481148,"LIBR0001 - INAI003PO DESPIECE Y DESHUESE DE JAMONES (Especialidad pendiente de inclusión en el fichero)",15,35,null,1,0,1,0,1,2,8,0,1,3,5,1,0,0,0,5,28,0,"000306 - CENTRO DE FORMACION BIDERATU SL","B95349411","DESESTIMADA","Baliabide ekonomikoeza prozeduran (art. 7, párrafo 2, apartado b) / Falta de crédito presupuestario en el procedimiento (art. 7, párrafo 2, apartado b)",28,"NO"]
[null,null,null,"MAM",17481122,"MAMD0209 - TRABAJOS DE CARPINTERÍA Y MUEBLE",17,220,1,2,3,4,8,1,2,5,5,1,3,6,0,1,1,0,9,50,0,"000078 - ESCUELA PROFESIONAL DE OTXARKOAGA","R4800614B","DESESTIMADA","Baliabide ekonomikoeza prozeduran (art. 7, párrafo 2, apartado b) / Falta de crédito presupuestario en el procedimiento (art. 7, párrafo 2, apartado b)",50,"NO"]
[null,null,null," ",17482843,"MAMS0108 - INSTALACIÓN DE ELEMENTOS DE CARPINTERÍA",15,300,2,2,4,4,7,1,2,8,5,4,3,8,1,1,1,0,7,57,0,"000088 - IFAP INSTITUTO PARA FORMACION DE ACTIVIDADES PRAC","B48746606","DESESTIMADA","Baliabide ekonomikoeza prozeduran (art. 7, párrafo 2, apartado b) / Falta de crédito presupuestario en el procedimiento (art. 7, párrafo 2, apartado b)",57,"NO"]
[null,null,null," ",17480686,"MAMR0408 - INSTALACIÓN DE MUEBLES",15,470,2,2,4,4,5,1,2,8,5,4,3,8,1,1,1,0,5,53,0,"000088 - IFAP INSTITUTO PARA FORMACION DE ACTIVIDADES PRAC","B48746606","DESESTIMADA","Baliabide ekonomikoeza prozeduran (art. 7, párrafo 2, apartado b) / Falta de crédito presupuestario en el procedimiento (art. 7, párrafo 2, apartado b)",53,"NO"]
[null,null,null," ",17481126,"MAMR0108 - MONTAJE DE MUEBLES Y ELEMENTOS DE CARPINTERÍA",17,380,2,2,4,4,5,1,2,5,5,1,3,6,0,1,1,0,5,44,0,"000078 - ESCUELA PROFESIONAL DE OTXARKOAGA","R4800614B","DESESTIMADA","Baliabide ekonomikoeza prozeduran (art. 7, párrafo 2, apartado b) / Falta de crédito presupuestario en el procedimiento (art. 7, párrafo 2, apartado b)",44,"NO"]
[null,null,null,"QUI",17481730,"QUIL0108 - ANÁLISIS QUÍMICO",15,370,3,1,2,4,5,1,2,5,5,3,3,5,0,0,0,0,5,41,0,"000024 - SDAD. COOP. DE ENSEÑANZA ZABALBURU","F48119309","DESESTIMADA","Baliabide ekonomikoeza prozeduran (art. 7, párrafo 2, apartado b) / Falta de crédito presupuestario en el procedimiento (art. 7, párrafo 2, apartado b)",41,"NO"]
[null,null,null," ",17481517,"QUIA0208 - ENSAYOS MICROBIOLÓGICOS Y BIOTECNOLÓGICOS",15,240,3,1,2,4,5,1,2,6,3,3,0,4,1,0,0,0,7,39,0,"000169 - ESCUELA DE QUIMICA Y ELECTRONICA DE INDAUTXU","R4800656C","DESESTIMADA","Baliabide ekonomikoeza prozeduran (art. 7, párrafo 2, apartado b) / Falta de crédito presupuestario en el procedimiento (art. 7, párrafo 2, apartado b)",39,"NO"]
[null,null,null," ",17481527,"QUIL0108 - ANÁLISIS QUÍMICO",15,220,3,1,2,4,5,1,2,6,3,3,0,4,1,0,0,0,5,37,0,"000169 - ESCUELA DE QUIMICA Y ELECTRONICA DE INDAUTXU","R4800656C","DESESTIMADA","Baliabide ekonomikoeza prozeduran (art. 7, párrafo 2, apartado b) / Falta de crédito presupuestario en el procedimiento (art. 7, párrafo 2, apartado b)",37,"NO"]
[null,null,null," ",17481515,"QUIA0108 - ENSAYOS FÍSICOS Y FISICOQUÍMICOS",15,220,3,1,2,4,6,1,2,6,3,3,0,4,1,0,0,0,4,37,0,"000169 - ESCUELA DE QUIMICA Y ELECTRONICA DE INDAUTXU","R4800656C","DESESTIMADA","Baliabide ekonomikoeza prozeduran (art. 7, párrafo 2, apartado b) / Falta de crédito presupuestario en el procedimiento (art. 7, párrafo 2, apartado b)",37,"NO"]
[null,null,null,"SAN",17482005,"SANT0208 - TRANSPORTE SANITARIO",20,400,2,1,4,4,10,1,2,5,6,2,3,6,1,0,0,0,5,50,0,"000013 - CRUZ ROJA BIZKAIA","Q2866001G","DESESTIMADA","Baliabide ekonomikoeza prozeduran (art. 7, párrafo 2, apartado b) / Falta de crédito presupuestario en el procedimiento (art. 7, párrafo 2, apartado b)",50,"NO"]
[null,null,null," ",17481700,"SANP0108 - TANATOPRAXIA",15,360,3,1,2,4,6,1,2,7,6,2,3,6,1,1,1,0,6,48,0,"000085 - SAN JOSE DE CALASANZ","B95657805","DESESTIMADA","Baliabide ekonomikoeza prozeduran (art. 7, párrafo 2, apartado b) / Falta de crédito presupuestario en el procedimiento (art. 7, párrafo 2, apartado b)",48,"NO"]
[null,null,null," ",17481698,"SANP0108 - TANATOPRAXIA",15,360,3,1,2,4,6,1,2,7,6,2,3,6,1,1,1,0,6,48,0,"000085 - SAN JOSE DE CALASANZ","B95657805","DESESTIMADA","Baliabide ekonomikoeza prozeduran (art. 7, párrafo 2, apartado b) / Falta de crédito presupuestario en el procedimiento (art. 7, párrafo 2, apartado b)",48,"NO"]
[null,null,null,"SEA",17482220,"SEAG0209 - LIMPIEZA EN ESPACIOS ABIERTOS E INSTALACIONES INDUSTRIALES",15,130,1,3,3,4,10,1,2,5,0,4,0,4,1,1,1,0,5,43,0,"002605 - GESTIÓN 10 - EXCAVAS","B48897664","DESESTIMADA","Baliabide ekonomikoeza prozeduran (art. 7, párrafo 2, apartado b) / Falta de crédito presupuestario en el procedimiento (art. 7, párrafo 2, apartado b)",43,"NO"]
[null,null,null," ",17481671,"SEAG0211 - GESTIÓN AMBIENTAL",15,420,3,3,2,4,7,3,2,5,6,5,3,6,1,0,0,0,5,52,0,"000219 - KONECTIA SERVICIOS INTEGRALES","B95453874","DESESTIMADA","Baliabide ekonomikoeza prozeduran (art. 7, párrafo 2, apartado b) / Falta de crédito presupuestario en el procedimiento (art. 7, párrafo 2, apartado b)",52,"NO"]
[null,null,null," ",17482973,"SEAG0211 - GESTIÓN AMBIENTAL",15,420,3,3,2,4,7,1,2,5,6,5,3,4,1,1,1,0,5,49,0,"000105 - CENTRO DE FORMACIÓN RAFER, S.L.","B95739595","DESESTIMADA","Baliabide ekonomikoeza prozeduran (art. 7, párrafo 2, apartado b) / Falta de crédito presupuestario en el procedimiento (art. 7, párrafo 2, apartado b)",49,"NO"]
[null,null,null," ",17481167,"SEAG0211 - GESTIÓN AMBIENTAL",16,420,3,3,2,4,7,1,2,5,5,3,3,4,0,0,0,0,5,44,0,"000035 - INUTEC DISEÑO,S.L.","B95108080","DESESTIMADA","Baliabide ekonomikoeza prozeduran (art. 7, párrafo 2, apartado b) / Falta de crédito presupuestario en el procedimiento (art. 7, párrafo 2, apartado b)",44,"NO"]
[null,null,null," ",17482322,"SEAG0211 - GESTIÓN AMBIENTAL",15,420,3,3,2,4,7,1,2,5,0,4,0,4,1,1,1,0,5,39,0,"000122 - GESTION 10 GESTION   FORMACION","B48897664","DESESTIMADA","Baliabide ekonomikoeza prozeduran (art. 7, párrafo 2, apartado b) / Falta de crédito presupuestario en el procedimiento (art. 7, párrafo 2, apartado b)",39,"NO"]
[null,null,null,"SSC",17480657,"SSCM0108 - LIMPIEZA DE SUPERFICIES Y MOBILIARIO EN EDIFICIOS Y LOCALES",15,150,1,7,3,4,10,1,2,7,5,4,3,8,1,1,1,0,5,61,0,"000088 - IFAP INSTITUTO PARA FORMACION DE ACTIVIDADES PRAC","B48746606","DESESTIMADA","Baliabide ekonomikoeza prozeduran (art. 7, párrafo 2, apartado b) / Falta de crédito presupuestario en el procedimiento (art. 7, párrafo 2, apartado b)",61,"NO"]
[null,null,null," ",17480389,"SSCI0109 - EMPLEO DOMÉSTICO",15,120,1,7,3,4,10,1,2,9,6,4,3,4,1,0,0,0,5,59,0,"002662 - CARITAS DIOCESANA DE BILBAO II","R4800309I","DESESTIMADA","Baliabide ekonomikoeza prozeduran (art. 7, párrafo 2, apartado b) / Falta de crédito presupuestario en el procedimiento (art. 7, párrafo 2, apartado b)",59,"NO"]
[null,null,null," ",17480391,"SSCI0109 - EMPLEO DOMÉSTICO",15,120,1,7,3,4,10,1,2,9,6,4,3,4,1,0,0,0,5,59,0,"002662 - CARITAS DIOCESANA DE BILBAO II","R4800309I","DESESTIMADA","Baliabide ekonomikoeza prozeduran (art. 7, párrafo 2, apartado b) / Falta de crédito presupuestario en el procedimiento (art. 7, párrafo 2, apartado b)",59,"NO"]
[null,null,null," ",17480886,"SSCM0108 - LIMPIEZA DE SUPERFICIES Y MOBILIARIO EN EDIFICIOS Y LOCALES",15,150,1,7,3,4,10,1,2,9,6,4,3,4,1,0,0,0,5,59,0,"002254 - CARITAS DIOCESANA DE BILBAO","R4800309I","DESESTIMADA","Baliabide ekonomikoeza prozeduran (art. 7, párrafo 2, apartado b) / Falta de crédito presupuestario en el procedimiento (art. 7, párrafo 2, apartado b)",59,"NO"]
[null,null,null," ",17480900,"SSCM0108 - LIMPIEZA DE SUPERFICIES Y MOBILIARIO EN EDIFICIOS Y LOCALES",15,150,1,7,3,4,10,1,2,9,6,4,3,4,1,0,0,0,5,59,0,"002254 - CARITAS DIOCESANA DE BILBAO","R4800309I","DESESTIMADA","Baliabide ekonomikoeza prozeduran (art. 7, párrafo 2, apartado b) / Falta de crédito presupuestario en el procedimiento (art. 7, párrafo 2, apartado b)",59,"NO"]
[null,null,null," ",17481705,"SSCI0109 - EMPLEO DOMÉSTICO",15,120,1,7,3,4,10,1,2,7,6,2,3,6,1,1,1,0,5,58,0,"000085 - SAN JOSE DE CALASANZ","B95657805","DESESTIMADA","Baliabide ekonomikoeza prozeduran (art. 7, párrafo 2, apartado b) / Falta de crédito presupuestario en el procedimiento (art. 7, párrafo 2, apartado b)",58,"NO"]
[null,null,null," ",17481707,"SSCI0109 - EMPLEO DOMÉSTICO",15,120,1,7,3,4,10,1,2,7,6,2,3,6,1,1,1,0,5,58,0,"000085 - SAN JOSE DE CALASANZ","B95657805","DESESTIMADA","Baliabide ekonomikoeza prozeduran (art. 7, párrafo 2, apartado b) / Falta de crédito presupuestario en el procedimiento (art. 7, párrafo 2, apartado b)",58,"NO"]
[null,null,null," ",17480066,"SSCM0108 - LIMPIEZA DE SUPERFICIES Y MOBILIARIO EN EDIFICIOS Y LOCALES",15,150,1,7,3,4,10,1,2,6,2,3,3,6,0,1,1,0,8,56,0,"000439 - TEKFOR TALDEA S.L.-BASAURI","B48449144","DESESTIMADA","Baliabide ekonomikoeza prozeduran (art. 7, párrafo 2, apartado b) / Falta de crédito presupuestario en el procedimiento (art. 7, párrafo 2, apartado b)",{"$f":"SUM(J926,K926,L926,M926,N926,O926,P926,Q926,R926,S926,T926,U926,W926,X926,Y926)","v":56},{"$f":"IF(Z926 <> AF926,\"SI\",\"NO\")","v":"NO"}]
[null,null,null," ",17480139,"SSCM0108 - LIMPIEZA DE SUPERFICIES Y MOBILIARIO EN EDIFICIOS Y LOCALES",15,150,1,7,3,4,10,1,2,6,2,3,3,6,0,1,1,0,8,56,0,"000376 - TEKFOR TALDEA SL -SANTURTZI","B48449144","DESESTIMADA","Baliabide ekonomikoeza prozeduran (art. 7, párrafo 2, apartado b) / Falta de crédito presupuestario en el procedimiento (art. 7, párrafo 2, apartado b)",56,"NO"]
[null,null,null," ",17480068,"SSCM0108 - LIMPIEZA DE SUPERFICIES Y MOBILIARIO EN EDIFICIOS Y LOCALES",15,150,1,7,3,4,10,1,2,6,2,3,3,6,0,1,1,0,8,56,0,"000439 - TEKFOR TALDEA S.L.-BASAURI","B48449144","DESESTIMADA","Baliabide ekonomikoeza prozeduran (art. 7, párrafo 2, apartado b) / Falta de crédito presupuestario en el procedimiento (art. 7, párrafo 2, apartado b)",56,"NO"]
[null,null,null," ",17480230,"SSCM0108 - LIMPIEZA DE SUPERFICIES Y MOBILIARIO EN EDIFICIOS Y LOCALES",15,150,1,7,3,4,10,1,2,6,2,3,3,6,0,1,1,0,8,56,0,"000376 - TEKFOR TALDEA SL -SANTURTZI","B48449144","DESESTIMADA","Baliabide ekonomikoeza prozeduran (art. 7, párrafo 2, apartado b) / Falta de crédito presupuestario en el procedimiento (art. 7, párrafo 2, apartado b)",56,"NO"]
[null,null,null," ",17480072,"SSCM0108 - LIMPIEZA DE SUPERFICIES Y MOBILIARIO EN EDIFICIOS Y LOCALES",15,150,1,7,3,4,10,1,2,6,2,3,3,6,0,1,1,0,8,56,0,"000439 - TEKFOR TALDEA S.L.-BASAURI","B48449144","DESESTIMADA","Baliabide ekonomikoeza prozeduran (art. 7, párrafo 2, apartado b) / Falta de crédito presupuestario en el procedimiento (art. 7, párrafo 2, apartado b)",56,"NO"]
[null,null,null," ",17480095,"SSCM0108 - LIMPIEZA DE SUPERFICIES Y MOBILIARIO EN EDIFICIOS Y LOCALES",15,150,1,7,3,4,10,1,2,6,3,3,3,6,1,1,1,0,5,55,0,"000300 - CPES BEURKO CHECK BHIP","B95459293","DESESTIMADA","Baliabide ekonomikoeza prozeduran (art. 7, párrafo 2, apartado b) / Falta de crédito presupuestario en el procedimiento (art. 7, párrafo 2, apartado b)",55,"NO"]
[null,null,null," ",17482144,"SSCM0108 - LIMPIEZA DE SUPERFICIES Y MOBILIARIO EN EDIFICIOS Y LOCALES",16,150,1,7,3,4,10,3,2,5,3,3,3,6,0,0,0,0,5,54,0,"000920 - FUNDACIÓN GIZAKIA","G48473045","DESESTIMADA","Baliabide ekonomikoeza prozeduran (art. 7, párrafo 2, apartado b) / Falta de crédito presupuestario en el procedimiento (art. 7, párrafo 2, apartado b)",54,"NO"]
[null,null,null," ",17480943,"SSCM0108 - LIMPIEZA DE SUPERFICIES Y MOBILIARIO EN EDIFICIOS Y LOCALES",15,150,1,7,3,4,10,1,2,5,6,1,0,4,0,0,0,0,9,52,0,"001794 - ASOCIACION URGATZI PARA LA PROMOCION DEL BIENESTAR","G48715874","DESESTIMADA","Baliabide ekonomikoeza prozeduran (art. 7, párrafo 2, apartado b) / Falta de crédito presupuestario en el procedimiento (art. 7, párrafo 2, apartado b)",52,"NO"]
[null,null,null," ",17482834,"SSCM0108 - LIMPIEZA DE SUPERFICIES Y MOBILIARIO EN EDIFICIOS Y LOCALES",15,150,1,7,3,4,10,1,2,5,6,1,0,4,0,0,0,0,9,52,0,"001794 - ASOCIACION URGATZI PARA LA PROMOCION DEL BIENESTAR","G48715874","DESESTIMADA","Baliabide ekonomikoeza prozeduran (art. 7, párrafo 2, apartado b) / Falta de crédito presupuestario en el procedimiento (art. 7, párrafo 2, apartado b)",52,"NO"]
[null,null,null," ",17482833,"SSCM0108 - LIMPIEZA DE SUPERFICIES Y MOBILIARIO EN EDIFICIOS Y LOCALES",15,150,1,7,3,4,10,1,2,5,6,1,0,4,0,0,0,0,9,52,0,"001794 - ASOCIACION URGATZI PARA LA PROMOCION DEL BIENESTAR","G48715874","DESESTIMADA","Baliabide ekonomikoeza prozeduran (art. 7, párrafo 2, apartado b) / Falta de crédito presupuestario en el procedimiento (art. 7, párrafo 2, apartado b)",52,"NO"]
[null,null,null," ",17480944,"SSCM0108 - LIMPIEZA DE SUPERFICIES Y MOBILIARIO EN EDIFICIOS Y LOCALES",15,150,1,7,3,4,10,1,2,5,6,1,0,4,0,0,0,0,9,52,0,"001794 - ASOCIACION URGATZI PARA LA PROMOCION DEL BIENESTAR","G48715874","DESESTIMADA","Baliabide ekonomikoeza prozeduran (art. 7, párrafo 2, apartado b) / Falta de crédito presupuestario en el procedimiento (art. 7, párrafo 2, apartado b)",52,"NO"]
[null,null,null," ",17482157,"SSCM0108 - LIMPIEZA DE SUPERFICIES Y MOBILIARIO EN EDIFICIOS Y LOCALES",16,150,1,7,3,4,10,1,2,5,3,3,3,6,0,0,0,0,5,52,0,"000920 - FUNDACIÓN GIZAKIA","G48473045","DESESTIMADA","Baliabide ekonomikoeza prozeduran (art. 7, párrafo 2, apartado b) / Falta de crédito presupuestario en el procedimiento (art. 7, párrafo 2, apartado b)",52,"NO"]
[null,null,null," ",17480791,"SSCM0108 - LIMPIEZA DE SUPERFICIES Y MOBILIARIO EN EDIFICIOS Y LOCALES",15,150,1,7,3,4,10,1,2,8,0,1,3,5,1,0,0,0,5,50,0,"000306 - CENTRO DE FORMACION BIDERATU SL","B95349411","DESESTIMADA","Baliabide ekonomikoeza prozeduran (art. 7, párrafo 2, apartado b) / Falta de crédito presupuestario en el procedimiento (art. 7, párrafo 2, apartado b)",50,"NO"]
[null,null,null," ",17480833,"SSCM0108 - LIMPIEZA DE SUPERFICIES Y MOBILIARIO EN EDIFICIOS Y LOCALES",15,150,1,7,3,4,10,1,2,8,0,1,3,5,1,0,0,0,5,50,0,"000306 - CENTRO DE FORMACION BIDERATU SL","B95349411","DESESTIMADA","Baliabide ekonomikoeza prozeduran (art. 7, párrafo 2, apartado b) / Falta de crédito presupuestario en el procedimiento (art. 7, párrafo 2, apartado b)",50,"NO"]
[null,null,null," ",17480655,"SSCM0108 - LIMPIEZA DE SUPERFICIES Y MOBILIARIO EN EDIFICIOS Y LOCALES",10,150,1,7,3,4,10,1,2,5,6,2,0,4,1,0,0,0,5,50,0,"001655 - LANTEGI BATUAK (SERVICIOS MEDIO AMBIENTALES ETXEBARRI)","G48945166","DESESTIMADA","Baliabide ekonomikoeza prozeduran (art. 7, párrafo 2, apartado b) / Falta de crédito presupuestario en el procedimiento (art. 7, párrafo 2, apartado b)",50,"NO"]
[null,null,null," ",17482258,"SSCM0108 - LIMPIEZA DE SUPERFICIES Y MOBILIARIO EN EDIFICIOS Y LOCALES",15,150,1,7,3,4,10,1,2,5,3,4,0,0,1,3,3,0,5,48,0,"000354 - GEHILAN 2000, S.L.","B48986871","DESESTIMADA","Baliabide ekonomikoeza prozeduran (art. 7, párrafo 2, apartado b) / Falta de crédito presupuestario en el procedimiento (art. 7, párrafo 2, apartado b)",48,"NO"]
[null,null,null," ",17481314,"SSCM0108 - LIMPIEZA DE SUPERFICIES Y MOBILIARIO EN EDIFICIOS Y LOCALES",20,150,1,7,3,4,10,1,2,7,0,0,0,4,0,0,0,0,9,47,0,"001822 - FUNDACION CLARET SOZIAL FONDOA","G95295994","DESESTIMADA","Baliabide ekonomikoeza prozeduran (art. 7, párrafo 2, apartado b) / Falta de crédito presupuestario en el procedimiento (art. 7, párrafo 2, apartado b)",47,"NO"]
[null,null,null," ",17480882,"SSCM0108 - LIMPIEZA DE SUPERFICIES Y MOBILIARIO EN EDIFICIOS Y LOCALES",20,150,1,7,3,4,10,1,2,7,0,0,0,4,0,0,0,0,9,47,0,"001822 - FUNDACION CLARET SOZIAL FONDOA","G95295994","DESESTIMADA","Baliabide ekonomikoeza prozeduran (art. 7, párrafo 2, apartado b) / Falta de crédito presupuestario en el procedimiento (art. 7, párrafo 2, apartado b)",47,"NO"]
[null,null,null," ",17480905,"SSCM0108 - LIMPIEZA DE SUPERFICIES Y MOBILIARIO EN EDIFICIOS Y LOCALES",20,150,1,7,3,4,10,1,2,7,0,0,0,4,0,0,0,0,9,47,0,"001822 - FUNDACION CLARET SOZIAL FONDOA","G95295994","DESESTIMADA","Baliabide ekonomikoeza prozeduran (art. 7, párrafo 2, apartado b) / Falta de crédito presupuestario en el procedimiento (art. 7, párrafo 2, apartado b)",47,"NO"]
[null,null,null," ",17480876,"SSCI0109 - EMPLEO DOMÉSTICO",20,120,1,7,3,4,10,1,2,7,0,0,0,4,0,0,0,0,8,46,0,"001822 - FUNDACION CLARET SOZIAL FONDOA","G95295994","DESESTIMADA","Baliabide ekonomikoeza prozeduran (art. 7, párrafo 2, apartado b) / Falta de crédito presupuestario en el procedimiento (art. 7, párrafo 2, apartado b)",46,"NO"]
[null,null,null," ",17480878,"SSCI0109 - EMPLEO DOMÉSTICO",20,120,1,7,3,4,10,1,2,7,0,0,0,4,0,0,0,0,8,46,0,"001822 - FUNDACION CLARET SOZIAL FONDOA","G95295994","DESESTIMADA","Baliabide ekonomikoeza prozeduran (art. 7, párrafo 2, apartado b) / Falta de crédito presupuestario en el procedimiento (art. 7, párrafo 2, apartado b)",46,"NO"]
[null,null,null," ",17481848,"SSCM0108 - LIMPIEZA DE SUPERFICIES Y MOBILIARIO EN EDIFICIOS Y LOCALES",15,150,1,7,3,4,10,1,2,5,0,1,0,0,0,0,0,0,5,38,0,"002663 - ETHYL FORMACIÓN Y DESARROLLO, S.L.","B95597639","DESESTIMADA","Baliabide ekonomikoeza prozeduran (art. 7, párrafo 2, apartado b) / Falta de crédito presupuestario en el procedimiento (art. 7, párrafo 2, apartado b)",38,"NO"]
[null,null,null," ",17481935,"SSCS0208 - ATENCIÓN SOCIOSANITARIA A PERSONAS DEPENDIENTES EN INSTITUCIONES SOCIALES",14,370,2,7,4,4,10,1,2,5,6,4,3,8,1,2,2,0,5,62,0,"000033 - CENTRO DE FORMACION SOMORROSTRO","R4800613D","DESESTIMADA","Baliabide ekonomikoeza prozeduran (art. 7, párrafo 2, apartado b) / Falta de crédito presupuestario en el procedimiento (art. 7, párrafo 2, apartado b)",62,"NO"]
[null,null,null," ","17482325TF","SSCS0208 - ATENCIÓN SOCIOSANITARIA A PERSONAS DEPENDIENTES EN INSTITUCIONES SOCIALES",25,370,2,7,4,4,10,1,1,7,6,2,3,6,1,1,1,0,8,61,0,"002753 - SAN JOSE DE CALASANZ(Teleformación)","B95657805","DESESTIMADA","Baliabide ekonomikoeza prozeduran (art. 7, párrafo 2, apartado b) / Falta de crédito presupuestario en el procedimiento (art. 7, párrafo 2, apartado b)",61,"NO"]
[null,null,null," ",17480046,"SSCS0208 - ATENCIÓN SOCIOSANITARIA A PERSONAS DEPENDIENTES EN INSTITUCIONES SOCIALES",16,370,2,7,4,4,10,1,2,7,4,4,3,6,1,1,1,0,7,61,0,"001771 - ASOCIACION PARA LA INSERCION SOCIAL ZABALTZEN DE","G48487748","DESESTIMADA","Baliabide ekonomikoeza prozeduran (art. 7, párrafo 2, apartado b) / Falta de crédito presupuestario en el procedimiento (art. 7, párrafo 2, apartado b)",61,"NO"]
[null,null,null," ",17482856,"SSCS0208 - ATENCIÓN SOCIOSANITARIA A PERSONAS DEPENDIENTES EN INSTITUCIONES SOCIALES",17,370,2,7,4,4,10,1,2,5,5,5,3,6,1,1,1,0,7,61,0,"000021 - CENTRO DE ESTUDIOS ALMI","A28814531","DESESTIMADA","Baliabide ekonomikoeza prozeduran (art. 7, párrafo 2, apartado b) / Falta de crédito presupuestario en el procedimiento (art. 7, párrafo 2, apartado b)",61,"NO"]
[null,null,null," ",17480148,"SSCS0208 - ATENCIÓN SOCIOSANITARIA A PERSONAS DEPENDIENTES EN INSTITUCIONES SOCIALES",15,370,2,7,4,4,10,1,2,7,6,5,3,4,1,0,0,0,7,61,0,"000397 - SERVICIOS SOCIALES INTEGRADOS S. COOP","F48214787","DESESTIMADA","Baliabide ekonomikoeza prozeduran (art. 7, párrafo 2, apartado b) / Falta de crédito presupuestario en el procedimiento (art. 7, párrafo 2, apartado b)",61,"NO"]
[null,null,null," ",17480149,"SSCS0208 - ATENCIÓN SOCIOSANITARIA A PERSONAS DEPENDIENTES EN INSTITUCIONES SOCIALES",15,370,2,7,4,4,10,1,2,7,6,5,3,4,1,0,0,0,7,61,0,"000397 - SERVICIOS SOCIALES INTEGRADOS S. COOP","F48214787","DESESTIMADA","Baliabide ekonomikoeza prozeduran (art. 7, párrafo 2, apartado b) / Falta de crédito presupuestario en el procedimiento (art. 7, párrafo 2, apartado b)",61,"NO"]
[null,null,null," ",17480151,"SSCS0208 - ATENCIÓN SOCIOSANITARIA A PERSONAS DEPENDIENTES EN INSTITUCIONES SOCIALES",15,370,2,7,4,4,10,1,2,7,6,5,3,4,1,0,0,0,7,61,0,"000397 - SERVICIOS SOCIALES INTEGRADOS S. COOP","F48214787","DESESTIMADA","Baliabide ekonomikoeza prozeduran (art. 7, párrafo 2, apartado b) / Falta de crédito presupuestario en el procedimiento (art. 7, párrafo 2, apartado b)",61,"NO"]
[null,null,null," ",17480375,"SSCS0208 - ATENCIÓN SOCIOSANITARIA A PERSONAS DEPENDIENTES EN INSTITUCIONES SOCIALES",15,370,2,7,4,4,10,1,2,7,6,5,3,4,1,0,0,0,7,61,0,"000397 - SERVICIOS SOCIALES INTEGRADOS S. COOP","F48214787","DESESTIMADA","Baliabide ekonomikoeza prozeduran (art. 7, párrafo 2, apartado b) / Falta de crédito presupuestario en el procedimiento (art. 7, párrafo 2, apartado b)",61,"NO"]
[null,null,null," ",17481691,"SSCS0108 - ATENCIÓN SOCIOSANITARIA A PERSONAS EN EL DOMICILIO",15,480,2,7,4,4,10,1,2,7,6,2,3,6,1,1,1,0,6,60,0,"000085 - SAN JOSE DE CALASANZ","B95657805","DESESTIMADA","Baliabide ekonomikoeza prozeduran (art. 7, párrafo 2, apartado b) / Falta de crédito presupuestario en el procedimiento (art. 7, párrafo 2, apartado b)",60,"NO"]
[null,null,null," ",17480904,"SSCS0108 - ATENCIÓN SOCIOSANITARIA A PERSONAS EN EL DOMICILIO",15,480,2,7,4,4,10,1,2,9,6,4,3,4,1,0,0,0,5,60,0,"002254 - CARITAS DIOCESANA DE BILBAO","R4800309I","DESESTIMADA","Baliabide ekonomikoeza prozeduran (art. 7, párrafo 2, apartado b) / Falta de crédito presupuestario en el procedimiento (art. 7, párrafo 2, apartado b)",60,"NO"]
[null,null,null," ",17480374,"SSCS0208 - ATENCIÓN SOCIOSANITARIA A PERSONAS DEPENDIENTES EN INSTITUCIONES SOCIALES",15,370,2,7,4,4,10,1,2,9,6,4,3,4,1,0,0,0,5,60,0,"002662 - CARITAS DIOCESANA DE BILBAO II","R4800309I","DESESTIMADA","Baliabide ekonomikoeza prozeduran (art. 7, párrafo 2, apartado b) / Falta de crédito presupuestario en el procedimiento (art. 7, párrafo 2, apartado b)",60,"NO"]
[null,null,null," ",17480902,"SSCS0208 - ATENCIÓN SOCIOSANITARIA A PERSONAS DEPENDIENTES EN INSTITUCIONES SOCIALES",15,370,2,7,4,4,10,1,2,9,6,4,3,4,1,0,0,0,5,60,0,"002254 - CARITAS DIOCESANA DE BILBAO","R4800309I","DESESTIMADA","Baliabide ekonomikoeza prozeduran (art. 7, párrafo 2, apartado b) / Falta de crédito presupuestario en el procedimiento (art. 7, párrafo 2, apartado b)",60,"NO"]
[null,null,null," ",17481219,"SSCS0208 - ATENCIÓN SOCIOSANITARIA A PERSONAS DEPENDIENTES EN INSTITUCIONES SOCIALES",15,370,2,7,4,4,10,1,2,6,4,5,3,4,0,1,1,0,8,59,0,"000369 - DURANGALDEKO IBAIZABAL IKASTOLA KOOPERATIVA ELKART","F48980320","DESESTIMADA","Baliabide ekonomikoeza prozeduran (art. 7, párrafo 2, apartado b) / Falta de crédito presupuestario en el procedimiento (art. 7, párrafo 2, apartado b)",59,"NO"]
[null,null,null," ",17481316,"SSCS0208 - ATENCIÓN SOCIOSANITARIA A PERSONAS DEPENDIENTES EN INSTITUCIONES SOCIALES",17,370,2,7,4,4,10,1,2,5,6,4,3,6,0,0,0,0,7,59,0,"000103 - C2B-CAMPUS TO BUSINESS","B48756498","DESESTIMADA","Baliabide ekonomikoeza prozeduran (art. 7, párrafo 2, apartado b) / Falta de crédito presupuestario en el procedimiento (art. 7, párrafo 2, apartado b)",59,"NO"]
[null,null,null," ",17481315,"SSCS0208 - ATENCIÓN SOCIOSANITARIA A PERSONAS DEPENDIENTES EN INSTITUCIONES SOCIALES",17,370,2,7,4,4,10,1,2,5,6,4,3,6,0,0,0,0,7,59,0,"000103 - C2B-CAMPUS TO BUSINESS","B48756498","DESESTIMADA","Baliabide ekonomikoeza prozeduran (art. 7, párrafo 2, apartado b) / Falta de crédito presupuestario en el procedimiento (art. 7, párrafo 2, apartado b)",59,"NO"]
[null,null,null," ",17480888,"SSCS0108 - ATENCIÓN SOCIOSANITARIA A PERSONAS EN EL DOMICILIO",15,480,2,7,4,4,10,1,2,8,6,2,0,5,0,0,0,0,8,57,0,"000017 - C.F.O. SANITARIO INTERLAKEN","B95420352","DESESTIMADA","Baliabide ekonomikoeza prozeduran (art. 7, párrafo 2, apartado b) / Falta de crédito presupuestario en el procedimiento (art. 7, párrafo 2, apartado b)",57,"NO"]
[null,null,null," ",17480890,"SSCS0108 - ATENCIÓN SOCIOSANITARIA A PERSONAS EN EL DOMICILIO",15,480,2,7,4,4,10,1,2,8,6,2,0,5,0,0,0,0,8,57,0,"000017 - C.F.O. SANITARIO INTERLAKEN","B95420352","DESESTIMADA","Baliabide ekonomikoeza prozeduran (art. 7, párrafo 2, apartado b) / Falta de crédito presupuestario en el procedimiento (art. 7, párrafo 2, apartado b)",57,"NO"]
[null,null,null," ",17480892,"SSCS0108 - ATENCIÓN SOCIOSANITARIA A PERSONAS EN EL DOMICILIO",15,480,2,7,4,4,10,1,2,8,6,2,0,5,0,0,0,0,8,57,0,"000017 - C.F.O. SANITARIO INTERLAKEN","B95420352","DESESTIMADA","Baliabide ekonomikoeza prozeduran (art. 7, párrafo 2, apartado b) / Falta de crédito presupuestario en el procedimiento (art. 7, párrafo 2, apartado b)",57,"NO"]
[null,null,null," ",17480887,"SSCS0208 - ATENCIÓN SOCIOSANITARIA A PERSONAS DEPENDIENTES EN INSTITUCIONES SOCIALES",15,370,2,7,4,4,10,1,2,8,6,2,0,5,0,0,0,0,8,57,0,"000017 - C.F.O. SANITARIO INTERLAKEN","B95420352","DESESTIMADA","Baliabide ekonomikoeza prozeduran (art. 7, párrafo 2, apartado b) / Falta de crédito presupuestario en el procedimiento (art. 7, párrafo 2, apartado b)",57,"NO"]
[null,null,null," ",17480883,"SSCS0208 - ATENCIÓN SOCIOSANITARIA A PERSONAS DEPENDIENTES EN INSTITUCIONES SOCIALES",15,370,2,7,4,4,10,1,2,8,6,2,0,5,0,0,0,0,8,57,0,"000017 - C.F.O. SANITARIO INTERLAKEN","B95420352","DESESTIMADA","Baliabide ekonomikoeza prozeduran (art. 7, párrafo 2, apartado b) / Falta de crédito presupuestario en el procedimiento (art. 7, párrafo 2, apartado b)",57,"NO"]
[null,null,null," ",17480891,"SSCS0208 - ATENCIÓN SOCIOSANITARIA A PERSONAS DEPENDIENTES EN INSTITUCIONES SOCIALES",15,370,2,7,4,4,10,1,2,8,6,2,0,5,0,0,0,0,8,57,0,"000017 - C.F.O. SANITARIO INTERLAKEN","B95420352","DESESTIMADA","Baliabide ekonomikoeza prozeduran (art. 7, párrafo 2, apartado b) / Falta de crédito presupuestario en el procedimiento (art. 7, párrafo 2, apartado b)",57,"NO"]
[null,null,null," ",17480896,"SSCS0208 - ATENCIÓN SOCIOSANITARIA A PERSONAS DEPENDIENTES EN INSTITUCIONES SOCIALES",15,370,2,7,4,4,10,1,2,5,6,4,2,6,1,0,0,0,5,57,0,"000183 - CENTRO EDUCACION VIAL REKORD S.L.","B48845101","DESESTIMADA","Baliabide ekonomikoeza prozeduran (art. 7, párrafo 2, apartado b) / Falta de crédito presupuestario en el procedimiento (art. 7, párrafo 2, apartado b)",57,"NO"]
[null,null,null," ",17480237,"SSCS0208 - ATENCIÓN SOCIOSANITARIA A PERSONAS DEPENDIENTES EN INSTITUCIONES SOCIALES",14,370,2,7,4,4,10,1,2,5,5,3,3,5,0,0,0,0,7,56,0,"000045 - AYUNTAMIENTO DE ERMUA-CENTRO IZARRA","P4804100H","DESESTIMADA","Baliabide ekonomikoeza prozeduran (art. 7, párrafo 2, apartado b) / Falta de crédito presupuestario en el procedimiento (art. 7, párrafo 2, apartado b)",56,"NO"]
[null,null,null," ",17480147,"SSCG05EXP - APLICACIÓN DE LAS TENOLOGÍAS DE LA INFORMACIÓN Y DE LA COMUNICACIÓN EN EL SERV DE AYUDA A DOMICI",15,120,2,7,4,3,8,1,2,7,6,5,3,4,1,0,0,0,5,56,0,"000397 - SERVICIOS SOCIALES INTEGRADOS S. COOP","F48214787","DESESTIMADA","Baliabide ekonomikoeza prozeduran (art. 7, párrafo 2, apartado b) / Falta de crédito presupuestario en el procedimiento (art. 7, párrafo 2, apartado b)",56,"NO"]
[null,null,null," ",17481223,"SSCS0208 - ATENCIÓN SOCIOSANITARIA A PERSONAS DEPENDIENTES EN INSTITUCIONES SOCIALES",17,370,2,7,4,4,10,1,2,6,4,2,3,4,0,0,0,0,8,55,0,"000208 - ORUE ESKOLA","G95527362","DESESTIMADA","Baliabide ekonomikoeza prozeduran (art. 7, párrafo 2, apartado b) / Falta de crédito presupuestario en el procedimiento (art. 7, párrafo 2, apartado b)",55,"NO"]
[null,null,null," ",17481059,"SSCS0208 - ATENCIÓN SOCIOSANITARIA A PERSONAS DEPENDIENTES EN INSTITUCIONES SOCIALES",15,370,2,7,4,4,10,1,2,7,1,3,3,4,0,0,0,0,8,54,0,"000246 - BAGABILTZA FUNDAZIOA","G95018750","DESESTIMADA","Baliabide ekonomikoeza prozeduran (art. 7, párrafo 2, apartado b) / Falta de crédito presupuestario en el procedimiento (art. 7, párrafo 2, apartado b)",54,"NO"]
[null,null,null," ",17481993,"SSCS0208 - ATENCIÓN SOCIOSANITARIA A PERSONAS DEPENDIENTES EN INSTITUCIONES SOCIALES",15,370,2,7,4,4,10,1,2,7,1,3,3,4,0,0,0,0,8,54,0,"001572 - BAGABILTZA FUNDAZIOA","G95018750","DESESTIMADA","Baliabide ekonomikoeza prozeduran (art. 7, párrafo 2, apartado b) / Falta de crédito presupuestario en el procedimiento (art. 7, párrafo 2, apartado b)",54,"NO"]
[null,null,null," ",17482101,"SSCS0208 - ATENCIÓN SOCIOSANITARIA A PERSONAS DEPENDIENTES EN INSTITUCIONES SOCIALES",15,370,2,7,4,4,10,1,2,5,3,1,3,6,0,0,0,0,8,54,0,"000423 - KOOPERA SERVICIOS SOCIALES Y FORMACION S.COOP.","F95808622","DESESTIMADA","Baliabide ekonomikoeza prozeduran (art. 7, párrafo 2, apartado b) / Falta de crédito presupuestario en el procedimiento (art. 7, párrafo 2, apartado b)",54,"NO"]
[null,null,null," ",17482095,"SSCS0208 - ATENCIÓN SOCIOSANITARIA A PERSONAS DEPENDIENTES EN INSTITUCIONES SOCIALES",15,370,2,7,4,4,10,1,2,5,3,1,3,6,0,0,0,0,8,54,0,"000423 - KOOPERA SERVICIOS SOCIALES Y FORMACION S.COOP.","F95808622","DESESTIMADA","Baliabide ekonomikoeza prozeduran (art. 7, párrafo 2, apartado b) / Falta de crédito presupuestario en el procedimiento (art. 7, párrafo 2, apartado b)",54,"NO"]
[null,null,null," ",17480236,"SSCS0108 - ATENCIÓN SOCIOSANITARIA A PERSONAS EN EL DOMICILIO",15,480,2,7,4,4,10,1,2,5,5,3,3,5,0,0,0,0,5,54,0,"000045 - AYUNTAMIENTO DE ERMUA-CENTRO IZARRA","P4804100H","DESESTIMADA","Baliabide ekonomikoeza prozeduran (art. 7, párrafo 2, apartado b) / Falta de crédito presupuestario en el procedimiento (art. 7, párrafo 2, apartado b)",54,"NO"]
[null,null,null," ",17480922,"SSCS0108 - ATENCIÓN SOCIOSANITARIA A PERSONAS EN EL DOMICILIO",15,480,2,7,4,4,10,1,2,5,1,2,3,4,1,0,0,0,8,52,0,"000244 - HEZI ETA IKASI","B48997175","DESESTIMADA","Baliabide ekonomikoeza prozeduran (art. 7, párrafo 2, apartado b) / Falta de crédito presupuestario en el procedimiento (art. 7, párrafo 2, apartado b)",52,"NO"]
[null,null,null," ",17482884,"SSCS0108 - ATENCIÓN SOCIOSANITARIA A PERSONAS EN EL DOMICILIO",15,170,2,7,4,4,10,1,2,5,1,2,3,4,1,0,0,0,8,52,0,"000244 - HEZI ETA IKASI","B48997175","DESESTIMADA","Baliabide ekonomikoeza prozeduran (art. 7, párrafo 2, apartado b) / Falta de crédito presupuestario en el procedimiento (art. 7, párrafo 2, apartado b)",52,"NO"]
[null,null,null," ",17482885,"SSCS0108 - ATENCIÓN SOCIOSANITARIA A PERSONAS EN EL DOMICILIO",15,210,2,7,4,4,10,1,2,5,1,2,3,4,1,0,0,0,8,52,0,"000244 - HEZI ETA IKASI","B48997175","DESESTIMADA","Baliabide ekonomikoeza prozeduran (art. 7, párrafo 2, apartado b) / Falta de crédito presupuestario en el procedimiento (art. 7, párrafo 2, apartado b)",52,"NO"]
[null,null,null," ",17482848,"SSCS0108 - ATENCIÓN SOCIOSANITARIA A PERSONAS EN EL DOMICILIO",15,480,2,7,4,4,10,1,2,5,1,2,3,4,1,0,0,0,8,52,0,"000244 - HEZI ETA IKASI","B48997175","DESESTIMADA","Baliabide ekonomikoeza prozeduran (art. 7, párrafo 2, apartado b) / Falta de crédito presupuestario en el procedimiento (art. 7, párrafo 2, apartado b)",52,"NO"]
[null,null,null," ",17482886,"SSCS0108 - ATENCIÓN SOCIOSANITARIA A PERSONAS EN EL DOMICILIO",15,100,2,7,4,4,10,1,2,5,1,2,3,4,1,0,0,0,8,52,0,"000244 - HEZI ETA IKASI","B48997175","DESESTIMADA","Baliabide ekonomikoeza prozeduran (art. 7, párrafo 2, apartado b) / Falta de crédito presupuestario en el procedimiento (art. 7, párrafo 2, apartado b)",52,"NO"]
[null,null,null," ",17480919,"SSCS0208 - ATENCIÓN SOCIOSANITARIA A PERSONAS DEPENDIENTES EN INSTITUCIONES SOCIALES",15,370,2,7,4,4,10,1,2,5,1,2,3,4,1,0,0,0,5,49,0,"000244 - HEZI ETA IKASI","B48997175","DESESTIMADA","Baliabide ekonomikoeza prozeduran (art. 7, párrafo 2, apartado b) / Falta de crédito presupuestario en el procedimiento (art. 7, párrafo 2, apartado b)",49,"NO"]
[null,null,null," ",17482880,"SSCS0208 - ATENCIÓN SOCIOSANITARIA A PERSONAS DEPENDIENTES EN INSTITUCIONES SOCIALES",15,100,2,7,4,4,10,1,2,5,1,2,3,4,1,0,0,0,5,49,0,"000244 - HEZI ETA IKASI","B48997175","DESESTIMADA","Baliabide ekonomikoeza prozeduran (art. 7, párrafo 2, apartado b) / Falta de crédito presupuestario en el procedimiento (art. 7, párrafo 2, apartado b)",49,"NO"]
[null,null,null," ",17482881,"SSCS0208 - ATENCIÓN SOCIOSANITARIA A PERSONAS DEPENDIENTES EN INSTITUCIONES SOCIALES",15,70,2,7,4,4,10,1,2,5,1,2,3,4,1,0,0,0,5,49,0,"000244 - HEZI ETA IKASI","B48997175","DESESTIMADA","Baliabide ekonomikoeza prozeduran (art. 7, párrafo 2, apartado b) / Falta de crédito presupuestario en el procedimiento (art. 7, párrafo 2, apartado b)",49,"NO"]
[null,null,null," ",17482849,"SSCS0208 - ATENCIÓN SOCIOSANITARIA A PERSONAS DEPENDIENTES EN INSTITUCIONES SOCIALES",15,370,2,7,4,4,10,1,2,5,1,2,3,4,1,0,0,0,5,49,0,"000244 - HEZI ETA IKASI","B48997175","DESESTIMADA","Baliabide ekonomikoeza prozeduran (art. 7, párrafo 2, apartado b) / Falta de crédito presupuestario en el procedimiento (art. 7, párrafo 2, apartado b)",49,"NO"]
[null,null,null," ",17482882,"SSCS0208 - ATENCIÓN SOCIOSANITARIA A PERSONAS DEPENDIENTES EN INSTITUCIONES SOCIALES",15,70,2,7,4,4,10,1,2,5,1,2,3,4,1,0,0,0,5,49,0,"000244 - HEZI ETA IKASI","B48997175","DESESTIMADA","Baliabide ekonomikoeza prozeduran (art. 7, párrafo 2, apartado b) / Falta de crédito presupuestario en el procedimiento (art. 7, párrafo 2, apartado b)",49,"NO"]
[null,null,null," ",17482883,"SSCS0208 - ATENCIÓN SOCIOSANITARIA A PERSONAS DEPENDIENTES EN INSTITUCIONES SOCIALES",15,130,2,7,4,4,10,1,2,5,1,2,3,4,1,0,0,0,5,49,0,"000244 - HEZI ETA IKASI","B48997175","DESESTIMADA","Baliabide ekonomikoeza prozeduran (art. 7, párrafo 2, apartado b) / Falta de crédito presupuestario en el procedimiento (art. 7, párrafo 2, apartado b)",49,"NO"]
[null,null,null," ",17480029,"SSCS0208 - ATENCIÓN SOCIOSANITARIA A PERSONAS DEPENDIENTES EN INSTITUCIONES SOCIALES",12,370,2,7,4,4,10,1,2,6,0,5,0,0,0,0,0,0,6,45,0,"000031 - CENTRO DE INICIATIVAS PROFESIONALES DE GERNIKA-LU","P9805502C","DESESTIMADA","Baliabide ekonomikoeza prozeduran (art. 7, párrafo 2, apartado b) / Falta de crédito presupuestario en el procedimiento (art. 7, párrafo 2, apartado b)",45,"NO"]
[null,null,null," ",17482291,"SSCS0208 - ATENCIÓN SOCIOSANITARIA A PERSONAS DEPENDIENTES EN INSTITUCIONES SOCIALES",20,370,2,7,4,4,10,1,2,5,0,2,0,0,0,0,0,0,5,40,0,"001886 - COHS PSICOLOGOS CONSULTORES, S.L.","B48810642","DESESTIMADA","Baliabide ekonomikoeza prozeduran (art. 7, párrafo 2, apartado b) / Falta de crédito presupuestario en el procedimiento (art. 7, párrafo 2, apartado b)",{"$f":"SUM(J990,K990,L990,M990,N990,O990,P990,Q990,R990,S990,T990,U990,W990,X990,Y990)","v":40},{"$f":"IF(Z990 <> AF990,\"SI\",\"NO\")","v":"NO"}]
[null,null,null," ",17481680,"SSCE0110 - DOCENCIA DE LA FORMACIÓN PROFESIONAL PARA EL EMPLEO",15,340,3,7,2,4,9,3,2,5,6,5,3,6,1,0,0,0,5,58,0,"000219 - KONECTIA SERVICIOS INTEGRALES","B95453874","DESESTIMADA","Baliabide ekonomikoeza prozeduran (art. 7, párrafo 2, apartado b) / Falta de crédito presupuestario en el procedimiento (art. 7, párrafo 2, apartado b)",58,"NO"]
[null,null,null," ",17480408,"SSCE0110 - DOCENCIA DE LA FORMACIÓN PROFESIONAL PARA EL EMPLEO",15,340,3,7,2,4,9,1,2,8,5,5,3,5,1,0,0,0,5,57,0,"000162 - CENTRO DE CUALIFICACION Y EMPLEO","A95119848","DESESTIMADA","Baliabide ekonomikoeza prozeduran (art. 7, párrafo 2, apartado b) / Falta de crédito presupuestario en el procedimiento (art. 7, párrafo 2, apartado b)",57,"NO"]
[null,null,null," ",17481957,"SSCB0109 - DINAMIZACIÓN COMUNITARIA",17,490,3,7,2,4,7,1,2,8,7,4,3,6,1,0,0,0,5,57,0,"000414 - FUNDACION EDE/EDE FUNDAZIOA KASTREXANA","G95748356","DESESTIMADA","Baliabide ekonomikoeza prozeduran (art. 7, párrafo 2, apartado b) / Falta de crédito presupuestario en el procedimiento (art. 7, párrafo 2, apartado b)",57,"NO"]
[null,null,null," ",17482613,"SSCE0110 - DOCENCIA DE LA FORMACIÓN PROFESIONAL PARA EL EMPLEO",15,340,3,7,2,4,9,1,2,5,7,5,3,6,1,0,0,0,5,57,0,"000015 - CENTRO DE ENSEÑANZA SAN ROQUE,S.L.","B48700280","DESESTIMADA","Baliabide ekonomikoeza prozeduran (art. 7, párrafo 2, apartado b) / Falta de crédito presupuestario en el procedimiento (art. 7, párrafo 2, apartado b)",57,"NO"]
[null,null,null," ",17482614,"SSCE0110 - DOCENCIA DE LA FORMACIÓN PROFESIONAL PARA EL EMPLEO",15,340,3,7,2,4,9,1,2,5,7,5,3,6,1,0,0,0,5,57,0,"000015 - CENTRO DE ENSEÑANZA SAN ROQUE,S.L.","B48700280","DESESTIMADA","Baliabide ekonomikoeza prozeduran (art. 7, párrafo 2, apartado b) / Falta de crédito presupuestario en el procedimiento (art. 7, párrafo 2, apartado b)",57,"NO"]
[null,null,null," ",17481190,"SSCG0209 - MEDIACIÓN COMUNITARIA",13,170,3,7,2,4,7,3,2,6,4,5,3,4,0,1,1,0,8,56,0,"000369 - DURANGALDEKO IBAIZABAL IKASTOLA KOOPERATIVA ELKART","F48980320","DESESTIMADA","Baliabide ekonomikoeza prozeduran (art. 7, párrafo 2, apartado b) / Falta de crédito presupuestario en el procedimiento (art. 7, párrafo 2, apartado b)",56,"NO"]
[null,null,null," ",17481692,"SSCE0110 - DOCENCIA DE LA FORMACIÓN PROFESIONAL PARA EL EMPLEO",15,340,3,7,2,4,9,1,2,7,6,2,3,6,1,1,1,0,5,56,0,"000085 - SAN JOSE DE CALASANZ","B95657805","DESESTIMADA","Baliabide ekonomikoeza prozeduran (art. 7, párrafo 2, apartado b) / Falta de crédito presupuestario en el procedimiento (art. 7, párrafo 2, apartado b)",56,"NO"]
[null,null,null," ",17480808,"SSCG0209 - MEDIACIÓN COMUNITARIA",15,340,3,7,2,4,7,1,2,7,5,3,3,8,0,1,1,0,5,55,0,"000094 - JURITECNIA S.L.","B48437842","DESESTIMADA","Baliabide ekonomikoeza prozeduran (art. 7, párrafo 2, apartado b) / Falta de crédito presupuestario en el procedimiento (art. 7, párrafo 2, apartado b)",55,"NO"]
[null,null,null," ",17481258,"SSCE0110 - DOCENCIA DE LA FORMACIÓN PROFESIONAL PARA EL EMPLEO",12,150,3,7,2,4,9,3,2,6,4,5,3,4,0,1,1,0,5,55,0,"000369 - DURANGALDEKO IBAIZABAL IKASTOLA KOOPERATIVA ELKART","F48980320","DESESTIMADA","Baliabide ekonomikoeza prozeduran (art. 7, párrafo 2, apartado b) / Falta de crédito presupuestario en el procedimiento (art. 7, párrafo 2, apartado b)",55,"NO"]
[null,null,null," ",17480406,"SSCB0109 - DINAMIZACIÓN COMUNITARIA",15,490,3,7,2,4,7,1,2,8,5,5,3,5,1,0,0,0,5,55,0,"000162 - CENTRO DE CUALIFICACION Y EMPLEO","A95119848","DESESTIMADA","Baliabide ekonomikoeza prozeduran (art. 7, párrafo 2, apartado b) / Falta de crédito presupuestario en el procedimiento (art. 7, párrafo 2, apartado b)",55,"NO"]
[null,null,null," ",17480405,"SSCB0109 - DINAMIZACIÓN COMUNITARIA",15,490,3,7,2,4,7,1,2,8,5,5,3,5,1,0,0,0,5,55,0,"000162 - CENTRO DE CUALIFICACION Y EMPLEO","A95119848","DESESTIMADA","Baliabide ekonomikoeza prozeduran (art. 7, párrafo 2, apartado b) / Falta de crédito presupuestario en el procedimiento (art. 7, párrafo 2, apartado b)",55,"NO"]
[null,null,null," ",17480407,"SSCG0109 - INSERCIÓN LABORAL DE PERSONAS CON DISCAPACIDAD",15,350,3,7,2,4,7,1,2,8,5,5,3,5,1,0,0,0,5,55,0,"000162 - CENTRO DE CUALIFICACION Y EMPLEO","A95119848","DESESTIMADA","Baliabide ekonomikoeza prozeduran (art. 7, párrafo 2, apartado b) / Falta de crédito presupuestario en el procedimiento (art. 7, párrafo 2, apartado b)",55,"NO"]
[null,null,null," ",17480539,"SSCE0065V - FORMACIÓN TÉCNICA Y PEDAGÓGICA PARA TELEFORMADORES",17,100,3,7,2,1,8,1,2,8,7,4,3,6,1,0,0,0,5,55,0,"000304 - FUNDACION EDE/EDE FUNDAZIOA","G95748356","DESESTIMADA","Baliabide ekonomikoeza prozeduran (art. 7, párrafo 2, apartado b) / Falta de crédito presupuestario en el procedimiento (art. 7, párrafo 2, apartado b)",55,"NO"]
[null,null,null," ",17480534,"SSCG07EXP - INTERVENCIÓN CON MUJERES EN SITUACIÓN DE MALTRATO Y EXCLUSIÓN SOCIAL",17,280,3,7,2,1,8,1,2,8,7,4,3,6,1,0,0,0,5,55,0,"000304 - FUNDACION EDE/EDE FUNDAZIOA","G95748356","DESESTIMADA","Baliabide ekonomikoeza prozeduran (art. 7, párrafo 2, apartado b) / Falta de crédito presupuestario en el procedimiento (art. 7, párrafo 2, apartado b)",55,"NO"]
[null,null,null," ",17481317,"SSCE0110 - DOCENCIA DE LA FORMACIÓN PROFESIONAL PARA EL EMPLEO",17,340,3,7,2,4,9,1,2,5,6,4,3,6,0,0,0,0,5,54,0,"000103 - C2B-CAMPUS TO BUSINESS","B48756498","DESESTIMADA","Baliabide ekonomikoeza prozeduran (art. 7, párrafo 2, apartado b) / Falta de crédito presupuestario en el procedimiento (art. 7, párrafo 2, apartado b)",54,"NO"]
[null,null,null," ",17482137,"SSCE0110 - DOCENCIA DE LA FORMACIÓN PROFESIONAL PARA EL EMPLEO",17,340,3,7,2,4,9,1,2,5,6,4,3,6,0,0,0,0,5,54,0,"000103 - C2B-CAMPUS TO BUSINESS","B48756498","DESESTIMADA","Baliabide ekonomikoeza prozeduran (art. 7, párrafo 2, apartado b) / Falta de crédito presupuestario en el procedimiento (art. 7, párrafo 2, apartado b)",54,"NO"]
[null,null,null," ",17481318,"SSCE0110 - DOCENCIA DE LA FORMACIÓN PROFESIONAL PARA EL EMPLEO",17,340,3,7,2,4,9,1,2,5,6,4,3,6,0,0,0,0,5,54,0,"000103 - C2B-CAMPUS TO BUSINESS","B48756498","DESESTIMADA","Baliabide ekonomikoeza prozeduran (art. 7, párrafo 2, apartado b) / Falta de crédito presupuestario en el procedimiento (art. 7, párrafo 2, apartado b)",54,"NO"]
[null,null,null," ",17482054,"SSCE0110 - DOCENCIA DE LA FORMACIÓN PROFESIONAL PARA EL EMPLEO",17,340,3,7,2,4,9,1,2,5,6,4,3,6,0,0,0,0,5,54,0,"000103 - C2B-CAMPUS TO BUSINESS","B48756498","DESESTIMADA","Baliabide ekonomikoeza prozeduran (art. 7, párrafo 2, apartado b) / Falta de crédito presupuestario en el procedimiento (art. 7, párrafo 2, apartado b)",54,"NO"]
[null,null,null," ",17480901,"SSCE0110 - DOCENCIA DE LA FORMACIÓN PROFESIONAL PARA EL EMPLEO",15,340,3,7,2,4,9,1,2,5,6,4,2,6,1,0,0,0,5,54,0,"000183 - CENTRO EDUCACION VIAL REKORD S.L.","B48845101","DESESTIMADA","Baliabide ekonomikoeza prozeduran (art. 7, párrafo 2, apartado b) / Falta de crédito presupuestario en el procedimiento (art. 7, párrafo 2, apartado b)",54,"NO"]
[null,null,null," ",17482960,"SSCE0110 - DOCENCIA DE LA FORMACIÓN PROFESIONAL PARA EL EMPLEO",15,340,3,7,2,4,9,1,2,4,5,2,3,5,1,2,2,0,6,53,0,"002883 - UROLALDE-BILBAO","B20149134","DESESTIMADA","Baliabide ekonomikoeza prozeduran (art. 7, párrafo 2, apartado b) / Falta de crédito presupuestario en el procedimiento (art. 7, párrafo 2, apartado b)",53,"NO"]
[null,null,null," ",17480817,"SSCE0065V - FORMACIÓN TÉCNICA Y PEDAGÓGICA PARA TELEFORMADORES",15,100,3,7,2,1,8,1,2,7,5,3,3,8,0,1,1,0,5,53,0,"000094 - JURITECNIA S.L.","B48437842","DESESTIMADA","Baliabide ekonomikoeza prozeduran (art. 7, párrafo 2, apartado b) / Falta de crédito presupuestario en el procedimiento (art. 7, párrafo 2, apartado b)",53,"NO"]
[null,null,null," ",17480819,"SSCE0065V - FORMACIÓN TÉCNICA Y PEDAGÓGICA PARA TELEFORMADORES",15,100,3,7,2,1,8,3,2,6,4,4,3,5,1,0,0,0,5,51,0,"000242 - HARROBIA","F95164273","DESESTIMADA","Baliabide ekonomikoeza prozeduran (art. 7, párrafo 2, apartado b) / Falta de crédito presupuestario en el procedimiento (art. 7, párrafo 2, apartado b)",51,"NO"]
[null,null,null," ",17481169,"SSCE0110 - DOCENCIA DE LA FORMACIÓN PROFESIONAL PARA EL EMPLEO",16,340,3,7,2,4,9,1,2,5,5,3,3,4,0,0,0,0,5,50,0,"000035 - INUTEC DISEÑO,S.L.","B95108080","DESESTIMADA","Baliabide ekonomikoeza prozeduran (art. 7, párrafo 2, apartado b) / Falta de crédito presupuestario en el procedimiento (art. 7, párrafo 2, apartado b)",50,"NO"]
[null,null,null," ",17480893,"SSCG0109 - INSERCIÓN LABORAL DE PERSONAS CON DISCAPACIDAD",15,350,3,7,2,4,7,1,2,8,6,2,0,5,0,0,0,0,5,49,0,"000017 - C.F.O. SANITARIO INTERLAKEN","B95420352","DESESTIMADA","Baliabide ekonomikoeza prozeduran (art. 7, párrafo 2, apartado b) / Falta de crédito presupuestario en el procedimiento (art. 7, párrafo 2, apartado b)",49,"NO"]
[null,null,null," ",17480895,"SSCG0109 - INSERCIÓN LABORAL DE PERSONAS CON DISCAPACIDAD",15,350,3,7,2,4,7,1,2,8,6,2,0,5,0,0,0,0,5,49,0,"000017 - C.F.O. SANITARIO INTERLAKEN","B95420352","DESESTIMADA","Baliabide ekonomikoeza prozeduran (art. 7, párrafo 2, apartado b) / Falta de crédito presupuestario en el procedimiento (art. 7, párrafo 2, apartado b)",49,"NO"]
[null,null,null," ",17481129,"SSCG0209 - MEDIACIÓN COMUNITARIA",16,340,3,7,2,4,7,1,2,5,5,3,3,4,0,0,0,0,5,48,0,"000035 - INUTEC DISEÑO,S.L.","B95108080","DESESTIMADA","Baliabide ekonomikoeza prozeduran (art. 7, párrafo 2, apartado b) / Falta de crédito presupuestario en el procedimiento (art. 7, párrafo 2, apartado b)",48,"NO"]
[null,null,null," ",17480079,"SSCE0110 - DOCENCIA DE LA FORMACIÓN PROFESIONAL PARA EL EMPLEO",15,340,3,7,2,4,9,1,2,5,3,3,3,4,0,0,0,0,5,48,0,"000218 - ALFA FORMACIÓN Y CONSULTORÍA","B95738241","DESESTIMADA","Baliabide ekonomikoeza prozeduran (art. 7, párrafo 2, apartado b) / Falta de crédito presupuestario en el procedimiento (art. 7, párrafo 2, apartado b)",48,"NO"]
[null,null,null," ",17481814,"SSCG0209 - MEDIACIÓN COMUNITARIA",15,340,3,7,2,4,7,1,2,5,6,0,3,4,0,1,1,0,5,47,0,"002670 - ASOCIACIÓN AGIANTZA ELKARTEA","G48462667","DESESTIMADA","Baliabide ekonomikoeza prozeduran (art. 7, párrafo 2, apartado b) / Falta de crédito presupuestario en el procedimiento (art. 7, párrafo 2, apartado b)",47,"NO"]
[null,null,null," ",17482256,"SSCE0110 - DOCENCIA DE LA FORMACIÓN PROFESIONAL PARA EL EMPLEO",15,340,3,7,2,4,9,1,2,5,3,4,0,0,1,3,3,0,5,46,0,"000354 - GEHILAN 2000, S.L.","B48986871","DESESTIMADA","Baliabide ekonomikoeza prozeduran (art. 7, párrafo 2, apartado b) / Falta de crédito presupuestario en el procedimiento (art. 7, párrafo 2, apartado b)",46,"NO"]
[null,null,null," ",17480693,"SSCE0110 - DOCENCIA DE LA FORMACIÓN PROFESIONAL PARA EL EMPLEO",15,340,3,7,2,4,9,1,2,5,3,0,2,6,0,0,0,0,5,46,0,"000102 - SERVIC. EMPRESARIALES Y TECNOLOGIAS INFORMACION S","B48683528","DESESTIMADA","Baliabide ekonomikoeza prozeduran (art. 7, párrafo 2, apartado b) / Falta de crédito presupuestario en el procedimiento (art. 7, párrafo 2, apartado b)",46,"NO"]
[null,null,null," ",17480511,"SSCE0110 - DOCENCIA DE LA FORMACIÓN PROFESIONAL PARA EL EMPLEO",15,340,3,7,2,4,9,1,2,5,3,0,2,6,0,0,0,0,5,46,0,"000102 - SERVIC. EMPRESARIALES Y TECNOLOGIAS INFORMACION S","B48683528","DESESTIMADA","Baliabide ekonomikoeza prozeduran (art. 7, párrafo 2, apartado b) / Falta de crédito presupuestario en el procedimiento (art. 7, párrafo 2, apartado b)",46,"NO"]
[null,null,null," ",17480512,"SSCE0110 - DOCENCIA DE LA FORMACIÓN PROFESIONAL PARA EL EMPLEO",15,340,3,7,2,4,9,1,2,5,3,0,2,6,0,0,0,0,5,46,0,"000102 - SERVIC. EMPRESARIALES Y TECNOLOGIAS INFORMACION S","B48683528","DESESTIMADA","Baliabide ekonomikoeza prozeduran (art. 7, párrafo 2, apartado b) / Falta de crédito presupuestario en el procedimiento (art. 7, párrafo 2, apartado b)",46,"NO"]
[null,null,null," ",17480694,"SSCE0110 - DOCENCIA DE LA FORMACIÓN PROFESIONAL PARA EL EMPLEO",15,340,3,7,2,4,9,1,2,5,3,0,2,6,0,0,0,0,5,46,0,"000102 - SERVIC. EMPRESARIALES Y TECNOLOGIAS INFORMACION S","B48683528","DESESTIMADA","Baliabide ekonomikoeza prozeduran (art. 7, párrafo 2, apartado b) / Falta de crédito presupuestario en el procedimiento (art. 7, párrafo 2, apartado b)",46,"NO"]
[null,null,null," ",17480915,"SSCE0110 - DOCENCIA DE LA FORMACIÓN PROFESIONAL PARA EL EMPLEO",16,340,3,7,2,4,9,1,2,5,1,2,3,4,1,0,0,0,5,46,0,"000244 - HEZI ETA IKASI","B48997175","DESESTIMADA","Baliabide ekonomikoeza prozeduran (art. 7, párrafo 2, apartado b) / Falta de crédito presupuestario en el procedimiento (art. 7, párrafo 2, apartado b)",46,"NO"]
[null,null,null," ",17482874,"SSCE0110 - DOCENCIA DE LA FORMACIÓN PROFESIONAL PARA EL EMPLEO",15,340,3,7,2,4,9,1,2,5,1,2,3,4,1,0,0,0,5,46,0,"000244 - HEZI ETA IKASI","B48997175","DESESTIMADA","Baliabide ekonomikoeza prozeduran (art. 7, párrafo 2, apartado b) / Falta de crédito presupuestario en el procedimiento (art. 7, párrafo 2, apartado b)",46,"NO"]
[null,null,null," ",17480917,"SSCG0209 - MEDIACIÓN COMUNITARIA",15,340,3,7,2,4,7,1,2,5,1,2,3,4,1,0,0,0,5,44,0,"000244 - HEZI ETA IKASI","B48997175","DESESTIMADA","Baliabide ekonomikoeza prozeduran (art. 7, párrafo 2, apartado b) / Falta de crédito presupuestario en el procedimiento (art. 7, párrafo 2, apartado b)",44,"NO"]
[null,null,null," ",17482875,"SSCG0209 - MEDIACIÓN COMUNITARIA",15,340,3,7,2,4,7,1,2,5,1,2,3,4,1,0,0,0,5,44,0,"000244 - HEZI ETA IKASI","B48997175","DESESTIMADA","Baliabide ekonomikoeza prozeduran (art. 7, párrafo 2, apartado b) / Falta de crédito presupuestario en el procedimiento (art. 7, párrafo 2, apartado b)",44,"NO"]
[null,null,null," ",17480333,"SSCE0065V - FORMACIÓN TÉCNICA Y PEDAGÓGICA PARA TELEFORMADORES",15,100,3,7,2,1,8,1,2,5,3,3,3,4,0,0,0,0,5,44,0,"000218 - ALFA FORMACIÓN Y CONSULTORÍA","B95738241","DESESTIMADA","Baliabide ekonomikoeza prozeduran (art. 7, párrafo 2, apartado b) / Falta de crédito presupuestario en el procedimiento (art. 7, párrafo 2, apartado b)",44,"NO"]
[null,null,null," ",17481106,"SSCG06EXP - INTERVENCIÓN CON MENORES Y FAMILIAS EN SITUACIÓN DE RIESGO SOCIAL",15,280,3,7,2,1,8,1,2,5,3,3,3,4,0,0,0,0,5,44,0,"000218 - ALFA FORMACIÓN Y CONSULTORÍA","B95738241","DESESTIMADA","Baliabide ekonomikoeza prozeduran (art. 7, párrafo 2, apartado b) / Falta de crédito presupuestario en el procedimiento (art. 7, párrafo 2, apartado b)",44,"NO"]
[null,null,null," ",17481095,"SSCG07EXP - INTERVENCIÓN CON MUJERES EN SITUACIÓN DE MALTRATO Y EXCLUSIÓN SOCIAL",15,280,3,7,2,1,8,1,2,5,3,3,3,4,0,0,0,0,5,44,0,"000218 - ALFA FORMACIÓN Y CONSULTORÍA","B95738241","DESESTIMADA","Baliabide ekonomikoeza prozeduran (art. 7, párrafo 2, apartado b) / Falta de crédito presupuestario en el procedimiento (art. 7, párrafo 2, apartado b)",44,"NO"]
[null,null,null," ",17480177,"SSCE0110 - DOCENCIA DE LA FORMACIÓN PROFESIONAL PARA EL EMPLEO",15,340,3,7,2,4,9,1,2,5,3,3,0,0,2,0,0,0,5,43,0,"000249 - FUNDACION DE TRABAJADORES DE LA SIDERURGIA INTEGRAL","G95455937","DESESTIMADA","Baliabide ekonomikoeza prozeduran (art. 7, párrafo 2, apartado b) / Falta de crédito presupuestario en el procedimiento (art. 7, párrafo 2, apartado b)",43,"NO"]
[null,null,null," ",17480910,"SSCG06EXP - INTERVENCIÓN CON MENORES Y FAMILIAS EN SITUACIÓN DE RIESGO SOCIAL",15,280,3,7,2,1,8,1,2,5,1,2,3,4,1,0,0,0,5,42,0,"000244 - HEZI ETA IKASI","B48997175","DESESTIMADA","2017ko maiatzare 2a bainolehenago, akreditatuta edo inskribatuta ez zegoen erakunde baten bitartez eskatuta izatea (2.artikuloa,2. paragrafoa, b atala) / Ser solicitada por una entidad no acreditada o inscrita para la especialidad con anterioridad al 2 de mayo de 2017 (art.2, párrafo 1, apartado b)",42,"NO"]
[null,null,null," ",17482876,"SSCG06EXP - INTERVENCIÓN CON MENORES Y FAMILIAS EN SITUACIÓN DE RIESGO SOCIAL",15,280,3,7,2,1,8,1,2,5,1,2,3,4,1,0,0,0,5,42,0,"000244 - HEZI ETA IKASI","B48997175","DESESTIMADA","2017ko maiatzare 2a bainolehenago, akreditatuta edo inskribatuta ez zegoen erakunde baten bitartez eskatuta izatea (2.artikuloa,2. paragrafoa, b atala) / Ser solicitada por una entidad no acreditada o inscrita para la especialidad con anterioridad al 2 de mayo de 2017 (art.2, párrafo 1, apartado b)",42,"NO"]
[null,null,null," ",17482877,"SSCG07EXP - INTERVENCIÓN CON MUJERES EN SITUACIÓN DE MALTRATO Y EXCLUSIÓN SOCIAL",15,280,3,7,2,1,8,1,2,5,1,2,3,4,1,0,0,0,5,42,0,"000244 - HEZI ETA IKASI","B48997175","DESESTIMADA","2017ko maiatzare 2a bainolehenago, akreditatuta edo inskribatuta ez zegoen erakunde baten bitartez eskatuta izatea (2.artikuloa,2. paragrafoa, b atala) / Ser solicitada por una entidad no acreditada o inscrita para la especialidad con anterioridad al 2 de mayo de 2017 (art.2, párrafo 1, apartado b)",42,"NO"]
[null,null,null," ",17480911,"SSCE0110 - DOCENCIA DE LA FORMACIÓN PROFESIONAL PARA EL EMPLEO",15,340,3,7,2,4,9,1,2,7,0,0,0,4,0,0,0,0,5,41,0,"001822 - FUNDACION CLARET SOZIAL FONDOA","G95295994","DESESTIMADA","Baliabide ekonomikoeza prozeduran (art. 7, párrafo 2, apartado b) / Falta de crédito presupuestario en el procedimiento (art. 7, párrafo 2, apartado b)",41,"NO"]
[null,null,null," ",17480203,"SSCG0209 - MEDIACIÓN COMUNITARIA",12,340,3,7,2,4,7,1,2,5,3,2,0,0,0,0,0,0,6,39,0,"000435 - FUNDACIÓN GIZAGUNE","G95572350","DESESTIMADA","Baliabide ekonomikoeza prozeduran (art. 7, párrafo 2, apartado b) / Falta de crédito presupuestario en el procedimiento (art. 7, párrafo 2, apartado b)",39,"NO"]
[null,null,null," ",17480916,"SSCB0109 - DINAMIZACIÓN COMUNITARIA",15,490,3,7,2,4,7,1,2,7,0,0,0,4,0,0,0,0,5,39,0,"001822 - FUNDACION CLARET SOZIAL FONDOA","G95295994","DESESTIMADA","Baliabide ekonomikoeza prozeduran (art. 7, párrafo 2, apartado b) / Falta de crédito presupuestario en el procedimiento (art. 7, párrafo 2, apartado b)",39,"NO"]
[null,null,null," ",17480963,"SSCG0209 - MEDIACIÓN COMUNITARIA",15,340,3,7,2,4,7,1,2,7,0,0,0,4,0,0,0,0,5,39,0,"001822 - FUNDACION CLARET SOZIAL FONDOA","G95295994","DESESTIMADA","Baliabide ekonomikoeza prozeduran (art. 7, párrafo 2, apartado b) / Falta de crédito presupuestario en el procedimiento (art. 7, párrafo 2, apartado b)",39,"NO"]
[null,null,null," ",17482274,"SSCE0110 - DOCENCIA DE LA FORMACIÓN PROFESIONAL PARA EL EMPLEO",20,340,3,7,2,4,9,1,2,5,0,2,0,0,0,0,0,0,5,37,0,"001886 - COHS PSICOLOGOS CONSULTORES, S.L.","B48810642","DESESTIMADA","Baliabide ekonomikoeza prozeduran (art. 7, párrafo 2, apartado b) / Falta de crédito presupuestario en el procedimiento (art. 7, párrafo 2, apartado b)",37,"NO"]
[null,null,null," ",17480255,"LIBR0001 - SSCG0058V- ANIMACION ESTIMULATIVA CON PERSONAS DEPENDIENTES (Especialidad pendiente de inclusión en el fichero)",15,375,null,1,0,1,0,1,2,5,1,2,3,4,1,0,0,0,5,26,0,"000244 - HEZI ETA IKASI","B48997175","DESESTIMADA","Baliabide ekonomikoeza prozeduran (art. 7, párrafo 2, apartado b) / Falta de crédito presupuestario en el procedimiento (art. 7, párrafo 2, apartado b)",26,"NO"]
[null,null,null," ",17482870,"LIBR0001 - ACTUALIZACIÓN EN EL TRATAMIENTO DE LAS CURAS DE ENFERMERÍA EN PACIENTES GERIÁTRICOS (Especialidad pendiente de inclusión en el fichero)",15,8,null,1,0,1,0,1,2,5,1,2,3,4,1,0,0,0,5,26,0,"000244 - HEZI ETA IKASI","B48997175","DESESTIMADA","Baliabide ekonomikoeza prozeduran (art. 7, párrafo 2, apartado b) / Falta de crédito presupuestario en el procedimiento (art. 7, párrafo 2, apartado b)",26,"NO"]
[null,null,null," ",17482879,"LIBR0001 - TALLER DE ESPALDA (Especialidad pendiente de inclusión en el fichero)",15,4,null,1,0,1,0,1,2,5,1,2,3,4,1,0,0,0,5,26,0,"000244 - HEZI ETA IKASI","B48997175","DESESTIMADA","Baliabide ekonomikoeza prozeduran (art. 7, párrafo 2, apartado b) / Falta de crédito presupuestario en el procedimiento (art. 7, párrafo 2, apartado b)",26,"NO"]
[null,null,null," ",17482868,"LIBR0001 - PREVENCIÓN DE LAS PATOLOGÍAS DE LA VOZ EN LOS DOCENTES (Especialidad pendiente de inclusión en el fichero)",15,80,null,1,0,1,0,1,2,5,1,2,3,4,1,0,0,0,5,26,0,"000244 - HEZI ETA IKASI","B48997175","DESESTIMADA","Baliabide ekonomikoeza prozeduran (art. 7, párrafo 2, apartado b) / Falta de crédito presupuestario en el procedimiento (art. 7, párrafo 2, apartado b)",26,"NO"]
[null,null,null," ",17482873,"LIBR0001 - LA ATENCIÓN A MENORES EN RECURSOS RESIDENCIALES. MODELO DE INTERVENCIÓN (Especialidad pendiente de inclusión en el fichero)",15,30,null,1,0,1,0,1,2,5,1,2,3,4,1,0,0,0,5,26,0,"000244 - HEZI ETA IKASI","B48997175","DESESTIMADA","Baliabide ekonomikoeza prozeduran (art. 7, párrafo 2, apartado b) / Falta de crédito presupuestario en el procedimiento (art. 7, párrafo 2, apartado b)",26,"NO"]
[null,null,null," ",17482867,"LIBR0001 - LENGUA DE SE SIGNOS ESPAÑOLA (Especialidad pendiente de inclusión en el fichero)",15,60,null,1,0,1,0,1,2,5,1,2,3,4,1,0,0,0,5,26,0,"000244 - HEZI ETA IKASI","B48997175","DESESTIMADA","Baliabide ekonomikoeza prozeduran (art. 7, párrafo 2, apartado b) / Falta de crédito presupuestario en el procedimiento (art. 7, párrafo 2, apartado b)",26,"NO"]
[null,null,null,"TMV",17481132,"TMVL0109 - OPERACIONES AUXILIARES DE MANTENIMIENTO DE CARROCERÍAS DE VEHÍCULOS",17,270,1,4,3,4,7,1,2,7,5,1,3,6,0,1,1,0,5,49,0,"000078 - ESCUELA PROFESIONAL DE OTXARKOAGA","R4800614B","DESESTIMADA","Baliabide ekonomikoeza prozeduran (art. 7, párrafo 2, apartado b) / Falta de crédito presupuestario en el procedimiento (art. 7, párrafo 2, apartado b)",49,"NO"]
[null,null,null," ",17480856,"TMVL0109 - OPERACIONES AUXILIARES DE MANTENIMIENTO DE CARROCERÍAS DE VEHÍCULOS",15,270,1,4,3,4,7,1,2,6,3,3,0,6,0,0,0,0,9,48,0,"000301 - CPES IKASAUTO BHIP","B95096244","DESESTIMADA","Baliabide ekonomikoeza prozeduran (art. 7, párrafo 2, apartado b) / Falta de crédito presupuestario en el procedimiento (art. 7, párrafo 2, apartado b)",48,"NO"]
[null,null,null," ",17480864,"TMVL0109 - OPERACIONES AUXILIARES DE MANTENIMIENTO DE CARROCERÍAS DE VEHÍCULOS",15,270,1,4,3,4,7,1,2,6,3,3,0,6,0,0,0,0,9,48,0,"000301 - CPES IKASAUTO BHIP","B95096244","DESESTIMADA","Baliabide ekonomikoeza prozeduran (art. 7, párrafo 2, apartado b) / Falta de crédito presupuestario en el procedimiento (art. 7, párrafo 2, apartado b)",48,"NO"]
[null,null,null," ",17480295,"TMVL0109 - OPERACIONES AUXILIARES DE MANTENIMIENTO DE CARROCERÍAS DE VEHÍCULOS",15,270,1,4,3,4,7,1,2,5,3,3,3,6,1,1,1,0,5,48,0,"000300 - CPES BEURKO CHECK BHIP","B95459293","DESESTIMADA","Baliabide ekonomikoeza prozeduran (art. 7, párrafo 2, apartado b) / Falta de crédito presupuestario en el procedimiento (art. 7, párrafo 2, apartado b)",48,"NO"]
[null,null,null," ",17480297,"TMVL0109 - OPERACIONES AUXILIARES DE MANTENIMIENTO DE CARROCERÍAS DE VEHÍCULOS",15,270,1,4,3,4,7,1,2,5,3,3,3,6,1,1,1,0,5,48,0,"000300 - CPES BEURKO CHECK BHIP","B95459293","DESESTIMADA","Baliabide ekonomikoeza prozeduran (art. 7, párrafo 2, apartado b) / Falta de crédito presupuestario en el procedimiento (art. 7, párrafo 2, apartado b)",48,"NO"]
[null,null,null," ",17480397,"TMVG0109 - OPERACIONES AUXILIARES DE MANTENIMIENTO EN ELECTROMECÁNICA DE VEHÍCULOS",15,270,1,4,3,4,6,1,2,6,3,3,0,6,0,0,0,0,5,43,0,"000301 - CPES IKASAUTO BHIP","B95096244","DESESTIMADA","Baliabide ekonomikoeza prozeduran (art. 7, párrafo 2, apartado b) / Falta de crédito presupuestario en el procedimiento (art. 7, párrafo 2, apartado b)",43,"NO"]
[null,null,null," ",17480868,"TMVG0109 - OPERACIONES AUXILIARES DE MANTENIMIENTO EN ELECTROMECÁNICA DE VEHÍCULOS",15,270,1,4,3,4,6,1,2,6,3,3,0,6,0,0,0,0,5,43,0,"000301 - CPES IKASAUTO BHIP","B95096244","DESESTIMADA","Baliabide ekonomikoeza prozeduran (art. 7, párrafo 2, apartado b) / Falta de crédito presupuestario en el procedimiento (art. 7, párrafo 2, apartado b)",43,"NO"]
[null,null,null," ",17482850,"TMVC0001OV - OBTENCIÓN DEL PERMISO DE CONDUCCIÓN CLASE \"E\"",15,340,2,4,4,1,10,1,2,8,6,4,2,6,1,0,0,0,5,54,0,"000183 - CENTRO EDUCACION VIAL REKORD S.L.","B48845101","DESESTIMADA","Baliabide ekonomikoeza prozeduran (art. 7, párrafo 2, apartado b) / Falta de crédito presupuestario en el procedimiento (art. 7, párrafo 2, apartado b)",54,"NO"]
[null,null,null," ",17481011,"TMVC0001OV - OBTENCIÓN DEL PERMISO DE CONDUCCIÓN CLASE \"E\"",15,340,2,4,4,1,10,1,2,8,6,4,2,6,1,0,0,0,5,54,0,"000104 - CENTRO DE EDUCACION VIAL REKORD","B48845101","DESESTIMADA","Baliabide ekonomikoeza prozeduran (art. 7, párrafo 2, apartado b) / Falta de crédito presupuestario en el procedimiento (art. 7, párrafo 2, apartado b)",{"$f":"SUM(J1054,K1054,L1054,M1054,N1054,O1054,P1054,Q1054,R1054,S1054,T1054,U1054,W1054,X1054,Y1054)","v":54},{"$f":"IF(Z1054 <> AF1054,\"SI\",\"NO\")","v":"NO"}]
[null,null,null," ",17480927,"TMVC0001OV - OBTENCIÓN DEL PERMISO DE CONDUCCIÓN CLASE \"E\"",15,340,2,4,4,1,10,1,2,8,6,4,2,6,1,0,0,0,5,54,0,"000183 - CENTRO EDUCACION VIAL REKORD S.L.","B48845101","DESESTIMADA","Baliabide ekonomikoeza prozeduran (art. 7, párrafo 2, apartado b) / Falta de crédito presupuestario en el procedimiento (art. 7, párrafo 2, apartado b)",54,"NO"]
[null,null,null," ",17480930,"TMVC0001OV - OBTENCIÓN DEL PERMISO DE CONDUCCIÓN CLASE \"E\"",15,340,2,4,4,1,10,1,2,8,6,4,2,6,1,0,0,0,5,54,0,"000183 - CENTRO EDUCACION VIAL REKORD S.L.","B48845101","DESESTIMADA","Baliabide ekonomikoeza prozeduran (art. 7, párrafo 2, apartado b) / Falta de crédito presupuestario en el procedimiento (art. 7, párrafo 2, apartado b)",54,"NO"]
[null,null,null," ",17481013,"TMVC0001OV - OBTENCIÓN DEL PERMISO DE CONDUCCIÓN CLASE \"E\"",15,340,2,4,4,1,10,1,2,8,6,4,2,6,1,0,0,0,5,54,0,"000104 - CENTRO DE EDUCACION VIAL REKORD","B48845101","DESESTIMADA","Baliabide ekonomikoeza prozeduran (art. 7, párrafo 2, apartado b) / Falta de crédito presupuestario en el procedimiento (art. 7, párrafo 2, apartado b)",54,"NO"]
[null,null,null," ",17481009,"TMVC0002OV - OBTENCIÓN DEL PERMISO DE CONDUCCIÓN CLASE \"D\" y \"CAP\"",15,385,2,4,4,1,10,1,2,8,6,4,2,6,1,0,0,0,5,54,0,"000104 - CENTRO DE EDUCACION VIAL REKORD","B48845101","DESESTIMADA","Baliabide ekonomikoeza prozeduran (art. 7, párrafo 2, apartado b) / Falta de crédito presupuestario en el procedimiento (art. 7, párrafo 2, apartado b)",54,"NO"]
[null,null,null," ",17480926,"TMVC0002OV - OBTENCIÓN DEL PERMISO DE CONDUCCIÓN CLASE \"D\" y \"CAP\"",15,385,2,4,4,1,10,1,2,8,6,4,2,6,1,0,0,0,5,54,0,"000183 - CENTRO EDUCACION VIAL REKORD S.L.","B48845101","DESESTIMADA","Baliabide ekonomikoeza prozeduran (art. 7, párrafo 2, apartado b) / Falta de crédito presupuestario en el procedimiento (art. 7, párrafo 2, apartado b)",54,"NO"]
[null,null,null," ",17480924,"TMVC0002OV - OBTENCIÓN DEL PERMISO DE CONDUCCIÓN CLASE \"D\" y \"CAP\"",15,385,2,4,4,1,10,1,2,8,6,4,2,6,1,0,0,0,5,54,0,"000183 - CENTRO EDUCACION VIAL REKORD S.L.","B48845101","DESESTIMADA","Baliabide ekonomikoeza prozeduran (art. 7, párrafo 2, apartado b) / Falta de crédito presupuestario en el procedimiento (art. 7, párrafo 2, apartado b)",54,"NO"]
[null,null,null," ",17482851,"TMVC0002OV - OBTENCIÓN DEL PERMISO DE CONDUCCIÓN CLASE \"D\" y \"CAP\"",15,385,2,4,4,1,10,1,2,8,6,4,2,6,1,0,0,0,5,54,0,"000183 - CENTRO EDUCACION VIAL REKORD S.L.","B48845101","DESESTIMADA","Baliabide ekonomikoeza prozeduran (art. 7, párrafo 2, apartado b) / Falta de crédito presupuestario en el procedimiento (art. 7, párrafo 2, apartado b)",54,"NO"]
[null,null,null," ",17480929,"TMVC0003OV - OBTENCIÓN DEL PERMISO DE CONDUCCIÓN CLASES \"C1-C\", \"CAP\" y \"ADR\"",15,425,2,4,4,1,10,1,2,8,6,4,2,6,1,0,0,0,5,54,0,"000183 - CENTRO EDUCACION VIAL REKORD S.L.","B48845101","DESESTIMADA","Baliabide ekonomikoeza prozeduran (art. 7, párrafo 2, apartado b) / Falta de crédito presupuestario en el procedimiento (art. 7, párrafo 2, apartado b)",54,"NO"]
[null,null,null," ",17481015,"TMVC0003OV - OBTENCIÓN DEL PERMISO DE CONDUCCIÓN CLASES \"C1-C\", \"CAP\" y \"ADR\"",15,425,2,4,4,1,10,1,2,8,6,4,2,6,1,0,0,0,5,54,0,"000104 - CENTRO DE EDUCACION VIAL REKORD","B48845101","DESESTIMADA","Baliabide ekonomikoeza prozeduran (art. 7, párrafo 2, apartado b) / Falta de crédito presupuestario en el procedimiento (art. 7, párrafo 2, apartado b)",54,"NO"]
[null,null,null," ",17481012,"TMVC0003OV - OBTENCIÓN DEL PERMISO DE CONDUCCIÓN CLASES \"C1-C\", \"CAP\" y \"ADR\"",15,425,2,4,4,1,10,1,2,8,6,4,2,6,1,0,0,0,5,54,0,"000104 - CENTRO DE EDUCACION VIAL REKORD","B48845101","DESESTIMADA","Baliabide ekonomikoeza prozeduran (art. 7, párrafo 2, apartado b) / Falta de crédito presupuestario en el procedimiento (art. 7, párrafo 2, apartado b)",54,"NO"]
[null,null,null," ",17482852,"TMVC0003OV - OBTENCIÓN DEL PERMISO DE CONDUCCIÓN CLASES \"C1-C\", \"CAP\" y \"ADR\"",15,425,2,4,4,1,10,1,2,8,6,4,2,6,1,0,0,0,5,54,0,"000183 - CENTRO EDUCACION VIAL REKORD S.L.","B48845101","DESESTIMADA","Baliabide ekonomikoeza prozeduran (art. 7, párrafo 2, apartado b) / Falta de crédito presupuestario en el procedimiento (art. 7, párrafo 2, apartado b)",54,"NO"]
[null,null,null," ",17482853,"TMVC0003OV - OBTENCIÓN DEL PERMISO DE CONDUCCIÓN CLASES \"C1-C\", \"CAP\" y \"ADR\"",15,425,2,4,4,1,10,1,2,8,6,4,2,6,1,0,0,0,5,54,0,"000183 - CENTRO EDUCACION VIAL REKORD S.L.","B48845101","DESESTIMADA","Baliabide ekonomikoeza prozeduran (art. 7, párrafo 2, apartado b) / Falta de crédito presupuestario en el procedimiento (art. 7, párrafo 2, apartado b)",54,"NO"]
[null,null,null," ",17480928,"TMVC0003OV - OBTENCIÓN DEL PERMISO DE CONDUCCIÓN CLASES \"C1-C\", \"CAP\" y \"ADR\"",15,425,2,4,4,1,10,1,2,8,6,4,2,6,1,0,0,0,5,54,0,"000183 - CENTRO EDUCACION VIAL REKORD S.L.","B48845101","DESESTIMADA","Baliabide ekonomikoeza prozeduran (art. 7, párrafo 2, apartado b) / Falta de crédito presupuestario en el procedimiento (art. 7, párrafo 2, apartado b)",54,"NO"]
[null,null,null," ",17481145,"TMVL0509 - PINTURA DE VEHÍCULOS",17,460,2,4,4,4,9,1,2,7,5,1,3,6,0,1,1,0,6,53,0,"000078 - ESCUELA PROFESIONAL DE OTXARKOAGA","R4800614B","DESESTIMADA","Baliabide ekonomikoeza prozeduran (art. 7, párrafo 2, apartado b) / Falta de crédito presupuestario en el procedimiento (art. 7, párrafo 2, apartado b)",53,"NO"]
[null,null,null," ",17481139,"TMVL0309 - MANTENIMIENTO DE ESTRUCTURAS DE CARROCERÍAS DE VEHÍCULOS",17,520,2,4,4,4,9,1,2,7,5,1,3,6,0,1,1,0,5,52,0,"000078 - ESCUELA PROFESIONAL DE OTXARKOAGA","R4800614B","DESESTIMADA","Baliabide ekonomikoeza prozeduran (art. 7, párrafo 2, apartado b) / Falta de crédito presupuestario en el procedimiento (art. 7, párrafo 2, apartado b)",52,"NO"]
[null,null,null," ",17480298,"TMVL0509 - PINTURA DE VEHÍCULOS",15,460,2,4,4,4,9,1,2,5,3,3,3,6,1,1,1,0,5,51,0,"000300 - CPES BEURKO CHECK BHIP","B95459293","DESESTIMADA","Baliabide ekonomikoeza prozeduran (art. 7, párrafo 2, apartado b) / Falta de crédito presupuestario en el procedimiento (art. 7, párrafo 2, apartado b)",51,"NO"]
[null,null,null," ",17481224,"TMVL0509 - PINTURA DE VEHÍCULOS",15,460,2,4,4,4,9,1,2,5,3,3,3,6,1,1,1,0,5,51,0,"000300 - CPES BEURKO CHECK BHIP","B95459293","DESESTIMADA","Baliabide ekonomikoeza prozeduran (art. 7, párrafo 2, apartado b) / Falta de crédito presupuestario en el procedimiento (art. 7, párrafo 2, apartado b)",51,"NO"]
[null,null,null," ",17481029,"TMVL0509 - PINTURA DE VEHÍCULOS",15,460,2,4,4,4,9,1,2,6,3,3,0,6,0,0,0,0,8,50,0,"000301 - CPES IKASAUTO BHIP","B95096244","DESESTIMADA","Baliabide ekonomikoeza prozeduran (art. 7, párrafo 2, apartado b) / Falta de crédito presupuestario en el procedimiento (art. 7, párrafo 2, apartado b)",50,"NO"]
[null,null,null," ",17480859,"TMVL0509 - PINTURA DE VEHÍCULOS",15,460,2,4,4,4,9,1,2,6,3,3,0,6,0,0,0,0,8,50,0,"000301 - CPES IKASAUTO BHIP","B95096244","DESESTIMADA","Baliabide ekonomikoeza prozeduran (art. 7, párrafo 2, apartado b) / Falta de crédito presupuestario en el procedimiento (art. 7, párrafo 2, apartado b)",50,"NO"]
[null,null,null," ",17481028,"TMVG0409 - MANTENIMIENTO DEL MOTOR Y SUS SISTEMAS AUXILIARES",15,440,2,4,4,4,10,1,2,6,3,3,0,6,0,0,0,0,7,50,0,"000301 - CPES IKASAUTO BHIP","B95096244","DESESTIMADA","Baliabide ekonomikoeza prozeduran (art. 7, párrafo 2, apartado b) / Falta de crédito presupuestario en el procedimiento (art. 7, párrafo 2, apartado b)",50,"NO"]
[null,null,null," ",17480852,"TMVG0409 - MANTENIMIENTO DEL MOTOR Y SUS SISTEMAS AUXILIARES",15,440,2,4,4,4,10,1,2,6,3,3,0,6,0,0,0,0,7,50,0,"000301 - CPES IKASAUTO BHIP","B95096244","DESESTIMADA","Baliabide ekonomikoeza prozeduran (art. 7, párrafo 2, apartado b) / Falta de crédito presupuestario en el procedimiento (art. 7, párrafo 2, apartado b)",50,"NO"]
[null,null,null," ",17481520,"TMVC0001OV - OBTENCIÓN DEL PERMISO DE CONDUCCIÓN CLASE \"E\"",15,340,2,4,4,1,10,1,2,8,4,2,3,5,1,0,0,0,5,50,0,"000214 - AUTOESCUELA MIKEL, S.L.","B48301261","DESESTIMADA","Baliabide ekonomikoeza prozeduran (art. 7, párrafo 2, apartado b) / Falta de crédito presupuestario en el procedimiento (art. 7, párrafo 2, apartado b)",50,"NO"]
[null,null,null," ",17481496,"TMVC0001OV - OBTENCIÓN DEL PERMISO DE CONDUCCIÓN CLASE \"E\"",15,340,2,4,4,1,10,1,2,8,4,2,3,5,1,0,0,0,5,50,0,"000206 - AUTO ESCUELA MIKEL, S.L.","B48301261","DESESTIMADA","Baliabide ekonomikoeza prozeduran (art. 7, párrafo 2, apartado b) / Falta de crédito presupuestario en el procedimiento (art. 7, párrafo 2, apartado b)",50,"NO"]
[null,null,null," ",17481507,"TMVC0001OV - OBTENCIÓN DEL PERMISO DE CONDUCCIÓN CLASE \"E\"",15,340,2,4,4,1,10,1,2,8,4,2,3,5,1,0,0,0,5,50,0,"000206 - AUTO ESCUELA MIKEL, S.L.","B48301261","DESESTIMADA","Baliabide ekonomikoeza prozeduran (art. 7, párrafo 2, apartado b) / Falta de crédito presupuestario en el procedimiento (art. 7, párrafo 2, apartado b)",50,"NO"]
[null,null,null," ",17481504,"TMVC0001OV - OBTENCIÓN DEL PERMISO DE CONDUCCIÓN CLASE \"E\"",15,340,2,4,4,1,10,1,2,8,4,2,3,5,1,0,0,0,5,50,0,"000206 - AUTO ESCUELA MIKEL, S.L.","B48301261","DESESTIMADA","Baliabide ekonomikoeza prozeduran (art. 7, párrafo 2, apartado b) / Falta de crédito presupuestario en el procedimiento (art. 7, párrafo 2, apartado b)",50,"NO"]
[null,null,null," ",17481492,"TMVC0002OV - OBTENCIÓN DEL PERMISO DE CONDUCCIÓN CLASE \"D\" y \"CAP\"",15,385,2,4,4,1,10,1,2,8,4,2,3,5,1,0,0,0,5,50,0,"000206 - AUTO ESCUELA MIKEL, S.L.","B48301261","DESESTIMADA","Baliabide ekonomikoeza prozeduran (art. 7, párrafo 2, apartado b) / Falta de crédito presupuestario en el procedimiento (art. 7, párrafo 2, apartado b)",50,"NO"]
[null,null,null," ",17481584,"TMVC0002OV - OBTENCIÓN DEL PERMISO DE CONDUCCIÓN CLASE \"D\" y \"CAP\"",15,385,2,4,4,1,10,1,2,8,4,2,3,5,1,0,0,0,5,50,0,"000214 - AUTOESCUELA MIKEL, S.L.","B48301261","DESESTIMADA","Baliabide ekonomikoeza prozeduran (art. 7, párrafo 2, apartado b) / Falta de crédito presupuestario en el procedimiento (art. 7, párrafo 2, apartado b)",50,"NO"]
[null,null,null," ",17481508,"TMVC0002OV - OBTENCIÓN DEL PERMISO DE CONDUCCIÓN CLASE \"D\" y \"CAP\"",15,385,2,4,4,1,10,1,2,8,4,2,3,5,1,0,0,0,5,50,0,"000206 - AUTO ESCUELA MIKEL, S.L.","B48301261","DESESTIMADA","Baliabide ekonomikoeza prozeduran (art. 7, párrafo 2, apartado b) / Falta de crédito presupuestario en el procedimiento (art. 7, párrafo 2, apartado b)",50,"NO"]
[null,null,null," ",17481501,"TMVC0002OV - OBTENCIÓN DEL PERMISO DE CONDUCCIÓN CLASE \"D\" y \"CAP\"",15,385,2,4,4,1,10,1,2,8,4,2,3,5,1,0,0,0,5,50,0,"000206 - AUTO ESCUELA MIKEL, S.L.","B48301261","DESESTIMADA","Baliabide ekonomikoeza prozeduran (art. 7, párrafo 2, apartado b) / Falta de crédito presupuestario en el procedimiento (art. 7, párrafo 2, apartado b)",50,"NO"]
[null,null,null," ",17481487,"TMVC0003OV - OBTENCIÓN DEL PERMISO DE CONDUCCIÓN CLASES \"C1-C\", \"CAP\" y \"ADR\"",15,425,2,4,4,1,10,1,2,8,4,2,3,5,1,0,0,0,5,50,0,"000206 - AUTO ESCUELA MIKEL, S.L.","B48301261","DESESTIMADA","Baliabide ekonomikoeza prozeduran (art. 7, párrafo 2, apartado b) / Falta de crédito presupuestario en el procedimiento (art. 7, párrafo 2, apartado b)",50,"NO"]
[null,null,null," ",17481488,"TMVC0003OV - OBTENCIÓN DEL PERMISO DE CONDUCCIÓN CLASES \"C1-C\", \"CAP\" y \"ADR\"",15,425,2,4,4,1,10,1,2,8,4,2,3,5,1,0,0,0,5,50,0,"000206 - AUTO ESCUELA MIKEL, S.L.","B48301261","DESESTIMADA","Baliabide ekonomikoeza prozeduran (art. 7, párrafo 2, apartado b) / Falta de crédito presupuestario en el procedimiento (art. 7, párrafo 2, apartado b)",50,"NO"]
[null,null,null," ",17481585,"TMVC0003OV - OBTENCIÓN DEL PERMISO DE CONDUCCIÓN CLASES \"C1-C\", \"CAP\" y \"ADR\"",15,425,2,4,4,1,10,1,2,8,4,2,3,5,1,0,0,0,5,50,0,"000214 - AUTOESCUELA MIKEL, S.L.","B48301261","DESESTIMADA","Baliabide ekonomikoeza prozeduran (art. 7, párrafo 2, apartado b) / Falta de crédito presupuestario en el procedimiento (art. 7, párrafo 2, apartado b)",50,"NO"]
[null,null,null," ",17481587,"TMVC0003OV - OBTENCIÓN DEL PERMISO DE CONDUCCIÓN CLASES \"C1-C\", \"CAP\" y \"ADR\"",15,425,2,4,4,1,10,1,2,8,4,2,3,5,1,0,0,0,5,50,0,"000214 - AUTOESCUELA MIKEL, S.L.","B48301261","DESESTIMADA","Baliabide ekonomikoeza prozeduran (art. 7, párrafo 2, apartado b) / Falta de crédito presupuestario en el procedimiento (art. 7, párrafo 2, apartado b)",50,"NO"]
[null,null,null," ",17482864,"TMVC0001OV - OBTENCIÓN DEL PERMISO DE CONDUCCIÓN CLASE \"E\"",15,340,2,4,4,1,10,3,2,6,6,1,3,5,0,0,0,0,5,50,0,"000010 - AUTO ESCUELA URKOIZ","B48107155","DESESTIMADA","Baliabide ekonomikoeza prozeduran (art. 7, párrafo 2, apartado b) / Falta de crédito presupuestario en el procedimiento (art. 7, párrafo 2, apartado b)",50,"NO"]
[null,null,null," ",17482862,"TMVC0002OV - OBTENCIÓN DEL PERMISO DE CONDUCCIÓN CLASE \"D\" y \"CAP\"",15,385,2,4,4,1,10,3,2,6,6,1,3,5,0,0,0,0,5,50,0,"000010 - AUTO ESCUELA URKOIZ","B48107155","DESESTIMADA","Baliabide ekonomikoeza prozeduran (art. 7, párrafo 2, apartado b) / Falta de crédito presupuestario en el procedimiento (art. 7, párrafo 2, apartado b)",50,"NO"]
[null,null,null," ",17482863,"TMVC0003OV - OBTENCIÓN DEL PERMISO DE CONDUCCIÓN CLASES \"C1-C\", \"CAP\" y \"ADR\"",15,425,2,4,4,1,10,3,2,6,6,1,3,5,0,0,0,0,5,50,0,"000010 - AUTO ESCUELA URKOIZ","B48107155","DESESTIMADA","Baliabide ekonomikoeza prozeduran (art. 7, párrafo 2, apartado b) / Falta de crédito presupuestario en el procedimiento (art. 7, párrafo 2, apartado b)",50,"NO"]
[null,null,null," ",17480854,"TMVG0209 - MANTENIMIENTO DE LOS SISTEMAS ELÉCTRICOS Y ELECTRÓNICOS DE VEHÍCULOS",15,440,2,4,4,4,9,1,2,6,3,3,0,6,0,0,0,0,7,49,0,"000301 - CPES IKASAUTO BHIP","B95096244","DESESTIMADA","Baliabide ekonomikoeza prozeduran (art. 7, párrafo 2, apartado b) / Falta de crédito presupuestario en el procedimiento (art. 7, párrafo 2, apartado b)",49,"NO"]
[null,null,null," ",17480398,"TMVG0309 - MANTENIMIENTO DE SISTEMAS DE TRANSMISIÓN DE FUERZA Y TRENES DE RODAJE DE VEHÍCULOS AUTOMÓVILES",15,400,2,4,4,4,9,1,2,6,3,3,0,6,0,0,0,0,7,49,0,"000301 - CPES IKASAUTO BHIP","B95096244","DESESTIMADA","Baliabide ekonomikoeza prozeduran (art. 7, párrafo 2, apartado b) / Falta de crédito presupuestario en el procedimiento (art. 7, párrafo 2, apartado b)",49,"NO"]
[null,null,null," ",17481179,"TMVC0001OV - OBTENCIÓN DEL PERMISO DE CONDUCCIÓN CLASE \"E\"",15,340,2,4,4,1,10,1,2,6,6,1,3,5,0,0,0,0,5,48,0,"000010 - AUTO ESCUELA URKOIZ","B48107155","DESESTIMADA","Baliabide ekonomikoeza prozeduran (art. 7, párrafo 2, apartado b) / Falta de crédito presupuestario en el procedimiento (art. 7, párrafo 2, apartado b)",48,"NO"]
[null,null,null," ",17481198,"TMVC0001OV - OBTENCIÓN DEL PERMISO DE CONDUCCIÓN CLASE \"E\"",15,340,2,4,4,1,10,1,2,6,6,1,3,5,0,0,0,0,5,48,0,"000010 - AUTO ESCUELA URKOIZ","B48107155","DESESTIMADA","Baliabide ekonomikoeza prozeduran (art. 7, párrafo 2, apartado b) / Falta de crédito presupuestario en el procedimiento (art. 7, párrafo 2, apartado b)",48,"NO"]
[null,null,null," ",17481137,"TMVC0002OV - OBTENCIÓN DEL PERMISO DE CONDUCCIÓN CLASE \"D\" y \"CAP\"",15,385,2,4,4,1,10,1,2,6,6,1,3,5,0,0,0,0,5,48,0,"000010 - AUTO ESCUELA URKOIZ","B48107155","DESESTIMADA","Baliabide ekonomikoeza prozeduran (art. 7, párrafo 2, apartado b) / Falta de crédito presupuestario en el procedimiento (art. 7, párrafo 2, apartado b)",48,"NO"]
[null,null,null," ",17481933,"TMVC0002OV - OBTENCIÓN DEL PERMISO DE CONDUCCIÓN CLASE \"D\" y \"CAP\"",15,385,2,4,4,1,10,1,2,6,6,1,3,5,0,0,0,0,5,48,0,"000010 - AUTO ESCUELA URKOIZ","B48107155","DESESTIMADA","Baliabide ekonomikoeza prozeduran (art. 7, párrafo 2, apartado b) / Falta de crédito presupuestario en el procedimiento (art. 7, párrafo 2, apartado b)",48,"NO"]
[null,null,null," ",17481196,"TMVC0002OV - OBTENCIÓN DEL PERMISO DE CONDUCCIÓN CLASE \"D\" y \"CAP\"",15,385,2,4,4,1,10,1,2,6,6,1,3,5,0,0,0,0,5,48,0,"000010 - AUTO ESCUELA URKOIZ","B48107155","DESESTIMADA","Baliabide ekonomikoeza prozeduran (art. 7, párrafo 2, apartado b) / Falta de crédito presupuestario en el procedimiento (art. 7, párrafo 2, apartado b)",48,"NO"]
[null,null,null," ",17481127,"TMVC0003OV - OBTENCIÓN DEL PERMISO DE CONDUCCIÓN CLASES \"C1-C\", \"CAP\" y \"ADR\"",15,425,2,4,4,1,10,1,2,6,6,1,3,5,0,0,0,0,5,48,0,"000010 - AUTO ESCUELA URKOIZ","B48107155","DESESTIMADA","Baliabide ekonomikoeza prozeduran (art. 7, párrafo 2, apartado b) / Falta de crédito presupuestario en el procedimiento (art. 7, párrafo 2, apartado b)",48,"NO"]
[null,null,null," ",17481931,"TMVC0003OV - OBTENCIÓN DEL PERMISO DE CONDUCCIÓN CLASES \"C1-C\", \"CAP\" y \"ADR\"",15,425,2,4,4,1,10,1,2,6,6,1,3,5,0,0,0,0,5,48,0,"000010 - AUTO ESCUELA URKOIZ","B48107155","DESESTIMADA","Baliabide ekonomikoeza prozeduran (art. 7, párrafo 2, apartado b) / Falta de crédito presupuestario en el procedimiento (art. 7, párrafo 2, apartado b)",48,"NO"]
[null,null,null," ",17481193,"TMVC0003OV - OBTENCIÓN DEL PERMISO DE CONDUCCIÓN CLASES \"C1-C\", \"CAP\" y \"ADR\"",15,425,2,4,4,1,10,1,2,6,6,1,3,5,0,0,0,0,5,48,0,"000010 - AUTO ESCUELA URKOIZ","B48107155","DESESTIMADA","Baliabide ekonomikoeza prozeduran (art. 7, párrafo 2, apartado b) / Falta de crédito presupuestario en el procedimiento (art. 7, párrafo 2, apartado b)",48,"NO"]
[null,null,null," ",17480860,"TMVL0209 - MANTENIMIENTO DE ELEMENTOS NO ESTRUCTURALES DE CARROCERÍAS DE VEHÍCULOS",15,590,2,4,4,4,9,1,2,6,3,3,0,6,0,0,0,0,5,47,0,"000301 - CPES IKASAUTO BHIP","B95096244","DESESTIMADA","Baliabide ekonomikoeza prozeduran (art. 7, párrafo 2, apartado b) / Falta de crédito presupuestario en el procedimiento (art. 7, párrafo 2, apartado b)",47,"NO"]
[null,null,null," ",17481498,"TMVL0309 - MANTENIMIENTO DE ESTRUCTURAS DE CARROCERÍAS DE VEHÍCULOS",15,520,2,4,4,4,9,1,2,6,3,3,0,6,0,0,0,0,5,47,0,"000301 - CPES IKASAUTO BHIP","B95096244","DESESTIMADA","Baliabide ekonomikoeza prozeduran (art. 7, párrafo 2, apartado b) / Falta de crédito presupuestario en el procedimiento (art. 7, párrafo 2, apartado b)",47,"NO"]
[null,null,null," ",17480614,"TMVC0001OV - OBTENCIÓN DEL PERMISO DE CONDUCCIÓN CLASE \"E\"",15,340,2,4,4,1,10,1,2,5,5,1,3,5,0,0,0,0,5,46,0,"000221 - AUTOESCUELA KAIKU","A48231567","DESESTIMADA","Baliabide ekonomikoeza prozeduran (art. 7, párrafo 2, apartado b) / Falta de crédito presupuestario en el procedimiento (art. 7, párrafo 2, apartado b)",46,"NO"]
[null,null,null," ",17480604,"TMVC0001OV - OBTENCIÓN DEL PERMISO DE CONDUCCIÓN CLASE \"E\"",15,340,2,4,4,1,10,1,2,5,5,1,3,5,0,0,0,0,5,46,0,"000215 - KARTING KAIKU, S.A.","A48231567","DESESTIMADA","Baliabide ekonomikoeza prozeduran (art. 7, párrafo 2, apartado b) / Falta de crédito presupuestario en el procedimiento (art. 7, párrafo 2, apartado b)",46,"NO"]
[null,null,null," ",17480599,"TMVC0001OV - OBTENCIÓN DEL PERMISO DE CONDUCCIÓN CLASE \"E\"",15,340,2,4,4,1,10,1,2,5,5,1,3,5,0,0,0,0,5,46,0,"000195 - KARTING KAIKU S.A.","A48231567","DESESTIMADA","Baliabide ekonomikoeza prozeduran (art. 7, párrafo 2, apartado b) / Falta de crédito presupuestario en el procedimiento (art. 7, párrafo 2, apartado b)",46,"NO"]
[null,null,null," ",17480595,"TMVC0002OV - OBTENCIÓN DEL PERMISO DE CONDUCCIÓN CLASE \"D\" y \"CAP\"",15,385,2,4,4,1,10,1,2,5,5,1,3,5,0,0,0,0,5,46,0,"000195 - KARTING KAIKU S.A.","A48231567","DESESTIMADA","Baliabide ekonomikoeza prozeduran (art. 7, párrafo 2, apartado b) / Falta de crédito presupuestario en el procedimiento (art. 7, párrafo 2, apartado b)",46,"NO"]
[null,null,null," ",17480609,"TMVC0002OV - OBTENCIÓN DEL PERMISO DE CONDUCCIÓN CLASE \"D\" y \"CAP\"",15,385,2,4,4,1,10,1,2,5,5,1,3,5,0,0,0,0,5,46,0,"000221 - AUTOESCUELA KAIKU","A48231567","DESESTIMADA","Baliabide ekonomikoeza prozeduran (art. 7, párrafo 2, apartado b) / Falta de crédito presupuestario en el procedimiento (art. 7, párrafo 2, apartado b)",46,"NO"]
[null,null,null," ",17480600,"TMVC0002OV - OBTENCIÓN DEL PERMISO DE CONDUCCIÓN CLASE \"D\" y \"CAP\"",15,385,2,4,4,1,10,1,2,5,5,1,3,5,0,0,0,0,5,46,0,"000215 - KARTING KAIKU, S.A.","A48231567","DESESTIMADA","Baliabide ekonomikoeza prozeduran (art. 7, párrafo 2, apartado b) / Falta de crédito presupuestario en el procedimiento (art. 7, párrafo 2, apartado b)",46,"NO"]
[null,null,null," ",17480602,"TMVC0003OV - OBTENCIÓN DEL PERMISO DE CONDUCCIÓN CLASES \"C1-C\", \"CAP\" y \"ADR\"",15,425,2,4,4,1,10,1,2,5,5,1,3,5,0,0,0,0,5,46,0,"000215 - KARTING KAIKU, S.A.","A48231567","DESESTIMADA","Baliabide ekonomikoeza prozeduran (art. 7, párrafo 2, apartado b) / Falta de crédito presupuestario en el procedimiento (art. 7, párrafo 2, apartado b)",46,"NO"]
[null,null,null," ",17480598,"TMVC0003OV - OBTENCIÓN DEL PERMISO DE CONDUCCIÓN CLASES \"C1-C\", \"CAP\" y \"ADR\"",15,425,2,4,4,1,10,1,2,5,5,1,3,5,0,0,0,0,5,46,0,"000195 - KARTING KAIKU S.A.","A48231567","DESESTIMADA","Baliabide ekonomikoeza prozeduran (art. 7, párrafo 2, apartado b) / Falta de crédito presupuestario en el procedimiento (art. 7, párrafo 2, apartado b)",46,"NO"]
[null,null,null," ",17480610,"TMVC0003OV - OBTENCIÓN DEL PERMISO DE CONDUCCIÓN CLASES \"C1-C\", \"CAP\" y \"ADR\"",15,425,2,4,4,1,10,1,2,5,5,1,3,5,0,0,0,0,5,46,0,"000221 - AUTOESCUELA KAIKU","A48231567","DESESTIMADA","Baliabide ekonomikoeza prozeduran (art. 7, párrafo 2, apartado b) / Falta de crédito presupuestario en el procedimiento (art. 7, párrafo 2, apartado b)",46,"NO"]
[null,null,null," ",17481977,"TMVC0001OV - OBTENCIÓN DEL PERMISO DE CONDUCCIÓN CLASE \"E\"",12,340,2,4,4,1,10,1,2,5,3,1,0,4,0,0,0,0,5,40,0,"001581 - FELIPE PORTILLO Y SANTIAGO DE BLAS, S.L","J48234728","DESESTIMADA","Baliabide ekonomikoeza prozeduran (art. 7, párrafo 2, apartado b) / Falta de crédito presupuestario en el procedimiento (art. 7, párrafo 2, apartado b)",40,"NO"]
[null,null,null," ",17481978,"TMVC0002OV - OBTENCIÓN DEL PERMISO DE CONDUCCIÓN CLASE \"D\" y \"CAP\"",12,385,2,4,4,1,10,1,2,5,3,1,0,4,0,0,0,0,5,40,0,"001581 - FELIPE PORTILLO Y SANTIAGO DE BLAS, S.L","J48234728","DESESTIMADA","Baliabide ekonomikoeza prozeduran (art. 7, párrafo 2, apartado b) / Falta de crédito presupuestario en el procedimiento (art. 7, párrafo 2, apartado b)",40,"NO"]
[null,null,null," ",17481979,"TMVC0003OV - OBTENCIÓN DEL PERMISO DE CONDUCCIÓN CLASES \"C1-C\", \"CAP\" y \"ADR\"",12,425,2,4,4,1,10,1,2,5,3,1,0,4,0,0,0,0,5,40,0,"001581 - FELIPE PORTILLO Y SANTIAGO DE BLAS, S.L","J48234728","DESESTIMADA","Baliabide ekonomikoeza prozeduran (art. 7, párrafo 2, apartado b) / Falta de crédito presupuestario en el procedimiento (art. 7, párrafo 2, apartado b)",40,"NO"]
[null,null,null," ",17481740,"TMVC0001OV - OBTENCIÓN DEL PERMISO DE CONDUCCIÓN CLASE \"E\"",15,340,2,4,4,1,10,3,2,5,4,0,0,0,0,0,0,0,5,38,0,"001827 - AUTOESKOLA SOLLUBE","78874453R","DESESTIMADA","Baliabide ekonomikoeza prozeduran (art. 7, párrafo 2, apartado b) / Falta de crédito presupuestario en el procedimiento (art. 7, párrafo 2, apartado b)",38,"NO"]
[null,null,null," ",17481743,"TMVC0002OV - OBTENCIÓN DEL PERMISO DE CONDUCCIÓN CLASE \"D\" y \"CAP\"",15,385,2,4,4,1,10,3,2,5,4,0,0,0,0,0,0,0,5,38,0,"001827 - AUTOESKOLA SOLLUBE","78874453R","DESESTIMADA","Baliabide ekonomikoeza prozeduran (art. 7, párrafo 2, apartado b) / Falta de crédito presupuestario en el procedimiento (art. 7, párrafo 2, apartado b)",38,"NO"]
[null,null,null," ",17481744,"TMVC0003OV - OBTENCIÓN DEL PERMISO DE CONDUCCIÓN CLASES \"C1-C\", \"CAP\" y \"ADR\"",15,425,2,4,4,1,10,1,2,5,4,0,0,0,0,0,0,0,5,36,0,"001827 - AUTOESKOLA SOLLUBE","78874453R","DESESTIMADA","Baliabide ekonomikoeza prozeduran (art. 7, párrafo 2, apartado b) / Falta de crédito presupuestario en el procedimiento (art. 7, párrafo 2, apartado b)",36,"NO"]
[null,null,null," ",17481830,"TMVC0001OV - OBTENCIÓN DEL PERMISO DE CONDUCCIÓN CLASE \"E\"",15,340,2,4,4,1,10,1,2,5,4,0,0,0,0,0,0,0,5,36,0,"000438 - INFISAL SL (INSTITUTO DE EUSKADI DE FORMACION PAR","B95375101","DESESTIMADA","Baliabide ekonomikoeza prozeduran (art. 7, párrafo 2, apartado b) / Falta de crédito presupuestario en el procedimiento (art. 7, párrafo 2, apartado b)",{"$f":"SUM(J1118,K1118,L1118,M1118,N1118,O1118,P1118,Q1118,R1118,S1118,T1118,U1118,W1118,X1118,Y1118)","v":36},{"$f":"IF(Z1118 <> AF1118,\"SI\",\"NO\")","v":"NO"}]
[null,null,null," ",17481831,"TMVC0002OV - OBTENCIÓN DEL PERMISO DE CONDUCCIÓN CLASE \"D\" y \"CAP\"",20,385,2,4,4,1,10,1,2,5,4,0,0,0,0,0,0,0,5,36,0,"000438 - INFISAL SL (INSTITUTO DE EUSKADI DE FORMACION PAR","B95375101","DESESTIMADA","Baliabide ekonomikoeza prozeduran (art. 7, párrafo 2, apartado b) / Falta de crédito presupuestario en el procedimiento (art. 7, párrafo 2, apartado b)",36,"NO"]
[null,null,null," ",17480404,"TMVC0003OV - OBTENCIÓN DEL PERMISO DE CONDUCCIÓN CLASES \"C1-C\", \"CAP\" y \"ADR\"",20,425,2,4,4,1,10,1,2,5,4,0,0,0,0,0,0,0,5,36,0,"000438 - INFISAL SL (INSTITUTO DE EUSKADI DE FORMACION PAR","B95375101","DESESTIMADA","Baliabide ekonomikoeza prozeduran (art. 7, párrafo 2, apartado b) / Falta de crédito presupuestario en el procedimiento (art. 7, párrafo 2, apartado b)",36,"NO"]
[null,null,null," ",17481086,"TMVC0001OV - OBTENCIÓN DEL PERMISO DE CONDUCCIÓN CLASE \"E\"",20,340,2,4,4,1,10,1,2,5,3,0,0,0,0,0,0,0,5,35,0,"000445 - MONTECARLO SDAD COOP","F48088330","DESESTIMADA","Baliabide ekonomikoeza prozeduran (art. 7, párrafo 2, apartado b) / Falta de crédito presupuestario en el procedimiento (art. 7, párrafo 2, apartado b)",35,"NO"]
[null,null,null," ",17480857,"TMVC0002OV - OBTENCIÓN DEL PERMISO DE CONDUCCIÓN CLASE \"D\" y \"CAP\"",20,385,2,4,4,1,10,1,2,5,3,0,0,0,0,0,0,0,5,35,0,"000445 - MONTECARLO SDAD COOP","F48088330","DESESTIMADA","Baliabide ekonomikoeza prozeduran (art. 7, párrafo 2, apartado b) / Falta de crédito presupuestario en el procedimiento (art. 7, párrafo 2, apartado b)",35,"NO"]
[null,null,null," ",17481068,"TMVC0003OV - OBTENCIÓN DEL PERMISO DE CONDUCCIÓN CLASES \"C1-C\", \"CAP\" y \"ADR\"",20,425,2,4,4,1,10,1,2,5,3,0,0,0,0,0,0,0,5,35,0,"000445 - MONTECARLO SDAD COOP","F48088330","DESESTIMADA","Baliabide ekonomikoeza prozeduran (art. 7, párrafo 2, apartado b) / Falta de crédito presupuestario en el procedimiento (art. 7, párrafo 2, apartado b)",35,"NO"]
[null,null,null," ",17482334,"LIBR0001 - CAP. FORMACION CONTINUA (Especialidad pendiente de inclusión en el fichero)",15,35,null,1,0,1,0,1,2,5,0,4,0,4,1,1,1,0,5,25,0,"002605 - GESTIÓN 10 - EXCAVAS","B48897664","DESESTIMADA","Baliabide ekonomikoeza prozeduran (art. 7, párrafo 2, apartado b) / Falta de crédito presupuestario en el procedimiento (art. 7, párrafo 2, apartado b)",25,"NO"]
[null,null,null," ",17481747,"LIBR0001 - TRANSPORTE DE MERCANCÍAS Y VIAJEROS POR CARRETERA (Especialidad pendiente de inclusión en el fichero)",20,35,null,1,0,1,0,1,2,5,4,0,0,0,0,0,0,0,5,19,0,"001827 - AUTOESKOLA SOLLUBE","78874453R","DESESTIMADA","Baliabide ekonomikoeza prozeduran (art. 7, párrafo 2, apartado b) / Falta de crédito presupuestario en el procedimiento (art. 7, párrafo 2, apartado b)",19,"NO"]
[null,"ARABA/ÁLAVA - Acciones formativas para la adquisición de competencias básicas y transversales"]
[null,null,null," ",17010530,"SSCE01 - INGLÉS A1",15,150,1,7,3,1,3,1,2,7,3,3,3,6,3,0,0,0,5,47,0,"000097 - HEGALA NORTE","B01334291","DESESTIMADA","Baliabide ekonomikoeza prozeduran (art. 7, párrafo 2, apartado b) / Falta de crédito presupuestario en el procedimiento (art. 7, párrafo 2, apartado b)",{"$f":"SUM(J1127,K1127,L1127,M1127,N1127,O1127,P1127,Q1127,R1127,S1127,T1127,U1127,W1127,X1127,Y1127)","v":47},{"$f":"IF(Z1127 <> AF1127,\"SI\",\"NO\")","v":"NO"}]
[null,null,null," ",17010531,"SSCE02 - INGLÉS A2",15,150,1,7,3,1,3,1,2,7,3,3,3,6,3,0,0,0,5,47,0,"000097 - HEGALA NORTE","B01334291","DESESTIMADA","Baliabide ekonomikoeza prozeduran (art. 7, párrafo 2, apartado b) / Falta de crédito presupuestario en el procedimiento (art. 7, párrafo 2, apartado b)",47,"NO"]
[null,null,null," ",17010525,"SSCE06 - ALEMÁN A1",15,150,1,7,3,1,2,1,2,7,3,3,3,6,3,0,0,0,5,46,0,"000097 - HEGALA NORTE","B01334291","DESESTIMADA","Baliabide ekonomikoeza prozeduran (art. 7, párrafo 2, apartado b) / Falta de crédito presupuestario en el procedimiento (art. 7, párrafo 2, apartado b)",46,"NO"]
[null,null,null," ",17010527,"SSCE06 - ALEMÁN A1",15,150,1,7,3,1,2,1,2,7,3,3,3,6,3,0,0,0,5,46,0,"000097 - HEGALA NORTE","B01334291","DESESTIMADA","Baliabide ekonomikoeza prozeduran (art. 7, párrafo 2, apartado b) / Falta de crédito presupuestario en el procedimiento (art. 7, párrafo 2, apartado b)",46,"NO"]
[null,null,null," ",17010526,"SSCE07 - ALEMÁN A2",15,150,1,7,3,1,2,1,2,7,3,3,3,6,3,0,0,0,5,46,0,"000097 - HEGALA NORTE","B01334291","DESESTIMADA","Baliabide ekonomikoeza prozeduran (art. 7, párrafo 2, apartado b) / Falta de crédito presupuestario en el procedimiento (art. 7, párrafo 2, apartado b)",46,"NO"]
[null,null,null," ",17010213,"SSCE02 - INGLÉS A2",15,150,1,7,3,1,3,1,2,5,6,3,3,6,0,0,0,0,5,45,0,"000001 - CENTRO DE ESTUDIOS ALAVA","B01504117","DESESTIMADA","Baliabide ekonomikoeza prozeduran (art. 7, párrafo 2, apartado b) / Falta de crédito presupuestario en el procedimiento (art. 7, párrafo 2, apartado b)",45,"NO"]
[null,null,null," ",17010350,"COMM10 - CHINO BÁSICO EN ACTIVIDADES DE VENTA Y TURISMO",15,280,1,7,3,1,2,1,2,5,3,3,3,6,3,0,0,0,5,44,0,"000097 - HEGALA NORTE","B01334291","DESESTIMADA","Baliabide ekonomikoeza prozeduran (art. 7, párrafo 2, apartado b) / Falta de crédito presupuestario en el procedimiento (art. 7, párrafo 2, apartado b)",44,"NO"]
[null,null,null," ",17010539,"COMM20 - RUSO BÁSICO EN ACTIVIDADES DE VENTA Y TURISMO",15,280,1,7,3,1,2,1,2,5,3,3,3,6,3,0,0,0,5,44,0,"000097 - HEGALA NORTE","B01334291","DESESTIMADA","Baliabide ekonomikoeza prozeduran (art. 7, párrafo 2, apartado b) / Falta de crédito presupuestario en el procedimiento (art. 7, párrafo 2, apartado b)",44,"NO"]
[null,null,null," ",17010518,"FCOV22 - COMUNICACIÓN EN LENGUA CASTELLANA N2",15,120,2,7,4,2,2,1,2,6,5,5,3,10,1,1,1,0,5,54,0,"000191 - FONDO FORMACION EUSKADI, S.L.L.","B95237053","DESESTIMADA","Baliabide ekonomikoeza prozeduran (art. 7, párrafo 2, apartado b) / Falta de crédito presupuestario en el procedimiento (art. 7, párrafo 2, apartado b)",54,"NO"]
[null,null,null," ",17010548,"FCOV23 - COMPETENCIA MATEMÁTICA N2",15,120,2,7,4,2,2,1,2,7,3,3,3,6,3,0,0,0,6,49,0,"000097 - HEGALA NORTE","B01334291","DESESTIMADA","Baliabide ekonomikoeza prozeduran (art. 7, párrafo 2, apartado b) / Falta de crédito presupuestario en el procedimiento (art. 7, párrafo 2, apartado b)",49,"NO"]
[null,null,null," ",17010549,"FCOV23 - COMPETENCIA MATEMÁTICA N2",15,120,2,7,4,2,2,1,2,7,3,3,3,6,3,0,0,0,6,49,0,"000097 - HEGALA NORTE","B01334291","DESESTIMADA","Baliabide ekonomikoeza prozeduran (art. 7, párrafo 2, apartado b) / Falta de crédito presupuestario en el procedimiento (art. 7, párrafo 2, apartado b)",49,"NO"]
[null,null,null," ",17010551,"FCOV07 - COMUNICACIÓN EN LENGUAS EXTRANJERAS (FRANCÉS) N2",15,180,2,7,4,2,3,1,2,7,3,3,3,6,3,0,0,0,5,49,0,"000097 - HEGALA NORTE","B01334291","DESESTIMADA","Baliabide ekonomikoeza prozeduran (art. 7, párrafo 2, apartado b) / Falta de crédito presupuestario en el procedimiento (art. 7, párrafo 2, apartado b)",49,"NO"]
[null,null,null," ",17010550,"FCOV05 - COMUNICACIÓN EN LENGUAS EXTRANJERAS (INGLÉS) N2",15,180,2,7,4,2,2,1,2,7,3,3,3,6,3,0,0,0,5,48,0,"000097 - HEGALA NORTE","B01334291","DESESTIMADA","Baliabide ekonomikoeza prozeduran (art. 7, párrafo 2, apartado b) / Falta de crédito presupuestario en el procedimiento (art. 7, párrafo 2, apartado b)",48,"NO"]
[null,null,null," ",17010547,"FCOV22 - COMUNICACIÓN EN LENGUA CASTELLANA N2",15,120,2,7,4,2,2,1,2,7,3,3,3,6,3,0,0,0,5,48,0,"000097 - HEGALA NORTE","B01334291","DESESTIMADA","Baliabide ekonomikoeza prozeduran (art. 7, párrafo 2, apartado b) / Falta de crédito presupuestario en el procedimiento (art. 7, párrafo 2, apartado b)",48,"NO"]
[null,null,null," ",17010546,"FCOV22 - COMUNICACIÓN EN LENGUA CASTELLANA N2",15,120,2,7,4,2,2,1,2,7,3,3,3,6,3,0,0,0,5,48,0,"000097 - HEGALA NORTE","B01334291","DESESTIMADA","Baliabide ekonomikoeza prozeduran (art. 7, párrafo 2, apartado b) / Falta de crédito presupuestario en el procedimiento (art. 7, párrafo 2, apartado b)",48,"NO"]
[null,null,null," ",17010194,"FCOV26 - COMPETENCIAS CLAVE NIVEL 2 PARA CERTIFICADOS DE PROFESIONALIDAD CON IDIOMAS:COMUNICACIÓN EN LENG",15,420,2,7,4,2,2,1,2,7,3,3,3,6,3,0,0,0,5,48,0,"002627 - HEGALA NORTE II","B01334291","DESESTIMADA","Baliabide ekonomikoeza prozeduran (art. 7, párrafo 2, apartado b) / Falta de crédito presupuestario en el procedimiento (art. 7, párrafo 2, apartado b)",48,"NO"]
[null,null,null," ",17010174,"FCOV26 - COMPETENCIAS CLAVE NIVEL 2 PARA CERTIFICADOS DE PROFESIONALIDAD CON IDIOMAS:COMUNICACIÓN EN LENG",15,420,2,7,4,2,2,1,2,7,3,3,3,6,3,0,0,0,5,48,0,"002627 - HEGALA NORTE II","B01334291","DESESTIMADA","Baliabide ekonomikoeza prozeduran (art. 7, párrafo 2, apartado b) / Falta de crédito presupuestario en el procedimiento (art. 7, párrafo 2, apartado b)",48,"NO"]
[null,null,null," ",17010175,"FCOV26 - COMPETENCIAS CLAVE NIVEL 2 PARA CERTIFICADOS DE PROFESIONALIDAD CON IDIOMAS:COMUNICACIÓN EN LENG",15,420,2,7,4,2,2,1,2,7,3,3,3,6,3,0,0,0,5,48,0,"002627 - HEGALA NORTE II","B01334291","DESESTIMADA","Baliabide ekonomikoeza prozeduran (art. 7, párrafo 2, apartado b) / Falta de crédito presupuestario en el procedimiento (art. 7, párrafo 2, apartado b)",48,"NO"]
[null,null,null," ",17010540,"FCOV27 - COMPETENCIAS CLAVE NIVEL 2 PARA CERTIFICADOS DE PROFESIONALIDAD SIN IDIOMAS:COMUNICACIÓN EN LENG",15,240,2,7,4,2,2,1,2,7,3,3,3,6,3,0,0,0,5,48,0,"002627 - HEGALA NORTE II","B01334291","DESESTIMADA","Baliabide ekonomikoeza prozeduran (art. 7, párrafo 2, apartado b) / Falta de crédito presupuestario en el procedimiento (art. 7, párrafo 2, apartado b)",48,"NO"]
[null,null,null," ",17010541,"FCOV27 - COMPETENCIAS CLAVE NIVEL 2 PARA CERTIFICADOS DE PROFESIONALIDAD SIN IDIOMAS:COMUNICACIÓN EN LENG",15,240,2,7,4,2,2,1,2,7,3,3,3,6,3,0,0,0,5,48,0,"002627 - HEGALA NORTE II","B01334291","DESESTIMADA","Baliabide ekonomikoeza prozeduran (art. 7, párrafo 2, apartado b) / Falta de crédito presupuestario en el procedimiento (art. 7, párrafo 2, apartado b)",48,"NO"]
[null,null,null," ",17010534,"FCOV27 - COMPETENCIAS CLAVE NIVEL 2 PARA CERTIFICADOS DE PROFESIONALIDAD SIN IDIOMAS:COMUNICACIÓN EN LENG",15,240,2,7,4,2,2,1,2,7,3,3,3,6,3,0,0,0,5,48,0,"000097 - HEGALA NORTE","B01334291","DESESTIMADA","Baliabide ekonomikoeza prozeduran (art. 7, párrafo 2, apartado b) / Falta de crédito presupuestario en el procedimiento (art. 7, párrafo 2, apartado b)",48,"NO"]
[null,null,null," ",17010532,"SSCE03 - INGLÉS B1",15,240,2,7,4,1,3,1,2,7,3,3,3,6,3,0,0,0,5,48,0,"000097 - HEGALA NORTE","B01334291","DESESTIMADA","Baliabide ekonomikoeza prozeduran (art. 7, párrafo 2, apartado b) / Falta de crédito presupuestario en el procedimiento (art. 7, párrafo 2, apartado b)",48,"NO"]
[null,null,null," ",17010533,"SSCE04 - INGLÉS B2",15,240,2,7,4,1,2,1,2,7,3,3,3,6,3,0,0,0,5,47,0,"000097 - HEGALA NORTE","B01334291","DESESTIMADA","Baliabide ekonomikoeza prozeduran (art. 7, párrafo 2, apartado b) / Falta de crédito presupuestario en el procedimiento (art. 7, párrafo 2, apartado b)",47,"NO"]
[null,null,null," ",17010110,"FCOV26 - COMPETENCIAS CLAVE NIVEL 2 PARA CERTIFICADOS DE PROFESIONALIDAD CON IDIOMAS:COMUNICACIÓN EN LENG",15,420,2,7,4,2,2,1,2,5,3,5,3,6,1,0,0,0,5,46,0,"000170 - AUTOESCUELA CLAXON","B01032598","DESESTIMADA","Baliabide ekonomikoeza prozeduran (art. 7, párrafo 2, apartado b) / Falta de crédito presupuestario en el procedimiento (art. 7, párrafo 2, apartado b)",46,"NO"]
[null,null,null," ",17010144,"FCOV26 - COMPETENCIAS CLAVE NIVEL 2 PARA CERTIFICADOS DE PROFESIONALIDAD CON IDIOMAS:COMUNICACIÓN EN LENG",15,420,2,7,4,2,2,1,2,5,6,3,3,6,0,0,0,0,5,46,0,"000001 - CENTRO DE ESTUDIOS ALAVA","B01504117","DESESTIMADA","Baliabide ekonomikoeza prozeduran (art. 7, párrafo 2, apartado b) / Falta de crédito presupuestario en el procedimiento (art. 7, párrafo 2, apartado b)",46,"NO"]
[null,null,null," ",17010146,"FCOV27 - COMPETENCIAS CLAVE NIVEL 2 PARA CERTIFICADOS DE PROFESIONALIDAD SIN IDIOMAS:COMUNICACIÓN EN LENG",15,240,2,7,4,2,2,1,2,5,6,3,3,6,0,0,0,0,5,46,0,"000001 - CENTRO DE ESTUDIOS ALAVA","B01504117","DESESTIMADA","Baliabide ekonomikoeza prozeduran (art. 7, párrafo 2, apartado b) / Falta de crédito presupuestario en el procedimiento (art. 7, párrafo 2, apartado b)",46,"NO"]
[null,null,null," ",17010145,"FCOV27 - COMPETENCIAS CLAVE NIVEL 2 PARA CERTIFICADOS DE PROFESIONALIDAD SIN IDIOMAS:COMUNICACIÓN EN LENG",15,240,2,7,4,2,2,1,2,5,6,3,3,6,0,0,0,0,5,46,0,"000001 - CENTRO DE ESTUDIOS ALAVA","B01504117","DESESTIMADA","Baliabide ekonomikoeza prozeduran (art. 7, párrafo 2, apartado b) / Falta de crédito presupuestario en el procedimiento (art. 7, párrafo 2, apartado b)",46,"NO"]
[null,null,null," ",17010156,"FCOV27 - COMPETENCIAS CLAVE NIVEL 2 PARA CERTIFICADOS DE PROFESIONALIDAD SIN IDIOMAS:COMUNICACIÓN EN LENG",15,240,2,7,4,2,2,1,2,5,6,3,3,6,0,0,0,0,5,46,0,"000001 - CENTRO DE ESTUDIOS ALAVA","B01504117","DESESTIMADA","Baliabide ekonomikoeza prozeduran (art. 7, párrafo 2, apartado b) / Falta de crédito presupuestario en el procedimiento (art. 7, párrafo 2, apartado b)",46,"NO"]
[null,null,null," ",17010017,"FCOV22 - COMUNICACIÓN EN LENGUA CASTELLANA N2",15,120,2,7,4,2,2,1,2,5,7,2,3,4,2,0,0,0,5,46,0,"000364 - ELLACURIA -CETIC","P0106800F","DESESTIMADA","Baliabide ekonomikoeza prozeduran (art. 7, párrafo 2, apartado b) / Falta de crédito presupuestario en el procedimiento (art. 7, párrafo 2, apartado b)",46,"NO"]
[null,null,null," ",17010018,"FCOV23 - COMPETENCIA MATEMÁTICA N2",15,120,2,7,4,2,2,1,2,5,7,2,3,4,2,0,0,0,5,46,0,"000364 - ELLACURIA -CETIC","P0106800F","DESESTIMADA","Baliabide ekonomikoeza prozeduran (art. 7, párrafo 2, apartado b) / Falta de crédito presupuestario en el procedimiento (art. 7, párrafo 2, apartado b)",46,"NO"]
[null,null,null," ",17010515,"FCOV22 - COMUNICACIÓN EN LENGUA CASTELLANA N2",13,120,2,7,4,2,2,1,2,5,6,1,0,4,0,0,0,0,6,40,0,"001574 - ASOCIACION URGATZI - BIDEBERRIA","G48715874","DESESTIMADA","Baliabide ekonomikoeza prozeduran (art. 7, párrafo 2, apartado b) / Falta de crédito presupuestario en el procedimiento (art. 7, párrafo 2, apartado b)",40,"NO"]
[null,null,null," ",17010516,"FCOV22 - COMUNICACIÓN EN LENGUA CASTELLANA N2",13,120,2,7,4,2,2,1,2,5,6,1,0,4,0,0,0,0,6,40,0,"001574 - ASOCIACION URGATZI - BIDEBERRIA","G48715874","DESESTIMADA","Baliabide ekonomikoeza prozeduran (art. 7, párrafo 2, apartado b) / Falta de crédito presupuestario en el procedimiento (art. 7, párrafo 2, apartado b)",40,"NO"]
[null,null,null," ",17010151,"FCOV22 - COMUNICACIÓN EN LENGUA CASTELLANA N2",13,120,2,7,4,2,2,1,2,5,6,1,0,4,0,0,0,0,6,40,0,"001574 - ASOCIACION URGATZI - BIDEBERRIA","G48715874","DESESTIMADA","Baliabide ekonomikoeza prozeduran (art. 7, párrafo 2, apartado b) / Falta de crédito presupuestario en el procedimiento (art. 7, párrafo 2, apartado b)",40,"NO"]
[null,null,null," ",17010152,"FCOV22 - COMUNICACIÓN EN LENGUA CASTELLANA N2",13,120,2,7,4,2,2,1,2,5,6,1,0,4,0,0,0,0,6,40,0,"001574 - ASOCIACION URGATZI - BIDEBERRIA","G48715874","DESESTIMADA","Baliabide ekonomikoeza prozeduran (art. 7, párrafo 2, apartado b) / Falta de crédito presupuestario en el procedimiento (art. 7, párrafo 2, apartado b)",40,"NO"]
[null,null,null," ",17010382,"FCOV27 - COMPETENCIAS CLAVE NIVEL 2 PARA CERTIFICADOS DE PROFESIONALIDAD SIN IDIOMAS:COMUNICACIÓN EN LENG",15,240,2,7,4,2,2,1,2,5,3,4,3,0,1,0,0,0,5,39,0,"000430 - RJA FORMACIÓN PRESENCIAL S.L.","B01322338","DESESTIMADA","Baliabide ekonomikoeza prozeduran (art. 7, párrafo 2, apartado b) / Falta de crédito presupuestario en el procedimiento (art. 7, párrafo 2, apartado b)",39,"NO"]
[null,null,null," ",17010552,"FCOV02 - COMUNICACIÓN EN LENGUA CASTELLANA N3",15,200,3,7,2,2,2,1,2,7,3,3,3,6,3,0,0,0,5,46,0,"000097 - HEGALA NORTE","B01334291","DESESTIMADA","Baliabide ekonomikoeza prozeduran (art. 7, párrafo 2, apartado b) / Falta de crédito presupuestario en el procedimiento (art. 7, párrafo 2, apartado b)",46,"NO"]
[null,null,null," ",17010553,"FCOV12 - COMPETENCIA MATEMÁTICA N3",15,200,3,7,2,2,2,1,2,7,3,3,3,6,3,0,0,0,5,46,0,"000097 - HEGALA NORTE","B01334291","DESESTIMADA","Baliabide ekonomikoeza prozeduran (art. 7, párrafo 2, apartado b) / Falta de crédito presupuestario en el procedimiento (art. 7, párrafo 2, apartado b)",46,"NO"]
[null,null,null," ",17010544,"FCOV28 - COMPETENCIAS CLAVE NIVEL 3 PARA CERTIFICADOS DE PROFESIONALIDAD CON IDIOMAS:COMUNICACIÓN EN LENG",15,580,3,7,2,2,2,1,2,7,3,3,3,6,3,0,0,0,5,46,0,"002627 - HEGALA NORTE II","B01334291","DESESTIMADA","Baliabide ekonomikoeza prozeduran (art. 7, párrafo 2, apartado b) / Falta de crédito presupuestario en el procedimiento (art. 7, párrafo 2, apartado b)",46,"NO"]
[null,null,null," ",17010195,"FCOV28 - COMPETENCIAS CLAVE NIVEL 3 PARA CERTIFICADOS DE PROFESIONALIDAD CON IDIOMAS:COMUNICACIÓN EN LENG",15,580,3,7,2,2,2,1,2,7,3,3,3,6,3,0,0,0,5,46,0,"002627 - HEGALA NORTE II","B01334291","DESESTIMADA","Baliabide ekonomikoeza prozeduran (art. 7, párrafo 2, apartado b) / Falta de crédito presupuestario en el procedimiento (art. 7, párrafo 2, apartado b)",46,"NO"]
[null,null,null," ",17010545,"FCOV29 - COMPETENCIAS CLAVE NIVEL 3 PARA CERTIFICADOS DE PROFESIOMALIDAD SIN IDIOMAS:COMUNICACIÓN EN LENG",15,400,3,7,2,2,2,1,2,7,3,3,3,6,3,0,0,0,5,46,0,"002627 - HEGALA NORTE II","B01334291","DESESTIMADA","Baliabide ekonomikoeza prozeduran (art. 7, párrafo 2, apartado b) / Falta de crédito presupuestario en el procedimiento (art. 7, párrafo 2, apartado b)",46,"NO"]
[null,null,null," ",17010528,"SSCE05 - INGLÉS C1",15,240,3,7,2,1,2,1,2,7,3,3,3,6,3,0,0,0,5,45,0,"000097 - HEGALA NORTE","B01334291","DESESTIMADA","Baliabide ekonomikoeza prozeduran (art. 7, párrafo 2, apartado b) / Falta de crédito presupuestario en el procedimiento (art. 7, párrafo 2, apartado b)",45,"NO"]
[null,null,null," ",17010529,"SSCE05 - INGLÉS C1",15,240,3,7,2,1,2,1,2,7,3,3,3,6,3,0,0,0,5,45,0,"000097 - HEGALA NORTE","B01334291","DESESTIMADA","Baliabide ekonomikoeza prozeduran (art. 7, párrafo 2, apartado b) / Falta de crédito presupuestario en el procedimiento (art. 7, párrafo 2, apartado b)",45,"NO"]
[null,null,null," ",17010108,"FCOV28 - COMPETENCIAS CLAVE NIVEL 3 PARA CERTIFICADOS DE PROFESIONALIDAD CON IDIOMAS:COMUNICACIÓN EN LENG",15,580,3,7,2,2,2,1,2,5,3,5,3,6,1,0,0,0,5,44,0,"000170 - AUTOESCUELA CLAXON","B01032598","DESESTIMADA","Baliabide ekonomikoeza prozeduran (art. 7, párrafo 2, apartado b) / Falta de crédito presupuestario en el procedimiento (art. 7, párrafo 2, apartado b)",44,"NO"]
[null,null,null," ",17010150,"FCOV29 - COMPETENCIAS CLAVE NIVEL 3 PARA CERTIFICADOS DE PROFESIOMALIDAD SIN IDIOMAS:COMUNICACIÓN EN LENG",15,400,3,7,2,2,2,1,2,5,6,3,3,6,0,0,0,0,5,44,0,"000001 - CENTRO DE ESTUDIOS ALAVA","B01504117","DESESTIMADA","Baliabide ekonomikoeza prozeduran (art. 7, párrafo 2, apartado b) / Falta de crédito presupuestario en el procedimiento (art. 7, párrafo 2, apartado b)",44,"NO"]
[null,null,null," ",17010153,"FCOV29 - COMPETENCIAS CLAVE NIVEL 3 PARA CERTIFICADOS DE PROFESIOMALIDAD SIN IDIOMAS:COMUNICACIÓN EN LENG",15,400,3,7,2,2,2,1,2,5,6,3,3,6,0,0,0,0,5,44,0,"000001 - CENTRO DE ESTUDIOS ALAVA","B01504117","DESESTIMADA","Baliabide ekonomikoeza prozeduran (art. 7, párrafo 2, apartado b) / Falta de crédito presupuestario en el procedimiento (art. 7, párrafo 2, apartado b)",44,"NO"]
[null,"ARABA/ÁLAVA - Cualificantes"]
[null,null,null,"ADG",17010305,"ADGG0408 - OPERACIONES AUXILIARES DE SERVICIOS ADMINISTRATIVOS Y GENERALES",15,390,1,6,3,4,9,1,2,6,5,5,3,10,1,1,1,0,1,57,0,"000191 - FONDO FORMACION EUSKADI, S.L.L.","B95237053","DESESTIMADA","Baliabide ekonomikoeza prozeduran (art. 7, párrafo 2, apartado b) / Falta de crédito presupuestario en el procedimiento (art. 7, párrafo 2, apartado b)",{"$f":"SUM(J1173,K1173,L1173,M1173,N1173,O1173,P1173,Q1173,R1173,S1173,T1173,U1173,W1173,X1173,Y1173)","v":57},{"$f":"IF(Z1173 <> AF1173,\"SI\",\"NO\")","v":"NO"}]
[null,null,null," ",17010261,"ADGG0508 - OPERACIONES DE GRABACIÓN Y TRATAMIENTO DE DATOS Y DOCUMENTOS",15,360,1,6,3,4,8,1,2,6,5,5,3,6,1,1,1,0,5,56,0,"000079 - INSTITUTO EUROPA","B01117480","DESESTIMADA","Baliabide ekonomikoeza prozeduran (art. 7, párrafo 2, apartado b) / Falta de crédito presupuestario en el procedimiento (art. 7, párrafo 2, apartado b)",56,"NO"]
[null,null,null," ",17010289,"ADGG0508 - OPERACIONES DE GRABACIÓN Y TRATAMIENTO DE DATOS Y DOCUMENTOS",17,360,1,6,3,4,8,1,2,6,4,5,2,8,1,1,1,0,5,56,0,"000401 - SARTU OREITIASOLO","G01126127","DESESTIMADA","Baliabide ekonomikoeza prozeduran (art. 7, párrafo 2, apartado b) / Falta de crédito presupuestario en el procedimiento (art. 7, párrafo 2, apartado b)",56,"NO"]
[null,null,null," ",17010076,"ADGG0508 - OPERACIONES DE GRABACIÓN Y TRATAMIENTO DE DATOS Y DOCUMENTOS",15,360,1,6,3,4,8,1,2,6,5,4,3,8,1,0,0,0,5,56,0,"000068 - CEAM S.L.","B01030766","DESESTIMADA","Baliabide ekonomikoeza prozeduran (art. 7, párrafo 2, apartado b) / Falta de crédito presupuestario en el procedimiento (art. 7, párrafo 2, apartado b)",56,"NO"]
[null,null,null," ",17010083,"ADGG0508 - OPERACIONES DE GRABACIÓN Y TRATAMIENTO DE DATOS Y DOCUMENTOS",15,360,1,6,3,4,8,1,2,6,5,4,3,8,1,0,0,0,5,56,0,"000068 - CEAM S.L.","B01030766","DESESTIMADA","Baliabide ekonomikoeza prozeduran (art. 7, párrafo 2, apartado b) / Falta de crédito presupuestario en el procedimiento (art. 7, párrafo 2, apartado b)",56,"NO"]
[null,null,null," ",17010250,"ADGG0408 - OPERACIONES AUXILIARES DE SERVICIOS ADMINISTRATIVOS Y GENERALES",15,390,1,6,3,4,9,1,2,7,3,3,3,6,3,0,0,0,5,55,0,"000097 - HEGALA NORTE","B01334291","DESESTIMADA","Baliabide ekonomikoeza prozeduran (art. 7, párrafo 2, apartado b) / Falta de crédito presupuestario en el procedimiento (art. 7, párrafo 2, apartado b)",55,"NO"]
[null,null,null," ",17010338,"ADGG0408 - OPERACIONES AUXILIARES DE SERVICIOS ADMINISTRATIVOS Y GENERALES",15,390,1,6,3,4,9,1,2,7,3,3,3,6,3,0,0,0,5,55,0,"000097 - HEGALA NORTE","B01334291","DESESTIMADA","Baliabide ekonomikoeza prozeduran (art. 7, párrafo 2, apartado b) / Falta de crédito presupuestario en el procedimiento (art. 7, párrafo 2, apartado b)",55,"NO"]
[null,null,null," ",17010137,"ADGG0208 - ACTIVIDADES ADMINISTRATIVAS EN LA RELACIÓN CON EL CLIENTE",15,680,2,6,4,4,9,1,2,8,6,3,3,6,0,0,0,0,5,57,0,"000001 - CENTRO DE ESTUDIOS ALAVA","B01504117","DESESTIMADA","Baliabide ekonomikoeza prozeduran (art. 7, párrafo 2, apartado b) / Falta de crédito presupuestario en el procedimiento (art. 7, párrafo 2, apartado b)",57,"NO"]
[null,null,null," ",17010251,"ADGG0208 - ACTIVIDADES ADMINISTRATIVAS EN LA RELACIÓN CON EL CLIENTE",15,680,2,6,4,4,9,1,2,7,3,3,3,6,3,0,0,0,5,56,0,"000097 - HEGALA NORTE","B01334291","DESESTIMADA","Baliabide ekonomikoeza prozeduran (art. 7, párrafo 2, apartado b) / Falta de crédito presupuestario en el procedimiento (art. 7, párrafo 2, apartado b)",56,"NO"]
[null,null,null," ",17010093,"ADGD0308 - ACTIVIDADES DE GESTIÓN ADMINISTRATIVA",15,800,2,6,4,4,9,1,2,6,5,4,3,8,1,0,0,0,3,56,0,"000012 - ACADEMIA GIL","B01030766","DESESTIMADA","Baliabide ekonomikoeza prozeduran (art. 7, párrafo 2, apartado b) / Falta de crédito presupuestario en el procedimiento (art. 7, párrafo 2, apartado b)",56,"NO"]
[null,null,null," ",17010218,"ADGD0308 - ACTIVIDADES DE GESTIÓN ADMINISTRATIVA",15,800,2,6,4,4,9,1,2,5,2,1,0,4,0,0,0,0,5,43,0,"000384 - GMA-TIC GASTEIZ, S.L.L.","B01499433","DESESTIMADA","Baliabide ekonomikoeza prozeduran (art. 7, párrafo 2, apartado b) / Falta de crédito presupuestario en el procedimiento (art. 7, párrafo 2, apartado b)",43,"NO"]
[null,null,null," ",17010522,"ADGD0208 - GESTIÓN INTEGRADA DE RECURSOS HUMANOS",15,480,3,6,2,4,9,1,2,8,6,3,3,6,0,0,0,0,7,57,0,"000001 - CENTRO DE ESTUDIOS ALAVA","B01504117","DESESTIMADA","Baliabide ekonomikoeza prozeduran (art. 7, párrafo 2, apartado b) / Falta de crédito presupuestario en el procedimiento (art. 7, párrafo 2, apartado b)",57,"NO"]
[null,null,null," ",17010069,"ADGD0108 - GESTIÓN CONTABLE Y GESTIÓN ADMINISTRATIVA PARA AUDITORÍA",15,550,3,6,2,4,9,1,2,6,5,4,3,8,1,0,0,0,6,57,0,"000068 - CEAM S.L.","B01030766","DESESTIMADA","Baliabide ekonomikoeza prozeduran (art. 7, párrafo 2, apartado b) / Falta de crédito presupuestario en el procedimiento (art. 7, párrafo 2, apartado b)",57,"NO"]
[null,null,null," ",17010070,"ADGD0208 - GESTIÓN INTEGRADA DE RECURSOS HUMANOS",15,670,3,6,2,4,9,1,2,6,5,4,3,8,1,0,0,0,6,57,0,"000068 - CEAM S.L.","B01030766","DESESTIMADA","Baliabide ekonomikoeza prozeduran (art. 7, párrafo 2, apartado b) / Falta de crédito presupuestario en el procedimiento (art. 7, párrafo 2, apartado b)",57,"NO"]
[null,null,null," ","17010125TF","ADGD0208 - GESTIÓN INTEGRADA DE RECURSOS HUMANOS",15,190,3,6,2,4,9,1,1,8,6,3,3,6,0,0,0,0,7,56,0,"002749 - CENTRO DE ESTUDIOS ALAVA(Teleformación)","B01504117","DESESTIMADA","Baliabide ekonomikoeza prozeduran (art. 7, párrafo 2, apartado b) / Falta de crédito presupuestario en el procedimiento (art. 7, párrafo 2, apartado b)",56,"NO"]
[null,null,null," ",17010264,"ADGG0308 - ASISTENCIA DOCUMENTAL Y DE GESTIÓN EN DESPACHOS Y OFICINAS",15,670,3,6,2,4,9,1,2,6,5,5,3,6,1,1,1,0,5,56,0,"000079 - INSTITUTO EUROPA","B01117480","DESESTIMADA","Baliabide ekonomikoeza prozeduran (art. 7, párrafo 2, apartado b) / Falta de crédito presupuestario en el procedimiento (art. 7, párrafo 2, apartado b)",56,"NO"]
[null,null,null," ",17010263,"ADGD0210 - CREACIÓN Y GESTIÓN DE MICROEMPRESAS",15,480,3,6,2,4,8,1,2,6,5,5,3,6,1,1,1,0,5,55,0,"000079 - INSTITUTO EUROPA","B01117480","DESESTIMADA","Baliabide ekonomikoeza prozeduran (art. 7, párrafo 2, apartado b) / Falta de crédito presupuestario en el procedimiento (art. 7, párrafo 2, apartado b)",55,"NO"]
[null,null,null," ",17010119,"ADGN0108 - FINANCIACIÓN DE EMPRESAS",15,220,3,6,2,4,6,1,2,6,5,4,3,8,1,0,0,0,6,54,0,"000012 - ACADEMIA GIL","B01030766","DESESTIMADA","Baliabide ekonomikoeza prozeduran (art. 7, párrafo 2, apartado b) / Falta de crédito presupuestario en el procedimiento (art. 7, párrafo 2, apartado b)",54,"NO"]
[null,null,null," ","17010126TF","ADGD0108 - GESTIÓN CONTABLE Y GESTIÓN ADMINISTRATIVA PARA AUDITORÍA",15,550,3,6,2,4,9,1,1,8,6,3,3,6,0,0,0,0,5,54,0,"002749 - CENTRO DE ESTUDIOS ALAVA(Teleformación)","B01504117","DESESTIMADA","Baliabide ekonomikoeza prozeduran (art. 7, párrafo 2, apartado b) / Falta de crédito presupuestario en el procedimiento (art. 7, párrafo 2, apartado b)",54,"NO"]
[null,null,null," ",17010249,"ADGD0208 - GESTIÓN INTEGRADA DE RECURSOS HUMANOS",15,670,3,6,2,4,9,1,2,7,3,3,3,6,3,0,0,0,5,54,0,"000097 - HEGALA NORTE","B01334291","DESESTIMADA","Baliabide ekonomikoeza prozeduran (art. 7, párrafo 2, apartado b) / Falta de crédito presupuestario en el procedimiento (art. 7, párrafo 2, apartado b)",54,"NO"]
[null,null,null," ",17010202,"ADGG0308 - ASISTENCIA DOCUMENTAL Y DE GESTIÓN EN DESPACHOS Y OFICINAS",15,670,3,6,2,4,9,1,2,7,3,3,3,6,3,0,0,0,5,54,0,"002627 - HEGALA NORTE II","B01334291","DESESTIMADA","Baliabide ekonomikoeza prozeduran (art. 7, párrafo 2, apartado b) / Falta de crédito presupuestario en el procedimiento (art. 7, párrafo 2, apartado b)",54,"NO"]
[null,null,null," ","17010127TF","ADGD0210 - CREACIÓN Y GESTIÓN DE MICROEMPRESAS",15,480,3,6,2,4,8,1,1,8,6,3,3,6,0,0,0,0,5,53,0,"002749 - CENTRO DE ESTUDIOS ALAVA(Teleformación)","B01504117","DESESTIMADA","Baliabide ekonomikoeza prozeduran (art. 7, párrafo 2, apartado b) / Falta de crédito presupuestario en el procedimiento (art. 7, párrafo 2, apartado b)",53,"NO"]
[null,null,null," ",17010201,"ADGG0108 - ASISTENCIA A LA DIRECCIÓN",15,530,3,6,2,4,7,1,2,7,3,3,3,6,3,0,0,0,5,52,0,"002627 - HEGALA NORTE II","B01334291","DESESTIMADA","Baliabide ekonomikoeza prozeduran (art. 7, párrafo 2, apartado b) / Falta de crédito presupuestario en el procedimiento (art. 7, párrafo 2, apartado b)",52,"NO"]
[null,null,null," ",17010138,"ADGD07EXP - APLICACIÓN DE LAS REDES SOCIALES EN LA GESTIÓN DE PERSONAS:RRHH 2.0",15,30,3,6,2,1,5,1,2,8,6,3,3,6,0,0,0,0,5,48,0,"000001 - CENTRO DE ESTUDIOS ALAVA","B01504117","DESESTIMADA","Baliabide ekonomikoeza prozeduran (art. 7, párrafo 2, apartado b) / Falta de crédito presupuestario en el procedimiento (art. 7, párrafo 2, apartado b)",48,"NO"]
[null,null,null," ",17010134,"ADGD07EXP - APLICACIÓN DE LAS REDES SOCIALES EN LA GESTIÓN DE PERSONAS:RRHH 2.0",15,30,3,6,2,1,5,1,2,8,6,3,3,6,0,0,0,0,5,48,0,"000001 - CENTRO DE ESTUDIOS ALAVA","B01504117","DESESTIMADA","Baliabide ekonomikoeza prozeduran (art. 7, párrafo 2, apartado b) / Falta de crédito presupuestario en el procedimiento (art. 7, párrafo 2, apartado b)",48,"NO"]
[null,null,null," ",17010253,"ADGD0210 - CREACIÓN Y GESTIÓN DE MICROEMPRESAS",15,480,3,6,2,4,8,1,2,5,3,4,3,0,1,0,0,0,5,44,0,"000430 - RJA FORMACIÓN PRESENCIAL S.L.","B01322338","DESESTIMADA","Baliabide ekonomikoeza prozeduran (art. 7, párrafo 2, apartado b) / Falta de crédito presupuestario en el procedimiento (art. 7, párrafo 2, apartado b)",44,"NO"]
[null,null,null," ","17010185TF","ADGD0210 - CREACIÓN Y GESTIÓN DE MICROEMPRESAS",45,480,3,6,2,4,8,1,1,5,3,4,3,0,1,0,0,0,5,43,0,"002751 - RJA FORMACIÓN PRESENCIAL S.L.(Teleformación)","B01322338","DESESTIMADA","Baliabide ekonomikoeza prozeduran (art. 7, párrafo 2, apartado b) / Falta de crédito presupuestario en el procedimiento (art. 7, párrafo 2, apartado b)",43,"NO"]
[null,null,null," ",17010241,"ADGD0210 - CREACIÓN Y GESTIÓN DE MICROEMPRESAS",15,480,3,6,2,4,8,1,2,5,3,2,1,0,0,0,0,0,5,39,0,"000361 - UFEJ SERVICIOS A EMPRESAS S.L.","B01399864","DESESTIMADA","Baliabide ekonomikoeza prozeduran (art. 7, párrafo 2, apartado b) / Falta de crédito presupuestario en el procedimiento (art. 7, párrafo 2, apartado b)",39,"NO"]
[null,null,null," ",17010387,"ADGD0210 - CREACIÓN Y GESTIÓN DE MICROEMPRESAS",15,480,3,6,2,4,8,1,2,5,5,1,0,0,0,0,0,0,5,39,0,"000420 - P&S GLOBAL MIRANDA","B09359811","DESESTIMADA","Baliabide ekonomikoeza prozeduran (art. 7, párrafo 2, apartado b) / Falta de crédito presupuestario en el procedimiento (art. 7, párrafo 2, apartado b)",39,"NO"]
[null,null,null," ",17010391,"ADGN0108 - FINANCIACIÓN DE EMPRESAS",15,550,3,6,2,4,6,1,2,5,5,1,0,0,0,0,0,0,5,37,0,"000420 - P&S GLOBAL MIRANDA","B09359811","DESESTIMADA","Baliabide ekonomikoeza prozeduran (art. 7, párrafo 2, apartado b) / Falta de crédito presupuestario en el procedimiento (art. 7, párrafo 2, apartado b)",37,"NO"]
[null,null,null," ",17010519,"ADGD0210 - CREACIÓN Y GESTIÓN DE MICROEMPRESAS",15,480,3,6,2,4,8,1,2,5,0,1,0,0,0,0,0,0,5,34,0,"002758 - GESTIONA XXI","B95172102","DESESTIMADA","Baliabide ekonomikoeza prozeduran (art. 7, párrafo 2, apartado b) / Falta de crédito presupuestario en el procedimiento (art. 7, párrafo 2, apartado b)",34,"NO"]
[null,null,null," ",17010520,"ADGN0108 - FINANCIACIÓN DE EMPRESAS",15,550,3,6,2,4,6,1,2,5,0,1,0,0,0,0,0,0,5,32,0,"002758 - GESTIONA XXI","B95172102","DESESTIMADA","Baliabide ekonomikoeza prozeduran (art. 7, párrafo 2, apartado b) / Falta de crédito presupuestario en el procedimiento (art. 7, párrafo 2, apartado b)",32,"NO"]
[null,null,null,"AFD",17010238,"AFDA0310 - ACTIVIDADES DE NATACIÓN",15,590,3,2,2,4,5,1,2,6,3,2,1,0,0,0,0,0,5,33,0,"000361 - UFEJ SERVICIOS A EMPRESAS S.L.","B01399864","DESESTIMADA","Baliabide ekonomikoeza prozeduran (art. 7, párrafo 2, apartado b) / Falta de crédito presupuestario en el procedimiento (art. 7, párrafo 2, apartado b)",{"$f":"SUM(J1205,K1205,L1205,M1205,N1205,O1205,P1205,Q1205,R1205,S1205,T1205,U1205,W1205,X1205,Y1205)","v":33},{"$f":"IF(Z1205 <> AF1205,\"SI\",\"NO\")","v":"NO"}]
[null,null,null," ",17010379,"AFDA0310 - ACTIVIDADES DE NATACIÓN",15,590,3,2,2,4,5,1,2,6,3,2,1,0,0,0,0,0,5,33,0,"000361 - UFEJ SERVICIOS A EMPRESAS S.L.","B01399864","DESESTIMADA","Baliabide ekonomikoeza prozeduran (art. 7, párrafo 2, apartado b) / Falta de crédito presupuestario en el procedimiento (art. 7, párrafo 2, apartado b)",33,"NO"]
[null,null,null," ",17010050,"AFDA0210 - ACONDICIONAMIENTO FÍSICO EN SALA DE ENTRENAMIENTO POLIVALENTE",15,470,3,2,2,4,6,1,2,7,2,1,0,0,0,0,0,0,5,32,0,"001442 - FITNESS GASTEIZ","B01339647","DESESTIMADA","Baliabide ekonomikoeza prozeduran (art. 7, párrafo 2, apartado b) / Falta de crédito presupuestario en el procedimiento (art. 7, párrafo 2, apartado b)",32,"NO"]
[null,null,null,"ARG",17010524,"ARGN0110 - DESARROLLO DE PRODUCTOS EDITORIALES MULTIMEDIA",15,490,3,2,2,4,5,1,2,8,6,3,3,6,0,0,0,0,5,47,0,"000001 - CENTRO DE ESTUDIOS ALAVA","B01504117","DESESTIMADA","Baliabide ekonomikoeza prozeduran (art. 7, párrafo 2, apartado b) / Falta de crédito presupuestario en el procedimiento (art. 7, párrafo 2, apartado b)",47,"NO"]
[null,null,null,"COM",17010063,"COML0110 - ACTIVIDADES AUXILIARES DE ALMACÉN",15,170,1,4,3,4,10,1,2,7,5,4,3,8,1,0,0,0,5,57,0,"000068 - CEAM S.L.","B01030766","DESESTIMADA","Baliabide ekonomikoeza prozeduran (art. 7, párrafo 2, apartado b) / Falta de crédito presupuestario en el procedimiento (art. 7, párrafo 2, apartado b)",57,"NO"]
[null,null,null," ",17010059,"COML0110 - ACTIVIDADES AUXILIARES DE ALMACÉN",15,170,1,4,3,4,10,1,2,7,5,4,3,8,1,0,0,0,5,57,0,"000068 - CEAM S.L.","B01030766","DESESTIMADA","Baliabide ekonomikoeza prozeduran (art. 7, párrafo 2, apartado b) / Falta de crédito presupuestario en el procedimiento (art. 7, párrafo 2, apartado b)",57,"NO"]
[null,null,null," ",17010053,"COMT0211 - ACTIVIDADES AUXILIARES DE COMERCIO",15,230,1,4,3,4,10,1,2,5,5,3,3,4,1,0,0,0,9,54,0,"000233 - AUTOESCUELA SAN PRUDENCIO SL","B01033935","DESESTIMADA","Baliabide ekonomikoeza prozeduran (art. 7, párrafo 2, apartado b) / Falta de crédito presupuestario en el procedimiento (art. 7, párrafo 2, apartado b)",54,"NO"]
[null,null,null," ",17010089,"COMT0211 - ACTIVIDADES AUXILIARES DE COMERCIO",15,230,1,4,3,4,10,1,2,7,3,5,3,6,1,0,0,0,5,54,0,"000170 - AUTOESCUELA CLAXON","B01032598","DESESTIMADA","Baliabide ekonomikoeza prozeduran (art. 7, párrafo 2, apartado b) / Falta de crédito presupuestario en el procedimiento (art. 7, párrafo 2, apartado b)",54,"NO"]
[null,null,null," ",17010090,"COMT0211 - ACTIVIDADES AUXILIARES DE COMERCIO",15,230,1,4,3,4,10,1,2,7,3,5,3,6,1,0,0,0,5,54,0,"000170 - AUTOESCUELA CLAXON","B01032598","DESESTIMADA","Baliabide ekonomikoeza prozeduran (art. 7, párrafo 2, apartado b) / Falta de crédito presupuestario en el procedimiento (art. 7, párrafo 2, apartado b)",54,"NO"]
[null,null,null," ",17010052,"COML0110 - ACTIVIDADES AUXILIARES DE ALMACÉN",15,170,1,4,3,4,10,1,2,5,5,3,3,4,1,0,0,0,5,50,0,"000233 - AUTOESCUELA SAN PRUDENCIO SL","B01033935","DESESTIMADA","Baliabide ekonomikoeza prozeduran (art. 7, párrafo 2, apartado b) / Falta de crédito presupuestario en el procedimiento (art. 7, párrafo 2, apartado b)",50,"NO"]
[null,null,null," ",17200585,"COML0110 - ACTIVIDADES AUXILIARES DE ALMACÉN",15,170,1,4,3,4,10,1,2,5,3,4,3,0,1,0,0,0,5,45,0,"000430 - RJA FORMACIÓN PRESENCIAL S.L.","B01322338","DESESTIMADA","Baliabide ekonomikoeza prozeduran (art. 7, párrafo 2, apartado b) / Falta de crédito presupuestario en el procedimiento (art. 7, párrafo 2, apartado b)",45,"NO"]
[null,null,null," ",17010003,"COMV0108 - ACTIVIDADES DE VENTA",15,510,2,4,4,4,10,1,2,5,2,3,3,6,0,1,1,0,8,53,0,"000351 - TEKFOR TALDEA SL-VITORIA","B48449144","DESESTIMADA","Baliabide ekonomikoeza prozeduran (art. 7, párrafo 2, apartado b) / Falta de crédito presupuestario en el procedimiento (art. 7, párrafo 2, apartado b)",53,"NO"]
[null,null,null," ",17010005,"COMV0108 - ACTIVIDADES DE VENTA",15,420,2,4,4,4,10,1,2,5,2,3,3,6,0,1,1,0,8,53,0,"000351 - TEKFOR TALDEA SL-VITORIA","B48449144","DESESTIMADA","Baliabide ekonomikoeza prozeduran (art. 7, párrafo 2, apartado b) / Falta de crédito presupuestario en el procedimiento (art. 7, párrafo 2, apartado b)",53,"NO"]
[null,null,null," ",17010116,"COMT0112 - ACTIVIDADES DE GESTIÓN DEL PEQUEÑO COMERCIO",15,450,2,4,4,4,8,1,2,7,3,5,3,6,1,0,0,0,5,53,0,"000170 - AUTOESCUELA CLAXON","B01032598","DESESTIMADA","Baliabide ekonomikoeza prozeduran (art. 7, párrafo 2, apartado b) / Falta de crédito presupuestario en el procedimiento (art. 7, párrafo 2, apartado b)",53,"NO"]
[null,null,null," ",17010269,"COML0309 - ORGANIZACIÓN Y GESTIÓN DE ALMACENES",15,310,3,4,2,4,10,1,2,5,5,5,3,6,1,1,1,0,5,54,0,"000079 - INSTITUTO EUROPA","B01117480","DESESTIMADA","Baliabide ekonomikoeza prozeduran (art. 7, párrafo 2, apartado b) / Falta de crédito presupuestario en el procedimiento (art. 7, párrafo 2, apartado b)",54,"NO"]
[null,null,null," ",17010270,"COMM0110 - MARKETING Y COMPRAVENTA INTERNACIONAL",15,710,3,4,2,4,10,1,2,5,5,5,3,6,1,1,1,0,5,54,0,"000079 - INSTITUTO EUROPA","B01117480","DESESTIMADA","Baliabide ekonomikoeza prozeduran (art. 7, párrafo 2, apartado b) / Falta de crédito presupuestario en el procedimiento (art. 7, párrafo 2, apartado b)",54,"NO"]
[null,null,null," ",17010275,"COMT0411 - GESTIÓN COMERCIAL DE VENTAS",15,530,3,4,2,4,10,1,2,5,5,5,3,6,1,1,1,0,5,54,0,"000079 - INSTITUTO EUROPA","B01117480","DESESTIMADA","Baliabide ekonomikoeza prozeduran (art. 7, párrafo 2, apartado b) / Falta de crédito presupuestario en el procedimiento (art. 7, párrafo 2, apartado b)",54,"NO"]
[null,null,null," ",17010078,"COML0309 - ORGANIZACIÓN Y GESTIÓN DE ALMACENES",15,310,3,4,2,4,10,1,2,7,3,5,3,6,1,0,0,0,5,53,0,"000170 - AUTOESCUELA CLAXON","B01032598","DESESTIMADA","Baliabide ekonomikoeza prozeduran (art. 7, párrafo 2, apartado b) / Falta de crédito presupuestario en el procedimiento (art. 7, párrafo 2, apartado b)",53,"NO"]
[null,null,null," ",17010107,"COMM0110 - MARKETING Y COMPRAVENTA INTERNACIONAL",15,710,3,4,2,4,10,1,2,7,3,5,3,6,1,0,0,0,5,53,0,"000170 - AUTOESCUELA CLAXON","B01032598","DESESTIMADA","Baliabide ekonomikoeza prozeduran (art. 7, párrafo 2, apartado b) / Falta de crédito presupuestario en el procedimiento (art. 7, párrafo 2, apartado b)",53,"NO"]
[null,null,null," ",17010100,"COMT0411 - GESTIÓN COMERCIAL DE VENTAS",15,530,3,4,2,4,10,1,2,7,3,5,3,6,1,0,0,0,5,53,0,"000170 - AUTOESCUELA CLAXON","B01032598","DESESTIMADA","Baliabide ekonomikoeza prozeduran (art. 7, párrafo 2, apartado b) / Falta de crédito presupuestario en el procedimiento (art. 7, párrafo 2, apartado b)",53,"NO"]
[null,null,null," ",17010217,"COML0109 - TRÁFICO DE MERCANCÍAS POR CARRETERA",15,440,3,4,2,4,8,1,2,5,5,5,3,6,1,1,1,0,5,52,0,"000156 - INSTITUTO EUROPA, S.L. II","B01117480","DESESTIMADA","Baliabide ekonomikoeza prozeduran (art. 7, párrafo 2, apartado b) / Falta de crédito presupuestario en el procedimiento (art. 7, párrafo 2, apartado b)",52,"NO"]
[null,null,null," ",17010210,"COMT0411 - GESTIÓN COMERCIAL DE VENTAS",15,530,3,4,2,4,10,1,2,5,3,3,3,6,3,0,0,0,5,51,0,"000097 - HEGALA NORTE","B01334291","DESESTIMADA","Baliabide ekonomikoeza prozeduran (art. 7, párrafo 2, apartado b) / Falta de crédito presupuestario en el procedimiento (art. 7, párrafo 2, apartado b)",51,"NO"]
[null,null,null," ",17010209,"COMT0110 - ATENCIÓN AL CLIENTE, CONSUMIDOR O USUARIO",15,420,3,4,2,4,9,1,2,5,3,3,3,6,3,0,0,0,5,50,0,"000097 - HEGALA NORTE","B01334291","DESESTIMADA","Baliabide ekonomikoeza prozeduran (art. 7, párrafo 2, apartado b) / Falta de crédito presupuestario en el procedimiento (art. 7, párrafo 2, apartado b)",50,"NO"]
[null,null,null," ",17010354,"COML0309 - ORGANIZACIÓN Y GESTIÓN DE ALMACENES",15,310,3,4,2,4,10,3,2,5,5,5,0,0,0,0,0,0,5,45,0,"000436 - ACCIÓN LABORAL","V09409749","DESESTIMADA","Baliabide ekonomikoeza prozeduran (art. 7, párrafo 2, apartado b) / Falta de crédito presupuestario en el procedimiento (art. 7, párrafo 2, apartado b)",45,"NO"]
[null,null,null," ",17010355,"COMM0110 - MARKETING Y COMPRAVENTA INTERNACIONAL",15,710,3,4,2,4,10,3,2,5,5,5,0,0,0,0,0,0,5,45,0,"000436 - ACCIÓN LABORAL","V09409749","DESESTIMADA","Baliabide ekonomikoeza prozeduran (art. 7, párrafo 2, apartado b) / Falta de crédito presupuestario en el procedimiento (art. 7, párrafo 2, apartado b)",45,"NO"]
[null,null,null," ",17010357,"COML0210 - GESTIÓN Y CONTROL DEL APROVISIONAMIENTO",15,370,3,4,2,4,9,3,2,5,5,5,0,0,0,0,0,0,5,44,0,"000436 - ACCIÓN LABORAL","V09409749","DESESTIMADA","Baliabide ekonomikoeza prozeduran (art. 7, párrafo 2, apartado b) / Falta de crédito presupuestario en el procedimiento (art. 7, párrafo 2, apartado b)",44,"NO"]
[null,null,null," ","17010188TF","COMT0411 - GESTIÓN COMERCIAL DE VENTAS",45,530,3,4,2,4,10,1,1,5,3,2,1,0,0,0,0,0,5,38,0,"002679 - UFEJ SERVICIOS A EMPRESAS S.L.(Teleformación)","B01399864","DESESTIMADA","Baliabide ekonomikoeza prozeduran (art. 7, párrafo 2, apartado b) / Falta de crédito presupuestario en el procedimiento (art. 7, párrafo 2, apartado b)",38,"NO"]
[null,null,null," ",17010129,"COMM0110 - MARKETING Y COMPRAVENTA INTERNACIONAL",15,710,3,4,2,4,10,1,2,5,0,2,0,0,1,0,0,0,5,36,0,"000425 - CENTRO DE FORMACION Y ASESORAMIENTO COCI DE ALAVA","Q0173001I","DESESTIMADA","Baliabide ekonomikoeza prozeduran (art. 7, párrafo 2, apartado b) / Falta de crédito presupuestario en el procedimiento (art. 7, párrafo 2, apartado b)",36,"NO"]
[null,null,null," ",17010128,"COMT0411 - GESTIÓN COMERCIAL DE VENTAS",15,530,3,4,2,4,10,1,2,5,0,2,0,0,1,0,0,0,5,36,0,"000425 - CENTRO DE FORMACION Y ASESORAMIENTO COCI DE ALAVA","Q0173001I","DESESTIMADA","Baliabide ekonomikoeza prozeduran (art. 7, párrafo 2, apartado b) / Falta de crédito presupuestario en el procedimiento (art. 7, párrafo 2, apartado b)",36,"NO"]
[null,null,null," ",17010521,"COMT0411 - GESTIÓN COMERCIAL DE VENTAS",15,530,3,4,2,4,10,1,2,5,0,1,0,0,0,0,0,0,5,34,0,"002758 - GESTIONA XXI","B95172102","DESESTIMADA","Baliabide ekonomikoeza prozeduran (art. 7, párrafo 2, apartado b) / Falta de crédito presupuestario en el procedimiento (art. 7, párrafo 2, apartado b)",34,"NO"]
[null,null,null,"ELE",17010112,"ELEE0109 - MONTAJE Y MANTENIMIENTO DE INSTALACIONES ELÉCTRICAS DE BAJA TENSIÓN",15,840,2,3,4,4,10,1,2,7,0,0,3,4,0,0,0,0,7,45,0,"000317 - TECFOSOL (TECNOLOGIA Y FORMACION EN ENERGIA SOLAR","G01316744","DESESTIMADA","Baliabide ekonomikoeza prozeduran (art. 7, párrafo 2, apartado b) / Falta de crédito presupuestario en el procedimiento (art. 7, párrafo 2, apartado b)",45,"NO"]
[null,null,null," ",17010254,"ELEM0110 - DESARROLLO DE PROYECTOS DE SISTEMAS DE AUTOMATIZACIÓN INDUSTRIAL",15,550,3,3,2,4,10,1,2,5,3,4,3,0,1,0,0,0,5,43,0,"000430 - RJA FORMACIÓN PRESENCIAL S.L.","B01322338","DESESTIMADA","Baliabide ekonomikoeza prozeduran (art. 7, párrafo 2, apartado b) / Falta de crédito presupuestario en el procedimiento (art. 7, párrafo 2, apartado b)",43,"NO"]
[null,null,null,"EOC",17010045,"EOCB0109 - OPERACIONES AUXILIARES DE REVESTIMIENTOS CONTINUOS EN CONSTRUCCIÓN",15,360,1,2,3,4,6,1,2,5,0,5,3,5,1,0,0,0,5,42,0,"000347 - FUNDACIÓN ADSIS / CIP CASTEIZ","G81436099","DESESTIMADA","Baliabide ekonomikoeza prozeduran (art. 7, párrafo 2, apartado b) / Falta de crédito presupuestario en el procedimiento (art. 7, párrafo 2, apartado b)",{"$f":"SUM(J1237,K1237,L1237,M1237,N1237,O1237,P1237,Q1237,R1237,S1237,T1237,U1237,W1237,X1237,Y1237)","v":42},{"$f":"IF(Z1237 <> AF1237,\"SI\",\"NO\")","v":"NO"}]
[null,null,null,"FCO",17010054,"LIBR0001 - FCOV0001OV- Formación previa a Certificados de nivel 1 Familia Profesional: Formación complementaria (Especialidad pendiente de inclusión en el fichero)",15,150,null,1,0,1,0,1,2,5,6,1,0,4,0,0,0,0,5,26,0,"001574 - ASOCIACION URGATZI - BIDEBERRIA","G48715874","DESESTIMADA","Baliabide ekonomikoeza prozeduran (art. 7, párrafo 2, apartado b) / Falta de crédito presupuestario en el procedimiento (art. 7, párrafo 2, apartado b)",26,"NO"]
[null,null,null," ",17010060,"LIBR0001 - FCOV0001OV- Formación previa a Certificados de nivel 1 Familia Profesional: Formación complementaria (Especialidad pendiente de inclusión en el fichero)",15,150,null,1,0,1,0,1,2,5,6,1,0,4,0,0,0,0,5,26,0,"001574 - ASOCIACION URGATZI - BIDEBERRIA","G48715874","DESESTIMADA","Baliabide ekonomikoeza prozeduran (art. 7, párrafo 2, apartado b) / Falta de crédito presupuestario en el procedimiento (art. 7, párrafo 2, apartado b)",26,"NO"]
[null,null,null," ",17010514,"LIBR0001 - FCOV0001OV_ Formación previa a Certificados de nivel 1 Familia Profesional: Formación complementaria (Especialidad pendiente de inclusión en el fichero)",15,150,null,1,0,1,0,1,2,5,6,1,0,4,0,0,0,0,5,26,0,"001574 - ASOCIACION URGATZI - BIDEBERRIA","G48715874","DESESTIMADA","Baliabide ekonomikoeza prozeduran (art. 7, párrafo 2, apartado b) / Falta de crédito presupuestario en el procedimiento (art. 7, párrafo 2, apartado b)",26,"NO"]
[null,null,null,"FME",17010044,"FMEE0108 - OPERACIONES AUXILIARES DE FABRICACIÓN MECÁNICA",15,400,1,7,3,4,10,1,2,5,0,5,3,5,1,0,0,0,5,51,0,"000347 - FUNDACIÓN ADSIS / CIP CASTEIZ","G81436099","DESESTIMADA","Baliabide ekonomikoeza prozeduran (art. 7, párrafo 2, apartado b) / Falta de crédito presupuestario en el procedimiento (art. 7, párrafo 2, apartado b)",51,"NO"]
[null,null,null," ",17010182,"FMEC0208 - DISEÑO DE CALDERERÍA Y ESTRUCTURAS METÁLICAS",15,620,3,7,2,4,9,1,2,7,5,3,3,5,1,0,0,0,5,54,0,"000174 - ESCUELA ALAVESA DE SOLDADORES, S.L.L.","B01321819","DESESTIMADA","Baliabide ekonomikoeza prozeduran (art. 7, párrafo 2, apartado b) / Falta de crédito presupuestario en el procedimiento (art. 7, párrafo 2, apartado b)",54,"NO"]
[null,null,null," ",17010256,"FMEM0109 - GESTIÓN DE LA PRODUCCIÓN EN FABRICACIÓN MECÁNICA",15,310,3,7,2,4,10,1,2,5,3,4,3,0,1,0,0,0,5,47,0,"000430 - RJA FORMACIÓN PRESENCIAL S.L.","B01322338","DESESTIMADA","Baliabide ekonomikoeza prozeduran (art. 7, párrafo 2, apartado b) / Falta de crédito presupuestario en el procedimiento (art. 7, párrafo 2, apartado b)",47,"NO"]
[null,null,null," ",17010259,"FMEC0208 - DISEÑO DE CALDERERÍA Y ESTRUCTURAS METÁLICAS",15,620,3,7,2,4,9,1,2,5,3,4,3,0,1,0,0,0,5,46,0,"000430 - RJA FORMACIÓN PRESENCIAL S.L.","B01322338","DESESTIMADA","Baliabide ekonomikoeza prozeduran (art. 7, párrafo 2, apartado b) / Falta de crédito presupuestario en el procedimiento (art. 7, párrafo 2, apartado b)",46,"NO"]
[null,null,null,"IFC",17010121,"IFCD0110 - CONFECCIÓN Y PUBLICACIÓN DE PÁGINAS WEB",15,480,2,4,4,4,6,1,2,6,5,4,3,8,1,0,0,0,5,53,0,"000012 - ACADEMIA GIL","B01030766","DESESTIMADA","Baliabide ekonomikoeza prozeduran (art. 7, párrafo 2, apartado b) / Falta de crédito presupuestario en el procedimiento (art. 7, párrafo 2, apartado b)",53,"NO"]
[null,null,null," ",17010214,"IFCT0209 - SISTEMAS MICROINFORMÁTICOS",15,560,2,4,4,4,9,1,2,8,2,1,0,4,0,0,0,0,4,43,0,"000384 - GMA-TIC GASTEIZ, S.L.L.","B01499433","DESESTIMADA","Baliabide ekonomikoeza prozeduran (art. 7, párrafo 2, apartado b) / Falta de crédito presupuestario en el procedimiento (art. 7, párrafo 2, apartado b)",43,"NO"]
[null,null,null," ",17010392,"IFCT0609 - PROGRAMACIÓN DE SISTEMAS INFORMÁTICOS",15,510,3,4,2,4,8,1,2,5,5,1,0,0,0,0,0,0,5,37,0,"000420 - P&S GLOBAL MIRANDA","B09359811","DESESTIMADA","Baliabide ekonomikoeza prozeduran (art. 7, párrafo 2, apartado b) / Falta de crédito presupuestario en el procedimiento (art. 7, párrafo 2, apartado b)",37,"NO"]
[null,null,null," ",17010386,"IFCT0609 - PROGRAMACIÓN DE SISTEMAS INFORMÁTICOS",15,510,3,4,2,4,8,1,2,5,5,1,0,0,0,0,0,0,5,37,0,"000420 - P&S GLOBAL MIRANDA","B09359811","DESESTIMADA","Baliabide ekonomikoeza prozeduran (art. 7, párrafo 2, apartado b) / Falta de crédito presupuestario en el procedimiento (art. 7, párrafo 2, apartado b)",37,"NO"]
[null,null,null," ",17010389,"IFCT20 - CONSULTOR OFICIAL SAP BUSINESSOBJECTS-DATA SERVICES (BO-DS)",15,144,3,4,2,3,5,1,2,5,5,1,0,0,0,0,0,0,5,33,0,"000420 - P&S GLOBAL MIRANDA","B09359811","DESESTIMADA","Baliabide ekonomikoeza prozeduran (art. 7, párrafo 2, apartado b) / Falta de crédito presupuestario en el procedimiento (art. 7, párrafo 2, apartado b)",33,"NO"]
[null,null,null,"IMP",17010278,"IMPQ0108 - SERVICIOS AUXILIARES DE PELUQUERÍA",17,210,1,3,3,4,7,1,2,6,3,0,3,4,0,0,0,0,4,40,0,"000108 - CENTRO PROFESIONAL DE ESTUDIOS LOLY DE PEDRO","16251961T","DESESTIMADA","Baliabide ekonomikoeza prozeduran (art. 7, párrafo 2, apartado b) / Falta de crédito presupuestario en el procedimiento (art. 7, párrafo 2, apartado b)",40,"NO"]
[null,null,null," ",17010279,"IMPQ0108 - SERVICIOS AUXILIARES DE PELUQUERÍA",17,210,1,3,3,4,7,1,2,6,3,0,3,4,0,0,0,0,4,40,0,"000108 - CENTRO PROFESIONAL DE ESTUDIOS LOLY DE PEDRO","16251961T","DESESTIMADA","Baliabide ekonomikoeza prozeduran (art. 7, párrafo 2, apartado b) / Falta de crédito presupuestario en el procedimiento (art. 7, párrafo 2, apartado b)",40,"NO"]
[null,null,null," ",17010333,"IMPQ0108 - SERVICIOS AUXILIARES DE PELUQUERÍA",15,210,1,3,3,4,7,1,2,5,3,1,3,0,0,0,0,0,5,37,0,"000230 - FORMACION PROFESIONAL KATYS & CES S.L.","B01494293","DESESTIMADA","Baliabide ekonomikoeza prozeduran (art. 7, párrafo 2, apartado b) / Falta de crédito presupuestario en el procedimiento (art. 7, párrafo 2, apartado b)",37,"NO"]
[null,null,null," ",17010348,"IMPQ0108 - SERVICIOS AUXILIARES DE PELUQUERÍA",15,210,1,3,3,4,7,1,2,5,3,1,3,0,0,0,0,0,5,37,0,"000230 - FORMACION PROFESIONAL KATYS & CES S.L.","B01494293","DESESTIMADA","Baliabide ekonomikoeza prozeduran (art. 7, párrafo 2, apartado b) / Falta de crédito presupuestario en el procedimiento (art. 7, párrafo 2, apartado b)",37,"NO"]
[null,null,null," ",17010280,"IMPQ0208 - PELUQUERÍA",17,590,2,3,4,4,8,1,2,6,3,0,3,4,0,0,0,0,2,40,0,"000108 - CENTRO PROFESIONAL DE ESTUDIOS LOLY DE PEDRO","16251961T","DESESTIMADA","Baliabide ekonomikoeza prozeduran (art. 7, párrafo 2, apartado b) / Falta de crédito presupuestario en el procedimiento (art. 7, párrafo 2, apartado b)",40,"NO"]
[null,null,null," ",17010281,"IMPQ0208 - PELUQUERÍA",17,590,2,3,4,4,8,1,2,6,3,0,3,4,0,0,0,0,2,40,0,"000108 - CENTRO PROFESIONAL DE ESTUDIOS LOLY DE PEDRO","16251961T","DESESTIMADA","Baliabide ekonomikoeza prozeduran (art. 7, párrafo 2, apartado b) / Falta de crédito presupuestario en el procedimiento (art. 7, párrafo 2, apartado b)",40,"NO"]
[null,null,null," ",17010556,"IMPQ0208 - PELUQUERÍA",17,120,2,3,4,4,8,1,2,5,3,1,3,0,0,0,0,0,5,39,0,"000230 - FORMACION PROFESIONAL KATYS & CES S.L.","B01494293","DESESTIMADA","Baliabide ekonomikoeza prozeduran (art. 7, párrafo 2, apartado b) / Falta de crédito presupuestario en el procedimiento (art. 7, párrafo 2, apartado b)",39,"NO"]
[null,null,null," ",17010555,"IMPQ0208 - PELUQUERÍA",17,90,2,3,4,4,8,1,2,5,3,1,3,0,0,0,0,0,5,39,0,"000230 - FORMACION PROFESIONAL KATYS & CES S.L.","B01494293","DESESTIMADA","Baliabide ekonomikoeza prozeduran (art. 7, párrafo 2, apartado b) / Falta de crédito presupuestario en el procedimiento (art. 7, párrafo 2, apartado b)",39,"NO"]
[null,null,null," ",17010329,"IMPQ0208 - PELUQUERÍA",17,590,2,3,4,4,8,1,2,5,3,1,3,0,0,0,0,0,5,39,0,"000230 - FORMACION PROFESIONAL KATYS & CES S.L.","B01494293","DESESTIMADA","Baliabide ekonomikoeza prozeduran (art. 7, párrafo 2, apartado b) / Falta de crédito presupuestario en el procedimiento (art. 7, párrafo 2, apartado b)",39,"NO"]
[null,null,null," ",17010347,"IMPQ0208 - PELUQUERÍA",17,590,2,3,4,4,8,1,2,5,3,1,3,0,0,0,0,0,5,39,0,"000230 - FORMACION PROFESIONAL KATYS & CES S.L.","B01494293","DESESTIMADA","Baliabide ekonomikoeza prozeduran (art. 7, párrafo 2, apartado b) / Falta de crédito presupuestario en el procedimiento (art. 7, párrafo 2, apartado b)",39,"NO"]
[null,null,null," ",17010511,"IMPP0208 - SERVICIOS ESTÉTICOS DE HIGIENE, DEPILACIÓN Y MAQUILLAJE",15,480,2,3,4,4,7,1,2,8,3,0,0,0,0,0,0,0,1,33,0,"000316 - ACADEMIA SUZANNE","72422618B","DESESTIMADA","Baliabide ekonomikoeza prozeduran (art. 7, párrafo 2, apartado b) / Falta de crédito presupuestario en el procedimiento (art. 7, párrafo 2, apartado b)",33,"NO"]
[null,null,null," ",17010374,"LIBR0001 - COLOR EN PELUQUERÍA (Especialidad pendiente de inclusión en el fichero)",17,90,null,1,0,1,0,1,2,5,3,1,3,0,0,0,0,0,5,22,0,"000230 - FORMACION PROFESIONAL KATYS & CES S.L.","B01494293","DESESTIMADA","Baliabide ekonomikoeza prozeduran (art. 7, párrafo 2, apartado b) / Falta de crédito presupuestario en el procedimiento (art. 7, párrafo 2, apartado b)",22,"NO"]
[null,null,null," ",17010375,"LIBR0001 - PEINADOS, ACABADOS Y RECOGIDOS (Especialidad pendiente de inclusión en el fichero)",17,120,null,1,0,1,0,1,2,5,3,1,3,0,0,0,0,0,5,22,0,"000230 - FORMACION PROFESIONAL KATYS & CES S.L.","B01494293","DESESTIMADA","Baliabide ekonomikoeza prozeduran (art. 7, párrafo 2, apartado b) / Falta de crédito presupuestario en el procedimiento (art. 7, párrafo 2, apartado b)",22,"NO"]
[null,null,null,"MAM",17010021,"MAMR0408 - INSTALACIÓN DE MUEBLES",20,470,2,2,4,4,5,1,2,7,3,3,3,4,1,1,1,0,7,47,0,"000061 - CENTRO FORMACION INDUSTRIAS DE LA MADERA, S.L.","B01522077","DESESTIMADA","Baliabide ekonomikoeza prozeduran (art. 7, párrafo 2, apartado b) / Falta de crédito presupuestario en el procedimiento (art. 7, párrafo 2, apartado b)",47,"NO"]
[null,null,null,"SEA",17010106,"SEAG0110 - SERVICIOS PARA EL CONTROL DE PLAGAS",15,290,2,3,4,4,9,1,2,5,3,5,3,6,1,0,0,0,5,51,0,"000170 - AUTOESCUELA CLAXON","B01032598","DESESTIMADA","Baliabide ekonomikoeza prozeduran (art. 7, párrafo 2, apartado b) / Falta de crédito presupuestario en el procedimiento (art. 7, párrafo 2, apartado b)",51,"NO"]
[null,null,null," ",17010163,"SEAG0211 - GESTIÓN AMBIENTAL",15,420,3,3,2,4,7,1,2,7,3,3,3,6,3,0,0,0,5,49,0,"002627 - HEGALA NORTE II","B01334291","DESESTIMADA","Baliabide ekonomikoeza prozeduran (art. 7, párrafo 2, apartado b) / Falta de crédito presupuestario en el procedimiento (art. 7, párrafo 2, apartado b)",49,"NO"]
[null,null,null,"SSC",17010002,"SSCM0108 - LIMPIEZA DE SUPERFICIES Y MOBILIARIO EN EDIFICIOS Y LOCALES",15,150,1,7,3,4,10,1,2,6,2,3,3,6,0,1,1,0,8,56,0,"000351 - TEKFOR TALDEA SL-VITORIA","B48449144","DESESTIMADA","Baliabide ekonomikoeza prozeduran (art. 7, párrafo 2, apartado b) / Falta de crédito presupuestario en el procedimiento (art. 7, párrafo 2, apartado b)",56,"NO"]
[null,null,null," ",17010004,"SSCM0108 - LIMPIEZA DE SUPERFICIES Y MOBILIARIO EN EDIFICIOS Y LOCALES",15,150,1,7,3,4,10,1,2,6,2,3,3,6,0,1,1,0,8,56,0,"000351 - TEKFOR TALDEA SL-VITORIA","B48449144","DESESTIMADA","Baliabide ekonomikoeza prozeduran (art. 7, párrafo 2, apartado b) / Falta de crédito presupuestario en el procedimiento (art. 7, párrafo 2, apartado b)",56,"NO"]
[null,null,null," ",17010006,"SSCM0108 - LIMPIEZA DE SUPERFICIES Y MOBILIARIO EN EDIFICIOS Y LOCALES",15,150,1,7,3,4,10,1,2,6,2,3,3,6,0,1,1,0,8,56,0,"000351 - TEKFOR TALDEA SL-VITORIA","B48449144","DESESTIMADA","Baliabide ekonomikoeza prozeduran (art. 7, párrafo 2, apartado b) / Falta de crédito presupuestario en el procedimiento (art. 7, párrafo 2, apartado b)",56,"NO"]
[null,null,null," ",17010257,"SSCM0108 - LIMPIEZA DE SUPERFICIES Y MOBILIARIO EN EDIFICIOS Y LOCALES",15,150,1,7,3,4,10,1,2,5,3,4,3,0,1,0,0,0,5,48,0,"000430 - RJA FORMACIÓN PRESENCIAL S.L.","B01322338","DESESTIMADA","Baliabide ekonomikoeza prozeduran (art. 7, párrafo 2, apartado b) / Falta de crédito presupuestario en el procedimiento (art. 7, párrafo 2, apartado b)",{"$f":"SUM(J1269,K1269,L1269,M1269,N1269,O1269,P1269,Q1269,R1269,S1269,T1269,U1269,W1269,X1269,Y1269)","v":48},{"$f":"IF(Z1269 <> AF1269,\"SI\",\"NO\")","v":"NO"}]
[null,null,null," ","17010183TF","SSCM0108 - LIMPIEZA DE SUPERFICIES Y MOBILIARIO EN EDIFICIOS Y LOCALES",45,150,1,7,3,4,10,1,1,5,3,4,3,0,1,0,0,0,5,47,0,"002751 - RJA FORMACIÓN PRESENCIAL S.L.(Teleformación)","B01322338","DESESTIMADA","Baliabide ekonomikoeza prozeduran (art. 7, párrafo 2, apartado b) / Falta de crédito presupuestario en el procedimiento (art. 7, párrafo 2, apartado b)",47,"NO"]
[null,null,null," ",17010245,"SSCI0109 - EMPLEO DOMÉSTICO",15,120,1,7,3,4,10,1,2,5,0,0,0,0,0,0,0,0,5,37,0,"002246 - CARITAS DIOCESANA DE VITORIA-MIRANDA DE EBRO","R0100041C","DESESTIMADA","Baliabide ekonomikoeza prozeduran (art. 7, párrafo 2, apartado b) / Falta de crédito presupuestario en el procedimiento (art. 7, párrafo 2, apartado b)",37,"NO"]
[null,null,null," ",17010206,"SSCS0108 - ATENCIÓN SOCIOSANITARIA A PERSONAS EN EL DOMICILIO",15,480,2,7,4,4,10,1,2,7,3,3,3,6,3,0,0,0,5,58,0,"000097 - HEGALA NORTE","B01334291","DESESTIMADA","Baliabide ekonomikoeza prozeduran (art. 7, párrafo 2, apartado b) / Falta de crédito presupuestario en el procedimiento (art. 7, párrafo 2, apartado b)",58,"NO"]
[null,null,null," ",17010199,"SSCS0108 - ATENCIÓN SOCIOSANITARIA A PERSONAS EN EL DOMICILIO",15,480,2,7,4,4,10,1,2,7,3,3,3,6,3,0,0,0,5,58,0,"000097 - HEGALA NORTE","B01334291","DESESTIMADA","Baliabide ekonomikoeza prozeduran (art. 7, párrafo 2, apartado b) / Falta de crédito presupuestario en el procedimiento (art. 7, párrafo 2, apartado b)",58,"NO"]
[null,null,null," ",17010208,"SSCS0108 - ATENCIÓN SOCIOSANITARIA A PERSONAS EN EL DOMICILIO",15,480,2,7,4,4,10,1,2,7,3,3,3,6,3,0,0,0,5,58,0,"000097 - HEGALA NORTE","B01334291","DESESTIMADA","Baliabide ekonomikoeza prozeduran (art. 7, párrafo 2, apartado b) / Falta de crédito presupuestario en el procedimiento (art. 7, párrafo 2, apartado b)",58,"NO"]
[null,null,null," ",17010203,"SSCS0108 - ATENCIÓN SOCIOSANITARIA A PERSONAS EN EL DOMICILIO",15,480,2,7,4,4,10,1,2,7,3,3,3,6,3,0,0,0,5,58,0,"000097 - HEGALA NORTE","B01334291","DESESTIMADA","Baliabide ekonomikoeza prozeduran (art. 7, párrafo 2, apartado b) / Falta de crédito presupuestario en el procedimiento (art. 7, párrafo 2, apartado b)",58,"NO"]
[null,null,null," ",17010011,"SSCS0208 - ATENCIÓN SOCIOSANITARIA A PERSONAS DEPENDIENTES EN INSTITUCIONES SOCIALES",15,370,2,7,4,4,10,1,2,7,5,3,3,4,1,0,0,0,5,56,0,"000234 - EULEN SERVICIOS SOCIOSANITARIOS","A79022299","DESESTIMADA","Baliabide ekonomikoeza prozeduran (art. 7, párrafo 2, apartado b) / Falta de crédito presupuestario en el procedimiento (art. 7, párrafo 2, apartado b)",56,"NO"]
[null,null,null," ",17010012,"SSCS0208 - ATENCIÓN SOCIOSANITARIA A PERSONAS DEPENDIENTES EN INSTITUCIONES SOCIALES",15,370,2,7,4,4,10,1,2,7,5,3,3,4,1,0,0,0,5,56,0,"000234 - EULEN SERVICIOS SOCIOSANITARIOS","A79022299","DESESTIMADA","Baliabide ekonomikoeza prozeduran (art. 7, párrafo 2, apartado b) / Falta de crédito presupuestario en el procedimiento (art. 7, párrafo 2, apartado b)",56,"NO"]
[null,null,null," ",17010026,"SSCS0208 - ATENCIÓN SOCIOSANITARIA A PERSONAS DEPENDIENTES EN INSTITUCIONES SOCIALES",15,370,2,7,4,4,10,1,2,5,3,3,3,4,1,0,0,0,6,53,0,"000216 - METODOS DE CONTROL HIGIENICO SANITARIOS, S.L.(MEC","B61900031","DESESTIMADA","Baliabide ekonomikoeza prozeduran (art. 7, párrafo 2, apartado b) / Falta de crédito presupuestario en el procedimiento (art. 7, párrafo 2, apartado b)",53,"NO"]
[null,null,null," ",17010001,"SSCS0208 - ATENCIÓN SOCIOSANITARIA A PERSONAS DEPENDIENTES EN INSTITUCIONES SOCIALES",15,370,2,7,4,4,10,1,2,7,4,4,0,4,1,0,0,0,5,53,0,"000298 - IPACE CENTRO FORMACIÓN","B01285790","DESESTIMADA","Baliabide ekonomikoeza prozeduran (art. 7, párrafo 2, apartado b) / Falta de crédito presupuestario en el procedimiento (art. 7, párrafo 2, apartado b)",53,"NO"]
[null,null,null," ",17010008,"SSCS0208 - ATENCIÓN SOCIOSANITARIA A PERSONAS DEPENDIENTES EN INSTITUCIONES SOCIALES",15,370,2,7,4,4,10,1,2,7,4,4,0,4,1,0,0,0,5,53,0,"000298 - IPACE CENTRO FORMACIÓN","B01285790","DESESTIMADA","Baliabide ekonomikoeza prozeduran (art. 7, párrafo 2, apartado b) / Falta de crédito presupuestario en el procedimiento (art. 7, párrafo 2, apartado b)",53,"NO"]
[null,null,null," ",17010009,"SSCS0208 - ATENCIÓN SOCIOSANITARIA A PERSONAS DEPENDIENTES EN INSTITUCIONES SOCIALES",15,370,2,7,4,4,10,1,2,7,4,4,0,4,1,0,0,0,5,53,0,"000298 - IPACE CENTRO FORMACIÓN","B01285790","DESESTIMADA","Baliabide ekonomikoeza prozeduran (art. 7, párrafo 2, apartado b) / Falta de crédito presupuestario en el procedimiento (art. 7, párrafo 2, apartado b)",53,"NO"]
[null,null,null," ","17010393TF","SSCS0208 - ATENCIÓN SOCIOSANITARIA A PERSONAS DEPENDIENTES EN INSTITUCIONES SOCIALES",45,370,2,7,4,4,10,1,1,5,5,2,0,0,1,0,0,0,5,45,0,"002788 - ADALID INMARK SL(Teleformación)","B83685552","DESESTIMADA","Baliabide ekonomikoeza prozeduran (art. 7, párrafo 2, apartado b) / Falta de crédito presupuestario en el procedimiento (art. 7, párrafo 2, apartado b)",45,"NO"]
[null,null,null," ","17482263TF","SSCS0208 - ATENCIÓN SOCIOSANITARIA A PERSONAS DEPENDIENTES EN INSTITUCIONES SOCIALES",45,370,2,7,4,4,10,1,1,5,5,2,0,0,1,0,0,0,5,45,0,"002788 - ADALID INMARK SL(Teleformación)","B83685552","DESESTIMADA","Baliabide ekonomikoeza prozeduran (art. 7, párrafo 2, apartado b) / Falta de crédito presupuestario en el procedimiento (art. 7, párrafo 2, apartado b)",45,"NO"]
[null,null,null," ",17010240,"SSCS0208 - ATENCIÓN SOCIOSANITARIA A PERSONAS DEPENDIENTES EN INSTITUCIONES SOCIALES",15,370,2,7,4,4,10,1,2,5,3,2,1,0,0,0,0,0,5,44,0,"000361 - UFEJ SERVICIOS A EMPRESAS S.L.","B01399864","DESESTIMADA","Baliabide ekonomikoeza prozeduran (art. 7, párrafo 2, apartado b) / Falta de crédito presupuestario en el procedimiento (art. 7, párrafo 2, apartado b)",44,"NO"]
[null,null,null," ","17010189TF","SSCS0108 - ATENCIÓN SOCIOSANITARIA A PERSONAS EN EL DOMICILIO",45,480,2,7,4,4,10,1,1,5,3,2,1,0,0,0,0,0,5,43,0,"002679 - UFEJ SERVICIOS A EMPRESAS S.L.(Teleformación)","B01399864","DESESTIMADA","Baliabide ekonomikoeza prozeduran (art. 7, párrafo 2, apartado b) / Falta de crédito presupuestario en el procedimiento (art. 7, párrafo 2, apartado b)",43,"NO"]
[null,null,null," ",17010371,"SSCB0109 - DINAMIZACIÓN COMUNITARIA",15,490,3,7,2,4,7,1,2,6,5,5,3,6,1,1,1,0,5,55,0,"000156 - INSTITUTO EUROPA, S.L. II","B01117480","DESESTIMADA","Baliabide ekonomikoeza prozeduran (art. 7, párrafo 2, apartado b) / Falta de crédito presupuestario en el procedimiento (art. 7, párrafo 2, apartado b)",55,"NO"]
[null,null,null," ",17010220,"SSCG0209 - MEDIACIÓN COMUNITARIA",15,340,3,7,2,4,7,1,2,6,5,5,3,6,1,1,1,0,5,55,0,"000156 - INSTITUTO EUROPA, S.L. II","B01117480","DESESTIMADA","Baliabide ekonomikoeza prozeduran (art. 7, párrafo 2, apartado b) / Falta de crédito presupuestario en el procedimiento (art. 7, párrafo 2, apartado b)",55,"NO"]
[null,null,null," ",17010323,"SSCB0109 - DINAMIZACIÓN COMUNITARIA",17,490,3,7,2,4,7,1,2,6,4,5,2,8,1,1,1,0,5,55,0,"001695 - SARTU PORTAL DEL REY","G01126127","DESESTIMADA","Baliabide ekonomikoeza prozeduran (art. 7, párrafo 2, apartado b) / Falta de crédito presupuestario en el procedimiento (art. 7, párrafo 2, apartado b)",55,"NO"]
[null,null,null," ",17010198,"SSCE0110 - DOCENCIA DE LA FORMACIÓN PROFESIONAL PARA EL EMPLEO",15,340,3,7,2,4,9,1,2,7,3,3,3,6,3,0,0,0,5,55,0,"000097 - HEGALA NORTE","B01334291","DESESTIMADA","Baliabide ekonomikoeza prozeduran (art. 7, párrafo 2, apartado b) / Falta de crédito presupuestario en el procedimiento (art. 7, párrafo 2, apartado b)",55,"NO"]
[null,null,null," ",17010246,"SSCE0110 - DOCENCIA DE LA FORMACIÓN PROFESIONAL PARA EL EMPLEO",15,340,3,7,2,4,9,1,2,7,6,2,3,6,1,0,0,0,5,55,0,"000158 - CRUZ ROJA DE ALAVA","Q2866001G","DESESTIMADA","Baliabide ekonomikoeza prozeduran (art. 7, párrafo 2, apartado b) / Falta de crédito presupuestario en el procedimiento (art. 7, párrafo 2, apartado b)",55,"NO"]
[null,null,null," ","17010028TF","SSCE0110 - DOCENCIA DE LA FORMACIÓN PROFESIONAL PARA EL EMPLEO",45,340,3,7,2,4,9,1,1,6,5,5,3,6,1,1,1,0,4,55,0,"002676 - INSTITUTO EUROPA, S.L. II(Teleformación)","B01117480","DESESTIMADA","Baliabide ekonomikoeza prozeduran (art. 7, párrafo 2, apartado b) / Falta de crédito presupuestario en el procedimiento (art. 7, párrafo 2, apartado b)",55,"NO"]
[null,null,null," ",17010166,"SSCG0109 - INSERCIÓN LABORAL DE PERSONAS CON DISCAPACIDAD",15,350,3,7,2,4,7,1,2,7,3,3,3,6,3,0,0,0,5,53,0,"002627 - HEGALA NORTE II","B01334291","DESESTIMADA","Baliabide ekonomikoeza prozeduran (art. 7, párrafo 2, apartado b) / Falta de crédito presupuestario en el procedimiento (art. 7, párrafo 2, apartado b)",53,"NO"]
[null,null,null," ",17010171,"SSCG06EXP - INTERVENCIÓN CON MENORES Y FAMILIAS EN SITUACIÓN DE RIESGO SOCIAL",15,280,3,7,2,1,8,1,2,7,3,3,3,6,3,0,0,0,5,51,0,"002627 - HEGALA NORTE II","B01334291","DESESTIMADA","Baliabide ekonomikoeza prozeduran (art. 7, párrafo 2, apartado b) / Falta de crédito presupuestario en el procedimiento (art. 7, párrafo 2, apartado b)",51,"NO"]
[null,null,null," ",17010170,"SSCG07EXP - INTERVENCIÓN CON MUJERES EN SITUACIÓN DE MALTRATO Y EXCLUSIÓN SOCIAL",15,280,3,7,2,1,8,1,2,7,3,3,3,6,3,0,0,0,5,51,0,"002627 - HEGALA NORTE II","B01334291","DESESTIMADA","Baliabide ekonomikoeza prozeduran (art. 7, párrafo 2, apartado b) / Falta de crédito presupuestario en el procedimiento (art. 7, párrafo 2, apartado b)",51,"NO"]
[null,null,null," ",17010356,"SSCG0209 - MEDIACIÓN COMUNITARIA",15,340,3,7,2,4,7,3,2,5,5,5,0,0,0,0,0,0,5,45,0,"000436 - ACCIÓN LABORAL","V09409749","DESESTIMADA","Baliabide ekonomikoeza prozeduran (art. 7, párrafo 2, apartado b) / Falta de crédito presupuestario en el procedimiento (art. 7, párrafo 2, apartado b)",45,"NO"]
[null,null,null,"TMV",17010047,"TMVL0109 - OPERACIONES AUXILIARES DE MANTENIMIENTO DE CARROCERÍAS DE VEHÍCULOS",15,270,1,4,3,4,7,1,2,5,0,5,3,5,1,0,0,0,5,45,0,"000347 - FUNDACIÓN ADSIS / CIP CASTEIZ","G81436099","DESESTIMADA","Baliabide ekonomikoeza prozeduran (art. 7, párrafo 2, apartado b) / Falta de crédito presupuestario en el procedimiento (art. 7, párrafo 2, apartado b)",45,"NO"]
[null,null,null," ",17010099,"TMVC0001OV - OBTENCIÓN DEL PERMISO DE CONDUCCIÓN CLASE \"E\"",15,340,2,4,4,1,10,1,2,8,3,5,3,6,1,0,0,0,5,53,0,"000170 - AUTOESCUELA CLAXON","B01032598","DESESTIMADA","Baliabide ekonomikoeza prozeduran (art. 7, párrafo 2, apartado b) / Falta de crédito presupuestario en el procedimiento (art. 7, párrafo 2, apartado b)",53,"NO"]
[null,null,null," ",17010098,"TMVC0003OV - OBTENCIÓN DEL PERMISO DE CONDUCCIÓN CLASES \"C1-C\", \"CAP\" y \"ADR\"",15,425,2,4,4,1,10,1,2,8,3,5,3,6,1,0,0,0,5,53,0,"000170 - AUTOESCUELA CLAXON","B01032598","DESESTIMADA","Baliabide ekonomikoeza prozeduran (art. 7, párrafo 2, apartado b) / Falta de crédito presupuestario en el procedimiento (art. 7, párrafo 2, apartado b)",53,"NO"]
[null,null,null," ",17010058,"TMVC0001OV - OBTENCIÓN DEL PERMISO DE CONDUCCIÓN CLASE \"E\"",15,340,2,4,4,1,10,1,2,5,5,3,3,4,1,0,0,0,5,48,0,"000233 - AUTOESCUELA SAN PRUDENCIO SL","B01033935","DESESTIMADA","Baliabide ekonomikoeza prozeduran (art. 7, párrafo 2, apartado b) / Falta de crédito presupuestario en el procedimiento (art. 7, párrafo 2, apartado b)",48,"NO"]
[null,null,null," ",17010061,"TMVC0002OV - OBTENCIÓN DEL PERMISO DE CONDUCCIÓN CLASE \"D\" y \"CAP\"",15,385,2,4,4,1,10,1,2,5,5,3,3,4,1,0,0,0,5,48,0,"000233 - AUTOESCUELA SAN PRUDENCIO SL","B01033935","DESESTIMADA","Baliabide ekonomikoeza prozeduran (art. 7, párrafo 2, apartado b) / Falta de crédito presupuestario en el procedimiento (art. 7, párrafo 2, apartado b)",48,"NO"]
[null,null,null," ",17010056,"TMVC0003OV - OBTENCIÓN DEL PERMISO DE CONDUCCIÓN CLASES \"C1-C\", \"CAP\" y \"ADR\"",15,425,2,4,4,1,10,1,2,5,5,3,3,4,1,0,0,0,5,48,0,"000233 - AUTOESCUELA SAN PRUDENCIO SL","B01033935","DESESTIMADA","Baliabide ekonomikoeza prozeduran (art. 7, párrafo 2, apartado b) / Falta de crédito presupuestario en el procedimiento (art. 7, párrafo 2, apartado b)",{"$f":"SUM(J1301,K1301,L1301,M1301,N1301,O1301,P1301,Q1301,R1301,S1301,T1301,U1301,W1301,X1301,Y1301)","v":48},{"$f":"IF(Z1301 <> AF1301,\"SI\",\"NO\")","v":"NO"}]
[null,null,null," ",17010260,"TMVL0209 - MANTENIMIENTO DE ELEMENTOS NO ESTRUCTURALES DE CARROCERÍAS DE VEHÍCULOS",15,590,2,4,4,4,9,1,2,5,3,4,3,0,1,0,0,0,5,45,0,"000430 - RJA FORMACIÓN PRESENCIAL S.L.","B01322338","DESESTIMADA","Baliabide ekonomikoeza prozeduran (art. 7, párrafo 2, apartado b) / Falta de crédito presupuestario en el procedimiento (art. 7, párrafo 2, apartado b)",45,"NO"]
[null,null,null," ",17010385,"TMVL0309 - MANTENIMIENTO DE ESTRUCTURAS DE CARROCERÍAS DE VEHÍCULOS",15,520,2,4,4,4,9,1,2,5,3,4,3,0,1,0,0,0,5,45,0,"000430 - RJA FORMACIÓN PRESENCIAL S.L.","B01322338","DESESTIMADA","Baliabide ekonomikoeza prozeduran (art. 7, párrafo 2, apartado b) / Falta de crédito presupuestario en el procedimiento (art. 7, párrafo 2, apartado b)",45,"NO"]
[null,null,null," ",17010384,"TMVL0509 - PINTURA DE VEHÍCULOS",15,460,2,4,4,4,9,1,2,5,3,4,3,0,1,0,0,0,5,45,0,"000430 - RJA FORMACIÓN PRESENCIAL S.L.","B01322338","DESESTIMADA","Baliabide ekonomikoeza prozeduran (art. 7, párrafo 2, apartado b) / Falta de crédito presupuestario en el procedimiento (art. 7, párrafo 2, apartado b)",45,"NO"]
[null,null,null," ",17010352,"TMVC0001OV - OBTENCIÓN DEL PERMISO DE CONDUCCIÓN CLASE \"E\"",15,340,2,4,4,1,10,1,2,5,0,0,0,0,0,0,0,0,5,32,0,"000202 - ZALDIVAR ESCUELA DE CONDUCTORES","16235247F","DESESTIMADA","Baliabide ekonomikoeza prozeduran (art. 7, párrafo 2, apartado b) / Falta de crédito presupuestario en el procedimiento (art. 7, párrafo 2, apartado b)",32,"NO"]
[null,null,null," ",17010351,"TMVC0002OV - OBTENCIÓN DEL PERMISO DE CONDUCCIÓN CLASE \"D\" y \"CAP\"",15,385,2,4,4,1,10,1,2,5,0,0,0,0,0,0,0,0,5,32,0,"000202 - ZALDIVAR ESCUELA DE CONDUCTORES","16235247F","DESESTIMADA","Baliabide ekonomikoeza prozeduran (art. 7, párrafo 2, apartado b) / Falta de crédito presupuestario en el procedimiento (art. 7, párrafo 2, apartado b)",32,"NO"]
[null,null,null," ",17010353,"TMVC0003OV - OBTENCIÓN DEL PERMISO DE CONDUCCIÓN CLASES \"C1-C\", \"CAP\" y \"ADR\"",15,425,2,4,4,1,10,1,2,5,0,0,0,0,0,0,0,0,5,32,0,"000202 - ZALDIVAR ESCUELA DE CONDUCTORES","16235247F","DESESTIMADA","Baliabide ekonomikoeza prozeduran (art. 7, párrafo 2, apartado b) / Falta de crédito presupuestario en el procedimiento (art. 7, párrafo 2, apartado b)",32,"NO"]
[null,"GIPUZKOA - Acciones formativas para la adquisición de competencias básicas y transversales"]
[null,null,null," ",17200090,"FMEH01DCP - MONTAJES Y OPERACIONES BÁSICAS EN PROCESOS INDUSTRIALES PARA PERSONAS CON DISCAPACIDAD",10,130,1,7,3,2,1,1,2,6,5,5,3,8,2,4,0,4,5,54,0,"001872 - GUREAK-IRUN","A20044590","DESESTIMADA","Baliabide ekonomikoeza prozeduran (art. 7, párrafo 2, apartado b) / Falta de crédito presupuestario en el procedimiento (art. 7, párrafo 2, apartado b)",{"$f":"SUM(J1309,K1309,L1309,M1309,N1309,O1309,P1309,Q1309,R1309,S1309,T1309,U1309,W1309,X1309,Y1309)","v":54},{"$f":"IF(Z1309 <> AF1309,\"SI\",\"NO\")","v":"NO"}]
[null,null,null," ",17200101,"FMEH01DCP - MONTAJES Y OPERACIONES BÁSICAS EN PROCESOS INDUSTRIALES PARA PERSONAS CON DISCAPACIDAD",10,130,1,7,3,2,1,1,2,6,5,5,3,8,2,4,0,4,5,54,0,"001944 - GUREAK-ARRASATE","A20044590","DESESTIMADA","Baliabide ekonomikoeza prozeduran (art. 7, párrafo 2, apartado b) / Falta de crédito presupuestario en el procedimiento (art. 7, párrafo 2, apartado b)",54,"NO"]
[null,null,null," ",17200105,"FMEH01DCP - MONTAJES Y OPERACIONES BÁSICAS EN PROCESOS INDUSTRIALES PARA PERSONAS CON DISCAPACIDAD",10,130,1,7,3,2,1,1,2,6,5,5,3,8,2,4,0,4,5,54,0,"001946 - GUREAK-BERGARA","A20044590","DESESTIMADA","Baliabide ekonomikoeza prozeduran (art. 7, párrafo 2, apartado b) / Falta de crédito presupuestario en el procedimiento (art. 7, párrafo 2, apartado b)",54,"NO"]
[null,null,null," ",17200039,"FMEH01DCP - MONTAJES Y OPERACIONES BÁSICAS EN PROCESOS INDUSTRIALES PARA PERSONAS CON DISCAPACIDAD",10,130,1,7,3,2,1,1,2,6,5,5,3,8,2,4,0,4,5,54,0,"000382 - GUREAK-DONOSTIA","A20044590","DESESTIMADA","Baliabide ekonomikoeza prozeduran (art. 7, párrafo 2, apartado b) / Falta de crédito presupuestario en el procedimiento (art. 7, párrafo 2, apartado b)",54,"NO"]
[null,null,null," ",17200070,"FMEH01DCP - MONTAJES Y OPERACIONES BÁSICAS EN PROCESOS INDUSTRIALES PARA PERSONAS CON DISCAPACIDAD",10,130,1,7,3,2,1,1,2,6,5,5,3,8,2,4,0,4,5,54,0,"001869 - GUREAK-ORDIZIA","A20044590","DESESTIMADA","Baliabide ekonomikoeza prozeduran (art. 7, párrafo 2, apartado b) / Falta de crédito presupuestario en el procedimiento (art. 7, párrafo 2, apartado b)",54,"NO"]
[null,null,null," ",17200073,"FMEH01DCP - MONTAJES Y OPERACIONES BÁSICAS EN PROCESOS INDUSTRIALES PARA PERSONAS CON DISCAPACIDAD",10,130,1,7,3,2,1,1,2,6,5,5,3,8,2,4,0,4,5,54,0,"001870 - GUREAK-ERRENTERIA","A20044590","DESESTIMADA","Baliabide ekonomikoeza prozeduran (art. 7, párrafo 2, apartado b) / Falta de crédito presupuestario en el procedimiento (art. 7, párrafo 2, apartado b)",54,"NO"]
[null,null,null," ",17200091,"FMEH01DCP - MONTAJES Y OPERACIONES BÁSICAS EN PROCESOS INDUSTRIALES PARA PERSONAS CON DISCAPACIDAD",10,130,1,7,3,2,1,1,2,6,5,5,3,8,2,4,0,4,5,54,0,"001872 - GUREAK-IRUN","A20044590","DESESTIMADA","Baliabide ekonomikoeza prozeduran (art. 7, párrafo 2, apartado b) / Falta de crédito presupuestario en el procedimiento (art. 7, párrafo 2, apartado b)",54,"NO"]
[null,null,null," ",17200102,"FMEH01DCP - MONTAJES Y OPERACIONES BÁSICAS EN PROCESOS INDUSTRIALES PARA PERSONAS CON DISCAPACIDAD",10,130,1,7,3,2,1,1,2,6,5,5,3,8,2,4,0,4,5,54,0,"001944 - GUREAK-ARRASATE","A20044590","DESESTIMADA","Baliabide ekonomikoeza prozeduran (art. 7, párrafo 2, apartado b) / Falta de crédito presupuestario en el procedimiento (art. 7, párrafo 2, apartado b)",54,"NO"]
[null,null,null," ",17200096,"FMEH01DCP - MONTAJES Y OPERACIONES BÁSICAS EN PROCESOS INDUSTRIALES PARA PERSONAS CON DISCAPACIDAD",10,130,1,7,3,2,1,1,2,6,5,5,3,8,2,4,0,4,5,54,0,"001873 - GUREAK-IBARRA","A20044590","DESESTIMADA","Baliabide ekonomikoeza prozeduran (art. 7, párrafo 2, apartado b) / Falta de crédito presupuestario en el procedimiento (art. 7, párrafo 2, apartado b)",54,"NO"]
[null,null,null," ",17200109,"FMEH01DCP - MONTAJES Y OPERACIONES BÁSICAS EN PROCESOS INDUSTRIALES PARA PERSONAS CON DISCAPACIDAD",10,130,1,7,3,2,1,1,2,6,5,5,3,8,2,4,0,4,5,54,0,"002245 - GUREAK-EIBAR","A20044590","DESESTIMADA","Baliabide ekonomikoeza prozeduran (art. 7, párrafo 2, apartado b) / Falta de crédito presupuestario en el procedimiento (art. 7, párrafo 2, apartado b)",54,"NO"]
[null,null,null," ",17200074,"FMEH01DCP - MONTAJES Y OPERACIONES BÁSICAS EN PROCESOS INDUSTRIALES PARA PERSONAS CON DISCAPACIDAD",10,130,1,7,3,2,1,1,2,6,5,5,3,8,2,4,0,4,5,54,0,"001870 - GUREAK-ERRENTERIA","A20044590","DESESTIMADA","Baliabide ekonomikoeza prozeduran (art. 7, párrafo 2, apartado b) / Falta de crédito presupuestario en el procedimiento (art. 7, párrafo 2, apartado b)",54,"NO"]
[null,null,null," ",17200083,"FMEH01DCP - MONTAJES Y OPERACIONES BÁSICAS EN PROCESOS INDUSTRIALES PARA PERSONAS CON DISCAPACIDAD",10,130,1,7,3,2,1,1,2,6,5,5,3,8,2,4,0,4,5,54,0,"001871 - GUREAK-ZARAUTZ","A20044590","DESESTIMADA","Baliabide ekonomikoeza prozeduran (art. 7, párrafo 2, apartado b) / Falta de crédito presupuestario en el procedimiento (art. 7, párrafo 2, apartado b)",54,"NO"]
[null,null,null," ",17200106,"FMEH01DCP - MONTAJES Y OPERACIONES BÁSICAS EN PROCESOS INDUSTRIALES PARA PERSONAS CON DISCAPACIDAD",10,130,1,7,3,2,1,1,2,6,5,5,3,8,2,4,0,4,5,54,0,"001946 - GUREAK-BERGARA","A20044590","DESESTIMADA","Baliabide ekonomikoeza prozeduran (art. 7, párrafo 2, apartado b) / Falta de crédito presupuestario en el procedimiento (art. 7, párrafo 2, apartado b)",54,"NO"]
[null,null,null," ",17201650,"SSCE02 - INGLÉS A2",15,150,1,7,3,1,3,3,2,5,5,5,3,5,2,1,1,0,5,50,0,"000152 - IKASI CENTRO DE FORMACION","E20584553","DESESTIMADA","Baliabide ekonomikoeza prozeduran (art. 7, párrafo 2, apartado b) / Falta de crédito presupuestario en el procedimiento (art. 7, párrafo 2, apartado b)",50,"NO"]
[null,null,null," ",17201654,"SSCE06 - ALEMÁN A1",15,150,1,7,3,1,2,3,2,5,5,5,3,5,2,1,1,0,5,49,0,"000152 - IKASI CENTRO DE FORMACION","E20584553","DESESTIMADA","Baliabide ekonomikoeza prozeduran (art. 7, párrafo 2, apartado b) / Falta de crédito presupuestario en el procedimiento (art. 7, párrafo 2, apartado b)",49,"NO"]
[null,null,null," ",17201656,"SSCE07 - ALEMÁN A2",15,150,1,7,3,1,2,3,2,5,5,5,3,5,2,1,1,0,5,49,0,"000152 - IKASI CENTRO DE FORMACION","E20584553","DESESTIMADA","Baliabide ekonomikoeza prozeduran (art. 7, párrafo 2, apartado b) / Falta de crédito presupuestario en el procedimiento (art. 7, párrafo 2, apartado b)",49,"NO"]
[null,null,null," ",17200581,"SSCE02 - INGLÉS A2",15,150,1,7,3,1,3,1,2,8,3,5,3,6,1,0,0,0,5,48,0,"000053 - ACADEMIA BASTIDA S.L.","B20777058","DESESTIMADA","Baliabide ekonomikoeza prozeduran (art. 7, párrafo 2, apartado b) / Falta de crédito presupuestario en el procedimiento (art. 7, párrafo 2, apartado b)",48,"NO"]
[null,null,null," ",17200866,"SSCE02 - INGLÉS A2",15,150,1,7,3,1,3,1,2,8,3,5,3,6,1,0,0,0,5,48,0,"000053 - ACADEMIA BASTIDA S.L.","B20777058","DESESTIMADA","Baliabide ekonomikoeza prozeduran (art. 7, párrafo 2, apartado b) / Falta de crédito presupuestario en el procedimiento (art. 7, párrafo 2, apartado b)",48,"NO"]
[null,null,null," ",17200322,"SSCE02 - INGLÉS A2",15,150,1,7,3,1,3,1,2,8,3,5,3,6,1,0,0,0,5,48,0,"000053 - ACADEMIA BASTIDA S.L.","B20777058","DESESTIMADA","Baliabide ekonomikoeza prozeduran (art. 7, párrafo 2, apartado b) / Falta de crédito presupuestario en el procedimiento (art. 7, párrafo 2, apartado b)",48,"NO"]
[null,null,null," ",17200850,"SSCE02 - INGLÉS A2",15,150,1,7,3,1,3,1,2,4,5,2,3,5,1,2,2,0,7,46,0,"000116 - UROLALDE","B20149134","DESESTIMADA","Baliabide ekonomikoeza prozeduran (art. 7, párrafo 2, apartado b) / Falta de crédito presupuestario en el procedimiento (art. 7, párrafo 2, apartado b)",46,"NO"]
[null,null,null," ",17200713,"SSCE02 - INGLÉS A2",15,150,1,7,3,1,3,1,2,4,5,2,3,5,1,2,2,0,7,46,0,"000018 - UROLALDE S.L.","B20149134","DESESTIMADA","Baliabide ekonomikoeza prozeduran (art. 7, párrafo 2, apartado b) / Falta de crédito presupuestario en el procedimiento (art. 7, párrafo 2, apartado b)",46,"NO"]
[null,null,null," ",17200853,"SSCE02 - INGLÉS A2",15,150,1,7,3,1,3,1,2,4,5,2,3,5,1,2,2,0,7,46,0,"000116 - UROLALDE","B20149134","DESESTIMADA","Baliabide ekonomikoeza prozeduran (art. 7, párrafo 2, apartado b) / Falta de crédito presupuestario en el procedimiento (art. 7, párrafo 2, apartado b)",46,"NO"]
[null,null,null," ",17200712,"SSCE01 - INGLÉS A1",15,150,1,7,3,1,3,3,2,4,5,2,3,5,1,2,2,0,5,46,0,"000018 - UROLALDE S.L.","B20149134","DESESTIMADA","Baliabide ekonomikoeza prozeduran (art. 7, párrafo 2, apartado b) / Falta de crédito presupuestario en el procedimiento (art. 7, párrafo 2, apartado b)",46,"NO"]
[null,null,null," ",17200815,"SSCE02 - INGLÉS A2",15,150,1,7,3,1,3,1,2,5,6,3,0,6,1,0,0,0,6,44,0,"001350 - MONDRAGON LINGUA S.COOP","F20072609","DESESTIMADA","Baliabide ekonomikoeza prozeduran (art. 7, párrafo 2, apartado b) / Falta de crédito presupuestario en el procedimiento (art. 7, párrafo 2, apartado b)",44,"NO"]
[null,null,null," ",17200907,"FCOO03 - INSERCIÓN LABORAL, SENSIBILIZACIÓN MEDIOAMBIENTAL Y EN LA IGUALDAD DE GÉNERO",15,10,1,7,3,1,2,1,2,5,5,2,3,5,1,2,2,0,5,44,0,"000018 - UROLALDE S.L.","B20149134","DESESTIMADA","Baliabide ekonomikoeza prozeduran (art. 7, párrafo 2, apartado b) / Falta de crédito presupuestario en el procedimiento (art. 7, párrafo 2, apartado b)",44,"NO"]
[null,null,null," ",17200897,"FCOO03 - INSERCIÓN LABORAL, SENSIBILIZACIÓN MEDIOAMBIENTAL Y EN LA IGUALDAD DE GÉNERO",15,10,1,7,3,1,2,1,2,5,5,2,3,5,1,2,2,0,5,44,0,"000116 - UROLALDE","B20149134","DESESTIMADA","Baliabide ekonomikoeza prozeduran (art. 7, párrafo 2, apartado b) / Falta de crédito presupuestario en el procedimiento (art. 7, párrafo 2, apartado b)",44,"NO"]
[null,null,null," ",17200908,"FCOO03 - INSERCIÓN LABORAL, SENSIBILIZACIÓN MEDIOAMBIENTAL Y EN LA IGUALDAD DE GÉNERO",15,10,1,7,3,1,2,1,2,5,5,2,3,5,1,2,2,0,5,44,0,"000018 - UROLALDE S.L.","B20149134","DESESTIMADA","Baliabide ekonomikoeza prozeduran (art. 7, párrafo 2, apartado b) / Falta de crédito presupuestario en el procedimiento (art. 7, párrafo 2, apartado b)",44,"NO"]
[null,null,null," ",17200898,"FCOO03 - INSERCIÓN LABORAL, SENSIBILIZACIÓN MEDIOAMBIENTAL Y EN LA IGUALDAD DE GÉNERO",15,10,1,7,3,1,2,1,2,5,5,2,3,5,1,2,2,0,5,44,0,"000116 - UROLALDE","B20149134","DESESTIMADA","Baliabide ekonomikoeza prozeduran (art. 7, párrafo 2, apartado b) / Falta de crédito presupuestario en el procedimiento (art. 7, párrafo 2, apartado b)",44,"NO"]
[null,null,null," ",17200849,"SSCE01 - INGLÉS A1",15,150,1,7,3,1,3,1,2,4,5,2,3,5,1,2,2,0,5,44,0,"000116 - UROLALDE","B20149134","DESESTIMADA","Baliabide ekonomikoeza prozeduran (art. 7, párrafo 2, apartado b) / Falta de crédito presupuestario en el procedimiento (art. 7, párrafo 2, apartado b)",44,"NO"]
[null,null,null," ",17200852,"SSCE01 - INGLÉS A1",15,150,1,7,3,1,3,1,2,4,5,2,3,5,1,2,2,0,5,44,0,"000116 - UROLALDE","B20149134","DESESTIMADA","Baliabide ekonomikoeza prozeduran (art. 7, párrafo 2, apartado b) / Falta de crédito presupuestario en el procedimiento (art. 7, párrafo 2, apartado b)",44,"NO"]
[null,null,null," ",17200268,"SSCE02 - INGLÉS A2",10,150,1,7,3,1,3,3,2,4,4,4,0,0,0,0,0,0,10,41,0,"001887 - ELDUAIEN HIZKUNTZA ESKOLA GOROSABEL","B20695789","DESESTIMADA","Baliabide ekonomikoeza prozeduran (art. 7, párrafo 2, apartado b) / Falta de crédito presupuestario en el procedimiento (art. 7, párrafo 2, apartado b)",41,"NO"]
[null,null,null," ",17200330,"SSCE02 - INGLÉS A2",15,150,1,7,3,1,3,1,2,7,3,2,3,4,0,0,0,0,5,41,0,"000148 - CENTRO DE FORMACIÓN STANLEY","B20383600","DESESTIMADA","Baliabide ekonomikoeza prozeduran (art. 7, párrafo 2, apartado b) / Falta de crédito presupuestario en el procedimiento (art. 7, párrafo 2, apartado b)",41,"NO"]
[null,null,null," ",17200731,"SSCE01 - INGLÉS A1",15,150,1,7,3,1,3,1,2,5,3,3,3,4,0,0,0,0,5,40,0,"000181 - DO'S FORMACION","B20776472","DESESTIMADA","Baliabide ekonomikoeza prozeduran (art. 7, párrafo 2, apartado b) / Falta de crédito presupuestario en el procedimiento (art. 7, párrafo 2, apartado b)",{"$f":"SUM(J1341,K1341,L1341,M1341,N1341,O1341,P1341,Q1341,R1341,S1341,T1341,U1341,W1341,X1341,Y1341)","v":40},{"$f":"IF(Z1341 <> AF1341,\"SI\",\"NO\")","v":"NO"}]
[null,null,null," ",17200738,"SSCE02 - INGLÉS A2",15,150,1,7,3,1,3,1,2,5,3,3,3,4,0,0,0,0,5,40,0,"000181 - DO'S FORMACION","B20776472","DESESTIMADA","Baliabide ekonomikoeza prozeduran (art. 7, párrafo 2, apartado b) / Falta de crédito presupuestario en el procedimiento (art. 7, párrafo 2, apartado b)",40,"NO"]
[null,null,null," ",17200267,"SSCE01 - INGLÉS A1",15,150,1,7,3,1,3,3,2,4,4,4,0,0,0,0,0,0,5,36,0,"001887 - ELDUAIEN HIZKUNTZA ESKOLA GOROSABEL","B20695789","DESESTIMADA","Baliabide ekonomikoeza prozeduran (art. 7, párrafo 2, apartado b) / Falta de crédito presupuestario en el procedimiento (art. 7, párrafo 2, apartado b)",36,"NO"]
[null,null,null," ",17200207,"SSCE01 - INGLÉS A1",15,150,1,7,3,1,3,1,2,5,5,2,0,0,0,0,0,0,5,34,0,"000297 - ARRI-BERRI FORMACION","B20986220","DESESTIMADA","Baliabide ekonomikoeza prozeduran (art. 7, párrafo 2, apartado b) / Falta de crédito presupuestario en el procedimiento (art. 7, párrafo 2, apartado b)",34,"NO"]
[null,null,null," ",17200209,"SSCE02 - INGLÉS A2",15,150,1,7,3,1,3,1,2,5,5,2,0,0,0,0,0,0,5,34,0,"000297 - ARRI-BERRI FORMACION","B20986220","DESESTIMADA","Baliabide ekonomikoeza prozeduran (art. 7, párrafo 2, apartado b) / Falta de crédito presupuestario en el procedimiento (art. 7, párrafo 2, apartado b)",34,"NO"]
[null,null,null," ",17200594,"FCOO03 - INSERCIÓN LABORAL, SENSIBILIZACIÓN MEDIOAMBIENTAL Y EN LA IGUALDAD DE GÉNERO",10,10,1,7,3,1,2,1,2,5,2,3,0,0,0,0,0,0,5,31,0,"001693 - Asociación Gitana Kale Dor Kayiko - Beasain","G48423362","DESESTIMADA","Baliabide ekonomikoeza prozeduran (art. 7, párrafo 2, apartado b) / Falta de crédito presupuestario en el procedimiento (art. 7, párrafo 2, apartado b)",31,"NO"]
[null,null,null," ",17200638,"FCOO03 - INSERCIÓN LABORAL, SENSIBILIZACIÓN MEDIOAMBIENTAL Y EN LA IGUALDAD DE GÉNERO",10,10,1,7,3,1,2,1,2,5,2,3,0,0,0,0,0,0,5,31,0,"001455 - Asociación Gitana Kale Dor Kayiko-Gipuzkoa","G48423362","DESESTIMADA","Baliabide ekonomikoeza prozeduran (art. 7, párrafo 2, apartado b) / Falta de crédito presupuestario en el procedimiento (art. 7, párrafo 2, apartado b)",31,"NO"]
[null,null,null," ",17201652,"SSCE04 - INGLÉS B2",15,240,2,7,4,1,2,3,2,5,5,5,3,5,2,1,1,0,5,50,0,"000152 - IKASI CENTRO DE FORMACION","E20584553","DESESTIMADA","Baliabide ekonomikoeza prozeduran (art. 7, párrafo 2, apartado b) / Falta de crédito presupuestario en el procedimiento (art. 7, párrafo 2, apartado b)",50,"NO"]
[null,null,null," ",17200583,"SSCE03 - INGLÉS B1",15,240,2,7,4,1,3,1,2,8,3,5,3,6,1,0,0,0,5,49,0,"000053 - ACADEMIA BASTIDA S.L.","B20777058","DESESTIMADA","Baliabide ekonomikoeza prozeduran (art. 7, párrafo 2, apartado b) / Falta de crédito presupuestario en el procedimiento (art. 7, párrafo 2, apartado b)",49,"NO"]
[null,null,null," ",17200808,"SSCE03 - INGLÉS B1",15,240,2,7,4,1,3,1,2,8,3,5,3,6,1,0,0,0,5,49,0,"000053 - ACADEMIA BASTIDA S.L.","B20777058","DESESTIMADA","Baliabide ekonomikoeza prozeduran (art. 7, párrafo 2, apartado b) / Falta de crédito presupuestario en el procedimiento (art. 7, párrafo 2, apartado b)",49,"NO"]
[null,null,null," ",17200323,"SSCE03 - INGLÉS B1",15,240,2,7,4,1,3,1,2,8,3,5,3,6,1,0,0,0,5,49,0,"000053 - ACADEMIA BASTIDA S.L.","B20777058","DESESTIMADA","Baliabide ekonomikoeza prozeduran (art. 7, párrafo 2, apartado b) / Falta de crédito presupuestario en el procedimiento (art. 7, párrafo 2, apartado b)",49,"NO"]
[null,null,null," ",17200593,"FCOO01 - INSERCION LABORAL Y TECNICAS DE BUSQUEDA DE EMPLEO",15,15,2,7,4,1,2,1,2,5,3,4,3,5,1,5,5,0,5,48,0,"000074 - AGENCIA DE DESARROLLO DEL BIDASOA","A20421053","DESESTIMADA","Baliabide ekonomikoeza prozeduran (art. 7, párrafo 2, apartado b) / Falta de crédito presupuestario en el procedimiento (art. 7, párrafo 2, apartado b)",48,"NO"]
[null,null,null," ",17200037,"FCOO01 - INSERCION LABORAL Y TECNICAS DE BUSQUEDA DE EMPLEO",15,15,2,7,4,1,2,1,2,5,3,4,3,5,1,5,5,0,5,48,0,"000074 - AGENCIA DE DESARROLLO DEL BIDASOA","A20421053","DESESTIMADA","Baliabide ekonomikoeza prozeduran (art. 7, párrafo 2, apartado b) / Falta de crédito presupuestario en el procedimiento (art. 7, párrafo 2, apartado b)",48,"NO"]
[null,null,null," ",17200325,"SSCE04 - INGLÉS B2",15,240,2,7,4,1,2,1,2,8,3,5,3,6,1,0,0,0,5,48,0,"000053 - ACADEMIA BASTIDA S.L.","B20777058","DESESTIMADA","Baliabide ekonomikoeza prozeduran (art. 7, párrafo 2, apartado b) / Falta de crédito presupuestario en el procedimiento (art. 7, párrafo 2, apartado b)",48,"NO"]
[null,null,null," ",17200326,"SSCE04 - INGLÉS B2",15,240,2,7,4,1,2,1,2,8,3,5,3,6,1,0,0,0,5,48,0,"000053 - ACADEMIA BASTIDA S.L.","B20777058","DESESTIMADA","Baliabide ekonomikoeza prozeduran (art. 7, párrafo 2, apartado b) / Falta de crédito presupuestario en el procedimiento (art. 7, párrafo 2, apartado b)",48,"NO"]
[null,null,null," ",17200806,"SSCE04 - INGLÉS B2",15,240,2,7,4,1,2,1,2,8,3,5,3,6,1,0,0,0,5,48,0,"000053 - ACADEMIA BASTIDA S.L.","B20777058","DESESTIMADA","Baliabide ekonomikoeza prozeduran (art. 7, párrafo 2, apartado b) / Falta de crédito presupuestario en el procedimiento (art. 7, párrafo 2, apartado b)",48,"NO"]
[null,null,null," ",17200818,"SSCE04 - INGLÉS B2",15,240,2,7,4,1,2,1,2,8,3,5,3,6,1,0,0,0,5,48,0,"000053 - ACADEMIA BASTIDA S.L.","B20777058","DESESTIMADA","Baliabide ekonomikoeza prozeduran (art. 7, párrafo 2, apartado b) / Falta de crédito presupuestario en el procedimiento (art. 7, párrafo 2, apartado b)",48,"NO"]
[null,null,null," ",17200810,"SSCE04 - INGLÉS B2",15,240,2,7,4,1,2,1,2,8,3,5,3,6,1,0,0,0,5,48,0,"000053 - ACADEMIA BASTIDA S.L.","B20777058","DESESTIMADA","Baliabide ekonomikoeza prozeduran (art. 7, párrafo 2, apartado b) / Falta de crédito presupuestario en el procedimiento (art. 7, párrafo 2, apartado b)",48,"NO"]
[null,null,null," ",17200383,"FCOO01 - INSERCION LABORAL Y TECNICAS DE BUSQUEDA DE EMPLEO",20,15,2,7,4,1,2,1,2,8,6,2,3,6,1,0,0,0,5,48,0,"000110 - CRUZ ROJA ALTO UROLA","Q2866001G","DESESTIMADA","Baliabide ekonomikoeza prozeduran (art. 7, párrafo 2, apartado b) / Falta de crédito presupuestario en el procedimiento (art. 7, párrafo 2, apartado b)",48,"NO"]
[null,null,null," ",17200386,"FCOO01 - INSERCION LABORAL Y TECNICAS DE BUSQUEDA DE EMPLEO",15,15,2,7,4,1,2,1,2,8,6,2,3,6,1,0,0,0,5,48,0,"000110 - CRUZ ROJA ALTO UROLA","Q2866001G","DESESTIMADA","Baliabide ekonomikoeza prozeduran (art. 7, párrafo 2, apartado b) / Falta de crédito presupuestario en el procedimiento (art. 7, párrafo 2, apartado b)",48,"NO"]
[null,null,null," ",17200721,"FCOO0003OV - IMPLANTACIÓN DE PROYECTOS DE NEGOCIO: COACHING EMPRENDEDOR",15,100,2,7,4,1,2,1,2,5,6,3,2,5,3,1,1,0,5,47,0,"001591 - BULTZ-LAN CONSULTING DONOSTIA","B48299028","DESESTIMADA","Baliabide ekonomikoeza prozeduran (art. 7, párrafo 2, apartado b) / Falta de crédito presupuestario en el procedimiento (art. 7, párrafo 2, apartado b)",47,"NO"]
[null,null,null," ",17200718,"FCOO0003OV - IMPLANTACIÓN DE PROYECTOS DE NEGOCIO: COACHING EMPRENDEDOR",15,100,2,7,4,1,2,1,2,5,6,3,2,5,3,1,1,0,5,47,0,"001591 - BULTZ-LAN CONSULTING DONOSTIA","B48299028","DESESTIMADA","Baliabide ekonomikoeza prozeduran (art. 7, párrafo 2, apartado b) / Falta de crédito presupuestario en el procedimiento (art. 7, párrafo 2, apartado b)",47,"NO"]
[null,null,null," ",17200707,"FCOO0003OV - IMPLANTACIÓN DE PROYECTOS DE NEGOCIO: COACHING EMPRENDEDOR",15,100,2,7,4,1,2,1,2,5,6,3,2,5,3,1,1,0,5,47,0,"001651 - BULTZ-LAN CONSULTING ARRASATE","B48299028","DESESTIMADA","Baliabide ekonomikoeza prozeduran (art. 7, párrafo 2, apartado b) / Falta de crédito presupuestario en el procedimiento (art. 7, párrafo 2, apartado b)",47,"NO"]
[null,null,null," ",17200722,"FCOO0003OV - IMPLANTACIÓN DE PROYECTOS DE NEGOCIO: COACHING EMPRENDEDOR",15,100,2,7,4,1,2,1,2,5,6,3,2,5,3,1,1,0,5,47,0,"001591 - BULTZ-LAN CONSULTING DONOSTIA","B48299028","DESESTIMADA","Baliabide ekonomikoeza prozeduran (art. 7, párrafo 2, apartado b) / Falta de crédito presupuestario en el procedimiento (art. 7, párrafo 2, apartado b)",47,"NO"]
[null,null,null," ",17200724,"FCOO04 - FOMENTO Y PROMOCIÓN DEL TRABAJO AUTÓNOMO",15,30,2,7,4,1,2,1,2,5,6,3,2,5,3,1,1,0,5,47,0,"001591 - BULTZ-LAN CONSULTING DONOSTIA","B48299028","DESESTIMADA","Baliabide ekonomikoeza prozeduran (art. 7, párrafo 2, apartado b) / Falta de crédito presupuestario en el procedimiento (art. 7, párrafo 2, apartado b)",47,"NO"]
[null,null,null," ",17201648,"FCOO04 - FOMENTO Y PROMOCIÓN DEL TRABAJO AUTÓNOMO",15,30,2,7,4,1,2,1,2,5,6,3,2,5,3,1,1,0,5,47,0,"001591 - BULTZ-LAN CONSULTING DONOSTIA","B48299028","DESESTIMADA","Baliabide ekonomikoeza prozeduran (art. 7, párrafo 2, apartado b) / Falta de crédito presupuestario en el procedimiento (art. 7, párrafo 2, apartado b)",47,"NO"]
[null,null,null," ",17201649,"FCOO04 - FOMENTO Y PROMOCIÓN DEL TRABAJO AUTÓNOMO",15,30,2,7,4,1,2,1,2,5,6,3,2,5,3,1,1,0,5,47,0,"001591 - BULTZ-LAN CONSULTING DONOSTIA","B48299028","DESESTIMADA","Baliabide ekonomikoeza prozeduran (art. 7, párrafo 2, apartado b) / Falta de crédito presupuestario en el procedimiento (art. 7, párrafo 2, apartado b)",47,"NO"]
[null,null,null," ",17200745,"FCOO01 - INSERCION LABORAL Y TECNICAS DE BUSQUEDA DE EMPLEO",15,15,2,7,4,1,2,1,2,9,3,5,3,5,0,0,0,0,5,47,0,"000115 - CENTRO ESTUDIOS ZUBELDIA","B20686242","DESESTIMADA","Baliabide ekonomikoeza prozeduran (art. 7, párrafo 2, apartado b) / Falta de crédito presupuestario en el procedimiento (art. 7, párrafo 2, apartado b)",47,"NO"]
[null,null,null," ",17200759,"FCOO01 - INSERCION LABORAL Y TECNICAS DE BUSQUEDA DE EMPLEO",15,15,2,7,4,1,2,1,2,9,3,5,3,5,0,0,0,0,5,47,0,"000115 - CENTRO ESTUDIOS ZUBELDIA","B20686242","DESESTIMADA","Baliabide ekonomikoeza prozeduran (art. 7, párrafo 2, apartado b) / Falta de crédito presupuestario en el procedimiento (art. 7, párrafo 2, apartado b)",47,"NO"]
[null,null,null," ",17200878,"FCOO01 - INSERCION LABORAL Y TECNICAS DE BUSQUEDA DE EMPLEO",15,15,2,7,4,1,2,1,2,9,3,5,3,5,0,0,0,0,5,47,0,"000115 - CENTRO ESTUDIOS ZUBELDIA","B20686242","DESESTIMADA","Baliabide ekonomikoeza prozeduran (art. 7, párrafo 2, apartado b) / Falta de crédito presupuestario en el procedimiento (art. 7, párrafo 2, apartado b)",47,"NO"]
[null,null,null," ",17200375,"SSCE04 - INGLÉS B2",15,240,2,7,4,1,2,1,2,9,3,5,3,5,0,0,0,0,5,47,0,"000115 - CENTRO ESTUDIOS ZUBELDIA","B20686242","DESESTIMADA","Baliabide ekonomikoeza prozeduran (art. 7, párrafo 2, apartado b) / Falta de crédito presupuestario en el procedimiento (art. 7, párrafo 2, apartado b)",47,"NO"]
[null,null,null," ",17200332,"SSCE03 - INGLÉS B1",15,240,2,7,4,1,3,1,2,7,3,2,3,4,0,0,0,0,8,45,0,"000148 - CENTRO DE FORMACIÓN STANLEY","B20383600","DESESTIMADA","Baliabide ekonomikoeza prozeduran (art. 7, párrafo 2, apartado b) / Falta de crédito presupuestario en el procedimiento (art. 7, párrafo 2, apartado b)",45,"NO"]
[null,null,null," ",17200296,"FCOO01 - INSERCION LABORAL Y TECNICAS DE BUSQUEDA DE EMPLEO",15,15,2,7,4,1,2,1,2,5,4,3,1,5,1,4,4,0,5,45,0,"000177 - OARSOALDEA","A20458329","DESESTIMADA","Baliabide ekonomikoeza prozeduran (art. 7, párrafo 2, apartado b) / Falta de crédito presupuestario en el procedimiento (art. 7, párrafo 2, apartado b)",{"$f":"SUM(J1373,K1373,L1373,M1373,N1373,O1373,P1373,Q1373,R1373,S1373,T1373,U1373,W1373,X1373,Y1373)","v":45},{"$f":"IF(Z1373 <> AF1373,\"SI\",\"NO\")","v":"NO"}]
[null,null,null," ",17200297,"FCOO01 - INSERCION LABORAL Y TECNICAS DE BUSQUEDA DE EMPLEO",15,15,2,7,4,1,2,1,2,5,4,3,1,5,1,4,4,0,5,45,0,"000177 - OARSOALDEA","A20458329","DESESTIMADA","Baliabide ekonomikoeza prozeduran (art. 7, párrafo 2, apartado b) / Falta de crédito presupuestario en el procedimiento (art. 7, párrafo 2, apartado b)",45,"NO"]
[null,null,null," ",17200298,"FCOO01 - INSERCION LABORAL Y TECNICAS DE BUSQUEDA DE EMPLEO",15,15,2,7,4,1,2,1,2,5,4,3,1,5,1,4,4,0,5,45,0,"000177 - OARSOALDEA","A20458329","DESESTIMADA","Baliabide ekonomikoeza prozeduran (art. 7, párrafo 2, apartado b) / Falta de crédito presupuestario en el procedimiento (art. 7, párrafo 2, apartado b)",45,"NO"]
[null,null,null," ",17200901,"FCOO01 - INSERCION LABORAL Y TECNICAS DE BUSQUEDA DE EMPLEO",15,15,2,7,4,1,2,1,2,5,5,2,3,5,1,2,2,0,5,45,0,"000018 - UROLALDE S.L.","B20149134","DESESTIMADA","Baliabide ekonomikoeza prozeduran (art. 7, párrafo 2, apartado b) / Falta de crédito presupuestario en el procedimiento (art. 7, párrafo 2, apartado b)",45,"NO"]
[null,null,null," ",17200891,"FCOO01 - INSERCION LABORAL Y TECNICAS DE BUSQUEDA DE EMPLEO",15,15,2,7,4,1,2,1,2,5,5,2,3,5,1,2,2,0,5,45,0,"000116 - UROLALDE","B20149134","DESESTIMADA","Baliabide ekonomikoeza prozeduran (art. 7, párrafo 2, apartado b) / Falta de crédito presupuestario en el procedimiento (art. 7, párrafo 2, apartado b)",45,"NO"]
[null,null,null," ",17200902,"FCOO01 - INSERCION LABORAL Y TECNICAS DE BUSQUEDA DE EMPLEO",15,15,2,7,4,1,2,1,2,5,5,2,3,5,1,2,2,0,5,45,0,"000018 - UROLALDE S.L.","B20149134","DESESTIMADA","Baliabide ekonomikoeza prozeduran (art. 7, párrafo 2, apartado b) / Falta de crédito presupuestario en el procedimiento (art. 7, párrafo 2, apartado b)",45,"NO"]
[null,null,null," ",17200892,"FCOO01 - INSERCION LABORAL Y TECNICAS DE BUSQUEDA DE EMPLEO",15,15,2,7,4,1,2,1,2,5,5,2,3,5,1,2,2,0,5,45,0,"000116 - UROLALDE","B20149134","DESESTIMADA","Baliabide ekonomikoeza prozeduran (art. 7, párrafo 2, apartado b) / Falta de crédito presupuestario en el procedimiento (art. 7, párrafo 2, apartado b)",45,"NO"]
[null,null,null," ",17200893,"FCOO01 - INSERCION LABORAL Y TECNICAS DE BUSQUEDA DE EMPLEO",15,15,2,7,4,1,2,1,2,5,5,2,3,5,1,2,2,0,5,45,0,"000116 - UROLALDE","B20149134","DESESTIMADA","Baliabide ekonomikoeza prozeduran (art. 7, párrafo 2, apartado b) / Falta de crédito presupuestario en el procedimiento (art. 7, párrafo 2, apartado b)",45,"NO"]
[null,null,null," ",17200903,"FCOO01 - INSERCION LABORAL Y TECNICAS DE BUSQUEDA DE EMPLEO",15,15,2,7,4,1,2,1,2,5,5,2,3,5,1,2,2,0,5,45,0,"000018 - UROLALDE S.L.","B20149134","DESESTIMADA","Baliabide ekonomikoeza prozeduran (art. 7, párrafo 2, apartado b) / Falta de crédito presupuestario en el procedimiento (art. 7, párrafo 2, apartado b)",45,"NO"]
[null,null,null," ",17200904,"FCOO02 - SENSIBILIZACIÓN EN LA IGUALDAD DE OPORTUNIDADES",15,20,2,7,4,1,2,1,2,5,5,2,3,5,1,2,2,0,5,45,0,"000018 - UROLALDE S.L.","B20149134","DESESTIMADA","Baliabide ekonomikoeza prozeduran (art. 7, párrafo 2, apartado b) / Falta de crédito presupuestario en el procedimiento (art. 7, párrafo 2, apartado b)",45,"NO"]
[null,null,null," ",17200894,"FCOO02 - SENSIBILIZACIÓN EN LA IGUALDAD DE OPORTUNIDADES",15,20,2,7,4,1,2,1,2,5,5,2,3,5,1,2,2,0,5,45,0,"000116 - UROLALDE","B20149134","DESESTIMADA","Baliabide ekonomikoeza prozeduran (art. 7, párrafo 2, apartado b) / Falta de crédito presupuestario en el procedimiento (art. 7, párrafo 2, apartado b)",45,"NO"]
[null,null,null," ",17200905,"FCOO02 - SENSIBILIZACIÓN EN LA IGUALDAD DE OPORTUNIDADES",15,20,2,7,4,1,2,1,2,5,5,2,3,5,1,2,2,0,5,45,0,"000018 - UROLALDE S.L.","B20149134","DESESTIMADA","Baliabide ekonomikoeza prozeduran (art. 7, párrafo 2, apartado b) / Falta de crédito presupuestario en el procedimiento (art. 7, párrafo 2, apartado b)",45,"NO"]
[null,null,null," ",17200895,"FCOO02 - SENSIBILIZACIÓN EN LA IGUALDAD DE OPORTUNIDADES",15,20,2,7,4,1,2,1,2,5,5,2,3,5,1,2,2,0,5,45,0,"000116 - UROLALDE","B20149134","DESESTIMADA","Baliabide ekonomikoeza prozeduran (art. 7, párrafo 2, apartado b) / Falta de crédito presupuestario en el procedimiento (art. 7, párrafo 2, apartado b)",45,"NO"]
[null,null,null," ",17200906,"FCOO02 - SENSIBILIZACIÓN EN LA IGUALDAD DE OPORTUNIDADES",15,20,2,7,4,1,2,1,2,5,5,2,3,5,1,2,2,0,5,45,0,"000018 - UROLALDE S.L.","B20149134","DESESTIMADA","Baliabide ekonomikoeza prozeduran (art. 7, párrafo 2, apartado b) / Falta de crédito presupuestario en el procedimiento (art. 7, párrafo 2, apartado b)",45,"NO"]
[null,null,null," ",17200896,"FCOO02 - SENSIBILIZACIÓN EN LA IGUALDAD DE OPORTUNIDADES",15,20,2,7,4,1,2,1,2,5,5,2,3,5,1,2,2,0,5,45,0,"000116 - UROLALDE","B20149134","DESESTIMADA","Baliabide ekonomikoeza prozeduran (art. 7, párrafo 2, apartado b) / Falta de crédito presupuestario en el procedimiento (art. 7, párrafo 2, apartado b)",45,"NO"]
[null,null,null," ",17200851,"SSCE04 - INGLÉS B2",15,240,2,7,4,1,2,1,2,4,5,2,3,5,1,2,2,0,5,44,0,"000116 - UROLALDE","B20149134","DESESTIMADA","Baliabide ekonomikoeza prozeduran (art. 7, párrafo 2, apartado b) / Falta de crédito presupuestario en el procedimiento (art. 7, párrafo 2, apartado b)",44,"NO"]
[null,null,null," ",17200715,"SSCE04 - INGLÉS B2",15,240,2,7,4,1,2,1,2,4,5,2,3,5,1,2,2,0,5,44,0,"000018 - UROLALDE S.L.","B20149134","DESESTIMADA","Baliabide ekonomikoeza prozeduran (art. 7, párrafo 2, apartado b) / Falta de crédito presupuestario en el procedimiento (art. 7, párrafo 2, apartado b)",44,"NO"]
[null,null,null," ",17200856,"SSCE04 - INGLÉS B2",15,240,2,7,4,1,2,1,2,4,5,2,3,5,1,2,2,0,5,44,0,"000116 - UROLALDE","B20149134","DESESTIMADA","Baliabide ekonomikoeza prozeduran (art. 7, párrafo 2, apartado b) / Falta de crédito presupuestario en el procedimiento (art. 7, párrafo 2, apartado b)",44,"NO"]
[null,null,null," ",17200236,"FCOV22 - COMUNICACIÓN EN LENGUA CASTELLANA N2",15,120,2,7,4,2,2,1,2,5,6,1,3,4,0,1,1,0,5,43,0,"000008 - OTEITZA LIZEO POLITEKNIKOA","G20884417","DESESTIMADA","Baliabide ekonomikoeza prozeduran (art. 7, párrafo 2, apartado b) / Falta de crédito presupuestario en el procedimiento (art. 7, párrafo 2, apartado b)",43,"NO"]
[null,null,null," ",17200237,"FCOV23 - COMPETENCIA MATEMÁTICA N2",15,120,2,7,4,2,2,1,2,5,6,1,3,4,0,1,1,0,5,43,0,"000008 - OTEITZA LIZEO POLITEKNIKOA","G20884417","DESESTIMADA","Baliabide ekonomikoeza prozeduran (art. 7, párrafo 2, apartado b) / Falta de crédito presupuestario en el procedimiento (art. 7, párrafo 2, apartado b)",43,"NO"]
[null,null,null," ",17200805,"SSCE03 - INGLÉS B1",15,240,2,7,4,1,3,1,2,5,6,3,0,6,1,0,0,0,4,43,0,"001350 - MONDRAGON LINGUA S.COOP","F20072609","DESESTIMADA","Baliabide ekonomikoeza prozeduran (art. 7, párrafo 2, apartado b) / Falta de crédito presupuestario en el procedimiento (art. 7, párrafo 2, apartado b)",43,"NO"]
[null,null,null," ",17200551,"FCOO01 - INSERCION LABORAL Y TECNICAS DE BUSQUEDA DE EMPLEO",15,15,2,7,4,1,2,1,2,5,5,2,3,5,0,0,0,0,5,42,0,"000322 - CENTRO FORMACION ADMINISTRACION Y HOSTELERIA (CDEA)","B20676680","DESESTIMADA","Baliabide ekonomikoeza prozeduran (art. 7, párrafo 2, apartado b) / Falta de crédito presupuestario en el procedimiento (art. 7, párrafo 2, apartado b)",42,"NO"]
[null,null,null," ",17200553,"FCOO01 - INSERCION LABORAL Y TECNICAS DE BUSQUEDA DE EMPLEO",15,15,2,7,4,1,2,1,2,5,5,2,3,5,0,0,0,0,5,42,0,"000322 - CENTRO FORMACION ADMINISTRACION Y HOSTELERIA (CDEA)","B20676680","DESESTIMADA","Baliabide ekonomikoeza prozeduran (art. 7, párrafo 2, apartado b) / Falta de crédito presupuestario en el procedimiento (art. 7, párrafo 2, apartado b)",42,"NO"]
[null,null,null," ",17200562,"FCOO01 - INSERCION LABORAL Y TECNICAS DE BUSQUEDA DE EMPLEO",15,15,2,7,4,1,2,1,2,5,5,2,3,5,0,0,0,0,5,42,0,"000322 - CENTRO FORMACION ADMINISTRACION Y HOSTELERIA (CDEA)","B20676680","DESESTIMADA","Baliabide ekonomikoeza prozeduran (art. 7, párrafo 2, apartado b) / Falta de crédito presupuestario en el procedimiento (art. 7, párrafo 2, apartado b)",42,"NO"]
[null,null,null," ",17200555,"FCOO01 - INSERCION LABORAL Y TECNICAS DE BUSQUEDA DE EMPLEO",15,15,2,7,4,1,2,1,2,5,5,2,3,5,0,0,0,0,5,42,0,"000322 - CENTRO FORMACION ADMINISTRACION Y HOSTELERIA (CDEA)","B20676680","DESESTIMADA","Baliabide ekonomikoeza prozeduran (art. 7, párrafo 2, apartado b) / Falta de crédito presupuestario en el procedimiento (art. 7, párrafo 2, apartado b)",42,"NO"]
[null,null,null," ",17200558,"FCOO01 - INSERCION LABORAL Y TECNICAS DE BUSQUEDA DE EMPLEO",15,15,2,7,4,1,2,1,2,5,5,2,3,5,0,0,0,0,5,42,0,"000322 - CENTRO FORMACION ADMINISTRACION Y HOSTELERIA (CDEA)","B20676680","DESESTIMADA","Baliabide ekonomikoeza prozeduran (art. 7, párrafo 2, apartado b) / Falta de crédito presupuestario en el procedimiento (art. 7, párrafo 2, apartado b)",42,"NO"]
[null,null,null," ",17200569,"FCOO01 - INSERCION LABORAL Y TECNICAS DE BUSQUEDA DE EMPLEO",15,15,2,7,4,1,2,1,2,5,5,2,3,5,0,0,0,0,5,42,0,"000322 - CENTRO FORMACION ADMINISTRACION Y HOSTELERIA (CDEA)","B20676680","DESESTIMADA","Baliabide ekonomikoeza prozeduran (art. 7, párrafo 2, apartado b) / Falta de crédito presupuestario en el procedimiento (art. 7, párrafo 2, apartado b)",42,"NO"]
[null,null,null," ",17200556,"FCOO01 - INSERCION LABORAL Y TECNICAS DE BUSQUEDA DE EMPLEO",15,15,2,7,4,1,2,1,2,5,5,2,3,5,0,0,0,0,5,42,0,"000322 - CENTRO FORMACION ADMINISTRACION Y HOSTELERIA (CDEA)","B20676680","DESESTIMADA","Baliabide ekonomikoeza prozeduran (art. 7, párrafo 2, apartado b) / Falta de crédito presupuestario en el procedimiento (art. 7, párrafo 2, apartado b)",42,"NO"]
[null,null,null," ",17200328,"FCOV07 - COMUNICACIÓN EN LENGUAS EXTRANJERAS (FRANCÉS) N2",15,180,2,7,4,2,3,1,2,5,3,2,3,4,0,0,0,0,5,41,0,"000148 - CENTRO DE FORMACIÓN STANLEY","B20383600","DESESTIMADA","Baliabide ekonomikoeza prozeduran (art. 7, párrafo 2, apartado b) / Falta de crédito presupuestario en el procedimiento (art. 7, párrafo 2, apartado b)",41,"NO"]
[null,null,null," ",17200710,"FCOV09 - COMUNICACIÓN EN LENGUAS EXTRANJERAS (ALEMÁN) N2",15,180,2,7,4,2,2,1,2,5,3,3,3,4,0,0,0,0,5,41,0,"000181 - DO'S FORMACION","B20776472","DESESTIMADA","Baliabide ekonomikoeza prozeduran (art. 7, párrafo 2, apartado b) / Falta de crédito presupuestario en el procedimiento (art. 7, párrafo 2, apartado b)",41,"NO"]
[null,null,null," ",17200740,"SSCE03 - INGLÉS B1",15,240,2,7,4,1,3,1,2,5,3,3,3,4,0,0,0,0,5,41,0,"000181 - DO'S FORMACION","B20776472","DESESTIMADA","Baliabide ekonomikoeza prozeduran (art. 7, párrafo 2, apartado b) / Falta de crédito presupuestario en el procedimiento (art. 7, párrafo 2, apartado b)",41,"NO"]
[null,null,null," ",17200727,"SSCE04 - INGLÉS B2",15,240,2,7,4,1,2,1,2,5,3,3,3,4,0,0,0,0,5,40,0,"000181 - DO'S FORMACION","B20776472","DESESTIMADA","Baliabide ekonomikoeza prozeduran (art. 7, párrafo 2, apartado b) / Falta de crédito presupuestario en el procedimiento (art. 7, párrafo 2, apartado b)",40,"NO"]
[null,null,null," ",17200283,"FCOV07 - COMUNICACIÓN EN LENGUAS EXTRANJERAS (FRANCÉS) N2",15,180,2,7,4,2,3,3,2,5,4,4,0,0,0,0,0,0,5,39,0,"001887 - ELDUAIEN HIZKUNTZA ESKOLA GOROSABEL","B20695789","DESESTIMADA","Baliabide ekonomikoeza prozeduran (art. 7, párrafo 2, apartado b) / Falta de crédito presupuestario en el procedimiento (art. 7, párrafo 2, apartado b)",{"$f":"SUM(J1405,K1405,L1405,M1405,N1405,O1405,P1405,Q1405,R1405,S1405,T1405,U1405,W1405,X1405,Y1405)","v":39},{"$f":"IF(Z1405 <> AF1405,\"SI\",\"NO\")","v":"NO"}]
[null,null,null," ",17200271,"FCOV05 - COMUNICACIÓN EN LENGUAS EXTRANJERAS (INGLÉS) N2",15,180,2,7,4,2,2,3,2,5,4,4,0,0,0,0,0,0,5,38,0,"001887 - ELDUAIEN HIZKUNTZA ESKOLA GOROSABEL","B20695789","DESESTIMADA","Baliabide ekonomikoeza prozeduran (art. 7, párrafo 2, apartado b) / Falta de crédito presupuestario en el procedimiento (art. 7, párrafo 2, apartado b)",38,"NO"]
[null,null,null," ",17200287,"FCOV09 - COMUNICACIÓN EN LENGUAS EXTRANJERAS (ALEMÁN) N2",15,180,2,7,4,2,2,3,2,5,4,4,0,0,0,0,0,0,5,38,0,"001887 - ELDUAIEN HIZKUNTZA ESKOLA GOROSABEL","B20695789","DESESTIMADA","Baliabide ekonomikoeza prozeduran (art. 7, párrafo 2, apartado b) / Falta de crédito presupuestario en el procedimiento (art. 7, párrafo 2, apartado b)",38,"NO"]
[null,null,null," ",17200261,"SSCE03 - INGLÉS B1",15,240,2,7,4,1,3,3,2,4,4,4,0,0,0,0,0,0,5,37,0,"001887 - ELDUAIEN HIZKUNTZA ESKOLA GOROSABEL","B20695789","DESESTIMADA","Baliabide ekonomikoeza prozeduran (art. 7, párrafo 2, apartado b) / Falta de crédito presupuestario en el procedimiento (art. 7, párrafo 2, apartado b)",37,"NO"]
[null,null,null," ",17200262,"SSCE04 - INGLÉS B2",15,240,2,7,4,1,2,3,2,4,4,4,0,0,0,0,0,0,5,36,0,"001887 - ELDUAIEN HIZKUNTZA ESKOLA GOROSABEL","B20695789","DESESTIMADA","Baliabide ekonomikoeza prozeduran (art. 7, párrafo 2, apartado b) / Falta de crédito presupuestario en el procedimiento (art. 7, párrafo 2, apartado b)",36,"NO"]
[null,null,null," ",17200211,"SSCE03 - INGLÉS B1",15,240,2,7,4,1,3,1,2,5,5,2,0,0,0,0,0,0,5,35,0,"000297 - ARRI-BERRI FORMACION","B20986220","DESESTIMADA","Baliabide ekonomikoeza prozeduran (art. 7, párrafo 2, apartado b) / Falta de crédito presupuestario en el procedimiento (art. 7, párrafo 2, apartado b)",35,"NO"]
[null,null,null," ",17200304,"FCOV22 - COMUNICACIÓN EN LENGUA CASTELLANA N2",15,120,2,7,4,2,2,1,2,5,3,1,0,0,1,0,0,0,5,33,0,"001427 - RODOIA 2000 SL","B48933618","DESESTIMADA","Baliabide ekonomikoeza prozeduran (art. 7, párrafo 2, apartado b) / Falta de crédito presupuestario en el procedimiento (art. 7, párrafo 2, apartado b)",33,"NO"]
[null,null,null," ",17200028,"FCOV22 - COMUNICACIÓN EN LENGUA CASTELLANA N2",15,120,2,7,4,2,2,1,2,5,0,3,0,0,1,0,0,0,5,32,0,"000187 - CENTRO ESTUDIOS SUMINISTROS ADARRA","F20764692","DESESTIMADA","Baliabide ekonomikoeza prozeduran (art. 7, párrafo 2, apartado b) / Falta de crédito presupuestario en el procedimiento (art. 7, párrafo 2, apartado b)",32,"NO"]
[null,null,null," ",17200254,"FCOV22 - COMUNICACIÓN EN LENGUA CASTELLANA N2",15,120,2,7,4,2,2,1,2,5,0,3,0,0,1,0,0,0,5,32,0,"000187 - CENTRO ESTUDIOS SUMINISTROS ADARRA","F20764692","DESESTIMADA","Baliabide ekonomikoeza prozeduran (art. 7, párrafo 2, apartado b) / Falta de crédito presupuestario en el procedimiento (art. 7, párrafo 2, apartado b)",32,"NO"]
[null,null,null," ",17200253,"FCOV23 - COMPETENCIA MATEMÁTICA N2",15,120,2,7,4,2,2,1,2,5,0,3,0,0,1,0,0,0,5,32,0,"000187 - CENTRO ESTUDIOS SUMINISTROS ADARRA","F20764692","DESESTIMADA","Baliabide ekonomikoeza prozeduran (art. 7, párrafo 2, apartado b) / Falta de crédito presupuestario en el procedimiento (art. 7, párrafo 2, apartado b)",32,"NO"]
[null,null,null," ",17200029,"FCOV23 - COMPETENCIA MATEMÁTICA N2",15,120,2,7,4,2,2,1,2,5,0,3,0,0,1,0,0,0,5,32,0,"000187 - CENTRO ESTUDIOS SUMINISTROS ADARRA","F20764692","DESESTIMADA","Baliabide ekonomikoeza prozeduran (art. 7, párrafo 2, apartado b) / Falta de crédito presupuestario en el procedimiento (art. 7, párrafo 2, apartado b)",32,"NO"]
[null,null,null," ",17200615,"FCOO01 - INSERCION LABORAL Y TECNICAS DE BUSQUEDA DE EMPLEO",10,15,2,7,4,1,2,1,2,5,2,3,0,0,0,0,0,0,5,32,0,"001693 - Asociación Gitana Kale Dor Kayiko - Beasain","G48423362","DESESTIMADA","Baliabide ekonomikoeza prozeduran (art. 7, párrafo 2, apartado b) / Falta de crédito presupuestario en el procedimiento (art. 7, párrafo 2, apartado b)",32,"NO"]
[null,null,null," ",17200868,"FCOO01 - INSERCION LABORAL Y TECNICAS DE BUSQUEDA DE EMPLEO",10,15,2,7,4,1,2,1,2,5,2,3,0,0,0,0,0,0,5,32,0,"001455 - Asociación Gitana Kale Dor Kayiko-Gipuzkoa","G48423362","DESESTIMADA","Baliabide ekonomikoeza prozeduran (art. 7, párrafo 2, apartado b) / Falta de crédito presupuestario en el procedimiento (art. 7, párrafo 2, apartado b)",32,"NO"]
[null,null,null," ",17200880,"FCOO01 - INSERCION LABORAL Y TECNICAS DE BUSQUEDA DE EMPLEO",10,15,2,7,4,1,2,1,2,5,2,3,0,0,0,0,0,0,5,32,0,"001693 - Asociación Gitana Kale Dor Kayiko - Beasain","G48423362","DESESTIMADA","Baliabide ekonomikoeza prozeduran (art. 7, párrafo 2, apartado b) / Falta de crédito presupuestario en el procedimiento (art. 7, párrafo 2, apartado b)",32,"NO"]
[null,null,null," ",17201653,"SSCE05 - INGLÉS C1",15,240,3,7,2,1,2,1,2,5,5,5,3,5,2,1,1,0,5,46,0,"000152 - IKASI CENTRO DE FORMACION","E20584553","DESESTIMADA","Baliabide ekonomikoeza prozeduran (art. 7, párrafo 2, apartado b) / Falta de crédito presupuestario en el procedimiento (art. 7, párrafo 2, apartado b)",46,"NO"]
[null,null,null," ",17200824,"FCOV02 - COMUNICACIÓN EN LENGUA CASTELLANA N3",15,200,3,7,2,2,2,1,2,5,3,5,3,6,1,0,0,0,5,44,0,"000053 - ACADEMIA BASTIDA S.L.","B20777058","DESESTIMADA","Baliabide ekonomikoeza prozeduran (art. 7, párrafo 2, apartado b) / Falta de crédito presupuestario en el procedimiento (art. 7, párrafo 2, apartado b)",44,"NO"]
[null,null,null," ",17200825,"FCOV06 - COMUNICACIÓN EN LENGUAS EXTRANJERAS (INGLÉS) N3",15,180,3,7,2,2,2,1,2,5,3,5,3,6,1,0,0,0,5,44,0,"000053 - ACADEMIA BASTIDA S.L.","B20777058","DESESTIMADA","Baliabide ekonomikoeza prozeduran (art. 7, párrafo 2, apartado b) / Falta de crédito presupuestario en el procedimiento (art. 7, párrafo 2, apartado b)",44,"NO"]
[null,null,null," ",17200822,"FCOV12 - COMPETENCIA MATEMÁTICA N3",15,200,3,7,2,2,2,1,2,5,3,5,3,6,1,0,0,0,5,44,0,"000053 - ACADEMIA BASTIDA S.L.","B20777058","DESESTIMADA","Baliabide ekonomikoeza prozeduran (art. 7, párrafo 2, apartado b) / Falta de crédito presupuestario en el procedimiento (art. 7, párrafo 2, apartado b)",44,"NO"]
[null,null,null," ",17200872,"FCOV06 - COMUNICACIÓN EN LENGUAS EXTRANJERAS (INGLÉS) N3",15,180,3,7,2,2,2,1,2,7,5,4,2,4,0,0,0,0,5,43,0,"000413 - URKO SERVICIOS DE PREVENCION S.COOP. EIBAR","F20668570","DESESTIMADA","Baliabide ekonomikoeza prozeduran (art. 7, párrafo 2, apartado b) / Falta de crédito presupuestario en el procedimiento (art. 7, párrafo 2, apartado b)",43,"NO"]
[null,null,null," ",17201642,"SSCE05 - INGLÉS C1",15,240,3,7,2,1,2,1,2,4,5,2,3,5,1,2,2,0,5,42,0,"000116 - UROLALDE","B20149134","DESESTIMADA","2017ko maiatzare 2a bainolehenago, akreditatuta edo inskribatuta ez zegoen erakunde baten bitartez eskatuta izatea (2.artikuloa,2. paragrafoa, b atala) / Ser solicitada por una entidad no acreditada o inscrita para la especialidad con anterioridad al 2 de mayo de 2017 (art.2, párrafo 1, apartado b)",42,"NO"]
[null,null,null," ",17201641,"SSCE05 - INGLÉS C1",15,240,3,7,2,1,2,1,2,4,5,2,3,5,1,2,2,0,5,42,0,"000116 - UROLALDE","B20149134","DESESTIMADA","2017ko maiatzare 2a bainolehenago, akreditatuta edo inskribatuta ez zegoen erakunde baten bitartez eskatuta izatea (2.artikuloa,2. paragrafoa, b atala) / Ser solicitada por una entidad no acreditada o inscrita para la especialidad con anterioridad al 2 de mayo de 2017 (art.2, párrafo 1, apartado b)",42,"NO"]
[null,null,null," ",17200049,"FCOV08 - COMUNICACIÓN EN LENGUAS EXTRANJERAS (FRANCÉS)N3",15,180,3,7,2,2,3,1,2,5,5,2,3,5,0,0,0,0,5,42,0,"000322 - CENTRO FORMACION ADMINISTRACION Y HOSTELERIA (CDEA)","B20676680","DESESTIMADA","Baliabide ekonomikoeza prozeduran (art. 7, párrafo 2, apartado b) / Falta de crédito presupuestario en el procedimiento (art. 7, párrafo 2, apartado b)",42,"NO"]
[null,null,null," ",17200329,"FCOV08 - COMUNICACIÓN EN LENGUAS EXTRANJERAS (FRANCÉS)N3",15,180,3,7,2,2,3,1,2,5,3,2,3,4,0,0,0,0,5,39,0,"000148 - CENTRO DE FORMACIÓN STANLEY","B20383600","DESESTIMADA","Baliabide ekonomikoeza prozeduran (art. 7, párrafo 2, apartado b) / Falta de crédito presupuestario en el procedimiento (art. 7, párrafo 2, apartado b)",39,"NO"]
[null,null,null," ",17200725,"FCOV06 - COMUNICACIÓN EN LENGUAS EXTRANJERAS (INGLÉS) N3",15,180,3,7,2,2,2,1,2,5,3,3,3,4,0,0,0,0,5,39,0,"000181 - DO'S FORMACION","B20776472","DESESTIMADA","Baliabide ekonomikoeza prozeduran (art. 7, párrafo 2, apartado b) / Falta de crédito presupuestario en el procedimiento (art. 7, párrafo 2, apartado b)",39,"NO"]
[null,null,null," ",17200286,"FCOV08 - COMUNICACIÓN EN LENGUAS EXTRANJERAS (FRANCÉS)N3",15,180,3,7,2,2,3,3,2,5,4,4,0,0,0,0,0,0,5,37,0,"001887 - ELDUAIEN HIZKUNTZA ESKOLA GOROSABEL","B20695789","DESESTIMADA","Baliabide ekonomikoeza prozeduran (art. 7, párrafo 2, apartado b) / Falta de crédito presupuestario en el procedimiento (art. 7, párrafo 2, apartado b)",37,"NO"]
[null,null,null," ",17200273,"FCOV06 - COMUNICACIÓN EN LENGUAS EXTRANJERAS (INGLÉS) N3",15,180,3,7,2,2,2,3,2,5,4,4,0,0,0,0,0,0,5,36,0,"001887 - ELDUAIEN HIZKUNTZA ESKOLA GOROSABEL","B20695789","DESESTIMADA","Baliabide ekonomikoeza prozeduran (art. 7, párrafo 2, apartado b) / Falta de crédito presupuestario en el procedimiento (art. 7, párrafo 2, apartado b)",36,"NO"]
[null,null,null," ",17200289,"FCOV10 - COMUNICACIÓN EN LENGUAS EXTRANJERAS (ALEMÁN) N3",15,180,3,7,2,2,2,3,2,5,4,4,0,0,0,0,0,0,5,36,0,"001887 - ELDUAIEN HIZKUNTZA ESKOLA GOROSABEL","B20695789","DESESTIMADA","Baliabide ekonomikoeza prozeduran (art. 7, párrafo 2, apartado b) / Falta de crédito presupuestario en el procedimiento (art. 7, párrafo 2, apartado b)",36,"NO"]
[null,null,null," ",17200263,"SSCE05 - INGLÉS C1",15,240,3,7,2,1,2,3,2,4,4,4,0,0,0,0,0,0,5,34,0,"001887 - ELDUAIEN HIZKUNTZA ESKOLA GOROSABEL","B20695789","DESESTIMADA","Baliabide ekonomikoeza prozeduran (art. 7, párrafo 2, apartado b) / Falta de crédito presupuestario en el procedimiento (art. 7, párrafo 2, apartado b)",34,"NO"]
[null,"GIPUZKOA - Cualificantes"]
[null,null,null,"ADG",17201668,"ADGG0508 - OPERACIONES DE GRABACIÓN Y TRATAMIENTO DE DATOS Y DOCUMENTOS",15,360,1,6,3,4,8,3,2,5,5,5,3,5,2,1,1,0,5,57,0,"000152 - IKASI CENTRO DE FORMACION","E20584553","DESESTIMADA","Baliabide ekonomikoeza prozeduran (art. 7, párrafo 2, apartado b) / Falta de crédito presupuestario en el procedimiento (art. 7, párrafo 2, apartado b)",{"$f":"SUM(J1434,K1434,L1434,M1434,N1434,O1434,P1434,Q1434,R1434,S1434,T1434,U1434,W1434,X1434,Y1434)","v":57},{"$f":"IF(Z1434 <> AF1434,\"SI\",\"NO\")","v":"NO"}]
[null,null,null," ",17200809,"ADGG0508 - OPERACIONES DE GRABACIÓN Y TRATAMIENTO DE DATOS Y DOCUMENTOS",15,360,1,6,3,4,8,1,2,5,5,5,3,5,2,1,1,0,5,55,0,"000152 - IKASI CENTRO DE FORMACION","E20584553","DESESTIMADA","Baliabide ekonomikoeza prozeduran (art. 7, párrafo 2, apartado b) / Falta de crédito presupuestario en el procedimiento (art. 7, párrafo 2, apartado b)",55,"NO"]
[null,null,null," ",17200764,"ADGG0508 - OPERACIONES DE GRABACIÓN Y TRATAMIENTO DE DATOS Y DOCUMENTOS",15,360,1,6,3,4,8,1,2,7,5,4,2,4,0,0,0,0,8,54,0,"000360 - URKO SERVICIOS DE PREVENCION S.COOP.","F20668570","DESESTIMADA","Baliabide ekonomikoeza prozeduran (art. 7, párrafo 2, apartado b) / Falta de crédito presupuestario en el procedimiento (art. 7, párrafo 2, apartado b)",54,"NO"]
[null,null,null," ",17200331,"ADGG0408 - OPERACIONES AUXILIARES DE SERVICIOS ADMINISTRATIVOS Y GENERALES",15,390,1,6,3,4,9,1,2,5,3,5,3,6,1,0,0,0,5,53,0,"000053 - ACADEMIA BASTIDA S.L.","B20777058","DESESTIMADA","Baliabide ekonomikoeza prozeduran (art. 7, párrafo 2, apartado b) / Falta de crédito presupuestario en el procedimiento (art. 7, párrafo 2, apartado b)",53,"NO"]
[null,null,null," ",17200762,"ADGG0408 - OPERACIONES AUXILIARES DE SERVICIOS ADMINISTRATIVOS Y GENERALES",15,390,1,6,3,4,9,1,2,7,5,4,2,4,0,0,0,0,5,52,0,"000360 - URKO SERVICIOS DE PREVENCION S.COOP.","F20668570","DESESTIMADA","Baliabide ekonomikoeza prozeduran (art. 7, párrafo 2, apartado b) / Falta de crédito presupuestario en el procedimiento (art. 7, párrafo 2, apartado b)",52,"NO"]
[null,null,null," ",17200873,"ADGG0408 - OPERACIONES AUXILIARES DE SERVICIOS ADMINISTRATIVOS Y GENERALES",15,390,1,6,3,4,9,1,2,7,5,4,2,4,0,0,0,0,5,52,0,"000413 - URKO SERVICIOS DE PREVENCION S.COOP. EIBAR","F20668570","DESESTIMADA","Baliabide ekonomikoeza prozeduran (art. 7, párrafo 2, apartado b) / Falta de crédito presupuestario en el procedimiento (art. 7, párrafo 2, apartado b)",52,"NO"]
[null,null,null," ",17200334,"ADGG0508 - OPERACIONES DE GRABACIÓN Y TRATAMIENTO DE DATOS Y DOCUMENTOS",15,360,1,6,3,4,8,1,2,5,3,5,3,6,1,0,0,0,5,52,0,"000053 - ACADEMIA BASTIDA S.L.","B20777058","DESESTIMADA","Baliabide ekonomikoeza prozeduran (art. 7, párrafo 2, apartado b) / Falta de crédito presupuestario en el procedimiento (art. 7, párrafo 2, apartado b)",52,"NO"]
[null,null,null," ",17200623,"ADGG0408 - OPERACIONES AUXILIARES DE SERVICIOS ADMINISTRATIVOS Y GENERALES",15,390,1,6,3,4,9,1,2,5,3,4,3,6,0,0,0,0,5,51,0,"000241 - ASOCIACIÓN PEDAGÓGICA MENDIBIL","G20432118","DESESTIMADA","Baliabide ekonomikoeza prozeduran (art. 7, párrafo 2, apartado b) / Falta de crédito presupuestario en el procedimiento (art. 7, párrafo 2, apartado b)",51,"NO"]
[null,null,null," ",17200417,"ADGG0408 - OPERACIONES AUXILIARES DE SERVICIOS ADMINISTRATIVOS Y GENERALES",20,390,1,6,3,4,9,1,2,5,3,5,1,5,1,0,0,0,5,50,0,"000377 - CAMARA DE GIPUZKOA","Q2073001F","DESESTIMADA","Baliabide ekonomikoeza prozeduran (art. 7, párrafo 2, apartado b) / Falta de crédito presupuestario en el procedimiento (art. 7, párrafo 2, apartado b)",50,"NO"]
[null,null,null," ",17200690,"ADGG0408 - OPERACIONES AUXILIARES DE SERVICIOS ADMINISTRATIVOS Y GENERALES",15,390,1,6,3,4,9,1,2,5,3,3,3,4,0,0,0,0,5,48,0,"000091 - ESCUELA AREA","B20438370","DESESTIMADA","Baliabide ekonomikoeza prozeduran (art. 7, párrafo 2, apartado b) / Falta de crédito presupuestario en el procedimiento (art. 7, párrafo 2, apartado b)",48,"NO"]
[null,null,null," ",17200685,"ADGG0508 - OPERACIONES DE GRABACIÓN Y TRATAMIENTO DE DATOS Y DOCUMENTOS",15,360,1,6,3,4,8,1,2,5,3,3,3,4,0,0,0,0,5,47,0,"000091 - ESCUELA AREA","B20438370","DESESTIMADA","Baliabide ekonomikoeza prozeduran (art. 7, párrafo 2, apartado b) / Falta de crédito presupuestario en el procedimiento (art. 7, párrafo 2, apartado b)",47,"NO"]
[null,null,null," ",17201608,"ADGD0308 - ACTIVIDADES DE GESTIÓN ADMINISTRATIVA",15,800,2,6,4,4,9,1,2,9,3,5,3,5,1,1,1,0,8,61,0,"001592 - NAZARET","G75116525","DESESTIMADA","Baliabide ekonomikoeza prozeduran (art. 7, párrafo 2, apartado b) / Falta de crédito presupuestario en el procedimiento (art. 7, párrafo 2, apartado b)",61,"NO"]
[null,null,null," ",17201639,"ADGD0308 - ACTIVIDADES DE GESTIÓN ADMINISTRATIVA",15,800,2,6,4,4,9,1,2,8,6,5,3,4,0,1,1,0,8,61,0,"000427 - INNOVACIÓN Y COORDINACIÓN EN ESTRATEGIAS FORMATIV","B75071613","DESESTIMADA","Baliabide ekonomikoeza prozeduran (art. 7, párrafo 2, apartado b) / Falta de crédito presupuestario en el procedimiento (art. 7, párrafo 2, apartado b)",61,"NO"]
[null,null,null," ",17200065,"ADGD0308 - ACTIVIDADES DE GESTIÓN ADMINISTRATIVA",15,800,2,6,4,4,9,1,2,7,6,5,3,6,1,1,1,0,5,60,0,"000002 - CEBANC","A20045548","DESESTIMADA","Baliabide ekonomikoeza prozeduran (art. 7, párrafo 2, apartado b) / Falta de crédito presupuestario en el procedimiento (art. 7, párrafo 2, apartado b)",60,"NO"]
[null,null,null," ",17201607,"ADGG0208 - ACTIVIDADES ADMINISTRATIVAS EN LA RELACIÓN CON EL CLIENTE",15,680,2,6,4,4,9,1,2,9,3,5,3,5,1,1,1,0,5,58,0,"001592 - NAZARET","G75116525","DESESTIMADA","Baliabide ekonomikoeza prozeduran (art. 7, párrafo 2, apartado b) / Falta de crédito presupuestario en el procedimiento (art. 7, párrafo 2, apartado b)",58,"NO"]
[null,null,null," ",17200524,"ADGG0208 - ACTIVIDADES ADMINISTRATIVAS EN LA RELACIÓN CON EL CLIENTE",15,680,2,6,4,4,9,1,2,8,6,5,3,4,0,1,1,0,5,58,0,"000427 - INNOVACIÓN Y COORDINACIÓN EN ESTRATEGIAS FORMATIV","B75071613","DESESTIMADA","Baliabide ekonomikoeza prozeduran (art. 7, párrafo 2, apartado b) / Falta de crédito presupuestario en el procedimiento (art. 7, párrafo 2, apartado b)",58,"NO"]
[null,null,null," ",17200011,"ADGD0308 - ACTIVIDADES DE GESTIÓN ADMINISTRATIVA",15,190,2,6,4,4,9,1,2,6,5,3,3,5,0,1,1,0,8,57,0,"000109 - IRUNGO LA SALLE","R2000194G","DESESTIMADA","Baliabide ekonomikoeza prozeduran (art. 7, párrafo 2, apartado b) / Falta de crédito presupuestario en el procedimiento (art. 7, párrafo 2, apartado b)",57,"NO"]
[null,null,null," ",17200007,"ADGD0308 - ACTIVIDADES DE GESTIÓN ADMINISTRATIVA",15,800,2,6,4,4,9,1,2,6,5,3,3,5,0,1,1,0,8,57,0,"000109 - IRUNGO LA SALLE","R2000194G","DESESTIMADA","Baliabide ekonomikoeza prozeduran (art. 7, párrafo 2, apartado b) / Falta de crédito presupuestario en el procedimiento (art. 7, párrafo 2, apartado b)",57,"NO"]
[null,null,null," ",17200009,"ADGD0308 - ACTIVIDADES DE GESTIÓN ADMINISTRATIVA",15,340,2,6,4,4,9,1,2,6,5,3,3,5,0,1,1,0,8,57,0,"000109 - IRUNGO LA SALLE","R2000194G","DESESTIMADA","Baliabide ekonomikoeza prozeduran (art. 7, párrafo 2, apartado b) / Falta de crédito presupuestario en el procedimiento (art. 7, párrafo 2, apartado b)",57,"NO"]
[null,null,null," ",17200802,"ADGD0308 - ACTIVIDADES DE GESTIÓN ADMINISTRATIVA",15,280,2,6,4,4,9,1,2,5,6,5,3,6,0,1,1,0,5,57,0,"000111 - INST.TRANSPORTE, COMERCIO Y MARKETING","G20643581","DESESTIMADA","Baliabide ekonomikoeza prozeduran (art. 7, párrafo 2, apartado b) / Falta de crédito presupuestario en el procedimiento (art. 7, párrafo 2, apartado b)",57,"NO"]
[null,null,null," ",17200367,"ADGD0308 - ACTIVIDADES DE GESTIÓN ADMINISTRATIVA",15,800,2,6,4,4,9,1,2,6,5,4,3,8,1,0,0,0,3,56,0,"000093 - CEAM S.L.","B01030766","DESESTIMADA","Baliabide ekonomikoeza prozeduran (art. 7, párrafo 2, apartado b) / Falta de crédito presupuestario en el procedimiento (art. 7, párrafo 2, apartado b)",56,"NO"]
[null,null,null," ",17200772,"ADGD0308 - ACTIVIDADES DE GESTIÓN ADMINISTRATIVA",15,800,2,6,4,4,9,1,2,5,6,2,3,4,0,1,1,0,8,55,0,"000073 - LA SALLE-BERROZPE","G20045118","DESESTIMADA","Baliabide ekonomikoeza prozeduran (art. 7, párrafo 2, apartado b) / Falta de crédito presupuestario en el procedimiento (art. 7, párrafo 2, apartado b)",55,"NO"]
[null,null,null," ",17200760,"ADGG0208 - ACTIVIDADES ADMINISTRATIVAS EN LA RELACIÓN CON EL CLIENTE",15,680,2,6,4,4,9,1,2,5,3,5,3,5,0,0,0,0,7,54,0,"000115 - CENTRO ESTUDIOS ZUBELDIA","B20686242","DESESTIMADA","Baliabide ekonomikoeza prozeduran (art. 7, párrafo 2, apartado b) / Falta de crédito presupuestario en el procedimiento (art. 7, párrafo 2, apartado b)",54,"NO"]
[null,null,null," ",17200859,"ADGD0308 - ACTIVIDADES DE GESTIÓN ADMINISTRATIVA",15,190,2,6,4,4,9,1,2,5,5,2,3,5,1,2,2,0,5,54,0,"000116 - UROLALDE","B20149134","DESESTIMADA","Baliabide ekonomikoeza prozeduran (art. 7, párrafo 2, apartado b) / Falta de crédito presupuestario en el procedimiento (art. 7, párrafo 2, apartado b)",54,"NO"]
[null,null,null," ",17200733,"ADGD0308 - ACTIVIDADES DE GESTIÓN ADMINISTRATIVA",15,190,2,6,4,4,9,1,2,5,5,2,3,5,1,2,2,0,5,54,0,"000018 - UROLALDE S.L.","B20149134","DESESTIMADA","Baliabide ekonomikoeza prozeduran (art. 7, párrafo 2, apartado b) / Falta de crédito presupuestario en el procedimiento (art. 7, párrafo 2, apartado b)",54,"NO"]
[null,null,null," ",17200788,"ADGD0308 - ACTIVIDADES DE GESTIÓN ADMINISTRATIVA",15,90,2,6,4,4,9,1,2,5,5,2,3,5,1,2,2,0,5,54,0,"000018 - UROLALDE S.L.","B20149134","DESESTIMADA","Baliabide ekonomikoeza prozeduran (art. 7, párrafo 2, apartado b) / Falta de crédito presupuestario en el procedimiento (art. 7, párrafo 2, apartado b)",54,"NO"]
[null,null,null," ",17200860,"ADGD0308 - ACTIVIDADES DE GESTIÓN ADMINISTRATIVA",15,90,2,6,4,4,9,1,2,5,5,2,3,5,1,2,2,0,5,54,0,"000116 - UROLALDE","B20149134","DESESTIMADA","Baliabide ekonomikoeza prozeduran (art. 7, párrafo 2, apartado b) / Falta de crédito presupuestario en el procedimiento (art. 7, párrafo 2, apartado b)",54,"NO"]
[null,null,null," ",17200792,"ADGD0308 - ACTIVIDADES DE GESTIÓN ADMINISTRATIVA",15,120,2,6,4,4,9,1,2,5,5,2,3,5,1,2,2,0,5,54,0,"000018 - UROLALDE S.L.","B20149134","DESESTIMADA","Baliabide ekonomikoeza prozeduran (art. 7, párrafo 2, apartado b) / Falta de crédito presupuestario en el procedimiento (art. 7, párrafo 2, apartado b)",54,"NO"]
[null,null,null," ",17200861,"ADGD0308 - ACTIVIDADES DE GESTIÓN ADMINISTRATIVA",15,120,2,6,4,4,9,1,2,5,5,2,3,5,1,2,2,0,5,54,0,"000116 - UROLALDE","B20149134","DESESTIMADA","Baliabide ekonomikoeza prozeduran (art. 7, párrafo 2, apartado b) / Falta de crédito presupuestario en el procedimiento (art. 7, párrafo 2, apartado b)",54,"NO"]
[null,null,null," ",17200889,"ADGD0308 - ACTIVIDADES DE GESTIÓN ADMINISTRATIVA",15,400,2,6,4,4,9,1,2,5,5,2,3,5,1,2,2,0,5,54,0,"000116 - UROLALDE","B20149134","DESESTIMADA","Baliabide ekonomikoeza prozeduran (art. 7, párrafo 2, apartado b) / Falta de crédito presupuestario en el procedimiento (art. 7, párrafo 2, apartado b)",54,"NO"]
[null,null,null," ",17200900,"ADGD0308 - ACTIVIDADES DE GESTIÓN ADMINISTRATIVA",15,400,2,6,4,4,9,1,2,5,5,2,3,5,1,2,2,0,5,54,0,"000018 - UROLALDE S.L.","B20149134","DESESTIMADA","Baliabide ekonomikoeza prozeduran (art. 7, párrafo 2, apartado b) / Falta de crédito presupuestario en el procedimiento (art. 7, párrafo 2, apartado b)",54,"NO"]
[null,null,null," ",17201640,"ADGD0308 - ACTIVIDADES DE GESTIÓN ADMINISTRATIVA",15,800,2,6,4,4,9,1,2,5,5,2,3,5,1,2,2,0,5,54,0,"000116 - UROLALDE","B20149134","DESESTIMADA","Baliabide ekonomikoeza prozeduran (art. 7, párrafo 2, apartado b) / Falta de crédito presupuestario en el procedimiento (art. 7, párrafo 2, apartado b)",54,"NO"]
[null,null,null," ",17200336,"ADGD0308 - ACTIVIDADES DE GESTIÓN ADMINISTRATIVA",15,800,2,6,4,4,9,1,2,5,3,5,3,6,1,0,0,0,5,54,0,"000053 - ACADEMIA BASTIDA S.L.","B20777058","DESESTIMADA","Baliabide ekonomikoeza prozeduran (art. 7, párrafo 2, apartado b) / Falta de crédito presupuestario en el procedimiento (art. 7, párrafo 2, apartado b)",54,"NO"]
[null,null,null," ",17200338,"ADGG0208 - ACTIVIDADES ADMINISTRATIVAS EN LA RELACIÓN CON EL CLIENTE",15,680,2,6,4,4,9,1,2,5,3,5,3,6,1,0,0,0,5,54,0,"000053 - ACADEMIA BASTIDA S.L.","B20777058","DESESTIMADA","Baliabide ekonomikoeza prozeduran (art. 7, párrafo 2, apartado b) / Falta de crédito presupuestario en el procedimiento (art. 7, párrafo 2, apartado b)",54,"NO"]
[null,null,null," ",17200876,"ADGD0308 - ACTIVIDADES DE GESTIÓN ADMINISTRATIVA",15,800,2,6,4,4,9,1,2,7,5,4,2,4,0,0,0,0,5,53,0,"000413 - URKO SERVICIOS DE PREVENCION S.COOP. EIBAR","F20668570","DESESTIMADA","Baliabide ekonomikoeza prozeduran (art. 7, párrafo 2, apartado b) / Falta de crédito presupuestario en el procedimiento (art. 7, párrafo 2, apartado b)",53,"NO"]
[null,null,null," ",17200765,"ADGG0208 - ACTIVIDADES ADMINISTRATIVAS EN LA RELACIÓN CON EL CLIENTE",15,680,2,6,4,4,9,1,2,7,5,4,2,4,0,0,0,0,5,53,0,"000360 - URKO SERVICIOS DE PREVENCION S.COOP.","F20668570","DESESTIMADA","Baliabide ekonomikoeza prozeduran (art. 7, párrafo 2, apartado b) / Falta de crédito presupuestario en el procedimiento (art. 7, párrafo 2, apartado b)",53,"NO"]
[null,null,null," ",17200709,"ADGD0308 - ACTIVIDADES DE GESTIÓN ADMINISTRATIVA",17,190,2,6,4,4,9,1,2,5,3,5,1,5,1,0,0,0,6,52,0,"000377 - CAMARA DE GIPUZKOA","Q2073001F","DESESTIMADA","Baliabide ekonomikoeza prozeduran (art. 7, párrafo 2, apartado b) / Falta de crédito presupuestario en el procedimiento (art. 7, párrafo 2, apartado b)",52,"NO"]
[null,null,null," ",17200409,"ADGD0308 - ACTIVIDADES DE GESTIÓN ADMINISTRATIVA",20,800,2,6,4,4,9,1,2,5,3,5,1,5,1,0,0,0,6,52,0,"000377 - CAMARA DE GIPUZKOA","Q2073001F","DESESTIMADA","Baliabide ekonomikoeza prozeduran (art. 7, párrafo 2, apartado b) / Falta de crédito presupuestario en el procedimiento (art. 7, párrafo 2, apartado b)",52,"NO"]
[null,null,null," ","17200350TF","ADGD0308 - ACTIVIDADES DE GESTIÓN ADMINISTRATIVA",31,800,2,6,4,4,9,1,1,7,5,4,2,4,0,0,0,0,5,52,0,"002762 - URKO SERVICIOS DE PREVENCION S.COOP.(Teleformación)","F20668570","DESESTIMADA","Baliabide ekonomikoeza prozeduran (art. 7, párrafo 2, apartado b) / Falta de crédito presupuestario en el procedimiento (art. 7, párrafo 2, apartado b)",52,"NO"]
[null,null,null," ",17200732,"ADGD0308 - ACTIVIDADES DE GESTIÓN ADMINISTRATIVA",15,800,2,6,4,4,9,1,2,7,3,2,0,4,0,0,0,0,9,51,0,"000029 - OPOTEST","E20183844","DESESTIMADA","Baliabide ekonomikoeza prozeduran (art. 7, párrafo 2, apartado b) / Falta de crédito presupuestario en el procedimiento (art. 7, párrafo 2, apartado b)",51,"NO"]
[null,null,null," ",17200704,"ADGD0308 - ACTIVIDADES DE GESTIÓN ADMINISTRATIVA",15,800,2,6,4,4,9,1,2,5,6,1,3,4,0,1,1,0,5,51,0,"000008 - OTEITZA LIZEO POLITEKNIKOA","G20884417","DESESTIMADA","Baliabide ekonomikoeza prozeduran (art. 7, párrafo 2, apartado b) / Falta de crédito presupuestario en el procedimiento (art. 7, párrafo 2, apartado b)",51,"NO"]
[null,null,null," ",17200419,"ADGG0208 - ACTIVIDADES ADMINISTRATIVAS EN LA RELACIÓN CON EL CLIENTE",20,680,2,6,4,4,9,1,2,5,3,5,1,5,1,0,0,0,5,51,0,"000377 - CAMARA DE GIPUZKOA","Q2073001F","DESESTIMADA","Baliabide ekonomikoeza prozeduran (art. 7, párrafo 2, apartado b) / Falta de crédito presupuestario en el procedimiento (art. 7, párrafo 2, apartado b)",51,"NO"]
[null,null,null," ",17200689,"ADGG0208 - ACTIVIDADES ADMINISTRATIVAS EN LA RELACIÓN CON EL CLIENTE",15,680,2,6,4,4,9,1,2,5,3,3,3,4,0,0,0,0,5,49,0,"000091 - ESCUELA AREA","B20438370","DESESTIMADA","Baliabide ekonomikoeza prozeduran (art. 7, párrafo 2, apartado b) / Falta de crédito presupuestario en el procedimiento (art. 7, párrafo 2, apartado b)",49,"NO"]
[null,null,null," ",17200306,"ADGD0308 - ACTIVIDADES DE GESTIÓN ADMINISTRATIVA",15,800,2,6,4,4,9,1,2,5,3,1,0,4,0,0,0,0,8,47,0,"000149 - LABAT AKADEMIA","B20896551","DESESTIMADA","Baliabide ekonomikoeza prozeduran (art. 7, párrafo 2, apartado b) / Falta de crédito presupuestario en el procedimiento (art. 7, párrafo 2, apartado b)",47,"NO"]
[null,null,null," ",17200100,"ADGD0308 - ACTIVIDADES DE GESTIÓN ADMINISTRATIVA",16,800,2,6,4,4,9,1,2,5,5,1,0,0,0,0,0,0,6,43,0,"000023 - CHIP'S INFORMATICA","B20167821","DESESTIMADA","Baliabide ekonomikoeza prozeduran (art. 7, párrafo 2, apartado b) / Falta de crédito presupuestario en el procedimiento (art. 7, párrafo 2, apartado b)",43,"NO"]
[null,null,null," ",17200201,"ADGD0308 - ACTIVIDADES DE GESTIÓN ADMINISTRATIVA",16,90,2,6,4,4,9,1,2,5,5,1,0,0,0,0,0,0,6,43,0,"000023 - CHIP'S INFORMATICA","B20167821","DESESTIMADA","Baliabide ekonomikoeza prozeduran (art. 7, párrafo 2, apartado b) / Falta de crédito presupuestario en el procedimiento (art. 7, párrafo 2, apartado b)",43,"NO"]
[null,null,null," ",17200202,"ADGD0308 - ACTIVIDADES DE GESTIÓN ADMINISTRATIVA",16,120,2,6,4,4,9,1,2,5,5,1,0,0,0,0,0,0,6,43,0,"000023 - CHIP'S INFORMATICA","B20167821","DESESTIMADA","Baliabide ekonomikoeza prozeduran (art. 7, párrafo 2, apartado b) / Falta de crédito presupuestario en el procedimiento (art. 7, párrafo 2, apartado b)",43,"NO"]
[null,null,null," ",17200203,"ADGD0308 - ACTIVIDADES DE GESTIÓN ADMINISTRATIVA",16,190,2,6,4,4,9,1,2,5,5,1,0,0,0,0,0,0,6,43,0,"000023 - CHIP'S INFORMATICA","B20167821","DESESTIMADA","Baliabide ekonomikoeza prozeduran (art. 7, párrafo 2, apartado b) / Falta de crédito presupuestario en el procedimiento (art. 7, párrafo 2, apartado b)",43,"NO"]
[null,null,null," ",17200204,"ADGD0308 - ACTIVIDADES DE GESTIÓN ADMINISTRATIVA",16,360,2,6,4,4,9,1,2,5,5,1,0,0,0,0,0,0,6,43,0,"000023 - CHIP'S INFORMATICA","B20167821","DESESTIMADA","Baliabide ekonomikoeza prozeduran (art. 7, párrafo 2, apartado b) / Falta de crédito presupuestario en el procedimiento (art. 7, párrafo 2, apartado b)",43,"NO"]
[null,null,null," ",17200214,"ADGD0308 - ACTIVIDADES DE GESTIÓN ADMINISTRATIVA",15,800,2,6,4,4,9,1,2,5,3,0,0,0,0,0,0,0,5,39,0,"000054 - INFORLINE","E20445821","DESESTIMADA","Baliabide ekonomikoeza prozeduran (art. 7, párrafo 2, apartado b) / Falta de crédito presupuestario en el procedimiento (art. 7, párrafo 2, apartado b)",39,"NO"]
[null,null,null," ",17200034,"ADGD0308 - ACTIVIDADES DE GESTIÓN ADMINISTRATIVA",15,800,2,6,4,4,9,1,2,5,1,1,0,0,0,0,0,0,5,38,0,"000332 - ELIZARAN IKASTETXEA","G20997714","DESESTIMADA","Baliabide ekonomikoeza prozeduran (art. 7, párrafo 2, apartado b) / Falta de crédito presupuestario en el procedimiento (art. 7, párrafo 2, apartado b)",38,"NO"]
[null,null,null," ",17200360,"ADGG0208 - ACTIVIDADES ADMINISTRATIVAS EN LA RELACIÓN CON EL CLIENTE",15,680,2,6,4,4,9,1,2,5,1,1,0,0,0,0,0,0,5,38,0,"000332 - ELIZARAN IKASTETXEA","G20997714","DESESTIMADA","Baliabide ekonomikoeza prozeduran (art. 7, párrafo 2, apartado b) / Falta de crédito presupuestario en el procedimiento (art. 7, párrafo 2, apartado b)",38,"NO"]
[null,null,null," ",17200188,"ADGD0108 - GESTIÓN CONTABLE Y GESTIÓN ADMINISTRATIVA PARA AUDITORÍA",15,550,3,6,2,4,9,1,2,9,6,5,3,5,0,1,1,0,5,58,0,"000130 - CENTRO DE ESTUDIOS A.E.G.","B20409892","DESESTIMADA","Baliabide ekonomikoeza prozeduran (art. 7, párrafo 2, apartado b) / Falta de crédito presupuestario en el procedimiento (art. 7, párrafo 2, apartado b)",58,"NO"]
[null,null,null," ",17200189,"ADGD0208 - GESTIÓN INTEGRADA DE RECURSOS HUMANOS",15,670,3,6,2,4,9,1,2,9,6,5,3,5,0,1,1,0,5,58,0,"000130 - CENTRO DE ESTUDIOS A.E.G.","B20409892","DESESTIMADA","Baliabide ekonomikoeza prozeduran (art. 7, párrafo 2, apartado b) / Falta de crédito presupuestario en el procedimiento (art. 7, párrafo 2, apartado b)",58,"NO"]
[null,null,null," ",17200061,"ADGD0108 - GESTIÓN CONTABLE Y GESTIÓN ADMINISTRATIVA PARA AUDITORÍA",15,550,3,6,2,4,9,1,2,7,6,5,3,6,1,1,1,0,5,58,0,"000002 - CEBANC","A20045548","DESESTIMADA","Baliabide ekonomikoeza prozeduran (art. 7, párrafo 2, apartado b) / Falta de crédito presupuestario en el procedimiento (art. 7, párrafo 2, apartado b)",58,"NO"]
[null,null,null," ",17200063,"ADGD0208 - GESTIÓN INTEGRADA DE RECURSOS HUMANOS",15,670,3,6,2,4,9,1,2,7,6,5,3,6,1,1,1,0,5,58,0,"000002 - CEBANC","A20045548","DESESTIMADA","Baliabide ekonomikoeza prozeduran (art. 7, párrafo 2, apartado b) / Falta de crédito presupuestario en el procedimiento (art. 7, párrafo 2, apartado b)",58,"NO"]
[null,null,null," ",17200222,"ADGD0210 - CREACIÓN Y GESTIÓN DE MICROEMPRESAS",15,480,3,6,2,4,8,1,2,8,3,3,3,8,1,1,1,0,7,57,0,"000065 - AGRUPACION SDADES.LABORALES DE EUSKADI","G48156996","DESESTIMADA","Baliabide ekonomikoeza prozeduran (art. 7, párrafo 2, apartado b) / Falta de crédito presupuestario en el procedimiento (art. 7, párrafo 2, apartado b)",57,"NO"]
[null,null,null," ",17201609,"ADGD0108 - GESTIÓN CONTABLE Y GESTIÓN ADMINISTRATIVA PARA AUDITORÍA",15,550,3,6,2,4,9,1,2,9,3,5,3,5,1,1,1,0,6,57,0,"001592 - NAZARET","G75116525","DESESTIMADA","Baliabide ekonomikoeza prozeduran (art. 7, párrafo 2, apartado b) / Falta de crédito presupuestario en el procedimiento (art. 7, párrafo 2, apartado b)",57,"NO"]
[null,null,null," ",17200219,"ADGD0108 - GESTIÓN CONTABLE Y GESTIÓN ADMINISTRATIVA PARA AUDITORÍA",15,550,3,6,2,4,9,1,2,8,3,3,3,8,1,1,1,0,6,57,0,"000065 - AGRUPACION SDADES.LABORALES DE EUSKADI","G48156996","DESESTIMADA","Baliabide ekonomikoeza prozeduran (art. 7, párrafo 2, apartado b) / Falta de crédito presupuestario en el procedimiento (art. 7, párrafo 2, apartado b)",57,"NO"]
[null,null,null," ",17200220,"ADGD0208 - GESTIÓN INTEGRADA DE RECURSOS HUMANOS",15,670,3,6,2,4,9,1,2,8,3,3,3,8,1,1,1,0,6,57,0,"000065 - AGRUPACION SDADES.LABORALES DE EUSKADI","G48156996","DESESTIMADA","Baliabide ekonomikoeza prozeduran (art. 7, párrafo 2, apartado b) / Falta de crédito presupuestario en el procedimiento (art. 7, párrafo 2, apartado b)",57,"NO"]
[null,null,null," ",17200373,"ADGD0108 - GESTIÓN CONTABLE Y GESTIÓN ADMINISTRATIVA PARA AUDITORÍA",15,550,3,6,2,4,9,1,2,6,5,4,3,8,1,0,0,0,6,57,0,"000093 - CEAM S.L.","B01030766","DESESTIMADA","Baliabide ekonomikoeza prozeduran (art. 7, párrafo 2, apartado b) / Falta de crédito presupuestario en el procedimiento (art. 7, párrafo 2, apartado b)",57,"NO"]
[null,null,null," ",17200370,"ADGD0208 - GESTIÓN INTEGRADA DE RECURSOS HUMANOS",15,330,3,6,2,4,9,1,2,6,5,4,3,8,1,0,0,0,6,57,0,"000093 - CEAM S.L.","B01030766","DESESTIMADA","Baliabide ekonomikoeza prozeduran (art. 7, párrafo 2, apartado b) / Falta de crédito presupuestario en el procedimiento (art. 7, párrafo 2, apartado b)",57,"NO"]
[null,null,null," ",17200069,"ADGD0210 - CREACIÓN Y GESTIÓN DE MICROEMPRESAS",15,480,3,6,2,4,8,1,2,7,6,5,3,6,1,1,1,0,5,57,0,"000002 - CEBANC","A20045548","DESESTIMADA","Baliabide ekonomikoeza prozeduran (art. 7, párrafo 2, apartado b) / Falta de crédito presupuestario en el procedimiento (art. 7, párrafo 2, apartado b)",57,"NO"]
[null,null,null," ",17200258,"ADGG0108 - ASISTENCIA A LA DIRECCIÓN",15,530,3,6,2,4,7,1,2,9,6,5,3,5,0,1,1,0,5,56,0,"000130 - CENTRO DE ESTUDIOS A.E.G.","B20409892","DESESTIMADA","Baliabide ekonomikoeza prozeduran (art. 7, párrafo 2, apartado b) / Falta de crédito presupuestario en el procedimiento (art. 7, párrafo 2, apartado b)",56,"NO"]
[null,null,null," ",17200279,"ADGD0208 - GESTIÓN INTEGRADA DE RECURSOS HUMANOS",15,550,3,6,2,4,9,1,2,9,3,5,3,5,1,1,1,0,5,56,0,"001592 - NAZARET","G75116525","DESESTIMADA","Baliabide ekonomikoeza prozeduran (art. 7, párrafo 2, apartado b) / Falta de crédito presupuestario en el procedimiento (art. 7, párrafo 2, apartado b)",{"$f":"SUM(J1498,K1498,L1498,M1498,N1498,O1498,P1498,Q1498,R1498,S1498,T1498,U1498,W1498,X1498,Y1498)","v":56},{"$f":"IF(Z1498 <> AF1498,\"SI\",\"NO\")","v":"NO"}]
[null,null,null," ",17200141,"ADGG0308 - ASISTENCIA DOCUMENTAL Y DE GESTIÓN EN DESPACHOS Y OFICINAS",15,670,3,6,2,4,9,1,2,9,3,5,3,5,1,1,1,0,5,56,0,"001592 - NAZARET","G75116525","DESESTIMADA","Baliabide ekonomikoeza prozeduran (art. 7, párrafo 2, apartado b) / Falta de crédito presupuestario en el procedimiento (art. 7, párrafo 2, apartado b)",56,"NO"]
[null,null,null," ",17200190,"ADGD0210 - CREACIÓN Y GESTIÓN DE MICROEMPRESAS",15,480,3,6,2,4,8,3,2,9,6,5,3,5,0,1,1,0,2,56,0,"000130 - CENTRO DE ESTUDIOS A.E.G.","B20409892","DESESTIMADA","Baliabide ekonomikoeza prozeduran (art. 7, párrafo 2, apartado b) / Falta de crédito presupuestario en el procedimiento (art. 7, párrafo 2, apartado b)",56,"NO"]
[null,null,null," ",17200139,"ADGD0210 - CREACIÓN Y GESTIÓN DE MICROEMPRESAS",15,480,3,6,2,4,8,1,2,9,3,5,3,5,1,1,1,0,5,55,0,"001592 - NAZARET","G75116525","DESESTIMADA","Baliabide ekonomikoeza prozeduran (art. 7, párrafo 2, apartado b) / Falta de crédito presupuestario en el procedimiento (art. 7, párrafo 2, apartado b)",55,"NO"]
[null,null,null," ",17200277,"ADGG0108 - ASISTENCIA A LA DIRECCIÓN",15,450,3,6,2,4,7,1,2,9,3,5,3,5,1,1,1,0,5,54,0,"001592 - NAZARET","G75116525","DESESTIMADA","Baliabide ekonomikoeza prozeduran (art. 7, párrafo 2, apartado b) / Falta de crédito presupuestario en el procedimiento (art. 7, párrafo 2, apartado b)",54,"NO"]
[null,null,null," ",17200018,"ADGD0208 - GESTIÓN INTEGRADA DE RECURSOS HUMANOS",15,360,3,6,2,4,9,1,2,6,5,3,3,5,0,1,1,0,5,52,0,"000109 - IRUNGO LA SALLE","R2000194G","DESESTIMADA","Baliabide ekonomikoeza prozeduran (art. 7, párrafo 2, apartado b) / Falta de crédito presupuestario en el procedimiento (art. 7, párrafo 2, apartado b)",52,"NO"]
[null,null,null," ",17200340,"ADGD0108 - GESTIÓN CONTABLE Y GESTIÓN ADMINISTRATIVA PARA AUDITORÍA",15,550,3,6,2,4,9,1,2,5,3,5,3,6,1,0,0,0,5,52,0,"000053 - ACADEMIA BASTIDA S.L.","B20777058","DESESTIMADA","Baliabide ekonomikoeza prozeduran (art. 7, párrafo 2, apartado b) / Falta de crédito presupuestario en el procedimiento (art. 7, párrafo 2, apartado b)",52,"NO"]
[null,null,null," ",17200341,"ADGD0208 - GESTIÓN INTEGRADA DE RECURSOS HUMANOS",15,670,3,6,2,4,9,1,2,5,3,5,3,6,1,0,0,0,5,52,0,"000053 - ACADEMIA BASTIDA S.L.","B20777058","DESESTIMADA","Baliabide ekonomikoeza prozeduran (art. 7, párrafo 2, apartado b) / Falta de crédito presupuestario en el procedimiento (art. 7, párrafo 2, apartado b)",52,"NO"]
[null,null,null," ",17200344,"ADGG0308 - ASISTENCIA DOCUMENTAL Y DE GESTIÓN EN DESPACHOS Y OFICINAS",15,670,3,6,2,4,9,1,2,5,3,5,3,6,1,0,0,0,5,52,0,"000053 - ACADEMIA BASTIDA S.L.","B20777058","DESESTIMADA","Baliabide ekonomikoeza prozeduran (art. 7, párrafo 2, apartado b) / Falta de crédito presupuestario en el procedimiento (art. 7, párrafo 2, apartado b)",52,"NO"]
[null,null,null," ",17200875,"ADGD0108 - GESTIÓN CONTABLE Y GESTIÓN ADMINISTRATIVA PARA AUDITORÍA",15,550,3,6,2,4,9,1,2,7,5,4,2,4,0,0,0,0,5,51,0,"000413 - URKO SERVICIOS DE PREVENCION S.COOP. EIBAR","F20668570","DESESTIMADA","Baliabide ekonomikoeza prozeduran (art. 7, párrafo 2, apartado b) / Falta de crédito presupuestario en el procedimiento (art. 7, párrafo 2, apartado b)",51,"NO"]
[null,null,null," ",17200766,"ADGG0308 - ASISTENCIA DOCUMENTAL Y DE GESTIÓN EN DESPACHOS Y OFICINAS",15,670,3,6,2,4,9,1,2,7,5,4,2,4,0,0,0,0,5,51,0,"000360 - URKO SERVICIOS DE PREVENCION S.COOP.","F20668570","DESESTIMADA","Baliabide ekonomikoeza prozeduran (art. 7, párrafo 2, apartado b) / Falta de crédito presupuestario en el procedimiento (art. 7, párrafo 2, apartado b)",51,"NO"]
[null,null,null," ","17200516TF","ADGD0208 - GESTIÓN INTEGRADA DE RECURSOS HUMANOS",25,670,3,6,2,4,9,1,1,5,3,5,3,6,1,0,0,0,5,51,0,"002748 - ACADEMIA BASTIDA S.L.(Teleformación)","B20777058","DESESTIMADA","Baliabide ekonomikoeza prozeduran (art. 7, párrafo 2, apartado b) / Falta de crédito presupuestario en el procedimiento (art. 7, párrafo 2, apartado b)",51,"NO"]
[null,null,null," ",17200343,"ADGD0210 - CREACIÓN Y GESTIÓN DE MICROEMPRESAS",15,480,3,6,2,4,8,1,2,5,3,5,3,6,1,0,0,0,5,51,0,"000053 - ACADEMIA BASTIDA S.L.","B20777058","DESESTIMADA","Baliabide ekonomikoeza prozeduran (art. 7, párrafo 2, apartado b) / Falta de crédito presupuestario en el procedimiento (art. 7, párrafo 2, apartado b)",51,"NO"]
[null,null,null," ","17200657TF","ADGD0108 - GESTIÓN CONTABLE Y GESTIÓN ADMINISTRATIVA PARA AUDITORÍA",31,550,3,6,2,4,9,1,1,7,5,4,2,4,0,0,0,0,5,50,0,"002756 - URKO SERVICIOS DE PREVENCION S.COOP.(Teleformación)","F20668570","DESESTIMADA","Baliabide ekonomikoeza prozeduran (art. 7, párrafo 2, apartado b) / Falta de crédito presupuestario en el procedimiento (art. 7, párrafo 2, apartado b)",50,"NO"]
[null,null,null," ",17200774,"ADGD0210 - CREACIÓN Y GESTIÓN DE MICROEMPRESAS",15,480,3,6,2,4,8,1,2,5,6,2,3,4,0,1,1,0,5,49,0,"000073 - LA SALLE-BERROZPE","G20045118","DESESTIMADA","Baliabide ekonomikoeza prozeduran (art. 7, párrafo 2, apartado b) / Falta de crédito presupuestario en el procedimiento (art. 7, párrafo 2, apartado b)",49,"NO"]
[null,null,null," ",17200874,"ADGG0108 - ASISTENCIA A LA DIRECCIÓN",15,530,3,6,2,4,7,1,2,7,5,4,2,4,0,0,0,0,5,49,0,"000413 - URKO SERVICIOS DE PREVENCION S.COOP. EIBAR","F20668570","DESESTIMADA","Baliabide ekonomikoeza prozeduran (art. 7, párrafo 2, apartado b) / Falta de crédito presupuestario en el procedimiento (art. 7, párrafo 2, apartado b)",49,"NO"]
[null,null,null," ",17200421,"ADGD0108 - GESTIÓN CONTABLE Y GESTIÓN ADMINISTRATIVA PARA AUDITORÍA",20,550,3,6,2,4,9,1,2,5,3,5,1,5,1,0,0,0,5,49,0,"000377 - CAMARA DE GIPUZKOA","Q2073001F","DESESTIMADA","Baliabide ekonomikoeza prozeduran (art. 7, párrafo 2, apartado b) / Falta de crédito presupuestario en el procedimiento (art. 7, párrafo 2, apartado b)",49,"NO"]
[null,null,null," ",17200420,"ADGD0208 - GESTIÓN INTEGRADA DE RECURSOS HUMANOS",20,670,3,6,2,4,9,1,2,5,3,5,1,5,1,0,0,0,5,49,0,"000377 - CAMARA DE GIPUZKOA","Q2073001F","DESESTIMADA","Baliabide ekonomikoeza prozeduran (art. 7, párrafo 2, apartado b) / Falta de crédito presupuestario en el procedimiento (art. 7, párrafo 2, apartado b)",49,"NO"]
[null,null,null," ",17200723,"ADGG0308 - ASISTENCIA DOCUMENTAL Y DE GESTIÓN EN DESPACHOS Y OFICINAS",15,670,3,6,2,4,9,1,2,5,3,3,3,4,0,0,0,0,5,47,0,"000181 - DO'S FORMACION","B20776472","DESESTIMADA","Baliabide ekonomikoeza prozeduran (art. 7, párrafo 2, apartado b) / Falta de crédito presupuestario en el procedimiento (art. 7, párrafo 2, apartado b)",47,"NO"]
[null,null,null," ",17200232,"ADGD0108 - GESTIÓN CONTABLE Y GESTIÓN ADMINISTRATIVA PARA AUDITORÍA",15,240,3,6,2,4,9,1,2,7,3,2,0,4,0,0,0,0,6,46,0,"000029 - OPOTEST","E20183844","DESESTIMADA","Baliabide ekonomikoeza prozeduran (art. 7, párrafo 2, apartado b) / Falta de crédito presupuestario en el procedimiento (art. 7, párrafo 2, apartado b)",46,"NO"]
[null,null,null," ",17200233,"ADGD0208 - GESTIÓN INTEGRADA DE RECURSOS HUMANOS",15,210,3,6,2,4,9,1,2,7,3,2,0,4,0,0,0,0,6,46,0,"000029 - OPOTEST","E20183844","DESESTIMADA","Baliabide ekonomikoeza prozeduran (art. 7, párrafo 2, apartado b) / Falta de crédito presupuestario en el procedimiento (art. 7, párrafo 2, apartado b)",46,"NO"]
[null,null,null," ",17200695,"ADGD0210 - CREACIÓN Y GESTIÓN DE MICROEMPRESAS",15,480,3,6,2,4,8,1,2,5,3,3,3,4,0,0,0,0,5,46,0,"000091 - ESCUELA AREA","B20438370","DESESTIMADA","Baliabide ekonomikoeza prozeduran (art. 7, párrafo 2, apartado b) / Falta de crédito presupuestario en el procedimiento (art. 7, párrafo 2, apartado b)",46,"NO"]
[null,null,null," ",17200371,"ADGD0210 - CREACIÓN Y GESTIÓN DE MICROEMPRESAS",15,480,3,6,2,4,8,1,2,7,3,2,0,4,0,0,0,0,5,44,0,"000029 - OPOTEST","E20183844","DESESTIMADA","Baliabide ekonomikoeza prozeduran (art. 7, párrafo 2, apartado b) / Falta de crédito presupuestario en el procedimiento (art. 7, párrafo 2, apartado b)",44,"NO"]
[null,null,null," ",17200351,"ADGN0108 - FINANCIACIÓN DE EMPRESAS",15,120,3,6,2,4,6,1,2,7,3,2,0,4,0,0,0,0,5,42,0,"000029 - OPOTEST","E20183844","DESESTIMADA","Baliabide ekonomikoeza prozeduran (art. 7, párrafo 2, apartado b) / Falta de crédito presupuestario en el procedimiento (art. 7, párrafo 2, apartado b)",42,"NO"]
[null,null,null,"AFD",17201616,"AFDP0209 - SOCORRISMO EN ESPACIOS ACUÁTICOS NATURALES",15,340,2,2,4,4,7,1,2,5,6,2,3,6,1,0,0,0,5,48,0,"002258 - OFICINA PROVINCIAL DE CRUZ ROJA GIPUZKOA","Q2866001G","DESESTIMADA","Baliabide ekonomikoeza prozeduran (art. 7, párrafo 2, apartado b) / Falta de crédito presupuestario en el procedimiento (art. 7, párrafo 2, apartado b)",48,"NO"]
[null,null,null," ",17200210,"AFDA0110 - ACONDICIONAMIENTO FÍSICO EN GRUPO CON SOPORTE MUSICAL",15,470,3,2,2,4,8,3,2,8,0,0,0,0,0,0,0,0,5,34,0,"000321 - BARANDIARAN LIZEOA","F20068607","DESESTIMADA","Baliabide ekonomikoeza prozeduran (art. 7, párrafo 2, apartado b) / Falta de crédito presupuestario en el procedimiento (art. 7, párrafo 2, apartado b)",34,"NO"]
[null,null,null," ",17200001,"AFDA0210 - ACONDICIONAMIENTO FÍSICO EN SALA DE ENTRENAMIENTO POLIVALENTE",15,470,3,2,2,4,6,1,2,8,0,0,0,0,0,0,0,0,8,33,0,"000321 - BARANDIARAN LIZEOA","F20068607","DESESTIMADA","Baliabide ekonomikoeza prozeduran (art. 7, párrafo 2, apartado b) / Falta de crédito presupuestario en el procedimiento (art. 7, párrafo 2, apartado b)",33,"NO"]
[null,null,null," ",17200208,"AFDA0310 - ACTIVIDADES DE NATACIÓN",15,590,3,2,2,4,5,3,2,8,0,0,0,0,0,0,0,0,5,31,0,"000321 - BARANDIARAN LIZEOA","F20068607","DESESTIMADA","Baliabide ekonomikoeza prozeduran (art. 7, párrafo 2, apartado b) / Falta de crédito presupuestario en el procedimiento (art. 7, párrafo 2, apartado b)",31,"NO"]
[null,null,null,"AGA",17201631,"AGAO0108 - ACTIVIDADES AUXILIARES EN VIVEROS, JARDINES Y CENTROS DE JARDINERÍA",15,250,1,1,3,4,3,1,2,4,3,4,3,6,0,0,0,0,8,42,0,"000241 - ASOCIACIÓN PEDAGÓGICA MENDIBIL","G20432118","DESESTIMADA","Baliabide ekonomikoeza prozeduran (art. 7, párrafo 2, apartado b) / Falta de crédito presupuestario en el procedimiento (art. 7, párrafo 2, apartado b)",42,"NO"]
[null,null,null," ",17200628,"AGAX0208 - ACTIVIDADES AUXILIARES EN AGRICULTURA",15,330,1,1,3,4,5,1,2,4,3,4,3,6,0,0,0,0,3,39,0,"000241 - ASOCIACIÓN PEDAGÓGICA MENDIBIL","G20432118","DESESTIMADA","Baliabide ekonomikoeza prozeduran (art. 7, párrafo 2, apartado b) / Falta de crédito presupuestario en el procedimiento (art. 7, párrafo 2, apartado b)",39,"NO"]
[null,null,null,"ARG",17200680,"ARGG0110 - DISEÑO DE PRODUCTOS GRÁFICOS",15,560,3,2,2,4,6,1,2,9,3,3,3,4,0,0,0,0,7,46,0,"000091 - ESCUELA AREA","B20438370","DESESTIMADA","Baliabide ekonomikoeza prozeduran (art. 7, párrafo 2, apartado b) / Falta de crédito presupuestario en el procedimiento (art. 7, párrafo 2, apartado b)",46,"NO"]
[null,null,null," ",17200629,"ARGG0110 - DISEÑO DE PRODUCTOS GRÁFICOS",15,560,3,2,2,4,6,1,2,6,3,4,3,6,0,0,0,0,6,45,0,"000241 - ASOCIACIÓN PEDAGÓGICA MENDIBIL","G20432118","DESESTIMADA","Baliabide ekonomikoeza prozeduran (art. 7, párrafo 2, apartado b) / Falta de crédito presupuestario en el procedimiento (art. 7, párrafo 2, apartado b)",45,"NO"]
[null,null,null," ",17200804,"ARGG0110 - DISEÑO DE PRODUCTOS GRÁFICOS",15,560,3,2,2,4,6,1,2,5,5,2,3,5,1,2,2,0,5,45,0,"000018 - UROLALDE S.L.","B20149134","DESESTIMADA","Baliabide ekonomikoeza prozeduran (art. 7, párrafo 2, apartado b) / Falta de crédito presupuestario en el procedimiento (art. 7, párrafo 2, apartado b)",45,"NO"]
[null,null,null," ",17200031,"ARGN0110 - DESARROLLO DE PRODUCTOS EDITORIALES MULTIMEDIA",15,490,3,2,2,4,5,1,2,5,4,1,2,4,0,1,1,0,5,38,0,"000123 - SALESIANOS URNIETA","R2000419H","DESESTIMADA","Baliabide ekonomikoeza prozeduran (art. 7, párrafo 2, apartado b) / Falta de crédito presupuestario en el procedimiento (art. 7, párrafo 2, apartado b)",38,"NO"]
[null,null,null,"COM",17200668,"COML0110 - ACTIVIDADES AUXILIARES DE ALMACÉN",15,170,1,4,3,4,10,3,2,5,5,5,3,6,1,1,1,0,5,57,0,"000027 - CEI FORMACION Y ASESORAMIENTO EMPRESARIAL","B20308169","DESESTIMADA","Baliabide ekonomikoeza prozeduran (art. 7, párrafo 2, apartado b) / Falta de crédito presupuestario en el procedimiento (art. 7, párrafo 2, apartado b)",57,"NO"]
[null,null,null," ",17200072,"COMT0211 - ACTIVIDADES AUXILIARES DE COMERCIO",15,230,1,4,3,4,10,1,2,5,6,5,3,6,1,1,1,0,5,56,0,"000002 - CEBANC","A20045548","DESESTIMADA","Baliabide ekonomikoeza prozeduran (art. 7, párrafo 2, apartado b) / Falta de crédito presupuestario en el procedimiento (art. 7, párrafo 2, apartado b)",56,"NO"]
[null,null,null," ",17200667,"COML0110 - ACTIVIDADES AUXILIARES DE ALMACÉN",15,170,1,4,3,4,10,1,2,5,5,5,3,6,1,1,1,0,5,55,0,"000027 - CEI FORMACION Y ASESORAMIENTO EMPRESARIAL","B20308169","DESESTIMADA","Baliabide ekonomikoeza prozeduran (art. 7, párrafo 2, apartado b) / Falta de crédito presupuestario en el procedimiento (art. 7, párrafo 2, apartado b)",55,"NO"]
[null,null,null," ",17200771,"COMT0211 - ACTIVIDADES AUXILIARES DE COMERCIO",15,230,1,4,3,4,10,1,2,5,6,5,3,6,0,1,1,0,5,55,0,"000111 - INST.TRANSPORTE, COMERCIO Y MARKETING","G20643581","DESESTIMADA","Baliabide ekonomikoeza prozeduran (art. 7, párrafo 2, apartado b) / Falta de crédito presupuestario en el procedimiento (art. 7, párrafo 2, apartado b)",55,"NO"]
[null,null,null," ",17200776,"COMT0211 - ACTIVIDADES AUXILIARES DE COMERCIO",15,230,1,4,3,4,10,1,2,5,6,5,3,6,0,1,1,0,5,55,0,"000111 - INST.TRANSPORTE, COMERCIO Y MARKETING","G20643581","DESESTIMADA","Baliabide ekonomikoeza prozeduran (art. 7, párrafo 2, apartado b) / Falta de crédito presupuestario en el procedimiento (art. 7, párrafo 2, apartado b)",55,"NO"]
[null,null,null," ",17200348,"COML0110 - ACTIVIDADES AUXILIARES DE ALMACÉN",15,170,1,4,3,4,10,1,2,5,3,5,3,6,1,0,0,0,5,52,0,"000053 - ACADEMIA BASTIDA S.L.","B20777058","DESESTIMADA","Baliabide ekonomikoeza prozeduran (art. 7, párrafo 2, apartado b) / Falta de crédito presupuestario en el procedimiento (art. 7, párrafo 2, apartado b)",52,"NO"]
[null,null,null," ",17200353,"COML0110 - ACTIVIDADES AUXILIARES DE ALMACÉN",15,170,1,4,3,4,10,1,2,5,3,5,3,6,1,0,0,0,5,52,0,"000053 - ACADEMIA BASTIDA S.L.","B20777058","DESESTIMADA","Baliabide ekonomikoeza prozeduran (art. 7, párrafo 2, apartado b) / Falta de crédito presupuestario en el procedimiento (art. 7, párrafo 2, apartado b)",52,"NO"]
[null,null,null," ",17200349,"COML0110 - ACTIVIDADES AUXILIARES DE ALMACÉN",15,170,1,4,3,4,10,1,2,5,3,5,3,6,1,0,0,0,5,52,0,"000053 - ACADEMIA BASTIDA S.L.","B20777058","DESESTIMADA","Baliabide ekonomikoeza prozeduran (art. 7, párrafo 2, apartado b) / Falta de crédito presupuestario en el procedimiento (art. 7, párrafo 2, apartado b)",52,"NO"]
[null,null,null," ",17200355,"COMT0211 - ACTIVIDADES AUXILIARES DE COMERCIO",15,230,1,4,3,4,10,1,2,5,3,5,3,6,1,0,0,0,5,52,0,"000053 - ACADEMIA BASTIDA S.L.","B20777058","DESESTIMADA","Baliabide ekonomikoeza prozeduran (art. 7, párrafo 2, apartado b) / Falta de crédito presupuestario en el procedimiento (art. 7, párrafo 2, apartado b)",52,"NO"]
[null,null,null," ",17200199,"COML0110 - ACTIVIDADES AUXILIARES DE ALMACÉN",15,170,1,4,3,4,10,1,2,5,5,4,0,4,0,0,0,0,7,49,0,"002818 - CEI SERVICIO DE PREVENCION-LASARTE","B20846622","DESESTIMADA","Baliabide ekonomikoeza prozeduran (art. 7, párrafo 2, apartado b) / Falta de crédito presupuestario en el procedimiento (art. 7, párrafo 2, apartado b)",49,"NO"]
[null,null,null," ",17200648,"COML0110 - ACTIVIDADES AUXILIARES DE ALMACÉN",15,170,1,4,3,4,10,1,2,5,5,4,0,4,0,0,0,0,7,49,0,"002818 - CEI SERVICIO DE PREVENCION-LASARTE","B20846622","DESESTIMADA","Baliabide ekonomikoeza prozeduran (art. 7, párrafo 2, apartado b) / Falta de crédito presupuestario en el procedimiento (art. 7, párrafo 2, apartado b)",49,"NO"]
[null,null,null," ",17200649,"COML0110 - ACTIVIDADES AUXILIARES DE ALMACÉN",15,170,1,4,3,4,10,1,2,5,5,4,0,4,0,0,0,0,7,49,0,"002818 - CEI SERVICIO DE PREVENCION-LASARTE","B20846622","DESESTIMADA","Baliabide ekonomikoeza prozeduran (art. 7, párrafo 2, apartado b) / Falta de crédito presupuestario en el procedimiento (art. 7, párrafo 2, apartado b)",49,"NO"]
[null,null,null," ",17200711,"COMT0211 - ACTIVIDADES AUXILIARES DE COMERCIO",20,90,1,4,3,4,10,1,2,5,3,5,1,5,1,0,0,0,5,49,0,"000377 - CAMARA DE GIPUZKOA","Q2073001F","DESESTIMADA","Baliabide ekonomikoeza prozeduran (art. 7, párrafo 2, apartado b) / Falta de crédito presupuestario en el procedimiento (art. 7, párrafo 2, apartado b)",49,"NO"]
[null,null,null," ",17200424,"COMT0211 - ACTIVIDADES AUXILIARES DE COMERCIO",20,230,1,4,3,4,10,1,2,5,3,5,1,5,1,0,0,0,5,49,0,"000377 - CAMARA DE GIPUZKOA","Q2073001F","DESESTIMADA","Baliabide ekonomikoeza prozeduran (art. 7, párrafo 2, apartado b) / Falta de crédito presupuestario en el procedimiento (art. 7, párrafo 2, apartado b)",49,"NO"]
[null,null,null," ",17200110,"COML0110 - ACTIVIDADES AUXILIARES DE ALMACÉN",12,170,1,4,3,4,10,1,2,5,3,2,3,4,1,0,0,0,5,47,0,"000398 - EMAUS FUNDACION SOCIAL","G20486825","DESESTIMADA","Baliabide ekonomikoeza prozeduran (art. 7, párrafo 2, apartado b) / Falta de crédito presupuestario en el procedimiento (art. 7, párrafo 2, apartado b)",47,"NO"]
[null,null,null," ",17200230,"COML0110 - ACTIVIDADES AUXILIARES DE ALMACÉN",12,170,1,4,3,4,10,1,2,5,3,2,3,4,1,0,0,0,5,47,0,"001654 - EMAUS FUNDACIÓN SOCIAL (ARRASATE)","G20486825","DESESTIMADA","Baliabide ekonomikoeza prozeduran (art. 7, párrafo 2, apartado b) / Falta de crédito presupuestario en el procedimiento (art. 7, párrafo 2, apartado b)",47,"NO"]
[null,null,null," ",17200402,"COML0110 - ACTIVIDADES AUXILIARES DE ALMACÉN",15,170,1,4,3,4,10,1,2,5,3,0,3,0,0,0,0,0,5,40,0,"000096 - AYUNTAMIENTO DE BERGARA","P2007900J","DESESTIMADA","Baliabide ekonomikoeza prozeduran (art. 7, párrafo 2, apartado b) / Falta de crédito presupuestario en el procedimiento (art. 7, párrafo 2, apartado b)",40,"NO"]
[null,null,null," ",17201610,"COMV0108 - ACTIVIDADES DE VENTA",15,510,2,4,4,4,10,1,2,5,3,5,3,5,1,1,1,0,5,53,0,"001592 - NAZARET","G75116525","DESESTIMADA","Baliabide ekonomikoeza prozeduran (art. 7, párrafo 2, apartado b) / Falta de crédito presupuestario en el procedimiento (art. 7, párrafo 2, apartado b)",53,"NO"]
[null,null,null," ",17200144,"COMT0112 - ACTIVIDADES DE GESTIÓN DEL PEQUEÑO COMERCIO",15,450,2,4,4,4,8,1,2,5,3,5,3,5,1,1,1,0,5,51,0,"001592 - NAZARET","G75116525","DESESTIMADA","Baliabide ekonomikoeza prozeduran (art. 7, párrafo 2, apartado b) / Falta de crédito presupuestario en el procedimiento (art. 7, párrafo 2, apartado b)",51,"NO"]
[null,null,null," ",17200432,"COMV0108 - ACTIVIDADES DE VENTA",20,510,2,4,4,4,10,1,2,5,3,5,1,5,1,0,0,0,5,50,0,"000377 - CAMARA DE GIPUZKOA","Q2073001F","DESESTIMADA","Baliabide ekonomikoeza prozeduran (art. 7, párrafo 2, apartado b) / Falta de crédito presupuestario en el procedimiento (art. 7, párrafo 2, apartado b)",50,"NO"]
[null,null,null," ","17200659TF","COMV0108 - ACTIVIDADES DE VENTA",31,510,2,4,4,4,10,1,1,5,5,4,2,4,0,0,0,0,5,49,0,"002756 - URKO SERVICIOS DE PREVENCION S.COOP.(Teleformación)","F20668570","DESESTIMADA","Baliabide ekonomikoeza prozeduran (art. 7, párrafo 2, apartado b) / Falta de crédito presupuestario en el procedimiento (art. 7, párrafo 2, apartado b)",49,"NO"]
[null,null,null," ",17200358,"COMV0108 - ACTIVIDADES DE VENTA",15,510,2,4,4,4,10,1,2,5,1,1,0,0,0,0,0,0,5,37,0,"000332 - ELIZARAN IKASTETXEA","G20997714","DESESTIMADA","Baliabide ekonomikoeza prozeduran (art. 7, párrafo 2, apartado b) / Falta de crédito presupuestario en el procedimiento (art. 7, párrafo 2, apartado b)",37,"NO"]
[null,null,null," ",17201637,"COMM0112 - GESTIÓN DE MARKETING Y COMUNICACIÓN",15,730,3,4,2,4,9,1,2,8,6,5,3,4,0,1,1,0,9,58,0,"000427 - INNOVACIÓN Y COORDINACIÓN EN ESTRATEGIAS FORMATIV","B75071613","DESESTIMADA","Baliabide ekonomikoeza prozeduran (art. 7, párrafo 2, apartado b) / Falta de crédito presupuestario en el procedimiento (art. 7, párrafo 2, apartado b)",58,"NO"]
[null,null,null," ",17200525,"COMM0110 - MARKETING Y COMPRAVENTA INTERNACIONAL",15,710,3,4,2,4,10,1,2,8,6,5,3,4,0,1,1,0,8,58,0,"000427 - INNOVACIÓN Y COORDINACIÓN EN ESTRATEGIAS FORMATIV","B75071613","DESESTIMADA","Baliabide ekonomikoeza prozeduran (art. 7, párrafo 2, apartado b) / Falta de crédito presupuestario en el procedimiento (art. 7, párrafo 2, apartado b)",58,"NO"]
[null,null,null," ",17200779,"COML0109 - TRÁFICO DE MERCANCÍAS POR CARRETERA",15,440,3,4,2,4,8,1,2,5,6,5,3,6,0,1,1,0,8,55,0,"000111 - INST.TRANSPORTE, COMERCIO Y MARKETING","G20643581","DESESTIMADA","Baliabide ekonomikoeza prozeduran (art. 7, párrafo 2, apartado b) / Falta de crédito presupuestario en el procedimiento (art. 7, párrafo 2, apartado b)",55,"NO"]
[null,null,null," ",17200791,"COML0109 - TRÁFICO DE MERCANCÍAS POR CARRETERA",15,190,3,4,2,4,8,1,2,5,6,5,3,6,0,1,1,0,8,55,0,"000111 - INST.TRANSPORTE, COMERCIO Y MARKETING","G20643581","DESESTIMADA","Baliabide ekonomikoeza prozeduran (art. 7, párrafo 2, apartado b) / Falta de crédito presupuestario en el procedimiento (art. 7, párrafo 2, apartado b)",55,"NO"]
[null,null,null," ",17200793,"COML0109 - TRÁFICO DE MERCANCÍAS POR CARRETERA",15,280,3,4,2,4,8,1,2,5,6,5,3,6,0,1,1,0,8,55,0,"000111 - INST.TRANSPORTE, COMERCIO Y MARKETING","G20643581","DESESTIMADA","Baliabide ekonomikoeza prozeduran (art. 7, párrafo 2, apartado b) / Falta de crédito presupuestario en el procedimiento (art. 7, párrafo 2, apartado b)",55,"NO"]
[null,null,null," ",17200077,"COMT0411 - GESTIÓN COMERCIAL DE VENTAS",15,530,3,4,2,4,10,1,2,5,6,5,3,6,1,1,1,0,5,55,0,"000002 - CEBANC","A20045548","DESESTIMADA","Baliabide ekonomikoeza prozeduran (art. 7, párrafo 2, apartado b) / Falta de crédito presupuestario en el procedimiento (art. 7, párrafo 2, apartado b)",55,"NO"]
[null,null,null," ",17200124,"COMT0110 - ATENCIÓN AL CLIENTE, CONSUMIDOR O USUARIO",15,420,3,4,2,4,9,3,2,5,5,5,3,6,1,1,1,0,5,55,0,"000371 - CEI FORMACION Y ASESORAMIENTO EMPRESARIAL SL","B20308169","DESESTIMADA","Baliabide ekonomikoeza prozeduran (art. 7, párrafo 2, apartado b) / Falta de crédito presupuestario en el procedimiento (art. 7, párrafo 2, apartado b)",55,"NO"]
[null,null,null," ",17200789,"COML0209 - ORGANIZACIÓN DEL TRANSPORTE Y LA DISTRIBUCIÓN",15,250,3,4,2,4,9,1,2,5,6,5,3,6,0,1,1,0,6,54,0,"000111 - INST.TRANSPORTE, COMERCIO Y MARKETING","G20643581","DESESTIMADA","Baliabide ekonomikoeza prozeduran (art. 7, párrafo 2, apartado b) / Falta de crédito presupuestario en el procedimiento (art. 7, párrafo 2, apartado b)",54,"NO"]
[null,null,null," ",17200796,"COML0209 - ORGANIZACIÓN DEL TRANSPORTE Y LA DISTRIBUCIÓN",15,340,3,4,2,4,9,1,2,5,6,5,3,6,0,1,1,0,6,54,0,"000111 - INST.TRANSPORTE, COMERCIO Y MARKETING","G20643581","DESESTIMADA","Baliabide ekonomikoeza prozeduran (art. 7, párrafo 2, apartado b) / Falta de crédito presupuestario en el procedimiento (art. 7, párrafo 2, apartado b)",{"$f":"SUM(J1562,K1562,L1562,M1562,N1562,O1562,P1562,Q1562,R1562,S1562,T1562,U1562,W1562,X1562,Y1562)","v":54},{"$f":"IF(Z1562 <> AF1562,\"SI\",\"NO\")","v":"NO"}]
[null,null,null," ",17200780,"COMT0210 - GESTIÓN ADMINISTRATIVA Y FINANCIERA DEL COMERCIO INTERNACIONAL",15,230,3,4,2,4,9,1,2,5,6,5,3,6,0,1,1,0,6,54,0,"000111 - INST.TRANSPORTE, COMERCIO Y MARKETING","G20643581","DESESTIMADA","Baliabide ekonomikoeza prozeduran (art. 7, párrafo 2, apartado b) / Falta de crédito presupuestario en el procedimiento (art. 7, párrafo 2, apartado b)",54,"NO"]
[null,null,null," ",17200781,"COMT0210 - GESTIÓN ADMINISTRATIVA Y FINANCIERA DEL COMERCIO INTERNACIONAL",15,390,3,4,2,4,9,1,2,5,6,5,3,6,0,1,1,0,6,54,0,"000111 - INST.TRANSPORTE, COMERCIO Y MARKETING","G20643581","DESESTIMADA","Baliabide ekonomikoeza prozeduran (art. 7, párrafo 2, apartado b) / Falta de crédito presupuestario en el procedimiento (art. 7, párrafo 2, apartado b)",54,"NO"]
[null,null,null," ",17200800,"COML0309 - ORGANIZACIÓN Y GESTIÓN DE ALMACENES",15,310,3,4,2,4,10,1,2,5,6,5,3,6,0,1,1,0,5,54,0,"000111 - INST.TRANSPORTE, COMERCIO Y MARKETING","G20643581","DESESTIMADA","Baliabide ekonomikoeza prozeduran (art. 7, párrafo 2, apartado b) / Falta de crédito presupuestario en el procedimiento (art. 7, párrafo 2, apartado b)",54,"NO"]
[null,null,null," ",17200799,"COMM0110 - MARKETING Y COMPRAVENTA INTERNACIONAL",15,410,3,4,2,4,10,1,2,5,6,5,3,6,0,1,1,0,5,54,0,"000111 - INST.TRANSPORTE, COMERCIO Y MARKETING","G20643581","DESESTIMADA","Baliabide ekonomikoeza prozeduran (art. 7, párrafo 2, apartado b) / Falta de crédito presupuestario en el procedimiento (art. 7, párrafo 2, apartado b)",54,"NO"]
[null,null,null," ",17200196,"COMM0110 - MARKETING Y COMPRAVENTA INTERNACIONAL",15,710,3,4,2,4,10,1,2,5,6,5,3,5,0,1,1,0,5,53,0,"000130 - CENTRO DE ESTUDIOS A.E.G.","B20409892","DESESTIMADA","Baliabide ekonomikoeza prozeduran (art. 7, párrafo 2, apartado b) / Falta de crédito presupuestario en el procedimiento (art. 7, párrafo 2, apartado b)",53,"NO"]
[null,null,null," ",17200785,"COML0210 - GESTIÓN Y CONTROL DEL APROVISIONAMIENTO",15,370,3,4,2,4,9,1,2,5,6,5,3,6,0,1,1,0,5,53,0,"000111 - INST.TRANSPORTE, COMERCIO Y MARKETING","G20643581","DESESTIMADA","Baliabide ekonomikoeza prozeduran (art. 7, párrafo 2, apartado b) / Falta de crédito presupuestario en el procedimiento (art. 7, párrafo 2, apartado b)",53,"NO"]
[null,null,null," ",17200301,"COML0309 - ORGANIZACIÓN Y GESTIÓN DE ALMACENES",15,310,3,4,2,4,10,1,2,5,4,3,1,5,1,4,4,0,5,51,0,"000177 - OARSOALDEA","A20458329","DESESTIMADA","Baliabide ekonomikoeza prozeduran (art. 7, párrafo 2, apartado b) / Falta de crédito presupuestario en el procedimiento (art. 7, párrafo 2, apartado b)",51,"NO"]
[null,null,null," ",17200299,"COMT0411 - GESTIÓN COMERCIAL DE VENTAS",15,530,3,4,2,4,10,1,2,5,4,3,1,5,1,4,4,0,5,51,0,"000177 - OARSOALDEA","A20458329","DESESTIMADA","Baliabide ekonomikoeza prozeduran (art. 7, párrafo 2, apartado b) / Falta de crédito presupuestario en el procedimiento (art. 7, párrafo 2, apartado b)",51,"NO"]
[null,null,null," ",17200797,"COMT0411 - GESTIÓN COMERCIAL DE VENTAS",15,530,3,4,2,4,10,1,2,5,5,2,3,5,1,2,2,0,5,51,0,"000018 - UROLALDE S.L.","B20149134","DESESTIMADA","Baliabide ekonomikoeza prozeduran (art. 7, párrafo 2, apartado b) / Falta de crédito presupuestario en el procedimiento (art. 7, párrafo 2, apartado b)",51,"NO"]
[null,null,null," ",17200862,"COMT0411 - GESTIÓN COMERCIAL DE VENTAS",15,530,3,4,2,4,10,1,2,5,5,2,3,5,1,2,2,0,5,51,0,"000116 - UROLALDE","B20149134","DESESTIMADA","Baliabide ekonomikoeza prozeduran (art. 7, párrafo 2, apartado b) / Falta de crédito presupuestario en el procedimiento (art. 7, párrafo 2, apartado b)",51,"NO"]
[null,null,null," ",17200146,"COMM0110 - MARKETING Y COMPRAVENTA INTERNACIONAL",15,710,3,4,2,4,10,1,2,5,3,5,3,5,1,1,1,0,5,51,0,"001592 - NAZARET","G75116525","DESESTIMADA","Baliabide ekonomikoeza prozeduran (art. 7, párrafo 2, apartado b) / Falta de crédito presupuestario en el procedimiento (art. 7, párrafo 2, apartado b)",51,"NO"]
[null,null,null," ",17200153,"COMT0411 - GESTIÓN COMERCIAL DE VENTAS",15,530,3,4,2,4,10,1,2,5,3,5,3,5,1,1,1,0,5,51,0,"001592 - NAZARET","G75116525","DESESTIMADA","Baliabide ekonomikoeza prozeduran (art. 7, párrafo 2, apartado b) / Falta de crédito presupuestario en el procedimiento (art. 7, párrafo 2, apartado b)",51,"NO"]
[null,null,null," ",17200359,"COML0309 - ORGANIZACIÓN Y GESTIÓN DE ALMACENES",15,310,3,4,2,4,10,1,2,5,3,5,3,6,1,0,0,0,5,51,0,"000053 - ACADEMIA BASTIDA S.L.","B20777058","DESESTIMADA","Baliabide ekonomikoeza prozeduran (art. 7, párrafo 2, apartado b) / Falta de crédito presupuestario en el procedimiento (art. 7, párrafo 2, apartado b)",51,"NO"]
[null,null,null," ",17200361,"COMM0110 - MARKETING Y COMPRAVENTA INTERNACIONAL",15,710,3,4,2,4,10,1,2,5,3,5,3,6,1,0,0,0,5,51,0,"000053 - ACADEMIA BASTIDA S.L.","B20777058","DESESTIMADA","Baliabide ekonomikoeza prozeduran (art. 7, párrafo 2, apartado b) / Falta de crédito presupuestario en el procedimiento (art. 7, párrafo 2, apartado b)",51,"NO"]
[null,null,null," ",17200362,"COMT0411 - GESTIÓN COMERCIAL DE VENTAS",15,530,3,4,2,4,10,1,2,5,3,5,3,6,1,0,0,0,5,51,0,"000053 - ACADEMIA BASTIDA S.L.","B20777058","DESESTIMADA","Baliabide ekonomikoeza prozeduran (art. 7, párrafo 2, apartado b) / Falta de crédito presupuestario en el procedimiento (art. 7, párrafo 2, apartado b)",51,"NO"]
[null,null,null," ",17200148,"COMM0112 - GESTIÓN DE MARKETING Y COMUNICACIÓN",15,730,3,4,2,4,9,1,2,5,3,5,3,5,1,1,1,0,5,50,0,"001592 - NAZARET","G75116525","DESESTIMADA","Baliabide ekonomikoeza prozeduran (art. 7, párrafo 2, apartado b) / Falta de crédito presupuestario en el procedimiento (art. 7, párrafo 2, apartado b)",50,"NO"]
[null,null,null," ",17200150,"COMP0108 - IMPLANTACIÓN Y ANIMACIÓN DE ESPACIOS COMERCIALES",15,310,3,4,2,4,9,1,2,5,3,5,3,5,1,1,1,0,5,50,0,"001592 - NAZARET","G75116525","DESESTIMADA","Baliabide ekonomikoeza prozeduran (art. 7, párrafo 2, apartado b) / Falta de crédito presupuestario en el procedimiento (art. 7, párrafo 2, apartado b)",50,"NO"]
[null,null,null," ",17200807,"COML0309 - ORGANIZACIÓN Y GESTIÓN DE ALMACENES",15,310,3,4,2,4,10,1,2,5,3,1,3,8,0,0,0,0,5,48,0,"001680 - AUTOESCUELA SOLOZABAL","B20889697","DESESTIMADA","Baliabide ekonomikoeza prozeduran (art. 7, párrafo 2, apartado b) / Falta de crédito presupuestario en el procedimiento (art. 7, párrafo 2, apartado b)",48,"NO"]
[null,null,null," ","17200656TF","COMT0411 - GESTIÓN COMERCIAL DE VENTAS",31,530,3,4,2,4,10,1,1,5,5,4,2,4,0,0,0,0,5,47,0,"002756 - URKO SERVICIOS DE PREVENCION S.COOP.(Teleformación)","F20668570","DESESTIMADA","Baliabide ekonomikoeza prozeduran (art. 7, párrafo 2, apartado b) / Falta de crédito presupuestario en el procedimiento (art. 7, párrafo 2, apartado b)",47,"NO"]
[null,null,null," ",17200423,"COMT0210 - GESTIÓN ADMINISTRATIVA Y FINANCIERA DEL COMERCIO INTERNACIONAL",20,620,3,4,2,4,9,1,2,5,3,5,1,5,1,0,0,0,5,47,0,"000377 - CAMARA DE GIPUZKOA","Q2073001F","DESESTIMADA","Baliabide ekonomikoeza prozeduran (art. 7, párrafo 2, apartado b) / Falta de crédito presupuestario en el procedimiento (art. 7, párrafo 2, apartado b)",47,"NO"]
[null,null,null," ",17200149,"COMM05EXP - RESPONSABLE DE MARKETING DIGITAL",15,200,3,4,2,3,6,1,2,5,3,5,3,5,1,1,1,0,5,46,0,"001592 - NAZARET","G75116525","DESESTIMADA","Baliabide ekonomikoeza prozeduran (art. 7, párrafo 2, apartado b) / Falta de crédito presupuestario en el procedimiento (art. 7, párrafo 2, apartado b)",46,"NO"]
[null,null,null," ",17200681,"COMM0112 - GESTIÓN DE MARKETING Y COMUNICACIÓN",15,730,3,4,2,4,9,1,2,5,3,3,3,4,0,0,0,0,5,45,0,"000091 - ESCUELA AREA","B20438370","DESESTIMADA","Baliabide ekonomikoeza prozeduran (art. 7, párrafo 2, apartado b) / Falta de crédito presupuestario en el procedimiento (art. 7, párrafo 2, apartado b)",45,"NO"]
[null,null,null," ",17200726,"COML0209 - ORGANIZACIÓN DEL TRANSPORTE Y LA DISTRIBUCIÓN",15,340,3,4,2,4,9,1,2,5,3,3,3,4,0,0,0,0,5,45,0,"000181 - DO'S FORMACION","B20776472","DESESTIMADA","Baliabide ekonomikoeza prozeduran (art. 7, párrafo 2, apartado b) / Falta de crédito presupuestario en el procedimiento (art. 7, párrafo 2, apartado b)",45,"NO"]
[null,null,null," ",17200234,"COMM05EXP - RESPONSABLE DE MARKETING DIGITAL",15,200,3,4,2,3,6,1,2,5,3,5,3,5,0,0,0,0,5,44,0,"000115 - CENTRO ESTUDIOS ZUBELDIA","B20686242","DESESTIMADA","Baliabide ekonomikoeza prozeduran (art. 7, párrafo 2, apartado b) / Falta de crédito presupuestario en el procedimiento (art. 7, párrafo 2, apartado b)",44,"NO"]
[null,null,null," ",17200035,"COML0309 - ORGANIZACIÓN Y GESTIÓN DE ALMACENES",15,310,3,4,2,4,10,1,2,5,5,2,0,0,0,0,0,0,5,40,0,"000297 - ARRI-BERRI FORMACION","B20986220","DESESTIMADA","Baliabide ekonomikoeza prozeduran (art. 7, párrafo 2, apartado b) / Falta de crédito presupuestario en el procedimiento (art. 7, párrafo 2, apartado b)",40,"NO"]
[null,null,null," ",17200198,"COMT0411 - GESTIÓN COMERCIAL DE VENTAS",15,530,3,4,2,4,10,1,2,5,3,1,0,0,1,0,0,0,5,38,0,"001427 - RODOIA 2000 SL","B48933618","DESESTIMADA","Baliabide ekonomikoeza prozeduran (art. 7, párrafo 2, apartado b) / Falta de crédito presupuestario en el procedimiento (art. 7, párrafo 2, apartado b)",38,"NO"]
[null,null,null,"ELE",17200881,"ELEE0109 - MONTAJE Y MANTENIMIENTO DE INSTALACIONES ELÉCTRICAS DE BAJA TENSIÓN",15,840,2,3,4,4,10,1,2,5,6,2,3,4,0,1,1,0,5,50,0,"000073 - LA SALLE-BERROZPE","G20045118","DESESTIMADA","Baliabide ekonomikoeza prozeduran (art. 7, párrafo 2, apartado b) / Falta de crédito presupuestario en el procedimiento (art. 7, párrafo 2, apartado b)",50,"NO"]
[null,null,null," ",17200032,"ELEM0111 - MONTAJE Y MANTENIMIENTO DE SISTEMAS DOMÓTICOS E INMÓTICOS",15,360,2,3,4,4,8,1,2,5,4,1,2,4,0,1,1,0,7,46,0,"000123 - SALESIANOS URNIETA","R2000419H","DESESTIMADA","Baliabide ekonomikoeza prozeduran (art. 7, párrafo 2, apartado b) / Falta de crédito presupuestario en el procedimiento (art. 7, párrafo 2, apartado b)",46,"NO"]
[null,null,null," ",17200033,"ELEM0311 - MONTAJE Y MANTENIMIENTO DE SISTEMAS DE AUTOMATIZACIÓN INDUSTRIAL",15,390,2,3,4,4,7,1,2,5,4,1,2,4,0,1,1,0,7,45,0,"000123 - SALESIANOS URNIETA","R2000419H","DESESTIMADA","Baliabide ekonomikoeza prozeduran (art. 7, párrafo 2, apartado b) / Falta de crédito presupuestario en el procedimiento (art. 7, párrafo 2, apartado b)",45,"NO"]
[null,null,null," ",17200899,"ELEE0110 - DESARROLLO DE PROYECTOS DE INSTALACIONES ELÉCTRICAS EN EL ENTORNO DE EDIFICIOS Y CON FINES ESPEC",15,440,3,3,2,4,8,1,2,5,5,2,3,5,1,2,2,0,5,48,0,"000116 - UROLALDE","B20149134","DESESTIMADA","Baliabide ekonomikoeza prozeduran (art. 7, párrafo 2, apartado b) / Falta de crédito presupuestario en el procedimiento (art. 7, párrafo 2, apartado b)",48,"NO"]
[null,null,null," ",17200877,"ELEQ0311 - MANTENIMIENTO DE EQUIPOS ELECTRÓNICOS",15,600,3,3,2,4,5,1,2,5,6,2,3,4,0,1,1,0,5,43,0,"000073 - LA SALLE-BERROZPE","G20045118","DESESTIMADA","Baliabide ekonomikoeza prozeduran (art. 7, párrafo 2, apartado b) / Falta de crédito presupuestario en el procedimiento (art. 7, párrafo 2, apartado b)",43,"NO"]
[null,null,null,"ENA",17200535,"ENAC0108 - EFICIENCIA ENERGÉTICA DE EDIFICIOS",15,300,3,1,2,4,6,1,2,5,5,2,3,5,1,0,0,0,5,42,0,"000124 - UROLA GARAIKO LANBIDE ESKOLA","G20567327","DESESTIMADA","Baliabide ekonomikoeza prozeduran (art. 7, párrafo 2, apartado b) / Falta de crédito presupuestario en el procedimiento (art. 7, párrafo 2, apartado b)",42,"NO"]
[null,null,null," ",17200537,"ENAC0108 - EFICIENCIA ENERGÉTICA DE EDIFICIOS",15,240,3,1,2,4,6,1,2,5,5,2,3,5,1,0,0,0,5,42,0,"000124 - UROLA GARAIKO LANBIDE ESKOLA","G20567327","DESESTIMADA","Baliabide ekonomikoeza prozeduran (art. 7, párrafo 2, apartado b) / Falta de crédito presupuestario en el procedimiento (art. 7, párrafo 2, apartado b)",42,"NO"]
[null,null,null,"FME",17201621,"FMEE0108 - OPERACIONES AUXILIARES DE FABRICACIÓN MECÁNICA",10,180,1,7,3,4,10,1,2,6,5,5,3,8,2,4,0,4,5,65,0,"001946 - GUREAK-BERGARA","A20044590","DESESTIMADA","Baliabide ekonomikoeza prozeduran (art. 7, párrafo 2, apartado b) / Falta de crédito presupuestario en el procedimiento (art. 7, párrafo 2, apartado b)",65,"NO"]
[null,null,null," ",17201624,"FMEE0108 - OPERACIONES AUXILIARES DE FABRICACIÓN MECÁNICA",10,180,1,7,3,4,10,1,2,6,5,5,3,8,2,4,0,4,5,65,0,"001870 - GUREAK-ERRENTERIA","A20044590","DESESTIMADA","Baliabide ekonomikoeza prozeduran (art. 7, párrafo 2, apartado b) / Falta de crédito presupuestario en el procedimiento (art. 7, párrafo 2, apartado b)",65,"NO"]
[null,null,null," ",17201626,"FMEE0108 - OPERACIONES AUXILIARES DE FABRICACIÓN MECÁNICA",10,180,1,7,3,4,10,1,2,6,5,5,3,8,2,4,0,4,5,65,0,"001872 - GUREAK-IRUN","A20044590","DESESTIMADA","Baliabide ekonomikoeza prozeduran (art. 7, párrafo 2, apartado b) / Falta de crédito presupuestario en el procedimiento (art. 7, párrafo 2, apartado b)",65,"NO"]
[null,null,null," ",17201629,"FMEE0108 - OPERACIONES AUXILIARES DE FABRICACIÓN MECÁNICA",10,180,1,7,3,4,10,1,2,6,5,5,3,8,2,4,0,4,5,65,0,"002245 - GUREAK-EIBAR","A20044590","DESESTIMADA","Baliabide ekonomikoeza prozeduran (art. 7, párrafo 2, apartado b) / Falta de crédito presupuestario en el procedimiento (art. 7, párrafo 2, apartado b)",65,"NO"]
[null,null,null," ",17201630,"FMEE0108 - OPERACIONES AUXILIARES DE FABRICACIÓN MECÁNICA",10,180,1,7,3,4,10,1,2,6,5,5,3,8,2,4,0,4,5,65,0,"001873 - GUREAK-IBARRA","A20044590","DESESTIMADA","Baliabide ekonomikoeza prozeduran (art. 7, párrafo 2, apartado b) / Falta de crédito presupuestario en el procedimiento (art. 7, párrafo 2, apartado b)",65,"NO"]
[null,null,null," ",17201622,"FMEE0108 - OPERACIONES AUXILIARES DE FABRICACIÓN MECÁNICA",10,180,1,7,3,4,10,1,2,6,5,5,3,8,2,4,0,4,5,65,0,"001944 - GUREAK-ARRASATE","A20044590","DESESTIMADA","Baliabide ekonomikoeza prozeduran (art. 7, párrafo 2, apartado b) / Falta de crédito presupuestario en el procedimiento (art. 7, párrafo 2, apartado b)",65,"NO"]
[null,null,null," ",17201625,"FMEE0108 - OPERACIONES AUXILIARES DE FABRICACIÓN MECÁNICA",10,180,1,7,3,4,10,1,2,6,5,5,3,8,2,4,0,4,5,65,0,"000382 - GUREAK-DONOSTIA","A20044590","DESESTIMADA","Baliabide ekonomikoeza prozeduran (art. 7, párrafo 2, apartado b) / Falta de crédito presupuestario en el procedimiento (art. 7, párrafo 2, apartado b)",65,"NO"]
[null,null,null," ",17201627,"FMEE0108 - OPERACIONES AUXILIARES DE FABRICACIÓN MECÁNICA",10,180,1,7,3,4,10,1,2,6,5,5,3,8,2,4,0,4,5,65,0,"001869 - GUREAK-ORDIZIA","A20044590","DESESTIMADA","Baliabide ekonomikoeza prozeduran (art. 7, párrafo 2, apartado b) / Falta de crédito presupuestario en el procedimiento (art. 7, párrafo 2, apartado b)",65,"NO"]
[null,null,null," ",17201628,"FMEE0108 - OPERACIONES AUXILIARES DE FABRICACIÓN MECÁNICA",10,180,1,7,3,4,10,1,2,6,5,5,3,8,2,4,0,4,5,65,0,"001871 - GUREAK-ZARAUTZ","A20044590","DESESTIMADA","Baliabide ekonomikoeza prozeduran (art. 7, párrafo 2, apartado b) / Falta de crédito presupuestario en el procedimiento (art. 7, párrafo 2, apartado b)",65,"NO"]
[null,null,null," ",17200290,"FMEC0110 - SOLDADURA CON ELECTRODO REVESTIDO Y TIG",15,640,2,7,4,4,10,1,2,8,6,2,0,0,0,0,0,0,5,49,0,"000196 - MANCOMUNIDAD UROLA COSTA","G20392064","DESESTIMADA","Baliabide ekonomikoeza prozeduran (art. 7, párrafo 2, apartado b) / Falta de crédito presupuestario en el procedimiento (art. 7, párrafo 2, apartado b)",49,"NO"]
[null,null,null," ",17200636,"FMEC0110 - SOLDADURA CON ELECTRODO REVESTIDO Y TIG",15,640,2,7,4,4,10,1,2,5,0,0,0,4,0,0,0,0,1,38,0,"000101 - LARRAÑA OÑATIKO INST. IKASLE OHIAK","G20858379","DESESTIMADA","Baliabide ekonomikoeza prozeduran (art. 7, párrafo 2, apartado b) / Falta de crédito presupuestario en el procedimiento (art. 7, párrafo 2, apartado b)",38,"NO"]
[null,null,null," ",17200639,"FMEC0110 - SOLDADURA CON ELECTRODO REVESTIDO Y TIG",15,370,2,7,4,4,10,1,2,5,0,0,0,4,0,0,0,0,1,38,0,"000101 - LARRAÑA OÑATIKO INST. IKASLE OHIAK","G20858379","DESESTIMADA","Baliabide ekonomikoeza prozeduran (art. 7, párrafo 2, apartado b) / Falta de crédito presupuestario en el procedimiento (art. 7, párrafo 2, apartado b)",38,"NO"]
[null,null,null," ",17201662,"FMEM0109 - GESTIÓN DE LA PRODUCCIÓN EN FABRICACIÓN MECÁNICA",15,310,3,7,2,4,10,1,2,5,5,5,3,5,2,1,1,0,8,60,0,"000152 - IKASI CENTRO DE FORMACION","E20584553","DESESTIMADA","Baliabide ekonomikoeza prozeduran (art. 7, párrafo 2, apartado b) / Falta de crédito presupuestario en el procedimiento (art. 7, párrafo 2, apartado b)",60,"NO"]
[null,null,null," ",17201661,"FMEC0209 - DISEÑO DE TUBERÍA INDUSTRIAL",15,440,3,7,2,4,10,1,2,5,5,5,3,5,2,1,1,0,6,58,0,"000152 - IKASI CENTRO DE FORMACION","E20584553","DESESTIMADA","Baliabide ekonomikoeza prozeduran (art. 7, párrafo 2, apartado b) / Falta de crédito presupuestario en el procedimiento (art. 7, párrafo 2, apartado b)",58,"NO"]
[null,null,null," ",17201663,"FMEC0208 - DISEÑO DE CALDERERÍA Y ESTRUCTURAS METÁLICAS",15,620,3,7,2,4,9,1,2,5,5,5,3,5,2,1,1,0,5,56,0,"000152 - IKASI CENTRO DE FORMACION","E20584553","DESESTIMADA","Baliabide ekonomikoeza prozeduran (art. 7, párrafo 2, apartado b) / Falta de crédito presupuestario en el procedimiento (art. 7, párrafo 2, apartado b)",56,"NO"]
[null,null,null," ",17200775,"FMEE0308 - DISEÑO DE PRODUCTOS DE FABRICACIÓN MECÁNICA",15,600,3,7,2,4,10,1,2,5,6,2,3,4,0,1,1,0,5,52,0,"000073 - LA SALLE-BERROZPE","G20045118","DESESTIMADA","Baliabide ekonomikoeza prozeduran (art. 7, párrafo 2, apartado b) / Falta de crédito presupuestario en el procedimiento (art. 7, párrafo 2, apartado b)",52,"NO"]
[null,null,null," ",17200533,"FMEM0411 - FABRICACIÓN DE MOLDES PARA LA PRODUCCIÓN DE PIEZAS POLIMÉRICAS Y DE ALEACIONES LIGERAS",15,590,3,7,2,4,7,1,2,6,6,4,0,4,1,0,0,0,7,51,0,"000050 - ESKOLA POLITEKNIKOA JOSE M.ARIZMENDIARRIETA S.COO","F20045241","DESESTIMADA","Baliabide ekonomikoeza prozeduran (art. 7, párrafo 2, apartado b) / Falta de crédito presupuestario en el procedimiento (art. 7, párrafo 2, apartado b)",51,"NO"]
[null,null,null,"HOT",17201606,"HOTR0108 - OPERACIONES BÁSICAS DE COCINA",15,270,1,6,3,4,10,1,2,6,3,4,3,5,1,5,5,0,5,58,0,"000074 - AGENCIA DE DESARROLLO DEL BIDASOA","A20421053","DESESTIMADA","Baliabide ekonomikoeza prozeduran (art. 7, párrafo 2, apartado b) / Falta de crédito presupuestario en el procedimiento (art. 7, párrafo 2, apartado b)",58,"NO"]
[null,null,null," ",17200059,"HOTR0408 - COCINA",15,730,2,6,4,4,10,1,2,8,5,2,3,5,0,0,0,0,7,57,0,"000322 - CENTRO FORMACION ADMINISTRACION Y HOSTELERIA (CDEA)","B20676680","DESESTIMADA","Baliabide ekonomikoeza prozeduran (art. 7, párrafo 2, apartado b) / Falta de crédito presupuestario en el procedimiento (art. 7, párrafo 2, apartado b)",57,"NO"]
[null,null,null," ",17200339,"HOTR0408 - COCINA",15,730,2,6,4,4,10,1,2,9,3,0,0,4,0,0,0,0,7,50,0,"000318 - ESCUELA DE HOSTELERIA AIALA, S.L.","B20563888","DESESTIMADA","Baliabide ekonomikoeza prozeduran (art. 7, párrafo 2, apartado b) / Falta de crédito presupuestario en el procedimiento (art. 7, párrafo 2, apartado b)",50,"NO"]
[null,null,null," ",17200213,"HOTR0408 - COCINA",15,730,2,6,4,4,10,1,2,5,1,1,0,0,0,0,0,0,8,42,0,"000359 - HERNANIKO UDALA","P2004300F","DESESTIMADA","Baliabide ekonomikoeza prozeduran (art. 7, párrafo 2, apartado b) / Falta de crédito presupuestario en el procedimiento (art. 7, párrafo 2, apartado b)",42,"NO"]
[null,null,null," ",17201615,"HOTR0408 - COCINA",15,730,2,6,4,4,10,1,2,5,1,1,0,0,0,0,0,0,8,42,0,"000359 - HERNANIKO UDALA","P2004300F","DESESTIMADA","Baliabide ekonomikoeza prozeduran (art. 7, párrafo 2, apartado b) / Falta de crédito presupuestario en el procedimiento (art. 7, párrafo 2, apartado b)",42,"NO"]
[null,null,null," ",17201665,"HOTG0108 - CREACIÓN Y GESTIÓN DE VIAJES COMBINADOS Y EVENTOS",15,510,3,6,2,4,9,3,2,5,5,5,3,5,2,1,1,0,6,58,0,"000152 - IKASI CENTRO DE FORMACION","E20584553","DESESTIMADA","Baliabide ekonomikoeza prozeduran (art. 7, párrafo 2, apartado b) / Falta de crédito presupuestario en el procedimiento (art. 7, párrafo 2, apartado b)",58,"NO"]
[null,null,null," ",17201664,"HOTI0108 - PROMOCIÓN TURÍSTICA LOCAL E INFORMACIÓN AL VISITANTE",15,570,3,6,2,4,10,1,2,5,5,5,3,5,2,1,1,0,5,56,0,"000152 - IKASI CENTRO DE FORMACION","E20584553","DESESTIMADA","Baliabide ekonomikoeza prozeduran (art. 7, párrafo 2, apartado b) / Falta de crédito presupuestario en el procedimiento (art. 7, párrafo 2, apartado b)",56,"NO"]
[null,null,null," ",17200302,"HOTI0108 - PROMOCIÓN TURÍSTICA LOCAL E INFORMACIÓN AL VISITANTE",15,570,3,6,2,4,10,1,2,5,4,3,1,5,1,4,4,0,5,53,0,"000177 - OARSOALDEA","A20458329","DESESTIMADA","Baliabide ekonomikoeza prozeduran (art. 7, párrafo 2, apartado b) / Falta de crédito presupuestario en el procedimiento (art. 7, párrafo 2, apartado b)",53,"NO"]
[null,null,null," ",17200527,"HOTA0308 - RECEPCIÓN EN ALOJAMIENTOS",15,510,3,6,2,4,9,1,2,5,6,5,3,4,0,1,1,0,5,53,0,"000427 - INNOVACIÓN Y COORDINACIÓN EN ESTRATEGIAS FORMATIV","B75071613","DESESTIMADA","Baliabide ekonomikoeza prozeduran (art. 7, párrafo 2, apartado b) / Falta de crédito presupuestario en el procedimiento (art. 7, párrafo 2, apartado b)",53,"NO"]
[null,null,null," ",17200528,"HOTA0308 - RECEPCIÓN EN ALOJAMIENTOS",15,510,3,6,2,4,9,1,2,5,6,5,3,4,0,1,1,0,5,53,0,"000427 - INNOVACIÓN Y COORDINACIÓN EN ESTRATEGIAS FORMATIV","B75071613","DESESTIMADA","Baliabide ekonomikoeza prozeduran (art. 7, párrafo 2, apartado b) / Falta de crédito presupuestario en el procedimiento (art. 7, párrafo 2, apartado b)",53,"NO"]
[null,null,null," ",17200154,"HOTI0108 - PROMOCIÓN TURÍSTICA LOCAL E INFORMACIÓN AL VISITANTE",15,570,3,6,2,4,10,1,2,5,3,5,3,5,1,1,1,0,5,53,0,"001592 - NAZARET","G75116525","DESESTIMADA","Baliabide ekonomikoeza prozeduran (art. 7, párrafo 2, apartado b) / Falta de crédito presupuestario en el procedimiento (art. 7, párrafo 2, apartado b)",53,"NO"]
[null,null,null," ",17200056,"HOTI0108 - PROMOCIÓN TURÍSTICA LOCAL E INFORMACIÓN AL VISITANTE",15,570,3,6,2,4,10,1,2,8,5,2,3,5,0,0,0,0,5,53,0,"000322 - CENTRO FORMACION ADMINISTRACION Y HOSTELERIA (CDEA)","B20676680","DESESTIMADA","Baliabide ekonomikoeza prozeduran (art. 7, párrafo 2, apartado b) / Falta de crédito presupuestario en el procedimiento (art. 7, párrafo 2, apartado b)",53,"NO"]
[null,null,null," ",17200376,"HOTG0208 - VENTA DE PRODUCTOS Y SERVICIOS TURÍSTICOS",15,550,3,6,2,4,10,1,2,5,3,5,3,6,1,0,0,0,5,53,0,"000053 - ACADEMIA BASTIDA S.L.","B20777058","DESESTIMADA","Baliabide ekonomikoeza prozeduran (art. 7, párrafo 2, apartado b) / Falta de crédito presupuestario en el procedimiento (art. 7, párrafo 2, apartado b)",53,"NO"]
[null,null,null," ",17200378,"HOTI0108 - PROMOCIÓN TURÍSTICA LOCAL E INFORMACIÓN AL VISITANTE",15,570,3,6,2,4,10,1,2,5,3,5,3,6,1,0,0,0,5,53,0,"000053 - ACADEMIA BASTIDA S.L.","B20777058","DESESTIMADA","Baliabide ekonomikoeza prozeduran (art. 7, párrafo 2, apartado b) / Falta de crédito presupuestario en el procedimiento (art. 7, párrafo 2, apartado b)",{"$f":"SUM(J1626,K1626,L1626,M1626,N1626,O1626,P1626,Q1626,R1626,S1626,T1626,U1626,W1626,X1626,Y1626)","v":53},{"$f":"IF(Z1626 <> AF1626,\"SI\",\"NO\")","v":"NO"}]
[null,null,null," ",17200381,"HOTI0108 - PROMOCIÓN TURÍSTICA LOCAL E INFORMACIÓN AL VISITANTE",15,570,3,6,2,4,10,1,2,5,3,5,3,6,1,0,0,0,5,53,0,"000053 - ACADEMIA BASTIDA S.L.","B20777058","DESESTIMADA","Baliabide ekonomikoeza prozeduran (art. 7, párrafo 2, apartado b) / Falta de crédito presupuestario en el procedimiento (art. 7, párrafo 2, apartado b)",53,"NO"]
[null,null,null," ",17200051,"HOTA0308 - RECEPCIÓN EN ALOJAMIENTOS",15,510,3,6,2,4,9,1,2,8,5,2,3,5,0,0,0,0,5,52,0,"000322 - CENTRO FORMACION ADMINISTRACION Y HOSTELERIA (CDEA)","B20676680","DESESTIMADA","Baliabide ekonomikoeza prozeduran (art. 7, párrafo 2, apartado b) / Falta de crédito presupuestario en el procedimiento (art. 7, párrafo 2, apartado b)",52,"NO"]
[null,null,null," ",17200676,"HOTA0308 - RECEPCIÓN EN ALOJAMIENTOS",15,510,3,6,2,4,9,1,2,5,3,5,3,6,1,0,0,0,5,52,0,"000053 - ACADEMIA BASTIDA S.L.","B20777058","DESESTIMADA","Baliabide ekonomikoeza prozeduran (art. 7, párrafo 2, apartado b) / Falta de crédito presupuestario en el procedimiento (art. 7, párrafo 2, apartado b)",52,"NO"]
[null,null,null," ",17200366,"HOTG0108 - CREACIÓN Y GESTIÓN DE VIAJES COMBINADOS Y EVENTOS",15,510,3,6,2,4,9,1,2,5,3,5,3,6,1,0,0,0,5,52,0,"000053 - ACADEMIA BASTIDA S.L.","B20777058","DESESTIMADA","Baliabide ekonomikoeza prozeduran (art. 7, párrafo 2, apartado b) / Falta de crédito presupuestario en el procedimiento (art. 7, párrafo 2, apartado b)",52,"NO"]
[null,null,null," ",17200632,"HOTI0108 - PROMOCIÓN TURÍSTICA LOCAL E INFORMACIÓN AL VISITANTE",15,570,3,6,2,4,10,1,2,5,3,4,3,6,0,0,0,0,5,51,0,"000241 - ASOCIACIÓN PEDAGÓGICA MENDIBIL","G20432118","DESESTIMADA","Baliabide ekonomikoeza prozeduran (art. 7, párrafo 2, apartado b) / Falta de crédito presupuestario en el procedimiento (art. 7, párrafo 2, apartado b)",51,"NO"]
[null,null,null," ",17200729,"HOTG0108 - CREACIÓN Y GESTIÓN DE VIAJES COMBINADOS Y EVENTOS",15,510,3,6,2,4,9,1,2,5,3,3,3,4,0,0,0,0,5,47,0,"000181 - DO'S FORMACION","B20776472","DESESTIMADA","Baliabide ekonomikoeza prozeduran (art. 7, párrafo 2, apartado b) / Falta de crédito presupuestario en el procedimiento (art. 7, párrafo 2, apartado b)",47,"NO"]
[null,null,null,"IFC",17200238,"IFCD0110 - CONFECCIÓN Y PUBLICACIÓN DE PÁGINAS WEB",15,480,2,4,4,4,6,1,2,9,3,5,3,5,0,0,0,0,7,53,0,"000115 - CENTRO ESTUDIOS ZUBELDIA","B20686242","DESESTIMADA","Baliabide ekonomikoeza prozeduran (art. 7, párrafo 2, apartado b) / Falta de crédito presupuestario en el procedimiento (art. 7, párrafo 2, apartado b)",53,"NO"]
[null,null,null," ",17200079,"IFCD0110 - CONFECCIÓN Y PUBLICACIÓN DE PÁGINAS WEB",15,480,2,4,4,4,6,1,2,5,6,5,3,6,1,1,1,0,5,53,0,"000002 - CEBANC","A20045548","DESESTIMADA","Baliabide ekonomikoeza prozeduran (art. 7, párrafo 2, apartado b) / Falta de crédito presupuestario en el procedimiento (art. 7, párrafo 2, apartado b)",53,"NO"]
[null,null,null," ",17200682,"IFCD0110 - CONFECCIÓN Y PUBLICACIÓN DE PÁGINAS WEB",15,480,2,4,4,4,6,1,2,8,3,3,3,4,0,0,0,0,8,50,0,"000091 - ESCUELA AREA","B20438370","DESESTIMADA","Baliabide ekonomikoeza prozeduran (art. 7, párrafo 2, apartado b) / Falta de crédito presupuestario en el procedimiento (art. 7, párrafo 2, apartado b)",50,"NO"]
[null,null,null," ",17200652,"IFCT0309 - MONTAJE Y REPARACIÓN DE SISTEMAS MICROINFORMÁTICOS",15,470,2,4,4,4,9,1,2,5,6,2,3,4,0,1,1,0,5,50,0,"000073 - LA SALLE-BERROZPE","G20045118","DESESTIMADA","Baliabide ekonomikoeza prozeduran (art. 7, párrafo 2, apartado b) / Falta de crédito presupuestario en el procedimiento (art. 7, párrafo 2, apartado b)",50,"NO"]
[null,null,null," ",17200633,"IFCT0309 - MONTAJE Y REPARACIÓN DE SISTEMAS MICROINFORMÁTICOS",15,470,2,4,4,4,9,1,2,5,3,4,3,6,0,0,0,0,5,50,0,"000241 - ASOCIACIÓN PEDAGÓGICA MENDIBIL","G20432118","DESESTIMADA","Baliabide ekonomikoeza prozeduran (art. 7, párrafo 2, apartado b) / Falta de crédito presupuestario en el procedimiento (art. 7, párrafo 2, apartado b)",50,"NO"]
[null,null,null," ",17200763,"IFCT0209 - SISTEMAS MICROINFORMÁTICOS",15,560,2,4,4,4,9,1,2,5,5,4,2,4,0,0,0,0,5,49,0,"000360 - URKO SERVICIOS DE PREVENCION S.COOP.","F20668570","DESESTIMADA","Baliabide ekonomikoeza prozeduran (art. 7, párrafo 2, apartado b) / Falta de crédito presupuestario en el procedimiento (art. 7, párrafo 2, apartado b)",49,"NO"]
[null,null,null," ",17200430,"IFCT0209 - SISTEMAS MICROINFORMÁTICOS",17,560,2,4,4,4,9,1,2,5,3,5,1,5,1,0,0,0,5,49,0,"000377 - CAMARA DE GIPUZKOA","Q2073001F","DESESTIMADA","Baliabide ekonomikoeza prozeduran (art. 7, párrafo 2, apartado b) / Falta de crédito presupuestario en el procedimiento (art. 7, párrafo 2, apartado b)",49,"NO"]
[null,null,null," ",17200773,"IFCD0110 - CONFECCIÓN Y PUBLICACIÓN DE PÁGINAS WEB",15,480,2,4,4,4,6,1,2,5,6,2,3,4,0,1,1,0,5,47,0,"000073 - LA SALLE-BERROZPE","G20045118","DESESTIMADA","Baliabide ekonomikoeza prozeduran (art. 7, párrafo 2, apartado b) / Falta de crédito presupuestario en el procedimiento (art. 7, párrafo 2, apartado b)",47,"NO"]
[null,null,null," ",17201646,"IFCD26 - CMS Y E-COMMERCE",15,100,2,4,4,1,7,1,2,5,3,5,3,5,1,1,1,0,5,47,0,"001592 - NAZARET","G75116525","DESESTIMADA","Baliabide ekonomikoeza prozeduran (art. 7, párrafo 2, apartado b) / Falta de crédito presupuestario en el procedimiento (art. 7, párrafo 2, apartado b)",47,"NO"]
[null,null,null," ",17200534,"IFCD0110 - CONFECCIÓN Y PUBLICACIÓN DE PÁGINAS WEB",15,480,2,4,4,4,6,1,2,5,6,4,0,4,1,0,0,0,5,46,0,"000050 - ESKOLA POLITEKNIKOA JOSE M.ARIZMENDIARRIETA S.COO","F20045241","DESESTIMADA","Baliabide ekonomikoeza prozeduran (art. 7, párrafo 2, apartado b) / Falta de crédito presupuestario en el procedimiento (art. 7, párrafo 2, apartado b)",46,"NO"]
[null,null,null," ",17200428,"IFCD0110 - CONFECCIÓN Y PUBLICACIÓN DE PÁGINAS WEB",17,480,2,4,4,4,6,1,2,5,3,5,1,5,1,0,0,0,5,46,0,"000377 - CAMARA DE GIPUZKOA","Q2073001F","DESESTIMADA","Baliabide ekonomikoeza prozeduran (art. 7, párrafo 2, apartado b) / Falta de crédito presupuestario en el procedimiento (art. 7, párrafo 2, apartado b)",46,"NO"]
[null,null,null," ",17200038,"IFCD18 - INTRODUCCIÓN AL DESARROLLO DE APLICACIONES ORIENTADAS A OBJETOS (MICROSOFT)",15,160,2,4,4,1,5,1,2,8,5,1,0,0,0,1,1,0,5,37,0,"000239 - CENTRO SEIM","B20105037","DESESTIMADA","Baliabide ekonomikoeza prozeduran (art. 7, párrafo 2, apartado b) / Falta de crédito presupuestario en el procedimiento (art. 7, párrafo 2, apartado b)",37,"NO"]
[null,null,null," ",17200080,"IFCT0109 - SEGURIDAD INFORMÁTICA",15,420,3,4,2,4,8,1,2,5,6,5,3,6,1,1,1,0,5,53,0,"000002 - CEBANC","A20045548","DESESTIMADA","Baliabide ekonomikoeza prozeduran (art. 7, párrafo 2, apartado b) / Falta de crédito presupuestario en el procedimiento (art. 7, párrafo 2, apartado b)",53,"NO"]
[null,null,null," ",17200597,"IFCT0109 - SEGURIDAD INFORMÁTICA",15,420,3,4,2,4,8,1,2,5,3,4,3,5,1,5,5,0,5,52,0,"000074 - AGENCIA DE DESARROLLO DEL BIDASOA","A20421053","DESESTIMADA","Baliabide ekonomikoeza prozeduran (art. 7, párrafo 2, apartado b) / Falta de crédito presupuestario en el procedimiento (art. 7, párrafo 2, apartado b)",52,"NO"]
[null,null,null," ",17200397,"IFCT0109 - SEGURIDAD INFORMÁTICA",15,420,3,4,2,4,8,1,2,7,3,5,3,6,1,0,0,0,5,51,0,"000053 - ACADEMIA BASTIDA S.L.","B20777058","DESESTIMADA","Baliabide ekonomikoeza prozeduran (art. 7, párrafo 2, apartado b) / Falta de crédito presupuestario en el procedimiento (art. 7, párrafo 2, apartado b)",51,"NO"]
[null,null,null," ",17200863,"IFCD0210 - DESARROLLO DE APLICACIONES CON TECNOLOGÍAS WEB",15,510,3,4,2,4,9,1,2,5,5,2,3,5,1,2,2,0,5,50,0,"000116 - UROLALDE","B20149134","DESESTIMADA","Baliabide ekonomikoeza prozeduran (art. 7, párrafo 2, apartado b) / Falta de crédito presupuestario en el procedimiento (art. 7, párrafo 2, apartado b)",50,"NO"]
[null,null,null," ",17200158,"IFCD0210 - DESARROLLO DE APLICACIONES CON TECNOLOGÍAS WEB",15,510,3,4,2,4,9,1,2,5,3,5,3,5,1,1,1,0,5,50,0,"001592 - NAZARET","G75116525","DESESTIMADA","Baliabide ekonomikoeza prozeduran (art. 7, párrafo 2, apartado b) / Falta de crédito presupuestario en el procedimiento (art. 7, párrafo 2, apartado b)",50,"NO"]
[null,null,null," ",17200260,"IFCT0410 - ADMINISTRACIÓN Y DISEÑO DE REDES DEPARTAMENTALES",15,530,3,4,2,4,6,1,2,8,6,5,3,5,0,1,1,0,3,50,0,"000130 - CENTRO DE ESTUDIOS A.E.G.","B20409892","DESESTIMADA","Baliabide ekonomikoeza prozeduran (art. 7, párrafo 2, apartado b) / Falta de crédito presupuestario en el procedimiento (art. 7, párrafo 2, apartado b)",50,"NO"]
[null,null,null," ",17200082,"IFCD61EXP - CREACIÓN DE VIDEOJUEGOS CON UNITY 3D",15,340,3,4,2,1,7,1,2,5,6,5,3,6,1,1,1,0,5,49,0,"000002 - CEBANC","A20045548","DESESTIMADA","Baliabide ekonomikoeza prozeduran (art. 7, párrafo 2, apartado b) / Falta de crédito presupuestario en el procedimiento (art. 7, párrafo 2, apartado b)",49,"NO"]
[null,null,null," ",17200684,"IFCD0210 - DESARROLLO DE APLICACIONES CON TECNOLOGÍAS WEB",15,510,3,4,2,4,9,1,2,8,3,3,3,4,0,0,0,0,5,48,0,"000091 - ESCUELA AREA","B20438370","DESESTIMADA","Baliabide ekonomikoeza prozeduran (art. 7, párrafo 2, apartado b) / Falta de crédito presupuestario en el procedimiento (art. 7, párrafo 2, apartado b)",48,"NO"]
[null,null,null," ",17200683,"IFCT0310 - ADMINISTRACIÓN DE BASES DE DATOS",15,570,3,4,2,4,9,1,2,8,3,3,3,4,0,0,0,0,5,48,0,"000091 - ESCUELA AREA","B20438370","DESESTIMADA","Baliabide ekonomikoeza prozeduran (art. 7, párrafo 2, apartado b) / Falta de crédito presupuestario en el procedimiento (art. 7, párrafo 2, apartado b)",48,"NO"]
[null,null,null," ",17200081,"IFCD0075V - PROGRAMACIÓN PARA DISPOSITIVOS MÓVILES ANDROID",15,380,3,4,2,1,5,1,2,5,6,5,3,6,1,1,1,0,5,47,0,"000002 - CEBANC","A20045548","DESESTIMADA","Baliabide ekonomikoeza prozeduran (art. 7, párrafo 2, apartado b) / Falta de crédito presupuestario en el procedimiento (art. 7, párrafo 2, apartado b)",47,"NO"]
[null,null,null," ",17200686,"IFCT0109 - SEGURIDAD INFORMÁTICA",15,420,3,4,2,4,8,1,2,8,3,3,3,4,0,0,0,0,5,47,0,"000091 - ESCUELA AREA","B20438370","DESESTIMADA","Baliabide ekonomikoeza prozeduran (art. 7, párrafo 2, apartado b) / Falta de crédito presupuestario en el procedimiento (art. 7, párrafo 2, apartado b)",47,"NO"]
[null,null,null," ",17200679,"IFCT0609 - PROGRAMACIÓN DE SISTEMAS INFORMÁTICOS",15,510,3,4,2,4,8,1,2,8,3,3,3,4,0,0,0,0,5,47,0,"000091 - ESCUELA AREA","B20438370","DESESTIMADA","Baliabide ekonomikoeza prozeduran (art. 7, párrafo 2, apartado b) / Falta de crédito presupuestario en el procedimiento (art. 7, párrafo 2, apartado b)",47,"NO"]
[null,null,null," ",17201645,"IFCT38 - COMMUNITY MANAGER, HERRAMIENTAS, ANALÍTICA E INFORMES",15,100,3,4,2,1,7,1,2,5,3,5,3,5,1,1,1,0,5,45,0,"001592 - NAZARET","G75116525","DESESTIMADA","Baliabide ekonomikoeza prozeduran (art. 7, párrafo 2, apartado b) / Falta de crédito presupuestario en el procedimiento (art. 7, párrafo 2, apartado b)",45,"NO"]
[null,null,null," ",17201647,"IFCT39 - POSICIONAMIENTO WEB Y MARKETING DIGITAL EN BUSCADORES",15,100,3,4,2,1,7,1,2,5,3,5,3,5,1,1,1,0,5,45,0,"001592 - NAZARET","G75116525","DESESTIMADA","Baliabide ekonomikoeza prozeduran (art. 7, párrafo 2, apartado b) / Falta de crédito presupuestario en el procedimiento (art. 7, párrafo 2, apartado b)",45,"NO"]
[null,null,null," ",17200687,"IFCD0112 - PROGRAMACIÓN CON LENGUAJES ORIENTADOS A OBJETOS Y BASES DE DATOS RELACIONALES",15,630,3,4,2,4,6,1,2,8,3,3,3,4,0,0,0,0,5,45,0,"000091 - ESCUELA AREA","B20438370","DESESTIMADA","Baliabide ekonomikoeza prozeduran (art. 7, párrafo 2, apartado b) / Falta de crédito presupuestario en el procedimiento (art. 7, párrafo 2, apartado b)",45,"NO"]
[null,null,null," ",17200692,"IFCD0211 - SISTEMAS DE GESTIÓN DE INFORMACIÓN",15,510,3,4,2,4,6,1,2,8,3,3,3,4,0,0,0,0,5,45,0,"000091 - ESCUELA AREA","B20438370","DESESTIMADA","Baliabide ekonomikoeza prozeduran (art. 7, párrafo 2, apartado b) / Falta de crédito presupuestario en el procedimiento (art. 7, párrafo 2, apartado b)",45,"NO"]
[null,null,null," ",17200399,"IFCD0210 - DESARROLLO DE APLICACIONES CON TECNOLOGÍAS WEB",15,510,3,4,2,4,9,1,2,8,5,1,0,0,0,1,1,0,7,44,0,"000239 - CENTRO SEIM","B20105037","DESESTIMADA","Baliabide ekonomikoeza prozeduran (art. 7, párrafo 2, apartado b) / Falta de crédito presupuestario en el procedimiento (art. 7, párrafo 2, apartado b)",44,"NO"]
[null,null,null," ",17200693,"IFCD0111 - PROGRAMACIÓN EN LENGUAJES ESTRUCTURADOS DE APLICACIONES DE GESTIÓN",15,620,3,4,2,4,5,1,2,8,3,3,3,4,0,0,0,0,5,44,0,"000091 - ESCUELA AREA","B20438370","DESESTIMADA","Baliabide ekonomikoeza prozeduran (art. 7, párrafo 2, apartado b) / Falta de crédito presupuestario en el procedimiento (art. 7, párrafo 2, apartado b)",44,"NO"]
[null,null,null," ",17200694,"IFCT0510 - GESTIÓN DE SISTEMAS INFORMÁTICOS",15,420,3,4,2,4,5,1,2,8,3,3,3,4,0,0,0,0,5,44,0,"000091 - ESCUELA AREA","B20438370","DESESTIMADA","Baliabide ekonomikoeza prozeduran (art. 7, párrafo 2, apartado b) / Falta de crédito presupuestario en el procedimiento (art. 7, párrafo 2, apartado b)",44,"NO"]
[null,null,null," ",17200307,"IFCD0210 - DESARROLLO DE APLICACIONES CON TECNOLOGÍAS WEB",15,510,3,4,2,4,9,1,2,5,3,1,0,4,0,0,0,0,5,40,0,"000149 - LABAT AKADEMIA","B20896551","DESESTIMADA","Baliabide ekonomikoeza prozeduran (art. 7, párrafo 2, apartado b) / Falta de crédito presupuestario en el procedimiento (art. 7, párrafo 2, apartado b)",40,"NO"]
[null,null,null," ",17200041,"IFCT17 - MICROSOFT CERTIFIED SOLUTIONS DEVELOPER (MCSD): WEB APPLICATIONS",15,260,3,4,2,1,5,1,2,8,5,1,0,0,0,1,1,0,5,35,0,"000239 - CENTRO SEIM","B20105037","DESESTIMADA","Baliabide ekonomikoeza prozeduran (art. 7, párrafo 2, apartado b) / Falta de crédito presupuestario en el procedimiento (art. 7, párrafo 2, apartado b)",35,"NO"]
[null,null,null," ",17200308,"IFCD0075V - PROGRAMACIÓN PARA DISPOSITIVOS MÓVILES ANDROID",15,380,3,4,2,1,5,1,2,5,3,1,0,4,0,0,0,0,5,33,0,"000149 - LABAT AKADEMIA","B20896551","DESESTIMADA","Baliabide ekonomikoeza prozeduran (art. 7, párrafo 2, apartado b) / Falta de crédito presupuestario en el procedimiento (art. 7, párrafo 2, apartado b)",33,"NO"]
[null,null,null,"IMP",17201632,"IMPP0208 - SERVICIOS ESTÉTICOS DE HIGIENE, DEPILACIÓN Y MAQUILLAJE",15,480,2,3,4,4,7,1,2,7,3,4,3,6,0,0,0,0,5,49,0,"000241 - ASOCIACIÓN PEDAGÓGICA MENDIBIL","G20432118","DESESTIMADA","Baliabide ekonomikoeza prozeduran (art. 7, párrafo 2, apartado b) / Falta de crédito presupuestario en el procedimiento (art. 7, párrafo 2, apartado b)",49,"NO"]
[null,null,null," ",17200529,"IMPE0111 - ASESORÍA INTEGRAL DE IMAGEN PERSONAL",15,630,3,3,2,4,4,1,2,5,6,5,3,4,0,1,1,0,5,45,0,"000427 - INNOVACIÓN Y COORDINACIÓN EN ESTRATEGIAS FORMATIV","B75071613","DESESTIMADA","Baliabide ekonomikoeza prozeduran (art. 7, párrafo 2, apartado b) / Falta de crédito presupuestario en el procedimiento (art. 7, párrafo 2, apartado b)",45,"NO"]
[null,null,null," ",17200530,"IMPE0111 - ASESORÍA INTEGRAL DE IMAGEN PERSONAL",15,630,3,3,2,4,4,1,2,5,6,5,3,4,0,1,1,0,5,45,0,"000427 - INNOVACIÓN Y COORDINACIÓN EN ESTRATEGIAS FORMATIV","B75071613","DESESTIMADA","Baliabide ekonomikoeza prozeduran (art. 7, párrafo 2, apartado b) / Falta de crédito presupuestario en el procedimiento (art. 7, párrafo 2, apartado b)",45,"NO"]
[null,null,null," ",17200310,"IMPE0109 - BRONCEADO, MAQUILLAJE Y DEPILACIÓN AVANZADA",15,470,3,3,2,4,5,1,2,8,5,1,3,4,0,0,0,0,5,43,0,"000175 - CENTRO ESTUDIOS PELUQUERIA Y ESTETICA BETA","B20719092","DESESTIMADA","Baliabide ekonomikoeza prozeduran (art. 7, párrafo 2, apartado b) / Falta de crédito presupuestario en el procedimiento (art. 7, párrafo 2, apartado b)",43,"NO"]
[null,null,null,"IMS",17200653,"IMSV0308 - CÁMARA DE CINE, VÍDEO Y TELEVISIÓN",15,510,3,2,2,4,6,1,2,5,5,3,3,4,1,0,0,0,5,43,0,"000007 - ESCUELA CINE Y VIDEO_S.L.","B20462057","DESESTIMADA","Baliabide ekonomikoeza prozeduran (art. 7, párrafo 2, apartado b) / Falta de crédito presupuestario en el procedimiento (art. 7, párrafo 2, apartado b)",43,"NO"]
[null,null,null," ",17200654,"IMSV0109 - MONTAJE Y POSTPRODUCCIÓN DE AUDIOVISUALES",15,430,3,2,2,4,5,1,2,5,5,3,3,4,1,0,0,0,5,42,0,"000007 - ESCUELA CINE Y VIDEO_S.L.","B20462057","DESESTIMADA","Baliabide ekonomikoeza prozeduran (art. 7, párrafo 2, apartado b) / Falta de crédito presupuestario en el procedimiento (art. 7, párrafo 2, apartado b)",42,"NO"]
[null,null,null," ",17200691,"IMSV0209 - DESARROLLO DE PRODUCTOS AUDIOVISUALES MULTIMEDIA INTERACTIVOS",15,460,3,2,2,4,3,1,2,5,3,3,3,4,0,0,0,0,5,37,0,"000091 - ESCUELA AREA","B20438370","DESESTIMADA","Baliabide ekonomikoeza prozeduran (art. 7, párrafo 2, apartado b) / Falta de crédito presupuestario en el procedimiento (art. 7, párrafo 2, apartado b)",37,"NO"]
[null,null,null,"SAN",17200577,"SANT0208 - TRANSPORTE SANITARIO",15,400,2,1,4,4,10,1,2,5,6,2,3,6,1,0,0,0,5,50,0,"000100 - CRUZ ROJA GOIERRI","Q2866001G","DESESTIMADA","Baliabide ekonomikoeza prozeduran (art. 7, párrafo 2, apartado b) / Falta de crédito presupuestario en el procedimiento (art. 7, párrafo 2, apartado b)",50,"NO"]
[null,null,null," ",17200324,"SANT0208 - TRANSPORTE SANITARIO",12,400,2,1,4,4,10,1,2,5,3,2,3,5,0,0,0,0,5,45,0,"000171 - ARIZMENDI S. COOP.","F20679387","DESESTIMADA","Baliabide ekonomikoeza prozeduran (art. 7, párrafo 2, apartado b) / Falta de crédito presupuestario en el procedimiento (art. 7, párrafo 2, apartado b)",45,"NO"]
[null,null,null," ",17200468,"SANT0108 - ATENCIÓN SANITARIA A MÚLTIPLES VÍCTIMAS Y CATÁSTROFES",12,340,2,1,4,4,8,1,2,5,3,2,3,5,0,0,0,0,5,43,0,"000171 - ARIZMENDI S. COOP.","F20679387","DESESTIMADA","Baliabide ekonomikoeza prozeduran (art. 7, párrafo 2, apartado b) / Falta de crédito presupuestario en el procedimiento (art. 7, párrafo 2, apartado b)",43,"NO"]
[null,null,null," ",17200118,"SANT0208 - TRANSPORTE SANITARIO",15,400,2,1,4,4,10,1,2,5,3,0,0,0,0,0,0,0,5,35,0,"001739 - FUNDACION DYA GIPUZKOA","G20850574","DESESTIMADA","Baliabide ekonomikoeza prozeduran (art. 7, párrafo 2, apartado b) / Falta de crédito presupuestario en el procedimiento (art. 7, párrafo 2, apartado b)",35,"NO"]
[null,null,null,"SEA",17200412,"SEAD0212 - VIGILANCIA, SEGURIDAD PRIVADA Y PROTECCIÓN DE EXPLOSIVOS",15,310,2,3,4,4,5,1,2,5,3,5,3,6,1,0,0,0,5,47,0,"000053 - ACADEMIA BASTIDA S.L.","B20777058","DESESTIMADA","Baliabide ekonomikoeza prozeduran (art. 7, párrafo 2, apartado b) / Falta de crédito presupuestario en el procedimiento (art. 7, párrafo 2, apartado b)",47,"NO"]
[null,null,null," ",17200407,"SEAD0212 - VIGILANCIA, SEGURIDAD PRIVADA Y PROTECCIÓN DE EXPLOSIVOS",15,310,2,3,4,4,5,1,2,5,3,5,3,6,1,0,0,0,5,47,0,"000053 - ACADEMIA BASTIDA S.L.","B20777058","DESESTIMADA","Baliabide ekonomikoeza prozeduran (art. 7, párrafo 2, apartado b) / Falta de crédito presupuestario en el procedimiento (art. 7, párrafo 2, apartado b)",47,"NO"]
[null,null,null," ",17200408,"SEAD0212 - VIGILANCIA, SEGURIDAD PRIVADA Y PROTECCIÓN DE EXPLOSIVOS",15,310,2,3,4,4,5,1,2,5,3,5,3,6,1,0,0,0,5,47,0,"000053 - ACADEMIA BASTIDA S.L.","B20777058","DESESTIMADA","Baliabide ekonomikoeza prozeduran (art. 7, párrafo 2, apartado b) / Falta de crédito presupuestario en el procedimiento (art. 7, párrafo 2, apartado b)",47,"NO"]
[null,null,null," ",17200410,"SEAD0212 - VIGILANCIA, SEGURIDAD PRIVADA Y PROTECCIÓN DE EXPLOSIVOS",15,310,2,3,4,4,5,1,2,5,3,5,3,6,1,0,0,0,5,47,0,"000053 - ACADEMIA BASTIDA S.L.","B20777058","DESESTIMADA","Baliabide ekonomikoeza prozeduran (art. 7, párrafo 2, apartado b) / Falta de crédito presupuestario en el procedimiento (art. 7, párrafo 2, apartado b)",47,"NO"]
[null,null,null," ",17200132,"SEAG0108 - GESTIÓN DE RESIDUOS URBANOS E INDUSTRIALES",15,270,2,3,4,4,10,1,2,5,2,3,0,0,0,0,0,0,7,41,0,"000399 - USURBILGO UDALA","P2007800B","DESESTIMADA","Baliabide ekonomikoeza prozeduran (art. 7, párrafo 2, apartado b) / Falta de crédito presupuestario en el procedimiento (art. 7, párrafo 2, apartado b)",41,"NO"]
[null,null,null,"SSC",17200580,"SSCI0109 - EMPLEO DOMÉSTICO",15,120,1,7,3,4,10,1,2,8,3,5,3,6,1,0,0,0,5,58,0,"000053 - ACADEMIA BASTIDA S.L.","B20777058","DESESTIMADA","Baliabide ekonomikoeza prozeduran (art. 7, párrafo 2, apartado b) / Falta de crédito presupuestario en el procedimiento (art. 7, párrafo 2, apartado b)",58,"NO"]
[null,null,null," ",17200431,"SSCI0109 - EMPLEO DOMÉSTICO",15,120,1,7,3,4,10,1,2,8,3,5,3,6,1,0,0,0,5,58,0,"000053 - ACADEMIA BASTIDA S.L.","B20777058","DESESTIMADA","Baliabide ekonomikoeza prozeduran (art. 7, párrafo 2, apartado b) / Falta de crédito presupuestario en el procedimiento (art. 7, párrafo 2, apartado b)",58,"NO"]
[null,null,null," ",17200435,"SSCM0108 - LIMPIEZA DE SUPERFICIES Y MOBILIARIO EN EDIFICIOS Y LOCALES",15,150,1,7,3,4,10,1,2,8,3,5,3,6,1,0,0,0,5,58,0,"000053 - ACADEMIA BASTIDA S.L.","B20777058","DESESTIMADA","Baliabide ekonomikoeza prozeduran (art. 7, párrafo 2, apartado b) / Falta de crédito presupuestario en el procedimiento (art. 7, párrafo 2, apartado b)",58,"NO"]
[null,null,null," ",17200438,"SSCM0108 - LIMPIEZA DE SUPERFICIES Y MOBILIARIO EN EDIFICIOS Y LOCALES",15,150,1,7,3,4,10,1,2,8,3,5,3,6,1,0,0,0,5,58,0,"000053 - ACADEMIA BASTIDA S.L.","B20777058","DESESTIMADA","Baliabide ekonomikoeza prozeduran (art. 7, párrafo 2, apartado b) / Falta de crédito presupuestario en el procedimiento (art. 7, párrafo 2, apartado b)",58,"NO"]
[null,null,null," ",17200647,"SSCI0109 - EMPLEO DOMÉSTICO",15,120,1,7,3,4,10,1,2,5,3,4,3,6,0,0,0,0,8,56,0,"000241 - ASOCIACIÓN PEDAGÓGICA MENDIBIL","G20432118","DESESTIMADA","Baliabide ekonomikoeza prozeduran (art. 7, párrafo 2, apartado b) / Falta de crédito presupuestario en el procedimiento (art. 7, párrafo 2, apartado b)",56,"NO"]
[null,null,null," ",17200642,"SSCM0108 - LIMPIEZA DE SUPERFICIES Y MOBILIARIO EN EDIFICIOS Y LOCALES",15,150,1,7,3,4,10,1,2,5,3,4,3,6,0,0,0,0,7,55,0,"000241 - ASOCIACIÓN PEDAGÓGICA MENDIBIL","G20432118","DESESTIMADA","Baliabide ekonomikoeza prozeduran (art. 7, párrafo 2, apartado b) / Falta de crédito presupuestario en el procedimiento (art. 7, párrafo 2, apartado b)",55,"NO"]
[null,null,null," ",17200717,"SSCM0108 - LIMPIEZA DE SUPERFICIES Y MOBILIARIO EN EDIFICIOS Y LOCALES",15,150,1,7,3,4,10,1,2,4,5,2,3,5,1,2,2,0,5,54,0,"000018 - UROLALDE S.L.","B20149134","DESESTIMADA","Baliabide ekonomikoeza prozeduran (art. 7, párrafo 2, apartado b) / Falta de crédito presupuestario en el procedimiento (art. 7, párrafo 2, apartado b)",54,"NO"]
[null,null,null," ",17200748,"SSCS0208 - ATENCIÓN SOCIOSANITARIA A PERSONAS DEPENDIENTES EN INSTITUCIONES SOCIALES",15,370,2,7,4,4,10,1,2,7,6,2,3,6,1,0,0,0,8,61,0,"002258 - OFICINA PROVINCIAL DE CRUZ ROJA GIPUZKOA","Q2866001G","DESESTIMADA","Baliabide ekonomikoeza prozeduran (art. 7, párrafo 2, apartado b) / Falta de crédito presupuestario en el procedimiento (art. 7, párrafo 2, apartado b)",{"$f":"SUM(J1690,K1690,L1690,M1690,N1690,O1690,P1690,Q1690,R1690,S1690,T1690,U1690,W1690,X1690,Y1690)","v":61},{"$f":"IF(Z1690 <> AF1690,\"SI\",\"NO\")","v":"NO"}]
[null,null,null," ",17200377,"SSCS0208 - ATENCIÓN SOCIOSANITARIA A PERSONAS DEPENDIENTES EN INSTITUCIONES SOCIALES",20,370,2,7,4,4,10,1,2,7,6,2,3,6,1,0,0,0,8,61,0,"000110 - CRUZ ROJA ALTO UROLA","Q2866001G","DESESTIMADA","Baliabide ekonomikoeza prozeduran (art. 7, párrafo 2, apartado b) / Falta de crédito presupuestario en el procedimiento (art. 7, párrafo 2, apartado b)",61,"NO"]
[null,null,null," ",17200575,"SSCS0208 - ATENCIÓN SOCIOSANITARIA A PERSONAS DEPENDIENTES EN INSTITUCIONES SOCIALES",20,370,2,7,4,4,10,1,2,7,6,2,3,6,1,0,0,0,8,61,0,"000100 - CRUZ ROJA GOIERRI","Q2866001G","DESESTIMADA","Baliabide ekonomikoeza prozeduran (art. 7, párrafo 2, apartado b) / Falta de crédito presupuestario en el procedimiento (art. 7, párrafo 2, apartado b)",61,"NO"]
[null,null,null," ",17200749,"SSCS0208 - ATENCIÓN SOCIOSANITARIA A PERSONAS DEPENDIENTES EN INSTITUCIONES SOCIALES",15,370,2,7,4,4,10,1,2,7,6,2,3,6,1,0,0,0,8,61,0,"002258 - OFICINA PROVINCIAL DE CRUZ ROJA GIPUZKOA","Q2866001G","DESESTIMADA","Baliabide ekonomikoeza prozeduran (art. 7, párrafo 2, apartado b) / Falta de crédito presupuestario en el procedimiento (art. 7, párrafo 2, apartado b)",61,"NO"]
[null,null,null," ",17200576,"SSCS0208 - ATENCIÓN SOCIOSANITARIA A PERSONAS DEPENDIENTES EN INSTITUCIONES SOCIALES",20,370,2,7,4,4,10,1,2,7,6,2,3,6,1,0,0,0,8,61,0,"000100 - CRUZ ROJA GOIERRI","Q2866001G","DESESTIMADA","Baliabide ekonomikoeza prozeduran (art. 7, párrafo 2, apartado b) / Falta de crédito presupuestario en el procedimiento (art. 7, párrafo 2, apartado b)",61,"NO"]
[null,null,null," ",17200245,"SSCS0208 - ATENCIÓN SOCIOSANITARIA A PERSONAS DEPENDIENTES EN INSTITUCIONES SOCIALES",15,370,2,7,4,4,10,1,2,7,4,4,3,6,1,1,1,0,7,61,0,"000403 - ASOCIACION PARA LA INSERCION SOCIAL ZABALTZEN ELG","G48487748","DESESTIMADA","Baliabide ekonomikoeza prozeduran (art. 7, párrafo 2, apartado b) / Falta de crédito presupuestario en el procedimiento (art. 7, párrafo 2, apartado b)",61,"NO"]
[null,null,null," ",17200445,"SSCS0208 - ATENCIÓN SOCIOSANITARIA A PERSONAS DEPENDIENTES EN INSTITUCIONES SOCIALES",15,370,2,7,4,4,10,1,2,8,3,5,3,6,1,0,0,0,7,61,0,"000053 - ACADEMIA BASTIDA S.L.","B20777058","DESESTIMADA","Baliabide ekonomikoeza prozeduran (art. 7, párrafo 2, apartado b) / Falta de crédito presupuestario en el procedimiento (art. 7, párrafo 2, apartado b)",61,"NO"]
[null,null,null," ",17200443,"SSCS0208 - ATENCIÓN SOCIOSANITARIA A PERSONAS DEPENDIENTES EN INSTITUCIONES SOCIALES",15,370,2,7,4,4,10,1,2,8,3,5,3,6,1,0,0,0,7,61,0,"000053 - ACADEMIA BASTIDA S.L.","B20777058","DESESTIMADA","Baliabide ekonomikoeza prozeduran (art. 7, párrafo 2, apartado b) / Falta de crédito presupuestario en el procedimiento (art. 7, párrafo 2, apartado b)",61,"NO"]
[null,null,null," ",17200023,"SSCS0208 - ATENCIÓN SOCIOSANITARIA A PERSONAS DEPENDIENTES EN INSTITUCIONES SOCIALES",17,370,2,7,4,4,10,1,2,7,6,5,3,4,1,0,0,0,7,61,0,"000173 - TOLOSAKO INMAKULADA IKASTETXEA S.COOP.","F20057865","DESESTIMADA","Baliabide ekonomikoeza prozeduran (art. 7, párrafo 2, apartado b) / Falta de crédito presupuestario en el procedimiento (art. 7, párrafo 2, apartado b)",61,"NO"]
[null,null,null," ",17200229,"SSCS0208 - ATENCIÓN SOCIOSANITARIA A PERSONAS DEPENDIENTES EN INSTITUCIONES SOCIALES",17,370,2,7,4,4,10,1,2,7,6,5,3,4,1,0,0,0,7,61,0,"000173 - TOLOSAKO INMAKULADA IKASTETXEA S.COOP.","F20057865","DESESTIMADA","Baliabide ekonomikoeza prozeduran (art. 7, párrafo 2, apartado b) / Falta de crédito presupuestario en el procedimiento (art. 7, párrafo 2, apartado b)",61,"NO"]
[null,null,null," ","17200515TF","SSCS0208 - ATENCIÓN SOCIOSANITARIA A PERSONAS DEPENDIENTES EN INSTITUCIONES SOCIALES",32,370,2,7,4,4,10,1,1,8,3,5,3,6,1,0,0,0,7,60,0,"002748 - ACADEMIA BASTIDA S.L.(Teleformación)","B20777058","DESESTIMADA","Baliabide ekonomikoeza prozeduran (art. 7, párrafo 2, apartado b) / Falta de crédito presupuestario en el procedimiento (art. 7, párrafo 2, apartado b)",60,"NO"]
[null,null,null," ",17200570,"SSCS0108 - ATENCIÓN SOCIOSANITARIA A PERSONAS EN EL DOMICILIO",20,480,2,7,4,4,10,1,2,7,6,2,3,6,1,0,0,0,7,60,0,"000100 - CRUZ ROJA GOIERRI","Q2866001G","DESESTIMADA","Baliabide ekonomikoeza prozeduran (art. 7, párrafo 2, apartado b) / Falta de crédito presupuestario en el procedimiento (art. 7, párrafo 2, apartado b)",60,"NO"]
[null,null,null," ",17200744,"SSCS0108 - ATENCIÓN SOCIOSANITARIA A PERSONAS EN EL DOMICILIO",15,270,2,7,4,4,10,1,2,7,6,2,3,6,1,0,0,0,7,60,0,"002258 - OFICINA PROVINCIAL DE CRUZ ROJA GIPUZKOA","Q2866001G","DESESTIMADA","Baliabide ekonomikoeza prozeduran (art. 7, párrafo 2, apartado b) / Falta de crédito presupuestario en el procedimiento (art. 7, párrafo 2, apartado b)",60,"NO"]
[null,null,null," ",17200573,"SSCS0108 - ATENCIÓN SOCIOSANITARIA A PERSONAS EN EL DOMICILIO",20,480,2,7,4,4,10,1,2,7,6,2,3,6,1,0,0,0,7,60,0,"000100 - CRUZ ROJA GOIERRI","Q2866001G","DESESTIMADA","Baliabide ekonomikoeza prozeduran (art. 7, párrafo 2, apartado b) / Falta de crédito presupuestario en el procedimiento (art. 7, párrafo 2, apartado b)",60,"NO"]
[null,null,null," ",17200380,"SSCS0108 - ATENCIÓN SOCIOSANITARIA A PERSONAS EN EL DOMICILIO",15,480,2,7,4,4,10,1,2,7,6,2,3,6,1,0,0,0,7,60,0,"000110 - CRUZ ROJA ALTO UROLA","Q2866001G","DESESTIMADA","Baliabide ekonomikoeza prozeduran (art. 7, párrafo 2, apartado b) / Falta de crédito presupuestario en el procedimiento (art. 7, párrafo 2, apartado b)",60,"NO"]
[null,null,null," ",17200705,"SSCS0208 - ATENCIÓN SOCIOSANITARIA A PERSONAS DEPENDIENTES EN INSTITUCIONES SOCIALES",15,370,2,7,4,4,10,1,2,9,6,1,3,4,0,1,1,0,7,59,0,"000008 - OTEITZA LIZEO POLITEKNIKOA","G20884417","DESESTIMADA","Baliabide ekonomikoeza prozeduran (art. 7, párrafo 2, apartado b) / Falta de crédito presupuestario en el procedimiento (art. 7, párrafo 2, apartado b)",59,"NO"]
[null,null,null," ",17200441,"SSCS0108 - ATENCIÓN SOCIOSANITARIA A PERSONAS EN EL DOMICILIO",15,480,2,7,4,4,10,1,2,8,3,5,3,6,1,0,0,0,5,59,0,"000053 - ACADEMIA BASTIDA S.L.","B20777058","DESESTIMADA","Baliabide ekonomikoeza prozeduran (art. 7, párrafo 2, apartado b) / Falta de crédito presupuestario en el procedimiento (art. 7, párrafo 2, apartado b)",59,"NO"]
[null,null,null," ",17200024,"SSCS0108 - ATENCIÓN SOCIOSANITARIA A PERSONAS EN EL DOMICILIO",17,480,2,7,4,4,10,1,2,7,6,5,3,4,1,0,0,0,5,59,0,"000173 - TOLOSAKO INMAKULADA IKASTETXEA S.COOP.","F20057865","DESESTIMADA","Baliabide ekonomikoeza prozeduran (art. 7, párrafo 2, apartado b) / Falta de crédito presupuestario en el procedimiento (art. 7, párrafo 2, apartado b)",59,"NO"]
[null,null,null," ",17201655,"SSCS0108 - ATENCIÓN SOCIOSANITARIA A PERSONAS EN EL DOMICILIO",15,480,2,7,4,4,10,1,2,5,6,5,3,4,0,1,1,0,5,57,0,"000427 - INNOVACIÓN Y COORDINACIÓN EN ESTRATEGIAS FORMATIV","B75071613","DESESTIMADA","2017ko maiatzare 2a bainolehenago, akreditatuta edo inskribatuta ez zegoen erakunde baten bitartez eskatuta izatea (2.artikuloa,2. paragrafoa, b atala) / Ser solicitada por una entidad no acreditada o inscrita para la especialidad con anterioridad al 2 de mayo de 2017 (art.2, párrafo 1, apartado b)",57,"NO"]
[null,null,null," ",17200925,"SSCS0208 - ATENCIÓN SOCIOSANITARIA A PERSONAS DEPENDIENTES EN INSTITUCIONES SOCIALES",17,370,2,7,4,4,10,1,2,7,5,1,3,4,1,0,0,0,7,56,0,"000375 - AZPEITIKO UDALA","P2001900F","DESESTIMADA","Baliabide ekonomikoeza prozeduran (art. 7, párrafo 2, apartado b) / Falta de crédito presupuestario en el procedimiento (art. 7, párrafo 2, apartado b)",56,"NO"]
[null,null,null," ",17200888,"SSCS0208 - ATENCIÓN SOCIOSANITARIA A PERSONAS DEPENDIENTES EN INSTITUCIONES SOCIALES",15,370,2,7,4,4,10,1,2,5,3,5,3,5,1,1,1,0,5,56,0,"001592 - NAZARET","G75116525","DESESTIMADA","Baliabide ekonomikoeza prozeduran (art. 7, párrafo 2, apartado b) / Falta de crédito presupuestario en el procedimiento (art. 7, párrafo 2, apartado b)",56,"NO"]
[null,null,null," ",17200163,"SSCS0208 - ATENCIÓN SOCIOSANITARIA A PERSONAS DEPENDIENTES EN INSTITUCIONES SOCIALES",15,370,2,7,4,4,10,1,2,5,3,5,3,5,1,1,1,0,5,56,0,"001592 - NAZARET","G75116525","DESESTIMADA","Baliabide ekonomikoeza prozeduran (art. 7, párrafo 2, apartado b) / Falta de crédito presupuestario en el procedimiento (art. 7, párrafo 2, apartado b)",56,"NO"]
[null,null,null," ",17200305,"SSCS0208 - ATENCIÓN SOCIOSANITARIA A PERSONAS DEPENDIENTES EN INSTITUCIONES SOCIALES",15,370,2,7,4,4,10,1,2,5,3,5,3,5,1,1,1,0,5,56,0,"001592 - NAZARET","G75116525","DESESTIMADA","Baliabide ekonomikoeza prozeduran (art. 7, párrafo 2, apartado b) / Falta de crédito presupuestario en el procedimiento (art. 7, párrafo 2, apartado b)",56,"NO"]
[null,null,null," ",17200643,"SSCS0108 - ATENCIÓN SOCIOSANITARIA A PERSONAS EN EL DOMICILIO",15,480,2,7,4,4,10,1,2,5,3,4,3,6,0,0,0,0,5,54,0,"000241 - ASOCIACIÓN PEDAGÓGICA MENDIBIL","G20432118","DESESTIMADA","Baliabide ekonomikoeza prozeduran (art. 7, párrafo 2, apartado b) / Falta de crédito presupuestario en el procedimiento (art. 7, párrafo 2, apartado b)",54,"NO"]
[null,null,null," ",17200471,"SSCS0208 - ATENCIÓN SOCIOSANITARIA A PERSONAS DEPENDIENTES EN INSTITUCIONES SOCIALES",12,370,2,7,4,4,10,1,2,5,3,2,3,5,0,0,0,0,6,52,0,"000171 - ARIZMENDI S. COOP.","F20679387","DESESTIMADA","Baliabide ekonomikoeza prozeduran (art. 7, párrafo 2, apartado b) / Falta de crédito presupuestario en el procedimiento (art. 7, párrafo 2, apartado b)",52,"NO"]
[null,null,null," ","17200658TF","SSCS0208 - ATENCIÓN SOCIOSANITARIA A PERSONAS DEPENDIENTES EN INSTITUCIONES SOCIALES",31,370,2,7,4,4,10,1,1,5,5,4,2,4,0,0,0,0,5,52,0,"002756 - URKO SERVICIOS DE PREVENCION S.COOP.(Teleformación)","F20668570","DESESTIMADA","Baliabide ekonomikoeza prozeduran (art. 7, párrafo 2, apartado b) / Falta de crédito presupuestario en el procedimiento (art. 7, párrafo 2, apartado b)",52,"NO"]
[null,null,null," ",17200475,"SSCS0108 - ATENCIÓN SOCIOSANITARIA A PERSONAS EN EL DOMICILIO",12,480,2,7,4,4,10,1,2,5,3,2,3,5,0,0,0,0,5,51,0,"000171 - ARIZMENDI S. COOP.","F20679387","DESESTIMADA","Baliabide ekonomikoeza prozeduran (art. 7, párrafo 2, apartado b) / Falta de crédito presupuestario en el procedimiento (art. 7, párrafo 2, apartado b)",51,"NO"]
[null,null,null," ",17200697,"SSCS0208 - ATENCIÓN SOCIOSANITARIA A PERSONAS DEPENDIENTES EN INSTITUCIONES SOCIALES",15,370,2,7,4,4,10,1,2,5,5,0,0,4,1,0,0,0,7,50,0,"000185 - CENTRO DE ESTUDIOS ALFEON S.L.","B75016329","DESESTIMADA","Baliabide ekonomikoeza prozeduran (art. 7, párrafo 2, apartado b) / Falta de crédito presupuestario en el procedimiento (art. 7, párrafo 2, apartado b)",50,"NO"]
[null,null,null," ",17200700,"SSCS0208 - ATENCIÓN SOCIOSANITARIA A PERSONAS DEPENDIENTES EN INSTITUCIONES SOCIALES",15,370,2,7,4,4,10,1,2,5,5,0,0,4,1,0,0,0,7,50,0,"000185 - CENTRO DE ESTUDIOS ALFEON S.L.","B75016329","DESESTIMADA","Baliabide ekonomikoeza prozeduran (art. 7, párrafo 2, apartado b) / Falta de crédito presupuestario en el procedimiento (art. 7, párrafo 2, apartado b)",50,"NO"]
[null,null,null," ",17200698,"SSCS0208 - ATENCIÓN SOCIOSANITARIA A PERSONAS DEPENDIENTES EN INSTITUCIONES SOCIALES",15,370,2,7,4,4,10,1,2,5,5,0,0,4,1,0,0,0,7,50,0,"000185 - CENTRO DE ESTUDIOS ALFEON S.L.","B75016329","DESESTIMADA","Baliabide ekonomikoeza prozeduran (art. 7, párrafo 2, apartado b) / Falta de crédito presupuestario en el procedimiento (art. 7, párrafo 2, apartado b)",50,"NO"]
[null,null,null," ",17200411,"SSCS0208 - ATENCIÓN SOCIOSANITARIA A PERSONAS DEPENDIENTES EN INSTITUCIONES SOCIALES",15,370,2,7,4,4,10,1,2,5,3,2,3,0,1,0,0,0,5,47,0,"000154 - SAREA FUNDAZIOA","G20615308","DESESTIMADA","Baliabide ekonomikoeza prozeduran (art. 7, párrafo 2, apartado b) / Falta de crédito presupuestario en el procedimiento (art. 7, párrafo 2, apartado b)",47,"NO"]
[null,null,null," ",17200014,"SSCS0208 - ATENCIÓN SOCIOSANITARIA A PERSONAS DEPENDIENTES EN INSTITUCIONES SOCIALES",20,370,2,7,4,4,10,1,2,5,0,3,0,0,1,0,0,0,8,45,0,"000187 - CENTRO ESTUDIOS SUMINISTROS ADARRA","F20764692","DESESTIMADA","Baliabide ekonomikoeza prozeduran (art. 7, párrafo 2, apartado b) / Falta de crédito presupuestario en el procedimiento (art. 7, párrafo 2, apartado b)",45,"NO"]
[null,null,null," ",17200795,"SSCS0208 - ATENCIÓN SOCIOSANITARIA A PERSONAS DEPENDIENTES EN INSTITUCIONES SOCIALES",20,370,2,7,4,4,10,1,2,5,0,3,0,0,1,0,0,0,8,45,0,"000187 - CENTRO ESTUDIOS SUMINISTROS ADARRA","F20764692","DESESTIMADA","Baliabide ekonomikoeza prozeduran (art. 7, párrafo 2, apartado b) / Falta de crédito presupuestario en el procedimiento (art. 7, párrafo 2, apartado b)",45,"NO"]
[null,null,null," ","17200021TF","SSCS0208 - ATENCIÓN SOCIOSANITARIA A PERSONAS DEPENDIENTES EN INSTITUCIONES SOCIALES",40,370,2,7,4,4,10,1,1,5,0,3,0,0,1,0,0,0,8,44,0,"002678 - CENTRO ESTUDIOS SUMINISTROS ADARRA(Teleformación)","F20764692","DESESTIMADA","Baliabide ekonomikoeza prozeduran (art. 7, párrafo 2, apartado b) / Falta de crédito presupuestario en el procedimiento (art. 7, párrafo 2, apartado b)",44,"NO"]
[null,null,null," ",17200015,"SSCS0108 - ATENCIÓN SOCIOSANITARIA A PERSONAS EN EL DOMICILIO",15,480,2,7,4,4,10,1,2,5,0,3,0,0,1,0,0,0,5,42,0,"000187 - CENTRO ESTUDIOS SUMINISTROS ADARRA","F20764692","DESESTIMADA","Baliabide ekonomikoeza prozeduran (art. 7, párrafo 2, apartado b) / Falta de crédito presupuestario en el procedimiento (art. 7, párrafo 2, apartado b)",42,"NO"]
[null,null,null," ","17200022TF","SSCS0108 - ATENCIÓN SOCIOSANITARIA A PERSONAS EN EL DOMICILIO",40,480,2,7,4,4,10,1,1,5,0,3,0,0,1,0,0,0,5,41,0,"002678 - CENTRO ESTUDIOS SUMINISTROS ADARRA(Teleformación)","F20764692","DESESTIMADA","Baliabide ekonomikoeza prozeduran (art. 7, párrafo 2, apartado b) / Falta de crédito presupuestario en el procedimiento (art. 7, párrafo 2, apartado b)",41,"NO"]
[null,null,null," ",17200586,"SSCS0208 - ATENCIÓN SOCIOSANITARIA A PERSONAS DEPENDIENTES EN INSTITUCIONES SOCIALES",20,370,2,7,4,4,10,3,2,5,0,0,0,0,0,0,0,0,5,40,0,"002655 - MARIAREN LAGUNDIA IKASTOLA","R2000181D","DESESTIMADA","Baliabide ekonomikoeza prozeduran (art. 7, párrafo 2, apartado b) / Falta de crédito presupuestario en el procedimiento (art. 7, párrafo 2, apartado b)",40,"NO"]
[null,null,null," ",17200627,"SSCS0208 - ATENCIÓN SOCIOSANITARIA A PERSONAS DEPENDIENTES EN INSTITUCIONES SOCIALES",20,370,2,7,4,4,10,1,2,5,0,0,0,0,0,0,0,0,5,38,0,"002655 - MARIAREN LAGUNDIA IKASTOLA","R2000181D","DESESTIMADA","Baliabide ekonomikoeza prozeduran (art. 7, párrafo 2, apartado b) / Falta de crédito presupuestario en el procedimiento (art. 7, párrafo 2, apartado b)",38,"NO"]
[null,null,null," ",17200088,"SSCE0110 - DOCENCIA DE LA FORMACIÓN PROFESIONAL PARA EL EMPLEO",15,340,3,7,2,4,9,1,2,8,6,5,3,6,1,1,1,0,5,60,0,"000002 - CEBANC","A20045548","DESESTIMADA","Baliabide ekonomikoeza prozeduran (art. 7, párrafo 2, apartado b) / Falta de crédito presupuestario en el procedimiento (art. 7, párrafo 2, apartado b)",60,"NO"]
[null,null,null," ",17200012,"SSCE0110 - DOCENCIA DE LA FORMACIÓN PROFESIONAL PARA EL EMPLEO",15,340,3,7,2,4,9,1,2,7,5,3,3,5,0,1,1,0,7,56,0,"000109 - IRUNGO LA SALLE","R2000194G","DESESTIMADA","Baliabide ekonomikoeza prozeduran (art. 7, párrafo 2, apartado b) / Falta de crédito presupuestario en el procedimiento (art. 7, párrafo 2, apartado b)",56,"NO"]
[null,null,null," ",17200803,"SSCE0110 - DOCENCIA DE LA FORMACIÓN PROFESIONAL PARA EL EMPLEO",15,340,3,7,2,4,9,1,2,5,6,5,3,6,0,1,1,0,5,56,0,"000111 - INST.TRANSPORTE, COMERCIO Y MARKETING","G20643581","DESESTIMADA","Baliabide ekonomikoeza prozeduran (art. 7, párrafo 2, apartado b) / Falta de crédito presupuestario en el procedimiento (art. 7, párrafo 2, apartado b)",56,"NO"]
[null,null,null," ",17200484,"SSCE0110 - DOCENCIA DE LA FORMACIÓN PROFESIONAL PARA EL EMPLEO",15,340,3,7,2,4,9,1,2,8,3,5,3,6,1,0,0,0,5,56,0,"000053 - ACADEMIA BASTIDA S.L.","B20777058","DESESTIMADA","Baliabide ekonomikoeza prozeduran (art. 7, párrafo 2, apartado b) / Falta de crédito presupuestario en el procedimiento (art. 7, párrafo 2, apartado b)",56,"NO"]
[null,null,null," ","17200501TF","SSCE0110 - DOCENCIA DE LA FORMACIÓN PROFESIONAL PARA EL EMPLEO",32,340,3,7,2,4,9,1,1,8,3,5,3,6,1,0,0,0,5,55,0,"002748 - ACADEMIA BASTIDA S.L.(Teleformación)","B20777058","DESESTIMADA","Baliabide ekonomikoeza prozeduran (art. 7, párrafo 2, apartado b) / Falta de crédito presupuestario en el procedimiento (art. 7, párrafo 2, apartado b)",55,"NO"]
[null,null,null," ","17200513TF","SSCE0110 - DOCENCIA DE LA FORMACIÓN PROFESIONAL PARA EL EMPLEO",32,340,3,7,2,4,9,1,1,8,3,5,3,6,1,0,0,0,5,55,0,"002748 - ACADEMIA BASTIDA S.L.(Teleformación)","B20777058","DESESTIMADA","Baliabide ekonomikoeza prozeduran (art. 7, párrafo 2, apartado b) / Falta de crédito presupuestario en el procedimiento (art. 7, párrafo 2, apartado b)",55,"NO"]
[null,null,null," ",17200574,"SSCE0110 - DOCENCIA DE LA FORMACIÓN PROFESIONAL PARA EL EMPLEO",20,340,3,7,2,4,9,1,2,7,6,2,3,6,1,0,0,0,5,55,0,"000100 - CRUZ ROJA GOIERRI","Q2866001G","DESESTIMADA","Baliabide ekonomikoeza prozeduran (art. 7, párrafo 2, apartado b) / Falta de crédito presupuestario en el procedimiento (art. 7, párrafo 2, apartado b)",55,"NO"]
[null,null,null," ",17201638,"SSCE0110 - DOCENCIA DE LA FORMACIÓN PROFESIONAL PARA EL EMPLEO",15,340,3,7,2,4,9,1,2,5,6,5,3,4,0,1,1,0,5,54,0,"000427 - INNOVACIÓN Y COORDINACIÓN EN ESTRATEGIAS FORMATIV","B75071613","DESESTIMADA","Baliabide ekonomikoeza prozeduran (art. 7, párrafo 2, apartado b) / Falta de crédito presupuestario en el procedimiento (art. 7, párrafo 2, apartado b)",54,"NO"]
[null,null,null," ",17200677,"SSCB0109 - DINAMIZACIÓN COMUNITARIA",15,490,3,7,2,4,7,1,2,8,3,5,3,6,1,0,0,0,5,54,0,"000053 - ACADEMIA BASTIDA S.L.","B20777058","DESESTIMADA","Baliabide ekonomikoeza prozeduran (art. 7, párrafo 2, apartado b) / Falta de crédito presupuestario en el procedimiento (art. 7, párrafo 2, apartado b)",54,"NO"]
[null,null,null," ",17200857,"SSCE0110 - DOCENCIA DE LA FORMACIÓN PROFESIONAL PARA EL EMPLEO",15,340,3,7,2,4,9,1,2,4,5,2,3,5,1,2,2,0,6,53,0,"000116 - UROLALDE","B20149134","DESESTIMADA","Baliabide ekonomikoeza prozeduran (art. 7, párrafo 2, apartado b) / Falta de crédito presupuestario en el procedimiento (art. 7, párrafo 2, apartado b)",53,"NO"]
[null,null,null," ",17200716,"SSCE0110 - DOCENCIA DE LA FORMACIÓN PROFESIONAL PARA EL EMPLEO",15,340,3,7,2,4,9,1,2,4,5,2,3,5,1,2,2,0,6,53,0,"000018 - UROLALDE S.L.","B20149134","DESESTIMADA","Baliabide ekonomikoeza prozeduran (art. 7, párrafo 2, apartado b) / Falta de crédito presupuestario en el procedimiento (art. 7, párrafo 2, apartado b)",53,"NO"]
[null,null,null," ",17200164,"SSCE0110 - DOCENCIA DE LA FORMACIÓN PROFESIONAL PARA EL EMPLEO",15,340,3,7,2,4,9,1,2,5,3,5,3,5,1,1,1,0,5,53,0,"001592 - NAZARET","G75116525","DESESTIMADA","Baliabide ekonomikoeza prozeduran (art. 7, párrafo 2, apartado b) / Falta de crédito presupuestario en el procedimiento (art. 7, párrafo 2, apartado b)",53,"NO"]
[null,null,null," ",17200911,"SSCE0110 - DOCENCIA DE LA FORMACIÓN PROFESIONAL PARA EL EMPLEO",15,340,3,7,2,4,9,1,1,4,5,2,3,5,1,2,2,0,6,52,0,"002760 - UROLALDE S.L.(Teleformación)","B20149134","DESESTIMADA","Baliabide ekonomikoeza prozeduran (art. 7, párrafo 2, apartado b) / Falta de crédito presupuestario en el procedimiento (art. 7, párrafo 2, apartado b)",52,"NO"]
[null,null,null," ","17200832TF","SSCE0110 - DOCENCIA DE LA FORMACIÓN PROFESIONAL PARA EL EMPLEO",15,340,3,7,2,4,9,1,1,5,5,5,3,4,0,1,1,0,5,52,0,"002761 - INNOVACIÓN Y COORDINACIÓN EN ESTRATEGIAS FORMATIV(Teleformación)","B75071613","DESESTIMADA","Baliabide ekonomikoeza prozeduran (art. 7, párrafo 2, apartado b) / Falta de crédito presupuestario en el procedimiento (art. 7, párrafo 2, apartado b)",52,"NO"]
[null,null,null," ","17200655TF","SSCE0110 - DOCENCIA DE LA FORMACIÓN PROFESIONAL PARA EL EMPLEO",31,340,3,7,2,4,9,1,1,5,5,4,2,4,0,0,0,0,5,49,0,"002756 - URKO SERVICIOS DE PREVENCION S.COOP.(Teleformación)","F20668570","DESESTIMADA","Baliabide ekonomikoeza prozeduran (art. 7, párrafo 2, apartado b) / Falta de crédito presupuestario en el procedimiento (art. 7, párrafo 2, apartado b)",49,"NO"]
[null,null,null,"TCP",17200646,"TCPF0109 - ARREGLOS Y ADAPTACIONES DE PRENDAS Y ARTÍCULOS EN TEXTIL Y PIEL",15,310,1,1,3,4,6,1,2,5,3,4,3,6,0,0,0,0,5,43,0,"000241 - ASOCIACIÓN PEDAGÓGICA MENDIBIL","G20432118","DESESTIMADA","Baliabide ekonomikoeza prozeduran (art. 7, párrafo 2, apartado b) / Falta de crédito presupuestario en el procedimiento (art. 7, párrafo 2, apartado b)",43,"NO"]
[null,null,null," ",17200415,"TCPF0109 - ARREGLOS Y ADAPTACIONES DE PRENDAS Y ARTÍCULOS EN TEXTIL Y PIEL",15,310,1,1,3,4,6,1,2,7,3,2,3,0,1,0,0,0,5,38,0,"000154 - SAREA FUNDAZIOA","G20615308","DESESTIMADA","Baliabide ekonomikoeza prozeduran (art. 7, párrafo 2, apartado b) / Falta de crédito presupuestario en el procedimiento (art. 7, párrafo 2, apartado b)",38,"NO"]
[null,null,null,"TMV",17200228,"TMVC0001OV - OBTENCIÓN DEL PERMISO DE CONDUCCIÓN CLASE \"E\"",15,340,2,4,4,1,10,1,2,6,3,1,3,8,0,0,0,0,5,48,0,"000089 - AUTOESCUELA SOLOZABAL","B20889697","DESESTIMADA","Baliabide ekonomikoeza prozeduran (art. 7, párrafo 2, apartado b) / Falta de crédito presupuestario en el procedimiento (art. 7, párrafo 2, apartado b)",48,"NO"]
[null,null,null," ",17200212,"TMVC0001OV - OBTENCIÓN DEL PERMISO DE CONDUCCIÓN CLASE \"E\"",15,340,2,4,4,1,10,1,2,6,3,1,3,8,0,0,0,0,5,48,0,"000046 - AUTOESCUELA SOLOZABAL","B20889697","DESESTIMADA","Baliabide ekonomikoeza prozeduran (art. 7, párrafo 2, apartado b) / Falta de crédito presupuestario en el procedimiento (art. 7, párrafo 2, apartado b)",48,"NO"]
[null,null,null," ",17200250,"TMVC0001OV - OBTENCIÓN DEL PERMISO DE CONDUCCIÓN CLASE \"E\"",15,340,2,4,4,1,10,1,2,6,3,1,3,8,0,0,0,0,5,48,0,"000151 - AUTOESCUELA SOLOZABAL","B20889697","DESESTIMADA","Baliabide ekonomikoeza prozeduran (art. 7, párrafo 2, apartado b) / Falta de crédito presupuestario en el procedimiento (art. 7, párrafo 2, apartado b)",48,"NO"]
[null,null,null," ",17200255,"TMVC0001OV - OBTENCIÓN DEL PERMISO DE CONDUCCIÓN CLASE \"E\"",15,340,2,4,4,1,10,1,2,6,3,1,3,8,0,0,0,0,5,48,0,"000370 - AUTOESCUELA SOLOZABAL","B20889697","DESESTIMADA","Baliabide ekonomikoeza prozeduran (art. 7, párrafo 2, apartado b) / Falta de crédito presupuestario en el procedimiento (art. 7, párrafo 2, apartado b)",48,"NO"]
[null,null,null," ",17200265,"TMVC0001OV - OBTENCIÓN DEL PERMISO DE CONDUCCIÓN CLASE \"E\"",15,340,2,4,4,1,10,1,2,6,3,1,3,8,0,0,0,0,5,48,0,"002785 - SOLOZABAL AUTOESKOLA (AZPEITIA II)","B20889697","DESESTIMADA","Baliabide ekonomikoeza prozeduran (art. 7, párrafo 2, apartado b) / Falta de crédito presupuestario en el procedimiento (art. 7, párrafo 2, apartado b)",48,"NO"]
[null,null,null," ",17200270,"TMVC0001OV - OBTENCIÓN DEL PERMISO DE CONDUCCIÓN CLASE \"E\"",15,340,2,4,4,1,10,1,2,6,3,1,3,8,0,0,0,0,5,48,0,"001675 - AUTOESCUELA SOLOZABAL","B20889697","DESESTIMADA","Baliabide ekonomikoeza prozeduran (art. 7, párrafo 2, apartado b) / Falta de crédito presupuestario en el procedimiento (art. 7, párrafo 2, apartado b)",48,"NO"]
[null,null,null," ",17200284,"TMVC0001OV - OBTENCIÓN DEL PERMISO DE CONDUCCIÓN CLASE \"E\"",15,340,2,4,4,1,10,1,2,6,3,1,3,8,0,0,0,0,5,48,0,"001680 - AUTOESCUELA SOLOZABAL","B20889697","DESESTIMADA","Baliabide ekonomikoeza prozeduran (art. 7, párrafo 2, apartado b) / Falta de crédito presupuestario en el procedimiento (art. 7, párrafo 2, apartado b)",48,"NO"]
[null,null,null," ",17200224,"TMVC0001OV - OBTENCIÓN DEL PERMISO DE CONDUCCIÓN CLASE \"E\"",15,340,2,4,4,1,10,1,2,6,3,1,3,8,0,0,0,0,5,48,0,"000055 - AUTOESCUELA SOLOZABAL","B20889697","DESESTIMADA","Baliabide ekonomikoeza prozeduran (art. 7, párrafo 2, apartado b) / Falta de crédito presupuestario en el procedimiento (art. 7, párrafo 2, apartado b)",48,"NO"]
[null,null,null," ",17200242,"TMVC0001OV - OBTENCIÓN DEL PERMISO DE CONDUCCIÓN CLASE \"E\"",15,340,2,4,4,1,10,1,2,6,3,1,3,8,0,0,0,0,5,48,0,"000135 - AUTOESCUELA SOLOZABAL","B20889697","DESESTIMADA","Baliabide ekonomikoeza prozeduran (art. 7, párrafo 2, apartado b) / Falta de crédito presupuestario en el procedimiento (art. 7, párrafo 2, apartado b)",48,"NO"]
[null,null,null," ",17200244,"TMVC0001OV - OBTENCIÓN DEL PERMISO DE CONDUCCIÓN CLASE \"E\"",15,340,2,4,4,1,10,1,2,6,3,1,3,8,0,0,0,0,5,48,0,"000139 - AUTOESCUELA SOLOZABAL","B20889697","DESESTIMADA","Baliabide ekonomikoeza prozeduran (art. 7, párrafo 2, apartado b) / Falta de crédito presupuestario en el procedimiento (art. 7, párrafo 2, apartado b)",{"$f":"SUM(J1754,K1754,L1754,M1754,N1754,O1754,P1754,Q1754,R1754,S1754,T1754,U1754,W1754,X1754,Y1754)","v":48},{"$f":"IF(Z1754 <> AF1754,\"SI\",\"NO\")","v":"NO"}]
[null,null,null," ",17200272,"TMVC0002OV - OBTENCIÓN DEL PERMISO DE CONDUCCIÓN CLASE \"D\" y \"CAP\"",15,385,2,4,4,1,10,1,2,6,3,1,3,8,0,0,0,0,5,48,0,"001675 - AUTOESCUELA SOLOZABAL","B20889697","DESESTIMADA","Baliabide ekonomikoeza prozeduran (art. 7, párrafo 2, apartado b) / Falta de crédito presupuestario en el procedimiento (art. 7, párrafo 2, apartado b)",48,"NO"]
[null,null,null," ",17200206,"TMVC0002OV - OBTENCIÓN DEL PERMISO DE CONDUCCIÓN CLASE \"D\" y \"CAP\"",15,385,2,4,4,1,10,1,2,6,3,1,3,8,0,0,0,0,5,48,0,"000046 - AUTOESCUELA SOLOZABAL","B20889697","DESESTIMADA","Baliabide ekonomikoeza prozeduran (art. 7, párrafo 2, apartado b) / Falta de crédito presupuestario en el procedimiento (art. 7, párrafo 2, apartado b)",48,"NO"]
[null,null,null," ",17200247,"TMVC0002OV - OBTENCIÓN DEL PERMISO DE CONDUCCIÓN CLASE \"D\" y \"CAP\"",15,385,2,4,4,1,10,1,2,6,3,1,3,8,0,0,0,0,5,48,0,"000139 - AUTOESCUELA SOLOZABAL","B20889697","DESESTIMADA","Baliabide ekonomikoeza prozeduran (art. 7, párrafo 2, apartado b) / Falta de crédito presupuestario en el procedimiento (art. 7, párrafo 2, apartado b)",48,"NO"]
[null,null,null," ",17200256,"TMVC0002OV - OBTENCIÓN DEL PERMISO DE CONDUCCIÓN CLASE \"D\" y \"CAP\"",15,385,2,4,4,1,10,1,2,6,3,1,3,8,0,0,0,0,5,48,0,"000370 - AUTOESCUELA SOLOZABAL","B20889697","DESESTIMADA","Baliabide ekonomikoeza prozeduran (art. 7, párrafo 2, apartado b) / Falta de crédito presupuestario en el procedimiento (art. 7, párrafo 2, apartado b)",48,"NO"]
[null,null,null," ",17200251,"TMVC0002OV - OBTENCIÓN DEL PERMISO DE CONDUCCIÓN CLASE \"D\" y \"CAP\"",15,385,2,4,4,1,10,1,2,6,3,1,3,8,0,0,0,0,5,48,0,"000151 - AUTOESCUELA SOLOZABAL","B20889697","DESESTIMADA","Baliabide ekonomikoeza prozeduran (art. 7, párrafo 2, apartado b) / Falta de crédito presupuestario en el procedimiento (art. 7, párrafo 2, apartado b)",48,"NO"]
[null,null,null," ",17200266,"TMVC0002OV - OBTENCIÓN DEL PERMISO DE CONDUCCIÓN CLASE \"D\" y \"CAP\"",15,385,2,4,4,1,10,1,2,6,3,1,3,8,0,0,0,0,5,48,0,"002785 - SOLOZABAL AUTOESKOLA (AZPEITIA II)","B20889697","DESESTIMADA","Baliabide ekonomikoeza prozeduran (art. 7, párrafo 2, apartado b) / Falta de crédito presupuestario en el procedimiento (art. 7, párrafo 2, apartado b)",48,"NO"]
[null,null,null," ",17200223,"TMVC0002OV - OBTENCIÓN DEL PERMISO DE CONDUCCIÓN CLASE \"D\" y \"CAP\"",15,385,2,4,4,1,10,1,2,6,3,1,3,8,0,0,0,0,5,48,0,"000055 - AUTOESCUELA SOLOZABAL","B20889697","DESESTIMADA","Baliabide ekonomikoeza prozeduran (art. 7, párrafo 2, apartado b) / Falta de crédito presupuestario en el procedimiento (art. 7, párrafo 2, apartado b)",48,"NO"]
[null,null,null," ",17200239,"TMVC0002OV - OBTENCIÓN DEL PERMISO DE CONDUCCIÓN CLASE \"D\" y \"CAP\"",15,385,2,4,4,1,10,1,2,6,3,1,3,8,0,0,0,0,5,48,0,"000135 - AUTOESCUELA SOLOZABAL","B20889697","DESESTIMADA","Baliabide ekonomikoeza prozeduran (art. 7, párrafo 2, apartado b) / Falta de crédito presupuestario en el procedimiento (art. 7, párrafo 2, apartado b)",48,"NO"]
[null,null,null," ",17200227,"TMVC0002OV - OBTENCIÓN DEL PERMISO DE CONDUCCIÓN CLASE \"D\" y \"CAP\"",15,385,2,4,4,1,10,1,2,6,3,1,3,8,0,0,0,0,5,48,0,"000089 - AUTOESCUELA SOLOZABAL","B20889697","DESESTIMADA","Baliabide ekonomikoeza prozeduran (art. 7, párrafo 2, apartado b) / Falta de crédito presupuestario en el procedimiento (art. 7, párrafo 2, apartado b)",48,"NO"]
[null,null,null," ",17200257,"TMVC0002OV - OBTENCIÓN DEL PERMISO DE CONDUCCIÓN CLASE \"D\" y \"CAP\"",15,385,2,4,4,1,10,1,2,6,3,1,3,8,0,0,0,0,5,48,0,"000370 - AUTOESCUELA SOLOZABAL","B20889697","DESESTIMADA","Baliabide ekonomikoeza prozeduran (art. 7, párrafo 2, apartado b) / Falta de crédito presupuestario en el procedimiento (art. 7, párrafo 2, apartado b)",48,"NO"]
[null,null,null," ",17200248,"TMVC0002OV - OBTENCIÓN DEL PERMISO DE CONDUCCIÓN CLASE \"D\" y \"CAP\"",15,385,2,4,4,1,10,1,2,6,3,1,3,8,0,0,0,0,5,48,0,"000139 - AUTOESCUELA SOLOZABAL","B20889697","DESESTIMADA","Baliabide ekonomikoeza prozeduran (art. 7, párrafo 2, apartado b) / Falta de crédito presupuestario en el procedimiento (art. 7, párrafo 2, apartado b)",48,"NO"]
[null,null,null," ",17200269,"TMVC0003OV - OBTENCIÓN DEL PERMISO DE CONDUCCIÓN CLASES \"C1-C\", \"CAP\" y \"ADR\"",15,425,2,4,4,1,10,1,2,6,3,1,3,8,0,0,0,0,5,48,0,"001675 - AUTOESCUELA SOLOZABAL","B20889697","DESESTIMADA","Baliabide ekonomikoeza prozeduran (art. 7, párrafo 2, apartado b) / Falta de crédito presupuestario en el procedimiento (art. 7, párrafo 2, apartado b)",48,"NO"]
[null,null,null," ",17200226,"TMVC0003OV - OBTENCIÓN DEL PERMISO DE CONDUCCIÓN CLASES \"C1-C\", \"CAP\" y \"ADR\"",15,425,2,4,4,1,10,1,2,6,3,1,3,8,0,0,0,0,5,48,0,"000089 - AUTOESCUELA SOLOZABAL","B20889697","DESESTIMADA","Baliabide ekonomikoeza prozeduran (art. 7, párrafo 2, apartado b) / Falta de crédito presupuestario en el procedimiento (art. 7, párrafo 2, apartado b)",48,"NO"]
[null,null,null," ",17200205,"TMVC0003OV - OBTENCIÓN DEL PERMISO DE CONDUCCIÓN CLASES \"C1-C\", \"CAP\" y \"ADR\"",15,425,2,4,4,1,10,1,2,6,3,1,3,8,0,0,0,0,5,48,0,"000046 - AUTOESCUELA SOLOZABAL","B20889697","DESESTIMADA","Baliabide ekonomikoeza prozeduran (art. 7, párrafo 2, apartado b) / Falta de crédito presupuestario en el procedimiento (art. 7, párrafo 2, apartado b)",48,"NO"]
[null,null,null," ",17200280,"TMVC0003OV - OBTENCIÓN DEL PERMISO DE CONDUCCIÓN CLASES \"C1-C\", \"CAP\" y \"ADR\"",15,425,2,4,4,1,10,1,2,6,3,1,3,8,0,0,0,0,5,48,0,"001680 - AUTOESCUELA SOLOZABAL","B20889697","DESESTIMADA","Baliabide ekonomikoeza prozeduran (art. 7, párrafo 2, apartado b) / Falta de crédito presupuestario en el procedimiento (art. 7, párrafo 2, apartado b)",48,"NO"]
[null,null,null," ",17200249,"TMVC0003OV - OBTENCIÓN DEL PERMISO DE CONDUCCIÓN CLASES \"C1-C\", \"CAP\" y \"ADR\"",15,425,2,4,4,1,10,1,2,6,3,1,3,8,0,0,0,0,5,48,0,"000151 - AUTOESCUELA SOLOZABAL","B20889697","DESESTIMADA","Baliabide ekonomikoeza prozeduran (art. 7, párrafo 2, apartado b) / Falta de crédito presupuestario en el procedimiento (art. 7, párrafo 2, apartado b)",48,"NO"]
[null,null,null," ",17200252,"TMVC0003OV - OBTENCIÓN DEL PERMISO DE CONDUCCIÓN CLASES \"C1-C\", \"CAP\" y \"ADR\"",15,425,2,4,4,1,10,1,2,6,3,1,3,8,0,0,0,0,5,48,0,"000370 - AUTOESCUELA SOLOZABAL","B20889697","DESESTIMADA","Baliabide ekonomikoeza prozeduran (art. 7, párrafo 2, apartado b) / Falta de crédito presupuestario en el procedimiento (art. 7, párrafo 2, apartado b)",48,"NO"]
[null,null,null," ",17200352,"TMVL0209 - MANTENIMIENTO DE ELEMENTOS NO ESTRUCTURALES DE CARROCERÍAS DE VEHÍCULOS",15,590,2,4,4,4,9,1,2,5,2,4,3,4,0,0,0,0,5,47,0,"000331 - ANDOAINGO UDALA","P2001000E","DESESTIMADA","Baliabide ekonomikoeza prozeduran (art. 7, párrafo 2, apartado b) / Falta de crédito presupuestario en el procedimiento (art. 7, párrafo 2, apartado b)",47,"NO"]
[null,null,null," ",17200554,"TMVC0001OV - OBTENCIÓN DEL PERMISO DE CONDUCCIÓN CLASE \"E\"",15,340,2,4,4,1,10,1,2,5,1,0,0,4,0,0,0,0,5,37,0,"000058 - AUTOESCUELA BENGOETXEA","B20718417","DESESTIMADA","Baliabide ekonomikoeza prozeduran (art. 7, párrafo 2, apartado b) / Falta de crédito presupuestario en el procedimiento (art. 7, párrafo 2, apartado b)",37,"NO"]
[null,null,null," ",17200522,"TMVC0001OV - OBTENCIÓN DEL PERMISO DE CONDUCCIÓN CLASE \"E\"",15,340,2,4,4,1,10,1,2,5,1,0,0,4,0,0,0,0,5,37,0,"000080 - AUTOESCUELA BENGOETXEA","B20718417","DESESTIMADA","Baliabide ekonomikoeza prozeduran (art. 7, párrafo 2, apartado b) / Falta de crédito presupuestario en el procedimiento (art. 7, párrafo 2, apartado b)",37,"NO"]
[null,null,null," ",17200520,"TMVC0002OV - OBTENCIÓN DEL PERMISO DE CONDUCCIÓN CLASE \"D\" y \"CAP\"",15,385,2,4,4,1,10,1,2,5,1,0,0,4,0,0,0,0,5,37,0,"000080 - AUTOESCUELA BENGOETXEA","B20718417","DESESTIMADA","Baliabide ekonomikoeza prozeduran (art. 7, párrafo 2, apartado b) / Falta de crédito presupuestario en el procedimiento (art. 7, párrafo 2, apartado b)",37,"NO"]
[null,null,null," ",17010197,"TMVC0002OV - OBTENCIÓN DEL PERMISO DE CONDUCCIÓN CLASE \"D\" y \"CAP\"",15,385,2,4,4,1,10,1,2,5,1,0,0,4,0,0,0,0,5,37,0,"000058 - AUTOESCUELA BENGOETXEA","B20718417","DESESTIMADA","Baliabide ekonomikoeza prozeduran (art. 7, párrafo 2, apartado b) / Falta de crédito presupuestario en el procedimiento (art. 7, párrafo 2, apartado b)",37,"NO"]
[null,null,null," ",17200521,"TMVC0003OV - OBTENCIÓN DEL PERMISO DE CONDUCCIÓN CLASES \"C1-C\", \"CAP\" y \"ADR\"",15,425,2,4,4,1,10,1,2,5,1,0,0,4,0,0,0,0,5,37,0,"000080 - AUTOESCUELA BENGOETXEA","B20718417","DESESTIMADA","Baliabide ekonomikoeza prozeduran (art. 7, párrafo 2, apartado b) / Falta de crédito presupuestario en el procedimiento (art. 7, párrafo 2, apartado b)",37,"NO"]
[null,null,null," ",17200552,"TMVC0003OV - OBTENCIÓN DEL PERMISO DE CONDUCCIÓN CLASES \"C1-C\", \"CAP\" y \"ADR\"",15,425,2,4,4,1,10,1,2,5,1,0,0,4,0,0,0,0,5,37,0,"000058 - AUTOESCUELA BENGOETXEA","B20718417","DESESTIMADA","Baliabide ekonomikoeza prozeduran (art. 7, párrafo 2, apartado b) / Falta de crédito presupuestario en el procedimiento (art. 7, párrafo 2, apartado b)",37,"NO"]
[null,null,null," ",17200493,"TMVC0001OV - OBTENCIÓN DEL PERMISO DE CONDUCCIÓN CLASE \"E\"",15,340,2,4,4,1,10,1,2,5,1,0,0,0,0,0,0,0,5,33,0,"002774 - AUTOESCUELA LAGUNAK","B20647889","DESESTIMADA","Baliabide ekonomikoeza prozeduran (art. 7, párrafo 2, apartado b) / Falta de crédito presupuestario en el procedimiento (art. 7, párrafo 2, apartado b)",33,"NO"]
[null,null,null," ",17200506,"TMVC0001OV - OBTENCIÓN DEL PERMISO DE CONDUCCIÓN CLASE \"E\"",15,340,2,4,4,1,10,1,2,5,1,0,0,0,0,0,0,0,5,33,0,"002683 - ZURRIOLA AUTOESKOLA (LAGUNAK)","B20647889","DESESTIMADA","Baliabide ekonomikoeza prozeduran (art. 7, párrafo 2, apartado b) / Falta de crédito presupuestario en el procedimiento (art. 7, párrafo 2, apartado b)",33,"NO"]
[null,null,null," ",17200510,"TMVC0002OV - OBTENCIÓN DEL PERMISO DE CONDUCCIÓN CLASE \"D\" y \"CAP\"",15,385,2,4,4,1,10,1,2,5,1,0,0,0,0,0,0,0,5,33,0,"002683 - ZURRIOLA AUTOESKOLA (LAGUNAK)","B20647889","DESESTIMADA","Baliabide ekonomikoeza prozeduran (art. 7, párrafo 2, apartado b) / Falta de crédito presupuestario en el procedimiento (art. 7, párrafo 2, apartado b)",33,"NO"]
[null,null,null," ",17200281,"TMVC0002OV - OBTENCIÓN DEL PERMISO DE CONDUCCIÓN CLASE \"D\" y \"CAP\"",15,385,2,4,4,1,10,1,2,5,1,0,0,0,0,0,0,0,5,33,0,"002774 - AUTOESCUELA LAGUNAK","B20647889","DESESTIMADA","Baliabide ekonomikoeza prozeduran (art. 7, párrafo 2, apartado b) / Falta de crédito presupuestario en el procedimiento (art. 7, párrafo 2, apartado b)",33,"NO"]
[null,null,null," ",17200512,"TMVC0002OV - OBTENCIÓN DEL PERMISO DE CONDUCCIÓN CLASE \"D\" y \"CAP\"",15,385,2,4,4,1,10,1,2,5,1,0,0,0,0,0,0,0,5,33,0,"002683 - ZURRIOLA AUTOESKOLA (LAGUNAK)","B20647889","DESESTIMADA","Baliabide ekonomikoeza prozeduran (art. 7, párrafo 2, apartado b) / Falta de crédito presupuestario en el procedimiento (art. 7, párrafo 2, apartado b)",33,"NO"]
[null,null,null," ",17200400,"TMVC0003OV - OBTENCIÓN DEL PERMISO DE CONDUCCIÓN CLASES \"C1-C\", \"CAP\" y \"ADR\"",15,425,2,4,4,1,10,1,2,5,1,0,0,0,0,0,0,0,5,33,0,"002774 - AUTOESCUELA LAGUNAK","B20647889","DESESTIMADA","Baliabide ekonomikoeza prozeduran (art. 7, párrafo 2, apartado b) / Falta de crédito presupuestario en el procedimiento (art. 7, párrafo 2, apartado b)",33,"NO"]
[null,null,null," ",17200498,"TMVC0003OV - OBTENCIÓN DEL PERMISO DE CONDUCCIÓN CLASES \"C1-C\", \"CAP\" y \"ADR\"",15,425,2,4,4,1,10,1,2,5,1,0,0,0,0,0,0,0,5,33,0,"002683 - ZURRIOLA AUTOESKOLA (LAGUNAK)","B20647889","DESESTIMADA","Baliabide ekonomikoeza prozeduran (art. 7, párrafo 2, apartado b) / Falta de crédito presupuestario en el procedimiento (art. 7, párrafo 2, apartado b)",33,"NO"]
[null,null,null," ",17200514,"TMVC0003OV - OBTENCIÓN DEL PERMISO DE CONDUCCIÓN CLASES \"C1-C\", \"CAP\" y \"ADR\"",15,425,2,4,4,1,10,1,2,5,1,0,0,0,0,0,0,0,5,33,0,"002683 - ZURRIOLA AUTOESKOLA (LAGUNAK)","B20647889","DESESTIMADA","Baliabide ekonomikoeza prozeduran (art. 7, párrafo 2, apartado b) / Falta de crédito presupuestario en el procedimiento (art. 7, párrafo 2, apartado b)",33,"NO"]
[null,null,null," ",17200282,"TMVC0003OV - OBTENCIÓN DEL PERMISO DE CONDUCCIÓN CLASES \"C1-C\", \"CAP\" y \"ADR\"",15,425,2,4,4,1,10,1,2,5,1,0,0,0,0,0,0,0,5,33,0,"002774 - AUTOESCUELA LAGUNAK","B20647889","DESESTIMADA","Baliabide ekonomikoeza prozeduran (art. 7, párrafo 2, apartado b) / Falta de crédito presupuestario en el procedimiento (art. 7, párrafo 2, apartado b)",33,"NO"]
[null,"OTRAS PROVINCIAS - Cualificantes"]
[null,null,null," "]